{"text_format":"3","workbook":"xlsx","n_sheets":2,"sheets":["Info","Data"],"read":"whole","date_system":"1900"}

{"sheet":"Info","index":0,"n_rows":46,"n_cols":2,"rows_kept":46}
["Информация о файле"]
[]
["Часть","1 из 1"]
["Строк в этой части","401,110"]
["Всего строк","401,110"]
["Столбцов","35"]
["Создано","2025-12-17 15:23:07"]
["Размер исходного файла","6.86 MB"]
[]
["Структура данных"]
["Название столбца","Тип данных"]
["KEY","BYTE_ARRAY"]
["FREQ","BYTE_ARRAY"]
["REF_AREA","BYTE_ARRAY"]
["COUNT_AREA","BYTE_ARRAY"]
["TRMNL_LCTN","BYTE_ARRAY"]
["TYP_TRNSCTN","BYTE_ARRAY"]
["RL_TRNSCTN","INT64"]
["INTTN_CHNNL","BYTE_ARRAY"]
["RMT_INTTN","BYTE_ARRAY"]
["PYMNT_SCHM","BYTE_ARRAY"]
["CRD_FNCTN","BYTE_ARRAY"]
["SCA","BYTE_ARRAY"]
["FRD_TYP","BYTE_ARRAY"]
["TRANSFORMATION","BYTE_ARRAY"]
["UNIT_MEASURE","BYTE_ARRAY"]
["TIME_PERIOD","BYTE_ARRAY"]
["OBS_VALUE","DOUBLE"]
["OBS_STATUS","BYTE_ARRAY"]
["CONF_STATUS","BOOLEAN"]
["PRE_BREAK_VALUE","BYTE_ARRAY"]
["COMMENT_OBS","BYTE_ARRAY"]
["TIME_FORMAT","BYTE_ARRAY"]
["BREAKS","BYTE_ARRAY"]
["COMMENT_TS","BYTE_ARRAY"]
["COMPILING_ORG","BYTE_ARRAY"]
["DISS_ORG","BYTE_ARRAY"]
["TIME_PER_COLLECT","BYTE_ARRAY"]
["COVERAGE","BYTE_ARRAY"]
["DATA_COMP","BYTE_ARRAY"]
["DECIMALS","INT64"]
["METHOD_REF","BYTE_ARRAY"]
["TITLE","BYTE_ARRAY"]
["TITLE_COMPL","BYTE_ARRAY"]
["UNIT","BYTE_ARRAY"]
["UNIT_MULT","INT64"]

{"sheet":"Data","index":1,"n_rows":401111,"n_cols":35,"rows_kept":2250,"cut":true,"bounds":{"rows_first":1000,"rows_last":250,"rows_between":1000,"halvings":1}}
["KEY","FREQ","REF_AREA","COUNT_AREA","TRMNL_LCTN","TYP_TRNSCTN","RL_TRNSCTN","INTTN_CHNNL","RMT_INTTN","PYMNT_SCHM","CRD_FNCTN","SCA","FRD_TYP","TRANSFORMATION","UNIT_MEASURE","TIME_PERIOD","OBS_VALUE","OBS_STATUS","CONF_STATUS","PRE_BREAK_VALUE","COMMENT_OBS","TIME_FORMAT","BREAKS","COMMENT_TS","COMPILING_ORG","DISS_ORG","TIME_PER_COLLECT","COVERAGE","DATA_COMP","DECIMALS","METHOD_REF","TITLE","TITLE_COMPL","UNIT","UNIT_MULT"]
["PCP.A.AT.LT.W0.CP0.2._T._T.PCS_ALL._Z._X._Z.N.PN","A","AT","LT","W0","CP0",2,"_T","_T","PCS_ALL","_Z","_X","_Z","N","PN","2022",1.033792,"A",false,null,null,"P1Y",{"$nulls":4},"S",null,null,3,null,"Number of card paymentall, received - SCA: , acquirer location: Austria, issuer location: Lithuania, POS location: world","Number of card paymentall, received - SCA: , acquirer location: Austria, issuer location: Lithuania, POS location: world","PN",6]
["PCP.A.AT.LT.W0.CP0.2._T._T.PCS_ALL._Z._X._Z.N.PN","A","AT","LT","W0","CP0",2,"_T","_T","PCS_ALL","_Z","_X","_Z","N","PN","2023",1.256268,"A",false,null,null,"P1Y",{"$nulls":4},"S",null,null,3,null,"Number of card paymentall, received - SCA: , acquirer location: Austria, issuer location: Lithuania, POS location: world","Number of card paymentall, received - SCA: , acquirer location: Austria, issuer location: Lithuania, POS location: world","PN",6]
["PCP.A.AT.W0.W0.CP0.2._T._T.PCS_ALL._Z._X._Z.N.EUR","A","AT","W0","W0","CP0",2,"_T","_T","PCS_ALL","_Z","_X","_Z","N","EUR","2022",54289.52344586,"A",false,null,null,"P1Y",{"$nulls":4},"S",null,null,3,null,"Total value of card paymentall, received - SCA: , acquirer location: Austria, POS location: world","Total value of card paymentall, received - SCA: , acquirer location: Austria, POS location: world","EUR",6]
["PCP.A.AT.W0.W0.CP0.2._T._T.PCS_ALL._Z._X._Z.N.EUR","A","AT","W0","W0","CP0",2,"_T","_T","PCS_ALL","_Z","_X","_Z","N","EUR","2023",61077.13906261999,"A",false,null,null,"P1Y",{"$nulls":4},"S",null,null,3,null,"Total value of card paymentall, received - SCA: , acquirer location: Austria, POS location: world","Total value of card paymentall, received - SCA: , acquirer location: Austria, POS location: world","EUR",6]
["PCP.A.BG.HR.W0.CP0.2.2223.NR.PCS_ALL._Z._X._Z.N.XDF","A","BG","HR","W0","CP0",2,"2223","NR","PCS_ALL","_Z","_X","_Z","N","XDF","2023",20.82337868,"A",false,null,null,"P1Y",{"$nulls":4},"S",null,null,3,null,"Value of card payment, initiated at eftpos, received - SCA: , acquirer location: Bulgaria, issuer location: Croatia, POS location: world","Value of card payment, initiated at eftpos, received - SCA: , acquirer location: Bulgaria, issuer location: Croatia, POS location: world","XDF",6]
["PCP.A.BG.W0.W0.CP0.1.2223.NR.PCS_ALL._Z._X._Z.N.PN","A","BG","W0","W0","CP0",1,"2223","NR","PCS_ALL","_Z","_X","_Z","N","PN","2014",51.557,"A",false,null,null,"P1Y",{"$nulls":4},"S",null,null,3,null,"Total number of card payment, initiated at eftpos, sent - SCA: , issuer location: Bulgaria, POS location: world","Total number of card payment, initiated at eftpos, sent - SCA: , issuer location: Bulgaria, POS location: world","PN",6]
["PCP.A.BG.W0.W0.CP0.1.2223.NR.PCS_ALL._Z._X._Z.N.PN","A","BG","W0","W0","CP0",1,"2223","NR","PCS_ALL","_Z","_X","_Z","N","PN","2015",64.45,"A",false,null,null,"P1Y",{"$nulls":4},"S",null,null,3,null,"Total number of card payment, initiated at eftpos, sent - SCA: , issuer location: Bulgaria, POS location: world","Total number of card payment, initiated at eftpos, sent - SCA: , issuer location: Bulgaria, POS location: world","PN",6]
["PCP.A.BG.W0.W0.CP0.1.2223.NR.PCS_ALL._Z._X._Z.N.PN","A","BG","W0","W0","CP0",1,"2223","NR","PCS_ALL","_Z","_X","_Z","N","PN","2016",77.198,"A",false,null,null,"P1Y",{"$nulls":4},"S",null,null,3,null,"Total number of card payment, initiated at eftpos, sent - SCA: , issuer location: Bulgaria, POS location: world","Total number of card payment, initiated at eftpos, sent - SCA: , issuer location: Bulgaria, POS location: world","PN",6]
["PCP.A.BG.W0.W0.CP0.1.2223.NR.PCS_ALL._Z._X._Z.N.PN","A","BG","W0","W0","CP0",1,"2223","NR","PCS_ALL","_Z","_X","_Z","N","PN","2017",107.954,"A",false,null,null,"P1Y",{"$nulls":4},"S",null,null,3,null,"Total number of card payment, initiated at eftpos, sent - SCA: , issuer location: Bulgaria, POS location: world","Total number of card payment, initiated at eftpos, sent - SCA: , issuer location: Bulgaria, POS location: world","PN",6]
["PCP.A.BG.W0.W0.CP0.1.2223.NR.PCS_ALL._Z._X._Z.N.PN","A","BG","W0","W0","CP0",1,"2223","NR","PCS_ALL","_Z","_X","_Z","N","PN","2018",133.392,"A",false,null,null,"P1Y",{"$nulls":4},"S",null,null,3,null,"Total number of card payment, initiated at eftpos, sent - SCA: , issuer location: Bulgaria, POS location: world","Total number of card payment, initiated at eftpos, sent - SCA: , issuer location: Bulgaria, POS location: world","PN",6]
["PCP.A.BG.W0.W0.CP0.1.2223.NR.PCS_ALL._Z._X._Z.N.PN","A","BG","W0","W0","CP0",1,"2223","NR","PCS_ALL","_Z","_X","_Z","N","PN","2019",165.742,"A",false,null,null,"P1Y",{"$nulls":4},"S",null,null,3,null,"Total number of card payment, initiated at eftpos, sent - SCA: , issuer location: Bulgaria, POS location: world","Total number of card payment, initiated at eftpos, sent - SCA: , issuer location: Bulgaria, POS location: world","PN",6]
["PCP.A.BG.W0.W0.CP0.1.2223.NR.PCS_ALL._Z._X._Z.N.PN","A","BG","W0","W0","CP0",1,"2223","NR","PCS_ALL","_Z","_X","_Z","N","PN","2020",182.779,"A",false,null,null,"P1Y",{"$nulls":4},"S",null,null,3,null,"Total number of card payment, initiated at eftpos, sent - SCA: , issuer location: Bulgaria, POS location: world","Total number of card payment, initiated at eftpos, sent - SCA: , issuer location: Bulgaria, POS location: world","PN",6]
["PCP.A.BG.W0.W0.CP0.1.2223.NR.PCS_ALL._Z._X._Z.N.PN","A","BG","W0","W0","CP0",1,"2223","NR","PCS_ALL","_Z","_X","_Z","N","PN","2021",236.722,"A",false,null,null,"P1Y",{"$nulls":4},"S",null,null,3,null,"Total number of card payment, initiated at eftpos, sent - SCA: , issuer location: Bulgaria, POS location: world","Total number of card payment, initiated at eftpos, sent - SCA: , issuer location: Bulgaria, POS location: world","PN",6]
["PCP.A.BG.W0.W0.CP0.1.2223.NR.PCS_ALL._Z._X._Z.N.PN","A","BG","W0","W0","CP0",1,"2223","NR","PCS_ALL","_Z","_X","_Z","N","PN","2022",305.9,"A",false,null,null,"P1Y",{"$nulls":4},"S",null,null,3,null,"Total number of card payment, initiated at eftpos, sent - SCA: , issuer location: Bulgaria, POS location: world","Total number of card payment, initiated at eftpos, sent - SCA: , issuer location: Bulgaria, POS location: world","PN",6]
["PCP.A.BG.W0.W0.CP0.1.2223.NR.PCS_ALL._Z._X._Z.N.PN","A","BG","W0","W0","CP0",1,"2223","NR","PCS_ALL","_Z","_X","_Z","N","PN","2023",344.7339,"A",false,null,null,"P1Y",{"$nulls":4},"S",null,null,3,null,"Total number of card payment, initiated at eftpos, sent - SCA: , issuer location: Bulgaria, POS location: world","Total number of card payment, initiated at eftpos, sent - SCA: , issuer location: Bulgaria, POS location: world","PN",6]
["PCP.A.EE.GR.W0.CP0.1.2223.NR.PCS_ALL._Z._X._Z.N.EUR","A","EE","GR","W0","CP0",1,"2223","NR","PCS_ALL","_Z","_X","_Z","N","EUR","2022",12.32177548,"A",false,null,null,"P1Y",{"$nulls":4},"S",null,null,3,null,"Value of card payment, initiated at eftpos, sent - SCA: , issuer location: Estonia, acquirer location: Greece, POS location: world","Value of card payment, initiated at eftpos, sent - SCA: , issuer location: Estonia, acquirer location: Greece, POS location: world","EUR",6]
["PCP.A.EE.GR.W0.CP0.1.2223.NR.PCS_ALL._Z._X._Z.N.EUR","A","EE","GR","W0","CP0",1,"2223","NR","PCS_ALL","_Z","_X","_Z","N","EUR","2023",13.55289451,"A",false,null,null,"P1Y",{"$nulls":4},"S",null,null,3,null,"Value of card payment, initiated at eftpos, sent - SCA: , issuer location: Estonia, acquirer location: Greece, POS location: world","Value of card payment, initiated at eftpos, sent - SCA: , issuer location: Estonia, acquirer location: Greece, POS location: world","EUR",6]
["PCP.A.EE.W0.W0.CP0.1.2223.NR.PCS_ALL.11._X._Z.N.PN_R_CP0","A","EE","W0","W0","CP0",1,"2223","NR","PCS_ALL","11","_X","_Z","N","PN_R_CP0","2022",null,"M",false,null,null,"P1Y",{"$nulls":4},"S",null,null,3,null,"Pure number; ratio to total card payments of Card payment with a debit card, sent - from: Estonia, acquired: World, terminal located in: World","Pure number; ratio to total card payments of Card payment with a debit card, sent - from: Estonia, acquired: World, terminal located in: World","PN_R_CP0",0]
["PCP.A.EE.W0.W0.CP0.1.2230.R.PCS_ALL.12._X._Z.N.PN_R_CP0","A","EE","W0","W0","CP0",1,"2230","R","PCS_ALL","12","_X","_Z","N","PN_R_CP0","2022",null,"M",false,null,null,"P1Y",{"$nulls":4},"S",null,null,3,null,"Pure number; ratio to total card payments of Card payment with a delayed debit card, sent - from: Estonia, acquired: World, terminal located in: World","Pure number; ratio to total card payments of Card payment with a delayed debit card, sent - from: Estonia, acquired: World, terminal located in: World","PN_R_CP0",0]
["PCP.A.FI.W0.W0.CP0.1.2221.NR.PCS_ALL._Z._X._Z.N.EUR_R_B1GQ","A","FI","W0","W0","CP0",1,"2221","NR","PCS_ALL","_Z","_X","_Z","N","EUR_R_B1GQ","2022",null,"M",false,null,null,"P1Y",{"$nulls":4},"S",null,null,2,null,"Total value; ratio to gdp of card payment, initiated at atm, sent - SCA: , issuer location: Finland, POS location: world","Total value; ratio to gdp of card payment, initiated at atm, sent - SCA: , issuer location: Finland, POS location: world","EUR_R_B1GQ",0]
["PCP.A.FI.W0.W0.CP0.2._T._T.PCS_ALL._Z._X._Z.G1.EUR","A","FI","W0","W0","CP0",2,"_T","_T","PCS_ALL","_Z","_X","_Z","G1","EUR","2022",null,"M",false,null,null,"P1Y",{"$nulls":4},"S",null,null,2,null,"Annual growth rate of the total value of card paymentall, received - SCA: , acquirer location: Finland, POS location: world","Annual growth rate of the total value of card paymentall, received - SCA: , acquirer location: Finland, POS location: world","EUR",0]
["PCP.A.FI.W0.W0.CP0.2._T._T.PCS_ALL._Z._X._Z.G1.EUR","A","FI","W0","W0","CP0",2,"_T","_T","PCS_ALL","_Z","_X","_Z","G1","EUR","2023",1.215717121000878,"A",false,null,null,"P1Y",{"$nulls":4},"S",null,null,2,null,"Annual growth rate of the total value of card paymentall, received - SCA: , acquirer location: Finland, POS location: world","Annual growth rate of the total value of card paymentall, received - SCA: , acquirer location: Finland, POS location: world","EUR",0]
["PCP.A.GR.CZ.W0.CP0.1.2223.NR.PCS_ALL._Z._X._Z.N.PN","A","GR","CZ","W0","CP0",1,"2223","NR","PCS_ALL","_Z","_X","_Z","N","PN","2022",0.193038,"A",false,null,null,"P1Y",{"$nulls":4},"S",null,null,3,null,"Number of card payment, initiated at eftpos, sent - SCA: , issuer location: Greece, acquirer location: Czech Republic, POS location: world","Number of card payment, initiated at eftpos, sent - SCA: , issuer location: Greece, acquirer location: Czech Republic, POS location: world","PN",6]
["PCP.A.GR.CZ.W0.CP0.1.2223.NR.PCS_ALL._Z._X._Z.N.PN","A","GR","CZ","W0","CP0",1,"2223","NR","PCS_ALL","_Z","_X","_Z","N","PN","2023",0.263905,"A",false,null,null,"P1Y",{"$nulls":4},"S",null,null,3,null,"Number of card payment, initiated at eftpos, sent - SCA: , issuer location: Greece, acquirer location: Czech Republic, POS location: world","Number of card payment, initiated at eftpos, sent - SCA: , issuer location: Greece, acquirer location: Czech Republic, POS location: world","PN",6]
["PCP.A.HR.RO.W0.CP0.2._T._T.PCS_ALL._Z._X._Z.N.EUR","A","HR","RO","W0","CP0",2,"_T","_T","PCS_ALL","_Z","_X","_Z","N","EUR","2022",null,"M",false,null,null,"P1Y",{"$nulls":4},"S",null,null,3,null,"Value of card paymentall, received - SCA: , acquirer location: Croatia, issuer location: Romania, POS location: world","Value of card paymentall, received - SCA: , acquirer location: Croatia, issuer location: Romania, POS location: world","EUR",6]
["PCP.A.HR.RO.W0.CP0.2._T._T.PCS_ALL._Z._X._Z.N.EUR","A","HR","RO","W0","CP0",2,"_T","_T","PCS_ALL","_Z","_X","_Z","N","EUR","2023",22.155352,"A",false,null,null,"P1Y",{"$nulls":4},"S",null,null,3,null,"Value of card paymentall, received - SCA: , acquirer location: Croatia, issuer location: Romania, POS location: world","Value of card paymentall, received - SCA: , acquirer location: Croatia, issuer location: Romania, POS location: world","EUR",6]
["PCP.A.HU.ES.W0.CP0.2.2223.NR.PCS_ALL._Z._X._Z.N.PN","A","HU","ES","W0","CP0",2,"2223","NR","PCS_ALL","_Z","_X","_Z","N","PN","2022",2.165448,"A",false,null,null,"P1Y",{"$nulls":4},"S",null,null,3,null,"Number of card payment, initiated at eftpos, received - SCA: , acquirer location: Hungary, issuer location: Spain, POS location: world","Number of card payment, initiated at eftpos, received - SCA: , acquirer location: Hungary, issuer location: Spain, POS location: world","PN",6]
["PCP.A.HU.ES.W0.CP0.2.2223.NR.PCS_ALL._Z._X._Z.N.PN","A","HU","ES","W0","CP0",2,"2223","NR","PCS_ALL","_Z","_X","_Z","N","PN","2023",2.757934,"A",false,null,null,"P1Y",{"$nulls":4},"S",null,null,3,null,"Number of card payment, initiated at eftpos, received - SCA: , acquirer location: Hungary, issuer location: Spain, POS location: world","Number of card payment, initiated at eftpos, received - SCA: , acquirer location: Hungary, issuer location: Spain, POS location: world","PN",6]
["PCP.A.IE.RO.W0.CP0.1.2223.NR.PCS_ALL._Z._X._Z.N.PN","A","IE","RO","W0","CP0",1,"2223","NR","PCS_ALL","_Z","_X","_Z","N","PN","2022",0.715909,"A",false,null,null,"P1Y",{"$nulls":4},"S",null,null,3,null,"Number of card payment, initiated at eftpos, sent - SCA: , issuer location: Ireland, acquirer location: Romania, POS location: world","Number of card payment, initiated at eftpos, sent - SCA: , issuer location: Ireland, acquirer location: Romania, POS location: world","PN",6]
["PCP.A.IE.RO.W0.CP0.1.2223.NR.PCS_ALL._Z._X._Z.N.PN","A","IE","RO","W0","CP0",1,"2223","NR","PCS_ALL","_Z","_X","_Z","N","PN","2023",1.490033,"A",false,null,null,"P1Y",{"$nulls":4},"S",null,null,3,null,"Number of card payment, initiated at eftpos, sent - SCA: , issuer location: Ireland, acquirer location: Romania, POS location: world","Number of card payment, initiated at eftpos, sent - SCA: , issuer location: Ireland, acquirer location: Romania, POS location: world","PN",6]
["PCP.A.IE.W0.W0.CP0.2._T._T.PCS_ALL._Z._X._Z.G1.PN","A","IE","W0","W0","CP0",2,"_T","_T","PCS_ALL","_Z","_X","_Z","G1","PN","2022",null,"M",false,null,null,"P1Y",{"$nulls":4},"S",null,null,2,null,"Annual growth rate of the total number of card paymentall, received - SCA: , acquirer location: Ireland, POS location: world","Annual growth rate of the total number of card paymentall, received - SCA: , acquirer location: Ireland, POS location: world","PN",0]
["PCP.A.IE.W0.W0.CP0.2._T._T.PCS_ALL._Z._X._Z.G1.PN","A","IE","W0","W0","CP0",2,"_T","_T","PCS_ALL","_Z","_X","_Z","G1","PN","2023",2.175793955555093,"A",false,null,null,"P1Y",{"$nulls":4},"S",null,null,2,null,"Annual growth rate of the total number of card paymentall, received - SCA: , acquirer location: Ireland, POS location: world","Annual growth rate of the total number of card paymentall, received - SCA: , acquirer location: Ireland, POS location: world","PN",0]
["PCP.A.LT.CZ.W0.CP0.1._T._T.PCS_ALL._Z._X._Z.N.PN","A","LT","CZ","W0","CP0",1,"_T","_T","PCS_ALL","_Z","_X","_Z","N","PN","2013",null,"M",false,null,null,"P1Y",{"$nulls":4},"S",null,null,3,null,"Number of card paymentall, sent - SCA: , issuer location: Lithuania, acquirer location: Czech Republic, POS location: world","Number of card paymentall, sent - SCA: , issuer location: Lithuania, acquirer location: Czech Republic, POS location: world","PN",6]
["PCP.A.LT.CZ.W0.CP0.1._T._T.PCS_ALL._Z._X._Z.N.PN","A","LT","CZ","W0","CP0",1,"_T","_T","PCS_ALL","_Z","_X","_Z","N","PN","2014",null,"M",false,null,null,"P1Y",{"$nulls":4},"S",null,null,3,null,"Number of card paymentall, sent - SCA: , issuer location: Lithuania, acquirer location: Czech Republic, POS location: world","Number of card paymentall, sent - SCA: , issuer location: Lithuania, acquirer location: Czech Republic, POS location: world","PN",6]
["PCP.A.LT.CZ.W0.CP0.1._T._T.PCS_ALL._Z._X._Z.N.PN","A","LT","CZ","W0","CP0",1,"_T","_T","PCS_ALL","_Z","_X","_Z","N","PN","2015",null,"Q",false,null,null,"P1Y",{"$nulls":4},"S",null,null,3,null,"Number of card paymentall, sent - SCA: , issuer location: Lithuania, acquirer location: Czech Republic, POS location: world","Number of card paymentall, sent - SCA: , issuer location: Lithuania, acquirer location: Czech Republic, POS location: world","PN",6]
["PCP.A.LT.CZ.W0.CP0.1._T._T.PCS_ALL._Z._X._Z.N.PN","A","LT","CZ","W0","CP0",1,"_T","_T","PCS_ALL","_Z","_X","_Z","N","PN","2016",null,"Q",false,null,null,"P1Y",{"$nulls":4},"S",null,null,3,null,"Number of card paymentall, sent - SCA: , issuer location: Lithuania, acquirer location: Czech Republic, POS location: world","Number of card paymentall, sent - SCA: , issuer location: Lithuania, acquirer location: Czech Republic, POS location: world","PN",6]
["PCP.A.LT.CZ.W0.CP0.1._T._T.PCS_ALL._Z._X._Z.N.PN","A","LT","CZ","W0","CP0",1,"_T","_T","PCS_ALL","_Z","_X","_Z","N","PN","2017",0.247,"A",false,null,null,"P1Y",{"$nulls":4},"S",null,null,3,null,"Number of card paymentall, sent - SCA: , issuer location: Lithuania, acquirer location: Czech Republic, POS location: world","Number of card paymentall, sent - SCA: , issuer location: Lithuania, acquirer location: Czech Republic, POS location: world","PN",6]
["PCP.A.LT.CZ.W0.CP0.1._T._T.PCS_ALL._Z._X._Z.N.PN","A","LT","CZ","W0","CP0",1,"_T","_T","PCS_ALL","_Z","_X","_Z","N","PN","2018",0.299,"A",false,null,null,"P1Y",{"$nulls":4},"S",null,null,3,null,"Number of card paymentall, sent - SCA: , issuer location: Lithuania, acquirer location: Czech Republic, POS location: world","Number of card paymentall, sent - SCA: , issuer location: Lithuania, acquirer location: Czech Republic, POS location: world","PN",6]
["PCP.A.LT.CZ.W0.CP0.1._T._T.PCS_ALL._Z._X._Z.N.PN","A","LT","CZ","W0","CP0",1,"_T","_T","PCS_ALL","_Z","_X","_Z","N","PN","2019",null,"Q",false,null,null,"P1Y",{"$nulls":4},"S",null,null,3,null,"Number of card paymentall, sent - SCA: , issuer location: Lithuania, acquirer location: Czech Republic, POS location: world","Number of card paymentall, sent - SCA: , issuer location: Lithuania, acquirer location: Czech Republic, POS location: world","PN",6]
["PCP.A.LT.CZ.W0.CP0.1._T._T.PCS_ALL._Z._X._Z.N.PN","A","LT","CZ","W0","CP0",1,"_T","_T","PCS_ALL","_Z","_X","_Z","N","PN","2020",null,"Q",false,null,null,"P1Y",{"$nulls":4},"S",null,null,3,null,"Number of card paymentall, sent - SCA: , issuer location: Lithuania, acquirer location: Czech Republic, POS location: world","Number of card paymentall, sent - SCA: , issuer location: Lithuania, acquirer location: Czech Republic, POS location: world","PN",6]
["PCP.A.LT.CZ.W0.CP0.1._T._T.PCS_ALL._Z._X._Z.N.PN","A","LT","CZ","W0","CP0",1,"_T","_T","PCS_ALL","_Z","_X","_Z","N","PN","2021",null,"Q",false,null,null,"P1Y",{"$nulls":4},"S",null,null,3,null,"Number of card paymentall, sent - SCA: , issuer location: Lithuania, acquirer location: Czech Republic, POS location: world","Number of card paymentall, sent - SCA: , issuer location: Lithuania, acquirer location: Czech Republic, POS location: world","PN",6]
["PCP.A.LT.CZ.W0.CP0.1._T._T.PCS_ALL._Z._X._Z.N.PN","A","LT","CZ","W0","CP0",1,"_T","_T","PCS_ALL","_Z","_X","_Z","N","PN","2022",32.58751899999999,"A",false,null,null,"P1Y",{"$nulls":4},"S",null,null,3,null,"Number of card paymentall, sent - SCA: , issuer location: Lithuania, acquirer location: Czech Republic, POS location: world","Number of card paymentall, sent - SCA: , issuer location: Lithuania, acquirer location: Czech Republic, POS location: world","PN",6]
["PCP.A.LT.CZ.W0.CP0.1._T._T.PCS_ALL._Z._X._Z.N.PN","A","LT","CZ","W0","CP0",1,"_T","_T","PCS_ALL","_Z","_X","_Z","N","PN","2023",47.727429,"A",false,null,null,"P1Y",{"$nulls":4},"S",null,null,3,null,"Number of card paymentall, sent - SCA: , issuer location: Lithuania, acquirer location: Czech Republic, POS location: world","Number of card paymentall, sent - SCA: , issuer location: Lithuania, acquirer location: Czech Republic, POS location: world","PN",6]
["PCP.A.LT.IT.W0.CP0.2._T._T.PCS_ALL._Z._X._Z.N.EUR","A","LT","IT","W0","CP0",2,"_T","_T","PCS_ALL","_Z","_X","_Z","N","EUR","2022",438.27768001,"A",false,null,null,"P1Y",{"$nulls":4},"S",null,null,3,null,"Value of card paymentall, received - SCA: , acquirer location: Lithuania, issuer location: Italy, POS location: world","Value of card paymentall, received - SCA: , acquirer location: Lithuania, issuer location: Italy, POS location: world","EUR",6]
["PCP.A.LT.IT.W0.CP0.2._T._T.PCS_ALL._Z._X._Z.N.EUR","A","LT","IT","W0","CP0",2,"_T","_T","PCS_ALL","_Z","_X","_Z","N","EUR","2023",577.319004,"A",false,null,null,"P1Y",{"$nulls":4},"S",null,null,3,null,"Value of card paymentall, received - SCA: , acquirer location: Lithuania, issuer location: Italy, POS location: world","Value of card paymentall, received - SCA: , acquirer location: Lithuania, issuer location: Italy, POS location: world","EUR",6]
["PCP.A.LT.W0.W0.CP0.1.2000.NR.PCS_ALL.11._X._Z.N.EUR_R_CP0","A","LT","W0","W0","CP0",1,"2000","NR","PCS_ALL","11","_X","_Z","N","EUR_R_CP0","2022",null,"M",false,null,null,"P1Y",{"$nulls":4},"S",null,null,2,null,"Total value; ratio to total card payments of card payment with a debit card, sent - issuer location: Lithuania, POS location: world","Total value; ratio to total card payments of card payment with a debit card, sent - issuer location: Lithuania, POS location: world","EUR_R_CP0",0]
["PCP.A.LU.IS.W0.CP0.2._T._T.PCS_ALL._Z._X._Z.N.EUR","A","LU","IS","W0","CP0",2,"_T","_T","PCS_ALL","_Z","_X","_Z","N","EUR","2022",34.39411,"A",false,null,null,"P1Y",{"$nulls":4},"S",null,null,3,null,"Value of card paymentall, received - SCA: , acquirer location: Luxembourg, issuer location: Iceland, POS location: world","Value of card paymentall, received - SCA: , acquirer location: Luxembourg, issuer location: Iceland, POS location: world","EUR",6]
["PCP.A.LU.IS.W0.CP0.2._T._T.PCS_ALL._Z._X._Z.N.EUR","A","LU","IS","W0","CP0",2,"_T","_T","PCS_ALL","_Z","_X","_Z","N","EUR","2023",39.161586,"A",false,null,null,"P1Y",{"$nulls":4},"S",null,null,3,null,"Value of card paymentall, received - SCA: , acquirer location: Luxembourg, issuer location: Iceland, POS location: world","Value of card paymentall, received - SCA: , acquirer location: Luxembourg, issuer location: Iceland, POS location: world","EUR",6]
["PCP.A.LU.W0.W0.CP0.2._T.NR.PCS_ALL._Z._X._Z.N.EUR_R_CP0","A","LU","W0","W0","CP0",2,"_T","NR","PCS_ALL","_Z","_X","_Z","N","EUR_R_CP0","2022",null,"M",false,null,null,"P1Y",{"$nulls":4},"S",null,null,2,null,"Total value; ratio to total card payments of card paymentall, received - SCA: , acquirer location: Luxembourg, POS location: world","Total value; ratio to total card payments of card paymentall, received - SCA: , acquirer location: Luxembourg, POS location: world","EUR_R_CP0",0]
["PCP.A.MT.W0.W0.CP0.1.2230.R.PCS_ALL.13._X._Z.N.EUR_R_B1GQ","A","MT","W0","W0","CP0",1,"2230","R","PCS_ALL","13","_X","_Z","N","EUR_R_B1GQ","2022",null,"M",false,null,null,"P1Y",{"$nulls":4},"S",null,null,3,null,"Euro; ratio to GDP of Card payment with a credit card, sent - from: Malta, acquired: World, terminal located in: World","Euro; ratio to GDP of Card payment with a credit card, sent - from: Malta, acquired: World, terminal located in: World","EUR_R_B1GQ",0]
["PCP.A.NL.GR.W0.CP0.1.2223.NR.PCS_ALL._Z._X._Z.N.PN","A","NL","GR","W0","CP0",1,"2223","NR","PCS_ALL","_Z","_X","_Z","N","PN","2022",8.307002000000002,"A",false,null,null,"P1Y",{"$nulls":4},"S",null,null,3,null,"Number of card payment, initiated at eftpos, sent - SCA: , issuer location: Netherlands, acquirer location: Greece, POS location: world","Number of card payment, initiated at eftpos, sent - SCA: , issuer location: Netherlands, acquirer location: Greece, POS location: world","PN",6]
["PCP.A.NL.GR.W0.CP0.1.2223.NR.PCS_ALL._Z._X._Z.N.PN","A","NL","GR","W0","CP0",1,"2223","NR","PCS_ALL","_Z","_X","_Z","N","PN","2023",9.967325,"A",false,null,null,"P1Y",{"$nulls":4},"S",null,null,3,null,"Number of card payment, initiated at eftpos, sent - SCA: , issuer location: Netherlands, acquirer location: Greece, POS location: world","Number of card payment, initiated at eftpos, sent - SCA: , issuer location: Netherlands, acquirer location: Greece, POS location: world","PN",6]
["PCP.A.RO.W0.W0.CP0.1._T._T.PCS_ALL._Z.200._Z.N.PN_R_CP0","A","RO","W0","W0","CP0",1,"_T","_T","PCS_ALL","_Z","200","_Z","N","PN_R_CP0","2022",null,"M",false,null,null,"P1Y",{"$nulls":4},"S",null,null,3,null,"Pure number; ratio to total card payments of Card payment, All, sent - from: Romania, acquired: World, terminal located in: World, Non-SCA","Pure number; ratio to total card payments of Card payment, All, sent - from: Romania, acquired: World, terminal located in: World, Non-SCA","PN_R_CP0",0]
["PCP.A.SE.W0.W0.CP0.1.2223.NR.PCS_ALL._Z._X._Z.N.EUR","A","SE","W0","W0","CP0",1,"2223","NR","PCS_ALL","_Z","_X","_Z","N","EUR","2014",null,"M",false,null,null,"P1Y",{"$nulls":4},"S",null,null,3,null,"Total value of card payment, initiated at eftpos, sent - SCA: , issuer location: Sweden, POS location: world","Total value of card payment, initiated at eftpos, sent - SCA: , issuer location: Sweden, POS location: world","EUR",6]
["PCP.A.SE.W0.W0.CP0.1.2223.NR.PCS_ALL._Z._X._Z.N.EUR","A","SE","W0","W0","CP0",1,"2223","NR","PCS_ALL","_Z","_X","_Z","N","EUR","2015",62089.31687218051,"A",false,null,null,"P1Y",{"$nulls":4},"S",null,null,3,null,"Total value of card payment, initiated at eftpos, sent - SCA: , issuer location: Sweden, POS location: world","Total value of card payment, initiated at eftpos, sent - SCA: , issuer location: Sweden, POS location: world","EUR",6]
["PCP.A.SE.W0.W0.CP0.1.2223.NR.PCS_ALL._Z._X._Z.N.EUR","A","SE","W0","W0","CP0",1,"2223","NR","PCS_ALL","_Z","_X","_Z","N","EUR","2016",72412.20666055058,"A",false,null,null,"P1Y",{"$nulls":4},"S",null,null,3,null,"Total value of card payment, initiated at eftpos, sent - SCA: , issuer location: Sweden, POS location: world","Total value of card payment, initiated at eftpos, sent - SCA: , issuer location: Sweden, POS location: world","EUR",6]
["PCP.A.SE.W0.W0.CP0.1.2223.NR.PCS_ALL._Z._X._Z.N.EUR","A","SE","W0","W0","CP0",1,"2223","NR","PCS_ALL","_Z","_X","_Z","N","EUR","2017",76434.34313463687,"A",false,null,null,"P1Y",{"$nulls":4},"S",null,null,3,null,"Total value of card payment, initiated at eftpos, sent - SCA: , issuer location: Sweden, POS location: world","Total value of card payment, initiated at eftpos, sent - SCA: , issuer location: Sweden, POS location: world","EUR",6]
["PCP.A.SE.W0.W0.CP0.1.2223.NR.PCS_ALL._Z._X._Z.N.EUR","A","SE","W0","W0","CP0",1,"2223","NR","PCS_ALL","_Z","_X","_Z","N","EUR","2018",74428.64351759593,"A",false,null,null,"P1Y",{"$nulls":4},"S",null,null,3,null,"Total value of card payment, initiated at eftpos, sent - SCA: , issuer location: Sweden, POS location: world","Total value of card payment, initiated at eftpos, sent - SCA: , issuer location: Sweden, POS location: world","EUR",6]
["PCP.A.SE.W0.W0.CP0.1.2223.NR.PCS_ALL._Z._X._Z.N.EUR","A","SE","W0","W0","CP0",1,"2223","NR","PCS_ALL","_Z","_X","_Z","N","EUR","2019",74171.6883644402,"A",false,null,null,"P1Y",{"$nulls":4},"S",null,null,3,null,"Total value of card payment, initiated at eftpos, sent - SCA: , issuer location: Sweden, POS location: world","Total value of card payment, initiated at eftpos, sent - SCA: , issuer location: Sweden, POS location: world","EUR",6]
["PCP.A.SE.W0.W0.CP0.1.2223.NR.PCS_ALL._Z._X._Z.N.EUR","A","SE","W0","W0","CP0",1,"2223","NR","PCS_ALL","_Z","_X","_Z","N","EUR","2020",81901.11629946556,"A",false,null,null,"P1Y",{"$nulls":4},"S",null,null,3,null,"Total value of card payment, initiated at eftpos, sent - SCA: , issuer location: Sweden, POS location: world","Total value of card payment, initiated at eftpos, sent - SCA: , issuer location: Sweden, POS location: world","EUR",6]
["PCP.A.SE.W0.W0.CP0.1.2223.NR.PCS_ALL._Z._X._Z.N.EUR","A","SE","W0","W0","CP0",1,"2223","NR","PCS_ALL","_Z","_X","_Z","N","EUR","2021",94180.10820205994,"A",false,null,null,"P1Y",{"$nulls":4},"S",null,null,3,null,"Total value of card payment, initiated at eftpos, sent - SCA: , issuer location: Sweden, POS location: world","Total value of card payment, initiated at eftpos, sent - SCA: , issuer location: Sweden, POS location: world","EUR",6]
["PCP.A.SK.W0.W0.CP0.1.2230.R.PCS_ALL.13._X._Z.N.PN_R_CP0","A","SK","W0","W0","CP0",1,"2230","R","PCS_ALL","13","_X","_Z","N","PN_R_CP0","2022",null,"M",false,null,null,"P1Y",{"$nulls":4},"S",null,null,3,null,"Pure number; ratio to total card payments of Card payment with a credit card, sent - from: Slovakia, acquired: World, terminal located in: World","Pure number; ratio to total card payments of Card payment with a credit card, sent - from: Slovakia, acquired: World, terminal located in: World","PN_R_CP0",0]
["PCP.H.AT.G3.G3.CP0.2.2000.NR.PCS_ALL._Z.205._Z.N.PN","H","AT","G3","G3","CP0",2,"2000","NR","PCS_ALL","_Z","205","_Z","N","PN","2022-S1",8.8E-05,"A",false,null,null,"P6M",{"$nulls":4},"S",null,null,3,null,"Number of card paymentelectronic, received - SCA: non-sca: recurring transaction, acquirer location: Austria, issuer location: other EEA countries, POS location: other EEA countries","Number of card paymentelectronic, received - SCA: non-sca: recurring transaction, acquirer location: Austria, issuer location: other EEA countries, POS location: other EEA countries","PN",6]
["PCP.H.AT.G3.G3.CP0.2.2000.NR.PCS_ALL._Z.205._Z.N.PN","H","AT","G3","G3","CP0",2,"2000","NR","PCS_ALL","_Z","205","_Z","N","PN","2022-S2",0.000226,"A",false,null,null,"P6M",{"$nulls":4},"S",null,null,3,null,"Number of card paymentelectronic, received - SCA: non-sca: recurring transaction, acquirer location: Austria, issuer location: other EEA countries, POS location: other EEA countries","Number of card paymentelectronic, received - SCA: non-sca: recurring transaction, acquirer location: Austria, issuer location: other EEA countries, POS location: other EEA countries","PN",6]
["PCP.H.AT.G3.G3.CP0.2.2000.NR.PCS_ALL._Z.205._Z.N.PN","H","AT","G3","G3","CP0",2,"2000","NR","PCS_ALL","_Z","205","_Z","N","PN","2023-S1",0.0004240000000000001,"A",false,null,null,"P6M",{"$nulls":4},"S",null,null,3,null,"Number of card paymentelectronic, received - SCA: non-sca: recurring transaction, acquirer location: Austria, issuer location: other EEA countries, POS location: other EEA countries","Number of card paymentelectronic, received - SCA: non-sca: recurring transaction, acquirer location: Austria, issuer location: other EEA countries, POS location: other EEA countries","PN",6]
["PCP.H.AT.G3.G3.CP0.2.2000.NR.PCS_ALL._Z.205._Z.N.PN","H","AT","G3","G3","CP0",2,"2000","NR","PCS_ALL","_Z","205","_Z","N","PN","2023-S2",0.0003260000000000001,"P",false,null,null,"P6M",{"$nulls":4},"S",null,null,3,null,"Number of card paymentelectronic, received - SCA: non-sca: recurring transaction, acquirer location: Austria, issuer location: other EEA countries, POS location: other EEA countries","Number of card paymentelectronic, received - SCA: non-sca: recurring transaction, acquirer location: Austria, issuer location: other EEA countries, POS location: other EEA countries","PN",6]
["PCP.H.AT.W0.W0.CP0.2.2000.R.PCS_ALL._Z.200._Z.N.PN","H","AT","W0","W0","CP0",2,"2000","R","PCS_ALL","_Z","200","_Z","N","PN","2022-S1",8.435347,"A",false,null,null,"P6M",{"$nulls":4},"S",null,null,3,null,"Total number of card paymentelectronic, received - SCA: non-sca, acquirer location: Austria, POS location: world","Total number of card paymentelectronic, received - SCA: non-sca, acquirer location: Austria, POS location: world","PN",6]
["PCP.H.AT.W0.W0.CP0.2.2000.R.PCS_ALL._Z.200._Z.N.PN","H","AT","W0","W0","CP0",2,"2000","R","PCS_ALL","_Z","200","_Z","N","PN","2022-S2",9.876729000000001,"A",false,null,null,"P6M",{"$nulls":4},"S",null,null,3,null,"Total number of card paymentelectronic, received - SCA: non-sca, acquirer location: Austria, POS location: world","Total number of card paymentelectronic, received - SCA: non-sca, acquirer location: Austria, POS location: world","PN",6]
["PCP.H.AT.W0.W0.CP0.2.2000.R.PCS_ALL._Z.200._Z.N.PN","H","AT","W0","W0","CP0",2,"2000","R","PCS_ALL","_Z","200","_Z","N","PN","2023-S1",10.758861,"A",false,null,null,"P6M",{"$nulls":4},"S",null,null,3,null,"Total number of card paymentelectronic, received - SCA: non-sca, acquirer location: Austria, POS location: world","Total number of card paymentelectronic, received - SCA: non-sca, acquirer location: Austria, POS location: world","PN",6]
["PCP.H.AT.W0.W0.CP0.2.2000.R.PCS_ALL._Z.200._Z.N.PN","H","AT","W0","W0","CP0",2,"2000","R","PCS_ALL","_Z","200","_Z","N","PN","2023-S2",11.746977,"P",false,null,null,"P6M",{"$nulls":4},"S",null,null,3,null,"Total number of card paymentelectronic, received - SCA: non-sca, acquirer location: Austria, POS location: world","Total number of card paymentelectronic, received - SCA: non-sca, acquirer location: Austria, POS location: world","PN",6]
["PCP.H.AT.W1.W2.CP0.1.2000.R.PCS_ALL._Z.208._Z.N.EUR","H","AT","W1","W2","CP0",1,"2000","R","PCS_ALL","_Z","208","_Z","N","EUR","2022-S1",80.10874576000002,"A",false,null,null,"P6M",{"$nulls":4},"S",null,null,3,null,"Value of card paymentelectronic, sent - SCA: non-sca: transaction risk analysis, issuer location: Austria, acquirer location: Rest of the World, POS location: domestic","Value of card paymentelectronic, sent - SCA: non-sca: transaction risk analysis, issuer location: Austria, acquirer location: Rest of the World, POS location: domestic","EUR",6]
["PCP.H.AT.W1.W2.CP0.1.2000.R.PCS_ALL._Z.208._Z.N.EUR","H","AT","W1","W2","CP0",1,"2000","R","PCS_ALL","_Z","208","_Z","N","EUR","2022-S2",87.79770766000001,"A",false,null,null,"P6M",{"$nulls":4},"S",null,null,3,null,"Value of card paymentelectronic, sent - SCA: non-sca: transaction risk analysis, issuer location: Austria, acquirer location: Rest of the World, POS location: domestic","Value of card paymentelectronic, sent - SCA: non-sca: transaction risk analysis, issuer location: Austria, acquirer location: Rest of the World, POS location: domestic","EUR",6]
["PCP.H.AT.W1.W2.CP0.1.2000.R.PCS_ALL._Z.208._Z.N.EUR","H","AT","W1","W2","CP0",1,"2000","R","PCS_ALL","_Z","208","_Z","N","EUR","2023-S1",66.23476127000002,"A",false,null,null,"P6M",{"$nulls":4},"S",null,null,3,null,"Value of card paymentelectronic, sent - SCA: non-sca: transaction risk analysis, issuer location: Austria, acquirer location: Rest of the World, POS location: domestic","Value of card paymentelectronic, sent - SCA: non-sca: transaction risk analysis, issuer location: Austria, acquirer location: Rest of the World, POS location: domestic","EUR",6]
["PCP.H.AT.W1.W2.CP0.1.2000.R.PCS_ALL._Z.208._Z.N.EUR","H","AT","W1","W2","CP0",1,"2000","R","PCS_ALL","_Z","208","_Z","N","EUR","2023-S2",77.11862032,"P",false,null,null,"P6M",{"$nulls":4},"S",null,null,3,null,"Value of card paymentelectronic, sent - SCA: non-sca: transaction risk analysis, issuer location: Austria, acquirer location: Rest of the World, POS location: domestic","Value of card paymentelectronic, sent - SCA: non-sca: transaction risk analysis, issuer location: Austria, acquirer location: Rest of the World, POS location: domestic","EUR",6]
["PCP.H.AT.W2.W1.CW1.1._T._T.PCS_ALL._Z._X._Z.N.PN","H","AT","W2","W1","CW1",1,"_T","_T","PCS_ALL","_Z","_X","_Z","N","PN","2022-S1",0.000702,"A",false,null,null,"P6M",{"$nulls":4},"S",null,null,3,null,"Number of cash withdrawal using cardsall, sent - SCA: , issuer location: Austria, acquirer location: domestic, terminal location: Rest of the World","Number of cash withdrawal using cardsall, sent - SCA: , issuer location: Austria, acquirer location: domestic, terminal location: Rest of the World","PN",6]
["PCP.H.AT.W2.W1.CW1.1._T._T.PCS_ALL._Z._X._Z.N.PN","H","AT","W2","W1","CW1",1,"_T","_T","PCS_ALL","_Z","_X","_Z","N","PN","2022-S2",0.003193,"A",false,null,null,"P6M",{"$nulls":4},"S",null,null,3,null,"Number of cash withdrawal using cardsall, sent - SCA: , issuer location: Austria, acquirer location: domestic, terminal location: Rest of the World","Number of cash withdrawal using cardsall, sent - SCA: , issuer location: Austria, acquirer location: domestic, terminal location: Rest of the World","PN",6]
["PCP.H.AT.W2.W1.CW1.1._T._T.PCS_ALL._Z._X._Z.N.PN","H","AT","W2","W1","CW1",1,"_T","_T","PCS_ALL","_Z","_X","_Z","N","PN","2023-S1",0.00039,"A",false,null,null,"P6M",{"$nulls":4},"S",null,null,3,null,"Number of cash withdrawal using cardsall, sent - SCA: , issuer location: Austria, acquirer location: domestic, terminal location: Rest of the World","Number of cash withdrawal using cardsall, sent - SCA: , issuer location: Austria, acquirer location: domestic, terminal location: Rest of the World","PN",6]
["PCP.H.AT.W2.W1.CW1.1._T._T.PCS_ALL._Z._X._Z.N.PN","H","AT","W2","W1","CW1",1,"_T","_T","PCS_ALL","_Z","_X","_Z","N","PN","2023-S2",0.03093400000000001,"P",false,null,null,"P6M",{"$nulls":4},"S",null,null,3,null,"Number of cash withdrawal using cardsall, sent - SCA: , issuer location: Austria, acquirer location: domestic, terminal location: Rest of the World","Number of cash withdrawal using cardsall, sent - SCA: , issuer location: Austria, acquirer location: domestic, terminal location: Rest of the World","PN",6]
["PCP.H.BE.W0.W0.CP0.1.2000.R.PCS_ALL.13._X._Z.N.EUR","H","BE","W0","W0","CP0",1,"2000","R","PCS_ALL","13","_X","_Z","N","EUR","2022-S1",582.585185,"A",false,null,null,"P6M",{"$nulls":4},"S",null,null,3,null,"Total value of card payment with a credit card, sent - issuer location: Belgium, POS location: world","Total value of card payment with a credit card, sent - issuer location: Belgium, POS location: world","EUR",6]
["PCP.H.BE.W0.W0.CP0.1.2000.R.PCS_ALL.13._X._Z.N.EUR","H","BE","W0","W0","CP0",1,"2000","R","PCS_ALL","13","_X","_Z","N","EUR","2022-S2",612.539859,"A",false,null,null,"P6M",{"$nulls":4},"S",null,null,3,null,"Total value of card payment with a credit card, sent - issuer location: Belgium, POS location: world","Total value of card payment with a credit card, sent - issuer location: Belgium, POS location: world","EUR",6]
["PCP.H.BE.W0.W0.CP0.1.2000.R.PCS_ALL.13._X._Z.N.EUR","H","BE","W0","W0","CP0",1,"2000","R","PCS_ALL","13","_X","_Z","N","EUR","2023-S1",616.446412,"A",false,null,null,"P6M",{"$nulls":4},"S",null,null,3,null,"Total value of card payment with a credit card, sent - issuer location: Belgium, POS location: world","Total value of card payment with a credit card, sent - issuer location: Belgium, POS location: world","EUR",6]
["PCP.H.BE.W0.W0.CP0.1.2000.R.PCS_ALL.13._X._Z.N.EUR","H","BE","W0","W0","CP0",1,"2000","R","PCS_ALL","13","_X","_Z","N","EUR","2023-S2",653.5165689999999,"P",false,null,null,"P6M",{"$nulls":4},"S",null,null,3,null,"Total value of card payment with a credit card, sent - issuer location: Belgium, POS location: world","Total value of card payment with a credit card, sent - issuer location: Belgium, POS location: world","EUR",6]
["PCP.H.BE.W0.W1.CP0.2.1000._T.PCS_ALL._Z._X._Z.N.PN","H","BE","W0","W1","CP0",2,"1000","_T","PCS_ALL","_Z","_X","_Z","N","PN","2022-S1",0.460393,"A",false,null,null,"P6M",{"$nulls":4},"S",null,null,3,null,"Total number of card paymentnon-electronic, received - SCA: , acquirer location: Belgium, POS location: Rest of the World","Total number of card paymentnon-electronic, received - SCA: , acquirer location: Belgium, POS location: Rest of the World","PN",6]
["PCP.H.BE.W0.W1.CP0.2.1000._T.PCS_ALL._Z._X._Z.N.PN","H","BE","W0","W1","CP0",2,"1000","_T","PCS_ALL","_Z","_X","_Z","N","PN","2022-S2",0.647326,"A",false,null,null,"P6M",{"$nulls":4},"S",null,null,3,null,"Total number of card paymentnon-electronic, received - SCA: , acquirer location: Belgium, POS location: Rest of the World","Total number of card paymentnon-electronic, received - SCA: , acquirer location: Belgium, POS location: Rest of the World","PN",6]
["PCP.H.BE.W0.W1.CP0.2.1000._T.PCS_ALL._Z._X._Z.N.PN","H","BE","W0","W1","CP0",2,"1000","_T","PCS_ALL","_Z","_X","_Z","N","PN","2023-S1",0.6890429999999999,"A",false,null,null,"P6M",{"$nulls":4},"S",null,null,3,null,"Total number of card paymentnon-electronic, received - SCA: , acquirer location: Belgium, POS location: Rest of the World","Total number of card paymentnon-electronic, received - SCA: , acquirer location: Belgium, POS location: Rest of the World","PN",6]
["PCP.H.BE.W0.W1.CP0.2.1000._T.PCS_ALL._Z._X._Z.N.PN","H","BE","W0","W1","CP0",2,"1000","_T","PCS_ALL","_Z","_X","_Z","N","PN","2023-S2",0.7207159999999999,"P",false,null,null,"P6M",{"$nulls":4},"S",null,null,3,null,"Total number of card paymentnon-electronic, received - SCA: , acquirer location: Belgium, POS location: Rest of the World","Total number of card paymentnon-electronic, received - SCA: , acquirer location: Belgium, POS location: Rest of the World","PN",6]
["PCP.H.BE.W0.W2.CP0.1.2000.NR.PCS_ALL.11._X._Z.N.EUR","H","BE","W0","W2","CP0",1,"2000","NR","PCS_ALL","11","_X","_Z","N","EUR","2022-S1",39460.001691,"A",false,null,null,"P6M",{"$nulls":4},"S",null,null,3,null,"Total value of card payment with a debit card, sent - issuer location: Belgium, POS location: domestic","Total value of card payment with a debit card, sent - issuer location: Belgium, POS location: domestic","EUR",6]
["PCP.H.BE.W0.W2.CP0.1.2000.NR.PCS_ALL.11._X._Z.N.EUR","H","BE","W0","W2","CP0",1,"2000","NR","PCS_ALL","11","_X","_Z","N","EUR","2022-S2",42300.324019,"A",false,null,null,"P6M",{"$nulls":4},"S",null,null,3,null,"Total value of card payment with a debit card, sent - issuer location: Belgium, POS location: domestic","Total value of card payment with a debit card, sent - issuer location: Belgium, POS location: domestic","EUR",6]
["PCP.H.BE.W0.W2.CP0.1.2000.NR.PCS_ALL.11._X._Z.N.EUR","H","BE","W0","W2","CP0",1,"2000","NR","PCS_ALL","11","_X","_Z","N","EUR","2023-S1",43020.469816,"A",false,null,null,"P6M",{"$nulls":4},"S",null,null,3,null,"Total value of card payment with a debit card, sent - issuer location: Belgium, POS location: domestic","Total value of card payment with a debit card, sent - issuer location: Belgium, POS location: domestic","EUR",6]
["PCP.H.BE.W0.W2.CP0.1.2000.NR.PCS_ALL.11._X._Z.N.EUR","H","BE","W0","W2","CP0",1,"2000","NR","PCS_ALL","11","_X","_Z","N","EUR","2023-S2",44376.753266,"P",false,null,null,"P6M",{"$nulls":4},"S",null,null,3,null,"Total value of card payment with a debit card, sent - issuer location: Belgium, POS location: domestic","Total value of card payment with a debit card, sent - issuer location: Belgium, POS location: domestic","EUR",6]
["PCP.H.BE.W1.W0.CP0.1.2000.R.PCS_ALL._Z.204._Z.N.EUR","H","BE","W1","W0","CP0",1,"2000","R","PCS_ALL","_Z","204","_Z","N","EUR","2022-S1",0,"A",false,null,null,"P6M",{"$nulls":4},"S",null,null,3,null,"Value of card paymentelectronic, sent - SCA: non-sca: trusted beneficiaries, issuer location: Belgium, acquirer location: Rest of the World, POS location: world","Value of card paymentelectronic, sent - SCA: non-sca: trusted beneficiaries, issuer location: Belgium, acquirer location: Rest of the World, POS location: world","EUR",6]
["PCP.H.BE.W1.W0.CP0.1.2000.R.PCS_ALL._Z.204._Z.N.EUR","H","BE","W1","W0","CP0",1,"2000","R","PCS_ALL","_Z","204","_Z","N","EUR","2022-S2",0.000439,"A",false,null,null,"P6M",{"$nulls":4},"S",null,null,3,null,"Value of card paymentelectronic, sent - SCA: non-sca: trusted beneficiaries, issuer location: Belgium, acquirer location: Rest of the World, POS location: world","Value of card paymentelectronic, sent - SCA: non-sca: trusted beneficiaries, issuer location: Belgium, acquirer location: Rest of the World, POS location: world","EUR",6]
["PCP.H.BE.W1.W0.CP0.1.2000.R.PCS_ALL._Z.204._Z.N.EUR","H","BE","W1","W0","CP0",1,"2000","R","PCS_ALL","_Z","204","_Z","N","EUR","2023-S1",0.000941,"A",false,null,null,"P6M",{"$nulls":4},"S",null,null,3,null,"Value of card paymentelectronic, sent - SCA: non-sca: trusted beneficiaries, issuer location: Belgium, acquirer location: Rest of the World, POS location: world","Value of card paymentelectronic, sent - SCA: non-sca: trusted beneficiaries, issuer location: Belgium, acquirer location: Rest of the World, POS location: world","EUR",6]
["PCP.H.BE.W1.W0.CP0.1.2000.R.PCS_ALL._Z.204._Z.N.EUR","H","BE","W1","W0","CP0",1,"2000","R","PCS_ALL","_Z","204","_Z","N","EUR","2023-S2",0.001418,"P",false,null,null,"P6M",{"$nulls":4},"S",null,null,3,null,"Value of card paymentelectronic, sent - SCA: non-sca: trusted beneficiaries, issuer location: Belgium, acquirer location: Rest of the World, POS location: world","Value of card paymentelectronic, sent - SCA: non-sca: trusted beneficiaries, issuer location: Belgium, acquirer location: Rest of the World, POS location: world","EUR",6]
["PCP.H.BE.W2.W1.CP0.2.2000.NR.PCS_ALL.11._X._Z.N.PN","H","BE","W2","W1","CP0",2,"2000","NR","PCS_ALL","11","_X","_Z","N","PN","2022-S1",8.814352999999999,"A",false,null,null,"P6M",{"$nulls":4},"S",null,null,3,null,"Number of card payment,with a debit card, received - acquirer location: Belgium, issuer location: domestic, POS location: Rest of the World","Number of card payment,with a debit card, received - acquirer location: Belgium, issuer location: domestic, POS location: Rest of the World","PN",6]
["PCP.H.BE.W2.W1.CP0.2.2000.NR.PCS_ALL.11._X._Z.N.PN","H","BE","W2","W1","CP0",2,"2000","NR","PCS_ALL","11","_X","_Z","N","PN","2022-S2",10.057648,"A",false,null,null,"P6M",{"$nulls":4},"S",null,null,3,null,"Number of card payment,with a debit card, received - acquirer location: Belgium, issuer location: domestic, POS location: Rest of the World","Number of card payment,with a debit card, received - acquirer location: Belgium, issuer location: domestic, POS location: Rest of the World","PN",6]
["PCP.H.BE.W2.W1.CP0.2.2000.NR.PCS_ALL.11._X._Z.N.PN","H","BE","W2","W1","CP0",2,"2000","NR","PCS_ALL","11","_X","_Z","N","PN","2023-S1",9.901584,"A",false,null,null,"P6M",{"$nulls":4},"S",null,null,3,null,"Number of card payment,with a debit card, received - acquirer location: Belgium, issuer location: domestic, POS location: Rest of the World","Number of card payment,with a debit card, received - acquirer location: Belgium, issuer location: domestic, POS location: Rest of the World","PN",6]
["PCP.H.BE.W2.W1.CP0.2.2000.NR.PCS_ALL.11._X._Z.N.PN","H","BE","W2","W1","CP0",2,"2000","NR","PCS_ALL","11","_X","_Z","N","PN","2023-S2",9.611623000000002,"P",false,null,null,"P6M",{"$nulls":4},"S",null,null,3,null,"Number of card payment,with a debit card, received - acquirer location: Belgium, issuer location: domestic, POS location: Rest of the World","Number of card payment,with a debit card, received - acquirer location: Belgium, issuer location: domestic, POS location: Rest of the World","PN",6]
["PCP.H.BG.G1.G3.CP0.1.2000.R.PCS_ALL._Z.205._Z.N.XDF","H","BG","G1","G3","CP0",1,"2000","R","PCS_ALL","_Z","205","_Z","N","XDF","2023-S1",18.52389750999999,"A",false,null,null,"P6M",{"$nulls":4},"S",null,null,3,null,"Value of card paymentelectronic, sent - SCA: non-sca: recurring transaction, issuer location: Bulgaria, acquirer location: outside EEA, POS location: other EEA countries","Value of card paymentelectronic, sent - SCA: non-sca: recurring transaction, issuer location: Bulgaria, acquirer location: outside EEA, POS location: other EEA countries","XDF",6]
["PCP.H.BG.G1.G3.CP0.1.2000.R.PCS_ALL._Z.205._Z.N.XDF","H","BG","G1","G3","CP0",1,"2000","R","PCS_ALL","_Z","205","_Z","N","XDF","2023-S2",10.54976526,"P",false,null,null,"P6M",{"$nulls":4},"S",null,null,3,null,"Value of card paymentelectronic, sent - SCA: non-sca: recurring transaction, issuer location: Bulgaria, acquirer location: outside EEA, POS location: other EEA countries","Value of card paymentelectronic, sent - SCA: non-sca: recurring transaction, issuer location: Bulgaria, acquirer location: outside EEA, POS location: other EEA countries","XDF",6]
["PCP.H.BG.G1.W1.CP0.2.2000.R.PCS_ALL._Z.100._Z.N.PN","H","BG","G1","W1","CP0",2,"2000","R","PCS_ALL","_Z","100","_Z","N","PN","2023-S1",0.147157,"A",false,null,null,"P6M",{"$nulls":4},"S",null,null,3,null,"Number of card paymentelectronic, received - SCA: sca, acquirer location: Bulgaria, issuer location: outside EEA, POS location: Rest of the World","Number of card paymentelectronic, received - SCA: sca, acquirer location: Bulgaria, issuer location: outside EEA, POS location: Rest of the World","PN",6]
["PCP.H.BG.G1.W1.CP0.2.2000.R.PCS_ALL._Z.100._Z.N.PN","H","BG","G1","W1","CP0",2,"2000","R","PCS_ALL","_Z","100","_Z","N","PN","2023-S2",1.837969,"P",false,null,null,"P6M",{"$nulls":4},"S",null,null,3,null,"Number of card paymentelectronic, received - SCA: sca, acquirer location: Bulgaria, issuer location: outside EEA, POS location: Rest of the World","Number of card paymentelectronic, received - SCA: sca, acquirer location: Bulgaria, issuer location: outside EEA, POS location: Rest of the World","PN",6]
["PCP.H.BG.G1.W2.CP0.1.2000.R.PCS_ALL._Z.208._Z.N.PN","H","BG","G1","W2","CP0",1,"2000","R","PCS_ALL","_Z","208","_Z","N","PN","2023-S1",null,"Q",false,null,null,"P6M",{"$nulls":4},"S",null,null,3,null,"Number of card paymentelectronic, sent - SCA: non-sca: transaction risk analysis, issuer location: Bulgaria, acquirer location: outside EEA, POS location: domestic","Number of card paymentelectronic, sent - SCA: non-sca: transaction risk analysis, issuer location: Bulgaria, acquirer location: outside EEA, POS location: domestic","PN",6]
["PCP.H.BG.G1.W2.CP0.1.2000.R.PCS_ALL._Z.208._Z.N.PN","H","BG","G1","W2","CP0",1,"2000","R","PCS_ALL","_Z","208","_Z","N","PN","2023-S2",null,"Q",false,null,null,"P6M",{"$nulls":4},"S",null,null,3,null,"Number of card paymentelectronic, sent - SCA: non-sca: transaction risk analysis, issuer location: Bulgaria, acquirer location: outside EEA, POS location: domestic","Number of card paymentelectronic, sent - SCA: non-sca: transaction risk analysis, issuer location: Bulgaria, acquirer location: outside EEA, POS location: domestic","PN",6]
["PCP.H.BG.G3.G1.CP0.1.2000.R.PCS_ALL.12._X._Z.N.PN","H","BG","G3","G1","CP0",1,"2000","R","PCS_ALL","12","_X","_Z","N","PN","2023-S1",0,"A",false,null,null,"P6M",{"$nulls":4},"S",null,null,3,null,"Number of card payment with a delayed debit card, sent - issuer location: Bulgaria, acquirer location: other EEA countries, POS location: outside EEA","Number of card payment with a delayed debit card, sent - issuer location: Bulgaria, acquirer location: other EEA countries, POS location: outside EEA","PN",6]
["PCP.H.BG.G3.G1.CP0.1.2000.R.PCS_ALL.12._X._Z.N.PN","H","BG","G3","G1","CP0",1,"2000","R","PCS_ALL","12","_X","_Z","N","PN","2023-S2",0,"P",false,null,null,"P6M",{"$nulls":4},"S",null,null,3,null,"Number of card payment with a delayed debit card, sent - issuer location: Bulgaria, acquirer location: other EEA countries, POS location: outside EEA","Number of card payment with a delayed debit card, sent - issuer location: Bulgaria, acquirer location: other EEA countries, POS location: outside EEA","PN",6]
["PCP.H.BG.G3.W1.CP0.1.2230.R.PCS_ALL._Z._X._Z.N.XDF","H","BG","G3","W1","CP0",1,"2230","R","PCS_ALL","_Z","_X","_Z","N","XDF","2023-S1",394.11692741,"A",false,null,null,"P6M",{"$nulls":4},"S",null,null,3,null,"Value of card payment, initiated via mobile payment solution (electronic), sent - SCA: , issuer location: Bulgaria, acquirer location: other EEA countries, POS location: Rest of the World","Value of card payment, initiated via mobile payment solution (electronic), sent - SCA: , issuer location: Bulgaria, acquirer location: other EEA countries, POS location: Rest of the World","XDF",6]
["PCP.H.BG.G3.W1.CP0.1.2230.R.PCS_ALL._Z._X._Z.N.XDF","H","BG","G3","W1","CP0",1,"2230","R","PCS_ALL","_Z","_X","_Z","N","XDF","2023-S2",657.6986558399999,"P",false,null,null,"P6M",{"$nulls":4},"S",null,null,3,null,"Value of card payment, initiated via mobile payment solution (electronic), sent - SCA: , issuer location: Bulgaria, acquirer location: other EEA countries, POS location: Rest of the World","Value of card payment, initiated via mobile payment solution (electronic), sent - SCA: , issuer location: Bulgaria, acquirer location: other EEA countries, POS location: Rest of the World","XDF",6]
["PCP.H.BG.W0.G3.CP0.1.2000.R.PCS_ALL._Z.210._Z.N.PN","H","BG","W0","G3","CP0",1,"2000","R","PCS_ALL","_Z","210","_Z","N","PN","2023-S1",6.266248999999999,"A",false,null,null,"P6M",{"$nulls":4},"S",null,null,3,null,"Total number of card paymentelectronic, sent - SCA: non-sca: others, issuer location: Bulgaria, POS location: other EEA countries","Total number of card paymentelectronic, sent - SCA: non-sca: others, issuer location: Bulgaria, POS location: other EEA countries","PN",6]
["PCP.H.BG.W0.G3.CP0.1.2000.R.PCS_ALL._Z.210._Z.N.PN","H","BG","W0","G3","CP0",1,"2000","R","PCS_ALL","_Z","210","_Z","N","PN","2023-S2",6.249268,"P",false,null,null,"P6M",{"$nulls":4},"S",null,null,3,null,"Total number of card paymentelectronic, sent - SCA: non-sca: others, issuer location: Bulgaria, POS location: other EEA countries","Total number of card paymentelectronic, sent - SCA: non-sca: others, issuer location: Bulgaria, POS location: other EEA countries","PN",6]
["PCP.H.BG.W0.W1.CP0.1.2000.R.PCS_ALL.12._X._Z.N.XDF","H","BG","W0","W1","CP0",1,"2000","R","PCS_ALL","12","_X","_Z","N","XDF","2023-S1",0,"A",false,null,null,"P6M",{"$nulls":4},"S",null,null,3,null,"Total value of card payment with a delayed debit card, sent - issuer location: Bulgaria, POS location: Rest of the World","Total value of card payment with a delayed debit card, sent - issuer location: Bulgaria, POS location: Rest of the World","XDF",6]
["PCP.H.BG.W0.W1.CP0.1.2000.R.PCS_ALL.12._X._Z.N.XDF","H","BG","W0","W1","CP0",1,"2000","R","PCS_ALL","12","_X","_Z","N","XDF","2023-S2",0,"P",false,null,null,"P6M",{"$nulls":4},"S",null,null,3,null,"Total value of card payment with a delayed debit card, sent - issuer location: Bulgaria, POS location: Rest of the World","Total value of card payment with a delayed debit card, sent - issuer location: Bulgaria, POS location: Rest of the World","XDF",6]
["PCP.H.BG.W1.W0.CP0.1.2000.R.PCS_ALL._Z.209._Z.N.XDF","H","BG","W1","W0","CP0",1,"2000","R","PCS_ALL","_Z","209","_Z","N","XDF","2023-S1",467.38536566,"A",false,null,null,"P6M",{"$nulls":4},"S",null,null,3,null,"Value of card paymentelectronic, sent - SCA: non-sca: merchant initiated transaction, issuer location: Bulgaria, acquirer location: Rest of the World, POS location: world","Value of card paymentelectronic, sent - SCA: non-sca: merchant initiated transaction, issuer location: Bulgaria, acquirer location: Rest of the World, POS location: world","XDF",6]
["PCP.H.BG.W1.W0.CP0.1.2000.R.PCS_ALL._Z.209._Z.N.XDF","H","BG","W1","W0","CP0",1,"2000","R","PCS_ALL","_Z","209","_Z","N","XDF","2023-S2",465.1622103600001,"P",false,null,null,"P6M",{"$nulls":4},"S",null,null,3,null,"Value of card paymentelectronic, sent - SCA: non-sca: merchant initiated transaction, issuer location: Bulgaria, acquirer location: Rest of the World, POS location: world","Value of card paymentelectronic, sent - SCA: non-sca: merchant initiated transaction, issuer location: Bulgaria, acquirer location: Rest of the World, POS location: world","XDF",6]
["PCP.H.BG.W1.W0.CP0.2.2229.NR.PCS_ALL._Z._X._Z.N.PN","H","BG","W1","W0","CP0",2,"2229","NR","PCS_ALL","_Z","_X","_Z","N","PN","2023-S1",4.163177,"A",false,null,null,"P6M",{"$nulls":4},"S",null,null,3,null,"Number of card payment, initiated at other electronic channel, received - SCA: , acquirer location: Bulgaria, issuer location: Rest of the World, POS location: world","Number of card payment, initiated at other electronic channel, received - SCA: , acquirer location: Bulgaria, issuer location: Rest of the World, POS location: world","PN",6]
["PCP.H.BG.W1.W0.CP0.2.2229.NR.PCS_ALL._Z._X._Z.N.PN","H","BG","W1","W0","CP0",2,"2229","NR","PCS_ALL","_Z","_X","_Z","N","PN","2023-S2",5.814114000000001,"P",false,null,null,"P6M",{"$nulls":4},"S",null,null,3,null,"Number of card payment, initiated at other electronic channel, received - SCA: , acquirer location: Bulgaria, issuer location: Rest of the World, POS location: world","Number of card payment, initiated at other electronic channel, received - SCA: , acquirer location: Bulgaria, issuer location: Rest of the World, POS location: world","PN",6]
["PCP.H.BG.W2.G1.CP0.2.2000.NR.PCS_ALL._Z.205._Z.N.XDF","H","BG","W2","G1","CP0",2,"2000","NR","PCS_ALL","_Z","205","_Z","N","XDF","2023-S1",null,"Q",false,null,null,"P6M",{"$nulls":4},"S",null,null,3,null,"Value of card paymentelectronic, received - SCA: non-sca: recurring transaction, acquirer location: Bulgaria, issuer location: domestic, POS location: outside EEA","Value of card paymentelectronic, received - SCA: non-sca: recurring transaction, acquirer location: Bulgaria, issuer location: domestic, POS location: outside EEA","XDF",6]
["PCP.H.BG.W2.G1.CP0.2.2000.NR.PCS_ALL._Z.205._Z.N.XDF","H","BG","W2","G1","CP0",2,"2000","NR","PCS_ALL","_Z","205","_Z","N","XDF","2023-S2",null,"Q",false,null,null,"P6M",{"$nulls":4},"S",null,null,3,null,"Value of card paymentelectronic, received - SCA: non-sca: recurring transaction, acquirer location: Bulgaria, issuer location: domestic, POS location: outside EEA","Value of card paymentelectronic, received - SCA: non-sca: recurring transaction, acquirer location: Bulgaria, issuer location: domestic, POS location: outside EEA","XDF",6]
["PCP.H.BG.W2.W0.CP0.1.2223.NR.PCS_ALL._Z._X._Z.N.XDF","H","BG","W2","W0","CP0",1,"2223","NR","PCS_ALL","_Z","_X","_Z","N","XDF","2023-S1",6335.418850790001,"A",false,null,null,"P6M",{"$nulls":4},"S",null,null,3,null,"Value of card payment, initiated at eftpos, sent - SCA: , issuer location: Bulgaria, acquirer location: domestic, POS location: world","Value of card payment, initiated at eftpos, sent - SCA: , issuer location: Bulgaria, acquirer location: domestic, POS location: world","XDF",6]
["PCP.H.BG.W2.W0.CP0.1.2223.NR.PCS_ALL._Z._X._Z.N.XDF","H","BG","W2","W0","CP0",1,"2223","NR","PCS_ALL","_Z","_X","_Z","N","XDF","2023-S2",6784.07552048,"P",false,null,null,"P6M",{"$nulls":4},"S",null,null,3,null,"Value of card payment, initiated at eftpos, sent - SCA: , issuer location: Bulgaria, acquirer location: domestic, POS location: world","Value of card payment, initiated at eftpos, sent - SCA: , issuer location: Bulgaria, acquirer location: domestic, POS location: world","XDF",6]
["PCP.H.BG.W2.W1.CP0.2.2000.R.PCS_ALL.13._X._Z.N.XDF","H","BG","W2","W1","CP0",2,"2000","R","PCS_ALL","13","_X","_Z","N","XDF","2023-S1",0.27276282,"A",false,null,null,"P6M",{"$nulls":4},"S",null,null,3,null,"Value of card payment,with a credit card, received - acquirer location: Bulgaria, issuer location: domestic, POS location: Rest of the World","Value of card payment,with a credit card, received - acquirer location: Bulgaria, issuer location: domestic, POS location: Rest of the World","XDF",6]
["PCP.H.BG.W2.W1.CP0.2.2000.R.PCS_ALL.13._X._Z.N.XDF","H","BG","W2","W1","CP0",2,"2000","R","PCS_ALL","13","_X","_Z","N","XDF","2023-S2",3.01285581,"P",false,null,null,"P6M",{"$nulls":4},"S",null,null,3,null,"Value of card payment,with a credit card, received - acquirer location: Bulgaria, issuer location: domestic, POS location: Rest of the World","Value of card payment,with a credit card, received - acquirer location: Bulgaria, issuer location: domestic, POS location: Rest of the World","XDF",6]
["PCP.H.BG.W2.W2.CP0.1.2000.NR.PCS_ALL.13._X._Z.N.XDF","H","BG","W2","W2","CP0",1,"2000","NR","PCS_ALL","13","_X","_Z","N","XDF","2023-S1",1382.23243732,"A",false,null,null,"P6M",{"$nulls":4},"S",null,null,3,null,"Value of card payment with a credit card, sent - issuer location: Bulgaria, acquirer location: domestic, POS location: domestic","Value of card payment with a credit card, sent - issuer location: Bulgaria, acquirer location: domestic, POS location: domestic","XDF",6]
["PCP.H.BG.W2.W2.CP0.1.2000.NR.PCS_ALL.13._X._Z.N.XDF","H","BG","W2","W2","CP0",1,"2000","NR","PCS_ALL","13","_X","_Z","N","XDF","2023-S2",1129.06578222,"P",false,null,null,"P6M",{"$nulls":4},"S",null,null,3,null,"Value of card payment with a credit card, sent - issuer location: Bulgaria, acquirer location: domestic, POS location: domestic","Value of card payment with a credit card, sent - issuer location: Bulgaria, acquirer location: domestic, POS location: domestic","XDF",6]
["PCP.H.CY.G1.G1.CP0.2.2000.R.PCS_ALL._Z.205._Z.N.PN","H","CY","G1","G1","CP0",2,"2000","R","PCS_ALL","_Z","205","_Z","N","PN","2022-S1",null,"Q",false,null,null,"P6M",{"$nulls":4},"S",null,null,3,null,"Number of card paymentelectronic, received - SCA: non-sca: recurring transaction, acquirer location: Cyprus, issuer location: outside EEA, POS location: outside EEA","Number of card paymentelectronic, received - SCA: non-sca: recurring transaction, acquirer location: Cyprus, issuer location: outside EEA, POS location: outside EEA","PN",6]
["PCP.H.CY.G1.G1.CP0.2.2000.R.PCS_ALL._Z.205._Z.N.PN","H","CY","G1","G1","CP0",2,"2000","R","PCS_ALL","_Z","205","_Z","N","PN","2022-S2",null,"Q",false,null,null,"P6M",{"$nulls":4},"S",null,null,3,null,"Number of card paymentelectronic, received - SCA: non-sca: recurring transaction, acquirer location: Cyprus, issuer location: outside EEA, POS location: outside EEA","Number of card paymentelectronic, received - SCA: non-sca: recurring transaction, acquirer location: Cyprus, issuer location: outside EEA, POS location: outside EEA","PN",6]
["PCP.H.CY.G1.G1.CP0.2.2000.R.PCS_ALL._Z.205._Z.N.PN","H","CY","G1","G1","CP0",2,"2000","R","PCS_ALL","_Z","205","_Z","N","PN","2023-S1",null,"Q",false,null,null,"P6M",{"$nulls":4},"S",null,null,3,null,"Number of card paymentelectronic, received - SCA: non-sca: recurring transaction, acquirer location: Cyprus, issuer location: outside EEA, POS location: outside EEA","Number of card paymentelectronic, received - SCA: non-sca: recurring transaction, acquirer location: Cyprus, issuer location: outside EEA, POS location: outside EEA","PN",6]
["PCP.H.CY.G1.G1.CP0.2.2000.R.PCS_ALL._Z.205._Z.N.PN","H","CY","G1","G1","CP0",2,"2000","R","PCS_ALL","_Z","205","_Z","N","PN","2023-S2",null,"Q",false,null,null,"P6M",{"$nulls":4},"S",null,null,3,null,"Number of card paymentelectronic, received - SCA: non-sca: recurring transaction, acquirer location: Cyprus, issuer location: outside EEA, POS location: outside EEA","Number of card paymentelectronic, received - SCA: non-sca: recurring transaction, acquirer location: Cyprus, issuer location: outside EEA, POS location: outside EEA","PN",6]
["PCP.H.CY.G1.W1.CP0.1.2000.R.PCS_ALL.13._X._Z.N.PN","H","CY","G1","W1","CP0",1,"2000","R","PCS_ALL","13","_X","_Z","N","PN","2022-S1",0.453012,"A",false,null,null,"P6M",{"$nulls":4},"S",null,null,3,null,"Number of card payment with a credit card, sent - issuer location: Cyprus, acquirer location: outside EEA, POS location: Rest of the World","Number of card payment with a credit card, sent - issuer location: Cyprus, acquirer location: outside EEA, POS location: Rest of the World","PN",6]
["PCP.H.CY.G1.W1.CP0.1.2000.R.PCS_ALL.13._X._Z.N.PN","H","CY","G1","W1","CP0",1,"2000","R","PCS_ALL","13","_X","_Z","N","PN","2022-S2",0.600367,"A",false,null,null,"P6M",{"$nulls":4},"S",null,null,3,null,"Number of card payment with a credit card, sent - issuer location: Cyprus, acquirer location: outside EEA, POS location: Rest of the World","Number of card payment with a credit card, sent - issuer location: Cyprus, acquirer location: outside EEA, POS location: Rest of the World","PN",6]
["PCP.H.CY.G1.W1.CP0.1.2000.R.PCS_ALL.13._X._Z.N.PN","H","CY","G1","W1","CP0",1,"2000","R","PCS_ALL","13","_X","_Z","N","PN","2023-S1",0.850978,"A",false,null,null,"P6M",{"$nulls":4},"S",null,null,3,null,"Number of card payment with a credit card, sent - issuer location: Cyprus, acquirer location: outside EEA, POS location: Rest of the World","Number of card payment with a credit card, sent - issuer location: Cyprus, acquirer location: outside EEA, POS location: Rest of the World","PN",6]
["PCP.H.CY.G1.W1.CP0.1.2000.R.PCS_ALL.13._X._Z.N.PN","H","CY","G1","W1","CP0",1,"2000","R","PCS_ALL","13","_X","_Z","N","PN","2023-S2",0.737327,"P",false,null,null,"P6M",{"$nulls":4},"S",null,null,3,null,"Number of card payment with a credit card, sent - issuer location: Cyprus, acquirer location: outside EEA, POS location: Rest of the World","Number of card payment with a credit card, sent - issuer location: Cyprus, acquirer location: outside EEA, POS location: Rest of the World","PN",6]
["PCP.H.CY.G3.G1.CP0.2.2000.NR.PCS_ALL.12._X._Z.N.PN","H","CY","G3","G1","CP0",2,"2000","NR","PCS_ALL","12","_X","_Z","N","PN","2022-S1",0,"A",false,null,null,"P6M",{"$nulls":4},"S",null,null,3,null,"Number of card payment,with a delayed debit card, received - acquirer location: Cyprus, issuer location: other EEA countries, POS location: outside EEA","Number of card payment,with a delayed debit card, received - acquirer location: Cyprus, issuer location: other EEA countries, POS location: outside EEA","PN",6]
["PCP.H.CY.G3.G1.CP0.2.2000.NR.PCS_ALL.12._X._Z.N.PN","H","CY","G3","G1","CP0",2,"2000","NR","PCS_ALL","12","_X","_Z","N","PN","2022-S2",0,"A",false,null,null,"P6M",{"$nulls":4},"S",null,null,3,null,"Number of card payment,with a delayed debit card, received - acquirer location: Cyprus, issuer location: other EEA countries, POS location: outside EEA","Number of card payment,with a delayed debit card, received - acquirer location: Cyprus, issuer location: other EEA countries, POS location: outside EEA","PN",6]
["PCP.H.CY.G3.G1.CP0.2.2000.NR.PCS_ALL.12._X._Z.N.PN","H","CY","G3","G1","CP0",2,"2000","NR","PCS_ALL","12","_X","_Z","N","PN","2023-S1",0,"A",false,null,null,"P6M",{"$nulls":4},"S",null,null,3,null,"Number of card payment,with a delayed debit card, received - acquirer location: Cyprus, issuer location: other EEA countries, POS location: outside EEA","Number of card payment,with a delayed debit card, received - acquirer location: Cyprus, issuer location: other EEA countries, POS location: outside EEA","PN",6]
["PCP.H.CY.G3.G1.CP0.2.2000.NR.PCS_ALL.12._X._Z.N.PN","H","CY","G3","G1","CP0",2,"2000","NR","PCS_ALL","12","_X","_Z","N","PN","2023-S2",0,"P",false,null,null,"P6M",{"$nulls":4},"S",null,null,3,null,"Number of card payment,with a delayed debit card, received - acquirer location: Cyprus, issuer location: other EEA countries, POS location: outside EEA","Number of card payment,with a delayed debit card, received - acquirer location: Cyprus, issuer location: other EEA countries, POS location: outside EEA","PN",6]
["PCP.H.CY.G3.W1.CP0.1.2000.NR.PCS_ALL._Z.200._Z.N.PN","H","CY","G3","W1","CP0",1,"2000","NR","PCS_ALL","_Z","200","_Z","N","PN","2022-S1",2.686337,"A",false,null,null,"P6M",{"$nulls":4},"S",null,null,3,null,"Number of card paymentelectronic, sent - SCA: non-sca, issuer location: Cyprus, acquirer location: other EEA countries, POS location: Rest of the World","Number of card paymentelectronic, sent - SCA: non-sca, issuer location: Cyprus, acquirer location: other EEA countries, POS location: Rest of the World","PN",6]
["PCP.H.CY.G3.W1.CP0.1.2000.NR.PCS_ALL._Z.200._Z.N.PN","H","CY","G3","W1","CP0",1,"2000","NR","PCS_ALL","_Z","200","_Z","N","PN","2022-S2",3.69359,"A",false,null,null,"P6M",{"$nulls":4},"S",null,null,3,null,"Number of card paymentelectronic, sent - SCA: non-sca, issuer location: Cyprus, acquirer location: other EEA countries, POS location: Rest of the World","Number of card paymentelectronic, sent - SCA: non-sca, issuer location: Cyprus, acquirer location: other EEA countries, POS location: Rest of the World","PN",6]
["PCP.H.CY.G3.W1.CP0.1.2000.NR.PCS_ALL._Z.200._Z.N.PN","H","CY","G3","W1","CP0",1,"2000","NR","PCS_ALL","_Z","200","_Z","N","PN","2023-S1",3.160036000000001,"A",false,null,null,"P6M",{"$nulls":4},"S",null,null,3,null,"Number of card paymentelectronic, sent - SCA: non-sca, issuer location: Cyprus, acquirer location: other EEA countries, POS location: Rest of the World","Number of card paymentelectronic, sent - SCA: non-sca, issuer location: Cyprus, acquirer location: other EEA countries, POS location: Rest of the World","PN",6]
["PCP.H.CY.G3.W1.CP0.1.2000.NR.PCS_ALL._Z.200._Z.N.PN","H","CY","G3","W1","CP0",1,"2000","NR","PCS_ALL","_Z","200","_Z","N","PN","2023-S2",4.038199,"P",false,null,null,"P6M",{"$nulls":4},"S",null,null,3,null,"Number of card paymentelectronic, sent - SCA: non-sca, issuer location: Cyprus, acquirer location: other EEA countries, POS location: Rest of the World","Number of card paymentelectronic, sent - SCA: non-sca, issuer location: Cyprus, acquirer location: other EEA countries, POS location: Rest of the World","PN",6]
["PCP.H.CY.W0.W0.CP0.1.2000.NR.PCS_ALL.13._X._Z.N.EUR_R_CP0","H","CY","W0","W0","CP0",1,"2000","NR","PCS_ALL","13","_X","_Z","N","EUR_R_CP0","2022-S1",8.867284515321854,"A",false,null,null,"P6M",{"$nulls":4},"S",null,null,2,null,"Total value; ratio to total card payments of card payment with a credit card, sent - issuer location: Cyprus, POS location: world","Total value; ratio to total card payments of card payment with a credit card, sent - issuer location: Cyprus, POS location: world","EUR_R_CP0",0]
["PCP.H.CY.W0.W0.CP0.1.2000.NR.PCS_ALL.13._X._Z.N.EUR_R_CP0","H","CY","W0","W0","CP0",1,"2000","NR","PCS_ALL","13","_X","_Z","N","EUR_R_CP0","2022-S2",8.905672572988676,"A",false,null,null,"P6M",{"$nulls":4},"S",null,null,2,null,"Total value; ratio to total card payments of card payment with a credit card, sent - issuer location: Cyprus, POS location: world","Total value; ratio to total card payments of card payment with a credit card, sent - issuer location: Cyprus, POS location: world","EUR_R_CP0",0]
["PCP.H.CY.W0.W0.CP0.2.2000.NR.PCS_ALL._Z._X._Z.N.PN","H","CY","W0","W0","CP0",2,"2000","NR","PCS_ALL","_Z","_X","_Z","N","PN","2022-S1",163.482053,"A",false,null,null,"P6M",{"$nulls":4},"S",null,null,3,null,"Total number of card paymentelectronic, received - SCA: , acquirer location: Cyprus, POS location: world","Total number of card paymentelectronic, received - SCA: , acquirer location: Cyprus, POS location: world","PN",6]
["PCP.H.CY.W0.W0.CP0.2.2000.NR.PCS_ALL._Z._X._Z.N.PN","H","CY","W0","W0","CP0",2,"2000","NR","PCS_ALL","_Z","_X","_Z","N","PN","2022-S2",204.775423,"A",false,null,null,"P6M",{"$nulls":4},"S",null,null,3,null,"Total number of card paymentelectronic, received - SCA: , acquirer location: Cyprus, POS location: world","Total number of card paymentelectronic, received - SCA: , acquirer location: Cyprus, POS location: world","PN",6]
["PCP.H.CY.W0.W0.CP0.2.2000.NR.PCS_ALL._Z._X._Z.N.PN","H","CY","W0","W0","CP0",2,"2000","NR","PCS_ALL","_Z","_X","_Z","N","PN","2023-S1",199.726321,"A",false,null,null,"P6M",{"$nulls":4},"S",null,null,3,null,"Total number of card paymentelectronic, received - SCA: , acquirer location: Cyprus, POS location: world","Total number of card paymentelectronic, received - SCA: , acquirer location: Cyprus, POS location: world","PN",6]
["PCP.H.CY.W0.W0.CP0.2.2000.NR.PCS_ALL._Z._X._Z.N.PN","H","CY","W0","W0","CP0",2,"2000","NR","PCS_ALL","_Z","_X","_Z","N","PN","2023-S2",223.090665,"P",false,null,null,"P6M",{"$nulls":4},"S",null,null,3,null,"Total number of card paymentelectronic, received - SCA: , acquirer location: Cyprus, POS location: world","Total number of card paymentelectronic, received - SCA: , acquirer location: Cyprus, POS location: world","PN",6]
["PCP.H.CY.W1.G1.CP0.1.2000.R.PCS_ALL.12._X._Z.N.PN","H","CY","W1","G1","CP0",1,"2000","R","PCS_ALL","12","_X","_Z","N","PN","2022-S1",0.024854,"A",false,null,null,"P6M",{"$nulls":4},"S",null,null,3,null,"Number of card payment with a delayed debit card, sent - issuer location: Cyprus, acquirer location: Rest of the World, POS location: outside EEA","Number of card payment with a delayed debit card, sent - issuer location: Cyprus, acquirer location: Rest of the World, POS location: outside EEA","PN",6]
["PCP.H.CY.W1.G1.CP0.1.2000.R.PCS_ALL.12._X._Z.N.PN","H","CY","W1","G1","CP0",1,"2000","R","PCS_ALL","12","_X","_Z","N","PN","2022-S2",0.035334,"A",false,null,null,"P6M",{"$nulls":4},"S",null,null,3,null,"Number of card payment with a delayed debit card, sent - issuer location: Cyprus, acquirer location: Rest of the World, POS location: outside EEA","Number of card payment with a delayed debit card, sent - issuer location: Cyprus, acquirer location: Rest of the World, POS location: outside EEA","PN",6]
["PCP.H.CY.W1.G1.CP0.1.2000.R.PCS_ALL.12._X._Z.N.PN","H","CY","W1","G1","CP0",1,"2000","R","PCS_ALL","12","_X","_Z","N","PN","2023-S1",0.031937,"A",false,null,null,"P6M",{"$nulls":4},"S",null,null,3,null,"Number of card payment with a delayed debit card, sent - issuer location: Cyprus, acquirer location: Rest of the World, POS location: outside EEA","Number of card payment with a delayed debit card, sent - issuer location: Cyprus, acquirer location: Rest of the World, POS location: outside EEA","PN",6]
["PCP.H.CY.W1.G1.CP0.1.2000.R.PCS_ALL.12._X._Z.N.PN","H","CY","W1","G1","CP0",1,"2000","R","PCS_ALL","12","_X","_Z","N","PN","2023-S2",0.032117,"P",false,null,null,"P6M",{"$nulls":4},"S",null,null,3,null,"Number of card payment with a delayed debit card, sent - issuer location: Cyprus, acquirer location: Rest of the World, POS location: outside EEA","Number of card payment with a delayed debit card, sent - issuer location: Cyprus, acquirer location: Rest of the World, POS location: outside EEA","PN",6]
["PCP.H.CY.W2.G1.CP0.2.2000.NR.PCS_ALL.11._X._Z.N.EUR","H","CY","W2","G1","CP0",2,"2000","NR","PCS_ALL","11","_X","_Z","N","EUR","2022-S1",0.0775571,"A",false,null,null,"P6M",{"$nulls":4},"S",null,null,3,null,"Value of card payment,with a debit card, received - acquirer location: Cyprus, issuer location: domestic, POS location: outside EEA","Value of card payment,with a debit card, received - acquirer location: Cyprus, issuer location: domestic, POS location: outside EEA","EUR",6]
["PCP.H.CY.W2.G1.CP0.2.2000.NR.PCS_ALL.11._X._Z.N.EUR","H","CY","W2","G1","CP0",2,"2000","NR","PCS_ALL","11","_X","_Z","N","EUR","2022-S2",0.097167,"A",false,null,null,"P6M",{"$nulls":4},"S",null,null,3,null,"Value of card payment,with a debit card, received - acquirer location: Cyprus, issuer location: domestic, POS location: outside EEA","Value of card payment,with a debit card, received - acquirer location: Cyprus, issuer location: domestic, POS location: outside EEA","EUR",6]
["PCP.H.CY.W2.G1.CP0.2.2000.NR.PCS_ALL.11._X._Z.N.EUR","H","CY","W2","G1","CP0",2,"2000","NR","PCS_ALL","11","_X","_Z","N","EUR","2023-S1",0.0977584,"A",false,null,null,"P6M",{"$nulls":4},"S",null,null,3,null,"Value of card payment,with a debit card, received - acquirer location: Cyprus, issuer location: domestic, POS location: outside EEA","Value of card payment,with a debit card, received - acquirer location: Cyprus, issuer location: domestic, POS location: outside EEA","EUR",6]
["PCP.H.CY.W2.G1.CP0.2.2000.NR.PCS_ALL.11._X._Z.N.EUR","H","CY","W2","G1","CP0",2,"2000","NR","PCS_ALL","11","_X","_Z","N","EUR","2023-S2",0.11982,"P",false,null,null,"P6M",{"$nulls":4},"S",null,null,3,null,"Value of card payment,with a debit card, received - acquirer location: Cyprus, issuer location: domestic, POS location: outside EEA","Value of card payment,with a debit card, received - acquirer location: Cyprus, issuer location: domestic, POS location: outside EEA","EUR",6]
["PCP.H.CY.W2.G3.CP0.2.2000.R.PCS_ALL._Z.205._Z.N.PN","H","CY","W2","G3","CP0",2,"2000","R","PCS_ALL","_Z","205","_Z","N","PN","2022-S1",0.001399,"A",false,null,null,"P6M",{"$nulls":4},"S",null,null,3,null,"Number of card paymentelectronic, received - SCA: non-sca: recurring transaction, acquirer location: Cyprus, issuer location: domestic, POS location: other EEA countries","Number of card paymentelectronic, received - SCA: non-sca: recurring transaction, acquirer location: Cyprus, issuer location: domestic, POS location: other EEA countries","PN",6]
["PCP.H.CY.W2.G3.CP0.2.2000.R.PCS_ALL._Z.205._Z.N.PN","H","CY","W2","G3","CP0",2,"2000","R","PCS_ALL","_Z","205","_Z","N","PN","2022-S2",0.000212,"A",false,null,null,"P6M",{"$nulls":4},"S",null,null,3,null,"Number of card paymentelectronic, received - SCA: non-sca: recurring transaction, acquirer location: Cyprus, issuer location: domestic, POS location: other EEA countries","Number of card paymentelectronic, received - SCA: non-sca: recurring transaction, acquirer location: Cyprus, issuer location: domestic, POS location: other EEA countries","PN",6]
["PCP.H.CY.W2.G3.CP0.2.2000.R.PCS_ALL._Z.205._Z.N.PN","H","CY","W2","G3","CP0",2,"2000","R","PCS_ALL","_Z","205","_Z","N","PN","2023-S1",0.0003760000000000001,"A",false,null,null,"P6M",{"$nulls":4},"S",null,null,3,null,"Number of card paymentelectronic, received - SCA: non-sca: recurring transaction, acquirer location: Cyprus, issuer location: domestic, POS location: other EEA countries","Number of card paymentelectronic, received - SCA: non-sca: recurring transaction, acquirer location: Cyprus, issuer location: domestic, POS location: other EEA countries","PN",6]
["PCP.H.CY.W2.G3.CP0.2.2000.R.PCS_ALL._Z.205._Z.N.PN","H","CY","W2","G3","CP0",2,"2000","R","PCS_ALL","_Z","205","_Z","N","PN","2023-S2",0.000226,"P",false,null,null,"P6M",{"$nulls":4},"S",null,null,3,null,"Number of card paymentelectronic, received - SCA: non-sca: recurring transaction, acquirer location: Cyprus, issuer location: domestic, POS location: other EEA countries","Number of card paymentelectronic, received - SCA: non-sca: recurring transaction, acquirer location: Cyprus, issuer location: domestic, POS location: other EEA countries","PN",6]
["PCP.H.CY.W2.W1.CP0.1.2000.R.PCS_ALL._Z.204._Z.N.EUR","H","CY","W2","W1","CP0",1,"2000","R","PCS_ALL","_Z","204","_Z","N","EUR","2022-S1",0,"A",false,null,null,"P6M",{"$nulls":4},"S",null,null,3,null,"Value of card paymentelectronic, sent - SCA: non-sca: trusted beneficiaries, issuer location: Cyprus, acquirer location: domestic, POS location: Rest of the World","Value of card paymentelectronic, sent - SCA: non-sca: trusted beneficiaries, issuer location: Cyprus, acquirer location: domestic, POS location: Rest of the World","EUR",6]
["PCP.H.CY.W2.W1.CP0.1.2000.R.PCS_ALL._Z.204._Z.N.EUR","H","CY","W2","W1","CP0",1,"2000","R","PCS_ALL","_Z","204","_Z","N","EUR","2022-S2",0,"A",false,null,null,"P6M",{"$nulls":4},"S",null,null,3,null,"Value of card paymentelectronic, sent - SCA: non-sca: trusted beneficiaries, issuer location: Cyprus, acquirer location: domestic, POS location: Rest of the World","Value of card paymentelectronic, sent - SCA: non-sca: trusted beneficiaries, issuer location: Cyprus, acquirer location: domestic, POS location: Rest of the World","EUR",6]
["PCP.H.CY.W2.W1.CP0.1.2000.R.PCS_ALL._Z.204._Z.N.EUR","H","CY","W2","W1","CP0",1,"2000","R","PCS_ALL","_Z","204","_Z","N","EUR","2023-S1",0,"A",false,null,null,"P6M",{"$nulls":4},"S",null,null,3,null,"Value of card paymentelectronic, sent - SCA: non-sca: trusted beneficiaries, issuer location: Cyprus, acquirer location: domestic, POS location: Rest of the World","Value of card paymentelectronic, sent - SCA: non-sca: trusted beneficiaries, issuer location: Cyprus, acquirer location: domestic, POS location: Rest of the World","EUR",6]
["PCP.H.CY.W2.W1.CP0.1.2000.R.PCS_ALL._Z.204._Z.N.EUR","H","CY","W2","W1","CP0",1,"2000","R","PCS_ALL","_Z","204","_Z","N","EUR","2023-S2",0,"P",false,null,null,"P6M",{"$nulls":4},"S",null,null,3,null,"Value of card paymentelectronic, sent - SCA: non-sca: trusted beneficiaries, issuer location: Cyprus, acquirer location: domestic, POS location: Rest of the World","Value of card paymentelectronic, sent - SCA: non-sca: trusted beneficiaries, issuer location: Cyprus, acquirer location: domestic, POS location: Rest of the World","EUR",6]
["PCP.H.CZ.G1.W1.CW1.1._T._T.PCS_ALL.12._X._Z.N.PN","H","CZ","G1","W1","CW1",1,"_T","_T","PCS_ALL","12","_X","_Z","N","PN","2022-S1",8.7E-05,"A",false,null,null,"P6M",{"$nulls":4},"S",null,null,3,null,"Number of cash withdrawal using cards with a delayed debit card, sent - issuer location: Czech Republic, acquirer location: outside EEA, terminal location: Rest of the World","Number of cash withdrawal using cards with a delayed debit card, sent - issuer location: Czech Republic, acquirer location: outside EEA, terminal location: Rest of the World","PN",6]
["PCP.H.CZ.G1.W1.CW1.1._T._T.PCS_ALL.12._X._Z.N.PN","H","CZ","G1","W1","CW1",1,"_T","_T","PCS_ALL","12","_X","_Z","N","PN","2022-S2",0.000209,"A",false,null,null,"P6M",{"$nulls":4},"S",null,null,3,null,"Number of cash withdrawal using cards with a delayed debit card, sent - issuer location: Czech Republic, acquirer location: outside EEA, terminal location: Rest of the World","Number of cash withdrawal using cards with a delayed debit card, sent - issuer location: Czech Republic, acquirer location: outside EEA, terminal location: Rest of the World","PN",6]
["PCP.H.CZ.G1.W1.CW1.1._T._T.PCS_ALL.12._X._Z.N.PN","H","CZ","G1","W1","CW1",1,"_T","_T","PCS_ALL","12","_X","_Z","N","PN","2023-S1",8.800000000000001E-05,"A",false,null,null,"P6M",{"$nulls":4},"S",null,null,3,null,"Number of cash withdrawal using cards with a delayed debit card, sent - issuer location: Czech Republic, acquirer location: outside EEA, terminal location: Rest of the World","Number of cash withdrawal using cards with a delayed debit card, sent - issuer location: Czech Republic, acquirer location: outside EEA, terminal location: Rest of the World","PN",6]
["PCP.H.CZ.G1.W1.CW1.1._T._T.PCS_ALL.12._X._Z.N.PN","H","CZ","G1","W1","CW1",1,"_T","_T","PCS_ALL","12","_X","_Z","N","PN","2023-S2",7.000000000000001E-05,"P",false,null,null,"P6M",{"$nulls":4},"S",null,null,3,null,"Number of cash withdrawal using cards with a delayed debit card, sent - issuer location: Czech Republic, acquirer location: outside EEA, terminal location: Rest of the World","Number of cash withdrawal using cards with a delayed debit card, sent - issuer location: Czech Republic, acquirer location: outside EEA, terminal location: Rest of the World","PN",6]
["PCP.H.CZ.G1.W2.CP0.2.2000.R.PCS_ALL.12._X._Z.N.PN","H","CZ","G1","W2","CP0",2,"2000","R","PCS_ALL","12","_X","_Z","N","PN","2022-S1",0.000138,"A",false,null,null,"P6M",{"$nulls":4},"S",null,null,3,null,"Number of card payment,with a delayed debit card, received - acquirer location: Czech Republic, issuer location: outside EEA, POS location: domestic","Number of card payment,with a delayed debit card, received - acquirer location: Czech Republic, issuer location: outside EEA, POS location: domestic","PN",6]
["PCP.H.CZ.G1.W2.CP0.2.2000.R.PCS_ALL.12._X._Z.N.PN","H","CZ","G1","W2","CP0",2,"2000","R","PCS_ALL","12","_X","_Z","N","PN","2022-S2",0.000209,"A",false,null,null,"P6M",{"$nulls":4},"S",null,null,3,null,"Number of card payment,with a delayed debit card, received - acquirer location: Czech Republic, issuer location: outside EEA, POS location: domestic","Number of card payment,with a delayed debit card, received - acquirer location: Czech Republic, issuer location: outside EEA, POS location: domestic","PN",6]
["PCP.H.CZ.G1.W2.CP0.2.2000.R.PCS_ALL.12._X._Z.N.PN","H","CZ","G1","W2","CP0",2,"2000","R","PCS_ALL","12","_X","_Z","N","PN","2023-S1",0.000223,"A",false,null,null,"P6M",{"$nulls":4},"S",null,null,3,null,"Number of card payment,with a delayed debit card, received - acquirer location: Czech Republic, issuer location: outside EEA, POS location: domestic","Number of card payment,with a delayed debit card, received - acquirer location: Czech Republic, issuer location: outside EEA, POS location: domestic","PN",6]
["PCP.H.CZ.G1.W2.CP0.2.2000.R.PCS_ALL.12._X._Z.N.PN","H","CZ","G1","W2","CP0",2,"2000","R","PCS_ALL","12","_X","_Z","N","PN","2023-S2",0.000193,"P",false,null,null,"P6M",{"$nulls":4},"S",null,null,3,null,"Number of card payment,with a delayed debit card, received - acquirer location: Czech Republic, issuer location: outside EEA, POS location: domestic","Number of card payment,with a delayed debit card, received - acquirer location: Czech Republic, issuer location: outside EEA, POS location: domestic","PN",6]
["PCP.H.CZ.G3.G1.CP0.2.2000.R.PCS_ALL._Z.205._Z.N.XDF","H","CZ","G3","G1","CP0",2,"2000","R","PCS_ALL","_Z","205","_Z","N","XDF","2022-S1",29403.995327,"A",false,null,null,"P6M",{"$nulls":4},"S",null,null,3,null,"Value of card paymentelectronic, received - SCA: non-sca: recurring transaction, acquirer location: Czech Republic, issuer location: other EEA countries, POS location: outside EEA","Value of card paymentelectronic, received - SCA: non-sca: recurring transaction, acquirer location: Czech Republic, issuer location: other EEA countries, POS location: outside EEA","XDF",6]
["PCP.H.CZ.G3.G1.CP0.2.2000.R.PCS_ALL._Z.205._Z.N.XDF","H","CZ","G3","G1","CP0",2,"2000","R","PCS_ALL","_Z","205","_Z","N","XDF","2022-S2",24435.013566,"A",false,null,null,"P6M",{"$nulls":4},"S",null,null,3,null,"Value of card paymentelectronic, received - SCA: non-sca: recurring transaction, acquirer location: Czech Republic, issuer location: other EEA countries, POS location: outside EEA","Value of card paymentelectronic, received - SCA: non-sca: recurring transaction, acquirer location: Czech Republic, issuer location: other EEA countries, POS location: outside EEA","XDF",6]
["PCP.H.CZ.G3.G1.CP0.2.2000.R.PCS_ALL._Z.205._Z.N.XDF","H","CZ","G3","G1","CP0",2,"2000","R","PCS_ALL","_Z","205","_Z","N","XDF","2023-S1",15850.307633,"A",false,null,null,"P6M",{"$nulls":4},"S",null,null,3,null,"Value of card paymentelectronic, received - SCA: non-sca: recurring transaction, acquirer location: Czech Republic, issuer location: other EEA countries, POS location: outside EEA","Value of card paymentelectronic, received - SCA: non-sca: recurring transaction, acquirer location: Czech Republic, issuer location: other EEA countries, POS location: outside EEA","XDF",6]
["PCP.H.CZ.G3.G1.CP0.2.2000.R.PCS_ALL._Z.205._Z.N.XDF","H","CZ","G3","G1","CP0",2,"2000","R","PCS_ALL","_Z","205","_Z","N","XDF","2023-S2",15080.71548028,"P",false,null,null,"P6M",{"$nulls":4},"S",null,null,3,null,"Value of card paymentelectronic, received - SCA: non-sca: recurring transaction, acquirer location: Czech Republic, issuer location: other EEA countries, POS location: outside EEA","Value of card paymentelectronic, received - SCA: non-sca: recurring transaction, acquirer location: Czech Republic, issuer location: other EEA countries, POS location: outside EEA","XDF",6]
["PCP.H.CZ.G3.W1.CP0.2.2223.NR.PCS_ALL._Z._X._Z.N.PN","H","CZ","G3","W1","CP0",2,"2223","NR","PCS_ALL","_Z","_X","_Z","N","PN","2022-S1",8.204445,"A",false,null,null,"P6M",{"$nulls":4},"S",null,null,3,null,"Number of card payment, initiated at eftpos, received - SCA: , acquirer location: Czech Republic, issuer location: other EEA countries, POS location: Rest of the World","Number of card payment, initiated at eftpos, received - SCA: , acquirer location: Czech Republic, issuer location: other EEA countries, POS location: Rest of the World","PN",6]
["PCP.H.CZ.G3.W1.CP0.2.2223.NR.PCS_ALL._Z._X._Z.N.PN","H","CZ","G3","W1","CP0",2,"2223","NR","PCS_ALL","_Z","_X","_Z","N","PN","2022-S2",15.233853,"A",false,null,null,"P6M",{"$nulls":4},"S",null,null,3,null,"Number of card payment, initiated at eftpos, received - SCA: , acquirer location: Czech Republic, issuer location: other EEA countries, POS location: Rest of the World","Number of card payment, initiated at eftpos, received - SCA: , acquirer location: Czech Republic, issuer location: other EEA countries, POS location: Rest of the World","PN",6]
["PCP.H.CZ.G3.W1.CP0.2.2223.NR.PCS_ALL._Z._X._Z.N.PN","H","CZ","G3","W1","CP0",2,"2223","NR","PCS_ALL","_Z","_X","_Z","N","PN","2023-S1",20.92364999999999,"A",false,null,null,"P6M",{"$nulls":4},"S",null,null,3,null,"Number of card payment, initiated at eftpos, received - SCA: , acquirer location: Czech Republic, issuer location: other EEA countries, POS location: Rest of the World","Number of card payment, initiated at eftpos, received - SCA: , acquirer location: Czech Republic, issuer location: other EEA countries, POS location: Rest of the World","PN",6]
["PCP.H.CZ.G3.W1.CP0.2.2223.NR.PCS_ALL._Z._X._Z.N.PN","H","CZ","G3","W1","CP0",2,"2223","NR","PCS_ALL","_Z","_X","_Z","N","PN","2023-S2",26.953314,"P",false,null,null,"P6M",{"$nulls":4},"S",null,null,3,null,"Number of card payment, initiated at eftpos, received - SCA: , acquirer location: Czech Republic, issuer location: other EEA countries, POS location: Rest of the World","Number of card payment, initiated at eftpos, received - SCA: , acquirer location: Czech Republic, issuer location: other EEA countries, POS location: Rest of the World","PN",6]
["PCP.H.CZ.W0.G1.CP0.1.2000.R.PCS_ALL.12._X._Z.N.PN","H","CZ","W0","G1","CP0",1,"2000","R","PCS_ALL","12","_X","_Z","N","PN","2022-S1",0.001792,"A",false,null,null,"P6M",{"$nulls":4},"S",null,null,3,null,"Total number of card payment with a delayed debit card, sent - issuer location: Czech Republic, POS location: outside EEA","Total number of card payment with a delayed debit card, sent - issuer location: Czech Republic, POS location: outside EEA","PN",6]
["PCP.H.CZ.W0.G1.CP0.1.2000.R.PCS_ALL.12._X._Z.N.PN","H","CZ","W0","G1","CP0",1,"2000","R","PCS_ALL","12","_X","_Z","N","PN","2022-S2",0.003344,"A",false,null,null,"P6M",{"$nulls":4},"S",null,null,3,null,"Total number of card payment with a delayed debit card, sent - issuer location: Czech Republic, POS location: outside EEA","Total number of card payment with a delayed debit card, sent - issuer location: Czech Republic, POS location: outside EEA","PN",6]
["PCP.H.CZ.W0.G1.CP0.1.2000.R.PCS_ALL.12._X._Z.N.PN","H","CZ","W0","G1","CP0",1,"2000","R","PCS_ALL","12","_X","_Z","N","PN","2023-S1",0.003601,"A",false,null,null,"P6M",{"$nulls":4},"S",null,null,3,null,"Total number of card payment with a delayed debit card, sent - issuer location: Czech Republic, POS location: outside EEA","Total number of card payment with a delayed debit card, sent - issuer location: Czech Republic, POS location: outside EEA","PN",6]
["PCP.H.CZ.W0.G1.CP0.1.2000.R.PCS_ALL.12._X._Z.N.PN","H","CZ","W0","G1","CP0",1,"2000","R","PCS_ALL","12","_X","_Z","N","PN","2023-S2",0.003202,"P",false,null,null,"P6M",{"$nulls":4},"S",null,null,3,null,"Total number of card payment with a delayed debit card, sent - issuer location: Czech Republic, POS location: outside EEA","Total number of card payment with a delayed debit card, sent - issuer location: Czech Republic, POS location: outside EEA","PN",6]
["PCP.H.CZ.W1.W2.CP0.1.1000._T.PCS_ALL._Z._X._Z.N.XDF","H","CZ","W1","W2","CP0",1,"1000","_T","PCS_ALL","_Z","_X","_Z","N","XDF","2022-S1",42.77033499999999,"A",false,null,null,"P6M",{"$nulls":4},"S",null,null,3,null,"Value of card paymentnon-electronic, sent - SCA: , issuer location: Czech Republic, acquirer location: Rest of the World, POS location: domestic","Value of card paymentnon-electronic, sent - SCA: , issuer location: Czech Republic, acquirer location: Rest of the World, POS location: domestic","XDF",6]
["PCP.H.CZ.W1.W2.CP0.1.1000._T.PCS_ALL._Z._X._Z.N.XDF","H","CZ","W1","W2","CP0",1,"1000","_T","PCS_ALL","_Z","_X","_Z","N","XDF","2022-S2",159.165899,"A",false,null,null,"P6M",{"$nulls":4},"S",null,null,3,null,"Value of card paymentnon-electronic, sent - SCA: , issuer location: Czech Republic, acquirer location: Rest of the World, POS location: domestic","Value of card paymentnon-electronic, sent - SCA: , issuer location: Czech Republic, acquirer location: Rest of the World, POS location: domestic","XDF",6]
["PCP.H.CZ.W1.W2.CP0.1.1000._T.PCS_ALL._Z._X._Z.N.XDF","H","CZ","W1","W2","CP0",1,"1000","_T","PCS_ALL","_Z","_X","_Z","N","XDF","2023-S1",68.23555080999999,"A",false,null,null,"P6M",{"$nulls":4},"S",null,null,3,null,"Value of card paymentnon-electronic, sent - SCA: , issuer location: Czech Republic, acquirer location: Rest of the World, POS location: domestic","Value of card paymentnon-electronic, sent - SCA: , issuer location: Czech Republic, acquirer location: Rest of the World, POS location: domestic","XDF",6]
["PCP.H.CZ.W1.W2.CP0.1.1000._T.PCS_ALL._Z._X._Z.N.XDF","H","CZ","W1","W2","CP0",1,"1000","_T","PCS_ALL","_Z","_X","_Z","N","XDF","2023-S2",78.36428715999999,"P",false,null,null,"P6M",{"$nulls":4},"S",null,null,3,null,"Value of card paymentnon-electronic, sent - SCA: , issuer location: Czech Republic, acquirer location: Rest of the World, POS location: domestic","Value of card paymentnon-electronic, sent - SCA: , issuer location: Czech Republic, acquirer location: Rest of the World, POS location: domestic","XDF",6]
["PCP.H.CZ.W2.G1.CP0.1.2000.NR.PCS_ALL._Z.200._Z.N.PN","H","CZ","W2","G1","CP0",1,"2000","NR","PCS_ALL","_Z","200","_Z","N","PN","2022-S1",0.00506,"A",false,null,null,"P6M",{"$nulls":4},"S",null,null,3,null,"Number of card paymentelectronic, sent - SCA: non-sca, issuer location: Czech Republic, acquirer location: domestic, POS location: outside EEA","Number of card paymentelectronic, sent - SCA: non-sca, issuer location: Czech Republic, acquirer location: domestic, POS location: outside EEA","PN",6]
["PCP.H.CZ.W2.G1.CP0.1.2000.NR.PCS_ALL._Z.200._Z.N.PN","H","CZ","W2","G1","CP0",1,"2000","NR","PCS_ALL","_Z","200","_Z","N","PN","2022-S2",0.008853,"A",false,null,null,"P6M",{"$nulls":4},"S",null,null,3,null,"Number of card paymentelectronic, sent - SCA: non-sca, issuer location: Czech Republic, acquirer location: domestic, POS location: outside EEA","Number of card paymentelectronic, sent - SCA: non-sca, issuer location: Czech Republic, acquirer location: domestic, POS location: outside EEA","PN",6]
["PCP.H.CZ.W2.G1.CP0.1.2000.NR.PCS_ALL._Z.200._Z.N.PN","H","CZ","W2","G1","CP0",1,"2000","NR","PCS_ALL","_Z","200","_Z","N","PN","2023-S1",0.002677,"A",false,null,null,"P6M",{"$nulls":4},"S",null,null,3,null,"Number of card paymentelectronic, sent - SCA: non-sca, issuer location: Czech Republic, acquirer location: domestic, POS location: outside EEA","Number of card paymentelectronic, sent - SCA: non-sca, issuer location: Czech Republic, acquirer location: domestic, POS location: outside EEA","PN",6]
["PCP.H.CZ.W2.G1.CP0.1.2000.NR.PCS_ALL._Z.200._Z.N.PN","H","CZ","W2","G1","CP0",1,"2000","NR","PCS_ALL","_Z","200","_Z","N","PN","2023-S2",0.00064,"P",false,null,null,"P6M",{"$nulls":4},"S",null,null,3,null,"Number of card paymentelectronic, sent - SCA: non-sca, issuer location: Czech Republic, acquirer location: domestic, POS location: outside EEA","Number of card paymentelectronic, sent - SCA: non-sca, issuer location: Czech Republic, acquirer location: domestic, POS location: outside EEA","PN",6]
["PCP.H.CZ.W2.W0.CP0.1.2000.R.PCS_ALL._Z.207._Z.N.PN","H","CZ","W2","W0","CP0",1,"2000","R","PCS_ALL","_Z","207","_Z","N","PN","2022-S1",0.001224,"A",false,null,null,"P6M",{"$nulls":4},"S",null,null,3,null,"Number of card paymentelectronic, sent - SCA: non-sca: secure corporate payment, issuer location: Czech Republic, acquirer location: domestic, POS location: world","Number of card paymentelectronic, sent - SCA: non-sca: secure corporate payment, issuer location: Czech Republic, acquirer location: domestic, POS location: world","PN",6]
["PCP.H.CZ.W2.W0.CP0.1.2000.R.PCS_ALL._Z.207._Z.N.PN","H","CZ","W2","W0","CP0",1,"2000","R","PCS_ALL","_Z","207","_Z","N","PN","2022-S2",0,"A",false,null,null,"P6M",{"$nulls":4},"S",null,null,3,null,"Number of card paymentelectronic, sent - SCA: non-sca: secure corporate payment, issuer location: Czech Republic, acquirer location: domestic, POS location: world","Number of card paymentelectronic, sent - SCA: non-sca: secure corporate payment, issuer location: Czech Republic, acquirer location: domestic, POS location: world","PN",6]
["PCP.H.CZ.W2.W0.CP0.1.2000.R.PCS_ALL._Z.207._Z.N.PN","H","CZ","W2","W0","CP0",1,"2000","R","PCS_ALL","_Z","207","_Z","N","PN","2023-S1",3.4E-05,"A",false,null,null,"P6M",{"$nulls":4},"S",null,null,3,null,"Number of card paymentelectronic, sent - SCA: non-sca: secure corporate payment, issuer location: Czech Republic, acquirer location: domestic, POS location: world","Number of card paymentelectronic, sent - SCA: non-sca: secure corporate payment, issuer location: Czech Republic, acquirer location: domestic, POS location: world","PN",6]
["PCP.H.CZ.W2.W0.CP0.1.2000.R.PCS_ALL._Z.207._Z.N.PN","H","CZ","W2","W0","CP0",1,"2000","R","PCS_ALL","_Z","207","_Z","N","PN","2023-S2",0,"P",false,null,null,"P6M",{"$nulls":4},"S",null,null,3,null,"Number of card paymentelectronic, sent - SCA: non-sca: secure corporate payment, issuer location: Czech Republic, acquirer location: domestic, POS location: world","Number of card paymentelectronic, sent - SCA: non-sca: secure corporate payment, issuer location: Czech Republic, acquirer location: domestic, POS location: world","PN",6]
["PCP.H.CZ.W2.W2.CP0.2.2221.NR.PCS_ALL._Z._X._Z.N.XDF","H","CZ","W2","W2","CP0",2,"2221","NR","PCS_ALL","_Z","_X","_Z","N","XDF","2022-S1",null,"Q",false,null,null,"P6M",{"$nulls":4},"S",null,null,3,null,"Value of card payment, initiated at atm, received - SCA: , acquirer location: Czech Republic, issuer location: domestic, POS location: domestic","Value of card payment, initiated at atm, received - SCA: , acquirer location: Czech Republic, issuer location: domestic, POS location: domestic","XDF",6]
["PCP.H.CZ.W2.W2.CP0.2.2221.NR.PCS_ALL._Z._X._Z.N.XDF","H","CZ","W2","W2","CP0",2,"2221","NR","PCS_ALL","_Z","_X","_Z","N","XDF","2022-S2",null,"Q",false,null,null,"P6M",{"$nulls":4},"S",null,null,3,null,"Value of card payment, initiated at atm, received - SCA: , acquirer location: Czech Republic, issuer location: domestic, POS location: domestic","Value of card payment, initiated at atm, received - SCA: , acquirer location: Czech Republic, issuer location: domestic, POS location: domestic","XDF",6]
["PCP.H.CZ.W2.W2.CP0.2.2221.NR.PCS_ALL._Z._X._Z.N.XDF","H","CZ","W2","W2","CP0",2,"2221","NR","PCS_ALL","_Z","_X","_Z","N","XDF","2023-S1",null,"Q",false,null,null,"P6M",{"$nulls":4},"S",null,null,3,null,"Value of card payment, initiated at atm, received - SCA: , acquirer location: Czech Republic, issuer location: domestic, POS location: domestic","Value of card payment, initiated at atm, received - SCA: , acquirer location: Czech Republic, issuer location: domestic, POS location: domestic","XDF",6]
["PCP.H.CZ.W2.W2.CP0.2.2221.NR.PCS_ALL._Z._X._Z.N.XDF","H","CZ","W2","W2","CP0",2,"2221","NR","PCS_ALL","_Z","_X","_Z","N","XDF","2023-S2",null,"Q",false,null,null,"P6M",{"$nulls":4},"S",null,null,3,null,"Value of card payment, initiated at atm, received - SCA: , acquirer location: Czech Republic, issuer location: domestic, POS location: domestic","Value of card payment, initiated at atm, received - SCA: , acquirer location: Czech Republic, issuer location: domestic, POS location: domestic","XDF",6]
["PCP.H.DE.G1.W1.CP0.2.1000._T.PCS_ALL._Z._X._Z.N.PN","H","DE","G1","W1","CP0",2,"1000","_T","PCS_ALL","_Z","_X","_Z","N","PN","2022-S1",0.761246,"A",false,null,null,"P6M",{"$nulls":4},"S",null,null,3,null,"Number of card paymentnon-electronic, received - SCA: , acquirer location: Germany, issuer location: outside EEA, POS location: Rest of the World","Number of card paymentnon-electronic, received - SCA: , acquirer location: Germany, issuer location: outside EEA, POS location: Rest of the World","PN",6]
["PCP.H.DE.G1.W1.CP0.2.1000._T.PCS_ALL._Z._X._Z.N.PN","H","DE","G1","W1","CP0",2,"1000","_T","PCS_ALL","_Z","_X","_Z","N","PN","2022-S2",0.955997,"A",false,null,null,"P6M",{"$nulls":4},"S",null,null,3,null,"Number of card paymentnon-electronic, received - SCA: , acquirer location: Germany, issuer location: outside EEA, POS location: Rest of the World","Number of card paymentnon-electronic, received - SCA: , acquirer location: Germany, issuer location: outside EEA, POS location: Rest of the World","PN",6]
["PCP.H.DE.G1.W1.CP0.2.1000._T.PCS_ALL._Z._X._Z.N.PN","H","DE","G1","W1","CP0",2,"1000","_T","PCS_ALL","_Z","_X","_Z","N","PN","2023-S1",0.9340089999999999,"A",false,null,null,"P6M",{"$nulls":4},"S",null,null,3,null,"Number of card paymentnon-electronic, received - SCA: , acquirer location: Germany, issuer location: outside EEA, POS location: Rest of the World","Number of card paymentnon-electronic, received - SCA: , acquirer location: Germany, issuer location: outside EEA, POS location: Rest of the World","PN",6]
["PCP.H.DE.G1.W1.CP0.2.1000._T.PCS_ALL._Z._X._Z.N.PN","H","DE","G1","W1","CP0",2,"1000","_T","PCS_ALL","_Z","_X","_Z","N","PN","2023-S2",0.908576,"P",false,null,null,"P6M",{"$nulls":4},"S",null,null,3,null,"Number of card paymentnon-electronic, received - SCA: , acquirer location: Germany, issuer location: outside EEA, POS location: Rest of the World","Number of card paymentnon-electronic, received - SCA: , acquirer location: Germany, issuer location: outside EEA, POS location: Rest of the World","PN",6]
["PCP.H.DE.G3.G1.CP0.2.2000.NR.PCS_ALL.12._X._Z.N.EUR","H","DE","G3","G1","CP0",2,"2000","NR","PCS_ALL","12","_X","_Z","N","EUR","2022-S1",133.73028244,"A",false,null,null,"P6M",{"$nulls":4},"S",null,null,3,null,"Value of card payment,with a delayed debit card, received - acquirer location: Germany, issuer location: other EEA countries, POS location: outside EEA","Value of card payment,with a delayed debit card, received - acquirer location: Germany, issuer location: other EEA countries, POS location: outside EEA","EUR",6]
["PCP.H.DE.G3.G1.CP0.2.2000.NR.PCS_ALL.12._X._Z.N.EUR","H","DE","G3","G1","CP0",2,"2000","NR","PCS_ALL","12","_X","_Z","N","EUR","2022-S2",162.04023238,"A",false,null,null,"P6M",{"$nulls":4},"S",null,null,3,null,"Value of card payment,with a delayed debit card, received - acquirer location: Germany, issuer location: other EEA countries, POS location: outside EEA","Value of card payment,with a delayed debit card, received - acquirer location: Germany, issuer location: other EEA countries, POS location: outside EEA","EUR",6]
["PCP.H.DE.G3.G1.CP0.2.2000.NR.PCS_ALL.12._X._Z.N.EUR","H","DE","G3","G1","CP0",2,"2000","NR","PCS_ALL","12","_X","_Z","N","EUR","2023-S1",112.05682831,"A",false,null,null,"P6M",{"$nulls":4},"S",null,null,3,null,"Value of card payment,with a delayed debit card, received - acquirer location: Germany, issuer location: other EEA countries, POS location: outside EEA","Value of card payment,with a delayed debit card, received - acquirer location: Germany, issuer location: other EEA countries, POS location: outside EEA","EUR",6]
["PCP.H.DE.G3.G1.CP0.2.2000.NR.PCS_ALL.12._X._Z.N.EUR","H","DE","G3","G1","CP0",2,"2000","NR","PCS_ALL","12","_X","_Z","N","EUR","2023-S2",112.09644109,"P",false,null,null,"P6M",{"$nulls":4},"S",null,null,3,null,"Value of card payment,with a delayed debit card, received - acquirer location: Germany, issuer location: other EEA countries, POS location: outside EEA","Value of card payment,with a delayed debit card, received - acquirer location: Germany, issuer location: other EEA countries, POS location: outside EEA","EUR",6]
["PCP.H.DE.G3.G3.CP0.1.2000.NR.PCS_ALL._Z.205._Z.N.PN","H","DE","G3","G3","CP0",1,"2000","NR","PCS_ALL","_Z","205","_Z","N","PN","2022-S1",4.723107,"A",false,null,null,"P6M",{"$nulls":4},"S",null,null,3,null,"Number of card paymentelectronic, sent - SCA: non-sca: recurring transaction, issuer location: Germany, acquirer location: other EEA countries, POS location: other EEA countries","Number of card paymentelectronic, sent - SCA: non-sca: recurring transaction, issuer location: Germany, acquirer location: other EEA countries, POS location: other EEA countries","PN",6]
["PCP.H.DE.G3.G3.CP0.1.2000.NR.PCS_ALL._Z.205._Z.N.PN","H","DE","G3","G3","CP0",1,"2000","NR","PCS_ALL","_Z","205","_Z","N","PN","2022-S2",0.6115679999999997,"A",false,null,null,"P6M",{"$nulls":4},"S",null,null,3,null,"Number of card paymentelectronic, sent - SCA: non-sca: recurring transaction, issuer location: Germany, acquirer location: other EEA countries, POS location: other EEA countries","Number of card paymentelectronic, sent - SCA: non-sca: recurring transaction, issuer location: Germany, acquirer location: other EEA countries, POS location: other EEA countries","PN",6]
["PCP.H.DE.G3.G3.CP0.1.2000.NR.PCS_ALL._Z.205._Z.N.PN","H","DE","G3","G3","CP0",1,"2000","NR","PCS_ALL","_Z","205","_Z","N","PN","2023-S1",0.4702160000000001,"A",false,null,null,"P6M",{"$nulls":4},"S",null,null,3,null,"Number of card paymentelectronic, sent - SCA: non-sca: recurring transaction, issuer location: Germany, acquirer location: other EEA countries, POS location: other EEA countries","Number of card paymentelectronic, sent - SCA: non-sca: recurring transaction, issuer location: Germany, acquirer location: other EEA countries, POS location: other EEA countries","PN",6]
["PCP.H.DE.G3.G3.CP0.1.2000.NR.PCS_ALL._Z.205._Z.N.PN","H","DE","G3","G3","CP0",1,"2000","NR","PCS_ALL","_Z","205","_Z","N","PN","2023-S2",0.6331619999999999,"P",false,null,null,"P6M",{"$nulls":4},"S",null,null,3,null,"Number of card paymentelectronic, sent - SCA: non-sca: recurring transaction, issuer location: Germany, acquirer location: other EEA countries, POS location: other EEA countries","Number of card paymentelectronic, sent - SCA: non-sca: recurring transaction, issuer location: Germany, acquirer location: other EEA countries, POS location: other EEA countries","PN",6]
["PCP.H.DE.G3.W1.CP0.2.2000.NR.PCS_ALL.11._X._Z.N.PN","H","DE","G3","W1","CP0",2,"2000","NR","PCS_ALL","11","_X","_Z","N","PN","2022-S1",282.136434,"A",false,null,null,"P6M",{"$nulls":4},"S",null,null,3,null,"Number of card payment,with a debit card, received - acquirer location: Germany, issuer location: other EEA countries, POS location: Rest of the World","Number of card payment,with a debit card, received - acquirer location: Germany, issuer location: other EEA countries, POS location: Rest of the World","PN",6]
["PCP.H.DE.G3.W1.CP0.2.2000.NR.PCS_ALL.11._X._Z.N.PN","H","DE","G3","W1","CP0",2,"2000","NR","PCS_ALL","11","_X","_Z","N","PN","2022-S2",352.9435949999998,"A",false,null,null,"P6M",{"$nulls":4},"S",null,null,3,null,"Number of card payment,with a debit card, received - acquirer location: Germany, issuer location: other EEA countries, POS location: Rest of the World","Number of card payment,with a debit card, received - acquirer location: Germany, issuer location: other EEA countries, POS location: Rest of the World","PN",6]
["PCP.H.DE.G3.W1.CP0.2.2000.NR.PCS_ALL.11._X._Z.N.PN","H","DE","G3","W1","CP0",2,"2000","NR","PCS_ALL","11","_X","_Z","N","PN","2023-S1",349.5688730000001,"A",false,null,null,"P6M",{"$nulls":4},"S",null,null,3,null,"Number of card payment,with a debit card, received - acquirer location: Germany, issuer location: other EEA countries, POS location: Rest of the World","Number of card payment,with a debit card, received - acquirer location: Germany, issuer location: other EEA countries, POS location: Rest of the World","PN",6]
["PCP.H.DE.G3.W1.CP0.2.2000.NR.PCS_ALL.11._X._Z.N.PN","H","DE","G3","W1","CP0",2,"2000","NR","PCS_ALL","11","_X","_Z","N","PN","2023-S2",351.199789,"P",false,null,null,"P6M",{"$nulls":4},"S",null,null,3,null,"Number of card payment,with a debit card, received - acquirer location: Germany, issuer location: other EEA countries, POS location: Rest of the World","Number of card payment,with a debit card, received - acquirer location: Germany, issuer location: other EEA countries, POS location: Rest of the World","PN",6]
["PCP.H.DE.G3.W2.CP0.2.2221.NR.PCS_ALL._Z._X._Z.N.EUR","H","DE","G3","W2","CP0",2,"2221","NR","PCS_ALL","_Z","_X","_Z","N","EUR","2022-S1",0,"A",false,null,null,"P6M",{"$nulls":4},"S",null,null,3,null,"Value of card payment, initiated at atm, received - SCA: , acquirer location: Germany, issuer location: other EEA countries, POS location: domestic","Value of card payment, initiated at atm, received - SCA: , acquirer location: Germany, issuer location: other EEA countries, POS location: domestic","EUR",6]
["PCP.H.DE.G3.W2.CP0.2.2221.NR.PCS_ALL._Z._X._Z.N.EUR","H","DE","G3","W2","CP0",2,"2221","NR","PCS_ALL","_Z","_X","_Z","N","EUR","2022-S2",0,"A",false,null,null,"P6M",{"$nulls":4},"S",null,null,3,null,"Value of card payment, initiated at atm, received - SCA: , acquirer location: Germany, issuer location: other EEA countries, POS location: domestic","Value of card payment, initiated at atm, received - SCA: , acquirer location: Germany, issuer location: other EEA countries, POS location: domestic","EUR",6]
["PCP.H.DE.G3.W2.CP0.2.2221.NR.PCS_ALL._Z._X._Z.N.EUR","H","DE","G3","W2","CP0",2,"2221","NR","PCS_ALL","_Z","_X","_Z","N","EUR","2023-S1",0,"A",false,null,null,"P6M",{"$nulls":4},"S",null,null,3,null,"Value of card payment, initiated at atm, received - SCA: , acquirer location: Germany, issuer location: other EEA countries, POS location: domestic","Value of card payment, initiated at atm, received - SCA: , acquirer location: Germany, issuer location: other EEA countries, POS location: domestic","EUR",6]
["PCP.H.DE.G3.W2.CP0.2.2221.NR.PCS_ALL._Z._X._Z.N.EUR","H","DE","G3","W2","CP0",2,"2221","NR","PCS_ALL","_Z","_X","_Z","N","EUR","2023-S2",0,"P",false,null,null,"P6M",{"$nulls":4},"S",null,null,3,null,"Value of card payment, initiated at atm, received - SCA: , acquirer location: Germany, issuer location: other EEA countries, POS location: domestic","Value of card payment, initiated at atm, received - SCA: , acquirer location: Germany, issuer location: other EEA countries, POS location: domestic","EUR",6]
["PCP.H.DE.G3.W2.CW1.1._T._T.PCS_ALL.12._X._Z.N.PN","H","DE","G3","W2","CW1",1,"_T","_T","PCS_ALL","12","_X","_Z","N","PN","2022-S1",0,"A",false,null,null,"P6M",{"$nulls":4},"S",null,null,3,null,"Number of cash withdrawal using cards with a delayed debit card, sent - issuer location: Germany, acquirer location: other EEA countries, terminal location: domestic","Number of cash withdrawal using cards with a delayed debit card, sent - issuer location: Germany, acquirer location: other EEA countries, terminal location: domestic","PN",6]
["PCP.H.DE.G3.W2.CW1.1._T._T.PCS_ALL.12._X._Z.N.PN","H","DE","G3","W2","CW1",1,"_T","_T","PCS_ALL","12","_X","_Z","N","PN","2022-S2",0,"A",false,null,null,"P6M",{"$nulls":4},"S",null,null,3,null,"Number of cash withdrawal using cards with a delayed debit card, sent - issuer location: Germany, acquirer location: other EEA countries, terminal location: domestic","Number of cash withdrawal using cards with a delayed debit card, sent - issuer location: Germany, acquirer location: other EEA countries, terminal location: domestic","PN",6]
["PCP.H.DE.G3.W2.CW1.1._T._T.PCS_ALL.12._X._Z.N.PN","H","DE","G3","W2","CW1",1,"_T","_T","PCS_ALL","12","_X","_Z","N","PN","2023-S1",0,"A",false,null,null,"P6M",{"$nulls":4},"S",null,null,3,null,"Number of cash withdrawal using cards with a delayed debit card, sent - issuer location: Germany, acquirer location: other EEA countries, terminal location: domestic","Number of cash withdrawal using cards with a delayed debit card, sent - issuer location: Germany, acquirer location: other EEA countries, terminal location: domestic","PN",6]
["PCP.H.DE.G3.W2.CW1.1._T._T.PCS_ALL.12._X._Z.N.PN","H","DE","G3","W2","CW1",1,"_T","_T","PCS_ALL","12","_X","_Z","N","PN","2023-S2",0,"P",false,null,null,"P6M",{"$nulls":4},"S",null,null,3,null,"Number of cash withdrawal using cards with a delayed debit card, sent - issuer location: Germany, acquirer location: other EEA countries, terminal location: domestic","Number of cash withdrawal using cards with a delayed debit card, sent - issuer location: Germany, acquirer location: other EEA countries, terminal location: domestic","PN",6]
["PCP.H.DE.W0.W2.CP0.2.2000.NR.PCS_ALL._Z.206._Z.N.EUR","H","DE","W0","W2","CP0",2,"2000","NR","PCS_ALL","_Z","206","_Z","N","EUR","2022-S1",54.00515876999999,"A",false,null,null,"P6M",{"$nulls":4},"S",null,null,3,null,"Total value of card paymentelectronic, received - SCA: non-sca: unattended terminals, acquirer location: Germany, POS location: domestic","Total value of card paymentelectronic, received - SCA: non-sca: unattended terminals, acquirer location: Germany, POS location: domestic","EUR",6]
["PCP.H.DE.W0.W2.CP0.2.2000.NR.PCS_ALL._Z.206._Z.N.EUR","H","DE","W0","W2","CP0",2,"2000","NR","PCS_ALL","_Z","206","_Z","N","EUR","2022-S2",94.41767509000002,"A",false,null,null,"P6M",{"$nulls":4},"S",null,null,3,null,"Total value of card paymentelectronic, received - SCA: non-sca: unattended terminals, acquirer location: Germany, POS location: domestic","Total value of card paymentelectronic, received - SCA: non-sca: unattended terminals, acquirer location: Germany, POS location: domestic","EUR",6]
["PCP.H.DE.W0.W2.CP0.2.2000.NR.PCS_ALL._Z.206._Z.N.EUR","H","DE","W0","W2","CP0",2,"2000","NR","PCS_ALL","_Z","206","_Z","N","EUR","2023-S1",108.05826222,"A",false,null,null,"P6M",{"$nulls":4},"S",null,null,3,null,"Total value of card paymentelectronic, received - SCA: non-sca: unattended terminals, acquirer location: Germany, POS location: domestic","Total value of card paymentelectronic, received - SCA: non-sca: unattended terminals, acquirer location: Germany, POS location: domestic","EUR",6]
["PCP.H.DE.W0.W2.CP0.2.2000.NR.PCS_ALL._Z.206._Z.N.EUR","H","DE","W0","W2","CP0",2,"2000","NR","PCS_ALL","_Z","206","_Z","N","EUR","2023-S2",113.93608428,"P",false,null,null,"P6M",{"$nulls":4},"S",null,null,3,null,"Total value of card paymentelectronic, received - SCA: non-sca: unattended terminals, acquirer location: Germany, POS location: domestic","Total value of card paymentelectronic, received - SCA: non-sca: unattended terminals, acquirer location: Germany, POS location: domestic","EUR",6]
["PCP.H.DE.W0.W2.CP0.2.2000._T.PCS_ALL._Z._X._Z.N.EUR","H","DE","W0","W2","CP0",2,"2000","_T","PCS_ALL","_Z","_X","_Z","N","EUR","2022-S1",119961.35287408,"A",false,null,null,"P6M",{"$nulls":4},"S",null,null,3,null,"Total value of card paymentelectronic, received - SCA: , acquirer location: Germany, POS location: domestic","Total value of card paymentelectronic, received - SCA: , acquirer location: Germany, POS location: domestic","EUR",6]
["PCP.H.DE.W0.W2.CP0.2.2000._T.PCS_ALL._Z._X._Z.N.EUR","H","DE","W0","W2","CP0",2,"2000","_T","PCS_ALL","_Z","_X","_Z","N","EUR","2022-S2",149965.48163389,"A",false,null,null,"P6M",{"$nulls":4},"S",null,null,3,null,"Total value of card paymentelectronic, received - SCA: , acquirer location: Germany, POS location: domestic","Total value of card paymentelectronic, received - SCA: , acquirer location: Germany, POS location: domestic","EUR",6]
["PCP.H.DE.W0.W2.CP0.2.2000._T.PCS_ALL._Z._X._Z.N.EUR","H","DE","W0","W2","CP0",2,"2000","_T","PCS_ALL","_Z","_X","_Z","N","EUR","2023-S1",150715.30403467,"A",false,null,null,"P6M",{"$nulls":4},"S",null,null,3,null,"Total value of card paymentelectronic, received - SCA: , acquirer location: Germany, POS location: domestic","Total value of card paymentelectronic, received - SCA: , acquirer location: Germany, POS location: domestic","EUR",6]
["PCP.H.DE.W0.W2.CP0.2.2000._T.PCS_ALL._Z._X._Z.N.EUR","H","DE","W0","W2","CP0",2,"2000","_T","PCS_ALL","_Z","_X","_Z","N","EUR","2023-S2",171417.39949907,"P",false,null,null,"P6M",{"$nulls":4},"S",null,null,3,null,"Total value of card paymentelectronic, received - SCA: , acquirer location: Germany, POS location: domestic","Total value of card paymentelectronic, received - SCA: , acquirer location: Germany, POS location: domestic","EUR",6]
["PCP.H.DE.W0.W2.CW1.1._T._T.PCS_ALL.13._X._Z.N.EUR","H","DE","W0","W2","CW1",1,"_T","_T","PCS_ALL","13","_X","_Z","N","EUR","2022-S1",356.0401948,"A",false,null,null,"P6M",{"$nulls":4},"S",null,null,3,null,"Total value of cash withdrawal using cards with a credit card, sent - issuer location: Germany, terminal location: domestic","Total value of cash withdrawal using cards with a credit card, sent - issuer location: Germany, terminal location: domestic","EUR",6]
["PCP.H.DE.W0.W2.CW1.1._T._T.PCS_ALL.13._X._Z.N.EUR","H","DE","W0","W2","CW1",1,"_T","_T","PCS_ALL","13","_X","_Z","N","EUR","2022-S2",394.14353511,"A",false,null,null,"P6M",{"$nulls":4},"S",null,null,3,null,"Total value of cash withdrawal using cards with a credit card, sent - issuer location: Germany, terminal location: domestic","Total value of cash withdrawal using cards with a credit card, sent - issuer location: Germany, terminal location: domestic","EUR",6]
["PCP.H.DE.W0.W2.CW1.1._T._T.PCS_ALL.13._X._Z.N.EUR","H","DE","W0","W2","CW1",1,"_T","_T","PCS_ALL","13","_X","_Z","N","EUR","2023-S1",372.5492976199999,"A",false,null,null,"P6M",{"$nulls":4},"S",null,null,3,null,"Total value of cash withdrawal using cards with a credit card, sent - issuer location: Germany, terminal location: domestic","Total value of cash withdrawal using cards with a credit card, sent - issuer location: Germany, terminal location: domestic","EUR",6]
["PCP.H.DE.W0.W2.CW1.1._T._T.PCS_ALL.13._X._Z.N.EUR","H","DE","W0","W2","CW1",1,"_T","_T","PCS_ALL","13","_X","_Z","N","EUR","2023-S2",381.65349772,"P",false,null,null,"P6M",{"$nulls":4},"S",null,null,3,null,"Total value of cash withdrawal using cards with a credit card, sent - issuer location: Germany, terminal location: domestic","Total value of cash withdrawal using cards with a credit card, sent - issuer location: Germany, terminal location: domestic","EUR",6]
["PCP.H.DE.W1.W2.CP0.2.2000.NR.PCS_ALL._Z.205._Z.N.PN","H","DE","W1","W2","CP0",2,"2000","NR","PCS_ALL","_Z","205","_Z","N","PN","2022-S1",0.037002,"A",false,null,null,"P6M",{"$nulls":4},"S",null,null,3,null,"Number of card paymentelectronic, received - SCA: non-sca: recurring transaction, acquirer location: Germany, issuer location: Rest of the World, POS location: domestic","Number of card paymentelectronic, received - SCA: non-sca: recurring transaction, acquirer location: Germany, issuer location: Rest of the World, POS location: domestic","PN",6]
["PCP.H.DE.W1.W2.CP0.2.2000.NR.PCS_ALL._Z.205._Z.N.PN","H","DE","W1","W2","CP0",2,"2000","NR","PCS_ALL","_Z","205","_Z","N","PN","2022-S2",0.02824,"A",false,null,null,"P6M",{"$nulls":4},"S",null,null,3,null,"Number of card paymentelectronic, received - SCA: non-sca: recurring transaction, acquirer location: Germany, issuer location: Rest of the World, POS location: domestic","Number of card paymentelectronic, received - SCA: non-sca: recurring transaction, acquirer location: Germany, issuer location: Rest of the World, POS location: domestic","PN",6]
["PCP.H.DE.W1.W2.CP0.2.2000.NR.PCS_ALL._Z.205._Z.N.PN","H","DE","W1","W2","CP0",2,"2000","NR","PCS_ALL","_Z","205","_Z","N","PN","2023-S1",6.900000000000001E-05,"A",false,null,null,"P6M",{"$nulls":4},"S",null,null,3,null,"Number of card paymentelectronic, received - SCA: non-sca: recurring transaction, acquirer location: Germany, issuer location: Rest of the World, POS location: domestic","Number of card paymentelectronic, received - SCA: non-sca: recurring transaction, acquirer location: Germany, issuer location: Rest of the World, POS location: domestic","PN",6]
["PCP.H.DE.W1.W2.CP0.2.2000.NR.PCS_ALL._Z.205._Z.N.PN","H","DE","W1","W2","CP0",2,"2000","NR","PCS_ALL","_Z","205","_Z","N","PN","2023-S2",0,"P",false,null,null,"P6M",{"$nulls":4},"S",null,null,3,null,"Number of card paymentelectronic, received - SCA: non-sca: recurring transaction, acquirer location: Germany, issuer location: Rest of the World, POS location: domestic","Number of card paymentelectronic, received - SCA: non-sca: recurring transaction, acquirer location: Germany, issuer location: Rest of the World, POS location: domestic","PN",6]
["PCP.H.DE.W2.G3.CP0.2.2000.NR.PCS_ALL._Z.200._Z.N.EUR","H","DE","W2","G3","CP0",2,"2000","NR","PCS_ALL","_Z","200","_Z","N","EUR","2022-S1",1053.27497582,"A",false,null,null,"P6M",{"$nulls":4},"S",null,null,3,null,"Value of card paymentelectronic, received - SCA: non-sca, acquirer location: Germany, issuer location: domestic, POS location: other EEA countries","Value of card paymentelectronic, received - SCA: non-sca, acquirer location: Germany, issuer location: domestic, POS location: other EEA countries","EUR",6]
["PCP.H.DE.W2.G3.CP0.2.2000.NR.PCS_ALL._Z.200._Z.N.EUR","H","DE","W2","G3","CP0",2,"2000","NR","PCS_ALL","_Z","200","_Z","N","EUR","2022-S2",1521.40852566,"A",false,null,null,"P6M",{"$nulls":4},"S",null,null,3,null,"Value of card paymentelectronic, received - SCA: non-sca, acquirer location: Germany, issuer location: domestic, POS location: other EEA countries","Value of card paymentelectronic, received - SCA: non-sca, acquirer location: Germany, issuer location: domestic, POS location: other EEA countries","EUR",6]
["PCP.H.DE.W2.G3.CP0.2.2000.NR.PCS_ALL._Z.200._Z.N.EUR","H","DE","W2","G3","CP0",2,"2000","NR","PCS_ALL","_Z","200","_Z","N","EUR","2023-S1",171.22244947,"A",false,null,null,"P6M",{"$nulls":4},"S",null,null,3,null,"Value of card paymentelectronic, received - SCA: non-sca, acquirer location: Germany, issuer location: domestic, POS location: other EEA countries","Value of card paymentelectronic, received - SCA: non-sca, acquirer location: Germany, issuer location: domestic, POS location: other EEA countries","EUR",6]
["PCP.H.DE.W2.G3.CP0.2.2000.NR.PCS_ALL._Z.200._Z.N.EUR","H","DE","W2","G3","CP0",2,"2000","NR","PCS_ALL","_Z","200","_Z","N","EUR","2023-S2",211.61914809,"P",false,null,null,"P6M",{"$nulls":4},"S",null,null,3,null,"Value of card paymentelectronic, received - SCA: non-sca, acquirer location: Germany, issuer location: domestic, POS location: other EEA countries","Value of card paymentelectronic, received - SCA: non-sca, acquirer location: Germany, issuer location: domestic, POS location: other EEA countries","EUR",6]
["PCP.H.DE.W2.W0.CP11.1.2223.NR.PCS_ALL._Z._X._Z.N.EUR","H","DE","W2","W0","CP11",1,"2223","NR","PCS_ALL","_Z","_X","_Z","N","EUR","2022-S1",98962.27502624001,"A",false,null,null,"P6M",{"$nulls":4},"S",null,null,3,null,"Value of card payments (nfc), initiated at eftpos, sent - SCA: , issuer location: Germany, acquirer location: domestic, terminal location: world","Value of card payments (nfc), initiated at eftpos, sent - SCA: , issuer location: Germany, acquirer location: domestic, terminal location: world","EUR",6]
["PCP.H.DE.W2.W0.CP11.1.2223.NR.PCS_ALL._Z._X._Z.N.EUR","H","DE","W2","W0","CP11",1,"2223","NR","PCS_ALL","_Z","_X","_Z","N","EUR","2022-S2",122463.28551291,"A",false,null,null,"P6M",{"$nulls":4},"S",null,null,3,null,"Value of card payments (nfc), initiated at eftpos, sent - SCA: , issuer location: Germany, acquirer location: domestic, terminal location: world","Value of card payments (nfc), initiated at eftpos, sent - SCA: , issuer location: Germany, acquirer location: domestic, terminal location: world","EUR",6]
["PCP.H.DE.W2.W0.CP11.1.2223.NR.PCS_ALL._Z._X._Z.N.EUR","H","DE","W2","W0","CP11",1,"2223","NR","PCS_ALL","_Z","_X","_Z","N","EUR","2023-S1",131586.6449252,"A",false,null,null,"P6M",{"$nulls":4},"S",null,null,3,null,"Value of card payments (nfc), initiated at eftpos, sent - SCA: , issuer location: Germany, acquirer location: domestic, terminal location: world","Value of card payments (nfc), initiated at eftpos, sent - SCA: , issuer location: Germany, acquirer location: domestic, terminal location: world","EUR",6]
["PCP.H.DE.W2.W0.CP11.1.2223.NR.PCS_ALL._Z._X._Z.N.EUR","H","DE","W2","W0","CP11",1,"2223","NR","PCS_ALL","_Z","_X","_Z","N","EUR","2023-S2",143242.96929985,"P",false,null,null,"P6M",{"$nulls":4},"S",null,null,3,null,"Value of card payments (nfc), initiated at eftpos, sent - SCA: , issuer location: Germany, acquirer location: domestic, terminal location: world","Value of card payments (nfc), initiated at eftpos, sent - SCA: , issuer location: Germany, acquirer location: domestic, terminal location: world","EUR",6]
["PCP.H.DE.W2.W1.CP0.1.1000.R.PCS_ALL._Z._X._Z.N.PN","H","DE","W2","W1","CP0",1,"1000","R","PCS_ALL","_Z","_X","_Z","N","PN","2022-S1",0.498207,"A",false,null,null,"P6M",{"$nulls":4},"S",null,null,3,null,"Number of card paymentnon-electronic, sent - SCA: , issuer location: Germany, acquirer location: domestic, POS location: Rest of the World","Number of card paymentnon-electronic, sent - SCA: , issuer location: Germany, acquirer location: domestic, POS location: Rest of the World","PN",6]
["PCP.H.DE.W2.W1.CP0.1.1000.R.PCS_ALL._Z._X._Z.N.PN","H","DE","W2","W1","CP0",1,"1000","R","PCS_ALL","_Z","_X","_Z","N","PN","2022-S2",0.164726,"A",false,null,null,"P6M",{"$nulls":4},"S",null,null,3,null,"Number of card paymentnon-electronic, sent - SCA: , issuer location: Germany, acquirer location: domestic, POS location: Rest of the World","Number of card paymentnon-electronic, sent - SCA: , issuer location: Germany, acquirer location: domestic, POS location: Rest of the World","PN",6]
["PCP.H.DE.W2.W1.CP0.1.1000.R.PCS_ALL._Z._X._Z.N.PN","H","DE","W2","W1","CP0",1,"1000","R","PCS_ALL","_Z","_X","_Z","N","PN","2023-S1",0.192809,"A",false,null,null,"P6M",{"$nulls":4},"S",null,null,3,null,"Number of card paymentnon-electronic, sent - SCA: , issuer location: Germany, acquirer location: domestic, POS location: Rest of the World","Number of card paymentnon-electronic, sent - SCA: , issuer location: Germany, acquirer location: domestic, POS location: Rest of the World","PN",6]
["PCP.H.DE.W2.W1.CP0.1.1000.R.PCS_ALL._Z._X._Z.N.PN","H","DE","W2","W1","CP0",1,"1000","R","PCS_ALL","_Z","_X","_Z","N","PN","2023-S2",0.652452,"P",false,null,null,"P6M",{"$nulls":4},"S",null,null,3,null,"Number of card paymentnon-electronic, sent - SCA: , issuer location: Germany, acquirer location: domestic, POS location: Rest of the World","Number of card paymentnon-electronic, sent - SCA: , issuer location: Germany, acquirer location: domestic, POS location: Rest of the World","PN",6]
["PCP.H.DK.W0.W0.CP0.1.2230.R.PCS_ALL._Z._X._Z.N.EUR_R_PNT","H","DK","W0","W0","CP0",1,"2230","R","PCS_ALL","_Z","_X","_Z","N","EUR_R_PNT","2022-S1",null,"M",false,null,null,"P6M",{"$nulls":4},"S",null,null,2,null,"Total value; ratio to number of transactions of card payment, initiated via mobile payment solution (electronic), sent - SCA: , issuer location: Denmark, POS location: world","Total value; ratio to number of transactions of card payment, initiated via mobile payment solution (electronic), sent - SCA: , issuer location: Denmark, POS location: world","EUR_R_PNT",0]
["PCP.H.DK.W0.W0.CP0.1.2230.R.PCS_ALL._Z._X._Z.N.EUR_R_PNT","H","DK","W0","W0","CP0",1,"2230","R","PCS_ALL","_Z","_X","_Z","N","EUR_R_PNT","2022-S2",null,"M",false,null,null,"P6M",{"$nulls":4},"S",null,null,2,null,"Total value; ratio to number of transactions of card payment, initiated via mobile payment solution (electronic), sent - SCA: , issuer location: Denmark, POS location: world","Total value; ratio to number of transactions of card payment, initiated via mobile payment solution (electronic), sent - SCA: , issuer location: Denmark, POS location: world","EUR_R_PNT",0]
["PCP.H.DK.W0.W0.CP0.1.2230.R.PCS_ALL._Z._X._Z.N.EUR_R_PNT","H","DK","W0","W0","CP0",1,"2230","R","PCS_ALL","_Z","_X","_Z","N","EUR_R_PNT","2023-S1",null,"M",false,null,null,"P6M",{"$nulls":4},"S",null,null,2,null,"Total value; ratio to number of transactions of card payment, initiated via mobile payment solution (electronic), sent - SCA: , issuer location: Denmark, POS location: world","Total value; ratio to number of transactions of card payment, initiated via mobile payment solution (electronic), sent - SCA: , issuer location: Denmark, POS location: world","EUR_R_PNT",0]
["PCP.H.EE.W0.G1.CP0.1.2000.R.PCS_ALL.13._X._Z.N.EUR","H","EE","W0","G1","CP0",1,"2000","R","PCS_ALL","13","_X","_Z","N","EUR","2022-S1",17.73349279,"A",false,null,null,"P6M",{"$nulls":4},"S",null,null,3,null,"Total value of card payment with a credit card, sent - issuer location: Estonia, POS location: outside EEA","Total value of card payment with a credit card, sent - issuer location: Estonia, POS location: outside EEA","EUR",6]
["PCP.H.EE.W0.G1.CP0.1.2000.R.PCS_ALL.13._X._Z.N.EUR","H","EE","W0","G1","CP0",1,"2000","R","PCS_ALL","13","_X","_Z","N","EUR","2022-S2",21.3781258,"A",false,null,null,"P6M",{"$nulls":4},"S",null,null,3,null,"Total value of card payment with a credit card, sent - issuer location: Estonia, POS location: outside EEA","Total value of card payment with a credit card, sent - issuer location: Estonia, POS location: outside EEA","EUR",6]
["PCP.H.EE.W0.G1.CP0.1.2000.R.PCS_ALL.13._X._Z.N.EUR","H","EE","W0","G1","CP0",1,"2000","R","PCS_ALL","13","_X","_Z","N","EUR","2023-S1",22.37309382,"A",false,null,null,"P6M",{"$nulls":4},"S",null,null,3,null,"Total value of card payment with a credit card, sent - issuer location: Estonia, POS location: outside EEA","Total value of card payment with a credit card, sent - issuer location: Estonia, POS location: outside EEA","EUR",6]
["PCP.H.EE.W0.G1.CP0.1.2000.R.PCS_ALL.13._X._Z.N.EUR","H","EE","W0","G1","CP0",1,"2000","R","PCS_ALL","13","_X","_Z","N","EUR","2023-S2",23.68457905,"P",false,null,null,"P6M",{"$nulls":4},"S",null,null,3,null,"Total value of card payment with a credit card, sent - issuer location: Estonia, POS location: outside EEA","Total value of card payment with a credit card, sent - issuer location: Estonia, POS location: outside EEA","EUR",6]
["PCP.H.EE.W0.G3.CP0.1.2000.NR.PCS_ALL.13._X._Z.N.EUR","H","EE","W0","G3","CP0",1,"2000","NR","PCS_ALL","13","_X","_Z","N","EUR","2022-S1",47.0931756,"A",false,null,null,"P6M",{"$nulls":4},"S",null,null,3,null,"Total value of card payment with a credit card, sent - issuer location: Estonia, POS location: other EEA countries","Total value of card payment with a credit card, sent - issuer location: Estonia, POS location: other EEA countries","EUR",6]
["PCP.H.EE.W0.G3.CP0.1.2000.NR.PCS_ALL.13._X._Z.N.EUR","H","EE","W0","G3","CP0",1,"2000","NR","PCS_ALL","13","_X","_Z","N","EUR","2022-S2",52.03717860000001,"A",false,null,null,"P6M",{"$nulls":4},"S",null,null,3,null,"Total value of card payment with a credit card, sent - issuer location: Estonia, POS location: other EEA countries","Total value of card payment with a credit card, sent - issuer location: Estonia, POS location: other EEA countries","EUR",6]
["PCP.H.EE.W0.G3.CP0.1.2000.NR.PCS_ALL.13._X._Z.N.EUR","H","EE","W0","G3","CP0",1,"2000","NR","PCS_ALL","13","_X","_Z","N","EUR","2023-S1",46.00202599999999,"A",false,null,null,"P6M",{"$nulls":4},"S",null,null,3,null,"Total value of card payment with a credit card, sent - issuer location: Estonia, POS location: other EEA countries","Total value of card payment with a credit card, sent - issuer location: Estonia, POS location: other EEA countries","EUR",6]
["PCP.H.EE.W0.G3.CP0.1.2000.NR.PCS_ALL.13._X._Z.N.EUR","H","EE","W0","G3","CP0",1,"2000","NR","PCS_ALL","13","_X","_Z","N","EUR","2023-S2",49.91871775,"P",false,null,null,"P6M",{"$nulls":4},"S",null,null,3,null,"Total value of card payment with a credit card, sent - issuer location: Estonia, POS location: other EEA countries","Total value of card payment with a credit card, sent - issuer location: Estonia, POS location: other EEA countries","EUR",6]
["PCP.H.ES.G1.G1.CP0.1._T._T.PCS_ALL._Z._X._Z.N.PN","H","ES","G1","G1","CP0",1,"_T","_T","PCS_ALL","_Z","_X","_Z","N","PN","2022-S1",90.755313,"A",false,null,null,"P6M",{"$nulls":4},"S",null,null,3,null,"Number of card paymentall, sent - SCA: , issuer location: Spain, acquirer location: outside EEA, POS location: outside EEA","Number of card paymentall, sent - SCA: , issuer location: Spain, acquirer location: outside EEA, POS location: outside EEA","PN",6]
["PCP.H.ES.G1.G1.CP0.1._T._T.PCS_ALL._Z._X._Z.N.PN","H","ES","G1","G1","CP0",1,"_T","_T","PCS_ALL","_Z","_X","_Z","N","PN","2022-S2",105.364656,"A",false,null,null,"P6M",{"$nulls":4},"S",null,null,3,null,"Number of card paymentall, sent - SCA: , issuer location: Spain, acquirer location: outside EEA, POS location: outside EEA","Number of card paymentall, sent - SCA: , issuer location: Spain, acquirer location: outside EEA, POS location: outside EEA","PN",6]
["PCP.H.ES.G1.G1.CP0.1._T._T.PCS_ALL._Z._X._Z.N.PN","H","ES","G1","G1","CP0",1,"_T","_T","PCS_ALL","_Z","_X","_Z","N","PN","2023-S1",67.191914,"A",false,null,null,"P6M",{"$nulls":4},"S",null,null,3,null,"Number of card paymentall, sent - SCA: , issuer location: Spain, acquirer location: outside EEA, POS location: outside EEA","Number of card paymentall, sent - SCA: , issuer location: Spain, acquirer location: outside EEA, POS location: outside EEA","PN",6]
["PCP.H.ES.G1.G1.CP0.1._T._T.PCS_ALL._Z._X._Z.N.PN","H","ES","G1","G1","CP0",1,"_T","_T","PCS_ALL","_Z","_X","_Z","N","PN","2023-S2",76.301366,"P",false,null,null,"P6M",{"$nulls":4},"S",null,null,3,null,"Number of card paymentall, sent - SCA: , issuer location: Spain, acquirer location: outside EEA, POS location: outside EEA","Number of card paymentall, sent - SCA: , issuer location: Spain, acquirer location: outside EEA, POS location: outside EEA","PN",6]
["PCP.H.ES.G1.W1.CP0.1.2000.R.PCS_ALL.13._X._Z.N.PN","H","ES","G1","W1","CP0",1,"2000","R","PCS_ALL","13","_X","_Z","N","PN","2022-S1",16.703064,"A",false,null,null,"P6M",{"$nulls":4},"S",null,null,3,null,"Number of card payment with a credit card, sent - issuer location: Spain, acquirer location: outside EEA, POS location: Rest of the World","Number of card payment with a credit card, sent - issuer location: Spain, acquirer location: outside EEA, POS location: Rest of the World","PN",6]
["PCP.H.ES.G1.W1.CP0.1.2000.R.PCS_ALL.13._X._Z.N.PN","H","ES","G1","W1","CP0",1,"2000","R","PCS_ALL","13","_X","_Z","N","PN","2022-S2",22.109343,"A",false,null,null,"P6M",{"$nulls":4},"S",null,null,3,null,"Number of card payment with a credit card, sent - issuer location: Spain, acquirer location: outside EEA, POS location: Rest of the World","Number of card payment with a credit card, sent - issuer location: Spain, acquirer location: outside EEA, POS location: Rest of the World","PN",6]
["PCP.H.ES.G1.W1.CP0.1.2000.R.PCS_ALL.13._X._Z.N.PN","H","ES","G1","W1","CP0",1,"2000","R","PCS_ALL","13","_X","_Z","N","PN","2023-S1",20.159385,"A",false,null,null,"P6M",{"$nulls":4},"S",null,null,3,null,"Number of card payment with a credit card, sent - issuer location: Spain, acquirer location: outside EEA, POS location: Rest of the World","Number of card payment with a credit card, sent - issuer location: Spain, acquirer location: outside EEA, POS location: Rest of the World","PN",6]
["PCP.H.ES.G1.W1.CP0.1.2000.R.PCS_ALL.13._X._Z.N.PN","H","ES","G1","W1","CP0",1,"2000","R","PCS_ALL","13","_X","_Z","N","PN","2023-S2",22.944951,"P",false,null,null,"P6M",{"$nulls":4},"S",null,null,3,null,"Number of card payment with a credit card, sent - issuer location: Spain, acquirer location: outside EEA, POS location: Rest of the World","Number of card payment with a credit card, sent - issuer location: Spain, acquirer location: outside EEA, POS location: Rest of the World","PN",6]
["PCP.H.ES.G1.W1.CP0.2.2000.R.PCS_ALL._Z._X._Z.N.PN","H","ES","G1","W1","CP0",2,"2000","R","PCS_ALL","_Z","_X","_Z","N","PN","2022-S1",64.35114599999999,"A",false,null,null,"P6M",{"$nulls":4},"S",null,null,3,null,"Number of card paymentelectronic, received - SCA: , acquirer location: Spain, issuer location: outside EEA, POS location: Rest of the World","Number of card paymentelectronic, received - SCA: , acquirer location: Spain, issuer location: outside EEA, POS location: Rest of the World","PN",6]
["PCP.H.ES.G1.W1.CP0.2.2000.R.PCS_ALL._Z._X._Z.N.PN","H","ES","G1","W1","CP0",2,"2000","R","PCS_ALL","_Z","_X","_Z","N","PN","2022-S2",72.051226,"A",false,null,null,"P6M",{"$nulls":4},"S",null,null,3,null,"Number of card paymentelectronic, received - SCA: , acquirer location: Spain, issuer location: outside EEA, POS location: Rest of the World","Number of card paymentelectronic, received - SCA: , acquirer location: Spain, issuer location: outside EEA, POS location: Rest of the World","PN",6]
["PCP.H.ES.G1.W1.CP0.2.2000.R.PCS_ALL._Z._X._Z.N.PN","H","ES","G1","W1","CP0",2,"2000","R","PCS_ALL","_Z","_X","_Z","N","PN","2023-S1",86.22434400000002,"A",false,null,null,"P6M",{"$nulls":4},"S",null,null,3,null,"Number of card paymentelectronic, received - SCA: , acquirer location: Spain, issuer location: outside EEA, POS location: Rest of the World","Number of card paymentelectronic, received - SCA: , acquirer location: Spain, issuer location: outside EEA, POS location: Rest of the World","PN",6]
["PCP.H.ES.G1.W1.CP0.2.2000.R.PCS_ALL._Z._X._Z.N.PN","H","ES","G1","W1","CP0",2,"2000","R","PCS_ALL","_Z","_X","_Z","N","PN","2023-S2",85.17535999999998,"P",false,null,null,"P6M",{"$nulls":4},"S",null,null,3,null,"Number of card paymentelectronic, received - SCA: , acquirer location: Spain, issuer location: outside EEA, POS location: Rest of the World","Number of card paymentelectronic, received - SCA: , acquirer location: Spain, issuer location: outside EEA, POS location: Rest of the World","PN",6]
["PCP.H.ES.W0.G1.CP0.1.2000.NR.PCS_ALL._Z.204._Z.N.EUR","H","ES","W0","G1","CP0",1,"2000","NR","PCS_ALL","_Z","204","_Z","N","EUR","2022-S1",0.05738233,"A",false,null,null,"P6M",{"$nulls":4},"S",null,null,3,null,"Total value of card paymentelectronic, sent - SCA: non-sca: trusted beneficiaries, issuer location: Spain, POS location: outside EEA","Total value of card paymentelectronic, sent - SCA: non-sca: trusted beneficiaries, issuer location: Spain, POS location: outside EEA","EUR",6]
["PCP.H.ES.W0.G1.CP0.1.2000.NR.PCS_ALL._Z.204._Z.N.EUR","H","ES","W0","G1","CP0",1,"2000","NR","PCS_ALL","_Z","204","_Z","N","EUR","2022-S2",0.11924775,"A",false,null,null,"P6M",{"$nulls":4},"S",null,null,3,null,"Total value of card paymentelectronic, sent - SCA: non-sca: trusted beneficiaries, issuer location: Spain, POS location: outside EEA","Total value of card paymentelectronic, sent - SCA: non-sca: trusted beneficiaries, issuer location: Spain, POS location: outside EEA","EUR",6]
["PCP.H.ES.W0.G1.CP0.1.2000.NR.PCS_ALL._Z.204._Z.N.EUR","H","ES","W0","G1","CP0",1,"2000","NR","PCS_ALL","_Z","204","_Z","N","EUR","2023-S1",0.18571145,"A",false,null,null,"P6M",{"$nulls":4},"S",null,null,3,null,"Total value of card paymentelectronic, sent - SCA: non-sca: trusted beneficiaries, issuer location: Spain, POS location: outside EEA","Total value of card paymentelectronic, sent - SCA: non-sca: trusted beneficiaries, issuer location: Spain, POS location: outside EEA","EUR",6]
["PCP.H.ES.W0.G1.CP0.1.2000.NR.PCS_ALL._Z.204._Z.N.EUR","H","ES","W0","G1","CP0",1,"2000","NR","PCS_ALL","_Z","204","_Z","N","EUR","2023-S2",0.87660881,"P",false,null,null,"P6M",{"$nulls":4},"S",null,null,3,null,"Total value of card paymentelectronic, sent - SCA: non-sca: trusted beneficiaries, issuer location: Spain, POS location: outside EEA","Total value of card paymentelectronic, sent - SCA: non-sca: trusted beneficiaries, issuer location: Spain, POS location: outside EEA","EUR",6]
["PCP.H.ES.W1.G1.CP0.1.2000.R.PCS_ALL._Z.200._Z.N.PN","H","ES","W1","G1","CP0",1,"2000","R","PCS_ALL","_Z","200","_Z","N","PN","2022-S1",44.175068,"A",false,null,null,"P6M",{"$nulls":4},"S",null,null,3,null,"Number of card paymentelectronic, sent - SCA: non-sca, issuer location: Spain, acquirer location: Rest of the World, POS location: outside EEA","Number of card paymentelectronic, sent - SCA: non-sca, issuer location: Spain, acquirer location: Rest of the World, POS location: outside EEA","PN",6]
["PCP.H.ES.W1.G1.CP0.1.2000.R.PCS_ALL._Z.200._Z.N.PN","H","ES","W1","G1","CP0",1,"2000","R","PCS_ALL","_Z","200","_Z","N","PN","2022-S2",54.900194,"A",false,null,null,"P6M",{"$nulls":4},"S",null,null,3,null,"Number of card paymentelectronic, sent - SCA: non-sca, issuer location: Spain, acquirer location: Rest of the World, POS location: outside EEA","Number of card paymentelectronic, sent - SCA: non-sca, issuer location: Spain, acquirer location: Rest of the World, POS location: outside EEA","PN",6]
["PCP.H.ES.W1.G1.CP0.1.2000.R.PCS_ALL._Z.200._Z.N.PN","H","ES","W1","G1","CP0",1,"2000","R","PCS_ALL","_Z","200","_Z","N","PN","2023-S1",27.683327,"A",false,null,null,"P6M",{"$nulls":4},"S",null,null,3,null,"Number of card paymentelectronic, sent - SCA: non-sca, issuer location: Spain, acquirer location: Rest of the World, POS location: outside EEA","Number of card paymentelectronic, sent - SCA: non-sca, issuer location: Spain, acquirer location: Rest of the World, POS location: outside EEA","PN",6]
["PCP.H.ES.W1.G1.CP0.1.2000.R.PCS_ALL._Z.200._Z.N.PN","H","ES","W1","G1","CP0",1,"2000","R","PCS_ALL","_Z","200","_Z","N","PN","2023-S2",27.003724,"P",false,null,null,"P6M",{"$nulls":4},"S",null,null,3,null,"Number of card paymentelectronic, sent - SCA: non-sca, issuer location: Spain, acquirer location: Rest of the World, POS location: outside EEA","Number of card paymentelectronic, sent - SCA: non-sca, issuer location: Spain, acquirer location: Rest of the World, POS location: outside EEA","PN",6]
["PCP.H.ES.W1.W1.CP0.2.2000.R.PCS_ALL._Z.205._Z.N.EUR","H","ES","W1","W1","CP0",2,"2000","R","PCS_ALL","_Z","205","_Z","N","EUR","2022-S1",1.14841482,"A",false,null,null,"P6M",{"$nulls":4},"S",null,null,3,null,"Value of card paymentelectronic, received - SCA: non-sca: recurring transaction, acquirer location: Spain, issuer location: Rest of the World, POS location: Rest of the World","Value of card paymentelectronic, received - SCA: non-sca: recurring transaction, acquirer location: Spain, issuer location: Rest of the World, POS location: Rest of the World","EUR",6]
["PCP.H.ES.W1.W1.CP0.2.2000.R.PCS_ALL._Z.205._Z.N.EUR","H","ES","W1","W1","CP0",2,"2000","R","PCS_ALL","_Z","205","_Z","N","EUR","2022-S2",1.10629302,"A",false,null,null,"P6M",{"$nulls":4},"S",null,null,3,null,"Value of card paymentelectronic, received - SCA: non-sca: recurring transaction, acquirer location: Spain, issuer location: Rest of the World, POS location: Rest of the World","Value of card paymentelectronic, received - SCA: non-sca: recurring transaction, acquirer location: Spain, issuer location: Rest of the World, POS location: Rest of the World","EUR",6]
["PCP.H.ES.W1.W1.CP0.2.2000.R.PCS_ALL._Z.205._Z.N.EUR","H","ES","W1","W1","CP0",2,"2000","R","PCS_ALL","_Z","205","_Z","N","EUR","2023-S1",1.68682821,"A",false,null,null,"P6M",{"$nulls":4},"S",null,null,3,null,"Value of card paymentelectronic, received - SCA: non-sca: recurring transaction, acquirer location: Spain, issuer location: Rest of the World, POS location: Rest of the World","Value of card paymentelectronic, received - SCA: non-sca: recurring transaction, acquirer location: Spain, issuer location: Rest of the World, POS location: Rest of the World","EUR",6]
["PCP.H.ES.W1.W1.CP0.2.2000.R.PCS_ALL._Z.205._Z.N.EUR","H","ES","W1","W1","CP0",2,"2000","R","PCS_ALL","_Z","205","_Z","N","EUR","2023-S2",1.5090921,"P",false,null,null,"P6M",{"$nulls":4},"S",null,null,3,null,"Value of card paymentelectronic, received - SCA: non-sca: recurring transaction, acquirer location: Spain, issuer location: Rest of the World, POS location: Rest of the World","Value of card paymentelectronic, received - SCA: non-sca: recurring transaction, acquirer location: Spain, issuer location: Rest of the World, POS location: Rest of the World","EUR",6]
["PCP.H.ES.W1.W2.CP0.2.2000.NR.PCS_ALL.12._X._Z.N.EUR","H","ES","W1","W2","CP0",2,"2000","NR","PCS_ALL","12","_X","_Z","N","EUR","2022-S1",0,"A",false,null,null,"P6M",{"$nulls":4},"S",null,null,3,null,"Value of card payment,with a delayed debit card, received - acquirer location: Spain, issuer location: Rest of the World, POS location: domestic","Value of card payment,with a delayed debit card, received - acquirer location: Spain, issuer location: Rest of the World, POS location: domestic","EUR",6]
["PCP.H.ES.W1.W2.CP0.2.2000.NR.PCS_ALL.12._X._Z.N.EUR","H","ES","W1","W2","CP0",2,"2000","NR","PCS_ALL","12","_X","_Z","N","EUR","2022-S2",0,"A",false,null,null,"P6M",{"$nulls":4},"S",null,null,3,null,"Value of card payment,with a delayed debit card, received - acquirer location: Spain, issuer location: Rest of the World, POS location: domestic","Value of card payment,with a delayed debit card, received - acquirer location: Spain, issuer location: Rest of the World, POS location: domestic","EUR",6]
["PCP.H.ES.W1.W2.CP0.2.2000.NR.PCS_ALL.12._X._Z.N.EUR","H","ES","W1","W2","CP0",2,"2000","NR","PCS_ALL","12","_X","_Z","N","EUR","2023-S1",0,"A",false,null,null,"P6M",{"$nulls":4},"S",null,null,3,null,"Value of card payment,with a delayed debit card, received - acquirer location: Spain, issuer location: Rest of the World, POS location: domestic","Value of card payment,with a delayed debit card, received - acquirer location: Spain, issuer location: Rest of the World, POS location: domestic","EUR",6]
["PCP.H.ES.W1.W2.CP0.2.2000.NR.PCS_ALL.12._X._Z.N.EUR","H","ES","W1","W2","CP0",2,"2000","NR","PCS_ALL","12","_X","_Z","N","EUR","2023-S2",0,"P",false,null,null,"P6M",{"$nulls":4},"S",null,null,3,null,"Value of card payment,with a delayed debit card, received - acquirer location: Spain, issuer location: Rest of the World, POS location: domestic","Value of card payment,with a delayed debit card, received - acquirer location: Spain, issuer location: Rest of the World, POS location: domestic","EUR",6]
["PCP.H.FI.G1.G3.CP0.2.2000.NR.PCS_ALL._Z.100._Z.N.PN","H","FI","G1","G3","CP0",2,"2000","NR","PCS_ALL","_Z","100","_Z","N","PN","2022-S1",0.029314,"A",false,null,null,"P6M",{"$nulls":4},"S",null,null,3,null,"Number of card paymentelectronic, received - SCA: sca, acquirer location: Finland, issuer location: outside EEA, POS location: other EEA countries","Number of card paymentelectronic, received - SCA: sca, acquirer location: Finland, issuer location: outside EEA, POS location: other EEA countries","PN",6]
["PCP.H.FI.G1.G3.CP0.2.2000.NR.PCS_ALL._Z.100._Z.N.PN","H","FI","G1","G3","CP0",2,"2000","NR","PCS_ALL","_Z","100","_Z","N","PN","2022-S2",0.032817,"A",false,null,null,"P6M",{"$nulls":4},"S",null,null,3,null,"Number of card paymentelectronic, received - SCA: sca, acquirer location: Finland, issuer location: outside EEA, POS location: other EEA countries","Number of card paymentelectronic, received - SCA: sca, acquirer location: Finland, issuer location: outside EEA, POS location: other EEA countries","PN",6]
["PCP.H.FI.G1.G3.CP0.2.2000.NR.PCS_ALL._Z.100._Z.N.PN","H","FI","G1","G3","CP0",2,"2000","NR","PCS_ALL","_Z","100","_Z","N","PN","2023-S1",0.024794,"A",false,null,null,"P6M",{"$nulls":4},"S",null,null,3,null,"Number of card paymentelectronic, received - SCA: sca, acquirer location: Finland, issuer location: outside EEA, POS location: other EEA countries","Number of card paymentelectronic, received - SCA: sca, acquirer location: Finland, issuer location: outside EEA, POS location: other EEA countries","PN",6]
["PCP.H.FI.G1.G3.CP0.2.2000.NR.PCS_ALL._Z.100._Z.N.PN","H","FI","G1","G3","CP0",2,"2000","NR","PCS_ALL","_Z","100","_Z","N","PN","2023-S2",0.027915,"P",false,null,null,"P6M",{"$nulls":4},"S",null,null,3,null,"Number of card paymentelectronic, received - SCA: sca, acquirer location: Finland, issuer location: outside EEA, POS location: other EEA countries","Number of card paymentelectronic, received - SCA: sca, acquirer location: Finland, issuer location: outside EEA, POS location: other EEA countries","PN",6]
["PCP.H.FI.G1.W2.CP0.2.1000._T.PCS_ALL._Z._X._Z.N.EUR","H","FI","G1","W2","CP0",2,"1000","_T","PCS_ALL","_Z","_X","_Z","N","EUR","2022-S1",0.0179356,"A",false,null,null,"P6M",{"$nulls":4},"S",null,null,3,null,"Value of card paymentnon-electronic, received - SCA: , acquirer location: Finland, issuer location: outside EEA, POS location: domestic","Value of card paymentnon-electronic, received - SCA: , acquirer location: Finland, issuer location: outside EEA, POS location: domestic","EUR",6]
["PCP.H.FI.G1.W2.CP0.2.1000._T.PCS_ALL._Z._X._Z.N.EUR","H","FI","G1","W2","CP0",2,"1000","_T","PCS_ALL","_Z","_X","_Z","N","EUR","2022-S2",0.02471606,"A",false,null,null,"P6M",{"$nulls":4},"S",null,null,3,null,"Value of card paymentnon-electronic, received - SCA: , acquirer location: Finland, issuer location: outside EEA, POS location: domestic","Value of card paymentnon-electronic, received - SCA: , acquirer location: Finland, issuer location: outside EEA, POS location: domestic","EUR",6]
["PCP.H.FI.G1.W2.CP0.2.1000._T.PCS_ALL._Z._X._Z.N.EUR","H","FI","G1","W2","CP0",2,"1000","_T","PCS_ALL","_Z","_X","_Z","N","EUR","2023-S1",11.39355698,"A",false,null,null,"P6M",{"$nulls":4},"S",null,null,3,null,"Value of card paymentnon-electronic, received - SCA: , acquirer location: Finland, issuer location: outside EEA, POS location: domestic","Value of card paymentnon-electronic, received - SCA: , acquirer location: Finland, issuer location: outside EEA, POS location: domestic","EUR",6]
["PCP.H.FI.G1.W2.CP0.2.1000._T.PCS_ALL._Z._X._Z.N.EUR","H","FI","G1","W2","CP0",2,"1000","_T","PCS_ALL","_Z","_X","_Z","N","EUR","2023-S2",15.60543101,"P",false,null,null,"P6M",{"$nulls":4},"S",null,null,3,null,"Value of card paymentnon-electronic, received - SCA: , acquirer location: Finland, issuer location: outside EEA, POS location: domestic","Value of card paymentnon-electronic, received - SCA: , acquirer location: Finland, issuer location: outside EEA, POS location: domestic","EUR",6]
["PCP.H.FI.G3.G3.CP11.1.2223.NR.PCS_ALL._Z._X._Z.N.PN","H","FI","G3","G3","CP11",1,"2223","NR","PCS_ALL","_Z","_X","_Z","N","PN","2022-S1",15.383292,"A",false,null,null,"P6M",{"$nulls":4},"S",null,null,3,null,"Number of card payments (nfc), initiated at eftpos, sent - SCA: , issuer location: Finland, acquirer location: other EEA countries, terminal location: other EEA countries","Number of card payments (nfc), initiated at eftpos, sent - SCA: , issuer location: Finland, acquirer location: other EEA countries, terminal location: other EEA countries","PN",6]
["PCP.H.FI.G3.G3.CP11.1.2223.NR.PCS_ALL._Z._X._Z.N.PN","H","FI","G3","G3","CP11",1,"2223","NR","PCS_ALL","_Z","_X","_Z","N","PN","2022-S2",21.856841,"A",false,null,null,"P6M",{"$nulls":4},"S",null,null,3,null,"Number of card payments (nfc), initiated at eftpos, sent - SCA: , issuer location: Finland, acquirer location: other EEA countries, terminal location: other EEA countries","Number of card payments (nfc), initiated at eftpos, sent - SCA: , issuer location: Finland, acquirer location: other EEA countries, terminal location: other EEA countries","PN",6]
["PCP.H.FI.G3.G3.CP11.1.2223.NR.PCS_ALL._Z._X._Z.N.PN","H","FI","G3","G3","CP11",1,"2223","NR","PCS_ALL","_Z","_X","_Z","N","PN","2023-S1",22.209,"A",false,null,null,"P6M",{"$nulls":4},"S",null,null,3,null,"Number of card payments (nfc), initiated at eftpos, sent - SCA: , issuer location: Finland, acquirer location: other EEA countries, terminal location: other EEA countries","Number of card payments (nfc), initiated at eftpos, sent - SCA: , issuer location: Finland, acquirer location: other EEA countries, terminal location: other EEA countries","PN",6]
["PCP.H.FI.G3.G3.CP11.1.2223.NR.PCS_ALL._Z._X._Z.N.PN","H","FI","G3","G3","CP11",1,"2223","NR","PCS_ALL","_Z","_X","_Z","N","PN","2023-S2",27.91626100000001,"P",false,null,null,"P6M",{"$nulls":4},"S",null,null,3,null,"Number of card payments (nfc), initiated at eftpos, sent - SCA: , issuer location: Finland, acquirer location: other EEA countries, terminal location: other EEA countries","Number of card payments (nfc), initiated at eftpos, sent - SCA: , issuer location: Finland, acquirer location: other EEA countries, terminal location: other EEA countries","PN",6]
["PCP.H.FI.W2.W0.CP0.1.2000.NR.PCS_ALL.11._X._Z.N.EUR","H","FI","W2","W0","CP0",1,"2000","NR","PCS_ALL","11","_X","_Z","N","EUR","2022-S1",11969.20114189,"A",false,null,null,"P6M",{"$nulls":4},"S",null,null,3,null,"Value of card payment with a debit card, sent - issuer location: Finland, acquirer location: domestic, POS location: world","Value of card payment with a debit card, sent - issuer location: Finland, acquirer location: domestic, POS location: world","EUR",6]
["PCP.H.FI.W2.W0.CP0.1.2000.NR.PCS_ALL.11._X._Z.N.EUR","H","FI","W2","W0","CP0",1,"2000","NR","PCS_ALL","11","_X","_Z","N","EUR","2022-S2",12843.31142028,"A",false,null,null,"P6M",{"$nulls":4},"S",null,null,3,null,"Value of card payment with a debit card, sent - issuer location: Finland, acquirer location: domestic, POS location: world","Value of card payment with a debit card, sent - issuer location: Finland, acquirer location: domestic, POS location: world","EUR",6]
["PCP.H.FI.W2.W0.CP0.1.2000.NR.PCS_ALL.11._X._Z.N.EUR","H","FI","W2","W0","CP0",1,"2000","NR","PCS_ALL","11","_X","_Z","N","EUR","2023-S1",12317.6647865,"A",false,null,null,"P6M",{"$nulls":4},"S",null,null,3,null,"Value of card payment with a debit card, sent - issuer location: Finland, acquirer location: domestic, POS location: world","Value of card payment with a debit card, sent - issuer location: Finland, acquirer location: domestic, POS location: world","EUR",6]
["PCP.H.FI.W2.W0.CP0.1.2000.NR.PCS_ALL.11._X._Z.N.EUR","H","FI","W2","W0","CP0",1,"2000","NR","PCS_ALL","11","_X","_Z","N","EUR","2023-S2",13234.54260293,"P",false,null,null,"P6M",{"$nulls":4},"S",null,null,3,null,"Value of card payment with a debit card, sent - issuer location: Finland, acquirer location: domestic, POS location: world","Value of card payment with a debit card, sent - issuer location: Finland, acquirer location: domestic, POS location: world","EUR",6]
["PCP.H.FI.W2.W0.CP0.1.2000.R.PCS_ALL._Z.210._Z.N.EUR","H","FI","W2","W0","CP0",1,"2000","R","PCS_ALL","_Z","210","_Z","N","EUR","2022-S1",209.16878864,"A",false,null,null,"P6M",{"$nulls":4},"S",null,null,3,null,"Value of card paymentelectronic, sent - SCA: non-sca: others, issuer location: Finland, acquirer location: domestic, POS location: world","Value of card paymentelectronic, sent - SCA: non-sca: others, issuer location: Finland, acquirer location: domestic, POS location: world","EUR",6]
["PCP.H.FI.W2.W0.CP0.1.2000.R.PCS_ALL._Z.210._Z.N.EUR","H","FI","W2","W0","CP0",1,"2000","R","PCS_ALL","_Z","210","_Z","N","EUR","2022-S2",323.12861556,"A",false,null,null,"P6M",{"$nulls":4},"S",null,null,3,null,"Value of card paymentelectronic, sent - SCA: non-sca: others, issuer location: Finland, acquirer location: domestic, POS location: world","Value of card paymentelectronic, sent - SCA: non-sca: others, issuer location: Finland, acquirer location: domestic, POS location: world","EUR",6]
["PCP.H.FI.W2.W0.CP0.1.2000.R.PCS_ALL._Z.210._Z.N.EUR","H","FI","W2","W0","CP0",1,"2000","R","PCS_ALL","_Z","210","_Z","N","EUR","2023-S1",290.54236299,"A",false,null,null,"P6M",{"$nulls":4},"S",null,null,3,null,"Value of card paymentelectronic, sent - SCA: non-sca: others, issuer location: Finland, acquirer location: domestic, POS location: world","Value of card paymentelectronic, sent - SCA: non-sca: others, issuer location: Finland, acquirer location: domestic, POS location: world","EUR",6]
["PCP.H.FI.W2.W0.CP0.1.2000.R.PCS_ALL._Z.210._Z.N.EUR","H","FI","W2","W0","CP0",1,"2000","R","PCS_ALL","_Z","210","_Z","N","EUR","2023-S2",377.51923717,"P",false,null,null,"P6M",{"$nulls":4},"S",null,null,3,null,"Value of card paymentelectronic, sent - SCA: non-sca: others, issuer location: Finland, acquirer location: domestic, POS location: world","Value of card paymentelectronic, sent - SCA: non-sca: others, issuer location: Finland, acquirer location: domestic, POS location: world","EUR",6]
["PCP.H.FI.W2.W1.CP0.1.2000.R.PCS_ALL._Z._X._Z.N.EUR","H","FI","W2","W1","CP0",1,"2000","R","PCS_ALL","_Z","_X","_Z","N","EUR","2022-S1",217.02413226,"A",false,null,null,"P6M",{"$nulls":4},"S",null,null,3,null,"Value of card paymentelectronic, sent - SCA: , issuer location: Finland, acquirer location: domestic, POS location: Rest of the World","Value of card paymentelectronic, sent - SCA: , issuer location: Finland, acquirer location: domestic, POS location: Rest of the World","EUR",6]
["PCP.H.FI.W2.W1.CP0.1.2000.R.PCS_ALL._Z._X._Z.N.EUR","H","FI","W2","W1","CP0",1,"2000","R","PCS_ALL","_Z","_X","_Z","N","EUR","2022-S2",230.19053065,"A",false,null,null,"P6M",{"$nulls":4},"S",null,null,3,null,"Value of card paymentelectronic, sent - SCA: , issuer location: Finland, acquirer location: domestic, POS location: Rest of the World","Value of card paymentelectronic, sent - SCA: , issuer location: Finland, acquirer location: domestic, POS location: Rest of the World","EUR",6]
["PCP.H.FI.W2.W1.CP0.1.2000.R.PCS_ALL._Z._X._Z.N.EUR","H","FI","W2","W1","CP0",1,"2000","R","PCS_ALL","_Z","_X","_Z","N","EUR","2023-S1",8.901617360000001,"A",false,null,null,"P6M",{"$nulls":4},"S",null,null,3,null,"Value of card paymentelectronic, sent - SCA: , issuer location: Finland, acquirer location: domestic, POS location: Rest of the World","Value of card paymentelectronic, sent - SCA: , issuer location: Finland, acquirer location: domestic, POS location: Rest of the World","EUR",6]
["PCP.H.FI.W2.W1.CP0.1.2000.R.PCS_ALL._Z._X._Z.N.EUR","H","FI","W2","W1","CP0",1,"2000","R","PCS_ALL","_Z","_X","_Z","N","EUR","2023-S2",3.70192758,"P",false,null,null,"P6M",{"$nulls":4},"S",null,null,3,null,"Value of card paymentelectronic, sent - SCA: , issuer location: Finland, acquirer location: domestic, POS location: Rest of the World","Value of card paymentelectronic, sent - SCA: , issuer location: Finland, acquirer location: domestic, POS location: Rest of the World","EUR",6]
["PCP.H.FR.G3.G1.CP0.2.2000.R.PCS_ALL._Z.100._Z.N.PN","H","FR","G3","G1","CP0",2,"2000","R","PCS_ALL","_Z","100","_Z","N","PN","2022-S1",0.08352800000000002,"A",false,null,null,"P6M",{"$nulls":4},"S",null,null,3,null,"Number of card paymentelectronic, received - SCA: sca, acquirer location: France, issuer location: other EEA countries, POS location: outside EEA","Number of card paymentelectronic, received - SCA: sca, acquirer location: France, issuer location: other EEA countries, POS location: outside EEA","PN",6]
["PCP.H.FR.G3.G1.CP0.2.2000.R.PCS_ALL._Z.100._Z.N.PN","H","FR","G3","G1","CP0",2,"2000","R","PCS_ALL","_Z","100","_Z","N","PN","2022-S2",0.1946870000000001,"A",false,null,null,"P6M",{"$nulls":4},"S",null,null,3,null,"Number of card paymentelectronic, received - SCA: sca, acquirer location: France, issuer location: other EEA countries, POS location: outside EEA","Number of card paymentelectronic, received - SCA: sca, acquirer location: France, issuer location: other EEA countries, POS location: outside EEA","PN",6]
["PCP.H.FR.G3.G1.CP0.2.2000.R.PCS_ALL._Z.100._Z.N.PN","H","FR","G3","G1","CP0",2,"2000","R","PCS_ALL","_Z","100","_Z","N","PN","2023-S1",0.190272,"A",false,null,null,"P6M",{"$nulls":4},"S",null,null,3,null,"Number of card paymentelectronic, received - SCA: sca, acquirer location: France, issuer location: other EEA countries, POS location: outside EEA","Number of card paymentelectronic, received - SCA: sca, acquirer location: France, issuer location: other EEA countries, POS location: outside EEA","PN",6]
["PCP.H.FR.G3.G1.CP0.2.2000.R.PCS_ALL._Z.100._Z.N.PN","H","FR","G3","G1","CP0",2,"2000","R","PCS_ALL","_Z","100","_Z","N","PN","2023-S2",0.160302,"P",false,null,null,"P6M",{"$nulls":4},"S",null,null,3,null,"Number of card paymentelectronic, received - SCA: sca, acquirer location: France, issuer location: other EEA countries, POS location: outside EEA","Number of card paymentelectronic, received - SCA: sca, acquirer location: France, issuer location: other EEA countries, POS location: outside EEA","PN",6]
["PCP.H.FR.W0.G3.CP0.2.2000.R.PCS_ALL.13._X._Z.N.PN","H","FR","W0","G3","CP0",2,"2000","R","PCS_ALL","13","_X","_Z","N","PN","2022-S1",9.485907000000003,"A",false,null,null,"P6M",{"$nulls":4},"S",null,null,3,null,"Total number of card payment,with a credit card, received - acquirer location: France, POS location: other EEA countries","Total number of card payment,with a credit card, received - acquirer location: France, POS location: other EEA countries","PN",6]
["PCP.H.FR.W0.G3.CP0.2.2000.R.PCS_ALL.13._X._Z.N.PN","H","FR","W0","G3","CP0",2,"2000","R","PCS_ALL","13","_X","_Z","N","PN","2022-S2",10.211053,"A",false,null,null,"P6M",{"$nulls":4},"S",null,null,3,null,"Total number of card payment,with a credit card, received - acquirer location: France, POS location: other EEA countries","Total number of card payment,with a credit card, received - acquirer location: France, POS location: other EEA countries","PN",6]
["PCP.H.FR.W0.G3.CP0.2.2000.R.PCS_ALL.13._X._Z.N.PN","H","FR","W0","G3","CP0",2,"2000","R","PCS_ALL","13","_X","_Z","N","PN","2023-S1",9.541205999999999,"A",false,null,null,"P6M",{"$nulls":4},"S",null,null,3,null,"Total number of card payment,with a credit card, received - acquirer location: France, POS location: other EEA countries","Total number of card payment,with a credit card, received - acquirer location: France, POS location: other EEA countries","PN",6]
["PCP.H.FR.W0.G3.CP0.2.2000.R.PCS_ALL.13._X._Z.N.PN","H","FR","W0","G3","CP0",2,"2000","R","PCS_ALL","13","_X","_Z","N","PN","2023-S2",10.01361,"P",false,null,null,"P6M",{"$nulls":4},"S",null,null,3,null,"Total number of card payment,with a credit card, received - acquirer location: France, POS location: other EEA countries","Total number of card payment,with a credit card, received - acquirer location: France, POS location: other EEA countries","PN",6]
["PCP.H.FR.W1.W0.CP0.1.2000.R.PCS_ALL.11._X._Z.N.EUR","H","FR","W1","W0","CP0",1,"2000","R","PCS_ALL","11","_X","_Z","N","EUR","2022-S1",16715.77682718,"A",false,null,null,"P6M",{"$nulls":4},"S",null,null,3,null,"Value of card payment with a debit card, sent - issuer location: France, acquirer location: Rest of the World, POS location: world","Value of card payment with a debit card, sent - issuer location: France, acquirer location: Rest of the World, POS location: world","EUR",6]
["PCP.H.FR.W1.W0.CP0.1.2000.R.PCS_ALL.11._X._Z.N.EUR","H","FR","W1","W0","CP0",1,"2000","R","PCS_ALL","11","_X","_Z","N","EUR","2022-S2",18391.04554228,"A",false,null,null,"P6M",{"$nulls":4},"S",null,null,3,null,"Value of card payment with a debit card, sent - issuer location: France, acquirer location: Rest of the World, POS location: world","Value of card payment with a debit card, sent - issuer location: France, acquirer location: Rest of the World, POS location: world","EUR",6]
["PCP.H.FR.W1.W0.CP0.1.2000.R.PCS_ALL.11._X._Z.N.EUR","H","FR","W1","W0","CP0",1,"2000","R","PCS_ALL","11","_X","_Z","N","EUR","2023-S1",19129.60574329,"A",false,null,null,"P6M",{"$nulls":4},"S",null,null,3,null,"Value of card payment with a debit card, sent - issuer location: France, acquirer location: Rest of the World, POS location: world","Value of card payment with a debit card, sent - issuer location: France, acquirer location: Rest of the World, POS location: world","EUR",6]
["PCP.H.FR.W1.W0.CP0.1.2000.R.PCS_ALL.11._X._Z.N.EUR","H","FR","W1","W0","CP0",1,"2000","R","PCS_ALL","11","_X","_Z","N","EUR","2023-S2",21568.05461314,"P",false,null,null,"P6M",{"$nulls":4},"S",null,null,3,null,"Value of card payment with a debit card, sent - issuer location: France, acquirer location: Rest of the World, POS location: world","Value of card payment with a debit card, sent - issuer location: France, acquirer location: Rest of the World, POS location: world","EUR",6]
["PCP.H.FR.W1.W1.CP0.2.1000.NR.PCS_ALL._Z._X._Z.N.EUR","H","FR","W1","W1","CP0",2,"1000","NR","PCS_ALL","_Z","_X","_Z","N","EUR","2022-S1",1541.46964015,"A",false,null,null,"P6M",{"$nulls":4},"S",null,null,3,null,"Value of card paymentnon-electronic, received - SCA: , acquirer location: France, issuer location: Rest of the World, POS location: Rest of the World","Value of card paymentnon-electronic, received - SCA: , acquirer location: France, issuer location: Rest of the World, POS location: Rest of the World","EUR",6]
["PCP.H.FR.W1.W1.CP0.2.1000.NR.PCS_ALL._Z._X._Z.N.EUR","H","FR","W1","W1","CP0",2,"1000","NR","PCS_ALL","_Z","_X","_Z","N","EUR","2022-S2",2259.39017784,"A",false,null,null,"P6M",{"$nulls":4},"S",null,null,3,null,"Value of card paymentnon-electronic, received - SCA: , acquirer location: France, issuer location: Rest of the World, POS location: Rest of the World","Value of card paymentnon-electronic, received - SCA: , acquirer location: France, issuer location: Rest of the World, POS location: Rest of the World","EUR",6]
["PCP.H.FR.W1.W1.CP0.2.1000.NR.PCS_ALL._Z._X._Z.N.EUR","H","FR","W1","W1","CP0",2,"1000","NR","PCS_ALL","_Z","_X","_Z","N","EUR","2023-S1",2348.8275541,"A",false,null,null,"P6M",{"$nulls":4},"S",null,null,3,null,"Value of card paymentnon-electronic, received - SCA: , acquirer location: France, issuer location: Rest of the World, POS location: Rest of the World","Value of card paymentnon-electronic, received - SCA: , acquirer location: France, issuer location: Rest of the World, POS location: Rest of the World","EUR",6]
["PCP.H.FR.W1.W1.CP0.2.1000.NR.PCS_ALL._Z._X._Z.N.EUR","H","FR","W1","W1","CP0",2,"1000","NR","PCS_ALL","_Z","_X","_Z","N","EUR","2023-S2",4653.894902359999,"P",false,null,null,"P6M",{"$nulls":4},"S",null,null,3,null,"Value of card paymentnon-electronic, received - SCA: , acquirer location: France, issuer location: Rest of the World, POS location: Rest of the World","Value of card paymentnon-electronic, received - SCA: , acquirer location: France, issuer location: Rest of the World, POS location: Rest of the World","EUR",6]
["PCP.H.FR.W2.G1.CP0.1.2000.NR.PCS_ALL._Z.206._Z.N.EUR","H","FR","W2","G1","CP0",1,"2000","NR","PCS_ALL","_Z","206","_Z","N","EUR","2022-S1",0.07242065,"A",false,null,null,"P6M",{"$nulls":4},"S",null,null,3,null,"Value of card paymentelectronic, sent - SCA: non-sca: unattended terminals, issuer location: France, acquirer location: domestic, POS location: outside EEA","Value of card paymentelectronic, sent - SCA: non-sca: unattended terminals, issuer location: France, acquirer location: domestic, POS location: outside EEA","EUR",6]
["PCP.H.FR.W2.G1.CP0.1.2000.NR.PCS_ALL._Z.206._Z.N.EUR","H","FR","W2","G1","CP0",1,"2000","NR","PCS_ALL","_Z","206","_Z","N","EUR","2022-S2",0.14141656,"A",false,null,null,"P6M",{"$nulls":4},"S",null,null,3,null,"Value of card paymentelectronic, sent - SCA: non-sca: unattended terminals, issuer location: France, acquirer location: domestic, POS location: outside EEA","Value of card paymentelectronic, sent - SCA: non-sca: unattended terminals, issuer location: France, acquirer location: domestic, POS location: outside EEA","EUR",6]
["PCP.H.FR.W2.G1.CP0.1.2000.NR.PCS_ALL._Z.206._Z.N.EUR","H","FR","W2","G1","CP0",1,"2000","NR","PCS_ALL","_Z","206","_Z","N","EUR","2023-S1",2.18235029,"A",false,null,null,"P6M",{"$nulls":4},"S",null,null,3,null,"Value of card paymentelectronic, sent - SCA: non-sca: unattended terminals, issuer location: France, acquirer location: domestic, POS location: outside EEA","Value of card paymentelectronic, sent - SCA: non-sca: unattended terminals, issuer location: France, acquirer location: domestic, POS location: outside EEA","EUR",6]
["PCP.H.FR.W2.G1.CP0.1.2000.NR.PCS_ALL._Z.206._Z.N.EUR","H","FR","W2","G1","CP0",1,"2000","NR","PCS_ALL","_Z","206","_Z","N","EUR","2023-S2",4.34824204,"P",false,null,null,"P6M",{"$nulls":4},"S",null,null,3,null,"Value of card paymentelectronic, sent - SCA: non-sca: unattended terminals, issuer location: France, acquirer location: domestic, POS location: outside EEA","Value of card paymentelectronic, sent - SCA: non-sca: unattended terminals, issuer location: France, acquirer location: domestic, POS location: outside EEA","EUR",6]
["PCP.H.FR.W2.G1.CW1.1._T._T.PCS_ALL.13._X._Z.N.EUR","H","FR","W2","G1","CW1",1,"_T","_T","PCS_ALL","13","_X","_Z","N","EUR","2022-S1",0.48599566,"A",false,null,null,"P6M",{"$nulls":4},"S",null,null,3,null,"Value of cash withdrawal using cards with a credit card, sent - issuer location: France, acquirer location: domestic, terminal location: outside EEA","Value of cash withdrawal using cards with a credit card, sent - issuer location: France, acquirer location: domestic, terminal location: outside EEA","EUR",6]
["PCP.H.FR.W2.G1.CW1.1._T._T.PCS_ALL.13._X._Z.N.EUR","H","FR","W2","G1","CW1",1,"_T","_T","PCS_ALL","13","_X","_Z","N","EUR","2022-S2",0.80798112,"A",false,null,null,"P6M",{"$nulls":4},"S",null,null,3,null,"Value of cash withdrawal using cards with a credit card, sent - issuer location: France, acquirer location: domestic, terminal location: outside EEA","Value of cash withdrawal using cards with a credit card, sent - issuer location: France, acquirer location: domestic, terminal location: outside EEA","EUR",6]
["PCP.H.FR.W2.G1.CW1.1._T._T.PCS_ALL.13._X._Z.N.EUR","H","FR","W2","G1","CW1",1,"_T","_T","PCS_ALL","13","_X","_Z","N","EUR","2023-S1",1.1108238,"A",false,null,null,"P6M",{"$nulls":4},"S",null,null,3,null,"Value of cash withdrawal using cards with a credit card, sent - issuer location: France, acquirer location: domestic, terminal location: outside EEA","Value of cash withdrawal using cards with a credit card, sent - issuer location: France, acquirer location: domestic, terminal location: outside EEA","EUR",6]
["PCP.H.FR.W2.G1.CW1.1._T._T.PCS_ALL.13._X._Z.N.EUR","H","FR","W2","G1","CW1",1,"_T","_T","PCS_ALL","13","_X","_Z","N","EUR","2023-S2",1.28046024,"P",false,null,null,"P6M",{"$nulls":4},"S",null,null,3,null,"Value of cash withdrawal using cards with a credit card, sent - issuer location: France, acquirer location: domestic, terminal location: outside EEA","Value of cash withdrawal using cards with a credit card, sent - issuer location: France, acquirer location: domestic, terminal location: outside EEA","EUR",6]
["PCP.H.FR.W2.W2.CP0.2.2000._T.PCS_ALL._Z._X._Z.N.EUR","H","FR","W2","W2","CP0",2,"2000","_T","PCS_ALL","_Z","_X","_Z","N","EUR","2022-S1",316040.33703382,"A",false,null,null,"P6M",{"$nulls":4},"S",null,null,3,null,"Value of card paymentelectronic, received - SCA: , acquirer location: France, issuer location: domestic, POS location: domestic","Value of card paymentelectronic, received - SCA: , acquirer location: France, issuer location: domestic, POS location: domestic","EUR",6]
["PCP.H.FR.W2.W2.CP0.2.2000._T.PCS_ALL._Z._X._Z.N.EUR","H","FR","W2","W2","CP0",2,"2000","_T","PCS_ALL","_Z","_X","_Z","N","EUR","2022-S2",315377.86700563,"A",false,null,null,"P6M",{"$nulls":4},"S",null,null,3,null,"Value of card paymentelectronic, received - SCA: , acquirer location: France, issuer location: domestic, POS location: domestic","Value of card paymentelectronic, received - SCA: , acquirer location: France, issuer location: domestic, POS location: domestic","EUR",6]
["PCP.H.FR.W2.W2.CP0.2.2000._T.PCS_ALL._Z._X._Z.N.EUR","H","FR","W2","W2","CP0",2,"2000","_T","PCS_ALL","_Z","_X","_Z","N","EUR","2023-S1",306899.22973197,"A",false,null,null,"P6M",{"$nulls":4},"S",null,null,3,null,"Value of card paymentelectronic, received - SCA: , acquirer location: France, issuer location: domestic, POS location: domestic","Value of card paymentelectronic, received - SCA: , acquirer location: France, issuer location: domestic, POS location: domestic","EUR",6]
["PCP.H.FR.W2.W2.CP0.2.2000._T.PCS_ALL._Z._X._Z.N.EUR","H","FR","W2","W2","CP0",2,"2000","_T","PCS_ALL","_Z","_X","_Z","N","EUR","2023-S2",328276.0027760399,"P",false,null,null,"P6M",{"$nulls":4},"S",null,null,3,null,"Value of card paymentelectronic, received - SCA: , acquirer location: France, issuer location: domestic, POS location: domestic","Value of card paymentelectronic, received - SCA: , acquirer location: France, issuer location: domestic, POS location: domestic","EUR",6]
["PCP.H.GR.G1.W0.CP0.1.2000.NR.PCS_ALL._Z.205._Z.N.EUR","H","GR","G1","W0","CP0",1,"2000","NR","PCS_ALL","_Z","205","_Z","N","EUR","2022-S1",0.00839031,"A",false,null,null,"P6M",{"$nulls":4},"S",null,null,3,null,"Value of card paymentelectronic, sent - SCA: non-sca: recurring transaction, issuer location: Greece, acquirer location: outside EEA, POS location: world","Value of card paymentelectronic, sent - SCA: non-sca: recurring transaction, issuer location: Greece, acquirer location: outside EEA, POS location: world","EUR",6]
["PCP.H.GR.G1.W0.CP0.1.2000.NR.PCS_ALL._Z.205._Z.N.EUR","H","GR","G1","W0","CP0",1,"2000","NR","PCS_ALL","_Z","205","_Z","N","EUR","2022-S2",0.01858098,"A",false,null,null,"P6M",{"$nulls":4},"S",null,null,3,null,"Value of card paymentelectronic, sent - SCA: non-sca: recurring transaction, issuer location: Greece, acquirer location: outside EEA, POS location: world","Value of card paymentelectronic, sent - SCA: non-sca: recurring transaction, issuer location: Greece, acquirer location: outside EEA, POS location: world","EUR",6]
["PCP.H.GR.G1.W0.CP0.1.2000.NR.PCS_ALL._Z.205._Z.N.EUR","H","GR","G1","W0","CP0",1,"2000","NR","PCS_ALL","_Z","205","_Z","N","EUR","2023-S1",0.02624918,"A",false,null,null,"P6M",{"$nulls":4},"S",null,null,3,null,"Value of card paymentelectronic, sent - SCA: non-sca: recurring transaction, issuer location: Greece, acquirer location: outside EEA, POS location: world","Value of card paymentelectronic, sent - SCA: non-sca: recurring transaction, issuer location: Greece, acquirer location: outside EEA, POS location: world","EUR",6]
["PCP.H.GR.G1.W0.CP0.1.2000.NR.PCS_ALL._Z.205._Z.N.EUR","H","GR","G1","W0","CP0",1,"2000","NR","PCS_ALL","_Z","205","_Z","N","EUR","2023-S2",0.03443425,"P",false,null,null,"P6M",{"$nulls":4},"S",null,null,3,null,"Value of card paymentelectronic, sent - SCA: non-sca: recurring transaction, issuer location: Greece, acquirer location: outside EEA, POS location: world","Value of card paymentelectronic, sent - SCA: non-sca: recurring transaction, issuer location: Greece, acquirer location: outside EEA, POS location: world","EUR",6]
["PCP.H.GR.G1.W2.CP0.1.1000.R.PCS_ALL._Z._X._Z.N.EUR","H","GR","G1","W2","CP0",1,"1000","R","PCS_ALL","_Z","_X","_Z","N","EUR","2022-S1",0.22616936,"A",false,null,null,"P6M",{"$nulls":4},"S",null,null,3,null,"Value of card paymentnon-electronic, sent - SCA: , issuer location: Greece, acquirer location: outside EEA, POS location: domestic","Value of card paymentnon-electronic, sent - SCA: , issuer location: Greece, acquirer location: outside EEA, POS location: domestic","EUR",6]
["PCP.H.GR.G1.W2.CP0.1.1000.R.PCS_ALL._Z._X._Z.N.EUR","H","GR","G1","W2","CP0",1,"1000","R","PCS_ALL","_Z","_X","_Z","N","EUR","2022-S2",null,"Q",false,null,null,"P6M",{"$nulls":4},"S",null,null,3,null,"Value of card paymentnon-electronic, sent - SCA: , issuer location: Greece, acquirer location: outside EEA, POS location: domestic","Value of card paymentnon-electronic, sent - SCA: , issuer location: Greece, acquirer location: outside EEA, POS location: domestic","EUR",6]
["PCP.H.GR.G1.W2.CP0.1.1000.R.PCS_ALL._Z._X._Z.N.EUR","H","GR","G1","W2","CP0",1,"1000","R","PCS_ALL","_Z","_X","_Z","N","EUR","2023-S1",0.36805452,"A",false,null,null,"P6M",{"$nulls":4},"S",null,null,3,null,"Value of card paymentnon-electronic, sent - SCA: , issuer location: Greece, acquirer location: outside EEA, POS location: domestic","Value of card paymentnon-electronic, sent - SCA: , issuer location: Greece, acquirer location: outside EEA, POS location: domestic","EUR",6]
["PCP.H.GR.G1.W2.CP0.1.1000.R.PCS_ALL._Z._X._Z.N.EUR","H","GR","G1","W2","CP0",1,"1000","R","PCS_ALL","_Z","_X","_Z","N","EUR","2023-S2",0.41314381,"P",false,null,null,"P6M",{"$nulls":4},"S",null,null,3,null,"Value of card paymentnon-electronic, sent - SCA: , issuer location: Greece, acquirer location: outside EEA, POS location: domestic","Value of card paymentnon-electronic, sent - SCA: , issuer location: Greece, acquirer location: outside EEA, POS location: domestic","EUR",6]
["PCP.H.GR.G1.W2.CP0.1.2000.R.PCS_ALL._Z._X._Z.N.PN","H","GR","G1","W2","CP0",1,"2000","R","PCS_ALL","_Z","_X","_Z","N","PN","2022-S1",0.167364,"A",false,null,null,"P6M",{"$nulls":4},"S",null,null,3,null,"Number of card paymentelectronic, sent - SCA: , issuer location: Greece, acquirer location: outside EEA, POS location: domestic","Number of card paymentelectronic, sent - SCA: , issuer location: Greece, acquirer location: outside EEA, POS location: domestic","PN",6]
["PCP.H.GR.G1.W2.CP0.1.2000.R.PCS_ALL._Z._X._Z.N.PN","H","GR","G1","W2","CP0",1,"2000","R","PCS_ALL","_Z","_X","_Z","N","PN","2022-S2",0.222442,"A",false,null,null,"P6M",{"$nulls":4},"S",null,null,3,null,"Number of card paymentelectronic, sent - SCA: , issuer location: Greece, acquirer location: outside EEA, POS location: domestic","Number of card paymentelectronic, sent - SCA: , issuer location: Greece, acquirer location: outside EEA, POS location: domestic","PN",6]
["PCP.H.GR.G1.W2.CP0.1.2000.R.PCS_ALL._Z._X._Z.N.PN","H","GR","G1","W2","CP0",1,"2000","R","PCS_ALL","_Z","_X","_Z","N","PN","2023-S1",0.333934,"A",false,null,null,"P6M",{"$nulls":4},"S",null,null,3,null,"Number of card paymentelectronic, sent - SCA: , issuer location: Greece, acquirer location: outside EEA, POS location: domestic","Number of card paymentelectronic, sent - SCA: , issuer location: Greece, acquirer location: outside EEA, POS location: domestic","PN",6]
["PCP.H.GR.G1.W2.CP0.1.2000.R.PCS_ALL._Z._X._Z.N.PN","H","GR","G1","W2","CP0",1,"2000","R","PCS_ALL","_Z","_X","_Z","N","PN","2023-S2",1.227643,"P",false,null,null,"P6M",{"$nulls":4},"S",null,null,3,null,"Number of card paymentelectronic, sent - SCA: , issuer location: Greece, acquirer location: outside EEA, POS location: domestic","Number of card paymentelectronic, sent - SCA: , issuer location: Greece, acquirer location: outside EEA, POS location: domestic","PN",6]
["PCP.H.GR.G3.G1.CP0.1.2000.R.PCS_ALL._Z.200._Z.N.EUR","H","GR","G3","G1","CP0",1,"2000","R","PCS_ALL","_Z","200","_Z","N","EUR","2022-S1",16.02627414,"A",false,null,null,"P6M",{"$nulls":4},"S",null,null,3,null,"Value of card paymentelectronic, sent - SCA: non-sca, issuer location: Greece, acquirer location: other EEA countries, POS location: outside EEA","Value of card paymentelectronic, sent - SCA: non-sca, issuer location: Greece, acquirer location: other EEA countries, POS location: outside EEA","EUR",6]
["PCP.H.GR.G3.G1.CP0.1.2000.R.PCS_ALL._Z.200._Z.N.EUR","H","GR","G3","G1","CP0",1,"2000","R","PCS_ALL","_Z","200","_Z","N","EUR","2022-S2",11.80130612,"A",false,null,null,"P6M",{"$nulls":4},"S",null,null,3,null,"Value of card paymentelectronic, sent - SCA: non-sca, issuer location: Greece, acquirer location: other EEA countries, POS location: outside EEA","Value of card paymentelectronic, sent - SCA: non-sca, issuer location: Greece, acquirer location: other EEA countries, POS location: outside EEA","EUR",6]
["PCP.H.GR.G3.G1.CP0.1.2000.R.PCS_ALL._Z.200._Z.N.EUR","H","GR","G3","G1","CP0",1,"2000","R","PCS_ALL","_Z","200","_Z","N","EUR","2023-S1",10.68337287,"A",false,null,null,"P6M",{"$nulls":4},"S",null,null,3,null,"Value of card paymentelectronic, sent - SCA: non-sca, issuer location: Greece, acquirer location: other EEA countries, POS location: outside EEA","Value of card paymentelectronic, sent - SCA: non-sca, issuer location: Greece, acquirer location: other EEA countries, POS location: outside EEA","EUR",6]
["PCP.H.GR.G3.G1.CP0.1.2000.R.PCS_ALL._Z.200._Z.N.EUR","H","GR","G3","G1","CP0",1,"2000","R","PCS_ALL","_Z","200","_Z","N","EUR","2023-S2",5.298346409999999,"P",false,null,null,"P6M",{"$nulls":4},"S",null,null,3,null,"Value of card paymentelectronic, sent - SCA: non-sca, issuer location: Greece, acquirer location: other EEA countries, POS location: outside EEA","Value of card paymentelectronic, sent - SCA: non-sca, issuer location: Greece, acquirer location: other EEA countries, POS location: outside EEA","EUR",6]
["PCP.H.GR.G3.W1.CP0.1.2000.NR.PCS_ALL.11._X._Z.N.EUR","H","GR","G3","W1","CP0",1,"2000","NR","PCS_ALL","11","_X","_Z","N","EUR","2022-S1",279.3163208800001,"A",false,null,null,"P6M",{"$nulls":4},"S",null,null,3,null,"Value of card payment with a debit card, sent - issuer location: Greece, acquirer location: other EEA countries, POS location: Rest of the World","Value of card payment with a debit card, sent - issuer location: Greece, acquirer location: other EEA countries, POS location: Rest of the World","EUR",6]
["PCP.H.GR.G3.W1.CP0.1.2000.NR.PCS_ALL.11._X._Z.N.EUR","H","GR","G3","W1","CP0",1,"2000","NR","PCS_ALL","11","_X","_Z","N","EUR","2022-S2",352.1101816600001,"A",false,null,null,"P6M",{"$nulls":4},"S",null,null,3,null,"Value of card payment with a debit card, sent - issuer location: Greece, acquirer location: other EEA countries, POS location: Rest of the World","Value of card payment with a debit card, sent - issuer location: Greece, acquirer location: other EEA countries, POS location: Rest of the World","EUR",6]
["PCP.H.GR.G3.W1.CP0.1.2000.NR.PCS_ALL.11._X._Z.N.EUR","H","GR","G3","W1","CP0",1,"2000","NR","PCS_ALL","11","_X","_Z","N","EUR","2023-S1",324.07802312,"A",false,null,null,"P6M",{"$nulls":4},"S",null,null,3,null,"Value of card payment with a debit card, sent - issuer location: Greece, acquirer location: other EEA countries, POS location: Rest of the World","Value of card payment with a debit card, sent - issuer location: Greece, acquirer location: other EEA countries, POS location: Rest of the World","EUR",6]
["PCP.H.GR.G3.W1.CP0.1.2000.NR.PCS_ALL.11._X._Z.N.EUR","H","GR","G3","W1","CP0",1,"2000","NR","PCS_ALL","11","_X","_Z","N","EUR","2023-S2",335.6394532399999,"P",false,null,null,"P6M",{"$nulls":4},"S",null,null,3,null,"Value of card payment with a debit card, sent - issuer location: Greece, acquirer location: other EEA countries, POS location: Rest of the World","Value of card payment with a debit card, sent - issuer location: Greece, acquirer location: other EEA countries, POS location: Rest of the World","EUR",6]
["PCP.H.GR.G3.W1.CP0.1.2000.R.PCS_ALL._Z.210._Z.N.EUR","H","GR","G3","W1","CP0",1,"2000","R","PCS_ALL","_Z","210","_Z","N","EUR","2022-S1",266.11026084,"A",false,null,null,"P6M",{"$nulls":4},"S",null,null,3,null,"Value of card paymentelectronic, sent - SCA: non-sca: others, issuer location: Greece, acquirer location: other EEA countries, POS location: Rest of the World","Value of card paymentelectronic, sent - SCA: non-sca: others, issuer location: Greece, acquirer location: other EEA countries, POS location: Rest of the World","EUR",6]
["PCP.H.GR.G3.W1.CP0.1.2000.R.PCS_ALL._Z.210._Z.N.EUR","H","GR","G3","W1","CP0",1,"2000","R","PCS_ALL","_Z","210","_Z","N","EUR","2022-S2",318.17507794,"A",false,null,null,"P6M",{"$nulls":4},"S",null,null,3,null,"Value of card paymentelectronic, sent - SCA: non-sca: others, issuer location: Greece, acquirer location: other EEA countries, POS location: Rest of the World","Value of card paymentelectronic, sent - SCA: non-sca: others, issuer location: Greece, acquirer location: other EEA countries, POS location: Rest of the World","EUR",6]
["PCP.H.GR.G3.W1.CP0.1.2000.R.PCS_ALL._Z.210._Z.N.EUR","H","GR","G3","W1","CP0",1,"2000","R","PCS_ALL","_Z","210","_Z","N","EUR","2023-S1",409.1065093999999,"A",false,null,null,"P6M",{"$nulls":4},"S",null,null,3,null,"Value of card paymentelectronic, sent - SCA: non-sca: others, issuer location: Greece, acquirer location: other EEA countries, POS location: Rest of the World","Value of card paymentelectronic, sent - SCA: non-sca: others, issuer location: Greece, acquirer location: other EEA countries, POS location: Rest of the World","EUR",6]
["PCP.H.GR.G3.W1.CP0.1.2000.R.PCS_ALL._Z.210._Z.N.EUR","H","GR","G3","W1","CP0",1,"2000","R","PCS_ALL","_Z","210","_Z","N","EUR","2023-S2",515.94753647,"P",false,null,null,"P6M",{"$nulls":4},"S",null,null,3,null,"Value of card paymentelectronic, sent - SCA: non-sca: others, issuer location: Greece, acquirer location: other EEA countries, POS location: Rest of the World","Value of card paymentelectronic, sent - SCA: non-sca: others, issuer location: Greece, acquirer location: other EEA countries, POS location: Rest of the World","EUR",6]
["PCP.H.GR.G3.W2.CP0.1.2230.R.PCS_ALL._Z._X._Z.N.PN","H","GR","G3","W2","CP0",1,"2230","R","PCS_ALL","_Z","_X","_Z","N","PN","2022-S1",0.398523,"A",false,null,null,"P6M",{"$nulls":4},"S",null,null,3,null,"Number of card payment, initiated via mobile payment solution (electronic), sent - SCA: , issuer location: Greece, acquirer location: other EEA countries, POS location: domestic","Number of card payment, initiated via mobile payment solution (electronic), sent - SCA: , issuer location: Greece, acquirer location: other EEA countries, POS location: domestic","PN",6]
["PCP.H.GR.G3.W2.CP0.1.2230.R.PCS_ALL._Z._X._Z.N.PN","H","GR","G3","W2","CP0",1,"2230","R","PCS_ALL","_Z","_X","_Z","N","PN","2022-S2",0.807217,"A",false,null,null,"P6M",{"$nulls":4},"S",null,null,3,null,"Number of card payment, initiated via mobile payment solution (electronic), sent - SCA: , issuer location: Greece, acquirer location: other EEA countries, POS location: domestic","Number of card payment, initiated via mobile payment solution (electronic), sent - SCA: , issuer location: Greece, acquirer location: other EEA countries, POS location: domestic","PN",6]
["PCP.H.GR.G3.W2.CP0.1.2230.R.PCS_ALL._Z._X._Z.N.PN","H","GR","G3","W2","CP0",1,"2230","R","PCS_ALL","_Z","_X","_Z","N","PN","2023-S1",1.432825,"A",false,null,null,"P6M",{"$nulls":4},"S",null,null,3,null,"Number of card payment, initiated via mobile payment solution (electronic), sent - SCA: , issuer location: Greece, acquirer location: other EEA countries, POS location: domestic","Number of card payment, initiated via mobile payment solution (electronic), sent - SCA: , issuer location: Greece, acquirer location: other EEA countries, POS location: domestic","PN",6]
["PCP.H.GR.G3.W2.CP0.1.2230.R.PCS_ALL._Z._X._Z.N.PN","H","GR","G3","W2","CP0",1,"2230","R","PCS_ALL","_Z","_X","_Z","N","PN","2023-S2",1.627032,"P",false,null,null,"P6M",{"$nulls":4},"S",null,null,3,null,"Number of card payment, initiated via mobile payment solution (electronic), sent - SCA: , issuer location: Greece, acquirer location: other EEA countries, POS location: domestic","Number of card payment, initiated via mobile payment solution (electronic), sent - SCA: , issuer location: Greece, acquirer location: other EEA countries, POS location: domestic","PN",6]
["PCP.H.GR.W0.G1.CP0.1.2000.R.PCS_ALL._Z.208._Z.N.PN","H","GR","W0","G1","CP0",1,"2000","R","PCS_ALL","_Z","208","_Z","N","PN","2022-S1",0.132453,"A",false,null,null,"P6M",{"$nulls":4},"S",null,null,3,null,"Total number of card paymentelectronic, sent - SCA: non-sca: transaction risk analysis, issuer location: Greece, POS location: outside EEA","Total number of card paymentelectronic, sent - SCA: non-sca: transaction risk analysis, issuer location: Greece, POS location: outside EEA","PN",6]
["PCP.H.GR.W0.G1.CP0.1.2000.R.PCS_ALL._Z.208._Z.N.PN","H","GR","W0","G1","CP0",1,"2000","R","PCS_ALL","_Z","208","_Z","N","PN","2022-S2",0.149577,"A",false,null,null,"P6M",{"$nulls":4},"S",null,null,3,null,"Total number of card paymentelectronic, sent - SCA: non-sca: transaction risk analysis, issuer location: Greece, POS location: outside EEA","Total number of card paymentelectronic, sent - SCA: non-sca: transaction risk analysis, issuer location: Greece, POS location: outside EEA","PN",6]
["PCP.H.GR.W0.G1.CP0.1.2000.R.PCS_ALL._Z.208._Z.N.PN","H","GR","W0","G1","CP0",1,"2000","R","PCS_ALL","_Z","208","_Z","N","PN","2023-S1",0.120575,"A",false,null,null,"P6M",{"$nulls":4},"S",null,null,3,null,"Total number of card paymentelectronic, sent - SCA: non-sca: transaction risk analysis, issuer location: Greece, POS location: outside EEA","Total number of card paymentelectronic, sent - SCA: non-sca: transaction risk analysis, issuer location: Greece, POS location: outside EEA","PN",6]
["PCP.H.GR.W0.G1.CP0.1.2000.R.PCS_ALL._Z.208._Z.N.PN","H","GR","W0","G1","CP0",1,"2000","R","PCS_ALL","_Z","208","_Z","N","PN","2023-S2",0.4666089999999999,"P",false,null,null,"P6M",{"$nulls":4},"S",null,null,3,null,"Total number of card paymentelectronic, sent - SCA: non-sca: transaction risk analysis, issuer location: Greece, POS location: outside EEA","Total number of card paymentelectronic, sent - SCA: non-sca: transaction risk analysis, issuer location: Greece, POS location: outside EEA","PN",6]
["PCP.H.GR.W0.W1.CP0.2.2000.R.PCS_ALL.13._X._Z.N.PN","H","GR","W0","W1","CP0",2,"2000","R","PCS_ALL","13","_X","_Z","N","PN","2022-S1",0.322358,"A",false,null,null,"P6M",{"$nulls":4},"S",null,null,3,null,"Total number of card payment,with a credit card, received - acquirer location: Greece, POS location: Rest of the World","Total number of card payment,with a credit card, received - acquirer location: Greece, POS location: Rest of the World","PN",6]
["PCP.H.GR.W0.W1.CP0.2.2000.R.PCS_ALL.13._X._Z.N.PN","H","GR","W0","W1","CP0",2,"2000","R","PCS_ALL","13","_X","_Z","N","PN","2022-S2",0.339371,"A",false,null,null,"P6M",{"$nulls":4},"S",null,null,3,null,"Total number of card payment,with a credit card, received - acquirer location: Greece, POS location: Rest of the World","Total number of card payment,with a credit card, received - acquirer location: Greece, POS location: Rest of the World","PN",6]
["PCP.H.GR.W0.W1.CP0.2.2000.R.PCS_ALL.13._X._Z.N.PN","H","GR","W0","W1","CP0",2,"2000","R","PCS_ALL","13","_X","_Z","N","PN","2023-S1",0.3683960000000001,"A",false,null,null,"P6M",{"$nulls":4},"S",null,null,3,null,"Total number of card payment,with a credit card, received - acquirer location: Greece, POS location: Rest of the World","Total number of card payment,with a credit card, received - acquirer location: Greece, POS location: Rest of the World","PN",6]
["PCP.H.GR.W0.W1.CP0.2.2000.R.PCS_ALL.13._X._Z.N.PN","H","GR","W0","W1","CP0",2,"2000","R","PCS_ALL","13","_X","_Z","N","PN","2023-S2",0.442763,"P",false,null,null,"P6M",{"$nulls":4},"S",null,null,3,null,"Total number of card payment,with a credit card, received - acquirer location: Greece, POS location: Rest of the World","Total number of card payment,with a credit card, received - acquirer location: Greece, POS location: Rest of the World","PN",6]
["PCP.H.GR.W0.W2.CP0.1._T._T.PCS_ALL._Z._X._Z.N.PN","H","GR","W0","W2","CP0",1,"_T","_T","PCS_ALL","_Z","_X","_Z","N","PN","2022-S1",772.828257,"A",false,null,null,"P6M",{"$nulls":4},"S",null,null,3,null,"Total number of card paymentall, sent - SCA: , issuer location: Greece, POS location: domestic","Total number of card paymentall, sent - SCA: , issuer location: Greece, POS location: domestic","PN",6]
["PCP.H.GR.W0.W2.CP0.1._T._T.PCS_ALL._Z._X._Z.N.PN","H","GR","W0","W2","CP0",1,"_T","_T","PCS_ALL","_Z","_X","_Z","N","PN","2022-S2",879.0941349999999,"A",false,null,null,"P6M",{"$nulls":4},"S",null,null,3,null,"Total number of card paymentall, sent - SCA: , issuer location: Greece, POS location: domestic","Total number of card paymentall, sent - SCA: , issuer location: Greece, POS location: domestic","PN",6]
["PCP.H.GR.W0.W2.CP0.1._T._T.PCS_ALL._Z._X._Z.N.PN","H","GR","W0","W2","CP0",1,"_T","_T","PCS_ALL","_Z","_X","_Z","N","PN","2023-S1",885.630449,"A",false,null,null,"P6M",{"$nulls":4},"S",null,null,3,null,"Total number of card paymentall, sent - SCA: , issuer location: Greece, POS location: domestic","Total number of card paymentall, sent - SCA: , issuer location: Greece, POS location: domestic","PN",6]
["PCP.H.GR.W0.W2.CP0.1._T._T.PCS_ALL._Z._X._Z.N.PN","H","GR","W0","W2","CP0",1,"_T","_T","PCS_ALL","_Z","_X","_Z","N","PN","2023-S2",950.9236679999999,"P",false,null,null,"P6M",{"$nulls":4},"S",null,null,3,null,"Total number of card paymentall, sent - SCA: , issuer location: Greece, POS location: domestic","Total number of card paymentall, sent - SCA: , issuer location: Greece, POS location: domestic","PN",6]
["PCP.H.GR.W1.G3.CP0.2.2000.NR.PCS_ALL.12._X._Z.N.EUR","H","GR","W1","G3","CP0",2,"2000","NR","PCS_ALL","12","_X","_Z","N","EUR","2022-S1",0,"A",false,null,null,"P6M",{"$nulls":4},"S",null,null,3,null,"Value of card payment,with a delayed debit card, received - acquirer location: Greece, issuer location: Rest of the World, POS location: other EEA countries","Value of card payment,with a delayed debit card, received - acquirer location: Greece, issuer location: Rest of the World, POS location: other EEA countries","EUR",6]
["PCP.H.GR.W1.G3.CP0.2.2000.NR.PCS_ALL.12._X._Z.N.EUR","H","GR","W1","G3","CP0",2,"2000","NR","PCS_ALL","12","_X","_Z","N","EUR","2022-S2",0,"A",false,null,null,"P6M",{"$nulls":4},"S",null,null,3,null,"Value of card payment,with a delayed debit card, received - acquirer location: Greece, issuer location: Rest of the World, POS location: other EEA countries","Value of card payment,with a delayed debit card, received - acquirer location: Greece, issuer location: Rest of the World, POS location: other EEA countries","EUR",6]
["PCP.H.GR.W1.G3.CP0.2.2000.NR.PCS_ALL.12._X._Z.N.EUR","H","GR","W1","G3","CP0",2,"2000","NR","PCS_ALL","12","_X","_Z","N","EUR","2023-S1",0,"A",false,null,null,"P6M",{"$nulls":4},"S",null,null,3,null,"Value of card payment,with a delayed debit card, received - acquirer location: Greece, issuer location: Rest of the World, POS location: other EEA countries","Value of card payment,with a delayed debit card, received - acquirer location: Greece, issuer location: Rest of the World, POS location: other EEA countries","EUR",6]
["PCP.H.GR.W1.G3.CP0.2.2000.NR.PCS_ALL.12._X._Z.N.EUR","H","GR","W1","G3","CP0",2,"2000","NR","PCS_ALL","12","_X","_Z","N","EUR","2023-S2",0,"P",false,null,null,"P6M",{"$nulls":4},"S",null,null,3,null,"Value of card payment,with a delayed debit card, received - acquirer location: Greece, issuer location: Rest of the World, POS location: other EEA countries","Value of card payment,with a delayed debit card, received - acquirer location: Greece, issuer location: Rest of the World, POS location: other EEA countries","EUR",6]
["PCP.H.HR.G1.G3.CW1.1._T._T.PCS_ALL.13._X._Z.N.PN","H","HR","G1","G3","CW1",1,"_T","_T","PCS_ALL","13","_X","_Z","N","PN","2023-S1",2E-06,"A",false,null,null,"P6M",{"$nulls":4},"S",null,null,3,null,"Number of cash withdrawal using cards with a credit card, sent - issuer location: Croatia, acquirer location: outside EEA, terminal location: other EEA countries","Number of cash withdrawal using cards with a credit card, sent - issuer location: Croatia, acquirer location: outside EEA, terminal location: other EEA countries","PN",6]
["PCP.H.HR.G1.G3.CW1.1._T._T.PCS_ALL.13._X._Z.N.PN","H","HR","G1","G3","CW1",1,"_T","_T","PCS_ALL","13","_X","_Z","N","PN","2023-S2",1E-06,"P",false,null,null,"P6M",{"$nulls":4},"S",null,null,3,null,"Number of cash withdrawal using cards with a credit card, sent - issuer location: Croatia, acquirer location: outside EEA, terminal location: other EEA countries","Number of cash withdrawal using cards with a credit card, sent - issuer location: Croatia, acquirer location: outside EEA, terminal location: other EEA countries","PN",6]
["PCP.H.HR.G3.G1.CP0.2.2000.NR.PCS_ALL._Z.205._Z.N.EUR","H","HR","G3","G1","CP0",2,"2000","NR","PCS_ALL","_Z","205","_Z","N","EUR","2023-S1",0,"A",false,null,null,"P6M",{"$nulls":4},"S",null,null,3,null,"Value of card paymentelectronic, received - SCA: non-sca: recurring transaction, acquirer location: Croatia, issuer location: other EEA countries, POS location: outside EEA","Value of card paymentelectronic, received - SCA: non-sca: recurring transaction, acquirer location: Croatia, issuer location: other EEA countries, POS location: outside EEA","EUR",6]
["PCP.H.HR.G3.G1.CP0.2.2000.NR.PCS_ALL._Z.205._Z.N.EUR","H","HR","G3","G1","CP0",2,"2000","NR","PCS_ALL","_Z","205","_Z","N","EUR","2023-S2",0,"P",false,null,null,"P6M",{"$nulls":4},"S",null,null,3,null,"Value of card paymentelectronic, received - SCA: non-sca: recurring transaction, acquirer location: Croatia, issuer location: other EEA countries, POS location: outside EEA","Value of card paymentelectronic, received - SCA: non-sca: recurring transaction, acquirer location: Croatia, issuer location: other EEA countries, POS location: outside EEA","EUR",6]
["PCP.H.HR.G3.G3.CP0.1.2000.R.PCS_ALL._Z.100._Z.N.EUR","H","HR","G3","G3","CP0",1,"2000","R","PCS_ALL","_Z","100","_Z","N","EUR","2023-S1",317.1730170000001,"A",false,null,null,"P6M",{"$nulls":4},"S",null,null,3,null,"Value of card paymentelectronic, sent - SCA: sca, issuer location: Croatia, acquirer location: other EEA countries, POS location: other EEA countries","Value of card paymentelectronic, sent - SCA: sca, issuer location: Croatia, acquirer location: other EEA countries, POS location: other EEA countries","EUR",6]
["PCP.H.HR.G3.G3.CP0.1.2000.R.PCS_ALL._Z.100._Z.N.EUR","H","HR","G3","G3","CP0",1,"2000","R","PCS_ALL","_Z","100","_Z","N","EUR","2023-S2",414.351083,"P",false,null,null,"P6M",{"$nulls":4},"S",null,null,3,null,"Value of card paymentelectronic, sent - SCA: sca, issuer location: Croatia, acquirer location: other EEA countries, POS location: other EEA countries","Value of card paymentelectronic, sent - SCA: sca, issuer location: Croatia, acquirer location: other EEA countries, POS location: other EEA countries","EUR",6]
["PCP.H.HR.W0.G1.CP0.2.2000.R.PCS_ALL._Z.210._Z.N.PN","H","HR","W0","G1","CP0",2,"2000","R","PCS_ALL","_Z","210","_Z","N","PN","2023-S1",0.039369,"A",false,null,null,"P6M",{"$nulls":4},"S",null,null,3,null,"Total number of card paymentelectronic, received - SCA: non-sca: others, acquirer location: Croatia, POS location: outside EEA","Total number of card paymentelectronic, received - SCA: non-sca: others, acquirer location: Croatia, POS location: outside EEA","PN",6]
["PCP.H.HR.W0.G1.CP0.2.2000.R.PCS_ALL._Z.210._Z.N.PN","H","HR","W0","G1","CP0",2,"2000","R","PCS_ALL","_Z","210","_Z","N","PN","2023-S2",0.014036,"P",false,null,null,"P6M",{"$nulls":4},"S",null,null,3,null,"Total number of card paymentelectronic, received - SCA: non-sca: others, acquirer location: Croatia, POS location: outside EEA","Total number of card paymentelectronic, received - SCA: non-sca: others, acquirer location: Croatia, POS location: outside EEA","PN",6]
["PCP.H.HR.W1.G1.CP0.1.2000.NR.PCS_ALL._Z.205._Z.N.EUR","H","HR","W1","G1","CP0",1,"2000","NR","PCS_ALL","_Z","205","_Z","N","EUR","2023-S1",1.692883,"A",false,null,null,"P6M",{"$nulls":4},"S",null,null,3,null,"Value of card paymentelectronic, sent - SCA: non-sca: recurring transaction, issuer location: Croatia, acquirer location: Rest of the World, POS location: outside EEA","Value of card paymentelectronic, sent - SCA: non-sca: recurring transaction, issuer location: Croatia, acquirer location: Rest of the World, POS location: outside EEA","EUR",6]
["PCP.H.HR.W1.G1.CP0.1.2000.NR.PCS_ALL._Z.205._Z.N.EUR","H","HR","W1","G1","CP0",1,"2000","NR","PCS_ALL","_Z","205","_Z","N","EUR","2023-S2",1.912143,"P",false,null,null,"P6M",{"$nulls":4},"S",null,null,3,null,"Value of card paymentelectronic, sent - SCA: non-sca: recurring transaction, issuer location: Croatia, acquirer location: Rest of the World, POS location: outside EEA","Value of card paymentelectronic, sent - SCA: non-sca: recurring transaction, issuer location: Croatia, acquirer location: Rest of the World, POS location: outside EEA","EUR",6]
["PCP.H.HR.W1.W2.CP0.2.2000.R.PCS_ALL._Z.100._Z.N.EUR","H","HR","W1","W2","CP0",2,"2000","R","PCS_ALL","_Z","100","_Z","N","EUR","2023-S1",108.603871,"A",false,null,null,"P6M",{"$nulls":4},"S",null,null,3,null,"Value of card paymentelectronic, received - SCA: sca, acquirer location: Croatia, issuer location: Rest of the World, POS location: domestic","Value of card paymentelectronic, received - SCA: sca, acquirer location: Croatia, issuer location: Rest of the World, POS location: domestic","EUR",6]
["PCP.H.HR.W1.W2.CP0.2.2000.R.PCS_ALL._Z.100._Z.N.EUR","H","HR","W1","W2","CP0",2,"2000","R","PCS_ALL","_Z","100","_Z","N","EUR","2023-S2",133.615308,"P",false,null,null,"P6M",{"$nulls":4},"S",null,null,3,null,"Value of card paymentelectronic, received - SCA: sca, acquirer location: Croatia, issuer location: Rest of the World, POS location: domestic","Value of card paymentelectronic, received - SCA: sca, acquirer location: Croatia, issuer location: Rest of the World, POS location: domestic","EUR",6]
["PCP.H.HR.W2.G1.CP0.1.2000.R.PCS_ALL._Z.207._Z.N.PN","H","HR","W2","G1","CP0",1,"2000","R","PCS_ALL","_Z","207","_Z","N","PN","2023-S1",0,"A",false,null,null,"P6M",{"$nulls":4},"S",null,null,3,null,"Number of card paymentelectronic, sent - SCA: non-sca: secure corporate payment, issuer location: Croatia, acquirer location: domestic, POS location: outside EEA","Number of card paymentelectronic, sent - SCA: non-sca: secure corporate payment, issuer location: Croatia, acquirer location: domestic, POS location: outside EEA","PN",6]
["PCP.H.HR.W2.G1.CP0.1.2000.R.PCS_ALL._Z.207._Z.N.PN","H","HR","W2","G1","CP0",1,"2000","R","PCS_ALL","_Z","207","_Z","N","PN","2023-S2",0,"P",false,null,null,"P6M",{"$nulls":4},"S",null,null,3,null,"Number of card paymentelectronic, sent - SCA: non-sca: secure corporate payment, issuer location: Croatia, acquirer location: domestic, POS location: outside EEA","Number of card paymentelectronic, sent - SCA: non-sca: secure corporate payment, issuer location: Croatia, acquirer location: domestic, POS location: outside EEA","PN",6]
["PCP.H.HU.G1.G1.CW1.1._T._T.PCS_ALL.12._X._Z.N.XDF","H","HU","G1","G1","CW1",1,"_T","_T","PCS_ALL","12","_X","_Z","N","XDF","2022-S1",0,"A",false,null,null,"P6M",{"$nulls":4},"S",null,null,3,null,"Value of cash withdrawal using cards with a delayed debit card, sent - issuer location: Hungary, acquirer location: outside EEA, terminal location: outside EEA","Value of cash withdrawal using cards with a delayed debit card, sent - issuer location: Hungary, acquirer location: outside EEA, terminal location: outside EEA","XDF",6]
["PCP.H.HU.G1.G1.CW1.1._T._T.PCS_ALL.12._X._Z.N.XDF","H","HU","G1","G1","CW1",1,"_T","_T","PCS_ALL","12","_X","_Z","N","XDF","2022-S2",0,"A",false,null,null,"P6M",{"$nulls":4},"S",null,null,3,null,"Value of cash withdrawal using cards with a delayed debit card, sent - issuer location: Hungary, acquirer location: outside EEA, terminal location: outside EEA","Value of cash withdrawal using cards with a delayed debit card, sent - issuer location: Hungary, acquirer location: outside EEA, terminal location: outside EEA","XDF",6]
["PCP.H.HU.G1.G1.CW1.1._T._T.PCS_ALL.12._X._Z.N.XDF","H","HU","G1","G1","CW1",1,"_T","_T","PCS_ALL","12","_X","_Z","N","XDF","2023-S1",0,"A",false,null,null,"P6M",{"$nulls":4},"S",null,null,3,null,"Value of cash withdrawal using cards with a delayed debit card, sent - issuer location: Hungary, acquirer location: outside EEA, terminal location: outside EEA","Value of cash withdrawal using cards with a delayed debit card, sent - issuer location: Hungary, acquirer location: outside EEA, terminal location: outside EEA","XDF",6]
["PCP.H.HU.G1.G1.CW1.1._T._T.PCS_ALL.12._X._Z.N.XDF","H","HU","G1","G1","CW1",1,"_T","_T","PCS_ALL","12","_X","_Z","N","XDF","2023-S2",0,"P",false,null,null,"P6M",{"$nulls":4},"S",null,null,3,null,"Value of cash withdrawal using cards with a delayed debit card, sent - issuer location: Hungary, acquirer location: outside EEA, terminal location: outside EEA","Value of cash withdrawal using cards with a delayed debit card, sent - issuer location: Hungary, acquirer location: outside EEA, terminal location: outside EEA","XDF",6]
["PCP.H.HU.G1.W0.CP0.2.2000.R.PCS_ALL._Z.201._Z.N.XDF","H","HU","G1","W0","CP0",2,"2000","R","PCS_ALL","_Z","201","_Z","N","XDF","2022-S1",141.373631,"A",false,null,null,"P6M",{"$nulls":4},"S",null,null,3,null,"Value of card paymentelectronic, received - SCA: non-sca: low value, acquirer location: Hungary, issuer location: outside EEA, POS location: world","Value of card paymentelectronic, received - SCA: non-sca: low value, acquirer location: Hungary, issuer location: outside EEA, POS location: world","XDF",6]
["PCP.H.HU.G1.W0.CP0.2.2000.R.PCS_ALL._Z.201._Z.N.XDF","H","HU","G1","W0","CP0",2,"2000","R","PCS_ALL","_Z","201","_Z","N","XDF","2022-S2",355.570971,"A",false,null,null,"P6M",{"$nulls":4},"S",null,null,3,null,"Value of card paymentelectronic, received - SCA: non-sca: low value, acquirer location: Hungary, issuer location: outside EEA, POS location: world","Value of card paymentelectronic, received - SCA: non-sca: low value, acquirer location: Hungary, issuer location: outside EEA, POS location: world","XDF",6]
["PCP.H.HU.G1.W0.CP0.2.2000.R.PCS_ALL._Z.201._Z.N.XDF","H","HU","G1","W0","CP0",2,"2000","R","PCS_ALL","_Z","201","_Z","N","XDF","2023-S1",464.762569,"A",false,null,null,"P6M",{"$nulls":4},"S",null,null,3,null,"Value of card paymentelectronic, received - SCA: non-sca: low value, acquirer location: Hungary, issuer location: outside EEA, POS location: world","Value of card paymentelectronic, received - SCA: non-sca: low value, acquirer location: Hungary, issuer location: outside EEA, POS location: world","XDF",6]
["PCP.H.HU.G1.W0.CP0.2.2000.R.PCS_ALL._Z.201._Z.N.XDF","H","HU","G1","W0","CP0",2,"2000","R","PCS_ALL","_Z","201","_Z","N","XDF","2023-S2",579.583858,"P",false,null,null,"P6M",{"$nulls":4},"S",null,null,3,null,"Value of card paymentelectronic, received - SCA: non-sca: low value, acquirer location: Hungary, issuer location: outside EEA, POS location: world","Value of card paymentelectronic, received - SCA: non-sca: low value, acquirer location: Hungary, issuer location: outside EEA, POS location: world","XDF",6]
["PCP.H.HU.G1.W2.CP0.1.2000.R.PCS_ALL._Z.204._Z.N.PN","H","HU","G1","W2","CP0",1,"2000","R","PCS_ALL","_Z","204","_Z","N","PN","2022-S1",0,"A",false,null,null,"P6M",{"$nulls":4},"S",null,null,3,null,"Number of card paymentelectronic, sent - SCA: non-sca: trusted beneficiaries, issuer location: Hungary, acquirer location: outside EEA, POS location: domestic","Number of card paymentelectronic, sent - SCA: non-sca: trusted beneficiaries, issuer location: Hungary, acquirer location: outside EEA, POS location: domestic","PN",6]
["PCP.H.HU.G1.W2.CP0.1.2000.R.PCS_ALL._Z.204._Z.N.PN","H","HU","G1","W2","CP0",1,"2000","R","PCS_ALL","_Z","204","_Z","N","PN","2022-S2",0,"A",false,null,null,"P6M",{"$nulls":4},"S",null,null,3,null,"Number of card paymentelectronic, sent - SCA: non-sca: trusted beneficiaries, issuer location: Hungary, acquirer location: outside EEA, POS location: domestic","Number of card paymentelectronic, sent - SCA: non-sca: trusted beneficiaries, issuer location: Hungary, acquirer location: outside EEA, POS location: domestic","PN",6]
["PCP.H.HU.G1.W2.CP0.1.2000.R.PCS_ALL._Z.204._Z.N.PN","H","HU","G1","W2","CP0",1,"2000","R","PCS_ALL","_Z","204","_Z","N","PN","2023-S1",0,"A",false,null,null,"P6M",{"$nulls":4},"S",null,null,3,null,"Number of card paymentelectronic, sent - SCA: non-sca: trusted beneficiaries, issuer location: Hungary, acquirer location: outside EEA, POS location: domestic","Number of card paymentelectronic, sent - SCA: non-sca: trusted beneficiaries, issuer location: Hungary, acquirer location: outside EEA, POS location: domestic","PN",6]
["PCP.H.HU.G1.W2.CP0.1.2000.R.PCS_ALL._Z.204._Z.N.PN","H","HU","G1","W2","CP0",1,"2000","R","PCS_ALL","_Z","204","_Z","N","PN","2023-S2",0,"P",false,null,null,"P6M",{"$nulls":4},"S",null,null,3,null,"Number of card paymentelectronic, sent - SCA: non-sca: trusted beneficiaries, issuer location: Hungary, acquirer location: outside EEA, POS location: domestic","Number of card paymentelectronic, sent - SCA: non-sca: trusted beneficiaries, issuer location: Hungary, acquirer location: outside EEA, POS location: domestic","PN",6]
["PCP.H.HU.G3.W1.CP0.2._T._T.PCS_ALL._Z._X._Z.N.XDF","H","HU","G3","W1","CP0",2,"_T","_T","PCS_ALL","_Z","_X","_Z","N","XDF","2022-S1",0,"A",false,null,null,"P6M",{"$nulls":4},"S",null,null,3,null,"Value of card paymentall, received - SCA: , acquirer location: Hungary, issuer location: other EEA countries, POS location: Rest of the World","Value of card paymentall, received - SCA: , acquirer location: Hungary, issuer location: other EEA countries, POS location: Rest of the World","XDF",6]
["PCP.H.HU.G3.W1.CP0.2._T._T.PCS_ALL._Z._X._Z.N.XDF","H","HU","G3","W1","CP0",2,"_T","_T","PCS_ALL","_Z","_X","_Z","N","XDF","2022-S2",0,"A",false,null,null,"P6M",{"$nulls":4},"S",null,null,3,null,"Value of card paymentall, received - SCA: , acquirer location: Hungary, issuer location: other EEA countries, POS location: Rest of the World","Value of card paymentall, received - SCA: , acquirer location: Hungary, issuer location: other EEA countries, POS location: Rest of the World","XDF",6]
["PCP.H.HU.G3.W1.CP0.2._T._T.PCS_ALL._Z._X._Z.N.XDF","H","HU","G3","W1","CP0",2,"_T","_T","PCS_ALL","_Z","_X","_Z","N","XDF","2023-S1",0,"A",false,null,null,"P6M",{"$nulls":4},"S",null,null,3,null,"Value of card paymentall, received - SCA: , acquirer location: Hungary, issuer location: other EEA countries, POS location: Rest of the World","Value of card paymentall, received - SCA: , acquirer location: Hungary, issuer location: other EEA countries, POS location: Rest of the World","XDF",6]
["PCP.H.HU.G3.W1.CP0.2._T._T.PCS_ALL._Z._X._Z.N.XDF","H","HU","G3","W1","CP0",2,"_T","_T","PCS_ALL","_Z","_X","_Z","N","XDF","2023-S2",0,"P",false,null,null,"P6M",{"$nulls":4},"S",null,null,3,null,"Value of card paymentall, received - SCA: , acquirer location: Hungary, issuer location: other EEA countries, POS location: Rest of the World","Value of card paymentall, received - SCA: , acquirer location: Hungary, issuer location: other EEA countries, POS location: Rest of the World","XDF",6]
["PCP.H.HU.W0.G3.CP0.1.2000.NR.PCS_ALL.12._X._Z.N.PN","H","HU","W0","G3","CP0",1,"2000","NR","PCS_ALL","12","_X","_Z","N","PN","2022-S1",0.008737999999999998,"A",false,null,null,"P6M",{"$nulls":4},"S",null,null,3,null,"Total number of card payment with a delayed debit card, sent - issuer location: Hungary, POS location: other EEA countries","Total number of card payment with a delayed debit card, sent - issuer location: Hungary, POS location: other EEA countries","PN",6]
["PCP.H.HU.W0.G3.CP0.1.2000.NR.PCS_ALL.12._X._Z.N.PN","H","HU","W0","G3","CP0",1,"2000","NR","PCS_ALL","12","_X","_Z","N","PN","2022-S2",0.011127,"A",false,null,null,"P6M",{"$nulls":4},"S",null,null,3,null,"Total number of card payment with a delayed debit card, sent - issuer location: Hungary, POS location: other EEA countries","Total number of card payment with a delayed debit card, sent - issuer location: Hungary, POS location: other EEA countries","PN",6]
["PCP.H.HU.W0.G3.CP0.1.2000.NR.PCS_ALL.12._X._Z.N.PN","H","HU","W0","G3","CP0",1,"2000","NR","PCS_ALL","12","_X","_Z","N","PN","2023-S1",0.013629,"A",false,null,null,"P6M",{"$nulls":4},"S",null,null,3,null,"Total number of card payment with a delayed debit card, sent - issuer location: Hungary, POS location: other EEA countries","Total number of card payment with a delayed debit card, sent - issuer location: Hungary, POS location: other EEA countries","PN",6]
["PCP.H.HU.W0.G3.CP0.1.2000.NR.PCS_ALL.12._X._Z.N.PN","H","HU","W0","G3","CP0",1,"2000","NR","PCS_ALL","12","_X","_Z","N","PN","2023-S2",0.01435,"P",false,null,null,"P6M",{"$nulls":4},"S",null,null,3,null,"Total number of card payment with a delayed debit card, sent - issuer location: Hungary, POS location: other EEA countries","Total number of card payment with a delayed debit card, sent - issuer location: Hungary, POS location: other EEA countries","PN",6]
["PCP.H.HU.W1.W2.CP0.2._T._T.PCS_ALL._Z._X._Z.N.PN","H","HU","W1","W2","CP0",2,"_T","_T","PCS_ALL","_Z","_X","_Z","N","PN","2022-S1",38.55337,"A",false,null,null,"P6M",{"$nulls":4},"S",null,null,3,null,"Number of card paymentall, received - SCA: , acquirer location: Hungary, issuer location: Rest of the World, POS location: domestic","Number of card paymentall, received - SCA: , acquirer location: Hungary, issuer location: Rest of the World, POS location: domestic","PN",6]
["PCP.H.HU.W1.W2.CP0.2._T._T.PCS_ALL._Z._X._Z.N.PN","H","HU","W1","W2","CP0",2,"_T","_T","PCS_ALL","_Z","_X","_Z","N","PN","2022-S2",54.324269,"A",false,null,null,"P6M",{"$nulls":4},"S",null,null,3,null,"Number of card paymentall, received - SCA: , acquirer location: Hungary, issuer location: Rest of the World, POS location: domestic","Number of card paymentall, received - SCA: , acquirer location: Hungary, issuer location: Rest of the World, POS location: domestic","PN",6]
["PCP.H.HU.W1.W2.CP0.2._T._T.PCS_ALL._Z._X._Z.N.PN","H","HU","W1","W2","CP0",2,"_T","_T","PCS_ALL","_Z","_X","_Z","N","PN","2023-S1",46.149901,"A",false,null,null,"P6M",{"$nulls":4},"S",null,null,3,null,"Number of card paymentall, received - SCA: , acquirer location: Hungary, issuer location: Rest of the World, POS location: domestic","Number of card paymentall, received - SCA: , acquirer location: Hungary, issuer location: Rest of the World, POS location: domestic","PN",6]
["PCP.H.HU.W1.W2.CP0.2._T._T.PCS_ALL._Z._X._Z.N.PN","H","HU","W1","W2","CP0",2,"_T","_T","PCS_ALL","_Z","_X","_Z","N","PN","2023-S2",61.845569,"P",false,null,null,"P6M",{"$nulls":4},"S",null,null,3,null,"Number of card paymentall, received - SCA: , acquirer location: Hungary, issuer location: Rest of the World, POS location: domestic","Number of card paymentall, received - SCA: , acquirer location: Hungary, issuer location: Rest of the World, POS location: domestic","PN",6]
["PCP.H.IE.G1.G1.CP0.1.2000.R.PCS_ALL._Z.209._Z.N.EUR","H","IE","G1","G1","CP0",1,"2000","R","PCS_ALL","_Z","209","_Z","N","EUR","2022-S1",null,"Q",false,null,null,"P6M",{"$nulls":4},"S",null,null,3,null,"Value of card paymentelectronic, sent - SCA: non-sca: merchant initiated transaction, issuer location: Ireland, acquirer location: outside EEA, POS location: outside EEA","Value of card paymentelectronic, sent - SCA: non-sca: merchant initiated transaction, issuer location: Ireland, acquirer location: outside EEA, POS location: outside EEA","EUR",6]
["PCP.H.IE.G1.G1.CP0.1.2000.R.PCS_ALL._Z.209._Z.N.EUR","H","IE","G1","G1","CP0",1,"2000","R","PCS_ALL","_Z","209","_Z","N","EUR","2022-S2",4.39010061,"A",false,null,null,"P6M",{"$nulls":4},"S",null,null,3,null,"Value of card paymentelectronic, sent - SCA: non-sca: merchant initiated transaction, issuer location: Ireland, acquirer location: outside EEA, POS location: outside EEA","Value of card paymentelectronic, sent - SCA: non-sca: merchant initiated transaction, issuer location: Ireland, acquirer location: outside EEA, POS location: outside EEA","EUR",6]
["PCP.H.IE.G1.G1.CP0.1.2000.R.PCS_ALL._Z.209._Z.N.EUR","H","IE","G1","G1","CP0",1,"2000","R","PCS_ALL","_Z","209","_Z","N","EUR","2023-S1",null,"Q",false,null,null,"P6M",{"$nulls":4},"S",null,null,3,null,"Value of card paymentelectronic, sent - SCA: non-sca: merchant initiated transaction, issuer location: Ireland, acquirer location: outside EEA, POS location: outside EEA","Value of card paymentelectronic, sent - SCA: non-sca: merchant initiated transaction, issuer location: Ireland, acquirer location: outside EEA, POS location: outside EEA","EUR",6]
["PCP.H.IE.G1.G1.CP0.1.2000.R.PCS_ALL._Z.209._Z.N.EUR","H","IE","G1","G1","CP0",1,"2000","R","PCS_ALL","_Z","209","_Z","N","EUR","2023-S2",null,"Q",false,null,null,"P6M",{"$nulls":4},"S",null,null,3,null,"Value of card paymentelectronic, sent - SCA: non-sca: merchant initiated transaction, issuer location: Ireland, acquirer location: outside EEA, POS location: outside EEA","Value of card paymentelectronic, sent - SCA: non-sca: merchant initiated transaction, issuer location: Ireland, acquirer location: outside EEA, POS location: outside EEA","EUR",6]
["PCP.H.IE.G3.G3.CP0.1.2000.R.PCS_ALL.13._X._Z.N.EUR","H","IE","G3","G3","CP0",1,"2000","R","PCS_ALL","13","_X","_Z","N","EUR","2022-S1",1698.56448824,"A",false,null,null,"P6M",{"$nulls":4},"S",null,null,3,null,"Value of card payment with a credit card, sent - issuer location: Ireland, acquirer location: other EEA countries, POS location: other EEA countries","Value of card payment with a credit card, sent - issuer location: Ireland, acquirer location: other EEA countries, POS location: other EEA countries","EUR",6]
["PCP.H.IE.G3.G3.CP0.1.2000.R.PCS_ALL.13._X._Z.N.EUR","H","IE","G3","G3","CP0",1,"2000","R","PCS_ALL","13","_X","_Z","N","EUR","2022-S2",1788.12103778,"A",false,null,null,"P6M",{"$nulls":4},"S",null,null,3,null,"Value of card payment with a credit card, sent - issuer location: Ireland, acquirer location: other EEA countries, POS location: other EEA countries","Value of card payment with a credit card, sent - issuer location: Ireland, acquirer location: other EEA countries, POS location: other EEA countries","EUR",6]
["PCP.H.IE.G3.G3.CP0.1.2000.R.PCS_ALL.13._X._Z.N.EUR","H","IE","G3","G3","CP0",1,"2000","R","PCS_ALL","13","_X","_Z","N","EUR","2023-S1",2257.6464342,"A",false,null,null,"P6M",{"$nulls":4},"S",null,null,3,null,"Value of card payment with a credit card, sent - issuer location: Ireland, acquirer location: other EEA countries, POS location: other EEA countries","Value of card payment with a credit card, sent - issuer location: Ireland, acquirer location: other EEA countries, POS location: other EEA countries","EUR",6]
["PCP.H.IE.G3.G3.CP0.1.2000.R.PCS_ALL.13._X._Z.N.EUR","H","IE","G3","G3","CP0",1,"2000","R","PCS_ALL","13","_X","_Z","N","EUR","2023-S2",2116.55250883,"P",false,null,null,"P6M",{"$nulls":4},"S",null,null,3,null,"Value of card payment with a credit card, sent - issuer location: Ireland, acquirer location: other EEA countries, POS location: other EEA countries","Value of card payment with a credit card, sent - issuer location: Ireland, acquirer location: other EEA countries, POS location: other EEA countries","EUR",6]
["PCP.H.IE.W0.G1.CP0.2.1000.R.PCS_ALL._Z._X._Z.N.PN","H","IE","W0","G1","CP0",2,"1000","R","PCS_ALL","_Z","_X","_Z","N","PN","2022-S1",3.572001,"A",false,null,null,"P6M",{"$nulls":4},"S",null,null,3,null,"Total number of card paymentnon-electronic, received - SCA: , acquirer location: Ireland, POS location: outside EEA","Total number of card paymentnon-electronic, received - SCA: , acquirer location: Ireland, POS location: outside EEA","PN",6]
["PCP.H.IE.W0.G1.CP0.2.1000.R.PCS_ALL._Z._X._Z.N.PN","H","IE","W0","G1","CP0",2,"1000","R","PCS_ALL","_Z","_X","_Z","N","PN","2022-S2",4.668334,"A",false,null,null,"P6M",{"$nulls":4},"S",null,null,3,null,"Total number of card paymentnon-electronic, received - SCA: , acquirer location: Ireland, POS location: outside EEA","Total number of card paymentnon-electronic, received - SCA: , acquirer location: Ireland, POS location: outside EEA","PN",6]
["PCP.H.IE.W0.G1.CP0.2.1000.R.PCS_ALL._Z._X._Z.N.PN","H","IE","W0","G1","CP0",2,"1000","R","PCS_ALL","_Z","_X","_Z","N","PN","2023-S1",4.220173,"A",false,null,null,"P6M",{"$nulls":4},"S",null,null,3,null,"Total number of card paymentnon-electronic, received - SCA: , acquirer location: Ireland, POS location: outside EEA","Total number of card paymentnon-electronic, received - SCA: , acquirer location: Ireland, POS location: outside EEA","PN",6]
["PCP.H.IE.W0.G1.CP0.2.1000.R.PCS_ALL._Z._X._Z.N.PN","H","IE","W0","G1","CP0",2,"1000","R","PCS_ALL","_Z","_X","_Z","N","PN","2023-S2",2.386556,"P",false,null,null,"P6M",{"$nulls":4},"S",null,null,3,null,"Total number of card paymentnon-electronic, received - SCA: , acquirer location: Ireland, POS location: outside EEA","Total number of card paymentnon-electronic, received - SCA: , acquirer location: Ireland, POS location: outside EEA","PN",6]
["PCP.H.IE.W0.W0.CP0.2.2223.NR.PCS_ALL._Z._X._Z.N.EUR","H","IE","W0","W0","CP0",2,"2223","NR","PCS_ALL","_Z","_X","_Z","N","EUR","2022-S1",23651.84983801,"A",false,null,null,"P6M",{"$nulls":4},"S",null,null,3,null,"Total value of card payment, initiated at eftpos, received - SCA: , acquirer location: Ireland, POS location: world","Total value of card payment, initiated at eftpos, received - SCA: , acquirer location: Ireland, POS location: world","EUR",6]
["PCP.H.IE.W0.W0.CP0.2.2223.NR.PCS_ALL._Z._X._Z.N.EUR","H","IE","W0","W0","CP0",2,"2223","NR","PCS_ALL","_Z","_X","_Z","N","EUR","2022-S2",33636.20257980999,"A",false,null,null,"P6M",{"$nulls":4},"S",null,null,3,null,"Total value of card payment, initiated at eftpos, received - SCA: , acquirer location: Ireland, POS location: world","Total value of card payment, initiated at eftpos, received - SCA: , acquirer location: Ireland, POS location: world","EUR",6]
["PCP.H.IE.W0.W0.CP0.2.2223.NR.PCS_ALL._Z._X._Z.N.EUR","H","IE","W0","W0","CP0",2,"2223","NR","PCS_ALL","_Z","_X","_Z","N","EUR","2023-S1",40597.01450955,"A",false,null,null,"P6M",{"$nulls":4},"S",null,null,3,null,"Total value of card payment, initiated at eftpos, received - SCA: , acquirer location: Ireland, POS location: world","Total value of card payment, initiated at eftpos, received - SCA: , acquirer location: Ireland, POS location: world","EUR",6]
["PCP.H.IE.W0.W0.CP0.2.2223.NR.PCS_ALL._Z._X._Z.N.EUR","H","IE","W0","W0","CP0",2,"2223","NR","PCS_ALL","_Z","_X","_Z","N","EUR","2023-S2",46219.8603646,"P",false,null,null,"P6M",{"$nulls":4},"S",null,null,3,null,"Total value of card payment, initiated at eftpos, received - SCA: , acquirer location: Ireland, POS location: world","Total value of card payment, initiated at eftpos, received - SCA: , acquirer location: Ireland, POS location: world","EUR",6]
["PCP.H.IT.G3.G1.CP0.2.2000.NR.PCS_ALL._Z.210._Z.N.PN","H","IT","G3","G1","CP0",2,"2000","NR","PCS_ALL","_Z","210","_Z","N","PN","2022-S1",0,"A",false,null,null,"P6M",{"$nulls":4},"S",null,null,3,null,"Number of card paymentelectronic, received - SCA: non-sca: others, acquirer location: Italy, issuer location: other EEA countries, POS location: outside EEA","Number of card paymentelectronic, received - SCA: non-sca: others, acquirer location: Italy, issuer location: other EEA countries, POS location: outside EEA","PN",6]
["PCP.H.IT.G3.G1.CP0.2.2000.NR.PCS_ALL._Z.210._Z.N.PN","H","IT","G3","G1","CP0",2,"2000","NR","PCS_ALL","_Z","210","_Z","N","PN","2022-S2",0,"A",false,null,null,"P6M",{"$nulls":4},"S",null,null,3,null,"Number of card paymentelectronic, received - SCA: non-sca: others, acquirer location: Italy, issuer location: other EEA countries, POS location: outside EEA","Number of card paymentelectronic, received - SCA: non-sca: others, acquirer location: Italy, issuer location: other EEA countries, POS location: outside EEA","PN",6]
["PCP.H.IT.G3.G1.CP0.2.2000.NR.PCS_ALL._Z.210._Z.N.PN","H","IT","G3","G1","CP0",2,"2000","NR","PCS_ALL","_Z","210","_Z","N","PN","2023-S1",0,"A",false,null,null,"P6M",{"$nulls":4},"S",null,null,3,null,"Number of card paymentelectronic, received - SCA: non-sca: others, acquirer location: Italy, issuer location: other EEA countries, POS location: outside EEA","Number of card paymentelectronic, received - SCA: non-sca: others, acquirer location: Italy, issuer location: other EEA countries, POS location: outside EEA","PN",6]
["PCP.H.IT.G3.G1.CP0.2.2000.NR.PCS_ALL._Z.210._Z.N.PN","H","IT","G3","G1","CP0",2,"2000","NR","PCS_ALL","_Z","210","_Z","N","PN","2023-S2",0,"P",false,null,null,"P6M",{"$nulls":4},"S",null,null,3,null,"Number of card paymentelectronic, received - SCA: non-sca: others, acquirer location: Italy, issuer location: other EEA countries, POS location: outside EEA","Number of card paymentelectronic, received - SCA: non-sca: others, acquirer location: Italy, issuer location: other EEA countries, POS location: outside EEA","PN",6]
["PCP.H.IT.W0.G3.CP0.1.1000.NR.PCS_ALL._Z._X._Z.N.EUR","H","IT","W0","G3","CP0",1,"1000","NR","PCS_ALL","_Z","_X","_Z","N","EUR","2022-S1",40.137578,"A",false,null,null,"P6M",{"$nulls":4},"S",null,null,3,null,"Total value of card paymentnon-electronic, sent - SCA: , issuer location: Italy, POS location: other EEA countries","Total value of card paymentnon-electronic, sent - SCA: , issuer location: Italy, POS location: other EEA countries","EUR",6]
["PCP.H.IT.W0.G3.CP0.1.1000.NR.PCS_ALL._Z._X._Z.N.EUR","H","IT","W0","G3","CP0",1,"1000","NR","PCS_ALL","_Z","_X","_Z","N","EUR","2022-S2",41.959321,"A",false,null,null,"P6M",{"$nulls":4},"S",null,null,3,null,"Total value of card paymentnon-electronic, sent - SCA: , issuer location: Italy, POS location: other EEA countries","Total value of card paymentnon-electronic, sent - SCA: , issuer location: Italy, POS location: other EEA countries","EUR",6]
["PCP.H.IT.W0.G3.CP0.1.1000.NR.PCS_ALL._Z._X._Z.N.EUR","H","IT","W0","G3","CP0",1,"1000","NR","PCS_ALL","_Z","_X","_Z","N","EUR","2023-S1",37.547657,"A",false,null,null,"P6M",{"$nulls":4},"S",null,null,3,null,"Total value of card paymentnon-electronic, sent - SCA: , issuer location: Italy, POS location: other EEA countries","Total value of card paymentnon-electronic, sent - SCA: , issuer location: Italy, POS location: other EEA countries","EUR",6]
["PCP.H.IT.W0.G3.CP0.1.1000.NR.PCS_ALL._Z._X._Z.N.EUR","H","IT","W0","G3","CP0",1,"1000","NR","PCS_ALL","_Z","_X","_Z","N","EUR","2023-S2",35.93934,"P",false,null,null,"P6M",{"$nulls":4},"S",null,null,3,null,"Total value of card paymentnon-electronic, sent - SCA: , issuer location: Italy, POS location: other EEA countries","Total value of card paymentnon-electronic, sent - SCA: , issuer location: Italy, POS location: other EEA countries","EUR",6]
["PCP.H.IT.W0.G3.CP0.1.2000.NR.PCS_ALL._Z.210._Z.N.EUR","H","IT","W0","G3","CP0",1,"2000","NR","PCS_ALL","_Z","210","_Z","N","EUR","2022-S1",216.132448,"A",false,null,null,"P6M",{"$nulls":4},"S",null,null,3,null,"Total value of card paymentelectronic, sent - SCA: non-sca: others, issuer location: Italy, POS location: other EEA countries","Total value of card paymentelectronic, sent - SCA: non-sca: others, issuer location: Italy, POS location: other EEA countries","EUR",6]
["PCP.H.IT.W0.G3.CP0.1.2000.NR.PCS_ALL._Z.210._Z.N.EUR","H","IT","W0","G3","CP0",1,"2000","NR","PCS_ALL","_Z","210","_Z","N","EUR","2022-S2",496.138607,"A",false,null,null,"P6M",{"$nulls":4},"S",null,null,3,null,"Total value of card paymentelectronic, sent - SCA: non-sca: others, issuer location: Italy, POS location: other EEA countries","Total value of card paymentelectronic, sent - SCA: non-sca: others, issuer location: Italy, POS location: other EEA countries","EUR",6]
["PCP.H.IT.W0.G3.CP0.1.2000.NR.PCS_ALL._Z.210._Z.N.EUR","H","IT","W0","G3","CP0",1,"2000","NR","PCS_ALL","_Z","210","_Z","N","EUR","2023-S1",273.619936,"A",false,null,null,"P6M",{"$nulls":4},"S",null,null,3,null,"Total value of card paymentelectronic, sent - SCA: non-sca: others, issuer location: Italy, POS location: other EEA countries","Total value of card paymentelectronic, sent - SCA: non-sca: others, issuer location: Italy, POS location: other EEA countries","EUR",6]
["PCP.H.IT.W0.G3.CP0.1.2000.NR.PCS_ALL._Z.210._Z.N.EUR","H","IT","W0","G3","CP0",1,"2000","NR","PCS_ALL","_Z","210","_Z","N","EUR","2023-S2",394.755932,"P",false,null,null,"P6M",{"$nulls":4},"S",null,null,3,null,"Total value of card paymentelectronic, sent - SCA: non-sca: others, issuer location: Italy, POS location: other EEA countries","Total value of card paymentelectronic, sent - SCA: non-sca: others, issuer location: Italy, POS location: other EEA countries","EUR",6]
["PCP.H.LT.G1.W0.CP0.1.2000.R.PCS_ALL._Z.201._Z.N.PN","H","LT","G1","W0","CP0",1,"2000","R","PCS_ALL","_Z","201","_Z","N","PN","2022-S1",0.817932,"A",false,null,null,"P6M",{"$nulls":4},"S",null,null,3,null,"Number of card paymentelectronic, sent - SCA: non-sca: low value, issuer location: Lithuania, acquirer location: outside EEA, POS location: world","Number of card paymentelectronic, sent - SCA: non-sca: low value, issuer location: Lithuania, acquirer location: outside EEA, POS location: world","PN",6]
["PCP.H.LT.G1.W0.CP0.1.2000.R.PCS_ALL._Z.201._Z.N.PN","H","LT","G1","W0","CP0",1,"2000","R","PCS_ALL","_Z","201","_Z","N","PN","2022-S2",0.9542790000000002,"A",false,null,null,"P6M",{"$nulls":4},"S",null,null,3,null,"Number of card paymentelectronic, sent - SCA: non-sca: low value, issuer location: Lithuania, acquirer location: outside EEA, POS location: world","Number of card paymentelectronic, sent - SCA: non-sca: low value, issuer location: Lithuania, acquirer location: outside EEA, POS location: world","PN",6]
["PCP.H.LT.G1.W0.CP0.1.2000.R.PCS_ALL._Z.201._Z.N.PN","H","LT","G1","W0","CP0",1,"2000","R","PCS_ALL","_Z","201","_Z","N","PN","2023-S1",1.029978,"A",false,null,null,"P6M",{"$nulls":4},"S",null,null,3,null,"Number of card paymentelectronic, sent - SCA: non-sca: low value, issuer location: Lithuania, acquirer location: outside EEA, POS location: world","Number of card paymentelectronic, sent - SCA: non-sca: low value, issuer location: Lithuania, acquirer location: outside EEA, POS location: world","PN",6]
["PCP.H.LT.G1.W0.CP0.1.2000.R.PCS_ALL._Z.201._Z.N.PN","H","LT","G1","W0","CP0",1,"2000","R","PCS_ALL","_Z","201","_Z","N","PN","2023-S2",0.84846,"P",false,null,null,"P6M",{"$nulls":4},"S",null,null,3,null,"Number of card paymentelectronic, sent - SCA: non-sca: low value, issuer location: Lithuania, acquirer location: outside EEA, POS location: world","Number of card paymentelectronic, sent - SCA: non-sca: low value, issuer location: Lithuania, acquirer location: outside EEA, POS location: world","PN",6]
["PCP.H.LT.G3.G1.CP0.2.2000.NR.PCS_ALL.12._X._Z.N.EUR","H","LT","G3","G1","CP0",2,"2000","NR","PCS_ALL","12","_X","_Z","N","EUR","2022-S1",null,"M",false,null,null,"P6M",{"$nulls":4},"S",null,null,3,null,"Value of card payment,with a delayed debit card, received - acquirer location: Lithuania, issuer location: other EEA countries, POS location: outside EEA","Value of card payment,with a delayed debit card, received - acquirer location: Lithuania, issuer location: other EEA countries, POS location: outside EEA","EUR",6]
["PCP.H.LT.G3.G1.CP0.2.2000.NR.PCS_ALL.12._X._Z.N.EUR","H","LT","G3","G1","CP0",2,"2000","NR","PCS_ALL","12","_X","_Z","N","EUR","2022-S2",null,"M",false,null,null,"P6M",{"$nulls":4},"S",null,null,3,null,"Value of card payment,with a delayed debit card, received - acquirer location: Lithuania, issuer location: other EEA countries, POS location: outside EEA","Value of card payment,with a delayed debit card, received - acquirer location: Lithuania, issuer location: other EEA countries, POS location: outside EEA","EUR",6]
["PCP.H.LT.G3.G1.CP0.2.2000.NR.PCS_ALL.12._X._Z.N.EUR","H","LT","G3","G1","CP0",2,"2000","NR","PCS_ALL","12","_X","_Z","N","EUR","2023-S1",null,"M",false,null,null,"P6M",{"$nulls":4},"S",null,null,3,null,"Value of card payment,with a delayed debit card, received - acquirer location: Lithuania, issuer location: other EEA countries, POS location: outside EEA","Value of card payment,with a delayed debit card, received - acquirer location: Lithuania, issuer location: other EEA countries, POS location: outside EEA","EUR",6]
["PCP.H.LT.G3.G1.CP0.2.2000.NR.PCS_ALL.12._X._Z.N.EUR","H","LT","G3","G1","CP0",2,"2000","NR","PCS_ALL","12","_X","_Z","N","EUR","2023-S2",0.014105,"P",false,null,null,"P6M",{"$nulls":4},"S",null,null,3,null,"Value of card payment,with a delayed debit card, received - acquirer location: Lithuania, issuer location: other EEA countries, POS location: outside EEA","Value of card payment,with a delayed debit card, received - acquirer location: Lithuania, issuer location: other EEA countries, POS location: outside EEA","EUR",6]
["PCP.H.LT.W0.W0.CP0.2.2000.R.PCS_ALL.12._X._Z.N.EUR_R_PNT","H","LT","W0","W0","CP0",2,"2000","R","PCS_ALL","12","_X","_Z","N","EUR_R_PNT","2022-S1",38.74894320896894,"A",false,null,null,"P6M",{"$nulls":4},"S",null,null,2,null,"Total value; ratio to number of transactions of card payment,with a delayed debit card, received - acquirer location: Lithuania, POS location: world","Total value; ratio to number of transactions of card payment,with a delayed debit card, received - acquirer location: Lithuania, POS location: world","EUR_R_PNT",0]
["PCP.H.LT.W0.W0.CP0.2.2000.R.PCS_ALL.12._X._Z.N.EUR_R_PNT","H","LT","W0","W0","CP0",2,"2000","R","PCS_ALL","12","_X","_Z","N","EUR_R_PNT","2022-S2",17.2586115527292,"A",false,null,null,"P6M",{"$nulls":4},"S",null,null,2,null,"Total value; ratio to number of transactions of card payment,with a delayed debit card, received - acquirer location: Lithuania, POS location: world","Total value; ratio to number of transactions of card payment,with a delayed debit card, received - acquirer location: Lithuania, POS location: world","EUR_R_PNT",0]
["PCP.H.LT.W0.W0.CP0.2.2000.R.PCS_ALL.12._X._Z.N.EUR_R_PNT","H","LT","W0","W0","CP0",2,"2000","R","PCS_ALL","12","_X","_Z","N","EUR_R_PNT","2023-S1",44.25885356613409,"A",false,null,null,"P6M",{"$nulls":4},"S",null,null,2,null,"Total value; ratio to number of transactions of card payment,with a delayed debit card, received - acquirer location: Lithuania, POS location: world","Total value; ratio to number of transactions of card payment,with a delayed debit card, received - acquirer location: Lithuania, POS location: world","EUR_R_PNT",0]
["PCP.H.LT.W0.W0.CP0.2.2000.R.PCS_ALL.12._X._Z.N.EUR_R_PNT","H","LT","W0","W0","CP0",2,"2000","R","PCS_ALL","12","_X","_Z","N","EUR_R_PNT","2023-S2",49.10939077751598,"P",false,null,null,"P6M",{"$nulls":4},"S",null,null,2,null,"Total value; ratio to number of transactions of card payment,with a delayed debit card, received - acquirer location: Lithuania, POS location: world","Total value; ratio to number of transactions of card payment,with a delayed debit card, received - acquirer location: Lithuania, POS location: world","EUR_R_PNT",0]
["PCP.H.LT.W2.W0.CP0.2.2000.NR.PCS_ALL._Z.206._Z.N.PN","H","LT","W2","W0","CP0",2,"2000","NR","PCS_ALL","_Z","206","_Z","N","PN","2022-S1",0.697975,"A",false,null,null,"P6M",{"$nulls":4},"S",null,null,3,null,"Number of card paymentelectronic, received - SCA: non-sca: unattended terminals, acquirer location: Lithuania, issuer location: domestic, POS location: world","Number of card paymentelectronic, received - SCA: non-sca: unattended terminals, acquirer location: Lithuania, issuer location: domestic, POS location: world","PN",6]
["PCP.H.LT.W2.W0.CP0.2.2000.NR.PCS_ALL._Z.206._Z.N.PN","H","LT","W2","W0","CP0",2,"2000","NR","PCS_ALL","_Z","206","_Z","N","PN","2022-S2",0.841575,"A",false,null,null,"P6M",{"$nulls":4},"S",null,null,3,null,"Number of card paymentelectronic, received - SCA: non-sca: unattended terminals, acquirer location: Lithuania, issuer location: domestic, POS location: world","Number of card paymentelectronic, received - SCA: non-sca: unattended terminals, acquirer location: Lithuania, issuer location: domestic, POS location: world","PN",6]
["PCP.H.LT.W2.W0.CP0.2.2000.NR.PCS_ALL._Z.206._Z.N.PN","H","LT","W2","W0","CP0",2,"2000","NR","PCS_ALL","_Z","206","_Z","N","PN","2023-S1",0.879888,"A",false,null,null,"P6M",{"$nulls":4},"S",null,null,3,null,"Number of card paymentelectronic, received - SCA: non-sca: unattended terminals, acquirer location: Lithuania, issuer location: domestic, POS location: world","Number of card paymentelectronic, received - SCA: non-sca: unattended terminals, acquirer location: Lithuania, issuer location: domestic, POS location: world","PN",6]
["PCP.H.LT.W2.W0.CP0.2.2000.NR.PCS_ALL._Z.206._Z.N.PN","H","LT","W2","W0","CP0",2,"2000","NR","PCS_ALL","_Z","206","_Z","N","PN","2023-S2",0.934147,"P",false,null,null,"P6M",{"$nulls":4},"S",null,null,3,null,"Number of card paymentelectronic, received - SCA: non-sca: unattended terminals, acquirer location: Lithuania, issuer location: domestic, POS location: world","Number of card paymentelectronic, received - SCA: non-sca: unattended terminals, acquirer location: Lithuania, issuer location: domestic, POS location: world","PN",6]
["PCP.H.LT.W2.W2.CP0.1.2000.R.PCS_ALL._Z.201._Z.N.PN","H","LT","W2","W2","CP0",1,"2000","R","PCS_ALL","_Z","201","_Z","N","PN","2022-S1",1.670552,"A",false,null,null,"P6M",{"$nulls":4},"S",null,null,3,null,"Number of card paymentelectronic, sent - SCA: non-sca: low value, issuer location: Lithuania, acquirer location: domestic, POS location: domestic","Number of card paymentelectronic, sent - SCA: non-sca: low value, issuer location: Lithuania, acquirer location: domestic, POS location: domestic","PN",6]
["PCP.H.LT.W2.W2.CP0.1.2000.R.PCS_ALL._Z.201._Z.N.PN","H","LT","W2","W2","CP0",1,"2000","R","PCS_ALL","_Z","201","_Z","N","PN","2022-S2",2.121464,"A",false,null,null,"P6M",{"$nulls":4},"S",null,null,3,null,"Number of card paymentelectronic, sent - SCA: non-sca: low value, issuer location: Lithuania, acquirer location: domestic, POS location: domestic","Number of card paymentelectronic, sent - SCA: non-sca: low value, issuer location: Lithuania, acquirer location: domestic, POS location: domestic","PN",6]
["PCP.H.LT.W2.W2.CP0.1.2000.R.PCS_ALL._Z.201._Z.N.PN","H","LT","W2","W2","CP0",1,"2000","R","PCS_ALL","_Z","201","_Z","N","PN","2023-S1",2.334297,"A",false,null,null,"P6M",{"$nulls":4},"S",null,null,3,null,"Number of card paymentelectronic, sent - SCA: non-sca: low value, issuer location: Lithuania, acquirer location: domestic, POS location: domestic","Number of card paymentelectronic, sent - SCA: non-sca: low value, issuer location: Lithuania, acquirer location: domestic, POS location: domestic","PN",6]
["PCP.H.LT.W2.W2.CP0.1.2000.R.PCS_ALL._Z.201._Z.N.PN","H","LT","W2","W2","CP0",1,"2000","R","PCS_ALL","_Z","201","_Z","N","PN","2023-S2",null,"Q",false,null,null,"P6M",{"$nulls":4},"S",null,null,3,null,"Number of card paymentelectronic, sent - SCA: non-sca: low value, issuer location: Lithuania, acquirer location: domestic, POS location: domestic","Number of card paymentelectronic, sent - SCA: non-sca: low value, issuer location: Lithuania, acquirer location: domestic, POS location: domestic","PN",6]
["PCP.H.LU.G1.W1.CP0.2.2000.R.PCS_ALL._Z.208._Z.N.EUR","H","LU","G1","W1","CP0",2,"2000","R","PCS_ALL","_Z","208","_Z","N","EUR","2022-S1",23.090815,"A",false,null,null,"P6M",{"$nulls":4},"S",null,null,3,null,"Value of card paymentelectronic, received - SCA: non-sca: transaction risk analysis, acquirer location: Luxembourg, issuer location: outside EEA, POS location: Rest of the World","Value of card paymentelectronic, received - SCA: non-sca: transaction risk analysis, acquirer location: Luxembourg, issuer location: outside EEA, POS location: Rest of the World","EUR",6]
["PCP.H.LU.G1.W1.CP0.2.2000.R.PCS_ALL._Z.208._Z.N.EUR","H","LU","G1","W1","CP0",2,"2000","R","PCS_ALL","_Z","208","_Z","N","EUR","2022-S2",40.49444,"A",false,null,null,"P6M",{"$nulls":4},"S",null,null,3,null,"Value of card paymentelectronic, received - SCA: non-sca: transaction risk analysis, acquirer location: Luxembourg, issuer location: outside EEA, POS location: Rest of the World","Value of card paymentelectronic, received - SCA: non-sca: transaction risk analysis, acquirer location: Luxembourg, issuer location: outside EEA, POS location: Rest of the World","EUR",6]
["PCP.H.LU.G1.W1.CP0.2.2000.R.PCS_ALL._Z.208._Z.N.EUR","H","LU","G1","W1","CP0",2,"2000","R","PCS_ALL","_Z","208","_Z","N","EUR","2023-S1",44.436688,"A",false,null,null,"P6M",{"$nulls":4},"S",null,null,3,null,"Value of card paymentelectronic, received - SCA: non-sca: transaction risk analysis, acquirer location: Luxembourg, issuer location: outside EEA, POS location: Rest of the World","Value of card paymentelectronic, received - SCA: non-sca: transaction risk analysis, acquirer location: Luxembourg, issuer location: outside EEA, POS location: Rest of the World","EUR",6]
["PCP.H.LU.G1.W1.CP0.2.2000.R.PCS_ALL._Z.208._Z.N.EUR","H","LU","G1","W1","CP0",2,"2000","R","PCS_ALL","_Z","208","_Z","N","EUR","2023-S2",53.56625700000001,"P",false,null,null,"P6M",{"$nulls":4},"S",null,null,3,null,"Value of card paymentelectronic, received - SCA: non-sca: transaction risk analysis, acquirer location: Luxembourg, issuer location: outside EEA, POS location: Rest of the World","Value of card paymentelectronic, received - SCA: non-sca: transaction risk analysis, acquirer location: Luxembourg, issuer location: outside EEA, POS location: Rest of the World","EUR",6]
["PCP.H.LU.G3.G3.CP0.1.2229.NR.PCS_ALL._Z._X._Z.N.EUR","H","LU","G3","G3","CP0",1,"2229","NR","PCS_ALL","_Z","_X","_Z","N","EUR","2022-S1",54.456985,"A",false,null,null,"P6M",{"$nulls":4},"S",null,null,3,null,"Value of card payment, initiated at other electronic channel, sent - SCA: , issuer location: Luxembourg, acquirer location: other EEA countries, POS location: other EEA countries","Value of card payment, initiated at other electronic channel, sent - SCA: , issuer location: Luxembourg, acquirer location: other EEA countries, POS location: other EEA countries","EUR",6]
["PCP.H.LU.G3.G3.CP0.1.2229.NR.PCS_ALL._Z._X._Z.N.EUR","H","LU","G3","G3","CP0",1,"2229","NR","PCS_ALL","_Z","_X","_Z","N","EUR","2022-S2",60.84500100000002,"A",false,null,null,"P6M",{"$nulls":4},"S",null,null,3,null,"Value of card payment, initiated at other electronic channel, sent - SCA: , issuer location: Luxembourg, acquirer location: other EEA countries, POS location: other EEA countries","Value of card payment, initiated at other electronic channel, sent - SCA: , issuer location: Luxembourg, acquirer location: other EEA countries, POS location: other EEA countries","EUR",6]
["PCP.H.LU.G3.G3.CP0.1.2229.NR.PCS_ALL._Z._X._Z.N.EUR","H","LU","G3","G3","CP0",1,"2229","NR","PCS_ALL","_Z","_X","_Z","N","EUR","2023-S1",51.049399,"A",false,null,null,"P6M",{"$nulls":4},"S",null,null,3,null,"Value of card payment, initiated at other electronic channel, sent - SCA: , issuer location: Luxembourg, acquirer location: other EEA countries, POS location: other EEA countries","Value of card payment, initiated at other electronic channel, sent - SCA: , issuer location: Luxembourg, acquirer location: other EEA countries, POS location: other EEA countries","EUR",6]
["PCP.H.LU.G3.G3.CP0.1.2229.NR.PCS_ALL._Z._X._Z.N.EUR","H","LU","G3","G3","CP0",1,"2229","NR","PCS_ALL","_Z","_X","_Z","N","EUR","2023-S2",56.037136,"P",false,null,null,"P6M",{"$nulls":4},"S",null,null,3,null,"Value of card payment, initiated at other electronic channel, sent - SCA: , issuer location: Luxembourg, acquirer location: other EEA countries, POS location: other EEA countries","Value of card payment, initiated at other electronic channel, sent - SCA: , issuer location: Luxembourg, acquirer location: other EEA countries, POS location: other EEA countries","EUR",6]
["PCP.H.LU.G3.W0.CP0.1.2230.R.PCS_ALL._Z._X._Z.N.EUR","H","LU","G3","W0","CP0",1,"2230","R","PCS_ALL","_Z","_X","_Z","N","EUR","2022-S1",25.382389,"A",false,null,null,"P6M",{"$nulls":4},"S",null,null,3,null,"Value of card payment, initiated via mobile payment solution (electronic), sent - SCA: , issuer location: Luxembourg, acquirer location: other EEA countries, POS location: world","Value of card payment, initiated via mobile payment solution (electronic), sent - SCA: , issuer location: Luxembourg, acquirer location: other EEA countries, POS location: world","EUR",6]
["PCP.H.LU.G3.W0.CP0.1.2230.R.PCS_ALL._Z._X._Z.N.EUR","H","LU","G3","W0","CP0",1,"2230","R","PCS_ALL","_Z","_X","_Z","N","EUR","2022-S2",44.94638200000001,"A",false,null,null,"P6M",{"$nulls":4},"S",null,null,3,null,"Value of card payment, initiated via mobile payment solution (electronic), sent - SCA: , issuer location: Luxembourg, acquirer location: other EEA countries, POS location: world","Value of card payment, initiated via mobile payment solution (electronic), sent - SCA: , issuer location: Luxembourg, acquirer location: other EEA countries, POS location: world","EUR",6]
["PCP.H.LU.G3.W0.CP0.1.2230.R.PCS_ALL._Z._X._Z.N.EUR","H","LU","G3","W0","CP0",1,"2230","R","PCS_ALL","_Z","_X","_Z","N","EUR","2023-S1",63.36587600000001,"A",false,null,null,"P6M",{"$nulls":4},"S",null,null,3,null,"Value of card payment, initiated via mobile payment solution (electronic), sent - SCA: , issuer location: Luxembourg, acquirer location: other EEA countries, POS location: world","Value of card payment, initiated via mobile payment solution (electronic), sent - SCA: , issuer location: Luxembourg, acquirer location: other EEA countries, POS location: world","EUR",6]
["PCP.H.LU.G3.W0.CP0.1.2230.R.PCS_ALL._Z._X._Z.N.EUR","H","LU","G3","W0","CP0",1,"2230","R","PCS_ALL","_Z","_X","_Z","N","EUR","2023-S2",82.969074,"P",false,null,null,"P6M",{"$nulls":4},"S",null,null,3,null,"Value of card payment, initiated via mobile payment solution (electronic), sent - SCA: , issuer location: Luxembourg, acquirer location: other EEA countries, POS location: world","Value of card payment, initiated via mobile payment solution (electronic), sent - SCA: , issuer location: Luxembourg, acquirer location: other EEA countries, POS location: world","EUR",6]
["PCP.H.LU.W0.W0.CP0.2.2000.R.PCS_ALL.11._X._Z.G1.PN","H","LU","W0","W0","CP0",2,"2000","R","PCS_ALL","11","_X","_Z","G1","PN","2023-S1",18.59489295294952,"A",false,null,null,"P6M",{"$nulls":4},"S",null,null,2,null,"Annual growth rate of the total number of card payment,with a debit card, received - acquirer location: Luxembourg, POS location: world","Annual growth rate of the total number of card payment,with a debit card, received - acquirer location: Luxembourg, POS location: world","PN",0]
["PCP.H.LU.W0.W0.CP0.2.2000.R.PCS_ALL.11._X._Z.G1.PN","H","LU","W0","W0","CP0",2,"2000","R","PCS_ALL","11","_X","_Z","G1","PN","2023-S2",22.6579559787061,"P",false,null,null,"P6M",{"$nulls":4},"S",null,null,2,null,"Annual growth rate of the total number of card payment,with a debit card, received - acquirer location: Luxembourg, POS location: world","Annual growth rate of the total number of card payment,with a debit card, received - acquirer location: Luxembourg, POS location: world","PN",0]
["PCP.H.LU.W1.W2.CP0.2.2229.NR.PCS_ALL._Z._X._Z.N.EUR","H","LU","W1","W2","CP0",2,"2229","NR","PCS_ALL","_Z","_X","_Z","N","EUR","2022-S1",0,"A",false,null,null,"P6M",{"$nulls":4},"S",null,null,3,null,"Value of card payment, initiated at other electronic channel, received - SCA: , acquirer location: Luxembourg, issuer location: Rest of the World, POS location: domestic","Value of card payment, initiated at other electronic channel, received - SCA: , acquirer location: Luxembourg, issuer location: Rest of the World, POS location: domestic","EUR",6]
["PCP.H.LU.W1.W2.CP0.2.2229.NR.PCS_ALL._Z._X._Z.N.EUR","H","LU","W1","W2","CP0",2,"2229","NR","PCS_ALL","_Z","_X","_Z","N","EUR","2022-S2",0,"A",false,null,null,"P6M",{"$nulls":4},"S",null,null,3,null,"Value of card payment, initiated at other electronic channel, received - SCA: , acquirer location: Luxembourg, issuer location: Rest of the World, POS location: domestic","Value of card payment, initiated at other electronic channel, received - SCA: , acquirer location: Luxembourg, issuer location: Rest of the World, POS location: domestic","EUR",6]
["PCP.H.LU.W1.W2.CP0.2.2229.NR.PCS_ALL._Z._X._Z.N.EUR","H","LU","W1","W2","CP0",2,"2229","NR","PCS_ALL","_Z","_X","_Z","N","EUR","2023-S1",0,"A",false,null,null,"P6M",{"$nulls":4},"S",null,null,3,null,"Value of card payment, initiated at other electronic channel, received - SCA: , acquirer location: Luxembourg, issuer location: Rest of the World, POS location: domestic","Value of card payment, initiated at other electronic channel, received - SCA: , acquirer location: Luxembourg, issuer location: Rest of the World, POS location: domestic","EUR",6]
["PCP.H.LU.W1.W2.CP0.2.2229.NR.PCS_ALL._Z._X._Z.N.EUR","H","LU","W1","W2","CP0",2,"2229","NR","PCS_ALL","_Z","_X","_Z","N","EUR","2023-S2",0,"P",false,null,null,"P6M",{"$nulls":4},"S",null,null,3,null,"Value of card payment, initiated at other electronic channel, received - SCA: , acquirer location: Luxembourg, issuer location: Rest of the World, POS location: domestic","Value of card payment, initiated at other electronic channel, received - SCA: , acquirer location: Luxembourg, issuer location: Rest of the World, POS location: domestic","EUR",6]
["PCP.H.LU.W2.W0.CP0.2.2000.R.PCS_ALL.13._X._Z.N.EUR","H","LU","W2","W0","CP0",2,"2000","R","PCS_ALL","13","_X","_Z","N","EUR","2022-S1",174.531324,"A",false,null,null,"P6M",{"$nulls":4},"S",null,null,3,null,"Value of card payment,with a credit card, received - acquirer location: Luxembourg, issuer location: domestic, POS location: world","Value of card payment,with a credit card, received - acquirer location: Luxembourg, issuer location: domestic, POS location: world","EUR",6]
["PCP.H.LU.W2.W0.CP0.2.2000.R.PCS_ALL.13._X._Z.N.EUR","H","LU","W2","W0","CP0",2,"2000","R","PCS_ALL","13","_X","_Z","N","EUR","2022-S2",189.525131,"A",false,null,null,"P6M",{"$nulls":4},"S",null,null,3,null,"Value of card payment,with a credit card, received - acquirer location: Luxembourg, issuer location: domestic, POS location: world","Value of card payment,with a credit card, received - acquirer location: Luxembourg, issuer location: domestic, POS location: world","EUR",6]
["PCP.H.LU.W2.W0.CP0.2.2000.R.PCS_ALL.13._X._Z.N.EUR","H","LU","W2","W0","CP0",2,"2000","R","PCS_ALL","13","_X","_Z","N","EUR","2023-S1",196.520534,"A",false,null,null,"P6M",{"$nulls":4},"S",null,null,3,null,"Value of card payment,with a credit card, received - acquirer location: Luxembourg, issuer location: domestic, POS location: world","Value of card payment,with a credit card, received - acquirer location: Luxembourg, issuer location: domestic, POS location: world","EUR",6]
["PCP.H.LU.W2.W0.CP0.2.2000.R.PCS_ALL.13._X._Z.N.EUR","H","LU","W2","W0","CP0",2,"2000","R","PCS_ALL","13","_X","_Z","N","EUR","2023-S2",209.388973,"P",false,null,null,"P6M",{"$nulls":4},"S",null,null,3,null,"Value of card payment,with a credit card, received - acquirer location: Luxembourg, issuer location: domestic, POS location: world","Value of card payment,with a credit card, received - acquirer location: Luxembourg, issuer location: domestic, POS location: world","EUR",6]
["PCP.H.LV.G1.G1.CP0.1.2229.NR.PCS_ALL._Z._X._Z.N.PN","H","LV","G1","G1","CP0",1,"2229","NR","PCS_ALL","_Z","_X","_Z","N","PN","2022-S1",null,"Q",false,null,null,"P6M",{"$nulls":4},"S",null,null,3,null,"Number of card payment, initiated at other electronic channel, sent - SCA: , issuer location: Latvia, acquirer location: outside EEA, POS location: outside EEA","Number of card payment, initiated at other electronic channel, sent - SCA: , issuer location: Latvia, acquirer location: outside EEA, POS location: outside EEA","PN",6]
["PCP.H.LV.G1.G1.CP0.1.2229.NR.PCS_ALL._Z._X._Z.N.PN","H","LV","G1","G1","CP0",1,"2229","NR","PCS_ALL","_Z","_X","_Z","N","PN","2022-S2",null,"Q",false,null,null,"P6M",{"$nulls":4},"S",null,null,3,null,"Number of card payment, initiated at other electronic channel, sent - SCA: , issuer location: Latvia, acquirer location: outside EEA, POS location: outside EEA","Number of card payment, initiated at other electronic channel, sent - SCA: , issuer location: Latvia, acquirer location: outside EEA, POS location: outside EEA","PN",6]
["PCP.H.LV.G1.G1.CP0.1.2229.NR.PCS_ALL._Z._X._Z.N.PN","H","LV","G1","G1","CP0",1,"2229","NR","PCS_ALL","_Z","_X","_Z","N","PN","2023-S1",null,"Q",false,null,null,"P6M",{"$nulls":4},"S",null,null,3,null,"Number of card payment, initiated at other electronic channel, sent - SCA: , issuer location: Latvia, acquirer location: outside EEA, POS location: outside EEA","Number of card payment, initiated at other electronic channel, sent - SCA: , issuer location: Latvia, acquirer location: outside EEA, POS location: outside EEA","PN",6]
["PCP.H.LV.G1.G1.CP0.1.2229.NR.PCS_ALL._Z._X._Z.N.PN","H","LV","G1","G1","CP0",1,"2229","NR","PCS_ALL","_Z","_X","_Z","N","PN","2023-S2",null,"Q",false,null,null,"P6M",{"$nulls":4},"S",null,null,3,null,"Number of card payment, initiated at other electronic channel, sent - SCA: , issuer location: Latvia, acquirer location: outside EEA, POS location: outside EEA","Number of card payment, initiated at other electronic channel, sent - SCA: , issuer location: Latvia, acquirer location: outside EEA, POS location: outside EEA","PN",6]
["PCP.H.LV.G1.G3.CP0.2.2000.NR.PCS_ALL._Z.210._Z.N.PN","H","LV","G1","G3","CP0",2,"2000","NR","PCS_ALL","_Z","210","_Z","N","PN","2022-S1",0.021884,"A",false,null,null,"P6M",{"$nulls":4},"S",null,null,3,null,"Number of card paymentelectronic, received - SCA: non-sca: others, acquirer location: Latvia, issuer location: outside EEA, POS location: other EEA countries","Number of card paymentelectronic, received - SCA: non-sca: others, acquirer location: Latvia, issuer location: outside EEA, POS location: other EEA countries","PN",6]
["PCP.H.LV.G1.G3.CP0.2.2000.NR.PCS_ALL._Z.210._Z.N.PN","H","LV","G1","G3","CP0",2,"2000","NR","PCS_ALL","_Z","210","_Z","N","PN","2022-S2",0.028583,"A",false,null,null,"P6M",{"$nulls":4},"S",null,null,3,null,"Number of card paymentelectronic, received - SCA: non-sca: others, acquirer location: Latvia, issuer location: outside EEA, POS location: other EEA countries","Number of card paymentelectronic, received - SCA: non-sca: others, acquirer location: Latvia, issuer location: outside EEA, POS location: other EEA countries","PN",6]
["PCP.H.LV.G1.G3.CP0.2.2000.NR.PCS_ALL._Z.210._Z.N.PN","H","LV","G1","G3","CP0",2,"2000","NR","PCS_ALL","_Z","210","_Z","N","PN","2023-S1",0.017896,"A",false,null,null,"P6M",{"$nulls":4},"S",null,null,3,null,"Number of card paymentelectronic, received - SCA: non-sca: others, acquirer location: Latvia, issuer location: outside EEA, POS location: other EEA countries","Number of card paymentelectronic, received - SCA: non-sca: others, acquirer location: Latvia, issuer location: outside EEA, POS location: other EEA countries","PN",6]
["PCP.H.LV.G1.G3.CP0.2.2000.NR.PCS_ALL._Z.210._Z.N.PN","H","LV","G1","G3","CP0",2,"2000","NR","PCS_ALL","_Z","210","_Z","N","PN","2023-S2",0.019412,"P",false,null,null,"P6M",{"$nulls":4},"S",null,null,3,null,"Number of card paymentelectronic, received - SCA: non-sca: others, acquirer location: Latvia, issuer location: outside EEA, POS location: other EEA countries","Number of card paymentelectronic, received - SCA: non-sca: others, acquirer location: Latvia, issuer location: outside EEA, POS location: other EEA countries","PN",6]
["PCP.H.LV.G1.W2.CP0.1.2000.R.PCS_ALL._Z.205._Z.N.PN","H","LV","G1","W2","CP0",1,"2000","R","PCS_ALL","_Z","205","_Z","N","PN","2022-S1",null,"Q",false,null,null,"P6M",{"$nulls":4},"S",null,null,3,null,"Number of card paymentelectronic, sent - SCA: non-sca: recurring transaction, issuer location: Latvia, acquirer location: outside EEA, POS location: domestic","Number of card paymentelectronic, sent - SCA: non-sca: recurring transaction, issuer location: Latvia, acquirer location: outside EEA, POS location: domestic","PN",6]
["PCP.H.LV.G1.W2.CP0.1.2000.R.PCS_ALL._Z.205._Z.N.PN","H","LV","G1","W2","CP0",1,"2000","R","PCS_ALL","_Z","205","_Z","N","PN","2022-S2",null,"Q",false,null,null,"P6M",{"$nulls":4},"S",null,null,3,null,"Number of card paymentelectronic, sent - SCA: non-sca: recurring transaction, issuer location: Latvia, acquirer location: outside EEA, POS location: domestic","Number of card paymentelectronic, sent - SCA: non-sca: recurring transaction, issuer location: Latvia, acquirer location: outside EEA, POS location: domestic","PN",6]
["PCP.H.LV.G1.W2.CP0.1.2000.R.PCS_ALL._Z.205._Z.N.PN","H","LV","G1","W2","CP0",1,"2000","R","PCS_ALL","_Z","205","_Z","N","PN","2023-S1",null,"Q",false,null,null,"P6M",{"$nulls":4},"S",null,null,3,null,"Number of card paymentelectronic, sent - SCA: non-sca: recurring transaction, issuer location: Latvia, acquirer location: outside EEA, POS location: domestic","Number of card paymentelectronic, sent - SCA: non-sca: recurring transaction, issuer location: Latvia, acquirer location: outside EEA, POS location: domestic","PN",6]
["PCP.H.LV.G1.W2.CP0.1.2000.R.PCS_ALL._Z.205._Z.N.PN","H","LV","G1","W2","CP0",1,"2000","R","PCS_ALL","_Z","205","_Z","N","PN","2023-S2",null,"Q",false,null,null,"P6M",{"$nulls":4},"S",null,null,3,null,"Number of card paymentelectronic, sent - SCA: non-sca: recurring transaction, issuer location: Latvia, acquirer location: outside EEA, POS location: domestic","Number of card paymentelectronic, sent - SCA: non-sca: recurring transaction, issuer location: Latvia, acquirer location: outside EEA, POS location: domestic","PN",6]
["PCP.H.LV.G3.G1.CP0.2.2000.R.PCS_ALL._Z.208._Z.N.PN","H","LV","G3","G1","CP0",2,"2000","R","PCS_ALL","_Z","208","_Z","N","PN","2022-S1",0,"A",false,null,null,"P6M",{"$nulls":4},"S",null,null,3,null,"Number of card paymentelectronic, received - SCA: non-sca: transaction risk analysis, acquirer location: Latvia, issuer location: other EEA countries, POS location: outside EEA","Number of card paymentelectronic, received - SCA: non-sca: transaction risk analysis, acquirer location: Latvia, issuer location: other EEA countries, POS location: outside EEA","PN",6]
["PCP.H.LV.G3.G1.CP0.2.2000.R.PCS_ALL._Z.208._Z.N.PN","H","LV","G3","G1","CP0",2,"2000","R","PCS_ALL","_Z","208","_Z","N","PN","2022-S2",0,"A",false,null,null,"P6M",{"$nulls":4},"S",null,null,3,null,"Number of card paymentelectronic, received - SCA: non-sca: transaction risk analysis, acquirer location: Latvia, issuer location: other EEA countries, POS location: outside EEA","Number of card paymentelectronic, received - SCA: non-sca: transaction risk analysis, acquirer location: Latvia, issuer location: other EEA countries, POS location: outside EEA","PN",6]
["PCP.H.LV.G3.G1.CP0.2.2000.R.PCS_ALL._Z.208._Z.N.PN","H","LV","G3","G1","CP0",2,"2000","R","PCS_ALL","_Z","208","_Z","N","PN","2023-S1",0,"A",false,null,null,"P6M",{"$nulls":4},"S",null,null,3,null,"Number of card paymentelectronic, received - SCA: non-sca: transaction risk analysis, acquirer location: Latvia, issuer location: other EEA countries, POS location: outside EEA","Number of card paymentelectronic, received - SCA: non-sca: transaction risk analysis, acquirer location: Latvia, issuer location: other EEA countries, POS location: outside EEA","PN",6]
["PCP.H.LV.G3.G1.CP0.2.2000.R.PCS_ALL._Z.208._Z.N.PN","H","LV","G3","G1","CP0",2,"2000","R","PCS_ALL","_Z","208","_Z","N","PN","2023-S2",0,"P",false,null,null,"P6M",{"$nulls":4},"S",null,null,3,null,"Number of card paymentelectronic, received - SCA: non-sca: transaction risk analysis, acquirer location: Latvia, issuer location: other EEA countries, POS location: outside EEA","Number of card paymentelectronic, received - SCA: non-sca: transaction risk analysis, acquirer location: Latvia, issuer location: other EEA countries, POS location: outside EEA","PN",6]
["PCP.H.LV.G3.W2.CP0.1.2000.NR.PCS_ALL._Z.204._Z.N.EUR","H","LV","G3","W2","CP0",1,"2000","NR","PCS_ALL","_Z","204","_Z","N","EUR","2022-S1",0,"A",false,null,null,"P6M",{"$nulls":4},"S",null,null,3,null,"Value of card paymentelectronic, sent - SCA: non-sca: trusted beneficiaries, issuer location: Latvia, acquirer location: other EEA countries, POS location: domestic","Value of card paymentelectronic, sent - SCA: non-sca: trusted beneficiaries, issuer location: Latvia, acquirer location: other EEA countries, POS location: domestic","EUR",6]
["PCP.H.LV.G3.W2.CP0.1.2000.NR.PCS_ALL._Z.204._Z.N.EUR","H","LV","G3","W2","CP0",1,"2000","NR","PCS_ALL","_Z","204","_Z","N","EUR","2022-S2",0,"A",false,null,null,"P6M",{"$nulls":4},"S",null,null,3,null,"Value of card paymentelectronic, sent - SCA: non-sca: trusted beneficiaries, issuer location: Latvia, acquirer location: other EEA countries, POS location: domestic","Value of card paymentelectronic, sent - SCA: non-sca: trusted beneficiaries, issuer location: Latvia, acquirer location: other EEA countries, POS location: domestic","EUR",6]
["PCP.H.LV.G3.W2.CP0.1.2000.NR.PCS_ALL._Z.204._Z.N.EUR","H","LV","G3","W2","CP0",1,"2000","NR","PCS_ALL","_Z","204","_Z","N","EUR","2023-S1",0,"A",false,null,null,"P6M",{"$nulls":4},"S",null,null,3,null,"Value of card paymentelectronic, sent - SCA: non-sca: trusted beneficiaries, issuer location: Latvia, acquirer location: other EEA countries, POS location: domestic","Value of card paymentelectronic, sent - SCA: non-sca: trusted beneficiaries, issuer location: Latvia, acquirer location: other EEA countries, POS location: domestic","EUR",6]
["PCP.H.LV.G3.W2.CP0.1.2000.NR.PCS_ALL._Z.204._Z.N.EUR","H","LV","G3","W2","CP0",1,"2000","NR","PCS_ALL","_Z","204","_Z","N","EUR","2023-S2",0,"P",false,null,null,"P6M",{"$nulls":4},"S",null,null,3,null,"Value of card paymentelectronic, sent - SCA: non-sca: trusted beneficiaries, issuer location: Latvia, acquirer location: other EEA countries, POS location: domestic","Value of card paymentelectronic, sent - SCA: non-sca: trusted beneficiaries, issuer location: Latvia, acquirer location: other EEA countries, POS location: domestic","EUR",6]
["PCP.H.LV.W0.G1.CP0.2.2000.NR.PCS_ALL._Z.205._Z.N.EUR","H","LV","W0","G1","CP0",2,"2000","NR","PCS_ALL","_Z","205","_Z","N","EUR","2022-S1",0,"A",false,null,null,"P6M",{"$nulls":4},"S",null,null,3,null,"Total value of card paymentelectronic, received - SCA: non-sca: recurring transaction, acquirer location: Latvia, POS location: outside EEA","Total value of card paymentelectronic, received - SCA: non-sca: recurring transaction, acquirer location: Latvia, POS location: outside EEA","EUR",6]
["PCP.H.LV.W0.G1.CP0.2.2000.NR.PCS_ALL._Z.205._Z.N.EUR","H","LV","W0","G1","CP0",2,"2000","NR","PCS_ALL","_Z","205","_Z","N","EUR","2022-S2",0,"A",false,null,null,"P6M",{"$nulls":4},"S",null,null,3,null,"Total value of card paymentelectronic, received - SCA: non-sca: recurring transaction, acquirer location: Latvia, POS location: outside EEA","Total value of card paymentelectronic, received - SCA: non-sca: recurring transaction, acquirer location: Latvia, POS location: outside EEA","EUR",6]
["PCP.H.LV.W0.G1.CP0.2.2000.NR.PCS_ALL._Z.205._Z.N.EUR","H","LV","W0","G1","CP0",2,"2000","NR","PCS_ALL","_Z","205","_Z","N","EUR","2023-S1",0,"A",false,null,null,"P6M",{"$nulls":4},"S",null,null,3,null,"Total value of card paymentelectronic, received - SCA: non-sca: recurring transaction, acquirer location: Latvia, POS location: outside EEA","Total value of card paymentelectronic, received - SCA: non-sca: recurring transaction, acquirer location: Latvia, POS location: outside EEA","EUR",6]
["PCP.H.LV.W0.G1.CP0.2.2000.NR.PCS_ALL._Z.205._Z.N.EUR","H","LV","W0","G1","CP0",2,"2000","NR","PCS_ALL","_Z","205","_Z","N","EUR","2023-S2",0,"P",false,null,null,"P6M",{"$nulls":4},"S",null,null,3,null,"Total value of card paymentelectronic, received - SCA: non-sca: recurring transaction, acquirer location: Latvia, POS location: outside EEA","Total value of card paymentelectronic, received - SCA: non-sca: recurring transaction, acquirer location: Latvia, POS location: outside EEA","EUR",6]
["PCP.H.LV.W1.G1.CP0.1.2000.R.PCS_ALL._Z.200._Z.N.EUR","H","LV","W1","G1","CP0",1,"2000","R","PCS_ALL","_Z","200","_Z","N","EUR","2022-S1",54.20247916,"A",false,null,null,"P6M",{"$nulls":4},"S",null,null,3,null,"Value of card paymentelectronic, sent - SCA: non-sca, issuer location: Latvia, acquirer location: Rest of the World, POS location: outside EEA","Value of card paymentelectronic, sent - SCA: non-sca, issuer location: Latvia, acquirer location: Rest of the World, POS location: outside EEA","EUR",6]
["PCP.H.LV.W1.G1.CP0.1.2000.R.PCS_ALL._Z.200._Z.N.EUR","H","LV","W1","G1","CP0",1,"2000","R","PCS_ALL","_Z","200","_Z","N","EUR","2022-S2",56.44937266,"A",false,null,null,"P6M",{"$nulls":4},"S",null,null,3,null,"Value of card paymentelectronic, sent - SCA: non-sca, issuer location: Latvia, acquirer location: Rest of the World, POS location: outside EEA","Value of card paymentelectronic, sent - SCA: non-sca, issuer location: Latvia, acquirer location: Rest of the World, POS location: outside EEA","EUR",6]
["PCP.H.LV.W1.G1.CP0.1.2000.R.PCS_ALL._Z.200._Z.N.EUR","H","LV","W1","G1","CP0",1,"2000","R","PCS_ALL","_Z","200","_Z","N","EUR","2023-S1",53.01024127000001,"A",false,null,null,"P6M",{"$nulls":4},"S",null,null,3,null,"Value of card paymentelectronic, sent - SCA: non-sca, issuer location: Latvia, acquirer location: Rest of the World, POS location: outside EEA","Value of card paymentelectronic, sent - SCA: non-sca, issuer location: Latvia, acquirer location: Rest of the World, POS location: outside EEA","EUR",6]
["PCP.H.LV.W1.G1.CP0.1.2000.R.PCS_ALL._Z.200._Z.N.EUR","H","LV","W1","G1","CP0",1,"2000","R","PCS_ALL","_Z","200","_Z","N","EUR","2023-S2",53.87600155000001,"P",false,null,null,"P6M",{"$nulls":4},"S",null,null,3,null,"Value of card paymentelectronic, sent - SCA: non-sca, issuer location: Latvia, acquirer location: Rest of the World, POS location: outside EEA","Value of card paymentelectronic, sent - SCA: non-sca, issuer location: Latvia, acquirer location: Rest of the World, POS location: outside EEA","EUR",6]
["PCP.H.LV.W1.W1.CP0.1.2000.NR.PCS_ALL.11._X._Z.N.EUR","H","LV","W1","W1","CP0",1,"2000","NR","PCS_ALL","11","_X","_Z","N","EUR","2022-S1",198.86411952,"A",false,null,null,"P6M",{"$nulls":4},"S",null,null,3,null,"Value of card payment with a debit card, sent - issuer location: Latvia, acquirer location: Rest of the World, POS location: Rest of the World","Value of card payment with a debit card, sent - issuer location: Latvia, acquirer location: Rest of the World, POS location: Rest of the World","EUR",6]
["PCP.H.LV.W1.W1.CP0.1.2000.NR.PCS_ALL.11._X._Z.N.EUR","H","LV","W1","W1","CP0",1,"2000","NR","PCS_ALL","11","_X","_Z","N","EUR","2022-S2",252.68977816,"A",false,null,null,"P6M",{"$nulls":4},"S",null,null,3,null,"Value of card payment with a debit card, sent - issuer location: Latvia, acquirer location: Rest of the World, POS location: Rest of the World","Value of card payment with a debit card, sent - issuer location: Latvia, acquirer location: Rest of the World, POS location: Rest of the World","EUR",6]
["PCP.H.LV.W1.W1.CP0.1.2000.NR.PCS_ALL.11._X._Z.N.EUR","H","LV","W1","W1","CP0",1,"2000","NR","PCS_ALL","11","_X","_Z","N","EUR","2023-S1",237.387258,"A",false,null,null,"P6M",{"$nulls":4},"S",null,null,3,null,"Value of card payment with a debit card, sent - issuer location: Latvia, acquirer location: Rest of the World, POS location: Rest of the World","Value of card payment with a debit card, sent - issuer location: Latvia, acquirer location: Rest of the World, POS location: Rest of the World","EUR",6]
["PCP.H.LV.W1.W1.CP0.1.2000.NR.PCS_ALL.11._X._Z.N.EUR","H","LV","W1","W1","CP0",1,"2000","NR","PCS_ALL","11","_X","_Z","N","EUR","2023-S2",262.30792343,"P",false,null,null,"P6M",{"$nulls":4},"S",null,null,3,null,"Value of card payment with a debit card, sent - issuer location: Latvia, acquirer location: Rest of the World, POS location: Rest of the World","Value of card payment with a debit card, sent - issuer location: Latvia, acquirer location: Rest of the World, POS location: Rest of the World","EUR",6]
["PCP.H.LV.W1.W1.CP0.1.2000.R.PCS_ALL._Z.210._Z.N.EUR","H","LV","W1","W1","CP0",1,"2000","R","PCS_ALL","_Z","210","_Z","N","EUR","2022-S1",34.00041107999999,"A",false,null,null,"P6M",{"$nulls":4},"S",null,null,3,null,"Value of card paymentelectronic, sent - SCA: non-sca: others, issuer location: Latvia, acquirer location: Rest of the World, POS location: Rest of the World","Value of card paymentelectronic, sent - SCA: non-sca: others, issuer location: Latvia, acquirer location: Rest of the World, POS location: Rest of the World","EUR",6]
["PCP.H.LV.W1.W1.CP0.1.2000.R.PCS_ALL._Z.210._Z.N.EUR","H","LV","W1","W1","CP0",1,"2000","R","PCS_ALL","_Z","210","_Z","N","EUR","2022-S2",36.21731196,"A",false,null,null,"P6M",{"$nulls":4},"S",null,null,3,null,"Value of card paymentelectronic, sent - SCA: non-sca: others, issuer location: Latvia, acquirer location: Rest of the World, POS location: Rest of the World","Value of card paymentelectronic, sent - SCA: non-sca: others, issuer location: Latvia, acquirer location: Rest of the World, POS location: Rest of the World","EUR",6]
["PCP.H.LV.W1.W1.CP0.1.2000.R.PCS_ALL._Z.210._Z.N.EUR","H","LV","W1","W1","CP0",1,"2000","R","PCS_ALL","_Z","210","_Z","N","EUR","2023-S1",29.60304995,"A",false,null,null,"P6M",{"$nulls":4},"S",null,null,3,null,"Value of card paymentelectronic, sent - SCA: non-sca: others, issuer location: Latvia, acquirer location: Rest of the World, POS location: Rest of the World","Value of card paymentelectronic, sent - SCA: non-sca: others, issuer location: Latvia, acquirer location: Rest of the World, POS location: Rest of the World","EUR",6]
["PCP.H.LV.W1.W1.CP0.1.2000.R.PCS_ALL._Z.210._Z.N.EUR","H","LV","W1","W1","CP0",1,"2000","R","PCS_ALL","_Z","210","_Z","N","EUR","2023-S2",37.31766194999999,"P",false,null,null,"P6M",{"$nulls":4},"S",null,null,3,null,"Value of card paymentelectronic, sent - SCA: non-sca: others, issuer location: Latvia, acquirer location: Rest of the World, POS location: Rest of the World","Value of card paymentelectronic, sent - SCA: non-sca: others, issuer location: Latvia, acquirer location: Rest of the World, POS location: Rest of the World","EUR",6]
["PCP.H.LV.W2.G3.CP0.1.2229.NR.PCS_ALL._Z._X._Z.N.PN","H","LV","W2","G3","CP0",1,"2229","NR","PCS_ALL","_Z","_X","_Z","N","PN","2022-S1",0,"A",false,null,null,"P6M",{"$nulls":4},"S",null,null,3,null,"Number of card payment, initiated at other electronic channel, sent - SCA: , issuer location: Latvia, acquirer location: domestic, POS location: other EEA countries","Number of card payment, initiated at other electronic channel, sent - SCA: , issuer location: Latvia, acquirer location: domestic, POS location: other EEA countries","PN",6]
["PCP.H.LV.W2.G3.CP0.1.2229.NR.PCS_ALL._Z._X._Z.N.PN","H","LV","W2","G3","CP0",1,"2229","NR","PCS_ALL","_Z","_X","_Z","N","PN","2022-S2",1E-06,"A",false,null,null,"P6M",{"$nulls":4},"S",null,null,3,null,"Number of card payment, initiated at other electronic channel, sent - SCA: , issuer location: Latvia, acquirer location: domestic, POS location: other EEA countries","Number of card payment, initiated at other electronic channel, sent - SCA: , issuer location: Latvia, acquirer location: domestic, POS location: other EEA countries","PN",6]
["PCP.H.LV.W2.G3.CP0.1.2229.NR.PCS_ALL._Z._X._Z.N.PN","H","LV","W2","G3","CP0",1,"2229","NR","PCS_ALL","_Z","_X","_Z","N","PN","2023-S1",0,"A",false,null,null,"P6M",{"$nulls":4},"S",null,null,3,null,"Number of card payment, initiated at other electronic channel, sent - SCA: , issuer location: Latvia, acquirer location: domestic, POS location: other EEA countries","Number of card payment, initiated at other electronic channel, sent - SCA: , issuer location: Latvia, acquirer location: domestic, POS location: other EEA countries","PN",6]
["PCP.H.LV.W2.G3.CP0.1.2229.NR.PCS_ALL._Z._X._Z.N.PN","H","LV","W2","G3","CP0",1,"2229","NR","PCS_ALL","_Z","_X","_Z","N","PN","2023-S2",0,"P",false,null,null,"P6M",{"$nulls":4},"S",null,null,3,null,"Number of card payment, initiated at other electronic channel, sent - SCA: , issuer location: Latvia, acquirer location: domestic, POS location: other EEA countries","Number of card payment, initiated at other electronic channel, sent - SCA: , issuer location: Latvia, acquirer location: domestic, POS location: other EEA countries","PN",6]
["PCP.H.LV.W2.W1.CP0.2.1000.R.PCS_ALL._Z._X._Z.N.PN","H","LV","W2","W1","CP0",2,"1000","R","PCS_ALL","_Z","_X","_Z","N","PN","2022-S1",0.019584,"A",false,null,null,"P6M",{"$nulls":4},"S",null,null,3,null,"Number of card paymentnon-electronic, received - SCA: , acquirer location: Latvia, issuer location: domestic, POS location: Rest of the World","Number of card paymentnon-electronic, received - SCA: , acquirer location: Latvia, issuer location: domestic, POS location: Rest of the World","PN",6]
["PCP.H.LV.W2.W1.CP0.2.1000.R.PCS_ALL._Z._X._Z.N.PN","H","LV","W2","W1","CP0",2,"1000","R","PCS_ALL","_Z","_X","_Z","N","PN","2022-S2",0.015296,"A",false,null,null,"P6M",{"$nulls":4},"S",null,null,3,null,"Number of card paymentnon-electronic, received - SCA: , acquirer location: Latvia, issuer location: domestic, POS location: Rest of the World","Number of card paymentnon-electronic, received - SCA: , acquirer location: Latvia, issuer location: domestic, POS location: Rest of the World","PN",6]
["PCP.H.LV.W2.W1.CP0.2.1000.R.PCS_ALL._Z._X._Z.N.PN","H","LV","W2","W1","CP0",2,"1000","R","PCS_ALL","_Z","_X","_Z","N","PN","2023-S1",0.007186000000000001,"A",false,null,null,"P6M",{"$nulls":4},"S",null,null,3,null,"Number of card paymentnon-electronic, received - SCA: , acquirer location: Latvia, issuer location: domestic, POS location: Rest of the World","Number of card paymentnon-electronic, received - SCA: , acquirer location: Latvia, issuer location: domestic, POS location: Rest of the World","PN",6]
["PCP.H.LV.W2.W1.CP0.2.1000.R.PCS_ALL._Z._X._Z.N.PN","H","LV","W2","W1","CP0",2,"1000","R","PCS_ALL","_Z","_X","_Z","N","PN","2023-S2",0.002712,"P",false,null,null,"P6M",{"$nulls":4},"S",null,null,3,null,"Number of card paymentnon-electronic, received - SCA: , acquirer location: Latvia, issuer location: domestic, POS location: Rest of the World","Number of card paymentnon-electronic, received - SCA: , acquirer location: Latvia, issuer location: domestic, POS location: Rest of the World","PN",6]
["PCP.H.MT.G1.W1.CP0.1.2000.NR.PCS_ALL.11._X._Z.N.PN","H","MT","G1","W1","CP0",1,"2000","NR","PCS_ALL","11","_X","_Z","N","PN","2022-S1",0.302764,"A",false,null,null,"P6M",{"$nulls":4},"S",null,null,3,null,"Number of card payment with a debit card, sent - issuer location: Malta, acquirer location: outside EEA, POS location: Rest of the World","Number of card payment with a debit card, sent - issuer location: Malta, acquirer location: outside EEA, POS location: Rest of the World","PN",6]
["PCP.H.MT.G1.W1.CP0.1.2000.NR.PCS_ALL.11._X._Z.N.PN","H","MT","G1","W1","CP0",1,"2000","NR","PCS_ALL","11","_X","_Z","N","PN","2022-S2",0.482036,"A",false,null,null,"P6M",{"$nulls":4},"S",null,null,3,null,"Number of card payment with a debit card, sent - issuer location: Malta, acquirer location: outside EEA, POS location: Rest of the World","Number of card payment with a debit card, sent - issuer location: Malta, acquirer location: outside EEA, POS location: Rest of the World","PN",6]
["PCP.H.MT.G1.W1.CP0.1.2000.NR.PCS_ALL.11._X._Z.N.PN","H","MT","G1","W1","CP0",1,"2000","NR","PCS_ALL","11","_X","_Z","N","PN","2023-S1",0.5253490000000001,"A",false,null,null,"P6M",{"$nulls":4},"S",null,null,3,null,"Number of card payment with a debit card, sent - issuer location: Malta, acquirer location: outside EEA, POS location: Rest of the World","Number of card payment with a debit card, sent - issuer location: Malta, acquirer location: outside EEA, POS location: Rest of the World","PN",6]
["PCP.H.MT.G1.W1.CP0.1.2000.NR.PCS_ALL.11._X._Z.N.PN","H","MT","G1","W1","CP0",1,"2000","NR","PCS_ALL","11","_X","_Z","N","PN","2023-S2",0.637609,"P",false,null,null,"P6M",{"$nulls":4},"S",null,null,3,null,"Number of card payment with a debit card, sent - issuer location: Malta, acquirer location: outside EEA, POS location: Rest of the World","Number of card payment with a debit card, sent - issuer location: Malta, acquirer location: outside EEA, POS location: Rest of the World","PN",6]
["PCP.H.MT.G1.W2.CP0.2.2000.R.PCS_ALL._Z.200._Z.N.PN","H","MT","G1","W2","CP0",2,"2000","R","PCS_ALL","_Z","200","_Z","N","PN","2022-S1",4.648205,"A",false,null,null,"P6M",{"$nulls":4},"S",null,null,3,null,"Number of card paymentelectronic, received - SCA: non-sca, acquirer location: Malta, issuer location: outside EEA, POS location: domestic","Number of card paymentelectronic, received - SCA: non-sca, acquirer location: Malta, issuer location: outside EEA, POS location: domestic","PN",6]
["PCP.H.MT.G1.W2.CP0.2.2000.R.PCS_ALL._Z.200._Z.N.PN","H","MT","G1","W2","CP0",2,"2000","R","PCS_ALL","_Z","200","_Z","N","PN","2022-S2",5.110825999999999,"A",false,null,null,"P6M",{"$nulls":4},"S",null,null,3,null,"Number of card paymentelectronic, received - SCA: non-sca, acquirer location: Malta, issuer location: outside EEA, POS location: domestic","Number of card paymentelectronic, received - SCA: non-sca, acquirer location: Malta, issuer location: outside EEA, POS location: domestic","PN",6]
["PCP.H.MT.G1.W2.CP0.2.2000.R.PCS_ALL._Z.200._Z.N.PN","H","MT","G1","W2","CP0",2,"2000","R","PCS_ALL","_Z","200","_Z","N","PN","2023-S1",5.33595,"A",false,null,null,"P6M",{"$nulls":4},"S",null,null,3,null,"Number of card paymentelectronic, received - SCA: non-sca, acquirer location: Malta, issuer location: outside EEA, POS location: domestic","Number of card paymentelectronic, received - SCA: non-sca, acquirer location: Malta, issuer location: outside EEA, POS location: domestic","PN",6]
["PCP.H.MT.G1.W2.CP0.2.2000.R.PCS_ALL._Z.200._Z.N.PN","H","MT","G1","W2","CP0",2,"2000","R","PCS_ALL","_Z","200","_Z","N","PN","2023-S2",4.166004999999999,"P",false,null,null,"P6M",{"$nulls":4},"S",null,null,3,null,"Number of card paymentelectronic, received - SCA: non-sca, acquirer location: Malta, issuer location: outside EEA, POS location: domestic","Number of card paymentelectronic, received - SCA: non-sca, acquirer location: Malta, issuer location: outside EEA, POS location: domestic","PN",6]
["PCP.H.MT.W0.G1.CP0.2.2000.NR.PCS_ALL._Z.206._Z.N.EUR","H","MT","W0","G1","CP0",2,"2000","NR","PCS_ALL","_Z","206","_Z","N","EUR","2022-S1",0,"A",false,null,null,"P6M",{"$nulls":4},"S",null,null,3,null,"Total value of card paymentelectronic, received - SCA: non-sca: unattended terminals, acquirer location: Malta, POS location: outside EEA","Total value of card paymentelectronic, received - SCA: non-sca: unattended terminals, acquirer location: Malta, POS location: outside EEA","EUR",6]
["PCP.H.MT.W0.G1.CP0.2.2000.NR.PCS_ALL._Z.206._Z.N.EUR","H","MT","W0","G1","CP0",2,"2000","NR","PCS_ALL","_Z","206","_Z","N","EUR","2022-S2",0,"A",false,null,null,"P6M",{"$nulls":4},"S",null,null,3,null,"Total value of card paymentelectronic, received - SCA: non-sca: unattended terminals, acquirer location: Malta, POS location: outside EEA","Total value of card paymentelectronic, received - SCA: non-sca: unattended terminals, acquirer location: Malta, POS location: outside EEA","EUR",6]
["PCP.H.MT.W0.G1.CP0.2.2000.NR.PCS_ALL._Z.206._Z.N.EUR","H","MT","W0","G1","CP0",2,"2000","NR","PCS_ALL","_Z","206","_Z","N","EUR","2023-S1",0,"A",false,null,null,"P6M",{"$nulls":4},"S",null,null,3,null,"Total value of card paymentelectronic, received - SCA: non-sca: unattended terminals, acquirer location: Malta, POS location: outside EEA","Total value of card paymentelectronic, received - SCA: non-sca: unattended terminals, acquirer location: Malta, POS location: outside EEA","EUR",6]
["PCP.H.MT.W0.G1.CP0.2.2000.NR.PCS_ALL._Z.206._Z.N.EUR","H","MT","W0","G1","CP0",2,"2000","NR","PCS_ALL","_Z","206","_Z","N","EUR","2023-S2",0,"P",false,null,null,"P6M",{"$nulls":4},"S",null,null,3,null,"Total value of card paymentelectronic, received - SCA: non-sca: unattended terminals, acquirer location: Malta, POS location: outside EEA","Total value of card paymentelectronic, received - SCA: non-sca: unattended terminals, acquirer location: Malta, POS location: outside EEA","EUR",6]
["PCP.H.MT.W0.G3.CP0.1.2000.NR.PCS_ALL.13._X._Z.N.EUR","H","MT","W0","G3","CP0",1,"2000","NR","PCS_ALL","13","_X","_Z","N","EUR","2022-S1",44.94145719999999,"A",false,null,null,"P6M",{"$nulls":4},"S",null,null,3,null,"Total value of card payment with a credit card, sent - issuer location: Malta, POS location: other EEA countries","Total value of card payment with a credit card, sent - issuer location: Malta, POS location: other EEA countries","EUR",6]
["PCP.H.MT.W0.G3.CP0.1.2000.NR.PCS_ALL.13._X._Z.N.EUR","H","MT","W0","G3","CP0",1,"2000","NR","PCS_ALL","13","_X","_Z","N","EUR","2022-S2",65.18873776999999,"A",false,null,null,"P6M",{"$nulls":4},"S",null,null,3,null,"Total value of card payment with a credit card, sent - issuer location: Malta, POS location: other EEA countries","Total value of card payment with a credit card, sent - issuer location: Malta, POS location: other EEA countries","EUR",6]
["PCP.H.MT.W0.G3.CP0.1.2000.NR.PCS_ALL.13._X._Z.N.EUR","H","MT","W0","G3","CP0",1,"2000","NR","PCS_ALL","13","_X","_Z","N","EUR","2023-S1",72.25428644999998,"A",false,null,null,"P6M",{"$nulls":4},"S",null,null,3,null,"Total value of card payment with a credit card, sent - issuer location: Malta, POS location: other EEA countries","Total value of card payment with a credit card, sent - issuer location: Malta, POS location: other EEA countries","EUR",6]
["PCP.H.MT.W0.G3.CP0.1.2000.NR.PCS_ALL.13._X._Z.N.EUR","H","MT","W0","G3","CP0",1,"2000","NR","PCS_ALL","13","_X","_Z","N","EUR","2023-S2",106.79476281,"P",false,null,null,"P6M",{"$nulls":4},"S",null,null,3,null,"Total value of card payment with a credit card, sent - issuer location: Malta, POS location: other EEA countries","Total value of card payment with a credit card, sent - issuer location: Malta, POS location: other EEA countries","EUR",6]
["PCP.H.MT.W0.G3.CP0.2.1000._T.PCS_ALL._Z._X._Z.N.PN","H","MT","W0","G3","CP0",2,"1000","_T","PCS_ALL","_Z","_X","_Z","N","PN","2022-S1",0.125407,"A",false,null,null,"P6M",{"$nulls":4},"S",null,null,3,null,"Total number of card paymentnon-electronic, received - SCA: , acquirer location: Malta, POS location: other EEA countries","Total number of card paymentnon-electronic, received - SCA: , acquirer location: Malta, POS location: other EEA countries","PN",6]
["PCP.H.MT.W0.G3.CP0.2.1000._T.PCS_ALL._Z._X._Z.N.PN","H","MT","W0","G3","CP0",2,"1000","_T","PCS_ALL","_Z","_X","_Z","N","PN","2022-S2",0.05973800000000001,"A",false,null,null,"P6M",{"$nulls":4},"S",null,null,3,null,"Total number of card paymentnon-electronic, received - SCA: , acquirer location: Malta, POS location: other EEA countries","Total number of card paymentnon-electronic, received - SCA: , acquirer location: Malta, POS location: other EEA countries","PN",6]
["PCP.H.MT.W0.G3.CP0.2.1000._T.PCS_ALL._Z._X._Z.N.PN","H","MT","W0","G3","CP0",2,"1000","_T","PCS_ALL","_Z","_X","_Z","N","PN","2023-S1",7.422565999999998,"A",false,null,null,"P6M",{"$nulls":4},"S",null,null,3,null,"Total number of card paymentnon-electronic, received - SCA: , acquirer location: Malta, POS location: other EEA countries","Total number of card paymentnon-electronic, received - SCA: , acquirer location: Malta, POS location: other EEA countries","PN",6]
["PCP.H.MT.W0.G3.CP0.2.1000._T.PCS_ALL._Z._X._Z.N.PN","H","MT","W0","G3","CP0",2,"1000","_T","PCS_ALL","_Z","_X","_Z","N","PN","2023-S2",12.641634,"P",false,null,null,"P6M",{"$nulls":4},"S",null,null,3,null,"Total number of card paymentnon-electronic, received - SCA: , acquirer location: Malta, POS location: other EEA countries","Total number of card paymentnon-electronic, received - SCA: , acquirer location: Malta, POS location: other EEA countries","PN",6]
["PCP.H.MT.W0.W0.CP0.1.2223.NR.PCS_ALL._Z._X._Z.N.PN_R_CP0","H","MT","W0","W0","CP0",1,"2223","NR","PCS_ALL","_Z","_X","_Z","N","PN_R_CP0","2022-S1",59.19607496479956,"A",false,null,null,"P6M",{"$nulls":4},"S",null,null,2,null,"Total number; ratio to total card payments of card payment, initiated at eftpos, sent - SCA: , issuer location: Malta, POS location: world","Total number; ratio to total card payments of card payment, initiated at eftpos, sent - SCA: , issuer location: Malta, POS location: world","PN_R_CP0",0]
["PCP.H.MT.W0.W0.CP0.1.2223.NR.PCS_ALL._Z._X._Z.N.PN_R_CP0","H","MT","W0","W0","CP0",1,"2223","NR","PCS_ALL","_Z","_X","_Z","N","PN_R_CP0","2022-S2",62.97728663695865,"A",false,null,null,"P6M",{"$nulls":4},"S",null,null,2,null,"Total number; ratio to total card payments of card payment, initiated at eftpos, sent - SCA: , issuer location: Malta, POS location: world","Total number; ratio to total card payments of card payment, initiated at eftpos, sent - SCA: , issuer location: Malta, POS location: world","PN_R_CP0",0]
["PCP.H.MT.W0.W0.CP0.1.2223.NR.PCS_ALL._Z._X._Z.N.PN_R_CP0","H","MT","W0","W0","CP0",1,"2223","NR","PCS_ALL","_Z","_X","_Z","N","PN_R_CP0","2023-S1",63.28066745051476,"A",false,null,null,"P6M",{"$nulls":4},"S",null,null,2,null,"Total number; ratio to total card payments of card payment, initiated at eftpos, sent - SCA: , issuer location: Malta, POS location: world","Total number; ratio to total card payments of card payment, initiated at eftpos, sent - SCA: , issuer location: Malta, POS location: world","PN_R_CP0",0]
["PCP.H.MT.W0.W0.CP0.1.2223.NR.PCS_ALL._Z._X._Z.N.PN_R_CP0","H","MT","W0","W0","CP0",1,"2223","NR","PCS_ALL","_Z","_X","_Z","N","PN_R_CP0","2023-S2",63.88321933003478,"P",false,null,null,"P6M",{"$nulls":4},"S",null,null,2,null,"Total number; ratio to total card payments of card payment, initiated at eftpos, sent - SCA: , issuer location: Malta, POS location: world","Total number; ratio to total card payments of card payment, initiated at eftpos, sent - SCA: , issuer location: Malta, POS location: world","PN_R_CP0",0]
["PCP.H.MT.W1.G3.CP0.2.2000.NR.PCS_ALL._Z.100._Z.N.EUR","H","MT","W1","G3","CP0",2,"2000","NR","PCS_ALL","_Z","100","_Z","N","EUR","2022-S1",33.685287,"A",false,null,null,"P6M",{"$nulls":4},"S",null,null,3,null,"Value of card paymentelectronic, received - SCA: sca, acquirer location: Malta, issuer location: Rest of the World, POS location: other EEA countries","Value of card paymentelectronic, received - SCA: sca, acquirer location: Malta, issuer location: Rest of the World, POS location: other EEA countries","EUR",6]
["PCP.H.MT.W1.G3.CP0.2.2000.NR.PCS_ALL._Z.100._Z.N.EUR","H","MT","W1","G3","CP0",2,"2000","NR","PCS_ALL","_Z","100","_Z","N","EUR","2022-S2",75.63322846999999,"A",false,null,null,"P6M",{"$nulls":4},"S",null,null,3,null,"Value of card paymentelectronic, received - SCA: sca, acquirer location: Malta, issuer location: Rest of the World, POS location: other EEA countries","Value of card paymentelectronic, received - SCA: sca, acquirer location: Malta, issuer location: Rest of the World, POS location: other EEA countries","EUR",6]
["PCP.H.MT.W1.G3.CP0.2.2000.NR.PCS_ALL._Z.100._Z.N.EUR","H","MT","W1","G3","CP0",2,"2000","NR","PCS_ALL","_Z","100","_Z","N","EUR","2023-S1",88.54316288000003,"A",false,null,null,"P6M",{"$nulls":4},"S",null,null,3,null,"Value of card paymentelectronic, received - SCA: sca, acquirer location: Malta, issuer location: Rest of the World, POS location: other EEA countries","Value of card paymentelectronic, received - SCA: sca, acquirer location: Malta, issuer location: Rest of the World, POS location: other EEA countries","EUR",6]
["PCP.H.MT.W1.G3.CP0.2.2000.NR.PCS_ALL._Z.100._Z.N.EUR","H","MT","W1","G3","CP0",2,"2000","NR","PCS_ALL","_Z","100","_Z","N","EUR","2023-S2",127.74713443,"P",false,null,null,"P6M",{"$nulls":4},"S",null,null,3,null,"Value of card paymentelectronic, received - SCA: sca, acquirer location: Malta, issuer location: Rest of the World, POS location: other EEA countries","Value of card paymentelectronic, received - SCA: sca, acquirer location: Malta, issuer location: Rest of the World, POS location: other EEA countries","EUR",6]
["PCP.H.MT.W1.W0.CW1.1._T._T.PCS_ALL.11._X._Z.N.PN","H","MT","W1","W0","CW1",1,"_T","_T","PCS_ALL","11","_X","_Z","N","PN","2022-S1",0.06193400000000001,"A",false,null,null,"P6M",{"$nulls":4},"S",null,null,3,null,"Number of cash withdrawal using cards with a debit card, sent - issuer location: Malta, acquirer location: Rest of the World, terminal location: world","Number of cash withdrawal using cards with a debit card, sent - issuer location: Malta, acquirer location: Rest of the World, terminal location: world","PN",6]
["PCP.H.MT.W1.W0.CW1.1._T._T.PCS_ALL.11._X._Z.N.PN","H","MT","W1","W0","CW1",1,"_T","_T","PCS_ALL","11","_X","_Z","N","PN","2022-S2",0.8190550000000001,"A",false,null,null,"P6M",{"$nulls":4},"S",null,null,3,null,"Number of cash withdrawal using cards with a debit card, sent - issuer location: Malta, acquirer location: Rest of the World, terminal location: world","Number of cash withdrawal using cards with a debit card, sent - issuer location: Malta, acquirer location: Rest of the World, terminal location: world","PN",6]
["PCP.H.MT.W1.W0.CW1.1._T._T.PCS_ALL.11._X._Z.N.PN","H","MT","W1","W0","CW1",1,"_T","_T","PCS_ALL","11","_X","_Z","N","PN","2023-S1",0.8218610000000001,"A",false,null,null,"P6M",{"$nulls":4},"S",null,null,3,null,"Number of cash withdrawal using cards with a debit card, sent - issuer location: Malta, acquirer location: Rest of the World, terminal location: world","Number of cash withdrawal using cards with a debit card, sent - issuer location: Malta, acquirer location: Rest of the World, terminal location: world","PN",6]
["PCP.H.MT.W1.W0.CW1.1._T._T.PCS_ALL.11._X._Z.N.PN","H","MT","W1","W0","CW1",1,"_T","_T","PCS_ALL","11","_X","_Z","N","PN","2023-S2",0.9443439999999996,"P",false,null,null,"P6M",{"$nulls":4},"S",null,null,3,null,"Number of cash withdrawal using cards with a debit card, sent - issuer location: Malta, acquirer location: Rest of the World, terminal location: world","Number of cash withdrawal using cards with a debit card, sent - issuer location: Malta, acquirer location: Rest of the World, terminal location: world","PN",6]
["PCP.H.MT.W1.W2.CW1.1._T._T.PCS_ALL._Z._X._Z.N.EUR","H","MT","W1","W2","CW1",1,"_T","_T","PCS_ALL","_Z","_X","_Z","N","EUR","2022-S1",0.57051,"A",false,null,null,"P6M",{"$nulls":4},"S",null,null,3,null,"Value of cash withdrawal using cardsall, sent - SCA: , issuer location: Malta, acquirer location: Rest of the World, terminal location: domestic","Value of cash withdrawal using cardsall, sent - SCA: , issuer location: Malta, acquirer location: Rest of the World, terminal location: domestic","EUR",6]
["PCP.H.MT.W1.W2.CW1.1._T._T.PCS_ALL._Z._X._Z.N.EUR","H","MT","W1","W2","CW1",1,"_T","_T","PCS_ALL","_Z","_X","_Z","N","EUR","2022-S2",0.515394,"A",false,null,null,"P6M",{"$nulls":4},"S",null,null,3,null,"Value of cash withdrawal using cardsall, sent - SCA: , issuer location: Malta, acquirer location: Rest of the World, terminal location: domestic","Value of cash withdrawal using cardsall, sent - SCA: , issuer location: Malta, acquirer location: Rest of the World, terminal location: domestic","EUR",6]
["PCP.H.MT.W1.W2.CW1.1._T._T.PCS_ALL._Z._X._Z.N.EUR","H","MT","W1","W2","CW1",1,"_T","_T","PCS_ALL","_Z","_X","_Z","N","EUR","2023-S1",0.4947492199999999,"A",false,null,null,"P6M",{"$nulls":4},"S",null,null,3,null,"Value of cash withdrawal using cardsall, sent - SCA: , issuer location: Malta, acquirer location: Rest of the World, terminal location: domestic","Value of cash withdrawal using cardsall, sent - SCA: , issuer location: Malta, acquirer location: Rest of the World, terminal location: domestic","EUR",6]
["PCP.H.MT.W1.W2.CW1.1._T._T.PCS_ALL._Z._X._Z.N.EUR","H","MT","W1","W2","CW1",1,"_T","_T","PCS_ALL","_Z","_X","_Z","N","EUR","2023-S2",0.6153740600000001,"P",false,null,null,"P6M",{"$nulls":4},"S",null,null,3,null,"Value of cash withdrawal using cardsall, sent - SCA: , issuer location: Malta, acquirer location: Rest of the World, terminal location: domestic","Value of cash withdrawal using cardsall, sent - SCA: , issuer location: Malta, acquirer location: Rest of the World, terminal location: domestic","EUR",6]
["PCP.H.MT.W2.G1.CP0.1.1000._T.PCS_ALL._Z._X._Z.N.PN","H","MT","W2","G1","CP0",1,"1000","_T","PCS_ALL","_Z","_X","_Z","N","PN","2022-S1",1.2E-05,"A",false,null,null,"P6M",{"$nulls":4},"S",null,null,3,null,"Number of card paymentnon-electronic, sent - SCA: , issuer location: Malta, acquirer location: domestic, POS location: outside EEA","Number of card paymentnon-electronic, sent - SCA: , issuer location: Malta, acquirer location: domestic, POS location: outside EEA","PN",6]
["PCP.H.MT.W2.G1.CP0.1.1000._T.PCS_ALL._Z._X._Z.N.PN","H","MT","W2","G1","CP0",1,"1000","_T","PCS_ALL","_Z","_X","_Z","N","PN","2022-S2",0,"A",false,null,null,"P6M",{"$nulls":4},"S",null,null,3,null,"Number of card paymentnon-electronic, sent - SCA: , issuer location: Malta, acquirer location: domestic, POS location: outside EEA","Number of card paymentnon-electronic, sent - SCA: , issuer location: Malta, acquirer location: domestic, POS location: outside EEA","PN",6]
["PCP.H.MT.W2.G1.CP0.1.1000._T.PCS_ALL._Z._X._Z.N.PN","H","MT","W2","G1","CP0",1,"1000","_T","PCS_ALL","_Z","_X","_Z","N","PN","2023-S1",5.9E-05,"A",false,null,null,"P6M",{"$nulls":4},"S",null,null,3,null,"Number of card paymentnon-electronic, sent - SCA: , issuer location: Malta, acquirer location: domestic, POS location: outside EEA","Number of card paymentnon-electronic, sent - SCA: , issuer location: Malta, acquirer location: domestic, POS location: outside EEA","PN",6]
["PCP.H.MT.W2.G1.CP0.1.1000._T.PCS_ALL._Z._X._Z.N.PN","H","MT","W2","G1","CP0",1,"1000","_T","PCS_ALL","_Z","_X","_Z","N","PN","2023-S2",0.000115,"P",false,null,null,"P6M",{"$nulls":4},"S",null,null,3,null,"Number of card paymentnon-electronic, sent - SCA: , issuer location: Malta, acquirer location: domestic, POS location: outside EEA","Number of card paymentnon-electronic, sent - SCA: , issuer location: Malta, acquirer location: domestic, POS location: outside EEA","PN",6]
["PCP.H.MT.W2.W2.CP0.1.2000.R.PCS_ALL._Z.207._Z.N.EUR","H","MT","W2","W2","CP0",1,"2000","R","PCS_ALL","_Z","207","_Z","N","EUR","2022-S1",0,"A",false,null,null,"P6M",{"$nulls":4},"S",null,null,3,null,"Value of card paymentelectronic, sent - SCA: non-sca: secure corporate payment, issuer location: Malta, acquirer location: domestic, POS location: domestic","Value of card paymentelectronic, sent - SCA: non-sca: secure corporate payment, issuer location: Malta, acquirer location: domestic, POS location: domestic","EUR",6]
["PCP.H.MT.W2.W2.CP0.1.2000.R.PCS_ALL._Z.207._Z.N.EUR","H","MT","W2","W2","CP0",1,"2000","R","PCS_ALL","_Z","207","_Z","N","EUR","2022-S2",0,"A",false,null,null,"P6M",{"$nulls":4},"S",null,null,3,null,"Value of card paymentelectronic, sent - SCA: non-sca: secure corporate payment, issuer location: Malta, acquirer location: domestic, POS location: domestic","Value of card paymentelectronic, sent - SCA: non-sca: secure corporate payment, issuer location: Malta, acquirer location: domestic, POS location: domestic","EUR",6]
["PCP.H.MT.W2.W2.CP0.1.2000.R.PCS_ALL._Z.207._Z.N.EUR","H","MT","W2","W2","CP0",1,"2000","R","PCS_ALL","_Z","207","_Z","N","EUR","2023-S1",0,"A",false,null,null,"P6M",{"$nulls":4},"S",null,null,3,null,"Value of card paymentelectronic, sent - SCA: non-sca: secure corporate payment, issuer location: Malta, acquirer location: domestic, POS location: domestic","Value of card paymentelectronic, sent - SCA: non-sca: secure corporate payment, issuer location: Malta, acquirer location: domestic, POS location: domestic","EUR",6]
["PCP.H.MT.W2.W2.CP0.1.2000.R.PCS_ALL._Z.207._Z.N.EUR","H","MT","W2","W2","CP0",1,"2000","R","PCS_ALL","_Z","207","_Z","N","EUR","2023-S2",0,"P",false,null,null,"P6M",{"$nulls":4},"S",null,null,3,null,"Value of card paymentelectronic, sent - SCA: non-sca: secure corporate payment, issuer location: Malta, acquirer location: domestic, POS location: domestic","Value of card paymentelectronic, sent - SCA: non-sca: secure corporate payment, issuer location: Malta, acquirer location: domestic, POS location: domestic","EUR",6]
["PCP.H.NL.G1.W1.CP0.1.2000.NR.PCS_ALL._Z.100._Z.N.EUR","H","NL","G1","W1","CP0",1,"2000","NR","PCS_ALL","_Z","100","_Z","N","EUR","2022-S1",584.54928358,"A",false,null,null,"P6M",{"$nulls":4},"S",null,null,3,null,"Value of card paymentelectronic, sent - SCA: sca, issuer location: Netherlands, acquirer location: outside EEA, POS location: Rest of the World","Value of card paymentelectronic, sent - SCA: sca, issuer location: Netherlands, acquirer location: outside EEA, POS location: Rest of the World","EUR",6]
["PCP.H.NL.G1.W1.CP0.1.2000.NR.PCS_ALL._Z.100._Z.N.EUR","H","NL","G1","W1","CP0",1,"2000","NR","PCS_ALL","_Z","100","_Z","N","EUR","2022-S2",634.76499667,"A",false,null,null,"P6M",{"$nulls":4},"S",null,null,3,null,"Value of card paymentelectronic, sent - SCA: sca, issuer location: Netherlands, acquirer location: outside EEA, POS location: Rest of the World","Value of card paymentelectronic, sent - SCA: sca, issuer location: Netherlands, acquirer location: outside EEA, POS location: Rest of the World","EUR",6]
["PCP.H.NL.G1.W1.CP0.1.2000.NR.PCS_ALL._Z.100._Z.N.EUR","H","NL","G1","W1","CP0",1,"2000","NR","PCS_ALL","_Z","100","_Z","N","EUR","2023-S1",674.3837671200001,"A",false,null,null,"P6M",{"$nulls":4},"S",null,null,3,null,"Value of card paymentelectronic, sent - SCA: sca, issuer location: Netherlands, acquirer location: outside EEA, POS location: Rest of the World","Value of card paymentelectronic, sent - SCA: sca, issuer location: Netherlands, acquirer location: outside EEA, POS location: Rest of the World","EUR",6]
["PCP.H.NL.G1.W1.CP0.1.2000.NR.PCS_ALL._Z.100._Z.N.EUR","H","NL","G1","W1","CP0",1,"2000","NR","PCS_ALL","_Z","100","_Z","N","EUR","2023-S2",714.4969331899999,"P",false,null,null,"P6M",{"$nulls":4},"S",null,null,3,null,"Value of card paymentelectronic, sent - SCA: sca, issuer location: Netherlands, acquirer location: outside EEA, POS location: Rest of the World","Value of card paymentelectronic, sent - SCA: sca, issuer location: Netherlands, acquirer location: outside EEA, POS location: Rest of the World","EUR",6]
["PCP.H.NL.G1.W2.CP0.2.2000.NR.PCS_ALL.12._X._Z.N.EUR","H","NL","G1","W2","CP0",2,"2000","NR","PCS_ALL","12","_X","_Z","N","EUR","2022-S1",87.14664036,"A",false,null,null,"P6M",{"$nulls":4},"S",null,null,3,null,"Value of card payment,with a delayed debit card, received - acquirer location: Netherlands, issuer location: outside EEA, POS location: domestic","Value of card payment,with a delayed debit card, received - acquirer location: Netherlands, issuer location: outside EEA, POS location: domestic","EUR",6]
["PCP.H.NL.G1.W2.CP0.2.2000.NR.PCS_ALL.12._X._Z.N.EUR","H","NL","G1","W2","CP0",2,"2000","NR","PCS_ALL","12","_X","_Z","N","EUR","2022-S2",138.66967131,"A",false,null,null,"P6M",{"$nulls":4},"S",null,null,3,null,"Value of card payment,with a delayed debit card, received - acquirer location: Netherlands, issuer location: outside EEA, POS location: domestic","Value of card payment,with a delayed debit card, received - acquirer location: Netherlands, issuer location: outside EEA, POS location: domestic","EUR",6]
["PCP.H.NL.G1.W2.CP0.2.2000.NR.PCS_ALL.12._X._Z.N.EUR","H","NL","G1","W2","CP0",2,"2000","NR","PCS_ALL","12","_X","_Z","N","EUR","2023-S1",142.98761749,"A",false,null,null,"P6M",{"$nulls":4},"S",null,null,3,null,"Value of card payment,with a delayed debit card, received - acquirer location: Netherlands, issuer location: outside EEA, POS location: domestic","Value of card payment,with a delayed debit card, received - acquirer location: Netherlands, issuer location: outside EEA, POS location: domestic","EUR",6]
["PCP.H.NL.G1.W2.CP0.2.2000.NR.PCS_ALL.12._X._Z.N.EUR","H","NL","G1","W2","CP0",2,"2000","NR","PCS_ALL","12","_X","_Z","N","EUR","2023-S2",146.99402724,"P",false,null,null,"P6M",{"$nulls":4},"S",null,null,3,null,"Value of card payment,with a delayed debit card, received - acquirer location: Netherlands, issuer location: outside EEA, POS location: domestic","Value of card payment,with a delayed debit card, received - acquirer location: Netherlands, issuer location: outside EEA, POS location: domestic","EUR",6]
["PCP.H.NL.W1.W1.CP0.1.2000.NR.PCS_ALL.13._X._Z.N.EUR","H","NL","W1","W1","CP0",1,"2000","NR","PCS_ALL","13","_X","_Z","N","EUR","2022-S1",66.80402672,"A",false,null,null,"P6M",{"$nulls":4},"S",null,null,3,null,"Value of card payment with a credit card, sent - issuer location: Netherlands, acquirer location: Rest of the World, POS location: Rest of the World","Value of card payment with a credit card, sent - issuer location: Netherlands, acquirer location: Rest of the World, POS location: Rest of the World","EUR",6]
["PCP.H.NL.W1.W1.CP0.1.2000.NR.PCS_ALL.13._X._Z.N.EUR","H","NL","W1","W1","CP0",1,"2000","NR","PCS_ALL","13","_X","_Z","N","EUR","2022-S2",90.77901014,"A",false,null,null,"P6M",{"$nulls":4},"S",null,null,3,null,"Value of card payment with a credit card, sent - issuer location: Netherlands, acquirer location: Rest of the World, POS location: Rest of the World","Value of card payment with a credit card, sent - issuer location: Netherlands, acquirer location: Rest of the World, POS location: Rest of the World","EUR",6]
["PCP.H.NL.W1.W1.CP0.1.2000.NR.PCS_ALL.13._X._Z.N.EUR","H","NL","W1","W1","CP0",1,"2000","NR","PCS_ALL","13","_X","_Z","N","EUR","2023-S1",66.27691451999999,"A",false,null,null,"P6M",{"$nulls":4},"S",null,null,3,null,"Value of card payment with a credit card, sent - issuer location: Netherlands, acquirer location: Rest of the World, POS location: Rest of the World","Value of card payment with a credit card, sent - issuer location: Netherlands, acquirer location: Rest of the World, POS location: Rest of the World","EUR",6]
["PCP.H.NL.W1.W1.CP0.1.2000.NR.PCS_ALL.13._X._Z.N.EUR","H","NL","W1","W1","CP0",1,"2000","NR","PCS_ALL","13","_X","_Z","N","EUR","2023-S2",78.49082994,"P",false,null,null,"P6M",{"$nulls":4},"S",null,null,3,null,"Value of card payment with a credit card, sent - issuer location: Netherlands, acquirer location: Rest of the World, POS location: Rest of the World","Value of card payment with a credit card, sent - issuer location: Netherlands, acquirer location: Rest of the World, POS location: Rest of the World","EUR",6]
["PCP.H.NL.W1.W2.CP0.1.2000.NR.PCS_ALL._Z.100._Z.N.PN","H","NL","W1","W2","CP0",1,"2000","NR","PCS_ALL","_Z","100","_Z","N","PN","2022-S1",18.794887,"A",false,null,null,"P6M",{"$nulls":4},"S",null,null,3,null,"Number of card paymentelectronic, sent - SCA: sca, issuer location: Netherlands, acquirer location: Rest of the World, POS location: domestic","Number of card paymentelectronic, sent - SCA: sca, issuer location: Netherlands, acquirer location: Rest of the World, POS location: domestic","PN",6]
["PCP.H.NL.W1.W2.CP0.1.2000.NR.PCS_ALL._Z.100._Z.N.PN","H","NL","W1","W2","CP0",1,"2000","NR","PCS_ALL","_Z","100","_Z","N","PN","2022-S2",27.663029,"A",false,null,null,"P6M",{"$nulls":4},"S",null,null,3,null,"Number of card paymentelectronic, sent - SCA: sca, issuer location: Netherlands, acquirer location: Rest of the World, POS location: domestic","Number of card paymentelectronic, sent - SCA: sca, issuer location: Netherlands, acquirer location: Rest of the World, POS location: domestic","PN",6]
["PCP.H.NL.W1.W2.CP0.1.2000.NR.PCS_ALL._Z.100._Z.N.PN","H","NL","W1","W2","CP0",1,"2000","NR","PCS_ALL","_Z","100","_Z","N","PN","2023-S1",28.906176,"A",false,null,null,"P6M",{"$nulls":4},"S",null,null,3,null,"Number of card paymentelectronic, sent - SCA: sca, issuer location: Netherlands, acquirer location: Rest of the World, POS location: domestic","Number of card paymentelectronic, sent - SCA: sca, issuer location: Netherlands, acquirer location: Rest of the World, POS location: domestic","PN",6]
["PCP.H.NL.W1.W2.CP0.1.2000.NR.PCS_ALL._Z.100._Z.N.PN","H","NL","W1","W2","CP0",1,"2000","NR","PCS_ALL","_Z","100","_Z","N","PN","2023-S2",35.433979,"P",false,null,null,"P6M",{"$nulls":4},"S",null,null,3,null,"Number of card paymentelectronic, sent - SCA: sca, issuer location: Netherlands, acquirer location: Rest of the World, POS location: domestic","Number of card paymentelectronic, sent - SCA: sca, issuer location: Netherlands, acquirer location: Rest of the World, POS location: domestic","PN",6]
["PCP.H.NL.W2.G3.CP0.1.2000.NR.PCS_ALL.11._X._Z.N.EUR","H","NL","W2","G3","CP0",1,"2000","NR","PCS_ALL","11","_X","_Z","N","EUR","2022-S1",1330.55787638,"A",false,null,null,"P6M",{"$nulls":4},"S",null,null,3,null,"Value of card payment with a debit card, sent - issuer location: Netherlands, acquirer location: domestic, POS location: other EEA countries","Value of card payment with a debit card, sent - issuer location: Netherlands, acquirer location: domestic, POS location: other EEA countries","EUR",6]
["PCP.H.NL.W2.G3.CP0.1.2000.NR.PCS_ALL.11._X._Z.N.EUR","H","NL","W2","G3","CP0",1,"2000","NR","PCS_ALL","11","_X","_Z","N","EUR","2022-S2",1850.7697226,"A",false,null,null,"P6M",{"$nulls":4},"S",null,null,3,null,"Value of card payment with a debit card, sent - issuer location: Netherlands, acquirer location: domestic, POS location: other EEA countries","Value of card payment with a debit card, sent - issuer location: Netherlands, acquirer location: domestic, POS location: other EEA countries","EUR",6]
["PCP.H.NL.W2.G3.CP0.1.2000.NR.PCS_ALL.11._X._Z.N.EUR","H","NL","W2","G3","CP0",1,"2000","NR","PCS_ALL","11","_X","_Z","N","EUR","2023-S1",1466.85252313,"A",false,null,null,"P6M",{"$nulls":4},"S",null,null,3,null,"Value of card payment with a debit card, sent - issuer location: Netherlands, acquirer location: domestic, POS location: other EEA countries","Value of card payment with a debit card, sent - issuer location: Netherlands, acquirer location: domestic, POS location: other EEA countries","EUR",6]
["PCP.H.NL.W2.G3.CP0.1.2000.NR.PCS_ALL.11._X._Z.N.EUR","H","NL","W2","G3","CP0",1,"2000","NR","PCS_ALL","11","_X","_Z","N","EUR","2023-S2",2180.26818395,"P",false,null,null,"P6M",{"$nulls":4},"S",null,null,3,null,"Value of card payment with a debit card, sent - issuer location: Netherlands, acquirer location: domestic, POS location: other EEA countries","Value of card payment with a debit card, sent - issuer location: Netherlands, acquirer location: domestic, POS location: other EEA countries","EUR",6]
["PCP.H.NL.W2.G3.CP0.2.2000.R.PCS_ALL._Z.209._Z.N.EUR","H","NL","W2","G3","CP0",2,"2000","R","PCS_ALL","_Z","209","_Z","N","EUR","2022-S1",137.73869364,"A",false,null,null,"P6M",{"$nulls":4},"S",null,null,3,null,"Value of card paymentelectronic, received - SCA: non-sca: merchant initiated transaction, acquirer location: Netherlands, issuer location: domestic, POS location: other EEA countries","Value of card paymentelectronic, received - SCA: non-sca: merchant initiated transaction, acquirer location: Netherlands, issuer location: domestic, POS location: other EEA countries","EUR",6]
["PCP.H.NL.W2.G3.CP0.2.2000.R.PCS_ALL._Z.209._Z.N.EUR","H","NL","W2","G3","CP0",2,"2000","R","PCS_ALL","_Z","209","_Z","N","EUR","2022-S2",246.86205019,"A",false,null,null,"P6M",{"$nulls":4},"S",null,null,3,null,"Value of card paymentelectronic, received - SCA: non-sca: merchant initiated transaction, acquirer location: Netherlands, issuer location: domestic, POS location: other EEA countries","Value of card paymentelectronic, received - SCA: non-sca: merchant initiated transaction, acquirer location: Netherlands, issuer location: domestic, POS location: other EEA countries","EUR",6]
["PCP.H.NL.W2.G3.CP0.2.2000.R.PCS_ALL._Z.209._Z.N.EUR","H","NL","W2","G3","CP0",2,"2000","R","PCS_ALL","_Z","209","_Z","N","EUR","2023-S1",242.75254725,"A",false,null,null,"P6M",{"$nulls":4},"S",null,null,3,null,"Value of card paymentelectronic, received - SCA: non-sca: merchant initiated transaction, acquirer location: Netherlands, issuer location: domestic, POS location: other EEA countries","Value of card paymentelectronic, received - SCA: non-sca: merchant initiated transaction, acquirer location: Netherlands, issuer location: domestic, POS location: other EEA countries","EUR",6]
["PCP.H.NL.W2.G3.CP0.2.2000.R.PCS_ALL._Z.209._Z.N.EUR","H","NL","W2","G3","CP0",2,"2000","R","PCS_ALL","_Z","209","_Z","N","EUR","2023-S2",273.77567812,"P",false,null,null,"P6M",{"$nulls":4},"S",null,null,3,null,"Value of card paymentelectronic, received - SCA: non-sca: merchant initiated transaction, acquirer location: Netherlands, issuer location: domestic, POS location: other EEA countries","Value of card paymentelectronic, received - SCA: non-sca: merchant initiated transaction, acquirer location: Netherlands, issuer location: domestic, POS location: other EEA countries","EUR",6]
["PCP.H.NL.W2.W2.CP0.1._T._T.PCS_ALL._Z._X._Z.N.PN","H","NL","W2","W2","CP0",1,"_T","_T","PCS_ALL","_Z","_X","_Z","N","PN","2022-S1",2492.46559,"A",false,null,null,"P6M",{"$nulls":4},"S",null,null,3,null,"Number of card paymentall, sent - SCA: , issuer location: Netherlands, acquirer location: domestic, POS location: domestic","Number of card paymentall, sent - SCA: , issuer location: Netherlands, acquirer location: domestic, POS location: domestic","PN",6]
["PCP.H.NL.W2.W2.CP0.1._T._T.PCS_ALL._Z._X._Z.N.PN","H","NL","W2","W2","CP0",1,"_T","_T","PCS_ALL","_Z","_X","_Z","N","PN","2022-S2",2713.566683,"A",false,null,null,"P6M",{"$nulls":4},"S",null,null,3,null,"Number of card paymentall, sent - SCA: , issuer location: Netherlands, acquirer location: domestic, POS location: domestic","Number of card paymentall, sent - SCA: , issuer location: Netherlands, acquirer location: domestic, POS location: domestic","PN",6]
["PCP.H.NL.W2.W2.CP0.1._T._T.PCS_ALL._Z._X._Z.N.PN","H","NL","W2","W2","CP0",1,"_T","_T","PCS_ALL","_Z","_X","_Z","N","PN","2023-S1",2739.065354,"A",false,null,null,"P6M",{"$nulls":4},"S",null,null,3,null,"Number of card paymentall, sent - SCA: , issuer location: Netherlands, acquirer location: domestic, POS location: domestic","Number of card paymentall, sent - SCA: , issuer location: Netherlands, acquirer location: domestic, POS location: domestic","PN",6]
["PCP.H.NL.W2.W2.CP0.1._T._T.PCS_ALL._Z._X._Z.N.PN","H","NL","W2","W2","CP0",1,"_T","_T","PCS_ALL","_Z","_X","_Z","N","PN","2023-S2",2814.061108,"P",false,null,null,"P6M",{"$nulls":4},"S",null,null,3,null,"Number of card paymentall, sent - SCA: , issuer location: Netherlands, acquirer location: domestic, POS location: domestic","Number of card paymentall, sent - SCA: , issuer location: Netherlands, acquirer location: domestic, POS location: domestic","PN",6]
["PCP.H.PL.G3.G3.CP0.2.2000.R.PCS_ALL.11._X._Z.N.PN","H","PL","G3","G3","CP0",2,"2000","R","PCS_ALL","11","_X","_Z","N","PN","2022-S1",null,"M",false,null,null,"P6M",{"$nulls":4},"S",null,null,3,null,"Number of card payment,with a debit card, received - acquirer location: Poland, issuer location: other EEA countries, POS location: other EEA countries","Number of card payment,with a debit card, received - acquirer location: Poland, issuer location: other EEA countries, POS location: other EEA countries","PN",6]
["PCP.H.PL.G3.G3.CP0.2.2000.R.PCS_ALL.11._X._Z.N.PN","H","PL","G3","G3","CP0",2,"2000","R","PCS_ALL","11","_X","_Z","N","PN","2022-S2",null,"M",false,null,null,"P6M",{"$nulls":4},"S",null,null,3,null,"Number of card payment,with a debit card, received - acquirer location: Poland, issuer location: other EEA countries, POS location: other EEA countries","Number of card payment,with a debit card, received - acquirer location: Poland, issuer location: other EEA countries, POS location: other EEA countries","PN",6]
["PCP.H.PL.G3.G3.CP0.2.2000.R.PCS_ALL.11._X._Z.N.PN","H","PL","G3","G3","CP0",2,"2000","R","PCS_ALL","11","_X","_Z","N","PN","2023-S1",37.66516999999999,"A",false,null,null,"P6M",{"$nulls":4},"S",null,null,3,null,"Number of card payment,with a debit card, received - acquirer location: Poland, issuer location: other EEA countries, POS location: other EEA countries","Number of card payment,with a debit card, received - acquirer location: Poland, issuer location: other EEA countries, POS location: other EEA countries","PN",6]
["PCP.H.PL.G3.G3.CP0.2.2000.R.PCS_ALL.11._X._Z.N.PN","H","PL","G3","G3","CP0",2,"2000","R","PCS_ALL","11","_X","_Z","N","PN","2023-S2",63.748789,"P",false,null,null,"P6M",{"$nulls":4},"S",null,null,3,null,"Number of card payment,with a debit card, received - acquirer location: Poland, issuer location: other EEA countries, POS location: other EEA countries","Number of card payment,with a debit card, received - acquirer location: Poland, issuer location: other EEA countries, POS location: other EEA countries","PN",6]
["PCP.H.PL.G3.W0.CP0.1._T._T.PCS_ALL._Z._X._Z.N.PN","H","PL","G3","W0","CP0",1,"_T","_T","PCS_ALL","_Z","_X","_Z","N","PN","2022-S1",null,"M",false,null,null,"P6M",{"$nulls":4},"S",null,null,3,null,"Number of card paymentall, sent - SCA: , issuer location: Poland, acquirer location: other EEA countries, POS location: world","Number of card paymentall, sent - SCA: , issuer location: Poland, acquirer location: other EEA countries, POS location: world","PN",6]
["PCP.H.PL.G3.W0.CP0.1._T._T.PCS_ALL._Z._X._Z.N.PN","H","PL","G3","W0","CP0",1,"_T","_T","PCS_ALL","_Z","_X","_Z","N","PN","2022-S2",null,"M",false,null,null,"P6M",{"$nulls":4},"S",null,null,3,null,"Number of card paymentall, sent - SCA: , issuer location: Poland, acquirer location: other EEA countries, POS location: world","Number of card paymentall, sent - SCA: , issuer location: Poland, acquirer location: other EEA countries, POS location: world","PN",6]
["PCP.H.PL.G3.W0.CP0.1._T._T.PCS_ALL._Z._X._Z.N.PN","H","PL","G3","W0","CP0",1,"_T","_T","PCS_ALL","_Z","_X","_Z","N","PN","2023-S1",535.3940170000002,"A",false,null,null,"P6M",{"$nulls":4},"S",null,null,3,null,"Number of card paymentall, sent - SCA: , issuer location: Poland, acquirer location: other EEA countries, POS location: world","Number of card paymentall, sent - SCA: , issuer location: Poland, acquirer location: other EEA countries, POS location: world","PN",6]
["PCP.H.PL.G3.W0.CP0.1._T._T.PCS_ALL._Z._X._Z.N.PN","H","PL","G3","W0","CP0",1,"_T","_T","PCS_ALL","_Z","_X","_Z","N","PN","2023-S2",616.0664080000001,"P",false,null,null,"P6M",{"$nulls":4},"S",null,null,3,null,"Number of card paymentall, sent - SCA: , issuer location: Poland, acquirer location: other EEA countries, POS location: world","Number of card paymentall, sent - SCA: , issuer location: Poland, acquirer location: other EEA countries, POS location: world","PN",6]
["PCP.H.PL.W0.W0.CP0.2._T.R.PCS_ALL._Z._X._Z.N.PN_R_CP0","H","PL","W0","W0","CP0",2,"_T","R","PCS_ALL","_Z","_X","_Z","N","PN_R_CP0","2023-S1",3.664279062749062,"A",false,null,null,"P6M",{"$nulls":4},"S",null,null,2,null,"Total number; ratio to total card payments of card paymentall, received - SCA: , acquirer location: Poland, POS location: world","Total number; ratio to total card payments of card paymentall, received - SCA: , acquirer location: Poland, POS location: world","PN_R_CP0",0]
["PCP.H.PL.W0.W0.CP0.2._T.R.PCS_ALL._Z._X._Z.N.PN_R_CP0","H","PL","W0","W0","CP0",2,"_T","R","PCS_ALL","_Z","_X","_Z","N","PN_R_CP0","2023-S2",4.18021880950407,"P",false,null,null,"P6M",{"$nulls":4},"S",null,null,2,null,"Total number; ratio to total card payments of card paymentall, received - SCA: , acquirer location: Poland, POS location: world","Total number; ratio to total card payments of card paymentall, received - SCA: , acquirer location: Poland, POS location: world","PN_R_CP0",0]
["PCP.H.PL.W0.W1.CP0.2.1000.R.PCS_ALL._Z._X._Z.N.PN","H","PL","W0","W1","CP0",2,"1000","R","PCS_ALL","_Z","_X","_Z","N","PN","2022-S1",null,"M",false,null,null,"P6M",{"$nulls":4},"S",null,null,3,null,"Total number of card paymentnon-electronic, received - SCA: , acquirer location: Poland, POS location: Rest of the World","Total number of card paymentnon-electronic, received - SCA: , acquirer location: Poland, POS location: Rest of the World","PN",6]
["PCP.H.PL.W0.W1.CP0.2.1000.R.PCS_ALL._Z._X._Z.N.PN","H","PL","W0","W1","CP0",2,"1000","R","PCS_ALL","_Z","_X","_Z","N","PN","2022-S2",null,"M",false,null,null,"P6M",{"$nulls":4},"S",null,null,3,null,"Total number of card paymentnon-electronic, received - SCA: , acquirer location: Poland, POS location: Rest of the World","Total number of card paymentnon-electronic, received - SCA: , acquirer location: Poland, POS location: Rest of the World","PN",6]
["PCP.H.PL.W0.W1.CP0.2.1000.R.PCS_ALL._Z._X._Z.N.PN","H","PL","W0","W1","CP0",2,"1000","R","PCS_ALL","_Z","_X","_Z","N","PN","2023-S1",0.423063,"A",false,null,null,"P6M",{"$nulls":4},"S",null,null,3,null,"Total number of card paymentnon-electronic, received - SCA: , acquirer location: Poland, POS location: Rest of the World","Total number of card paymentnon-electronic, received - SCA: , acquirer location: Poland, POS location: Rest of the World","PN",6]
["PCP.H.PL.W0.W1.CP0.2.1000.R.PCS_ALL._Z._X._Z.N.PN","H","PL","W0","W1","CP0",2,"1000","R","PCS_ALL","_Z","_X","_Z","N","PN","2023-S2",0.3850559999999998,"P",false,null,null,"P6M",{"$nulls":4},"S",null,null,3,null,"Total number of card paymentnon-electronic, received - SCA: , acquirer location: Poland, POS location: Rest of the World","Total number of card paymentnon-electronic, received - SCA: , acquirer location: Poland, POS location: Rest of the World","PN",6]
["PCP.H.PL.W0.W1.CP0.2.2000.NR.PCS_ALL._Z.202._Z.N.PN","H","PL","W0","W1","CP0",2,"2000","NR","PCS_ALL","_Z","202","_Z","N","PN","2022-S1",null,"M",false,null,null,"P6M",{"$nulls":4},"S",null,null,3,null,"Total number of card paymentelectronic, received - SCA: non-sca: contactless low value, acquirer location: Poland, POS location: Rest of the World","Total number of card paymentelectronic, received - SCA: non-sca: contactless low value, acquirer location: Poland, POS location: Rest of the World","PN",6]
["PCP.H.PL.W0.W1.CP0.2.2000.NR.PCS_ALL._Z.202._Z.N.PN","H","PL","W0","W1","CP0",2,"2000","NR","PCS_ALL","_Z","202","_Z","N","PN","2022-S2",null,"M",false,null,null,"P6M",{"$nulls":4},"S",null,null,3,null,"Total number of card paymentelectronic, received - SCA: non-sca: contactless low value, acquirer location: Poland, POS location: Rest of the World","Total number of card paymentelectronic, received - SCA: non-sca: contactless low value, acquirer location: Poland, POS location: Rest of the World","PN",6]
["PCP.H.PL.W0.W1.CP0.2.2000.NR.PCS_ALL._Z.202._Z.N.PN","H","PL","W0","W1","CP0",2,"2000","NR","PCS_ALL","_Z","202","_Z","N","PN","2023-S1",22.953005,"A",false,null,null,"P6M",{"$nulls":4},"S",null,null,3,null,"Total number of card paymentelectronic, received - SCA: non-sca: contactless low value, acquirer location: Poland, POS location: Rest of the World","Total number of card paymentelectronic, received - SCA: non-sca: contactless low value, acquirer location: Poland, POS location: Rest of the World","PN",6]
["PCP.H.PL.W0.W1.CP0.2.2000.NR.PCS_ALL._Z.202._Z.N.PN","H","PL","W0","W1","CP0",2,"2000","NR","PCS_ALL","_Z","202","_Z","N","PN","2023-S2",23.839902,"P",false,null,null,"P6M",{"$nulls":4},"S",null,null,3,null,"Total number of card paymentelectronic, received - SCA: non-sca: contactless low value, acquirer location: Poland, POS location: Rest of the World","Total number of card paymentelectronic, received - SCA: non-sca: contactless low value, acquirer location: Poland, POS location: Rest of the World","PN",6]
["PCP.H.PL.W1.G3.CP0.1.2000.NR.PCS_ALL._Z.210._Z.N.XDF","H","PL","W1","G3","CP0",1,"2000","NR","PCS_ALL","_Z","210","_Z","N","XDF","2022-S1",null,"M",false,null,null,"P6M",{"$nulls":4},"S",null,null,3,null,"Value of card paymentelectronic, sent - SCA: non-sca: others, issuer location: Poland, acquirer location: Rest of the World, POS location: other EEA countries","Value of card paymentelectronic, sent - SCA: non-sca: others, issuer location: Poland, acquirer location: Rest of the World, POS location: other EEA countries","XDF",6]
["PCP.H.PL.W1.G3.CP0.1.2000.NR.PCS_ALL._Z.210._Z.N.XDF","H","PL","W1","G3","CP0",1,"2000","NR","PCS_ALL","_Z","210","_Z","N","XDF","2022-S2",null,"M",false,null,null,"P6M",{"$nulls":4},"S",null,null,3,null,"Value of card paymentelectronic, sent - SCA: non-sca: others, issuer location: Poland, acquirer location: Rest of the World, POS location: other EEA countries","Value of card paymentelectronic, sent - SCA: non-sca: others, issuer location: Poland, acquirer location: Rest of the World, POS location: other EEA countries","XDF",6]
["PCP.H.PL.W1.G3.CP0.1.2000.NR.PCS_ALL._Z.210._Z.N.XDF","H","PL","W1","G3","CP0",1,"2000","NR","PCS_ALL","_Z","210","_Z","N","XDF","2023-S1",1017.3713122,"A",false,null,null,"P6M",{"$nulls":4},"S",null,null,3,null,"Value of card paymentelectronic, sent - SCA: non-sca: others, issuer location: Poland, acquirer location: Rest of the World, POS location: other EEA countries","Value of card paymentelectronic, sent - SCA: non-sca: others, issuer location: Poland, acquirer location: Rest of the World, POS location: other EEA countries","XDF",6]
["PCP.H.PL.W1.G3.CP0.1.2000.NR.PCS_ALL._Z.210._Z.N.XDF","H","PL","W1","G3","CP0",1,"2000","NR","PCS_ALL","_Z","210","_Z","N","XDF","2023-S2",1557.29851534,"P",false,null,null,"P6M",{"$nulls":4},"S",null,null,3,null,"Value of card paymentelectronic, sent - SCA: non-sca: others, issuer location: Poland, acquirer location: Rest of the World, POS location: other EEA countries","Value of card paymentelectronic, sent - SCA: non-sca: others, issuer location: Poland, acquirer location: Rest of the World, POS location: other EEA countries","XDF",6]
["PCP.H.PL.W2.G1.CP0.1.2000.R.PCS_ALL._Z.200._Z.N.PN","H","PL","W2","G1","CP0",1,"2000","R","PCS_ALL","_Z","200","_Z","N","PN","2022-S1",null,"M",false,null,null,"P6M",{"$nulls":4},"S",null,null,3,null,"Number of card paymentelectronic, sent - SCA: non-sca, issuer location: Poland, acquirer location: domestic, POS location: outside EEA","Number of card paymentelectronic, sent - SCA: non-sca, issuer location: Poland, acquirer location: domestic, POS location: outside EEA","PN",6]
["PCP.H.PL.W2.G1.CP0.1.2000.R.PCS_ALL._Z.200._Z.N.PN","H","PL","W2","G1","CP0",1,"2000","R","PCS_ALL","_Z","200","_Z","N","PN","2023-S1",1.669021,"A",false,null,null,"P6M",{"$nulls":4},"S",null,null,3,null,"Number of card paymentelectronic, sent - SCA: non-sca, issuer location: Poland, acquirer location: domestic, POS location: outside EEA","Number of card paymentelectronic, sent - SCA: non-sca, issuer location: Poland, acquirer location: domestic, POS location: outside EEA","PN",6]
["PCP.H.PL.W2.G1.CP0.1.2000.R.PCS_ALL._Z.200._Z.N.PN","H","PL","W2","G1","CP0",1,"2000","R","PCS_ALL","_Z","200","_Z","N","PN","2023-S2",1.888793,"P",false,null,null,"P6M",{"$nulls":4},"S",null,null,3,null,"Number of card paymentelectronic, sent - SCA: non-sca, issuer location: Poland, acquirer location: domestic, POS location: outside EEA","Number of card paymentelectronic, sent - SCA: non-sca, issuer location: Poland, acquirer location: domestic, POS location: outside EEA","PN",6]
["PCP.H.PL.W2.W1.CP0.2.2000.R.PCS_ALL._Z.209._Z.N.XDF","H","PL","W2","W1","CP0",2,"2000","R","PCS_ALL","_Z","209","_Z","N","XDF","2022-S1",null,"M",false,null,null,"P6M",{"$nulls":4},"S",null,null,3,null,"Value of card paymentelectronic, received - SCA: non-sca: merchant initiated transaction, acquirer location: Poland, issuer location: domestic, POS location: Rest of the World","Value of card paymentelectronic, received - SCA: non-sca: merchant initiated transaction, acquirer location: Poland, issuer location: domestic, POS location: Rest of the World","XDF",6]
["PCP.H.PL.W2.W1.CP0.2.2000.R.PCS_ALL._Z.209._Z.N.XDF","H","PL","W2","W1","CP0",2,"2000","R","PCS_ALL","_Z","209","_Z","N","XDF","2022-S2",null,"M",false,null,null,"P6M",{"$nulls":4},"S",null,null,3,null,"Value of card paymentelectronic, received - SCA: non-sca: merchant initiated transaction, acquirer location: Poland, issuer location: domestic, POS location: Rest of the World","Value of card paymentelectronic, received - SCA: non-sca: merchant initiated transaction, acquirer location: Poland, issuer location: domestic, POS location: Rest of the World","XDF",6]
["PCP.H.PL.W2.W1.CP0.2.2000.R.PCS_ALL._Z.209._Z.N.XDF","H","PL","W2","W1","CP0",2,"2000","R","PCS_ALL","_Z","209","_Z","N","XDF","2023-S1",1.72835479,"A",false,null,null,"P6M",{"$nulls":4},"S",null,null,3,null,"Value of card paymentelectronic, received - SCA: non-sca: merchant initiated transaction, acquirer location: Poland, issuer location: domestic, POS location: Rest of the World","Value of card paymentelectronic, received - SCA: non-sca: merchant initiated transaction, acquirer location: Poland, issuer location: domestic, POS location: Rest of the World","XDF",6]
["PCP.H.PL.W2.W1.CP0.2.2000.R.PCS_ALL._Z.209._Z.N.XDF","H","PL","W2","W1","CP0",2,"2000","R","PCS_ALL","_Z","209","_Z","N","XDF","2023-S2",1.7023348,"P",false,null,null,"P6M",{"$nulls":4},"S",null,null,3,null,"Value of card paymentelectronic, received - SCA: non-sca: merchant initiated transaction, acquirer location: Poland, issuer location: domestic, POS location: Rest of the World","Value of card paymentelectronic, received - SCA: non-sca: merchant initiated transaction, acquirer location: Poland, issuer location: domestic, POS location: Rest of the World","XDF",6]
["PCP.H.PT.G1.W1.CP0.2.1000.R.PCS_ALL._Z._X._Z.N.PN","H","PT","G1","W1","CP0",2,"1000","R","PCS_ALL","_Z","_X","_Z","N","PN","2022-S1",0,"A",false,null,null,"P6M",{"$nulls":4},"S",null,null,3,null,"Number of card paymentnon-electronic, received - SCA: , acquirer location: Portugal, issuer location: outside EEA, POS location: Rest of the World","Number of card paymentnon-electronic, received - SCA: , acquirer location: Portugal, issuer location: outside EEA, POS location: Rest of the World","PN",6]
["PCP.H.PT.G1.W1.CP0.2.1000.R.PCS_ALL._Z._X._Z.N.PN","H","PT","G1","W1","CP0",2,"1000","R","PCS_ALL","_Z","_X","_Z","N","PN","2022-S2",0,"A",false,null,null,"P6M",{"$nulls":4},"S",null,null,3,null,"Number of card paymentnon-electronic, received - SCA: , acquirer location: Portugal, issuer location: outside EEA, POS location: Rest of the World","Number of card paymentnon-electronic, received - SCA: , acquirer location: Portugal, issuer location: outside EEA, POS location: Rest of the World","PN",6]
["PCP.H.PT.G1.W1.CP0.2.1000.R.PCS_ALL._Z._X._Z.N.PN","H","PT","G1","W1","CP0",2,"1000","R","PCS_ALL","_Z","_X","_Z","N","PN","2023-S1",0,"A",false,null,null,"P6M",{"$nulls":4},"S",null,null,3,null,"Number of card paymentnon-electronic, received - SCA: , acquirer location: Portugal, issuer location: outside EEA, POS location: Rest of the World","Number of card paymentnon-electronic, received - SCA: , acquirer location: Portugal, issuer location: outside EEA, POS location: Rest of the World","PN",6]
["PCP.H.PT.G1.W1.CP0.2.1000.R.PCS_ALL._Z._X._Z.N.PN","H","PT","G1","W1","CP0",2,"1000","R","PCS_ALL","_Z","_X","_Z","N","PN","2023-S2",0,"P",false,null,null,"P6M",{"$nulls":4},"S",null,null,3,null,"Number of card paymentnon-electronic, received - SCA: , acquirer location: Portugal, issuer location: outside EEA, POS location: Rest of the World","Number of card paymentnon-electronic, received - SCA: , acquirer location: Portugal, issuer location: outside EEA, POS location: Rest of the World","PN",6]
["PCP.H.PT.G1.W2.CP0.1.1000._T.PCS_ALL._Z._X._Z.N.EUR","H","PT","G1","W2","CP0",1,"1000","_T","PCS_ALL","_Z","_X","_Z","N","EUR","2022-S1",0,"A",false,null,null,"P6M",{"$nulls":4},"S",null,null,3,null,"Value of card paymentnon-electronic, sent - SCA: , issuer location: Portugal, acquirer location: outside EEA, POS location: domestic","Value of card paymentnon-electronic, sent - SCA: , issuer location: Portugal, acquirer location: outside EEA, POS location: domestic","EUR",6]
["PCP.H.PT.G1.W2.CP0.1.1000._T.PCS_ALL._Z._X._Z.N.EUR","H","PT","G1","W2","CP0",1,"1000","_T","PCS_ALL","_Z","_X","_Z","N","EUR","2022-S2",0,"A",false,null,null,"P6M",{"$nulls":4},"S",null,null,3,null,"Value of card paymentnon-electronic, sent - SCA: , issuer location: Portugal, acquirer location: outside EEA, POS location: domestic","Value of card paymentnon-electronic, sent - SCA: , issuer location: Portugal, acquirer location: outside EEA, POS location: domestic","EUR",6]
["PCP.H.PT.G1.W2.CP0.1.1000._T.PCS_ALL._Z._X._Z.N.EUR","H","PT","G1","W2","CP0",1,"1000","_T","PCS_ALL","_Z","_X","_Z","N","EUR","2023-S1",0,"A",false,null,null,"P6M",{"$nulls":4},"S",null,null,3,null,"Value of card paymentnon-electronic, sent - SCA: , issuer location: Portugal, acquirer location: outside EEA, POS location: domestic","Value of card paymentnon-electronic, sent - SCA: , issuer location: Portugal, acquirer location: outside EEA, POS location: domestic","EUR",6]
["PCP.H.PT.G1.W2.CP0.1.1000._T.PCS_ALL._Z._X._Z.N.EUR","H","PT","G1","W2","CP0",1,"1000","_T","PCS_ALL","_Z","_X","_Z","N","EUR","2023-S2",0,"P",false,null,null,"P6M",{"$nulls":4},"S",null,null,3,null,"Value of card paymentnon-electronic, sent - SCA: , issuer location: Portugal, acquirer location: outside EEA, POS location: domestic","Value of card paymentnon-electronic, sent - SCA: , issuer location: Portugal, acquirer location: outside EEA, POS location: domestic","EUR",6]
["PCP.H.PT.W0.G3.CP0.2.2000.R.PCS_ALL._Z.210._Z.N.EUR","H","PT","W0","G3","CP0",2,"2000","R","PCS_ALL","_Z","210","_Z","N","EUR","2022-S1",0,"A",false,null,null,"P6M",{"$nulls":4},"S",null,null,3,null,"Total value of card paymentelectronic, received - SCA: non-sca: others, acquirer location: Portugal, POS location: other EEA countries","Total value of card paymentelectronic, received - SCA: non-sca: others, acquirer location: Portugal, POS location: other EEA countries","EUR",6]
["PCP.H.PT.W0.G3.CP0.2.2000.R.PCS_ALL._Z.210._Z.N.EUR","H","PT","W0","G3","CP0",2,"2000","R","PCS_ALL","_Z","210","_Z","N","EUR","2022-S2",0,"A",false,null,null,"P6M",{"$nulls":4},"S",null,null,3,null,"Total value of card paymentelectronic, received - SCA: non-sca: others, acquirer location: Portugal, POS location: other EEA countries","Total value of card paymentelectronic, received - SCA: non-sca: others, acquirer location: Portugal, POS location: other EEA countries","EUR",6]
["PCP.H.PT.W0.G3.CP0.2.2000.R.PCS_ALL._Z.210._Z.N.EUR","H","PT","W0","G3","CP0",2,"2000","R","PCS_ALL","_Z","210","_Z","N","EUR","2023-S1",0,"A",false,null,null,"P6M",{"$nulls":4},"S",null,null,3,null,"Total value of card paymentelectronic, received - SCA: non-sca: others, acquirer location: Portugal, POS location: other EEA countries","Total value of card paymentelectronic, received - SCA: non-sca: others, acquirer location: Portugal, POS location: other EEA countries","EUR",6]
["PCP.H.PT.W0.G3.CP0.2.2000.R.PCS_ALL._Z.210._Z.N.EUR","H","PT","W0","G3","CP0",2,"2000","R","PCS_ALL","_Z","210","_Z","N","EUR","2023-S2",0,"P",false,null,null,"P6M",{"$nulls":4},"S",null,null,3,null,"Total value of card paymentelectronic, received - SCA: non-sca: others, acquirer location: Portugal, POS location: other EEA countries","Total value of card paymentelectronic, received - SCA: non-sca: others, acquirer location: Portugal, POS location: other EEA countries","EUR",6]
["PCP.H.RO.G1.G1.CP0.2.2000.R.PCS_ALL._Z.201._Z.N.XDF","H","RO","G1","G1","CP0",2,"2000","R","PCS_ALL","_Z","201","_Z","N","XDF","2022-S1",0,"A",false,null,null,"P6M",{"$nulls":4},"S",null,null,3,null,"Value of card paymentelectronic, received - SCA: non-sca: low value, acquirer location: Romania, issuer location: outside EEA, POS location: outside EEA","Value of card paymentelectronic, received - SCA: non-sca: low value, acquirer location: Romania, issuer location: outside EEA, POS location: outside EEA","XDF",6]
["PCP.H.RO.G1.G1.CP0.2.2000.R.PCS_ALL._Z.201._Z.N.XDF","H","RO","G1","G1","CP0",2,"2000","R","PCS_ALL","_Z","201","_Z","N","XDF","2022-S2",0,"A",false,null,null,"P6M",{"$nulls":4},"S",null,null,3,null,"Value of card paymentelectronic, received - SCA: non-sca: low value, acquirer location: Romania, issuer location: outside EEA, POS location: outside EEA","Value of card paymentelectronic, received - SCA: non-sca: low value, acquirer location: Romania, issuer location: outside EEA, POS location: outside EEA","XDF",6]
["PCP.H.RO.G1.G1.CP0.2.2000.R.PCS_ALL._Z.201._Z.N.XDF","H","RO","G1","G1","CP0",2,"2000","R","PCS_ALL","_Z","201","_Z","N","XDF","2023-S1",0,"A",false,null,null,"P6M",{"$nulls":4},"S",null,null,3,null,"Value of card paymentelectronic, received - SCA: non-sca: low value, acquirer location: Romania, issuer location: outside EEA, POS location: outside EEA","Value of card paymentelectronic, received - SCA: non-sca: low value, acquirer location: Romania, issuer location: outside EEA, POS location: outside EEA","XDF",6]
["PCP.H.RO.G1.G1.CP0.2.2000.R.PCS_ALL._Z.201._Z.N.XDF","H","RO","G1","G1","CP0",2,"2000","R","PCS_ALL","_Z","201","_Z","N","XDF","2023-S2",0,"P",false,null,null,"P6M",{"$nulls":4},"S",null,null,3,null,"Value of card paymentelectronic, received - SCA: non-sca: low value, acquirer location: Romania, issuer location: outside EEA, POS location: outside EEA","Value of card paymentelectronic, received - SCA: non-sca: low value, acquirer location: Romania, issuer location: outside EEA, POS location: outside EEA","XDF",6]
["PCP.H.RO.G3.W1.CP0.1.2221.NR.PCS_ALL._Z._X._Z.N.XDF","H","RO","G3","W1","CP0",1,"2221","NR","PCS_ALL","_Z","_X","_Z","N","XDF","2022-S1",31.69226800000001,"A",false,null,null,"P6M",{"$nulls":4},"S",null,null,3,null,"Value of card payment, initiated at atm, sent - SCA: , issuer location: Romania, acquirer location: other EEA countries, POS location: Rest of the World","Value of card payment, initiated at atm, sent - SCA: , issuer location: Romania, acquirer location: other EEA countries, POS location: Rest of the World","XDF",6]
["PCP.H.RO.G3.W1.CP0.1.2221.NR.PCS_ALL._Z._X._Z.N.XDF","H","RO","G3","W1","CP0",1,"2221","NR","PCS_ALL","_Z","_X","_Z","N","XDF","2022-S2",31.476895,"A",false,null,null,"P6M",{"$nulls":4},"S",null,null,3,null,"Value of card payment, initiated at atm, sent - SCA: , issuer location: Romania, acquirer location: other EEA countries, POS location: Rest of the World","Value of card payment, initiated at atm, sent - SCA: , issuer location: Romania, acquirer location: other EEA countries, POS location: Rest of the World","XDF",6]
["PCP.H.RO.G3.W1.CP0.1.2221.NR.PCS_ALL._Z._X._Z.N.XDF","H","RO","G3","W1","CP0",1,"2221","NR","PCS_ALL","_Z","_X","_Z","N","XDF","2023-S1",29.11274600000001,"A",false,null,null,"P6M",{"$nulls":4},"S",null,null,3,null,"Value of card payment, initiated at atm, sent - SCA: , issuer location: Romania, acquirer location: other EEA countries, POS location: Rest of the World","Value of card payment, initiated at atm, sent - SCA: , issuer location: Romania, acquirer location: other EEA countries, POS location: Rest of the World","XDF",6]
["PCP.H.RO.G3.W1.CP0.1.2221.NR.PCS_ALL._Z._X._Z.N.XDF","H","RO","G3","W1","CP0",1,"2221","NR","PCS_ALL","_Z","_X","_Z","N","XDF","2023-S2",31.906348,"P",false,null,null,"P6M",{"$nulls":4},"S",null,null,3,null,"Value of card payment, initiated at atm, sent - SCA: , issuer location: Romania, acquirer location: other EEA countries, POS location: Rest of the World","Value of card payment, initiated at atm, sent - SCA: , issuer location: Romania, acquirer location: other EEA countries, POS location: Rest of the World","XDF",6]
["PCP.H.RO.W0.G1.CP0.1.2000.R.PCS_ALL.12._X._Z.N.XDF","H","RO","W0","G1","CP0",1,"2000","R","PCS_ALL","12","_X","_Z","N","XDF","2022-S1",2.16787,"A",false,null,null,"P6M",{"$nulls":4},"S",null,null,3,null,"Total value of card payment with a delayed debit card, sent - issuer location: Romania, POS location: outside EEA","Total value of card payment with a delayed debit card, sent - issuer location: Romania, POS location: outside EEA","XDF",6]
["PCP.H.RO.W0.G1.CP0.1.2000.R.PCS_ALL.12._X._Z.N.XDF","H","RO","W0","G1","CP0",1,"2000","R","PCS_ALL","12","_X","_Z","N","XDF","2022-S2",3.010526,"A",false,null,null,"P6M",{"$nulls":4},"S",null,null,3,null,"Total value of card payment with a delayed debit card, sent - issuer location: Romania, POS location: outside EEA","Total value of card payment with a delayed debit card, sent - issuer location: Romania, POS location: outside EEA","XDF",6]
["PCP.H.RO.W0.G1.CP0.1.2000.R.PCS_ALL.12._X._Z.N.XDF","H","RO","W0","G1","CP0",1,"2000","R","PCS_ALL","12","_X","_Z","N","XDF","2023-S1",2.843541,"A",false,null,null,"P6M",{"$nulls":4},"S",null,null,3,null,"Total value of card payment with a delayed debit card, sent - issuer location: Romania, POS location: outside EEA","Total value of card payment with a delayed debit card, sent - issuer location: Romania, POS location: outside EEA","XDF",6]
["PCP.H.RO.W0.G1.CP0.1.2000.R.PCS_ALL.12._X._Z.N.XDF","H","RO","W0","G1","CP0",1,"2000","R","PCS_ALL","12","_X","_Z","N","XDF","2023-S2",3.211764,"P",false,null,null,"P6M",{"$nulls":4},"S",null,null,3,null,"Total value of card payment with a delayed debit card, sent - issuer location: Romania, POS location: outside EEA","Total value of card payment with a delayed debit card, sent - issuer location: Romania, POS location: outside EEA","XDF",6]
["PCP.H.RO.W0.G3.CP0.2.2000.NR.PCS_ALL._Z.206._Z.N.XDF","H","RO","W0","G3","CP0",2,"2000","NR","PCS_ALL","_Z","206","_Z","N","XDF","2022-S1",0,"A",false,null,null,"P6M",{"$nulls":4},"S",null,null,3,null,"Total value of card paymentelectronic, received - SCA: non-sca: unattended terminals, acquirer location: Romania, POS location: other EEA countries","Total value of card paymentelectronic, received - SCA: non-sca: unattended terminals, acquirer location: Romania, POS location: other EEA countries","XDF",6]
["PCP.H.RO.W0.G3.CP0.2.2000.NR.PCS_ALL._Z.206._Z.N.XDF","H","RO","W0","G3","CP0",2,"2000","NR","PCS_ALL","_Z","206","_Z","N","XDF","2022-S2",0,"A",false,null,null,"P6M",{"$nulls":4},"S",null,null,3,null,"Total value of card paymentelectronic, received - SCA: non-sca: unattended terminals, acquirer location: Romania, POS location: other EEA countries","Total value of card paymentelectronic, received - SCA: non-sca: unattended terminals, acquirer location: Romania, POS location: other EEA countries","XDF",6]
["PCP.H.RO.W0.G3.CP0.2.2000.NR.PCS_ALL._Z.206._Z.N.XDF","H","RO","W0","G3","CP0",2,"2000","NR","PCS_ALL","_Z","206","_Z","N","XDF","2023-S1",0,"A",false,null,null,"P6M",{"$nulls":4},"S",null,null,3,null,"Total value of card paymentelectronic, received - SCA: non-sca: unattended terminals, acquirer location: Romania, POS location: other EEA countries","Total value of card paymentelectronic, received - SCA: non-sca: unattended terminals, acquirer location: Romania, POS location: other EEA countries","XDF",6]
["PCP.H.RO.W0.G3.CP0.2.2000.NR.PCS_ALL._Z.206._Z.N.XDF","H","RO","W0","G3","CP0",2,"2000","NR","PCS_ALL","_Z","206","_Z","N","XDF","2023-S2",0,"P",false,null,null,"P6M",{"$nulls":4},"S",null,null,3,null,"Total value of card paymentelectronic, received - SCA: non-sca: unattended terminals, acquirer location: Romania, POS location: other EEA countries","Total value of card paymentelectronic, received - SCA: non-sca: unattended terminals, acquirer location: Romania, POS location: other EEA countries","XDF",6]
["PCP.H.RO.W1.G3.CP0.1.2221.NR.PCS_ALL._Z._X._Z.N.PN","H","RO","W1","G3","CP0",1,"2221","NR","PCS_ALL","_Z","_X","_Z","N","PN","2022-S1",0.105193,"A",false,null,null,"P6M",{"$nulls":4},"S",null,null,3,null,"Number of card payment, initiated at atm, sent - SCA: , issuer location: Romania, acquirer location: Rest of the World, POS location: other EEA countries","Number of card payment, initiated at atm, sent - SCA: , issuer location: Romania, acquirer location: Rest of the World, POS location: other EEA countries","PN",6]
["PCP.H.RO.W1.G3.CP0.1.2221.NR.PCS_ALL._Z._X._Z.N.PN","H","RO","W1","G3","CP0",1,"2221","NR","PCS_ALL","_Z","_X","_Z","N","PN","2022-S2",0.08954700000000002,"A",false,null,null,"P6M",{"$nulls":4},"S",null,null,3,null,"Number of card payment, initiated at atm, sent - SCA: , issuer location: Romania, acquirer location: Rest of the World, POS location: other EEA countries","Number of card payment, initiated at atm, sent - SCA: , issuer location: Romania, acquirer location: Rest of the World, POS location: other EEA countries","PN",6]
["PCP.H.RO.W1.G3.CP0.1.2221.NR.PCS_ALL._Z._X._Z.N.PN","H","RO","W1","G3","CP0",1,"2221","NR","PCS_ALL","_Z","_X","_Z","N","PN","2023-S1",0.08911399999999997,"A",false,null,null,"P6M",{"$nulls":4},"S",null,null,3,null,"Number of card payment, initiated at atm, sent - SCA: , issuer location: Romania, acquirer location: Rest of the World, POS location: other EEA countries","Number of card payment, initiated at atm, sent - SCA: , issuer location: Romania, acquirer location: Rest of the World, POS location: other EEA countries","PN",6]
["PCP.H.RO.W1.G3.CP0.1.2221.NR.PCS_ALL._Z._X._Z.N.PN","H","RO","W1","G3","CP0",1,"2221","NR","PCS_ALL","_Z","_X","_Z","N","PN","2023-S2",0.103001,"P",false,null,null,"P6M",{"$nulls":4},"S",null,null,3,null,"Number of card payment, initiated at atm, sent - SCA: , issuer location: Romania, acquirer location: Rest of the World, POS location: other EEA countries","Number of card payment, initiated at atm, sent - SCA: , issuer location: Romania, acquirer location: Rest of the World, POS location: other EEA countries","PN",6]
["PCP.H.RO.W2.G1.CP0.2.2000.NR.PCS_ALL._Z.206._Z.N.XDF","H","RO","W2","G1","CP0",2,"2000","NR","PCS_ALL","_Z","206","_Z","N","XDF","2022-S1",0,"A",false,null,null,"P6M",{"$nulls":4},"S",null,null,3,null,"Value of card paymentelectronic, received - SCA: non-sca: unattended terminals, acquirer location: Romania, issuer location: domestic, POS location: outside EEA","Value of card paymentelectronic, received - SCA: non-sca: unattended terminals, acquirer location: Romania, issuer location: domestic, POS location: outside EEA","XDF",6]
["PCP.H.RO.W2.G1.CP0.2.2000.NR.PCS_ALL._Z.206._Z.N.XDF","H","RO","W2","G1","CP0",2,"2000","NR","PCS_ALL","_Z","206","_Z","N","XDF","2022-S2",0,"A",false,null,null,"P6M",{"$nulls":4},"S",null,null,3,null,"Value of card paymentelectronic, received - SCA: non-sca: unattended terminals, acquirer location: Romania, issuer location: domestic, POS location: outside EEA","Value of card paymentelectronic, received - SCA: non-sca: unattended terminals, acquirer location: Romania, issuer location: domestic, POS location: outside EEA","XDF",6]
["PCP.H.RO.W2.G1.CP0.2.2000.NR.PCS_ALL._Z.206._Z.N.XDF","H","RO","W2","G1","CP0",2,"2000","NR","PCS_ALL","_Z","206","_Z","N","XDF","2023-S1",0,"A",false,null,null,"P6M",{"$nulls":4},"S",null,null,3,null,"Value of card paymentelectronic, received - SCA: non-sca: unattended terminals, acquirer location: Romania, issuer location: domestic, POS location: outside EEA","Value of card paymentelectronic, received - SCA: non-sca: unattended terminals, acquirer location: Romania, issuer location: domestic, POS location: outside EEA","XDF",6]
["PCP.H.RO.W2.G1.CP0.2.2000.NR.PCS_ALL._Z.206._Z.N.XDF","H","RO","W2","G1","CP0",2,"2000","NR","PCS_ALL","_Z","206","_Z","N","XDF","2023-S2",0,"P",false,null,null,"P6M",{"$nulls":4},"S",null,null,3,null,"Value of card paymentelectronic, received - SCA: non-sca: unattended terminals, acquirer location: Romania, issuer location: domestic, POS location: outside EEA","Value of card paymentelectronic, received - SCA: non-sca: unattended terminals, acquirer location: Romania, issuer location: domestic, POS location: outside EEA","XDF",6]
["PCP.H.RO.W2.W1.CP0.2.2000.NR.PCS_ALL.13._X._Z.N.PN","H","RO","W2","W1","CP0",2,"2000","NR","PCS_ALL","13","_X","_Z","N","PN","2022-S1",3.1E-05,"A",false,null,null,"P6M",{"$nulls":4},"S",null,null,3,null,"Number of card payment,with a credit card, received - acquirer location: Romania, issuer location: domestic, POS location: Rest of the World","Number of card payment,with a credit card, received - acquirer location: Romania, issuer location: domestic, POS location: Rest of the World","PN",6]
["PCP.H.RO.W2.W1.CP0.2.2000.NR.PCS_ALL.13._X._Z.N.PN","H","RO","W2","W1","CP0",2,"2000","NR","PCS_ALL","13","_X","_Z","N","PN","2022-S2",5.3E-05,"A",false,null,null,"P6M",{"$nulls":4},"S",null,null,3,null,"Number of card payment,with a credit card, received - acquirer location: Romania, issuer location: domestic, POS location: Rest of the World","Number of card payment,with a credit card, received - acquirer location: Romania, issuer location: domestic, POS location: Rest of the World","PN",6]
["PCP.H.RO.W2.W1.CP0.2.2000.NR.PCS_ALL.13._X._Z.N.PN","H","RO","W2","W1","CP0",2,"2000","NR","PCS_ALL","13","_X","_Z","N","PN","2023-S1",1.3E-05,"A",false,null,null,"P6M",{"$nulls":4},"S",null,null,3,null,"Number of card payment,with a credit card, received - acquirer location: Romania, issuer location: domestic, POS location: Rest of the World","Number of card payment,with a credit card, received - acquirer location: Romania, issuer location: domestic, POS location: Rest of the World","PN",6]
["PCP.H.RO.W2.W1.CP0.2.2000.NR.PCS_ALL.13._X._Z.N.PN","H","RO","W2","W1","CP0",2,"2000","NR","PCS_ALL","13","_X","_Z","N","PN","2023-S2",2.9E-05,"P",false,null,null,"P6M",{"$nulls":4},"S",null,null,3,null,"Number of card payment,with a credit card, received - acquirer location: Romania, issuer location: domestic, POS location: Rest of the World","Number of card payment,with a credit card, received - acquirer location: Romania, issuer location: domestic, POS location: Rest of the World","PN",6]
["PCP.H.SI.G1.G3.CP0.1._T._T.PCS_ALL._Z._X._Z.N.EUR","H","SI","G1","G3","CP0",1,"_T","_T","PCS_ALL","_Z","_X","_Z","N","EUR","2022-S1",86.037415,"A",false,null,null,"P6M",{"$nulls":4},"S",null,null,3,null,"Value of card paymentall, sent - SCA: , issuer location: Slovenia, acquirer location: outside EEA, POS location: other EEA countries","Value of card paymentall, sent - SCA: , issuer location: Slovenia, acquirer location: outside EEA, POS location: other EEA countries","EUR",6]
["PCP.H.SI.G1.G3.CP0.1._T._T.PCS_ALL._Z._X._Z.N.EUR","H","SI","G1","G3","CP0",1,"_T","_T","PCS_ALL","_Z","_X","_Z","N","EUR","2022-S2",104.861133,"A",false,null,null,"P6M",{"$nulls":4},"S",null,null,3,null,"Value of card paymentall, sent - SCA: , issuer location: Slovenia, acquirer location: outside EEA, POS location: other EEA countries","Value of card paymentall, sent - SCA: , issuer location: Slovenia, acquirer location: outside EEA, POS location: other EEA countries","EUR",6]
["PCP.H.SI.G1.G3.CP0.1._T._T.PCS_ALL._Z._X._Z.N.EUR","H","SI","G1","G3","CP0",1,"_T","_T","PCS_ALL","_Z","_X","_Z","N","EUR","2023-S1",93.332061,"A",false,null,null,"P6M",{"$nulls":4},"S",null,null,3,null,"Value of card paymentall, sent - SCA: , issuer location: Slovenia, acquirer location: outside EEA, POS location: other EEA countries","Value of card paymentall, sent - SCA: , issuer location: Slovenia, acquirer location: outside EEA, POS location: other EEA countries","EUR",6]
["PCP.H.SI.G1.G3.CP0.1._T._T.PCS_ALL._Z._X._Z.N.EUR","H","SI","G1","G3","CP0",1,"_T","_T","PCS_ALL","_Z","_X","_Z","N","EUR","2023-S2",97.14371900000002,"P",false,null,null,"P6M",{"$nulls":4},"S",null,null,3,null,"Value of card paymentall, sent - SCA: , issuer location: Slovenia, acquirer location: outside EEA, POS location: other EEA countries","Value of card paymentall, sent - SCA: , issuer location: Slovenia, acquirer location: outside EEA, POS location: other EEA countries","EUR",6]
["PCP.H.SI.G1.W0.CW1.1._T._T.PCS_ALL.12._X._Z.N.PN","H","SI","G1","W0","CW1",1,"_T","_T","PCS_ALL","12","_X","_Z","N","PN","2022-S1",0.007268,"A",false,null,null,"P6M",{"$nulls":4},"S",null,null,3,null,"Number of cash withdrawal using cards with a delayed debit card, sent - issuer location: Slovenia, acquirer location: outside EEA, terminal location: world","Number of cash withdrawal using cards with a delayed debit card, sent - issuer location: Slovenia, acquirer location: outside EEA, terminal location: world","PN",6]
["PCP.H.SI.G1.W0.CW1.1._T._T.PCS_ALL.12._X._Z.N.PN","H","SI","G1","W0","CW1",1,"_T","_T","PCS_ALL","12","_X","_Z","N","PN","2022-S2",0.008109,"A",false,null,null,"P6M",{"$nulls":4},"S",null,null,3,null,"Number of cash withdrawal using cards with a delayed debit card, sent - issuer location: Slovenia, acquirer location: outside EEA, terminal location: world","Number of cash withdrawal using cards with a delayed debit card, sent - issuer location: Slovenia, acquirer location: outside EEA, terminal location: world","PN",6]
["PCP.H.SI.G1.W0.CW1.1._T._T.PCS_ALL.12._X._Z.N.PN","H","SI","G1","W0","CW1",1,"_T","_T","PCS_ALL","12","_X","_Z","N","PN","2023-S1",0.008026,"A",false,null,null,"P6M",{"$nulls":4},"S",null,null,3,null,"Number of cash withdrawal using cards with a delayed debit card, sent - issuer location: Slovenia, acquirer location: outside EEA, terminal location: world","Number of cash withdrawal using cards with a delayed debit card, sent - issuer location: Slovenia, acquirer location: outside EEA, terminal location: world","PN",6]
["PCP.H.SI.G1.W0.CW1.1._T._T.PCS_ALL.12._X._Z.N.PN","H","SI","G1","W0","CW1",1,"_T","_T","PCS_ALL","12","_X","_Z","N","PN","2023-S2",0.009137000000000001,"P",false,null,null,"P6M",{"$nulls":4},"S",null,null,3,null,"Number of cash withdrawal using cards with a delayed debit card, sent - issuer location: Slovenia, acquirer location: outside EEA, terminal location: world","Number of cash withdrawal using cards with a delayed debit card, sent - issuer location: Slovenia, acquirer location: outside EEA, terminal location: world","PN",6]
["PCP.H.SK.G1.W1.CP0.2.1000.R.PCS_ALL._Z._X._Z.N.EUR","H","SK","G1","W1","CP0",2,"1000","R","PCS_ALL","_Z","_X","_Z","N","EUR","2022-S1",0.847601,"A",false,null,null,"P6M",{"$nulls":4},"S",null,null,3,null,"Value of card paymentnon-electronic, received - SCA: , acquirer location: Slovakia, issuer location: outside EEA, POS location: Rest of the World","Value of card paymentnon-electronic, received - SCA: , acquirer location: Slovakia, issuer location: outside EEA, POS location: Rest of the World","EUR",6]
["PCP.H.SK.G1.W1.CP0.2.1000.R.PCS_ALL._Z._X._Z.N.EUR","H","SK","G1","W1","CP0",2,"1000","R","PCS_ALL","_Z","_X","_Z","N","EUR","2022-S2",0,"A",false,null,null,"P6M",{"$nulls":4},"S",null,null,3,null,"Value of card paymentnon-electronic, received - SCA: , acquirer location: Slovakia, issuer location: outside EEA, POS location: Rest of the World","Value of card paymentnon-electronic, received - SCA: , acquirer location: Slovakia, issuer location: outside EEA, POS location: Rest of the World","EUR",6]
["PCP.H.SK.G1.W1.CP0.2.1000.R.PCS_ALL._Z._X._Z.N.EUR","H","SK","G1","W1","CP0",2,"1000","R","PCS_ALL","_Z","_X","_Z","N","EUR","2023-S1",0,"A",false,null,null,"P6M",{"$nulls":4},"S",null,null,3,null,"Value of card paymentnon-electronic, received - SCA: , acquirer location: Slovakia, issuer location: outside EEA, POS location: Rest of the World","Value of card paymentnon-electronic, received - SCA: , acquirer location: Slovakia, issuer location: outside EEA, POS location: Rest of the World","EUR",6]
["PCP.H.SK.G1.W1.CP0.2.1000.R.PCS_ALL._Z._X._Z.N.EUR","H","SK","G1","W1","CP0",2,"1000","R","PCS_ALL","_Z","_X","_Z","N","EUR","2023-S2",0,"P",false,null,null,"P6M",{"$nulls":4},"S",null,null,3,null,"Value of card paymentnon-electronic, received - SCA: , acquirer location: Slovakia, issuer location: outside EEA, POS location: Rest of the World","Value of card paymentnon-electronic, received - SCA: , acquirer location: Slovakia, issuer location: outside EEA, POS location: Rest of the World","EUR",6]
["PCP.H.SK.G3.G3.CP0.1.2000._T.PCS_ALL._Z._X._Z.N.PN","H","SK","G3","G3","CP0",1,"2000","_T","PCS_ALL","_Z","_X","_Z","N","PN","2022-S1",59.988694,"A",false,null,null,"P6M",{"$nulls":4},"S",null,null,3,null,"Number of card paymentelectronic, sent - SCA: , issuer location: Slovakia, acquirer location: other EEA countries, POS location: other EEA countries","Number of card paymentelectronic, sent - SCA: , issuer location: Slovakia, acquirer location: other EEA countries, POS location: other EEA countries","PN",6]
["PCP.H.SK.G3.G3.CP0.1.2000._T.PCS_ALL._Z._X._Z.N.PN","H","SK","G3","G3","CP0",1,"2000","_T","PCS_ALL","_Z","_X","_Z","N","PN","2022-S2",70.07249599999999,"A",false,null,null,"P6M",{"$nulls":4},"S",null,null,3,null,"Number of card paymentelectronic, sent - SCA: , issuer location: Slovakia, acquirer location: other EEA countries, POS location: other EEA countries","Number of card paymentelectronic, sent - SCA: , issuer location: Slovakia, acquirer location: other EEA countries, POS location: other EEA countries","PN",6]
["PCP.H.SK.G3.G3.CP0.1.2000._T.PCS_ALL._Z._X._Z.N.PN","H","SK","G3","G3","CP0",1,"2000","_T","PCS_ALL","_Z","_X","_Z","N","PN","2023-S1",66.55700500000002,"A",false,null,null,"P6M",{"$nulls":4},"S",null,null,3,null,"Number of card paymentelectronic, sent - SCA: , issuer location: Slovakia, acquirer location: other EEA countries, POS location: other EEA countries","Number of card paymentelectronic, sent - SCA: , issuer location: Slovakia, acquirer location: other EEA countries, POS location: other EEA countries","PN",6]
["PCP.H.SK.G3.G3.CP0.1.2000._T.PCS_ALL._Z._X._Z.N.PN","H","SK","G3","G3","CP0",1,"2000","_T","PCS_ALL","_Z","_X","_Z","N","PN","2023-S2",84.25332300000002,"P",false,null,null,"P6M",{"$nulls":4},"S",null,null,3,null,"Number of card paymentelectronic, sent - SCA: , issuer location: Slovakia, acquirer location: other EEA countries, POS location: other EEA countries","Number of card paymentelectronic, sent - SCA: , issuer location: Slovakia, acquirer location: other EEA countries, POS location: other EEA countries","PN",6]
["PCP.H.SK.G3.G3.CP0.2.2000.NR.PCS_ALL.13._X._Z.N.PN","H","SK","G3","G3","CP0",2,"2000","NR","PCS_ALL","13","_X","_Z","N","PN","2022-S1",0.630008,"A",false,null,null,"P6M",{"$nulls":4},"S",null,null,3,null,"Number of card payment,with a credit card, received - acquirer location: Slovakia, issuer location: other EEA countries, POS location: other EEA countries","Number of card payment,with a credit card, received - acquirer location: Slovakia, issuer location: other EEA countries, POS location: other EEA countries","PN",6]
["PCP.H.SK.G3.G3.CP0.2.2000.NR.PCS_ALL.13._X._Z.N.PN","H","SK","G3","G3","CP0",2,"2000","NR","PCS_ALL","13","_X","_Z","N","PN","2022-S2",0.4359509999999999,"A",false,null,null,"P6M",{"$nulls":4},"S",null,null,3,null,"Number of card payment,with a credit card, received - acquirer location: Slovakia, issuer location: other EEA countries, POS location: other EEA countries","Number of card payment,with a credit card, received - acquirer location: Slovakia, issuer location: other EEA countries, POS location: other EEA countries","PN",6]
["PCP.H.SK.G3.G3.CP0.2.2000.NR.PCS_ALL.13._X._Z.N.PN","H","SK","G3","G3","CP0",2,"2000","NR","PCS_ALL","13","_X","_Z","N","PN","2023-S1",1.147418,"A",false,null,null,"P6M",{"$nulls":4},"S",null,null,3,null,"Number of card payment,with a credit card, received - acquirer location: Slovakia, issuer location: other EEA countries, POS location: other EEA countries","Number of card payment,with a credit card, received - acquirer location: Slovakia, issuer location: other EEA countries, POS location: other EEA countries","PN",6]
["PCP.H.SK.G3.G3.CP0.2.2000.NR.PCS_ALL.13._X._Z.N.PN","H","SK","G3","G3","CP0",2,"2000","NR","PCS_ALL","13","_X","_Z","N","PN","2023-S2",1.555634,"P",false,null,null,"P6M",{"$nulls":4},"S",null,null,3,null,"Number of card payment,with a credit card, received - acquirer location: Slovakia, issuer location: other EEA countries, POS location: other EEA countries","Number of card payment,with a credit card, received - acquirer location: Slovakia, issuer location: other EEA countries, POS location: other EEA countries","PN",6]
["PCP.H.SK.W0.W0.CP0.2.2000.NR.PCS_ALL._Z.206._Z.N.EUR","H","SK","W0","W0","CP0",2,"2000","NR","PCS_ALL","_Z","206","_Z","N","EUR","2022-S1",0.69975,"A",false,null,null,"P6M",{"$nulls":4},"S",null,null,3,null,"Total value of card paymentelectronic, received - SCA: non-sca: unattended terminals, acquirer location: Slovakia, POS location: world","Total value of card paymentelectronic, received - SCA: non-sca: unattended terminals, acquirer location: Slovakia, POS location: world","EUR",6]
["PCP.H.SK.W0.W0.CP0.2.2000.NR.PCS_ALL._Z.206._Z.N.EUR","H","SK","W0","W0","CP0",2,"2000","NR","PCS_ALL","_Z","206","_Z","N","EUR","2022-S2",1.052639,"A",false,null,null,"P6M",{"$nulls":4},"S",null,null,3,null,"Total value of card paymentelectronic, received - SCA: non-sca: unattended terminals, acquirer location: Slovakia, POS location: world","Total value of card paymentelectronic, received - SCA: non-sca: unattended terminals, acquirer location: Slovakia, POS location: world","EUR",6]
["PCP.H.SK.W0.W0.CP0.2.2000.NR.PCS_ALL._Z.206._Z.N.EUR","H","SK","W0","W0","CP0",2,"2000","NR","PCS_ALL","_Z","206","_Z","N","EUR","2023-S1",1.505696,"A",false,null,null,"P6M",{"$nulls":4},"S",null,null,3,null,"Total value of card paymentelectronic, received - SCA: non-sca: unattended terminals, acquirer location: Slovakia, POS location: world","Total value of card paymentelectronic, received - SCA: non-sca: unattended terminals, acquirer location: Slovakia, POS location: world","EUR",6]
["PCP.H.SK.W0.W0.CP0.2.2000.NR.PCS_ALL._Z.206._Z.N.EUR","H","SK","W0","W0","CP0",2,"2000","NR","PCS_ALL","_Z","206","_Z","N","EUR","2023-S2",6.854327000000001,"P",false,null,null,"P6M",{"$nulls":4},"S",null,null,3,null,"Total value of card paymentelectronic, received - SCA: non-sca: unattended terminals, acquirer location: Slovakia, POS location: world","Total value of card paymentelectronic, received - SCA: non-sca: unattended terminals, acquirer location: Slovakia, POS location: world","EUR",6]
["PCP.H.SK.W1.G1.CP0.2.2000.R.PCS_ALL._Z.210._Z.N.PN","H","SK","W1","G1","CP0",2,"2000","R","PCS_ALL","_Z","210","_Z","N","PN","2022-S1",0.071557,"A",false,null,null,"P6M",{"$nulls":4},"S",null,null,3,null,"Number of card paymentelectronic, received - SCA: non-sca: others, acquirer location: Slovakia, issuer location: Rest of the World, POS location: outside EEA","Number of card paymentelectronic, received - SCA: non-sca: others, acquirer location: Slovakia, issuer location: Rest of the World, POS location: outside EEA","PN",6]
["PCP.H.SK.W1.G1.CP0.2.2000.R.PCS_ALL._Z.210._Z.N.PN","H","SK","W1","G1","CP0",2,"2000","R","PCS_ALL","_Z","210","_Z","N","PN","2022-S2",0.04339,"A",false,null,null,"P6M",{"$nulls":4},"S",null,null,3,null,"Number of card paymentelectronic, received - SCA: non-sca: others, acquirer location: Slovakia, issuer location: Rest of the World, POS location: outside EEA","Number of card paymentelectronic, received - SCA: non-sca: others, acquirer location: Slovakia, issuer location: Rest of the World, POS location: outside EEA","PN",6]
["PCP.H.SK.W1.G1.CP0.2.2000.R.PCS_ALL._Z.210._Z.N.PN","H","SK","W1","G1","CP0",2,"2000","R","PCS_ALL","_Z","210","_Z","N","PN","2023-S1",0.027078,"A",false,null,null,"P6M",{"$nulls":4},"S",null,null,3,null,"Number of card paymentelectronic, received - SCA: non-sca: others, acquirer location: Slovakia, issuer location: Rest of the World, POS location: outside EEA","Number of card paymentelectronic, received - SCA: non-sca: others, acquirer location: Slovakia, issuer location: Rest of the World, POS location: outside EEA","PN",6]
["PCP.H.SK.W1.G1.CP0.2.2000.R.PCS_ALL._Z.210._Z.N.PN","H","SK","W1","G1","CP0",2,"2000","R","PCS_ALL","_Z","210","_Z","N","PN","2023-S2",0.013936,"P",false,null,null,"P6M",{"$nulls":4},"S",null,null,3,null,"Number of card paymentelectronic, received - SCA: non-sca: others, acquirer location: Slovakia, issuer location: Rest of the World, POS location: outside EEA","Number of card paymentelectronic, received - SCA: non-sca: others, acquirer location: Slovakia, issuer location: Rest of the World, POS location: outside EEA","PN",6]
["PCP.H.SK.W1.G3.CP0.1.2231.R.PCS_ALL._Z._X._Z.N.PN","H","SK","W1","G3","CP0",1,"2231","R","PCS_ALL","_Z","_X","_Z","N","PN","2022-S1",0,"A",false,null,null,"P6M",{"$nulls":4},"S",null,null,3,null,"Number of card payment, initiated via p2p mobile payment solution (electronic), sent - SCA: , issuer location: Slovakia, acquirer location: Rest of the World, POS location: other EEA countries","Number of card payment, initiated via p2p mobile payment solution (electronic), sent - SCA: , issuer location: Slovakia, acquirer location: Rest of the World, POS location: other EEA countries","PN",6]
["PCP.H.SK.W1.G3.CP0.1.2231.R.PCS_ALL._Z._X._Z.N.PN","H","SK","W1","G3","CP0",1,"2231","R","PCS_ALL","_Z","_X","_Z","N","PN","2022-S2",0.113219,"A",false,null,null,"P6M",{"$nulls":4},"S",null,null,3,null,"Number of card payment, initiated via p2p mobile payment solution (electronic), sent - SCA: , issuer location: Slovakia, acquirer location: Rest of the World, POS location: other EEA countries","Number of card payment, initiated via p2p mobile payment solution (electronic), sent - SCA: , issuer location: Slovakia, acquirer location: Rest of the World, POS location: other EEA countries","PN",6]
["PCP.H.SK.W1.G3.CP0.1.2231.R.PCS_ALL._Z._X._Z.N.PN","H","SK","W1","G3","CP0",1,"2231","R","PCS_ALL","_Z","_X","_Z","N","PN","2023-S1",3.485750000000001,"A",false,null,null,"P6M",{"$nulls":4},"S",null,null,3,null,"Number of card payment, initiated via p2p mobile payment solution (electronic), sent - SCA: , issuer location: Slovakia, acquirer location: Rest of the World, POS location: other EEA countries","Number of card payment, initiated via p2p mobile payment solution (electronic), sent - SCA: , issuer location: Slovakia, acquirer location: Rest of the World, POS location: other EEA countries","PN",6]
["PCP.H.SK.W1.G3.CP0.1.2231.R.PCS_ALL._Z._X._Z.N.PN","H","SK","W1","G3","CP0",1,"2231","R","PCS_ALL","_Z","_X","_Z","N","PN","2023-S2",4.312402,"P",false,null,null,"P6M",{"$nulls":4},"S",null,null,3,null,"Number of card payment, initiated via p2p mobile payment solution (electronic), sent - SCA: , issuer location: Slovakia, acquirer location: Rest of the World, POS location: other EEA countries","Number of card payment, initiated via p2p mobile payment solution (electronic), sent - SCA: , issuer location: Slovakia, acquirer location: Rest of the World, POS location: other EEA countries","PN",6]
["PCP.H.SK.W1.G3.CW1.1._T._T.PCS_ALL.12._X._Z.N.EUR","H","SK","W1","G3","CW1",1,"_T","_T","PCS_ALL","12","_X","_Z","N","EUR","2022-S1",1.427793,"A",false,null,null,"P6M",{"$nulls":4},"S",null,null,3,null,"Value of cash withdrawal using cards with a delayed debit card, sent - issuer location: Slovakia, acquirer location: Rest of the World, terminal location: other EEA countries","Value of cash withdrawal using cards with a delayed debit card, sent - issuer location: Slovakia, acquirer location: Rest of the World, terminal location: other EEA countries","EUR",6]
["PCP.H.SK.W1.G3.CW1.1._T._T.PCS_ALL.12._X._Z.N.EUR","H","SK","W1","G3","CW1",1,"_T","_T","PCS_ALL","12","_X","_Z","N","EUR","2022-S2",0.052367,"A",false,null,null,"P6M",{"$nulls":4},"S",null,null,3,null,"Value of cash withdrawal using cards with a delayed debit card, sent - issuer location: Slovakia, acquirer location: Rest of the World, terminal location: other EEA countries","Value of cash withdrawal using cards with a delayed debit card, sent - issuer location: Slovakia, acquirer location: Rest of the World, terminal location: other EEA countries","EUR",6]
["PCP.H.SK.W1.G3.CW1.1._T._T.PCS_ALL.12._X._Z.N.EUR","H","SK","W1","G3","CW1",1,"_T","_T","PCS_ALL","12","_X","_Z","N","EUR","2023-S1",0.022864,"A",false,null,null,"P6M",{"$nulls":4},"S",null,null,3,null,"Value of cash withdrawal using cards with a delayed debit card, sent - issuer location: Slovakia, acquirer location: Rest of the World, terminal location: other EEA countries","Value of cash withdrawal using cards with a delayed debit card, sent - issuer location: Slovakia, acquirer location: Rest of the World, terminal location: other EEA countries","EUR",6]
["PCP.H.SK.W1.G3.CW1.1._T._T.PCS_ALL.12._X._Z.N.EUR","H","SK","W1","G3","CW1",1,"_T","_T","PCS_ALL","12","_X","_Z","N","EUR","2023-S2",0.025221,"P",false,null,null,"P6M",{"$nulls":4},"S",null,null,3,null,"Value of cash withdrawal using cards with a delayed debit card, sent - issuer location: Slovakia, acquirer location: Rest of the World, terminal location: other EEA countries","Value of cash withdrawal using cards with a delayed debit card, sent - issuer location: Slovakia, acquirer location: Rest of the World, terminal location: other EEA countries","EUR",6]
["PCP.H.SK.W1.W1.CP0.2.2000.NR.PCS_ALL._Z.205._Z.N.PN","H","SK","W1","W1","CP0",2,"2000","NR","PCS_ALL","_Z","205","_Z","N","PN","2022-S1",0,"A",false,null,null,"P6M",{"$nulls":4},"S",null,null,3,null,"Number of card paymentelectronic, received - SCA: non-sca: recurring transaction, acquirer location: Slovakia, issuer location: Rest of the World, POS location: Rest of the World","Number of card paymentelectronic, received - SCA: non-sca: recurring transaction, acquirer location: Slovakia, issuer location: Rest of the World, POS location: Rest of the World","PN",6]
["PCP.H.SK.W1.W1.CP0.2.2000.NR.PCS_ALL._Z.205._Z.N.PN","H","SK","W1","W1","CP0",2,"2000","NR","PCS_ALL","_Z","205","_Z","N","PN","2022-S2",0,"A",false,null,null,"P6M",{"$nulls":4},"S",null,null,3,null,"Number of card paymentelectronic, received - SCA: non-sca: recurring transaction, acquirer location: Slovakia, issuer location: Rest of the World, POS location: Rest of the World","Number of card paymentelectronic, received - SCA: non-sca: recurring transaction, acquirer location: Slovakia, issuer location: Rest of the World, POS location: Rest of the World","PN",6]
["PCP.H.SK.W1.W1.CP0.2.2000.NR.PCS_ALL._Z.205._Z.N.PN","H","SK","W1","W1","CP0",2,"2000","NR","PCS_ALL","_Z","205","_Z","N","PN","2023-S1",0,"A",false,null,null,"P6M",{"$nulls":4},"S",null,null,3,null,"Number of card paymentelectronic, received - SCA: non-sca: recurring transaction, acquirer location: Slovakia, issuer location: Rest of the World, POS location: Rest of the World","Number of card paymentelectronic, received - SCA: non-sca: recurring transaction, acquirer location: Slovakia, issuer location: Rest of the World, POS location: Rest of the World","PN",6]
["PCP.H.SK.W1.W1.CP0.2.2000.NR.PCS_ALL._Z.205._Z.N.PN","H","SK","W1","W1","CP0",2,"2000","NR","PCS_ALL","_Z","205","_Z","N","PN","2023-S2",0,"P",false,null,null,"P6M",{"$nulls":4},"S",null,null,3,null,"Number of card paymentelectronic, received - SCA: non-sca: recurring transaction, acquirer location: Slovakia, issuer location: Rest of the World, POS location: Rest of the World","Number of card paymentelectronic, received - SCA: non-sca: recurring transaction, acquirer location: Slovakia, issuer location: Rest of the World, POS location: Rest of the World","PN",6]
["PCP.A.AT.PT.W0.CP0.1._T._T.PCS_ALL._Z._X._Z.N.PN","A","AT","PT","W0","CP0",1,"_T","_T","PCS_ALL","_Z","_X","_Z","N","PN","2014",0.204,"A",false,null,null,"P1Y",{"$nulls":4},"S",null,null,3,null,"Number of card paymentall, sent - SCA: , issuer location: Austria, acquirer location: Portugal, POS location: world","Number of card paymentall, sent - SCA: , issuer location: Austria, acquirer location: Portugal, POS location: world","PN",6]
["PCP.A.AT.PT.W0.CP0.1._T._T.PCS_ALL._Z._X._Z.N.PN","A","AT","PT","W0","CP0",1,"_T","_T","PCS_ALL","_Z","_X","_Z","N","PN","2015",0.221,"A",false,null,null,"P1Y",{"$nulls":4},"S",null,null,3,null,"Number of card paymentall, sent - SCA: , issuer location: Austria, acquirer location: Portugal, POS location: world","Number of card paymentall, sent - SCA: , issuer location: Austria, acquirer location: Portugal, POS location: world","PN",6]
["PCP.A.AT.PT.W0.CP0.1._T._T.PCS_ALL._Z._X._Z.N.PN","A","AT","PT","W0","CP0",1,"_T","_T","PCS_ALL","_Z","_X","_Z","N","PN","2016",0.291,"A",false,null,null,"P1Y",{"$nulls":4},"S",null,null,3,null,"Number of card paymentall, sent - SCA: , issuer location: Austria, acquirer location: Portugal, POS location: world","Number of card paymentall, sent - SCA: , issuer location: Austria, acquirer location: Portugal, POS location: world","PN",6]
["PCP.A.AT.PT.W0.CP0.1._T._T.PCS_ALL._Z._X._Z.N.PN","A","AT","PT","W0","CP0",1,"_T","_T","PCS_ALL","_Z","_X","_Z","N","PN","2017",0.413,"A",false,null,null,"P1Y",{"$nulls":4},"S",null,null,3,null,"Number of card paymentall, sent - SCA: , issuer location: Austria, acquirer location: Portugal, POS location: world","Number of card paymentall, sent - SCA: , issuer location: Austria, acquirer location: Portugal, POS location: world","PN",6]
["PCP.A.AT.PT.W0.CP0.1._T._T.PCS_ALL._Z._X._Z.N.PN","A","AT","PT","W0","CP0",1,"_T","_T","PCS_ALL","_Z","_X","_Z","N","PN","2018",0.529,"A",false,null,null,"P1Y",{"$nulls":4},"S",null,null,3,null,"Number of card paymentall, sent - SCA: , issuer location: Austria, acquirer location: Portugal, POS location: world","Number of card paymentall, sent - SCA: , issuer location: Austria, acquirer location: Portugal, POS location: world","PN",6]
["PCP.A.AT.PT.W0.CP0.1._T._T.PCS_ALL._Z._X._Z.N.PN","A","AT","PT","W0","CP0",1,"_T","_T","PCS_ALL","_Z","_X","_Z","N","PN","2019",0.732,"A",false,null,null,"P1Y",{"$nulls":4},"S",null,null,3,null,"Number of card paymentall, sent - SCA: , issuer location: Austria, acquirer location: Portugal, POS location: world","Number of card paymentall, sent - SCA: , issuer location: Austria, acquirer location: Portugal, POS location: world","PN",6]
["PCP.A.AT.PT.W0.CP0.1._T._T.PCS_ALL._Z._X._Z.N.PN","A","AT","PT","W0","CP0",1,"_T","_T","PCS_ALL","_Z","_X","_Z","N","PN","2020",0.301,"A",false,null,null,"P1Y",{"$nulls":4},"S",null,null,3,null,"Number of card paymentall, sent - SCA: , issuer location: Austria, acquirer location: Portugal, POS location: world","Number of card paymentall, sent - SCA: , issuer location: Austria, acquirer location: Portugal, POS location: world","PN",6]
["PCP.A.AT.PT.W0.CP0.1._T._T.PCS_ALL._Z._X._Z.N.PN","A","AT","PT","W0","CP0",1,"_T","_T","PCS_ALL","_Z","_X","_Z","N","PN","2021",0.705,"A",false,null,null,"P1Y",{"$nulls":4},"S",null,null,3,null,"Number of card paymentall, sent - SCA: , issuer location: Austria, acquirer location: Portugal, POS location: world","Number of card paymentall, sent - SCA: , issuer location: Austria, acquirer location: Portugal, POS location: world","PN",6]
["PCP.A.AT.PT.W0.CP0.1._T._T.PCS_ALL._Z._X._Z.N.PN","A","AT","PT","W0","CP0",1,"_T","_T","PCS_ALL","_Z","_X","_Z","N","PN","2022",1.181972,"A",false,null,null,"P1Y",{"$nulls":4},"S",null,null,3,null,"Number of card paymentall, sent - SCA: , issuer location: Austria, acquirer location: Portugal, POS location: world","Number of card paymentall, sent - SCA: , issuer location: Austria, acquirer location: Portugal, POS location: world","PN",6]
["PCP.A.AT.PT.W0.CP0.1._T._T.PCS_ALL._Z._X._Z.N.PN","A","AT","PT","W0","CP0",1,"_T","_T","PCS_ALL","_Z","_X","_Z","N","PN","2023",1.532373,"A",false,null,null,"P1Y",{"$nulls":4},"S",null,null,3,null,"Number of card paymentall, sent - SCA: , issuer location: Austria, acquirer location: Portugal, POS location: world","Number of card paymentall, sent - SCA: , issuer location: Austria, acquirer location: Portugal, POS location: world","PN",6]
["PCP.A.AT.W0.W0.CP0.1.2000.NR.PCS_ALL._Z.200._Z.N.EUR_R_CP0","A","AT","W0","W0","CP0",1,"2000","NR","PCS_ALL","_Z","200","_Z","N","EUR_R_CP0","2022",null,"Q",false,null,null,"P1Y",{"$nulls":4},"S",null,null,2,null,"Total value; ratio to total card payments of card paymentelectronic, sent - SCA: non-sca, issuer location: Austria, POS location: world","Total value; ratio to total card payments of card paymentelectronic, sent - SCA: non-sca, issuer location: Austria, POS location: world","EUR_R_CP0",0]
["PCP.A.BE.LU.W0.CP0.2.2223.NR.PCS_ALL._Z._X._Z.N.EUR","A","BE","LU","W0","CP0",2,"2223","NR","PCS_ALL","_Z","_X","_Z","N","EUR","2022",1113.240989,"A",false,null,null,"P1Y",{"$nulls":4},"S",null,null,3,null,"Value of card payment, initiated at eftpos, received - SCA: , acquirer location: Belgium, issuer location: Luxembourg, POS location: world","Value of card payment, initiated at eftpos, received - SCA: , acquirer location: Belgium, issuer location: Luxembourg, POS location: world","EUR",6]
["PCP.A.BE.LU.W0.CP0.2.2223.NR.PCS_ALL._Z._X._Z.N.EUR","A","BE","LU","W0","CP0",2,"2223","NR","PCS_ALL","_Z","_X","_Z","N","EUR","2023",1195.422727,"A",false,null,null,"P1Y",{"$nulls":4},"S",null,null,3,null,"Value of card payment, initiated at eftpos, received - SCA: , acquirer location: Belgium, issuer location: Luxembourg, POS location: world","Value of card payment, initiated at eftpos, received - SCA: , acquirer location: Belgium, issuer location: Luxembourg, POS location: world","EUR",6]
["PCP.A.BE.W0.W0.CP0.1.2000.R.PCS_ALL.12._X._Z.N.EUR_R_CP0","A","BE","W0","W0","CP0",1,"2000","R","PCS_ALL","12","_X","_Z","N","EUR_R_CP0","2022",null,"M",false,null,null,"P1Y",{"$nulls":4},"S",null,null,2,null,"Total value; ratio to total card payments of card payment with a delayed debit card, sent - issuer location: Belgium, POS location: world","Total value; ratio to total card payments of card payment with a delayed debit card, sent - issuer location: Belgium, POS location: world","EUR_R_CP0",0]
["PCP.A.BE.W2.W0.CP0.2._T._T.PCS_ALL._Z._X._Z.N.PN","A","BE","W2","W0","CP0",2,"_T","_T","PCS_ALL","_Z","_X","_Z","N","PN","2022",1918.609119,"A",false,null,null,"P1Y",{"$nulls":4},"S",null,null,3,null,"Number of card paymentall, received - SCA: , acquirer location: Belgium, issuer location: domestic, POS location: world","Number of card paymentall, received - SCA: , acquirer location: Belgium, issuer location: domestic, POS location: world","PN",6]
["PCP.A.BE.W2.W0.CP0.2._T._T.PCS_ALL._Z._X._Z.N.PN","A","BE","W2","W0","CP0",2,"_T","_T","PCS_ALL","_Z","_X","_Z","N","PN","2023",2051.034964,"A",false,null,null,"P1Y",{"$nulls":4},"S",null,null,3,null,"Number of card paymentall, received - SCA: , acquirer location: Belgium, issuer location: domestic, POS location: world","Number of card paymentall, received - SCA: , acquirer location: Belgium, issuer location: domestic, POS location: world","PN",6]
["PCP.A.BG.HR.W0.CP0.1.2223.NR.PCS_ALL._Z._X._Z.N.EUR","A","BG","HR","W0","CP0",1,"2223","NR","PCS_ALL","_Z","_X","_Z","N","EUR","2022",0,"A",false,null,null,"P1Y",{"$nulls":4},"S",null,null,3,null,"Value of card payment, initiated at eftpos, sent - SCA: , issuer location: Bulgaria, acquirer location: Croatia, POS location: world","Value of card payment, initiated at eftpos, sent - SCA: , issuer location: Bulgaria, acquirer location: Croatia, POS location: world","EUR",6]
["PCP.A.BG.HR.W0.CP0.1.2223.NR.PCS_ALL._Z._X._Z.N.EUR","A","BG","HR","W0","CP0",1,"2223","NR","PCS_ALL","_Z","_X","_Z","N","EUR","2023",9.803014745884019,"A",false,null,null,"P1Y",{"$nulls":4},"S",null,null,3,null,"Value of card payment, initiated at eftpos, sent - SCA: , issuer location: Bulgaria, acquirer location: Croatia, POS location: world","Value of card payment, initiated at eftpos, sent - SCA: , issuer location: Bulgaria, acquirer location: Croatia, POS location: world","EUR",6]
["PCP.A.BG.W1.W0.CP0.2.2223.NR.PCS_ALL._Z._X._Z.N.EUR","A","BG","W1","W0","CP0",2,"2223","NR","PCS_ALL","_Z","_X","_Z","N","EUR","2023",3011.778390172813,"A",false,null,null,"P1Y",{"$nulls":4},"S",null,null,3,null,"Value of card payment, initiated at eftpos, received - SCA: , acquirer location: Bulgaria, issuer location: Rest of the World, POS location: world","Value of card payment, initiated at eftpos, received - SCA: , acquirer location: Bulgaria, issuer location: Rest of the World, POS location: world","EUR",6]
["PCP.A.CZ.PL.W0.CP0.2._T._T.PCS_ALL._Z._X._Z.N.EUR","A","CZ","PL","W0","CP0",2,"_T","_T","PCS_ALL","_Z","_X","_Z","N","EUR","2022",796.7639919167506,"A",false,null,null,"P1Y",{"$nulls":4},"S",null,null,3,null,"Value of card paymentall, received - SCA: , acquirer location: Czech Republic, issuer location: Poland, POS location: world","Value of card paymentall, received - SCA: , acquirer location: Czech Republic, issuer location: Poland, POS location: world","EUR",6]
["PCP.A.CZ.PL.W0.CP0.2._T._T.PCS_ALL._Z._X._Z.N.EUR","A","CZ","PL","W0","CP0",2,"_T","_T","PCS_ALL","_Z","_X","_Z","N","EUR","2023",887.2147043972398,"A",false,null,null,"P1Y",{"$nulls":4},"S",null,null,3,null,"Value of card paymentall, received - SCA: , acquirer location: Czech Republic, issuer location: Poland, POS location: world","Value of card paymentall, received - SCA: , acquirer location: Czech Republic, issuer location: Poland, POS location: world","EUR",6]
["PCP.A.CZ.RO.W0.CP0.2._T._T.PCS_ALL._Z._X._Z.N.PN","A","CZ","RO","W0","CP0",2,"_T","_T","PCS_ALL","_Z","_X","_Z","N","PN","2022",3.065488,"A",false,null,null,"P1Y",{"$nulls":4},"S",null,null,3,null,"Number of card paymentall, received - SCA: , acquirer location: Czech Republic, issuer location: Romania, POS location: world","Number of card paymentall, received - SCA: , acquirer location: Czech Republic, issuer location: Romania, POS location: world","PN",6]
["PCP.A.CZ.RO.W0.CP0.2._T._T.PCS_ALL._Z._X._Z.N.PN","A","CZ","RO","W0","CP0",2,"_T","_T","PCS_ALL","_Z","_X","_Z","N","PN","2023",3.545505,"A",false,null,null,"P1Y",{"$nulls":4},"S",null,null,3,null,"Number of card paymentall, received - SCA: , acquirer location: Czech Republic, issuer location: Romania, POS location: world","Number of card paymentall, received - SCA: , acquirer location: Czech Republic, issuer location: Romania, POS location: world","PN",6]
["PCP.A.DE.AT.W0.CP0.1.2223.NR.PCS_ALL._Z._X._Z.N.EUR","A","DE","AT","W0","CP0",1,"2223","NR","PCS_ALL","_Z","_X","_Z","N","EUR","2022",4576.18212481,"A",false,null,null,"P1Y",{"$nulls":4},"S",null,null,3,null,"Value of card payment, initiated at eftpos, sent - SCA: , issuer location: Germany, acquirer location: Austria, POS location: world","Value of card payment, initiated at eftpos, sent - SCA: , issuer location: Germany, acquirer location: Austria, POS location: world","EUR",6]
["PCP.A.DE.AT.W0.CP0.1.2223.NR.PCS_ALL._Z._X._Z.N.EUR","A","DE","AT","W0","CP0",1,"2223","NR","PCS_ALL","_Z","_X","_Z","N","EUR","2023",5216.201971,"A",false,null,null,"P1Y",{"$nulls":4},"S",null,null,3,null,"Value of card payment, initiated at eftpos, sent - SCA: , issuer location: Germany, acquirer location: Austria, POS location: world","Value of card payment, initiated at eftpos, sent - SCA: , issuer location: Germany, acquirer location: Austria, POS location: world","EUR",6]
["PCP.A.EE.MT.W0.CP0.2.2223.NR.PCS_ALL._Z._X._Z.N.PN","A","EE","MT","W0","CP0",2,"2223","NR","PCS_ALL","_Z","_X","_Z","N","PN","2022",0.004638,"A",false,null,null,"P1Y",{"$nulls":4},"S",null,null,3,null,"Number of card payment, initiated at eftpos, received - SCA: , acquirer location: Estonia, issuer location: Malta, POS location: world","Number of card payment, initiated at eftpos, received - SCA: , acquirer location: Estonia, issuer location: Malta, POS location: world","PN",6]
["PCP.A.EE.MT.W0.CP0.2.2223.NR.PCS_ALL._Z._X._Z.N.PN","A","EE","MT","W0","CP0",2,"2223","NR","PCS_ALL","_Z","_X","_Z","N","PN","2023",0.028224,"A",false,null,null,"P1Y",{"$nulls":4},"S",null,null,3,null,"Number of card payment, initiated at eftpos, received - SCA: , acquirer location: Estonia, issuer location: Malta, POS location: world","Number of card payment, initiated at eftpos, received - SCA: , acquirer location: Estonia, issuer location: Malta, POS location: world","PN",6]
["PCP.A.EE.W0.W0.CP0.2.2230.R.PCS_ALL._Z._X._Z.N.PN_R_CP0","A","EE","W0","W0","CP0",2,"2230","R","PCS_ALL","_Z","_X","_Z","N","PN_R_CP0","2022",null,"M",false,null,null,"P1Y",{"$nulls":4},"S",null,null,3,null,"Pure number; ratio to total card payments of Card payment, Mobile payment solution, received - from: Estonia, acquired: World, terminal located in: World, ","Pure number; ratio to total card payments of Card payment, Mobile payment solution, received - from: Estonia, acquired: World, terminal located in: World, ","PN_R_CP0",0]
["PCP.A.FI.W0.W0.CP0.2._T._T.PCS_ALL.12._X._Z.N.EUR_R_B1GQ","A","FI","W0","W0","CP0",2,"_T","_T","PCS_ALL","12","_X","_Z","N","EUR_R_B1GQ","2022",null,"M",false,null,null,"P1Y",{"$nulls":4},"S",null,null,3,null,"Euro; ratio to GDP of Card payment with a delayed debit card, received - from: Finland, acquired: World, terminal located in: World","Euro; ratio to GDP of Card payment with a delayed debit card, received - from: Finland, acquired: World, terminal located in: World","EUR_R_B1GQ",0]
["PCP.A.FR.HU.W0.CP0.2._T._T.PCS_ALL._Z._X._Z.N.EUR","A","FR","HU","W0","CP0",2,"_T","_T","PCS_ALL","_Z","_X","_Z","N","EUR","2022",151.06588784,"A",false,null,null,"P1Y",{"$nulls":4},"S",null,null,3,null,"Value of card paymentall, received - SCA: , acquirer location: France, issuer location: Hungary, POS location: world","Value of card paymentall, received - SCA: , acquirer location: France, issuer location: Hungary, POS location: world","EUR",6]
["PCP.A.FR.HU.W0.CP0.2._T._T.PCS_ALL._Z._X._Z.N.EUR","A","FR","HU","W0","CP0",2,"_T","_T","PCS_ALL","_Z","_X","_Z","N","EUR","2023",176.5894539,"A",false,null,null,"P1Y",{"$nulls":4},"S",null,null,3,null,"Value of card paymentall, received - SCA: , acquirer location: France, issuer location: Hungary, POS location: world","Value of card paymentall, received - SCA: , acquirer location: France, issuer location: Hungary, POS location: world","EUR",6]
["PCP.A.GR.W0.W0.CP0.1._T.NR.PCS_ALL._Z._X._Z.N.EUR_R_CP0","A","GR","W0","W0","CP0",1,"_T","NR","PCS_ALL","_Z","_X","_Z","N","EUR_R_CP0","2022",null,"M",false,null,null,"P1Y",{"$nulls":4},"S",null,null,2,null,"Total value; ratio to total card payments of card paymentall, sent - SCA: , issuer location: Greece, POS location: world","Total value; ratio to total card payments of card paymentall, sent - SCA: , issuer location: Greece, POS location: world","EUR_R_CP0",0]
["PCP.A.HR.PL.W0.CP0.2.2223.NR.PCS_ALL._Z._X._Z.N.PN","A","HR","PL","W0","CP0",2,"2223","NR","PCS_ALL","_Z","_X","_Z","N","PN","2022",null,"M",false,null,null,"P1Y",{"$nulls":4},"S",null,null,3,null,"Number of card payment, initiated at eftpos, received - SCA: , acquirer location: Croatia, issuer location: Poland, POS location: world","Number of card payment, initiated at eftpos, received - SCA: , acquirer location: Croatia, issuer location: Poland, POS location: world","PN",6]
["PCP.A.HR.PL.W0.CP0.2.2223.NR.PCS_ALL._Z._X._Z.N.PN","A","HR","PL","W0","CP0",2,"2223","NR","PCS_ALL","_Z","_X","_Z","N","PN","2023",5.106465,"A",false,null,null,"P1Y",{"$nulls":4},"S",null,null,3,null,"Number of card payment, initiated at eftpos, received - SCA: , acquirer location: Croatia, issuer location: Poland, POS location: world","Number of card payment, initiated at eftpos, received - SCA: , acquirer location: Croatia, issuer location: Poland, POS location: world","PN",6]
["PCP.A.HR.PT.W0.CP0.1._T._T.PCS_ALL._Z._X._Z.N.PN","A","HR","PT","W0","CP0",1,"_T","_T","PCS_ALL","_Z","_X","_Z","N","PN","2014",0.026,"A",false,null,null,"P1Y",{"$nulls":4},"S",null,null,3,null,"Number of card paymentall, sent - SCA: , issuer location: Croatia, acquirer location: Portugal, POS location: world","Number of card paymentall, sent - SCA: , issuer location: Croatia, acquirer location: Portugal, POS location: world","PN",6]
["PCP.A.HR.PT.W0.CP0.1._T._T.PCS_ALL._Z._X._Z.N.PN","A","HR","PT","W0","CP0",1,"_T","_T","PCS_ALL","_Z","_X","_Z","N","PN","2015",0.031,"A",false,null,null,"P1Y",{"$nulls":4},"S",null,null,3,null,"Number of card paymentall, sent - SCA: , issuer location: Croatia, acquirer location: Portugal, POS location: world","Number of card paymentall, sent - SCA: , issuer location: Croatia, acquirer location: Portugal, POS location: world","PN",6]
["PCP.A.HR.PT.W0.CP0.1._T._T.PCS_ALL._Z._X._Z.N.PN","A","HR","PT","W0","CP0",1,"_T","_T","PCS_ALL","_Z","_X","_Z","N","PN","2016",0.038,"A",false,null,null,"P1Y",{"$nulls":4},"S",null,null,3,null,"Number of card paymentall, sent - SCA: , issuer location: Croatia, acquirer location: Portugal, POS location: world","Number of card paymentall, sent - SCA: , issuer location: Croatia, acquirer location: Portugal, POS location: world","PN",6]
["PCP.A.HR.PT.W0.CP0.1._T._T.PCS_ALL._Z._X._Z.N.PN","A","HR","PT","W0","CP0",1,"_T","_T","PCS_ALL","_Z","_X","_Z","N","PN","2017",0.069,"A",false,null,null,"P1Y",{"$nulls":4},"S",null,null,3,null,"Number of card paymentall, sent - SCA: , issuer location: Croatia, acquirer location: Portugal, POS location: world","Number of card paymentall, sent - SCA: , issuer location: Croatia, acquirer location: Portugal, POS location: world","PN",6]
["PCP.A.HR.PT.W0.CP0.1._T._T.PCS_ALL._Z._X._Z.N.PN","A","HR","PT","W0","CP0",1,"_T","_T","PCS_ALL","_Z","_X","_Z","N","PN","2018",0.087,"A",false,null,null,"P1Y",{"$nulls":4},"S",null,null,3,null,"Number of card paymentall, sent - SCA: , issuer location: Croatia, acquirer location: Portugal, POS location: world","Number of card paymentall, sent - SCA: , issuer location: Croatia, acquirer location: Portugal, POS location: world","PN",6]
["PCP.A.HR.PT.W0.CP0.1._T._T.PCS_ALL._Z._X._Z.N.PN","A","HR","PT","W0","CP0",1,"_T","_T","PCS_ALL","_Z","_X","_Z","N","PN","2019",0.112,"A",false,null,null,"P1Y",{"$nulls":4},"S",null,null,3,null,"Number of card paymentall, sent - SCA: , issuer location: Croatia, acquirer location: Portugal, POS location: world","Number of card paymentall, sent - SCA: , issuer location: Croatia, acquirer location: Portugal, POS location: world","PN",6]
["PCP.A.HR.PT.W0.CP0.1._T._T.PCS_ALL._Z._X._Z.N.PN","A","HR","PT","W0","CP0",1,"_T","_T","PCS_ALL","_Z","_X","_Z","N","PN","2020",0.039,"A",false,null,null,"P1Y",{"$nulls":4},"S",null,null,3,null,"Number of card paymentall, sent - SCA: , issuer location: Croatia, acquirer location: Portugal, POS location: world","Number of card paymentall, sent - SCA: , issuer location: Croatia, acquirer location: Portugal, POS location: world","PN",6]
["PCP.A.HR.PT.W0.CP0.1._T._T.PCS_ALL._Z._X._Z.N.PN","A","HR","PT","W0","CP0",1,"_T","_T","PCS_ALL","_Z","_X","_Z","N","PN","2021",0.066,"A",false,null,null,"P1Y",{"$nulls":4},"S",null,null,3,null,"Number of card paymentall, sent - SCA: , issuer location: Croatia, acquirer location: Portugal, POS location: world","Number of card paymentall, sent - SCA: , issuer location: Croatia, acquirer location: Portugal, POS location: world","PN",6]
["PCP.A.HR.PT.W0.CP0.1._T._T.PCS_ALL._Z._X._Z.N.PN","A","HR","PT","W0","CP0",1,"_T","_T","PCS_ALL","_Z","_X","_Z","N","PN","2022",0.137959,"A",false,null,null,"P1Y",{"$nulls":4},"S",null,null,3,null,"Number of card paymentall, sent - SCA: , issuer location: Croatia, acquirer location: Portugal, POS location: world","Number of card paymentall, sent - SCA: , issuer location: Croatia, acquirer location: Portugal, POS location: world","PN",6]
["PCP.A.HR.PT.W0.CP0.1._T._T.PCS_ALL._Z._X._Z.N.PN","A","HR","PT","W0","CP0",1,"_T","_T","PCS_ALL","_Z","_X","_Z","N","PN","2023",0.217259,"A",false,null,null,"P1Y",{"$nulls":4},"S",null,null,3,null,"Number of card paymentall, sent - SCA: , issuer location: Croatia, acquirer location: Portugal, POS location: world","Number of card paymentall, sent - SCA: , issuer location: Croatia, acquirer location: Portugal, POS location: world","PN",6]
["PCP.A.HR.W0.W0.CP0.1._T._T.PCS_ALL._Z._X._Z.N.XDF","A","HR","W0","W0","CP0",1,"_T","_T","PCS_ALL","_Z","_X","_Z","N","XDF","2013",39364.046,"A",false,null,null,"P1Y",{"$nulls":4},"S",null,null,3,null,"Total value of card paymentall, sent - SCA: , issuer location: Croatia, POS location: world","Total value of card paymentall, sent - SCA: , issuer location: Croatia, POS location: world","XDF",6]
["PCP.A.HR.W0.W0.CP0.1._T._T.PCS_ALL._Z._X._Z.N.XDF","A","HR","W0","W0","CP0",1,"_T","_T","PCS_ALL","_Z","_X","_Z","N","XDF","2014",50032.664,"A",false,null,null,"P1Y",{"$nulls":4},"S",null,null,3,null,"Total value of card paymentall, sent - SCA: , issuer location: Croatia, POS location: world","Total value of card paymentall, sent - SCA: , issuer location: Croatia, POS location: world","XDF",6]
["PCP.A.HR.W0.W0.CP0.1._T._T.PCS_ALL._Z._X._Z.N.XDF","A","HR","W0","W0","CP0",1,"_T","_T","PCS_ALL","_Z","_X","_Z","N","XDF","2015",52430.166,"A",false,null,null,"P1Y",{"$nulls":4},"S",null,null,3,null,"Total value of card paymentall, sent - SCA: , issuer location: Croatia, POS location: world","Total value of card paymentall, sent - SCA: , issuer location: Croatia, POS location: world","XDF",6]
["PCP.A.HR.W0.W0.CP0.1._T._T.PCS_ALL._Z._X._Z.N.XDF","A","HR","W0","W0","CP0",1,"_T","_T","PCS_ALL","_Z","_X","_Z","N","XDF","2016",54909.292,"A",false,null,null,"P1Y",{"$nulls":4},"S",null,null,3,null,"Total value of card paymentall, sent - SCA: , issuer location: Croatia, POS location: world","Total value of card paymentall, sent - SCA: , issuer location: Croatia, POS location: world","XDF",6]
["PCP.A.HR.W0.W0.CP0.1._T._T.PCS_ALL._Z._X._Z.N.XDF","A","HR","W0","W0","CP0",1,"_T","_T","PCS_ALL","_Z","_X","_Z","N","XDF","2017",61066.815,"A",false,null,null,"P1Y",{"$nulls":4},"S",null,null,3,null,"Total value of card paymentall, sent - SCA: , issuer location: Croatia, POS location: world","Total value of card paymentall, sent - SCA: , issuer location: Croatia, POS location: world","XDF",6]
["PCP.A.HR.W0.W0.CP0.1._T._T.PCS_ALL._Z._X._Z.N.XDF","A","HR","W0","W0","CP0",1,"_T","_T","PCS_ALL","_Z","_X","_Z","N","XDF","2018",68781.867,"A",false,null,null,"P1Y",{"$nulls":4},"S",null,null,3,null,"Total value of card paymentall, sent - SCA: , issuer location: Croatia, POS location: world","Total value of card paymentall, sent - SCA: , issuer location: Croatia, POS location: world","XDF",6]
["PCP.A.HR.W0.W0.CP0.1._T._T.PCS_ALL._Z._X._Z.N.XDF","A","HR","W0","W0","CP0",1,"_T","_T","PCS_ALL","_Z","_X","_Z","N","XDF","2019",77579.94099999999,"A",false,null,null,"P1Y",{"$nulls":4},"S",null,null,3,null,"Total value of card paymentall, sent - SCA: , issuer location: Croatia, POS location: world","Total value of card paymentall, sent - SCA: , issuer location: Croatia, POS location: world","XDF",6]
["PCP.A.HR.W0.W0.CP0.1._T._T.PCS_ALL._Z._X._Z.N.XDF","A","HR","W0","W0","CP0",1,"_T","_T","PCS_ALL","_Z","_X","_Z","N","XDF","2020",79904.946,"A",false,null,null,"P1Y",{"$nulls":4},"S",null,null,3,null,"Total value of card paymentall, sent - SCA: , issuer location: Croatia, POS location: world","Total value of card paymentall, sent - SCA: , issuer location: Croatia, POS location: world","XDF",6]
["PCP.A.HR.W0.W0.CP0.1._T._T.PCS_ALL._Z._X._Z.N.XDF","A","HR","W0","W0","CP0",1,"_T","_T","PCS_ALL","_Z","_X","_Z","N","XDF","2021",99102.892,"A",false,null,null,"P1Y",{"$nulls":4},"S",null,null,3,null,"Total value of card paymentall, sent - SCA: , issuer location: Croatia, POS location: world","Total value of card paymentall, sent - SCA: , issuer location: Croatia, POS location: world","XDF",6]
["PCP.A.HU.DK.W0.CP0.2.2223.NR.PCS_ALL._Z._X._Z.N.XDF","A","HU","DK","W0","CP0",2,"2223","NR","PCS_ALL","_Z","_X","_Z","N","XDF","2022",12205.952915,"A",false,null,null,"P1Y",{"$nulls":4},"S",null,null,3,null,"Value of card payment, initiated at eftpos, received - SCA: , acquirer location: Hungary, issuer location: Denmark, POS location: world","Value of card payment, initiated at eftpos, received - SCA: , acquirer location: Hungary, issuer location: Denmark, POS location: world","XDF",6]
["PCP.A.HU.DK.W0.CP0.2.2223.NR.PCS_ALL._Z._X._Z.N.XDF","A","HU","DK","W0","CP0",2,"2223","NR","PCS_ALL","_Z","_X","_Z","N","XDF","2023",13393.837237,"A",false,null,null,"P1Y",{"$nulls":4},"S",null,null,3,null,"Value of card payment, initiated at eftpos, received - SCA: , acquirer location: Hungary, issuer location: Denmark, POS location: world","Value of card payment, initiated at eftpos, received - SCA: , acquirer location: Hungary, issuer location: Denmark, POS location: world","XDF",6]
["PCP.A.IE.SI.W0.CP0.1.2223.NR.PCS_ALL._Z._X._Z.N.PN","A","IE","SI","W0","CP0",1,"2223","NR","PCS_ALL","_Z","_X","_Z","N","PN","2022",0.081654,"A",false,null,null,"P1Y",{"$nulls":4},"S",null,null,3,null,"Number of card payment, initiated at eftpos, sent - SCA: , issuer location: Ireland, acquirer location: Slovenia, POS location: world","Number of card payment, initiated at eftpos, sent - SCA: , issuer location: Ireland, acquirer location: Slovenia, POS location: world","PN",6]
["PCP.A.IE.SI.W0.CP0.1.2223.NR.PCS_ALL._Z._X._Z.N.PN","A","IE","SI","W0","CP0",1,"2223","NR","PCS_ALL","_Z","_X","_Z","N","PN","2023",0.180735,"A",false,null,null,"P1Y",{"$nulls":4},"S",null,null,3,null,"Number of card payment, initiated at eftpos, sent - SCA: , issuer location: Ireland, acquirer location: Slovenia, POS location: world","Number of card payment, initiated at eftpos, sent - SCA: , issuer location: Ireland, acquirer location: Slovenia, POS location: world","PN",6]
["PCP.A.IE.W0.W0.CP0.2.2000.NR.PCS_ALL.12._X._Z.N.PN_R_CP0","A","IE","W0","W0","CP0",2,"2000","NR","PCS_ALL","12","_X","_Z","N","PN_R_CP0","2022",null,"M",false,null,null,"P1Y",{"$nulls":4},"S",null,null,2,null,"Total number; ratio to total card payments of card payment,with a delayed debit card, received - acquirer location: Ireland, POS location: world","Total number; ratio to total card payments of card payment,with a delayed debit card, received - acquirer location: Ireland, POS location: world","PN_R_CP0",0]
["PCP.A.PL.DE.W0.CP0.2._T._T.PCS_ALL._Z._X._Z.N.EUR","A","PL","DE","W0","CP0",2,"_T","_T","PCS_ALL","_Z","_X","_Z","N","EUR","2023",3598.207457096038,"A",false,null,null,"P1Y",{"$nulls":4},"S",null,null,3,null,"Value of card paymentall, received - SCA: , acquirer location: Poland, issuer location: Germany, POS location: world","Value of card paymentall, received - SCA: , acquirer location: Poland, issuer location: Germany, POS location: world","EUR",6]
["PCP.A.PT.W0.W0.CP0.2.2223.NR.PCS_ALL._Z._X._Z.N.EUR","A","PT","W0","W0","CP0",2,"2223","NR","PCS_ALL","_Z","_X","_Z","N","EUR","2022",198056.37323908,"A",false,null,null,"P1Y",{"$nulls":4},"S",null,null,3,null,"Total value of card payment, initiated at eftpos, received - SCA: , acquirer location: Portugal, POS location: world","Total value of card payment, initiated at eftpos, received - SCA: , acquirer location: Portugal, POS location: world","EUR",6]
["PCP.A.PT.W0.W0.CP0.2.2223.NR.PCS_ALL._Z._X._Z.N.EUR","A","PT","W0","W0","CP0",2,"2223","NR","PCS_ALL","_Z","_X","_Z","N","EUR","2023",154306.44234244,"A",false,null,null,"P1Y",{"$nulls":4},"S",null,null,3,null,"Total value of card payment, initiated at eftpos, received - SCA: , acquirer location: Portugal, POS location: world","Total value of card payment, initiated at eftpos, received - SCA: , acquirer location: Portugal, POS location: world","EUR",6]
["PCP.A.SE.W0.W0.CP0.2.2230.R.PCS_ALL._Z._X._Z.N.EUR_R_B1GQ","A","SE","W0","W0","CP0",2,"2230","R","PCS_ALL","_Z","_X","_Z","N","EUR_R_B1GQ","2022",null,"M",false,null,null,"P1Y",{"$nulls":4},"S",null,null,3,null,"Euro; ratio to GDP of Card payment, Mobile payment solution, received - from: Sweden, acquired: World, terminal located in: World, ","Euro; ratio to GDP of Card payment, Mobile payment solution, received - from: Sweden, acquired: World, terminal located in: World, ","EUR_R_B1GQ",0]
["PCP.A.SI.FI.W0.CP0.2._T._T.PCS_ALL._Z._X._Z.N.EUR","A","SI","FI","W0","CP0",2,"_T","_T","PCS_ALL","_Z","_X","_Z","N","EUR","2022",1.892059,"A",false,null,null,"P1Y",{"$nulls":4},"S",null,null,3,null,"Value of card paymentall, received - SCA: , acquirer location: Slovenia, issuer location: Finland, POS location: world","Value of card paymentall, received - SCA: , acquirer location: Slovenia, issuer location: Finland, POS location: world","EUR",6]
["PCP.A.SI.FI.W0.CP0.2._T._T.PCS_ALL._Z._X._Z.N.EUR","A","SI","FI","W0","CP0",2,"_T","_T","PCS_ALL","_Z","_X","_Z","N","EUR","2023",3.48594,"A",false,null,null,"P1Y",{"$nulls":4},"S",null,null,3,null,"Value of card paymentall, received - SCA: , acquirer location: Slovenia, issuer location: Finland, POS location: world","Value of card paymentall, received - SCA: , acquirer location: Slovenia, issuer location: Finland, POS location: world","EUR",6]
["PCP.H.AT.G1.W0.CP0.1.2000.NR.PCS_ALL.12._X._Z.N.EUR","H","AT","G1","W0","CP0",1,"2000","NR","PCS_ALL","12","_X","_Z","N","EUR","2022-S1",168.09336621,"A",false,null,null,"P6M",{"$nulls":4},"S",null,null,3,null,"Value of card payment with a delayed debit card, sent - issuer location: Austria, acquirer location: outside EEA, POS location: world","Value of card payment with a delayed debit card, sent - issuer location: Austria, acquirer location: outside EEA, POS location: world","EUR",6]
["PCP.H.AT.G1.W0.CP0.1.2000.NR.PCS_ALL.12._X._Z.N.EUR","H","AT","G1","W0","CP0",1,"2000","NR","PCS_ALL","12","_X","_Z","N","EUR","2022-S2",208.14590093,"A",false,null,null,"P6M",{"$nulls":4},"S",null,null,3,null,"Value of card payment with a delayed debit card, sent - issuer location: Austria, acquirer location: outside EEA, POS location: world","Value of card payment with a delayed debit card, sent - issuer location: Austria, acquirer location: outside EEA, POS location: world","EUR",6]
["PCP.H.AT.G1.W0.CP0.1.2000.NR.PCS_ALL.12._X._Z.N.EUR","H","AT","G1","W0","CP0",1,"2000","NR","PCS_ALL","12","_X","_Z","N","EUR","2023-S1",218.40105717,"A",false,null,null,"P6M",{"$nulls":4},"S",null,null,3,null,"Value of card payment with a delayed debit card, sent - issuer location: Austria, acquirer location: outside EEA, POS location: world","Value of card payment with a delayed debit card, sent - issuer location: Austria, acquirer location: outside EEA, POS location: world","EUR",6]
["PCP.H.AT.G1.W0.CP0.1.2000.NR.PCS_ALL.12._X._Z.N.EUR","H","AT","G1","W0","CP0",1,"2000","NR","PCS_ALL","12","_X","_Z","N","EUR","2023-S2",253.24411814,"P",false,null,null,"P6M",{"$nulls":4},"S",null,null,3,null,"Value of card payment with a delayed debit card, sent - issuer location: Austria, acquirer location: outside EEA, POS location: world","Value of card payment with a delayed debit card, sent - issuer location: Austria, acquirer location: outside EEA, POS location: world","EUR",6]
["PCP.H.AT.G1.W2.CP0.1.2000.R.PCS_ALL._Z.210._Z.N.PN","H","AT","G1","W2","CP0",1,"2000","R","PCS_ALL","_Z","210","_Z","N","PN","2022-S1",0.622003,"A",false,null,null,"P6M",{"$nulls":4},"S",null,null,3,null,"Number of card paymentelectronic, sent - SCA: non-sca: others, issuer location: Austria, acquirer location: outside EEA, POS location: domestic","Number of card paymentelectronic, sent - SCA: non-sca: others, issuer location: Austria, acquirer location: outside EEA, POS location: domestic","PN",6]
["PCP.H.AT.G1.W2.CP0.1.2000.R.PCS_ALL._Z.210._Z.N.PN","H","AT","G1","W2","CP0",1,"2000","R","PCS_ALL","_Z","210","_Z","N","PN","2022-S2",0.262811,"A",false,null,null,"P6M",{"$nulls":4},"S",null,null,3,null,"Number of card paymentelectronic, sent - SCA: non-sca: others, issuer location: Austria, acquirer location: outside EEA, POS location: domestic","Number of card paymentelectronic, sent - SCA: non-sca: others, issuer location: Austria, acquirer location: outside EEA, POS location: domestic","PN",6]
["PCP.H.AT.G1.W2.CP0.1.2000.R.PCS_ALL._Z.210._Z.N.PN","H","AT","G1","W2","CP0",1,"2000","R","PCS_ALL","_Z","210","_Z","N","PN","2023-S1",0.221076,"A",false,null,null,"P6M",{"$nulls":4},"S",null,null,3,null,"Number of card paymentelectronic, sent - SCA: non-sca: others, issuer location: Austria, acquirer location: outside EEA, POS location: domestic","Number of card paymentelectronic, sent - SCA: non-sca: others, issuer location: Austria, acquirer location: outside EEA, POS location: domestic","PN",6]
["PCP.H.AT.G1.W2.CP0.1.2000.R.PCS_ALL._Z.210._Z.N.PN","H","AT","G1","W2","CP0",1,"2000","R","PCS_ALL","_Z","210","_Z","N","PN","2023-S2",0.287426,"P",false,null,null,"P6M",{"$nulls":4},"S",null,null,3,null,"Number of card paymentelectronic, sent - SCA: non-sca: others, issuer location: Austria, acquirer location: outside EEA, POS location: domestic","Number of card paymentelectronic, sent - SCA: non-sca: others, issuer location: Austria, acquirer location: outside EEA, POS location: domestic","PN",6]
["PCP.H.AT.G3.W1.CW1.1._T._T.PCS_ALL.13._X._Z.N.PN","H","AT","G3","W1","CW1",1,"_T","_T","PCS_ALL","13","_X","_Z","N","PN","2022-S1",0.03116999999999999,"A",false,null,null,"P6M",{"$nulls":4},"S",null,null,3,null,"Number of cash withdrawal using cards with a credit card, sent - issuer location: Austria, acquirer location: other EEA countries, terminal location: Rest of the World","Number of cash withdrawal using cards with a credit card, sent - issuer location: Austria, acquirer location: other EEA countries, terminal location: Rest of the World","PN",6]
["PCP.H.AT.G3.W1.CW1.1._T._T.PCS_ALL.13._X._Z.N.PN","H","AT","G3","W1","CW1",1,"_T","_T","PCS_ALL","13","_X","_Z","N","PN","2022-S2",0.040312,"A",false,null,null,"P6M",{"$nulls":4},"S",null,null,3,null,"Number of cash withdrawal using cards with a credit card, sent - issuer location: Austria, acquirer location: other EEA countries, terminal location: Rest of the World","Number of cash withdrawal using cards with a credit card, sent - issuer location: Austria, acquirer location: other EEA countries, terminal location: Rest of the World","PN",6]
["PCP.H.AT.G3.W1.CW1.1._T._T.PCS_ALL.13._X._Z.N.PN","H","AT","G3","W1","CW1",1,"_T","_T","PCS_ALL","13","_X","_Z","N","PN","2023-S1",0.030325,"A",false,null,null,"P6M",{"$nulls":4},"S",null,null,3,null,"Number of cash withdrawal using cards with a credit card, sent - issuer location: Austria, acquirer location: other EEA countries, terminal location: Rest of the World","Number of cash withdrawal using cards with a credit card, sent - issuer location: Austria, acquirer location: other EEA countries, terminal location: Rest of the World","PN",6]
["PCP.H.AT.G3.W1.CW1.1._T._T.PCS_ALL.13._X._Z.N.PN","H","AT","G3","W1","CW1",1,"_T","_T","PCS_ALL","13","_X","_Z","N","PN","2023-S2",0.033783,"P",false,null,null,"P6M",{"$nulls":4},"S",null,null,3,null,"Number of cash withdrawal using cards with a credit card, sent - issuer location: Austria, acquirer location: other EEA countries, terminal location: Rest of the World","Number of cash withdrawal using cards with a credit card, sent - issuer location: Austria, acquirer location: other EEA countries, terminal location: Rest of the World","PN",6]
["PCP.H.AT.G3.W2.CP0.1.2000.NR.PCS_ALL._Z.100._Z.N.EUR","H","AT","G3","W2","CP0",1,"2000","NR","PCS_ALL","_Z","100","_Z","N","EUR","2022-S1",3171.01102761,"A",false,null,null,"P6M",{"$nulls":4},"S",null,null,3,null,"Value of card paymentelectronic, sent - SCA: sca, issuer location: Austria, acquirer location: other EEA countries, POS location: domestic","Value of card paymentelectronic, sent - SCA: sca, issuer location: Austria, acquirer location: other EEA countries, POS location: domestic","EUR",6]
["PCP.H.AT.G3.W2.CP0.1.2000.NR.PCS_ALL._Z.100._Z.N.EUR","H","AT","G3","W2","CP0",1,"2000","NR","PCS_ALL","_Z","100","_Z","N","EUR","2022-S2",3538.95774198,"A",false,null,null,"P6M",{"$nulls":4},"S",null,null,3,null,"Value of card paymentelectronic, sent - SCA: sca, issuer location: Austria, acquirer location: other EEA countries, POS location: domestic","Value of card paymentelectronic, sent - SCA: sca, issuer location: Austria, acquirer location: other EEA countries, POS location: domestic","EUR",6]
["PCP.H.AT.G3.W2.CP0.1.2000.NR.PCS_ALL._Z.100._Z.N.EUR","H","AT","G3","W2","CP0",1,"2000","NR","PCS_ALL","_Z","100","_Z","N","EUR","2023-S1",3238.23319254,"A",false,null,null,"P6M",{"$nulls":4},"S",null,null,3,null,"Value of card paymentelectronic, sent - SCA: sca, issuer location: Austria, acquirer location: other EEA countries, POS location: domestic","Value of card paymentelectronic, sent - SCA: sca, issuer location: Austria, acquirer location: other EEA countries, POS location: domestic","EUR",6]
["PCP.H.AT.G3.W2.CP0.1.2000.NR.PCS_ALL._Z.100._Z.N.EUR","H","AT","G3","W2","CP0",1,"2000","NR","PCS_ALL","_Z","100","_Z","N","EUR","2023-S2",3477.14743305,"P",false,null,null,"P6M",{"$nulls":4},"S",null,null,3,null,"Value of card paymentelectronic, sent - SCA: sca, issuer location: Austria, acquirer location: other EEA countries, POS location: domestic","Value of card paymentelectronic, sent - SCA: sca, issuer location: Austria, acquirer location: other EEA countries, POS location: domestic","EUR",6]
["PCP.H.AT.W0.W0.CP0.2.2000.NR.PCS_ALL.13._X._Z.N.EUR_R_CP0","H","AT","W0","W0","CP0",2,"2000","NR","PCS_ALL","13","_X","_Z","N","EUR_R_CP0","2022-S1",13.88274538862394,"A",false,null,null,"P6M",{"$nulls":4},"S",null,null,2,null,"Total value; ratio to total card payments of card payment,with a credit card, received - acquirer location: Austria, POS location: world","Total value; ratio to total card payments of card payment,with a credit card, received - acquirer location: Austria, POS location: world","EUR_R_CP0",0]
["PCP.H.AT.W0.W0.CP0.2.2000.NR.PCS_ALL.13._X._Z.N.EUR_R_CP0","H","AT","W0","W0","CP0",2,"2000","NR","PCS_ALL","13","_X","_Z","N","EUR_R_CP0","2022-S2",13.40592001669206,"A",false,null,null,"P6M",{"$nulls":4},"S",null,null,2,null,"Total value; ratio to total card payments of card payment,with a credit card, received - acquirer location: Austria, POS location: world","Total value; ratio to total card payments of card payment,with a credit card, received - acquirer location: Austria, POS location: world","EUR_R_CP0",0]
["PCP.H.AT.W0.W0.CP0.2.2000.NR.PCS_ALL.13._X._Z.N.EUR_R_CP0","H","AT","W0","W0","CP0",2,"2000","NR","PCS_ALL","13","_X","_Z","N","EUR_R_CP0","2023-S1",13.55244999910818,"A",false,null,null,"P6M",{"$nulls":4},"S",null,null,2,null,"Total value; ratio to total card payments of card payment,with a credit card, received - acquirer location: Austria, POS location: world","Total value; ratio to total card payments of card payment,with a credit card, received - acquirer location: Austria, POS location: world","EUR_R_CP0",0]
["PCP.H.AT.W0.W0.CP0.2.2000.NR.PCS_ALL.13._X._Z.N.EUR_R_CP0","H","AT","W0","W0","CP0",2,"2000","NR","PCS_ALL","13","_X","_Z","N","EUR_R_CP0","2023-S2",13.17920053773681,"P",false,null,null,"P6M",{"$nulls":4},"S",null,null,2,null,"Total value; ratio to total card payments of card payment,with a credit card, received - acquirer location: Austria, POS location: world","Total value; ratio to total card payments of card payment,with a credit card, received - acquirer location: Austria, POS location: world","EUR_R_CP0",0]
["PCP.H.AT.W0.W2.CP0.1.2221.NR.PCS_ALL._Z._X._Z.N.PN","H","AT","W0","W2","CP0",1,"2221","NR","PCS_ALL","_Z","_X","_Z","N","PN","2022-S1",0.455306,"A",false,null,null,"P6M",{"$nulls":4},"S",null,null,3,null,"Total number of card payment, initiated at atm, sent - SCA: , issuer location: Austria, POS location: domestic","Total number of card payment, initiated at atm, sent - SCA: , issuer location: Austria, POS location: domestic","PN",6]
["PCP.H.AT.W0.W2.CP0.1.2221.NR.PCS_ALL._Z._X._Z.N.PN","H","AT","W0","W2","CP0",1,"2221","NR","PCS_ALL","_Z","_X","_Z","N","PN","2022-S2",0.453501,"A",false,null,null,"P6M",{"$nulls":4},"S",null,null,3,null,"Total number of card payment, initiated at atm, sent - SCA: , issuer location: Austria, POS location: domestic","Total number of card payment, initiated at atm, sent - SCA: , issuer location: Austria, POS location: domestic","PN",6]
["PCP.H.AT.W0.W2.CP0.1.2221.NR.PCS_ALL._Z._X._Z.N.PN","H","AT","W0","W2","CP0",1,"2221","NR","PCS_ALL","_Z","_X","_Z","N","PN","2023-S1",0.434001,"A",false,null,null,"P6M",{"$nulls":4},"S",null,null,3,null,"Total number of card payment, initiated at atm, sent - SCA: , issuer location: Austria, POS location: domestic","Total number of card payment, initiated at atm, sent - SCA: , issuer location: Austria, POS location: domestic","PN",6]
["PCP.H.AT.W0.W2.CP0.1.2221.NR.PCS_ALL._Z._X._Z.N.PN","H","AT","W0","W2","CP0",1,"2221","NR","PCS_ALL","_Z","_X","_Z","N","PN","2023-S2",0.427105,"P",false,null,null,"P6M",{"$nulls":4},"S",null,null,3,null,"Total number of card payment, initiated at atm, sent - SCA: , issuer location: Austria, POS location: domestic","Total number of card payment, initiated at atm, sent - SCA: , issuer location: Austria, POS location: domestic","PN",6]
["PCP.H.AT.W1.G3.CP0.2.2000.R.PCS_ALL._Z.201._Z.N.PN","H","AT","W1","G3","CP0",2,"2000","R","PCS_ALL","_Z","201","_Z","N","PN","2022-S1",0.012032,"A",false,null,null,"P6M",{"$nulls":4},"S",null,null,3,null,"Number of card paymentelectronic, received - SCA: non-sca: low value, acquirer location: Austria, issuer location: Rest of the World, POS location: other EEA countries","Number of card paymentelectronic, received - SCA: non-sca: low value, acquirer location: Austria, issuer location: Rest of the World, POS location: other EEA countries","PN",6]
["PCP.H.AT.W1.G3.CP0.2.2000.R.PCS_ALL._Z.201._Z.N.PN","H","AT","W1","G3","CP0",2,"2000","R","PCS_ALL","_Z","201","_Z","N","PN","2022-S2",0.128129,"A",false,null,null,"P6M",{"$nulls":4},"S",null,null,3,null,"Number of card paymentelectronic, received - SCA: non-sca: low value, acquirer location: Austria, issuer location: Rest of the World, POS location: other EEA countries","Number of card paymentelectronic, received - SCA: non-sca: low value, acquirer location: Austria, issuer location: Rest of the World, POS location: other EEA countries","PN",6]
["PCP.H.AT.W1.G3.CP0.2.2000.R.PCS_ALL._Z.201._Z.N.PN","H","AT","W1","G3","CP0",2,"2000","R","PCS_ALL","_Z","201","_Z","N","PN","2023-S1",0.110629,"A",false,null,null,"P6M",{"$nulls":4},"S",null,null,3,null,"Number of card paymentelectronic, received - SCA: non-sca: low value, acquirer location: Austria, issuer location: Rest of the World, POS location: other EEA countries","Number of card paymentelectronic, received - SCA: non-sca: low value, acquirer location: Austria, issuer location: Rest of the World, POS location: other EEA countries","PN",6]
["PCP.H.AT.W1.G3.CP0.2.2000.R.PCS_ALL._Z.201._Z.N.PN","H","AT","W1","G3","CP0",2,"2000","R","PCS_ALL","_Z","201","_Z","N","PN","2023-S2",0.05074200000000001,"P",false,null,null,"P6M",{"$nulls":4},"S",null,null,3,null,"Number of card paymentelectronic, received - SCA: non-sca: low value, acquirer location: Austria, issuer location: Rest of the World, POS location: other EEA countries","Number of card paymentelectronic, received - SCA: non-sca: low value, acquirer location: Austria, issuer location: Rest of the World, POS location: other EEA countries","PN",6]
["PCP.H.AT.W1.W0.CP0.2.2000.R.PCS_ALL._Z._X._Z.N.EUR","H","AT","W1","W0","CP0",2,"2000","R","PCS_ALL","_Z","_X","_Z","N","EUR","2022-S1",1436.84392878,"A",false,null,null,"P6M",{"$nulls":4},"S",null,null,3,null,"Value of card paymentelectronic, received - SCA: , acquirer location: Austria, issuer location: Rest of the World, POS location: world","Value of card paymentelectronic, received - SCA: , acquirer location: Austria, issuer location: Rest of the World, POS location: world","EUR",6]
["PCP.H.AT.W1.W0.CP0.2.2000.R.PCS_ALL._Z._X._Z.N.EUR","H","AT","W1","W0","CP0",2,"2000","R","PCS_ALL","_Z","_X","_Z","N","EUR","2022-S2",1936.27345988,"A",false,null,null,"P6M",{"$nulls":4},"S",null,null,3,null,"Value of card paymentelectronic, received - SCA: , acquirer location: Austria, issuer location: Rest of the World, POS location: world","Value of card paymentelectronic, received - SCA: , acquirer location: Austria, issuer location: Rest of the World, POS location: world","EUR",6]
["PCP.H.AT.W1.W0.CP0.2.2000.R.PCS_ALL._Z._X._Z.N.EUR","H","AT","W1","W0","CP0",2,"2000","R","PCS_ALL","_Z","_X","_Z","N","EUR","2023-S1",2016.88561626,"A",false,null,null,"P6M",{"$nulls":4},"S",null,null,3,null,"Value of card paymentelectronic, received - SCA: , acquirer location: Austria, issuer location: Rest of the World, POS location: world","Value of card paymentelectronic, received - SCA: , acquirer location: Austria, issuer location: Rest of the World, POS location: world","EUR",6]
["PCP.H.AT.W1.W0.CP0.2.2000.R.PCS_ALL._Z._X._Z.N.EUR","H","AT","W1","W0","CP0",2,"2000","R","PCS_ALL","_Z","_X","_Z","N","EUR","2023-S2",2511.61601643,"P",false,null,null,"P6M",{"$nulls":4},"S",null,null,3,null,"Value of card paymentelectronic, received - SCA: , acquirer location: Austria, issuer location: Rest of the World, POS location: world","Value of card paymentelectronic, received - SCA: , acquirer location: Austria, issuer location: Rest of the World, POS location: world","EUR",6]
["PCP.H.AT.W2.G3.CP0.2.2000.NR.PCS_ALL.12._X._Z.N.EUR","H","AT","W2","G3","CP0",2,"2000","NR","PCS_ALL","12","_X","_Z","N","EUR","2022-S1",17.17357521,"A",false,null,null,"P6M",{"$nulls":4},"S",null,null,3,null,"Value of card payment,with a delayed debit card, received - acquirer location: Austria, issuer location: domestic, POS location: other EEA countries","Value of card payment,with a delayed debit card, received - acquirer location: Austria, issuer location: domestic, POS location: other EEA countries","EUR",6]
["PCP.H.AT.W2.G3.CP0.2.2000.NR.PCS_ALL.12._X._Z.N.EUR","H","AT","W2","G3","CP0",2,"2000","NR","PCS_ALL","12","_X","_Z","N","EUR","2022-S2",26.51041362,"A",false,null,null,"P6M",{"$nulls":4},"S",null,null,3,null,"Value of card payment,with a delayed debit card, received - acquirer location: Austria, issuer location: domestic, POS location: other EEA countries","Value of card payment,with a delayed debit card, received - acquirer location: Austria, issuer location: domestic, POS location: other EEA countries","EUR",6]
["PCP.H.AT.W2.G3.CP0.2.2000.NR.PCS_ALL.12._X._Z.N.EUR","H","AT","W2","G3","CP0",2,"2000","NR","PCS_ALL","12","_X","_Z","N","EUR","2023-S1",19.93938703,"A",false,null,null,"P6M",{"$nulls":4},"S",null,null,3,null,"Value of card payment,with a delayed debit card, received - acquirer location: Austria, issuer location: domestic, POS location: other EEA countries","Value of card payment,with a delayed debit card, received - acquirer location: Austria, issuer location: domestic, POS location: other EEA countries","EUR",6]
["PCP.H.AT.W2.G3.CP0.2.2000.NR.PCS_ALL.12._X._Z.N.EUR","H","AT","W2","G3","CP0",2,"2000","NR","PCS_ALL","12","_X","_Z","N","EUR","2023-S2",28.26638892,"P",false,null,null,"P6M",{"$nulls":4},"S",null,null,3,null,"Value of card payment,with a delayed debit card, received - acquirer location: Austria, issuer location: domestic, POS location: other EEA countries","Value of card payment,with a delayed debit card, received - acquirer location: Austria, issuer location: domestic, POS location: other EEA countries","EUR",6]
["PCP.H.BE.G1.W0.CP0.1.2000.R.PCS_ALL._Z._X._Z.N.EUR","H","BE","G1","W0","CP0",1,"2000","R","PCS_ALL","_Z","_X","_Z","N","EUR","2022-S1",3478.562209,"A",false,null,null,"P6M",{"$nulls":4},"S",null,null,3,null,"Value of card paymentelectronic, sent - SCA: , issuer location: Belgium, acquirer location: outside EEA, POS location: world","Value of card paymentelectronic, sent - SCA: , issuer location: Belgium, acquirer location: outside EEA, POS location: world","EUR",6]
["PCP.H.BE.G1.W0.CP0.1.2000.R.PCS_ALL._Z._X._Z.N.EUR","H","BE","G1","W0","CP0",1,"2000","R","PCS_ALL","_Z","_X","_Z","N","EUR","2022-S2",4007.493236,"A",false,null,null,"P6M",{"$nulls":4},"S",null,null,3,null,"Value of card paymentelectronic, sent - SCA: , issuer location: Belgium, acquirer location: outside EEA, POS location: world","Value of card paymentelectronic, sent - SCA: , issuer location: Belgium, acquirer location: outside EEA, POS location: world","EUR",6]
["PCP.H.BE.G1.W0.CP0.1.2000.R.PCS_ALL._Z._X._Z.N.EUR","H","BE","G1","W0","CP0",1,"2000","R","PCS_ALL","_Z","_X","_Z","N","EUR","2023-S1",4527.738394000001,"A",false,null,null,"P6M",{"$nulls":4},"S",null,null,3,null,"Value of card paymentelectronic, sent - SCA: , issuer location: Belgium, acquirer location: outside EEA, POS location: world","Value of card paymentelectronic, sent - SCA: , issuer location: Belgium, acquirer location: outside EEA, POS location: world","EUR",6]
["PCP.H.BE.G1.W0.CP0.1.2000.R.PCS_ALL._Z._X._Z.N.EUR","H","BE","G1","W0","CP0",1,"2000","R","PCS_ALL","_Z","_X","_Z","N","EUR","2023-S2",5498.875893,"P",false,null,null,"P6M",{"$nulls":4},"S",null,null,3,null,"Value of card paymentelectronic, sent - SCA: , issuer location: Belgium, acquirer location: outside EEA, POS location: world","Value of card paymentelectronic, sent - SCA: , issuer location: Belgium, acquirer location: outside EEA, POS location: world","EUR",6]
["PCP.H.BE.W0.G1.CP0.2.2000.R.PCS_ALL.13._X._Z.N.PN","H","BE","W0","G1","CP0",2,"2000","R","PCS_ALL","13","_X","_Z","N","PN","2022-S1",0.735881,"A",false,null,null,"P6M",{"$nulls":4},"S",null,null,3,null,"Total number of card payment,with a credit card, received - acquirer location: Belgium, POS location: outside EEA","Total number of card payment,with a credit card, received - acquirer location: Belgium, POS location: outside EEA","PN",6]
["PCP.H.BE.W0.G1.CP0.2.2000.R.PCS_ALL.13._X._Z.N.PN","H","BE","W0","G1","CP0",2,"2000","R","PCS_ALL","13","_X","_Z","N","PN","2022-S2",0.8952039999999998,"A",false,null,null,"P6M",{"$nulls":4},"S",null,null,3,null,"Total number of card payment,with a credit card, received - acquirer location: Belgium, POS location: outside EEA","Total number of card payment,with a credit card, received - acquirer location: Belgium, POS location: outside EEA","PN",6]
["PCP.H.BE.W0.G1.CP0.2.2000.R.PCS_ALL.13._X._Z.N.PN","H","BE","W0","G1","CP0",2,"2000","R","PCS_ALL","13","_X","_Z","N","PN","2023-S1",0.9461289999999999,"A",false,null,null,"P6M",{"$nulls":4},"S",null,null,3,null,"Total number of card payment,with a credit card, received - acquirer location: Belgium, POS location: outside EEA","Total number of card payment,with a credit card, received - acquirer location: Belgium, POS location: outside EEA","PN",6]
["PCP.H.BE.W0.G1.CP0.2.2000.R.PCS_ALL.13._X._Z.N.PN","H","BE","W0","G1","CP0",2,"2000","R","PCS_ALL","13","_X","_Z","N","PN","2023-S2",4.136984,"P",false,null,null,"P6M",{"$nulls":4},"S",null,null,3,null,"Total number of card payment,with a credit card, received - acquirer location: Belgium, POS location: outside EEA","Total number of card payment,with a credit card, received - acquirer location: Belgium, POS location: outside EEA","PN",6]
["PCP.H.BE.W0.W0.CP0.2.2000.R.PCS_ALL.12._X._Z.G1.PN","H","BE","W0","W0","CP0",2,"2000","R","PCS_ALL","12","_X","_Z","G1","PN","2023-S1",-98.45177523457033,"A",false,null,null,"P6M",{"$nulls":4},"S",null,null,2,null,"Annual growth rate of the total number of card payment,with a delayed debit card, received - acquirer location: Belgium, POS location: world","Annual growth rate of the total number of card payment,with a delayed debit card, received - acquirer location: Belgium, POS location: world","PN",0]
["PCP.H.BE.W0.W0.CP0.2.2000.R.PCS_ALL.12._X._Z.G1.PN","H","BE","W0","W0","CP0",2,"2000","R","PCS_ALL","12","_X","_Z","G1","PN","2023-S2",57.58471253594027,"P",false,null,null,"P6M",{"$nulls":4},"S",null,null,2,null,"Annual growth rate of the total number of card payment,with a delayed debit card, received - acquirer location: Belgium, POS location: world","Annual growth rate of the total number of card payment,with a delayed debit card, received - acquirer location: Belgium, POS location: world","PN",0]
["PCP.H.BE.W0.W1.CP0.1.2000.NR.PCS_ALL._Z.200._Z.N.EUR","H","BE","W0","W1","CP0",1,"2000","NR","PCS_ALL","_Z","200","_Z","N","EUR","2022-S1",1179.843098,"A",false,null,null,"P6M",{"$nulls":4},"S",null,null,3,null,"Total value of card paymentelectronic, sent - SCA: non-sca, issuer location: Belgium, POS location: Rest of the World","Total value of card paymentelectronic, sent - SCA: non-sca, issuer location: Belgium, POS location: Rest of the World","EUR",6]
["PCP.H.BE.W0.W1.CP0.1.2000.NR.PCS_ALL._Z.200._Z.N.EUR","H","BE","W0","W1","CP0",1,"2000","NR","PCS_ALL","_Z","200","_Z","N","EUR","2022-S2",1669.188527,"A",false,null,null,"P6M",{"$nulls":4},"S",null,null,3,null,"Total value of card paymentelectronic, sent - SCA: non-sca, issuer location: Belgium, POS location: Rest of the World","Total value of card paymentelectronic, sent - SCA: non-sca, issuer location: Belgium, POS location: Rest of the World","EUR",6]
["PCP.H.BE.W0.W1.CP0.1.2000.NR.PCS_ALL._Z.200._Z.N.EUR","H","BE","W0","W1","CP0",1,"2000","NR","PCS_ALL","_Z","200","_Z","N","EUR","2023-S1",1976.706767,"A",false,null,null,"P6M",{"$nulls":4},"S",null,null,3,null,"Total value of card paymentelectronic, sent - SCA: non-sca, issuer location: Belgium, POS location: Rest of the World","Total value of card paymentelectronic, sent - SCA: non-sca, issuer location: Belgium, POS location: Rest of the World","EUR",6]
["PCP.H.BE.W0.W1.CP0.1.2000.NR.PCS_ALL._Z.200._Z.N.EUR","H","BE","W0","W1","CP0",1,"2000","NR","PCS_ALL","_Z","200","_Z","N","EUR","2023-S2",2269.148085999999,"P",false,null,null,"P6M",{"$nulls":4},"S",null,null,3,null,"Total value of card paymentelectronic, sent - SCA: non-sca, issuer location: Belgium, POS location: Rest of the World","Total value of card paymentelectronic, sent - SCA: non-sca, issuer location: Belgium, POS location: Rest of the World","EUR",6]
["PCP.H.BE.W1.W2.CP0.1.2000.NR.PCS_ALL._Z._X._Z.N.PN","H","BE","W1","W2","CP0",1,"2000","NR","PCS_ALL","_Z","_X","_Z","N","PN","2022-S1",301.237643,"A",false,null,null,"P6M",{"$nulls":4},"S",null,null,3,null,"Number of card paymentelectronic, sent - SCA: , issuer location: Belgium, acquirer location: Rest of the World, POS location: domestic","Number of card paymentelectronic, sent - SCA: , issuer location: Belgium, acquirer location: Rest of the World, POS location: domestic","PN",6]
["PCP.H.BE.W1.W2.CP0.1.2000.NR.PCS_ALL._Z._X._Z.N.PN","H","BE","W1","W2","CP0",1,"2000","NR","PCS_ALL","_Z","_X","_Z","N","PN","2022-S2",334.9235560000001,"A",false,null,null,"P6M",{"$nulls":4},"S",null,null,3,null,"Number of card paymentelectronic, sent - SCA: , issuer location: Belgium, acquirer location: Rest of the World, POS location: domestic","Number of card paymentelectronic, sent - SCA: , issuer location: Belgium, acquirer location: Rest of the World, POS location: domestic","PN",6]
["PCP.H.BE.W1.W2.CP0.1.2000.NR.PCS_ALL._Z._X._Z.N.PN","H","BE","W1","W2","CP0",1,"2000","NR","PCS_ALL","_Z","_X","_Z","N","PN","2023-S1",332.0225199999999,"A",false,null,null,"P6M",{"$nulls":4},"S",null,null,3,null,"Number of card paymentelectronic, sent - SCA: , issuer location: Belgium, acquirer location: Rest of the World, POS location: domestic","Number of card paymentelectronic, sent - SCA: , issuer location: Belgium, acquirer location: Rest of the World, POS location: domestic","PN",6]
["PCP.H.BE.W1.W2.CP0.1.2000.NR.PCS_ALL._Z._X._Z.N.PN","H","BE","W1","W2","CP0",1,"2000","NR","PCS_ALL","_Z","_X","_Z","N","PN","2023-S2",355.4337229999999,"P",false,null,null,"P6M",{"$nulls":4},"S",null,null,3,null,"Number of card paymentelectronic, sent - SCA: , issuer location: Belgium, acquirer location: Rest of the World, POS location: domestic","Number of card paymentelectronic, sent - SCA: , issuer location: Belgium, acquirer location: Rest of the World, POS location: domestic","PN",6]
["PCP.H.BE.W1.W2.CP0.1.2000.R.PCS_ALL._Z.200._Z.N.PN","H","BE","W1","W2","CP0",1,"2000","R","PCS_ALL","_Z","200","_Z","N","PN","2022-S1",8.132425,"A",false,null,null,"P6M",{"$nulls":4},"S",null,null,3,null,"Number of card paymentelectronic, sent - SCA: non-sca, issuer location: Belgium, acquirer location: Rest of the World, POS location: domestic","Number of card paymentelectronic, sent - SCA: non-sca, issuer location: Belgium, acquirer location: Rest of the World, POS location: domestic","PN",6]
["PCP.H.BE.W1.W2.CP0.1.2000.R.PCS_ALL._Z.200._Z.N.PN","H","BE","W1","W2","CP0",1,"2000","R","PCS_ALL","_Z","200","_Z","N","PN","2022-S2",9.433974,"A",false,null,null,"P6M",{"$nulls":4},"S",null,null,3,null,"Number of card paymentelectronic, sent - SCA: non-sca, issuer location: Belgium, acquirer location: Rest of the World, POS location: domestic","Number of card paymentelectronic, sent - SCA: non-sca, issuer location: Belgium, acquirer location: Rest of the World, POS location: domestic","PN",6]
["PCP.H.BE.W1.W2.CP0.1.2000.R.PCS_ALL._Z.200._Z.N.PN","H","BE","W1","W2","CP0",1,"2000","R","PCS_ALL","_Z","200","_Z","N","PN","2023-S1",8.992933999999998,"A",false,null,null,"P6M",{"$nulls":4},"S",null,null,3,null,"Number of card paymentelectronic, sent - SCA: non-sca, issuer location: Belgium, acquirer location: Rest of the World, POS location: domestic","Number of card paymentelectronic, sent - SCA: non-sca, issuer location: Belgium, acquirer location: Rest of the World, POS location: domestic","PN",6]
["PCP.H.BE.W1.W2.CP0.1.2000.R.PCS_ALL._Z.200._Z.N.PN","H","BE","W1","W2","CP0",1,"2000","R","PCS_ALL","_Z","200","_Z","N","PN","2023-S2",9.624253,"P",false,null,null,"P6M",{"$nulls":4},"S",null,null,3,null,"Number of card paymentelectronic, sent - SCA: non-sca, issuer location: Belgium, acquirer location: Rest of the World, POS location: domestic","Number of card paymentelectronic, sent - SCA: non-sca, issuer location: Belgium, acquirer location: Rest of the World, POS location: domestic","PN",6]
["PCP.H.BE.W2.W1.CP0.2.2000.R.PCS_ALL._Z.100._Z.N.EUR","H","BE","W2","W1","CP0",2,"2000","R","PCS_ALL","_Z","100","_Z","N","EUR","2022-S1",31.544921,"A",false,null,null,"P6M",{"$nulls":4},"S",null,null,3,null,"Value of card paymentelectronic, received - SCA: sca, acquirer location: Belgium, issuer location: domestic, POS location: Rest of the World","Value of card paymentelectronic, received - SCA: sca, acquirer location: Belgium, issuer location: domestic, POS location: Rest of the World","EUR",6]
["PCP.H.BE.W2.W1.CP0.2.2000.R.PCS_ALL._Z.100._Z.N.EUR","H","BE","W2","W1","CP0",2,"2000","R","PCS_ALL","_Z","100","_Z","N","EUR","2022-S2",31.590287,"A",false,null,null,"P6M",{"$nulls":4},"S",null,null,3,null,"Value of card paymentelectronic, received - SCA: sca, acquirer location: Belgium, issuer location: domestic, POS location: Rest of the World","Value of card paymentelectronic, received - SCA: sca, acquirer location: Belgium, issuer location: domestic, POS location: Rest of the World","EUR",6]
["PCP.H.BE.W2.W1.CP0.2.2000.R.PCS_ALL._Z.100._Z.N.EUR","H","BE","W2","W1","CP0",2,"2000","R","PCS_ALL","_Z","100","_Z","N","EUR","2023-S1",23.540515,"A",false,null,null,"P6M",{"$nulls":4},"S",null,null,3,null,"Value of card paymentelectronic, received - SCA: sca, acquirer location: Belgium, issuer location: domestic, POS location: Rest of the World","Value of card paymentelectronic, received - SCA: sca, acquirer location: Belgium, issuer location: domestic, POS location: Rest of the World","EUR",6]
["PCP.H.BE.W2.W1.CP0.2.2000.R.PCS_ALL._Z.100._Z.N.EUR","H","BE","W2","W1","CP0",2,"2000","R","PCS_ALL","_Z","100","_Z","N","EUR","2023-S2",36.031641,"P",false,null,null,"P6M",{"$nulls":4},"S",null,null,3,null,"Value of card paymentelectronic, received - SCA: sca, acquirer location: Belgium, issuer location: domestic, POS location: Rest of the World","Value of card paymentelectronic, received - SCA: sca, acquirer location: Belgium, issuer location: domestic, POS location: Rest of the World","EUR",6]
["PCP.H.BE.W2.W2.CP0.1.2000.R.PCS_ALL._Z._X._Z.N.EUR","H","BE","W2","W2","CP0",1,"2000","R","PCS_ALL","_Z","_X","_Z","N","EUR","2022-S1",3404.293875,"A",false,null,null,"P6M",{"$nulls":4},"S",null,null,3,null,"Value of card paymentelectronic, sent - SCA: , issuer location: Belgium, acquirer location: domestic, POS location: domestic","Value of card paymentelectronic, sent - SCA: , issuer location: Belgium, acquirer location: domestic, POS location: domestic","EUR",6]
["PCP.H.BE.W2.W2.CP0.1.2000.R.PCS_ALL._Z._X._Z.N.EUR","H","BE","W2","W2","CP0",1,"2000","R","PCS_ALL","_Z","_X","_Z","N","EUR","2022-S2",4211.503164,"A",false,null,null,"P6M",{"$nulls":4},"S",null,null,3,null,"Value of card paymentelectronic, sent - SCA: , issuer location: Belgium, acquirer location: domestic, POS location: domestic","Value of card paymentelectronic, sent - SCA: , issuer location: Belgium, acquirer location: domestic, POS location: domestic","EUR",6]
["PCP.H.BE.W2.W2.CP0.1.2000.R.PCS_ALL._Z._X._Z.N.EUR","H","BE","W2","W2","CP0",1,"2000","R","PCS_ALL","_Z","_X","_Z","N","EUR","2023-S1",4367.583515,"A",false,null,null,"P6M",{"$nulls":4},"S",null,null,3,null,"Value of card paymentelectronic, sent - SCA: , issuer location: Belgium, acquirer location: domestic, POS location: domestic","Value of card paymentelectronic, sent - SCA: , issuer location: Belgium, acquirer location: domestic, POS location: domestic","EUR",6]
["PCP.H.BE.W2.W2.CP0.1.2000.R.PCS_ALL._Z._X._Z.N.EUR","H","BE","W2","W2","CP0",1,"2000","R","PCS_ALL","_Z","_X","_Z","N","EUR","2023-S2",4129.927749,"P",false,null,null,"P6M",{"$nulls":4},"S",null,null,3,null,"Value of card paymentelectronic, sent - SCA: , issuer location: Belgium, acquirer location: domestic, POS location: domestic","Value of card paymentelectronic, sent - SCA: , issuer location: Belgium, acquirer location: domestic, POS location: domestic","EUR",6]
["PCP.H.BG.G1.G1.CP0.1.2000.NR.PCS_ALL._Z.205._Z.N.XDF","H","BG","G1","G1","CP0",1,"2000","NR","PCS_ALL","_Z","205","_Z","N","XDF","2023-S1",null,"Q",false,null,null,"P6M",{"$nulls":4},"S",null,null,3,null,"Value of card paymentelectronic, sent - SCA: non-sca: recurring transaction, issuer location: Bulgaria, acquirer location: outside EEA, POS location: outside EEA","Value of card paymentelectronic, sent - SCA: non-sca: recurring transaction, issuer location: Bulgaria, acquirer location: outside EEA, POS location: outside EEA","XDF",6]
["PCP.H.BG.G1.G1.CP0.1.2000.NR.PCS_ALL._Z.205._Z.N.XDF","H","BG","G1","G1","CP0",1,"2000","NR","PCS_ALL","_Z","205","_Z","N","XDF","2023-S2",null,"Q",false,null,null,"P6M",{"$nulls":4},"S",null,null,3,null,"Value of card paymentelectronic, sent - SCA: non-sca: recurring transaction, issuer location: Bulgaria, acquirer location: outside EEA, POS location: outside EEA","Value of card paymentelectronic, sent - SCA: non-sca: recurring transaction, issuer location: Bulgaria, acquirer location: outside EEA, POS location: outside EEA","XDF",6]
["PCP.H.BG.G1.W2.CP0.1.2223.NR.PCS_ALL._Z._X._Z.N.PN","H","BG","G1","W2","CP0",1,"2223","NR","PCS_ALL","_Z","_X","_Z","N","PN","2023-S1",null,"Q",false,null,null,"P6M",{"$nulls":4},"S",null,null,3,null,"Number of card payment, initiated at eftpos, sent - SCA: , issuer location: Bulgaria, acquirer location: outside EEA, POS location: domestic","Number of card payment, initiated at eftpos, sent - SCA: , issuer location: Bulgaria, acquirer location: outside EEA, POS location: domestic","PN",6]
["PCP.H.BG.G1.W2.CP0.1.2223.NR.PCS_ALL._Z._X._Z.N.PN","H","BG","G1","W2","CP0",1,"2223","NR","PCS_ALL","_Z","_X","_Z","N","PN","2023-S2",34.688376,"P",false,null,null,"P6M",{"$nulls":4},"S",null,null,3,null,"Number of card payment, initiated at eftpos, sent - SCA: , issuer location: Bulgaria, acquirer location: outside EEA, POS location: domestic","Number of card payment, initiated at eftpos, sent - SCA: , issuer location: Bulgaria, acquirer location: outside EEA, POS location: domestic","PN",6]
["PCP.H.BG.W0.G1.CP0.2.1000.NR.PCS_ALL._Z._X._Z.N.PN","H","BG","W0","G1","CP0",2,"1000","NR","PCS_ALL","_Z","_X","_Z","N","PN","2023-S1",0,"A",false,null,null,"P6M",{"$nulls":4},"S",null,null,3,null,"Total number of card paymentnon-electronic, received - SCA: , acquirer location: Bulgaria, POS location: outside EEA","Total number of card paymentnon-electronic, received - SCA: , acquirer location: Bulgaria, POS location: outside EEA","PN",6]
["PCP.H.BG.W0.G1.CP0.2.1000.NR.PCS_ALL._Z._X._Z.N.PN","H","BG","W0","G1","CP0",2,"1000","NR","PCS_ALL","_Z","_X","_Z","N","PN","2023-S2",0.00054,"P",false,null,null,"P6M",{"$nulls":4},"S",null,null,3,null,"Total number of card paymentnon-electronic, received - SCA: , acquirer location: Bulgaria, POS location: outside EEA","Total number of card paymentnon-electronic, received - SCA: , acquirer location: Bulgaria, POS location: outside EEA","PN",6]
["PCP.H.BG.W1.G1.CP0.1.2229.R.PCS_ALL._Z._X._Z.N.XDF","H","BG","W1","G1","CP0",1,"2229","R","PCS_ALL","_Z","_X","_Z","N","XDF","2023-S1",251.94080158,"A",false,null,null,"P6M",{"$nulls":4},"S",null,null,3,null,"Value of card payment, initiated at other electronic channel, sent - SCA: , issuer location: Bulgaria, acquirer location: Rest of the World, POS location: outside EEA","Value of card payment, initiated at other electronic channel, sent - SCA: , issuer location: Bulgaria, acquirer location: Rest of the World, POS location: outside EEA","XDF",6]
["PCP.H.BG.W1.G1.CP0.1.2229.R.PCS_ALL._Z._X._Z.N.XDF","H","BG","W1","G1","CP0",1,"2229","R","PCS_ALL","_Z","_X","_Z","N","XDF","2023-S2",284.9914674,"P",false,null,null,"P6M",{"$nulls":4},"S",null,null,3,null,"Value of card payment, initiated at other electronic channel, sent - SCA: , issuer location: Bulgaria, acquirer location: Rest of the World, POS location: outside EEA","Value of card payment, initiated at other electronic channel, sent - SCA: , issuer location: Bulgaria, acquirer location: Rest of the World, POS location: outside EEA","XDF",6]
["PCP.H.BG.W1.G3.CP0.1.2000.R.PCS_ALL._Z.100._Z.N.PN","H","BG","W1","G3","CP0",1,"2000","R","PCS_ALL","_Z","100","_Z","N","PN","2023-S1",6.879972,"A",false,null,null,"P6M",{"$nulls":4},"S",null,null,3,null,"Number of card paymentelectronic, sent - SCA: sca, issuer location: Bulgaria, acquirer location: Rest of the World, POS location: other EEA countries","Number of card paymentelectronic, sent - SCA: sca, issuer location: Bulgaria, acquirer location: Rest of the World, POS location: other EEA countries","PN",6]
["PCP.H.BG.W1.G3.CP0.1.2000.R.PCS_ALL._Z.100._Z.N.PN","H","BG","W1","G3","CP0",1,"2000","R","PCS_ALL","_Z","100","_Z","N","PN","2023-S2",8.093003000000001,"P",false,null,null,"P6M",{"$nulls":4},"S",null,null,3,null,"Number of card paymentelectronic, sent - SCA: sca, issuer location: Bulgaria, acquirer location: Rest of the World, POS location: other EEA countries","Number of card paymentelectronic, sent - SCA: sca, issuer location: Bulgaria, acquirer location: Rest of the World, POS location: other EEA countries","PN",6]
["PCP.H.CY.G1.W1.CP0.2.2000.R.PCS_ALL._Z._X._Z.N.PN","H","CY","G1","W1","CP0",2,"2000","R","PCS_ALL","_Z","_X","_Z","N","PN","2022-S1",148.790329,"A",false,null,null,"P6M",{"$nulls":4},"S",null,null,3,null,"Number of card paymentelectronic, received - SCA: , acquirer location: Cyprus, issuer location: outside EEA, POS location: Rest of the World","Number of card paymentelectronic, received - SCA: , acquirer location: Cyprus, issuer location: outside EEA, POS location: Rest of the World","PN",6]
["PCP.H.CY.G1.W1.CP0.2.2000.R.PCS_ALL._Z._X._Z.N.PN","H","CY","G1","W1","CP0",2,"2000","R","PCS_ALL","_Z","_X","_Z","N","PN","2022-S2",151.864282,"A",false,null,null,"P6M",{"$nulls":4},"S",null,null,3,null,"Number of card paymentelectronic, received - SCA: , acquirer location: Cyprus, issuer location: outside EEA, POS location: Rest of the World","Number of card paymentelectronic, received - SCA: , acquirer location: Cyprus, issuer location: outside EEA, POS location: Rest of the World","PN",6]
["PCP.H.CY.G1.W1.CP0.2.2000.R.PCS_ALL._Z._X._Z.N.PN","H","CY","G1","W1","CP0",2,"2000","R","PCS_ALL","_Z","_X","_Z","N","PN","2023-S1",154.992225,"A",false,null,null,"P6M",{"$nulls":4},"S",null,null,3,null,"Number of card paymentelectronic, received - SCA: , acquirer location: Cyprus, issuer location: outside EEA, POS location: Rest of the World","Number of card paymentelectronic, received - SCA: , acquirer location: Cyprus, issuer location: outside EEA, POS location: Rest of the World","PN",6]
["PCP.H.CY.G1.W1.CP0.2.2000.R.PCS_ALL._Z._X._Z.N.PN","H","CY","G1","W1","CP0",2,"2000","R","PCS_ALL","_Z","_X","_Z","N","PN","2023-S2",157.713069,"P",false,null,null,"P6M",{"$nulls":4},"S",null,null,3,null,"Number of card paymentelectronic, received - SCA: , acquirer location: Cyprus, issuer location: outside EEA, POS location: Rest of the World","Number of card paymentelectronic, received - SCA: , acquirer location: Cyprus, issuer location: outside EEA, POS location: Rest of the World","PN",6]
["PCP.H.CY.W0.G1.CP0.1.1000.R.PCS_ALL._Z._X._Z.N.EUR","H","CY","W0","G1","CP0",1,"1000","R","PCS_ALL","_Z","_X","_Z","N","EUR","2022-S1",11.50117317,"A",false,null,null,"P6M",{"$nulls":4},"S",null,null,3,null,"Total value of card paymentnon-electronic, sent - SCA: , issuer location: Cyprus, POS location: outside EEA","Total value of card paymentnon-electronic, sent - SCA: , issuer location: Cyprus, POS location: outside EEA","EUR",6]
["PCP.H.CY.W0.G1.CP0.1.1000.R.PCS_ALL._Z._X._Z.N.EUR","H","CY","W0","G1","CP0",1,"1000","R","PCS_ALL","_Z","_X","_Z","N","EUR","2022-S2",12.04366142,"A",false,null,null,"P6M",{"$nulls":4},"S",null,null,3,null,"Total value of card paymentnon-electronic, sent - SCA: , issuer location: Cyprus, POS location: outside EEA","Total value of card paymentnon-electronic, sent - SCA: , issuer location: Cyprus, POS location: outside EEA","EUR",6]
["PCP.H.CY.W0.G1.CP0.1.1000.R.PCS_ALL._Z._X._Z.N.EUR","H","CY","W0","G1","CP0",1,"1000","R","PCS_ALL","_Z","_X","_Z","N","EUR","2023-S1",18.442776,"A",false,null,null,"P6M",{"$nulls":4},"S",null,null,3,null,"Total value of card paymentnon-electronic, sent - SCA: , issuer location: Cyprus, POS location: outside EEA","Total value of card paymentnon-electronic, sent - SCA: , issuer location: Cyprus, POS location: outside EEA","EUR",6]
["PCP.H.CY.W0.G1.CP0.1.1000.R.PCS_ALL._Z._X._Z.N.EUR","H","CY","W0","G1","CP0",1,"1000","R","PCS_ALL","_Z","_X","_Z","N","EUR","2023-S2",11.425646,"P",false,null,null,"P6M",{"$nulls":4},"S",null,null,3,null,"Total value of card paymentnon-electronic, sent - SCA: , issuer location: Cyprus, POS location: outside EEA","Total value of card paymentnon-electronic, sent - SCA: , issuer location: Cyprus, POS location: outside EEA","EUR",6]
["PCP.H.CY.W1.G3.CP0.1.2000.R.PCS_ALL._Z.200._Z.N.EUR","H","CY","W1","G3","CP0",1,"2000","R","PCS_ALL","_Z","200","_Z","N","EUR","2022-S1",342.3188150000001,"A",false,null,null,"P6M",{"$nulls":4},"S",null,null,3,null,"Value of card paymentelectronic, sent - SCA: non-sca, issuer location: Cyprus, acquirer location: Rest of the World, POS location: other EEA countries","Value of card paymentelectronic, sent - SCA: non-sca, issuer location: Cyprus, acquirer location: Rest of the World, POS location: other EEA countries","EUR",6]
["PCP.H.CY.W1.G3.CP0.1.2000.R.PCS_ALL._Z.200._Z.N.EUR","H","CY","W1","G3","CP0",1,"2000","R","PCS_ALL","_Z","200","_Z","N","EUR","2022-S2",449.14281514,"A",false,null,null,"P6M",{"$nulls":4},"S",null,null,3,null,"Value of card paymentelectronic, sent - SCA: non-sca, issuer location: Cyprus, acquirer location: Rest of the World, POS location: other EEA countries","Value of card paymentelectronic, sent - SCA: non-sca, issuer location: Cyprus, acquirer location: Rest of the World, POS location: other EEA countries","EUR",6]
["PCP.H.CY.W1.G3.CP0.1.2000.R.PCS_ALL._Z.200._Z.N.EUR","H","CY","W1","G3","CP0",1,"2000","R","PCS_ALL","_Z","200","_Z","N","EUR","2023-S1",625.059074,"A",false,null,null,"P6M",{"$nulls":4},"S",null,null,3,null,"Value of card paymentelectronic, sent - SCA: non-sca, issuer location: Cyprus, acquirer location: Rest of the World, POS location: other EEA countries","Value of card paymentelectronic, sent - SCA: non-sca, issuer location: Cyprus, acquirer location: Rest of the World, POS location: other EEA countries","EUR",6]
["PCP.H.CY.W1.G3.CP0.1.2000.R.PCS_ALL._Z.200._Z.N.EUR","H","CY","W1","G3","CP0",1,"2000","R","PCS_ALL","_Z","200","_Z","N","EUR","2023-S2",548.3350739999998,"P",false,null,null,"P6M",{"$nulls":4},"S",null,null,3,null,"Value of card paymentelectronic, sent - SCA: non-sca, issuer location: Cyprus, acquirer location: Rest of the World, POS location: other EEA countries","Value of card paymentelectronic, sent - SCA: non-sca, issuer location: Cyprus, acquirer location: Rest of the World, POS location: other EEA countries","EUR",6]
["PCP.H.CY.W1.W0.CP0.1.2229.R.PCS_ALL._Z._X._Z.N.EUR","H","CY","W1","W0","CP0",1,"2229","R","PCS_ALL","_Z","_X","_Z","N","EUR","2022-S1",1327.535346,"A",false,null,null,"P6M",{"$nulls":4},"S",null,null,3,null,"Value of card payment, initiated at other electronic channel, sent - SCA: , issuer location: Cyprus, acquirer location: Rest of the World, POS location: world","Value of card payment, initiated at other electronic channel, sent - SCA: , issuer location: Cyprus, acquirer location: Rest of the World, POS location: world","EUR",6]
["PCP.H.CY.W1.W0.CP0.1.2229.R.PCS_ALL._Z._X._Z.N.EUR","H","CY","W1","W0","CP0",1,"2229","R","PCS_ALL","_Z","_X","_Z","N","EUR","2022-S2",1615.61572443,"A",false,null,null,"P6M",{"$nulls":4},"S",null,null,3,null,"Value of card payment, initiated at other electronic channel, sent - SCA: , issuer location: Cyprus, acquirer location: Rest of the World, POS location: world","Value of card payment, initiated at other electronic channel, sent - SCA: , issuer location: Cyprus, acquirer location: Rest of the World, POS location: world","EUR",6]
["PCP.H.CY.W1.W0.CP0.1.2229.R.PCS_ALL._Z._X._Z.N.EUR","H","CY","W1","W0","CP0",1,"2229","R","PCS_ALL","_Z","_X","_Z","N","EUR","2023-S1",1707.679319999999,"A",false,null,null,"P6M",{"$nulls":4},"S",null,null,3,null,"Value of card payment, initiated at other electronic channel, sent - SCA: , issuer location: Cyprus, acquirer location: Rest of the World, POS location: world","Value of card payment, initiated at other electronic channel, sent - SCA: , issuer location: Cyprus, acquirer location: Rest of the World, POS location: world","EUR",6]
["PCP.H.CY.W1.W0.CP0.1.2229.R.PCS_ALL._Z._X._Z.N.EUR","H","CY","W1","W0","CP0",1,"2229","R","PCS_ALL","_Z","_X","_Z","N","EUR","2023-S2",1899.58919,"P",false,null,null,"P6M",{"$nulls":4},"S",null,null,3,null,"Value of card payment, initiated at other electronic channel, sent - SCA: , issuer location: Cyprus, acquirer location: Rest of the World, POS location: world","Value of card payment, initiated at other electronic channel, sent - SCA: , issuer location: Cyprus, acquirer location: Rest of the World, POS location: world","EUR",6]
["PCP.H.CY.W2.W0.CP0.1.2000.NR.PCS_ALL._Z.200._Z.N.PN","H","CY","W2","W0","CP0",1,"2000","NR","PCS_ALL","_Z","200","_Z","N","PN","2022-S1",33.204337,"A",false,null,null,"P6M",{"$nulls":4},"S",null,null,3,null,"Number of card paymentelectronic, sent - SCA: non-sca, issuer location: Cyprus, acquirer location: domestic, POS location: world","Number of card paymentelectronic, sent - SCA: non-sca, issuer location: Cyprus, acquirer location: domestic, POS location: world","PN",6]
["PCP.H.CY.W2.W0.CP0.1.2000.NR.PCS_ALL._Z.200._Z.N.PN","H","CY","W2","W0","CP0",1,"2000","NR","PCS_ALL","_Z","200","_Z","N","PN","2022-S2",38.470489,"A",false,null,null,"P6M",{"$nulls":4},"S",null,null,3,null,"Number of card paymentelectronic, sent - SCA: non-sca, issuer location: Cyprus, acquirer location: domestic, POS location: world","Number of card paymentelectronic, sent - SCA: non-sca, issuer location: Cyprus, acquirer location: domestic, POS location: world","PN",6]
["PCP.H.CY.W2.W0.CP0.1.2000.NR.PCS_ALL._Z.200._Z.N.PN","H","CY","W2","W0","CP0",1,"2000","NR","PCS_ALL","_Z","200","_Z","N","PN","2023-S1",38.272174,"A",false,null,null,"P6M",{"$nulls":4},"S",null,null,3,null,"Number of card paymentelectronic, sent - SCA: non-sca, issuer location: Cyprus, acquirer location: domestic, POS location: world","Number of card paymentelectronic, sent - SCA: non-sca, issuer location: Cyprus, acquirer location: domestic, POS location: world","PN",6]
["PCP.H.CY.W2.W0.CP0.1.2000.NR.PCS_ALL._Z.200._Z.N.PN","H","CY","W2","W0","CP0",1,"2000","NR","PCS_ALL","_Z","200","_Z","N","PN","2023-S2",44.144494,"P",false,null,null,"P6M",{"$nulls":4},"S",null,null,3,null,"Number of card paymentelectronic, sent - SCA: non-sca, issuer location: Cyprus, acquirer location: domestic, POS location: world","Number of card paymentelectronic, sent - SCA: non-sca, issuer location: Cyprus, acquirer location: domestic, POS location: world","PN",6]
["PCP.H.CZ.G1.W1.CP0.1.2229.NR.PCS_ALL._Z._X._Z.N.PN","H","CZ","G1","W1","CP0",1,"2229","NR","PCS_ALL","_Z","_X","_Z","N","PN","2022-S1",0.000526,"A",false,null,null,"P6M",{"$nulls":4},"S",null,null,3,null,"Number of card payment, initiated at other electronic channel, sent - SCA: , issuer location: Czech Republic, acquirer location: outside EEA, POS location: Rest of the World","Number of card payment, initiated at other electronic channel, sent - SCA: , issuer location: Czech Republic, acquirer location: outside EEA, POS location: Rest of the World","PN",6]
["PCP.H.CZ.G1.W1.CP0.1.2229.NR.PCS_ALL._Z._X._Z.N.PN","H","CZ","G1","W1","CP0",1,"2229","NR","PCS_ALL","_Z","_X","_Z","N","PN","2022-S2",0.001827,"A",false,null,null,"P6M",{"$nulls":4},"S",null,null,3,null,"Number of card payment, initiated at other electronic channel, sent - SCA: , issuer location: Czech Republic, acquirer location: outside EEA, POS location: Rest of the World","Number of card payment, initiated at other electronic channel, sent - SCA: , issuer location: Czech Republic, acquirer location: outside EEA, POS location: Rest of the World","PN",6]
["PCP.H.CZ.G1.W1.CP0.1.2229.NR.PCS_ALL._Z._X._Z.N.PN","H","CZ","G1","W1","CP0",1,"2229","NR","PCS_ALL","_Z","_X","_Z","N","PN","2023-S1",0.001838,"A",false,null,null,"P6M",{"$nulls":4},"S",null,null,3,null,"Number of card payment, initiated at other electronic channel, sent - SCA: , issuer location: Czech Republic, acquirer location: outside EEA, POS location: Rest of the World","Number of card payment, initiated at other electronic channel, sent - SCA: , issuer location: Czech Republic, acquirer location: outside EEA, POS location: Rest of the World","PN",6]
["PCP.H.CZ.G1.W1.CP0.1.2229.NR.PCS_ALL._Z._X._Z.N.PN","H","CZ","G1","W1","CP0",1,"2229","NR","PCS_ALL","_Z","_X","_Z","N","PN","2023-S2",0.002136,"P",false,null,null,"P6M",{"$nulls":4},"S",null,null,3,null,"Number of card payment, initiated at other electronic channel, sent - SCA: , issuer location: Czech Republic, acquirer location: outside EEA, POS location: Rest of the World","Number of card payment, initiated at other electronic channel, sent - SCA: , issuer location: Czech Republic, acquirer location: outside EEA, POS location: Rest of the World","PN",6]
["PCP.H.CZ.G1.W2.CP0.2.2000.R.PCS_ALL.12._X._Z.N.XDF","H","CZ","G1","W2","CP0",2,"2000","R","PCS_ALL","12","_X","_Z","N","XDF","2022-S1",1.395473,"A",false,null,null,"P6M",{"$nulls":4},"S",null,null,3,null,"Value of card payment,with a delayed debit card, received - acquirer location: Czech Republic, issuer location: outside EEA, POS location: domestic","Value of card payment,with a delayed debit card, received - acquirer location: Czech Republic, issuer location: outside EEA, POS location: domestic","XDF",6]
["PCP.H.CZ.G1.W2.CP0.2.2000.R.PCS_ALL.12._X._Z.N.XDF","H","CZ","G1","W2","CP0",2,"2000","R","PCS_ALL","12","_X","_Z","N","XDF","2022-S2",1.974094,"A",false,null,null,"P6M",{"$nulls":4},"S",null,null,3,null,"Value of card payment,with a delayed debit card, received - acquirer location: Czech Republic, issuer location: outside EEA, POS location: domestic","Value of card payment,with a delayed debit card, received - acquirer location: Czech Republic, issuer location: outside EEA, POS location: domestic","XDF",6]
["PCP.H.CZ.G1.W2.CP0.2.2000.R.PCS_ALL.12._X._Z.N.XDF","H","CZ","G1","W2","CP0",2,"2000","R","PCS_ALL","12","_X","_Z","N","XDF","2023-S1",1.792876,"A",false,null,null,"P6M",{"$nulls":4},"S",null,null,3,null,"Value of card payment,with a delayed debit card, received - acquirer location: Czech Republic, issuer location: outside EEA, POS location: domestic","Value of card payment,with a delayed debit card, received - acquirer location: Czech Republic, issuer location: outside EEA, POS location: domestic","XDF",6]
["PCP.H.CZ.G1.W2.CP0.2.2000.R.PCS_ALL.12._X._Z.N.XDF","H","CZ","G1","W2","CP0",2,"2000","R","PCS_ALL","12","_X","_Z","N","XDF","2023-S2",1.28993,"P",false,null,null,"P6M",{"$nulls":4},"S",null,null,3,null,"Value of card payment,with a delayed debit card, received - acquirer location: Czech Republic, issuer location: outside EEA, POS location: domestic","Value of card payment,with a delayed debit card, received - acquirer location: Czech Republic, issuer location: outside EEA, POS location: domestic","XDF",6]
["PCP.H.CZ.G3.G3.CW1.1._T._T.PCS_ALL.11._X._Z.N.XDF","H","CZ","G3","G3","CW1",1,"_T","_T","PCS_ALL","11","_X","_Z","N","XDF","2022-S1",5928.626778000001,"A",false,null,null,"P6M",{"$nulls":4},"S",null,null,3,null,"Value of cash withdrawal using cards with a debit card, sent - issuer location: Czech Republic, acquirer location: other EEA countries, terminal location: other EEA countries","Value of cash withdrawal using cards with a debit card, sent - issuer location: Czech Republic, acquirer location: other EEA countries, terminal location: other EEA countries","XDF",6]
["PCP.H.CZ.G3.G3.CW1.1._T._T.PCS_ALL.11._X._Z.N.XDF","H","CZ","G3","G3","CW1",1,"_T","_T","PCS_ALL","11","_X","_Z","N","XDF","2022-S2",8238.294059,"A",false,null,null,"P6M",{"$nulls":4},"S",null,null,3,null,"Value of cash withdrawal using cards with a debit card, sent - issuer location: Czech Republic, acquirer location: other EEA countries, terminal location: other EEA countries","Value of cash withdrawal using cards with a debit card, sent - issuer location: Czech Republic, acquirer location: other EEA countries, terminal location: other EEA countries","XDF",6]
["PCP.H.CZ.G3.G3.CW1.1._T._T.PCS_ALL.11._X._Z.N.XDF","H","CZ","G3","G3","CW1",1,"_T","_T","PCS_ALL","11","_X","_Z","N","XDF","2023-S1",6345.64058464,"A",false,null,null,"P6M",{"$nulls":4},"S",null,null,3,null,"Value of cash withdrawal using cards with a debit card, sent - issuer location: Czech Republic, acquirer location: other EEA countries, terminal location: other EEA countries","Value of cash withdrawal using cards with a debit card, sent - issuer location: Czech Republic, acquirer location: other EEA countries, terminal location: other EEA countries","XDF",6]
["PCP.H.CZ.G3.G3.CW1.1._T._T.PCS_ALL.11._X._Z.N.XDF","H","CZ","G3","G3","CW1",1,"_T","_T","PCS_ALL","11","_X","_Z","N","XDF","2023-S2",8150.866141689998,"P",false,null,null,"P6M",{"$nulls":4},"S",null,null,3,null,"Value of cash withdrawal using cards with a debit card, sent - issuer location: Czech Republic, acquirer location: other EEA countries, terminal location: other EEA countries","Value of cash withdrawal using cards with a debit card, sent - issuer location: Czech Republic, acquirer location: other EEA countries, terminal location: other EEA countries","XDF",6]
["PCP.H.CZ.G3.W0.CP0.1.1000.NR.PCS_ALL._Z._X._Z.N.PN","H","CZ","G3","W0","CP0",1,"1000","NR","PCS_ALL","_Z","_X","_Z","N","PN","2022-S1",0.05241999999999999,"A",false,null,null,"P6M",{"$nulls":4},"S",null,null,3,null,"Number of card paymentnon-electronic, sent - SCA: , issuer location: Czech Republic, acquirer location: other EEA countries, POS location: world","Number of card paymentnon-electronic, sent - SCA: , issuer location: Czech Republic, acquirer location: other EEA countries, POS location: world","PN",6]
["PCP.H.CZ.G3.W0.CP0.1.1000.NR.PCS_ALL._Z._X._Z.N.PN","H","CZ","G3","W0","CP0",1,"1000","NR","PCS_ALL","_Z","_X","_Z","N","PN","2022-S2",0.100373,"A",false,null,null,"P6M",{"$nulls":4},"S",null,null,3,null,"Number of card paymentnon-electronic, sent - SCA: , issuer location: Czech Republic, acquirer location: other EEA countries, POS location: world","Number of card paymentnon-electronic, sent - SCA: , issuer location: Czech Republic, acquirer location: other EEA countries, POS location: world","PN",6]
["PCP.H.CZ.G3.W0.CP0.1.1000.NR.PCS_ALL._Z._X._Z.N.PN","H","CZ","G3","W0","CP0",1,"1000","NR","PCS_ALL","_Z","_X","_Z","N","PN","2023-S1",0.04681800000000001,"A",false,null,null,"P6M",{"$nulls":4},"S",null,null,3,null,"Number of card paymentnon-electronic, sent - SCA: , issuer location: Czech Republic, acquirer location: other EEA countries, POS location: world","Number of card paymentnon-electronic, sent - SCA: , issuer location: Czech Republic, acquirer location: other EEA countries, POS location: world","PN",6]
["PCP.H.CZ.G3.W0.CP0.1.1000.NR.PCS_ALL._Z._X._Z.N.PN","H","CZ","G3","W0","CP0",1,"1000","NR","PCS_ALL","_Z","_X","_Z","N","PN","2023-S2",0.06227699999999999,"P",false,null,null,"P6M",{"$nulls":4},"S",null,null,3,null,"Number of card paymentnon-electronic, sent - SCA: , issuer location: Czech Republic, acquirer location: other EEA countries, POS location: world","Number of card paymentnon-electronic, sent - SCA: , issuer location: Czech Republic, acquirer location: other EEA countries, POS location: world","PN",6]
["PCP.H.CZ.G3.W1.CP0.2.2000.R.PCS_ALL._Z.208._Z.N.PN","H","CZ","G3","W1","CP0",2,"2000","R","PCS_ALL","_Z","208","_Z","N","PN","2022-S1",0.002476,"A",false,null,null,"P6M",{"$nulls":4},"S",null,null,3,null,"Number of card paymentelectronic, received - SCA: non-sca: transaction risk analysis, acquirer location: Czech Republic, issuer location: other EEA countries, POS location: Rest of the World","Number of card paymentelectronic, received - SCA: non-sca: transaction risk analysis, acquirer location: Czech Republic, issuer location: other EEA countries, POS location: Rest of the World","PN",6]
["PCP.H.CZ.G3.W1.CP0.2.2000.R.PCS_ALL._Z.208._Z.N.PN","H","CZ","G3","W1","CP0",2,"2000","R","PCS_ALL","_Z","208","_Z","N","PN","2022-S2",0.004318000000000002,"A",false,null,null,"P6M",{"$nulls":4},"S",null,null,3,null,"Number of card paymentelectronic, received - SCA: non-sca: transaction risk analysis, acquirer location: Czech Republic, issuer location: other EEA countries, POS location: Rest of the World","Number of card paymentelectronic, received - SCA: non-sca: transaction risk analysis, acquirer location: Czech Republic, issuer location: other EEA countries, POS location: Rest of the World","PN",6]
["PCP.H.CZ.G3.W1.CP0.2.2000.R.PCS_ALL._Z.208._Z.N.PN","H","CZ","G3","W1","CP0",2,"2000","R","PCS_ALL","_Z","208","_Z","N","PN","2023-S1",0.003258,"A",false,null,null,"P6M",{"$nulls":4},"S",null,null,3,null,"Number of card paymentelectronic, received - SCA: non-sca: transaction risk analysis, acquirer location: Czech Republic, issuer location: other EEA countries, POS location: Rest of the World","Number of card paymentelectronic, received - SCA: non-sca: transaction risk analysis, acquirer location: Czech Republic, issuer location: other EEA countries, POS location: Rest of the World","PN",6]
["PCP.H.CZ.G3.W1.CP0.2.2000.R.PCS_ALL._Z.208._Z.N.PN","H","CZ","G3","W1","CP0",2,"2000","R","PCS_ALL","_Z","208","_Z","N","PN","2023-S2",0.003188,"P",false,null,null,"P6M",{"$nulls":4},"S",null,null,3,null,"Number of card paymentelectronic, received - SCA: non-sca: transaction risk analysis, acquirer location: Czech Republic, issuer location: other EEA countries, POS location: Rest of the World","Number of card paymentelectronic, received - SCA: non-sca: transaction risk analysis, acquirer location: Czech Republic, issuer location: other EEA countries, POS location: Rest of the World","PN",6]
["PCP.H.CZ.W0.W0.CP0.1.2000.R.PCS_ALL.12._X._Z.G1.XDF","H","CZ","W0","W0","CP0",1,"2000","R","PCS_ALL","12","_X","_Z","G1","XDF","2023-S1",50.77149395473975,"A",false,null,null,"P6M",{"$nulls":4},"S",null,null,2,null,"Annual growth rate of the total value of card payment with a delayed debit card, sent - issuer location: Czech Republic, POS location: world","Annual growth rate of the total value of card payment with a delayed debit card, sent - issuer location: Czech Republic, POS location: world","XDF",0]
["PCP.H.CZ.W0.W0.CP0.1.2000.R.PCS_ALL.12._X._Z.G1.XDF","H","CZ","W0","W0","CP0",1,"2000","R","PCS_ALL","12","_X","_Z","G1","XDF","2023-S2",8.542338341676881,"P",false,null,null,"P6M",{"$nulls":4},"S",null,null,2,null,"Annual growth rate of the total value of card payment with a delayed debit card, sent - issuer location: Czech Republic, POS location: world","Annual growth rate of the total value of card payment with a delayed debit card, sent - issuer location: Czech Republic, POS location: world","XDF",0]
["PCP.H.CZ.W0.W2.CP0.1.2000.R.PCS_ALL._Z.209._Z.N.PN","H","CZ","W0","W2","CP0",1,"2000","R","PCS_ALL","_Z","209","_Z","N","PN","2022-S1",4.140014,"A",false,null,null,"P6M",{"$nulls":4},"S",null,null,3,null,"Total number of card paymentelectronic, sent - SCA: non-sca: merchant initiated transaction, issuer location: Czech Republic, POS location: domestic","Total number of card paymentelectronic, sent - SCA: non-sca: merchant initiated transaction, issuer location: Czech Republic, POS location: domestic","PN",6]
["PCP.H.CZ.W0.W2.CP0.1.2000.R.PCS_ALL._Z.209._Z.N.PN","H","CZ","W0","W2","CP0",1,"2000","R","PCS_ALL","_Z","209","_Z","N","PN","2022-S2",4.415277,"A",false,null,null,"P6M",{"$nulls":4},"S",null,null,3,null,"Total number of card paymentelectronic, sent - SCA: non-sca: merchant initiated transaction, issuer location: Czech Republic, POS location: domestic","Total number of card paymentelectronic, sent - SCA: non-sca: merchant initiated transaction, issuer location: Czech Republic, POS location: domestic","PN",6]
["PCP.H.CZ.W0.W2.CP0.1.2000.R.PCS_ALL._Z.209._Z.N.PN","H","CZ","W0","W2","CP0",1,"2000","R","PCS_ALL","_Z","209","_Z","N","PN","2023-S1",5.901726,"A",false,null,null,"P6M",{"$nulls":4},"S",null,null,3,null,"Total number of card paymentelectronic, sent - SCA: non-sca: merchant initiated transaction, issuer location: Czech Republic, POS location: domestic","Total number of card paymentelectronic, sent - SCA: non-sca: merchant initiated transaction, issuer location: Czech Republic, POS location: domestic","PN",6]
["PCP.H.CZ.W0.W2.CP0.1.2000.R.PCS_ALL._Z.209._Z.N.PN","H","CZ","W0","W2","CP0",1,"2000","R","PCS_ALL","_Z","209","_Z","N","PN","2023-S2",6.199180999999999,"P",false,null,null,"P6M",{"$nulls":4},"S",null,null,3,null,"Total number of card paymentelectronic, sent - SCA: non-sca: merchant initiated transaction, issuer location: Czech Republic, POS location: domestic","Total number of card paymentelectronic, sent - SCA: non-sca: merchant initiated transaction, issuer location: Czech Republic, POS location: domestic","PN",6]
["PCP.H.CZ.W2.W0.CP0.2.2000.R.PCS_ALL._Z.205._Z.N.PN","H","CZ","W2","W0","CP0",2,"2000","R","PCS_ALL","_Z","205","_Z","N","PN","2022-S1",1.815992,"A",false,null,null,"P6M",{"$nulls":4},"S",null,null,3,null,"Number of card paymentelectronic, received - SCA: non-sca: recurring transaction, acquirer location: Czech Republic, issuer location: domestic, POS location: world","Number of card paymentelectronic, received - SCA: non-sca: recurring transaction, acquirer location: Czech Republic, issuer location: domestic, POS location: world","PN",6]
["PCP.H.CZ.W2.W0.CP0.2.2000.R.PCS_ALL._Z.205._Z.N.PN","H","CZ","W2","W0","CP0",2,"2000","R","PCS_ALL","_Z","205","_Z","N","PN","2022-S2",1.831191,"A",false,null,null,"P6M",{"$nulls":4},"S",null,null,3,null,"Number of card paymentelectronic, received - SCA: non-sca: recurring transaction, acquirer location: Czech Republic, issuer location: domestic, POS location: world","Number of card paymentelectronic, received - SCA: non-sca: recurring transaction, acquirer location: Czech Republic, issuer location: domestic, POS location: world","PN",6]
["PCP.H.CZ.W2.W0.CP0.2.2000.R.PCS_ALL._Z.205._Z.N.PN","H","CZ","W2","W0","CP0",2,"2000","R","PCS_ALL","_Z","205","_Z","N","PN","2023-S1",1.789819,"A",false,null,null,"P6M",{"$nulls":4},"S",null,null,3,null,"Number of card paymentelectronic, received - SCA: non-sca: recurring transaction, acquirer location: Czech Republic, issuer location: domestic, POS location: world","Number of card paymentelectronic, received - SCA: non-sca: recurring transaction, acquirer location: Czech Republic, issuer location: domestic, POS location: world","PN",6]
["PCP.H.CZ.W2.W0.CP0.2.2000.R.PCS_ALL._Z.205._Z.N.PN","H","CZ","W2","W0","CP0",2,"2000","R","PCS_ALL","_Z","205","_Z","N","PN","2023-S2",1.752662,"P",false,null,null,"P6M",{"$nulls":4},"S",null,null,3,null,"Number of card paymentelectronic, received - SCA: non-sca: recurring transaction, acquirer location: Czech Republic, issuer location: domestic, POS location: world","Number of card paymentelectronic, received - SCA: non-sca: recurring transaction, acquirer location: Czech Republic, issuer location: domestic, POS location: world","PN",6]
["PCP.H.DE.G3.W2.CP0.1.2000.R.PCS_ALL._Z._X._Z.N.EUR","H","DE","G3","W2","CP0",1,"2000","R","PCS_ALL","_Z","_X","_Z","N","EUR","2022-S1",1918.55672469,"A",false,null,null,"P6M",{"$nulls":4},"S",null,null,3,null,"Value of card paymentelectronic, sent - SCA: , issuer location: Germany, acquirer location: other EEA countries, POS location: domestic","Value of card paymentelectronic, sent - SCA: , issuer location: Germany, acquirer location: other EEA countries, POS location: domestic","EUR",6]
["PCP.H.DE.G3.W2.CP0.1.2000.R.PCS_ALL._Z._X._Z.N.EUR","H","DE","G3","W2","CP0",1,"2000","R","PCS_ALL","_Z","_X","_Z","N","EUR","2022-S2",2390.45440451,"A",false,null,null,"P6M",{"$nulls":4},"S",null,null,3,null,"Value of card paymentelectronic, sent - SCA: , issuer location: Germany, acquirer location: other EEA countries, POS location: domestic","Value of card paymentelectronic, sent - SCA: , issuer location: Germany, acquirer location: other EEA countries, POS location: domestic","EUR",6]
["PCP.H.DE.G3.W2.CP0.1.2000.R.PCS_ALL._Z._X._Z.N.EUR","H","DE","G3","W2","CP0",1,"2000","R","PCS_ALL","_Z","_X","_Z","N","EUR","2023-S1",2914.41907904,"A",false,null,null,"P6M",{"$nulls":4},"S",null,null,3,null,"Value of card paymentelectronic, sent - SCA: , issuer location: Germany, acquirer location: other EEA countries, POS location: domestic","Value of card paymentelectronic, sent - SCA: , issuer location: Germany, acquirer location: other EEA countries, POS location: domestic","EUR",6]
["PCP.H.DE.G3.W2.CP0.1.2000.R.PCS_ALL._Z._X._Z.N.EUR","H","DE","G3","W2","CP0",1,"2000","R","PCS_ALL","_Z","_X","_Z","N","EUR","2023-S2",3372.866479960001,"P",false,null,null,"P6M",{"$nulls":4},"S",null,null,3,null,"Value of card paymentelectronic, sent - SCA: , issuer location: Germany, acquirer location: other EEA countries, POS location: domestic","Value of card paymentelectronic, sent - SCA: , issuer location: Germany, acquirer location: other EEA countries, POS location: domestic","EUR",6]
["PCP.H.DE.W1.G3.CP0.1.1000._T.PCS_ALL._Z._X._Z.N.PN","H","DE","W1","G3","CP0",1,"1000","_T","PCS_ALL","_Z","_X","_Z","N","PN","2022-S1",16.371105,"A",false,null,null,"P6M",{"$nulls":4},"S",null,null,3,null,"Number of card paymentnon-electronic, sent - SCA: , issuer location: Germany, acquirer location: Rest of the World, POS location: other EEA countries","Number of card paymentnon-electronic, sent - SCA: , issuer location: Germany, acquirer location: Rest of the World, POS location: other EEA countries","PN",6]
["PCP.H.DE.W1.G3.CP0.1.1000._T.PCS_ALL._Z._X._Z.N.PN","H","DE","W1","G3","CP0",1,"1000","_T","PCS_ALL","_Z","_X","_Z","N","PN","2022-S2",18.357489,"A",false,null,null,"P6M",{"$nulls":4},"S",null,null,3,null,"Number of card paymentnon-electronic, sent - SCA: , issuer location: Germany, acquirer location: Rest of the World, POS location: other EEA countries","Number of card paymentnon-electronic, sent - SCA: , issuer location: Germany, acquirer location: Rest of the World, POS location: other EEA countries","PN",6]
["PCP.H.DE.W1.G3.CP0.1.1000._T.PCS_ALL._Z._X._Z.N.PN","H","DE","W1","G3","CP0",1,"1000","_T","PCS_ALL","_Z","_X","_Z","N","PN","2023-S1",18.25069700000001,"A",false,null,null,"P6M",{"$nulls":4},"S",null,null,3,null,"Number of card paymentnon-electronic, sent - SCA: , issuer location: Germany, acquirer location: Rest of the World, POS location: other EEA countries","Number of card paymentnon-electronic, sent - SCA: , issuer location: Germany, acquirer location: Rest of the World, POS location: other EEA countries","PN",6]
["PCP.H.DE.W1.G3.CP0.1.1000._T.PCS_ALL._Z._X._Z.N.PN","H","DE","W1","G3","CP0",1,"1000","_T","PCS_ALL","_Z","_X","_Z","N","PN","2023-S2",18.314982,"P",false,null,null,"P6M",{"$nulls":4},"S",null,null,3,null,"Number of card paymentnon-electronic, sent - SCA: , issuer location: Germany, acquirer location: Rest of the World, POS location: other EEA countries","Number of card paymentnon-electronic, sent - SCA: , issuer location: Germany, acquirer location: Rest of the World, POS location: other EEA countries","PN",6]
["PCP.H.DE.W1.W2.CP0.2.2000.R.PCS_ALL.13._X._Z.N.PN","H","DE","W1","W2","CP0",2,"2000","R","PCS_ALL","13","_X","_Z","N","PN","2022-S1",2.840124,"A",false,null,null,"P6M",{"$nulls":4},"S",null,null,3,null,"Number of card payment,with a credit card, received - acquirer location: Germany, issuer location: Rest of the World, POS location: domestic","Number of card payment,with a credit card, received - acquirer location: Germany, issuer location: Rest of the World, POS location: domestic","PN",6]
["PCP.H.DE.W1.W2.CP0.2.2000.R.PCS_ALL.13._X._Z.N.PN","H","DE","W1","W2","CP0",2,"2000","R","PCS_ALL","13","_X","_Z","N","PN","2022-S2",3.476914,"A",false,null,null,"P6M",{"$nulls":4},"S",null,null,3,null,"Number of card payment,with a credit card, received - acquirer location: Germany, issuer location: Rest of the World, POS location: domestic","Number of card payment,with a credit card, received - acquirer location: Germany, issuer location: Rest of the World, POS location: domestic","PN",6]
["PCP.H.DE.W1.W2.CP0.2.2000.R.PCS_ALL.13._X._Z.N.PN","H","DE","W1","W2","CP0",2,"2000","R","PCS_ALL","13","_X","_Z","N","PN","2023-S1",3.021772,"A",false,null,null,"P6M",{"$nulls":4},"S",null,null,3,null,"Number of card payment,with a credit card, received - acquirer location: Germany, issuer location: Rest of the World, POS location: domestic","Number of card payment,with a credit card, received - acquirer location: Germany, issuer location: Rest of the World, POS location: domestic","PN",6]
["PCP.H.DE.W1.W2.CP0.2.2000.R.PCS_ALL.13._X._Z.N.PN","H","DE","W1","W2","CP0",2,"2000","R","PCS_ALL","13","_X","_Z","N","PN","2023-S2",2.96878,"P",false,null,null,"P6M",{"$nulls":4},"S",null,null,3,null,"Number of card payment,with a credit card, received - acquirer location: Germany, issuer location: Rest of the World, POS location: domestic","Number of card payment,with a credit card, received - acquirer location: Germany, issuer location: Rest of the World, POS location: domestic","PN",6]
["PCP.H.DK.W0.W0.CP0.1._T.R.PCS_ALL._Z._X._Z.G1.EUR","H","DK","W0","W0","CP0",1,"_T","R","PCS_ALL","_Z","_X","_Z","G1","EUR","2022-S1",null,"M",false,null,null,"P6M",{"$nulls":4},"S",null,null,2,null,"Annual growth rate of the total value of card paymentall, sent - SCA: , issuer location: Denmark, POS location: world","Annual growth rate of the total value of card paymentall, sent - SCA: , issuer location: Denmark, POS location: world","EUR",0]
["PCP.H.DK.W0.W0.CP0.1._T.R.PCS_ALL._Z._X._Z.G1.EUR","H","DK","W0","W0","CP0",1,"_T","R","PCS_ALL","_Z","_X","_Z","G1","EUR","2022-S2",null,"M",false,null,null,"P6M",{"$nulls":4},"S",null,null,2,null,"Annual growth rate of the total value of card paymentall, sent - SCA: , issuer location: Denmark, POS location: world","Annual growth rate of the total value of card paymentall, sent - SCA: , issuer location: Denmark, POS location: world","EUR",0]
["PCP.H.DK.W0.W0.CP0.1._T.R.PCS_ALL._Z._X._Z.G1.EUR","H","DK","W0","W0","CP0",1,"_T","R","PCS_ALL","_Z","_X","_Z","G1","EUR","2023-S1",null,"M",false,null,null,"P6M",{"$nulls":4},"S",null,null,2,null,"Annual growth rate of the total value of card paymentall, sent - SCA: , issuer location: Denmark, POS location: world","Annual growth rate of the total value of card paymentall, sent - SCA: , issuer location: Denmark, POS location: world","EUR",0]
["PCP.H.DK.W0.W0.CP0.2.2000.R.PCS_ALL._Z.100._Z.N.PN","H","DK","W0","W0","CP0",2,"2000","R","PCS_ALL","_Z","100","_Z","N","PN","2022-S1",null,"M",false,null,null,"P6M",{"$nulls":4},"S",null,null,3,null,"Total number of card paymentelectronic, received - SCA: sca, acquirer location: Denmark, POS location: world","Total number of card paymentelectronic, received - SCA: sca, acquirer location: Denmark, POS location: world","PN",6]
["PCP.H.DK.W0.W0.CP0.2.2000.R.PCS_ALL._Z.100._Z.N.PN","H","DK","W0","W0","CP0",2,"2000","R","PCS_ALL","_Z","100","_Z","N","PN","2022-S2",null,"M",false,null,null,"P6M",{"$nulls":4},"S",null,null,3,null,"Total number of card paymentelectronic, received - SCA: sca, acquirer location: Denmark, POS location: world","Total number of card paymentelectronic, received - SCA: sca, acquirer location: Denmark, POS location: world","PN",6]
["PCP.H.DK.W0.W2.CP0.2.2000.NR.PCS_ALL._Z.200._Z.N.PN","H","DK","W0","W2","CP0",2,"2000","NR","PCS_ALL","_Z","200","_Z","N","PN","2022-S1",null,"M",false,null,null,"P6M",{"$nulls":4},"S",null,null,3,null,"Total number of card paymentelectronic, received - SCA: non-sca, acquirer location: Denmark, POS location: domestic","Total number of card paymentelectronic, received - SCA: non-sca, acquirer location: Denmark, POS location: domestic","PN",6]
["PCP.H.DK.W0.W2.CP0.2.2000.NR.PCS_ALL._Z.200._Z.N.PN","H","DK","W0","W2","CP0",2,"2000","NR","PCS_ALL","_Z","200","_Z","N","PN","2022-S2",null,"M",false,null,null,"P6M",{"$nulls":4},"S",null,null,3,null,"Total number of card paymentelectronic, received - SCA: non-sca, acquirer location: Denmark, POS location: domestic","Total number of card paymentelectronic, received - SCA: non-sca, acquirer location: Denmark, POS location: domestic","PN",6]
["PCP.H.DK.W2.W0.CP0.1.2000.NR.PCS_ALL._Z.202._Z.N.XDF","H","DK","W2","W0","CP0",1,"2000","NR","PCS_ALL","_Z","202","_Z","N","XDF","2022-S1",null,"M",false,null,null,"P6M",{"$nulls":4},"S",null,null,3,null,"Value of card paymentelectronic, sent - SCA: non-sca: contactless low value, issuer location: Denmark, acquirer location: domestic, POS location: world","Value of card paymentelectronic, sent - SCA: non-sca: contactless low value, issuer location: Denmark, acquirer location: domestic, POS location: world","XDF",6]
["PCP.H.DK.W2.W0.CP0.1.2000.NR.PCS_ALL._Z.202._Z.N.XDF","H","DK","W2","W0","CP0",1,"2000","NR","PCS_ALL","_Z","202","_Z","N","XDF","2022-S2",null,"M",false,null,null,"P6M",{"$nulls":4},"S",null,null,3,null,"Value of card paymentelectronic, sent - SCA: non-sca: contactless low value, issuer location: Denmark, acquirer location: domestic, POS location: world","Value of card paymentelectronic, sent - SCA: non-sca: contactless low value, issuer location: Denmark, acquirer location: domestic, POS location: world","XDF",6]
["PCP.H.EE.G1.G1.CP0.1.2000.R.PCS_ALL._Z.200._Z.N.EUR","H","EE","G1","G1","CP0",1,"2000","R","PCS_ALL","_Z","200","_Z","N","EUR","2022-S1",65.42905239000001,"A",false,null,null,"P6M",{"$nulls":4},"S",null,null,3,null,"Value of card paymentelectronic, sent - SCA: non-sca, issuer location: Estonia, acquirer location: outside EEA, POS location: outside EEA","Value of card paymentelectronic, sent - SCA: non-sca, issuer location: Estonia, acquirer location: outside EEA, POS location: outside EEA","EUR",6]
["PCP.H.EE.G1.G1.CP0.1.2000.R.PCS_ALL._Z.200._Z.N.EUR","H","EE","G1","G1","CP0",1,"2000","R","PCS_ALL","_Z","200","_Z","N","EUR","2022-S2",57.48259004000001,"A",false,null,null,"P6M",{"$nulls":4},"S",null,null,3,null,"Value of card paymentelectronic, sent - SCA: non-sca, issuer location: Estonia, acquirer location: outside EEA, POS location: outside EEA","Value of card paymentelectronic, sent - SCA: non-sca, issuer location: Estonia, acquirer location: outside EEA, POS location: outside EEA","EUR",6]
["PCP.H.EE.G1.G1.CP0.1.2000.R.PCS_ALL._Z.200._Z.N.EUR","H","EE","G1","G1","CP0",1,"2000","R","PCS_ALL","_Z","200","_Z","N","EUR","2023-S1",57.23984073,"A",false,null,null,"P6M",{"$nulls":4},"S",null,null,3,null,"Value of card paymentelectronic, sent - SCA: non-sca, issuer location: Estonia, acquirer location: outside EEA, POS location: outside EEA","Value of card paymentelectronic, sent - SCA: non-sca, issuer location: Estonia, acquirer location: outside EEA, POS location: outside EEA","EUR",6]
["PCP.H.EE.G1.G1.CP0.1.2000.R.PCS_ALL._Z.200._Z.N.EUR","H","EE","G1","G1","CP0",1,"2000","R","PCS_ALL","_Z","200","_Z","N","EUR","2023-S2",61.27081506,"P",false,null,null,"P6M",{"$nulls":4},"S",null,null,3,null,"Value of card paymentelectronic, sent - SCA: non-sca, issuer location: Estonia, acquirer location: outside EEA, POS location: outside EEA","Value of card paymentelectronic, sent - SCA: non-sca, issuer location: Estonia, acquirer location: outside EEA, POS location: outside EEA","EUR",6]
["PCP.H.EE.G1.G3.CP0.2.2000.NR.PCS_ALL._Z.206._Z.N.EUR","H","EE","G1","G3","CP0",2,"2000","NR","PCS_ALL","_Z","206","_Z","N","EUR","2022-S1",0,"A",false,null,null,"P6M",{"$nulls":4},"S",null,null,3,null,"Value of card paymentelectronic, received - SCA: non-sca: unattended terminals, acquirer location: Estonia, issuer location: outside EEA, POS location: other EEA countries","Value of card paymentelectronic, received - SCA: non-sca: unattended terminals, acquirer location: Estonia, issuer location: outside EEA, POS location: other EEA countries","EUR",6]
["PCP.H.EE.G1.G3.CP0.2.2000.NR.PCS_ALL._Z.206._Z.N.EUR","H","EE","G1","G3","CP0",2,"2000","NR","PCS_ALL","_Z","206","_Z","N","EUR","2022-S2",0,"A",false,null,null,"P6M",{"$nulls":4},"S",null,null,3,null,"Value of card paymentelectronic, received - SCA: non-sca: unattended terminals, acquirer location: Estonia, issuer location: outside EEA, POS location: other EEA countries","Value of card paymentelectronic, received - SCA: non-sca: unattended terminals, acquirer location: Estonia, issuer location: outside EEA, POS location: other EEA countries","EUR",6]
["PCP.H.EE.G1.G3.CP0.2.2000.NR.PCS_ALL._Z.206._Z.N.EUR","H","EE","G1","G3","CP0",2,"2000","NR","PCS_ALL","_Z","206","_Z","N","EUR","2023-S1",0,"A",false,null,null,"P6M",{"$nulls":4},"S",null,null,3,null,"Value of card paymentelectronic, received - SCA: non-sca: unattended terminals, acquirer location: Estonia, issuer location: outside EEA, POS location: other EEA countries","Value of card paymentelectronic, received - SCA: non-sca: unattended terminals, acquirer location: Estonia, issuer location: outside EEA, POS location: other EEA countries","EUR",6]
["PCP.H.EE.G1.G3.CP0.2.2000.NR.PCS_ALL._Z.206._Z.N.EUR","H","EE","G1","G3","CP0",2,"2000","NR","PCS_ALL","_Z","206","_Z","N","EUR","2023-S2",0,"P",false,null,null,"P6M",{"$nulls":4},"S",null,null,3,null,"Value of card paymentelectronic, received - SCA: non-sca: unattended terminals, acquirer location: Estonia, issuer location: outside EEA, POS location: other EEA countries","Value of card paymentelectronic, received - SCA: non-sca: unattended terminals, acquirer location: Estonia, issuer location: outside EEA, POS location: other EEA countries","EUR",6]
["PCP.H.EE.G1.W2.CP0.1.2000.NR.PCS_ALL._Z.202._Z.N.PN","H","EE","G1","W2","CP0",1,"2000","NR","PCS_ALL","_Z","202","_Z","N","PN","2022-S1",0.007582,"A",false,null,null,"P6M",{"$nulls":4},"S",null,null,3,null,"Number of card paymentelectronic, sent - SCA: non-sca: contactless low value, issuer location: Estonia, acquirer location: outside EEA, POS location: domestic","Number of card paymentelectronic, sent - SCA: non-sca: contactless low value, issuer location: Estonia, acquirer location: outside EEA, POS location: domestic","PN",6]
["PCP.H.EE.G1.W2.CP0.1.2000.NR.PCS_ALL._Z.202._Z.N.PN","H","EE","G1","W2","CP0",1,"2000","NR","PCS_ALL","_Z","202","_Z","N","PN","2022-S2",0.027569,"A",false,null,null,"P6M",{"$nulls":4},"S",null,null,3,null,"Number of card paymentelectronic, sent - SCA: non-sca: contactless low value, issuer location: Estonia, acquirer location: outside EEA, POS location: domestic","Number of card paymentelectronic, sent - SCA: non-sca: contactless low value, issuer location: Estonia, acquirer location: outside EEA, POS location: domestic","PN",6]
["PCP.H.EE.G1.W2.CP0.1.2000.NR.PCS_ALL._Z.202._Z.N.PN","H","EE","G1","W2","CP0",1,"2000","NR","PCS_ALL","_Z","202","_Z","N","PN","2023-S1",0.034344,"A",false,null,null,"P6M",{"$nulls":4},"S",null,null,3,null,"Number of card paymentelectronic, sent - SCA: non-sca: contactless low value, issuer location: Estonia, acquirer location: outside EEA, POS location: domestic","Number of card paymentelectronic, sent - SCA: non-sca: contactless low value, issuer location: Estonia, acquirer location: outside EEA, POS location: domestic","PN",6]
["PCP.H.EE.G1.W2.CP0.1.2000.NR.PCS_ALL._Z.202._Z.N.PN","H","EE","G1","W2","CP0",1,"2000","NR","PCS_ALL","_Z","202","_Z","N","PN","2023-S2",0.020414,"P",false,null,null,"P6M",{"$nulls":4},"S",null,null,3,null,"Number of card paymentelectronic, sent - SCA: non-sca: contactless low value, issuer location: Estonia, acquirer location: outside EEA, POS location: domestic","Number of card paymentelectronic, sent - SCA: non-sca: contactless low value, issuer location: Estonia, acquirer location: outside EEA, POS location: domestic","PN",6]
["PCP.H.EE.G3.G3.CP0.2.2000.R.PCS_ALL.12._X._Z.N.EUR","H","EE","G3","G3","CP0",2,"2000","R","PCS_ALL","12","_X","_Z","N","EUR","2022-S1",2.3702586,"A",false,null,null,"P6M",{"$nulls":4},"S",null,null,3,null,"Value of card payment,with a delayed debit card, received - acquirer location: Estonia, issuer location: other EEA countries, POS location: other EEA countries","Value of card payment,with a delayed debit card, received - acquirer location: Estonia, issuer location: other EEA countries, POS location: other EEA countries","EUR",6]
["PCP.H.EE.G3.G3.CP0.2.2000.R.PCS_ALL.12._X._Z.N.EUR","H","EE","G3","G3","CP0",2,"2000","R","PCS_ALL","12","_X","_Z","N","EUR","2022-S2",0,"A",false,null,null,"P6M",{"$nulls":4},"S",null,null,3,null,"Value of card payment,with a delayed debit card, received - acquirer location: Estonia, issuer location: other EEA countries, POS location: other EEA countries","Value of card payment,with a delayed debit card, received - acquirer location: Estonia, issuer location: other EEA countries, POS location: other EEA countries","EUR",6]
["PCP.H.EE.G3.G3.CP0.2.2000.R.PCS_ALL.12._X._Z.N.EUR","H","EE","G3","G3","CP0",2,"2000","R","PCS_ALL","12","_X","_Z","N","EUR","2023-S1",0,"A",false,null,null,"P6M",{"$nulls":4},"S",null,null,3,null,"Value of card payment,with a delayed debit card, received - acquirer location: Estonia, issuer location: other EEA countries, POS location: other EEA countries","Value of card payment,with a delayed debit card, received - acquirer location: Estonia, issuer location: other EEA countries, POS location: other EEA countries","EUR",6]
["PCP.H.EE.G3.G3.CP0.2.2000.R.PCS_ALL.12._X._Z.N.EUR","H","EE","G3","G3","CP0",2,"2000","R","PCS_ALL","12","_X","_Z","N","EUR","2023-S2",0,"P",false,null,null,"P6M",{"$nulls":4},"S",null,null,3,null,"Value of card payment,with a delayed debit card, received - acquirer location: Estonia, issuer location: other EEA countries, POS location: other EEA countries","Value of card payment,with a delayed debit card, received - acquirer location: Estonia, issuer location: other EEA countries, POS location: other EEA countries","EUR",6]
["PCP.H.EE.G3.W0.CP0.2.1000.R.PCS_ALL._Z._X._Z.N.PN","H","EE","G3","W0","CP0",2,"1000","R","PCS_ALL","_Z","_X","_Z","N","PN","2022-S1",0,"A",false,null,null,"P6M",{"$nulls":4},"S",null,null,3,null,"Number of card paymentnon-electronic, received - SCA: , acquirer location: Estonia, issuer location: other EEA countries, POS location: world","Number of card paymentnon-electronic, received - SCA: , acquirer location: Estonia, issuer location: other EEA countries, POS location: world","PN",6]
["PCP.H.EE.G3.W0.CP0.2.1000.R.PCS_ALL._Z._X._Z.N.PN","H","EE","G3","W0","CP0",2,"1000","R","PCS_ALL","_Z","_X","_Z","N","PN","2022-S2",0,"A",false,null,null,"P6M",{"$nulls":4},"S",null,null,3,null,"Number of card paymentnon-electronic, received - SCA: , acquirer location: Estonia, issuer location: other EEA countries, POS location: world","Number of card paymentnon-electronic, received - SCA: , acquirer location: Estonia, issuer location: other EEA countries, POS location: world","PN",6]
["PCP.H.EE.G3.W0.CP0.2.1000.R.PCS_ALL._Z._X._Z.N.PN","H","EE","G3","W0","CP0",2,"1000","R","PCS_ALL","_Z","_X","_Z","N","PN","2023-S1",0,"A",false,null,null,"P6M",{"$nulls":4},"S",null,null,3,null,"Number of card paymentnon-electronic, received - SCA: , acquirer location: Estonia, issuer location: other EEA countries, POS location: world","Number of card paymentnon-electronic, received - SCA: , acquirer location: Estonia, issuer location: other EEA countries, POS location: world","PN",6]
["PCP.H.EE.G3.W0.CP0.2.1000.R.PCS_ALL._Z._X._Z.N.PN","H","EE","G3","W0","CP0",2,"1000","R","PCS_ALL","_Z","_X","_Z","N","PN","2023-S2",0,"P",false,null,null,"P6M",{"$nulls":4},"S",null,null,3,null,"Number of card paymentnon-electronic, received - SCA: , acquirer location: Estonia, issuer location: other EEA countries, POS location: world","Number of card paymentnon-electronic, received - SCA: , acquirer location: Estonia, issuer location: other EEA countries, POS location: world","PN",6]
["PCP.H.EE.G3.W0.CP0.2.2000.R.PCS_ALL._Z.100._Z.N.EUR","H","EE","G3","W0","CP0",2,"2000","R","PCS_ALL","_Z","100","_Z","N","EUR","2022-S1",11.98930016,"A",false,null,null,"P6M",{"$nulls":4},"S",null,null,3,null,"Value of card paymentelectronic, received - SCA: sca, acquirer location: Estonia, issuer location: other EEA countries, POS location: world","Value of card paymentelectronic, received - SCA: sca, acquirer location: Estonia, issuer location: other EEA countries, POS location: world","EUR",6]
["PCP.H.EE.G3.W0.CP0.2.2000.R.PCS_ALL._Z.100._Z.N.EUR","H","EE","G3","W0","CP0",2,"2000","R","PCS_ALL","_Z","100","_Z","N","EUR","2022-S2",14.51613665,"A",false,null,null,"P6M",{"$nulls":4},"S",null,null,3,null,"Value of card paymentelectronic, received - SCA: sca, acquirer location: Estonia, issuer location: other EEA countries, POS location: world","Value of card paymentelectronic, received - SCA: sca, acquirer location: Estonia, issuer location: other EEA countries, POS location: world","EUR",6]
["PCP.H.EE.G3.W0.CP0.2.2000.R.PCS_ALL._Z.100._Z.N.EUR","H","EE","G3","W0","CP0",2,"2000","R","PCS_ALL","_Z","100","_Z","N","EUR","2023-S1",14.79932341,"A",false,null,null,"P6M",{"$nulls":4},"S",null,null,3,null,"Value of card paymentelectronic, received - SCA: sca, acquirer location: Estonia, issuer location: other EEA countries, POS location: world","Value of card paymentelectronic, received - SCA: sca, acquirer location: Estonia, issuer location: other EEA countries, POS location: world","EUR",6]
["PCP.H.EE.G3.W0.CP0.2.2000.R.PCS_ALL._Z.100._Z.N.EUR","H","EE","G3","W0","CP0",2,"2000","R","PCS_ALL","_Z","100","_Z","N","EUR","2023-S2",12.2983566,"P",false,null,null,"P6M",{"$nulls":4},"S",null,null,3,null,"Value of card paymentelectronic, received - SCA: sca, acquirer location: Estonia, issuer location: other EEA countries, POS location: world","Value of card paymentelectronic, received - SCA: sca, acquirer location: Estonia, issuer location: other EEA countries, POS location: world","EUR",6]
["PCP.H.EE.W0.G1.CP0.1.2229.R.PCS_ALL._Z._X._Z.N.EUR","H","EE","W0","G1","CP0",1,"2229","R","PCS_ALL","_Z","_X","_Z","N","EUR","2022-S1",98.82875309999999,"A",false,null,null,"P6M",{"$nulls":4},"S",null,null,3,null,"Total value of card payment, initiated at other electronic channel, sent - SCA: , issuer location: Estonia, POS location: outside EEA","Total value of card payment, initiated at other electronic channel, sent - SCA: , issuer location: Estonia, POS location: outside EEA","EUR",6]
["PCP.H.EE.W0.G1.CP0.1.2229.R.PCS_ALL._Z._X._Z.N.EUR","H","EE","W0","G1","CP0",1,"2229","R","PCS_ALL","_Z","_X","_Z","N","EUR","2022-S2",102.29246719,"A",false,null,null,"P6M",{"$nulls":4},"S",null,null,3,null,"Total value of card payment, initiated at other electronic channel, sent - SCA: , issuer location: Estonia, POS location: outside EEA","Total value of card payment, initiated at other electronic channel, sent - SCA: , issuer location: Estonia, POS location: outside EEA","EUR",6]
["PCP.H.EE.W0.G1.CP0.1.2229.R.PCS_ALL._Z._X._Z.N.EUR","H","EE","W0","G1","CP0",1,"2229","R","PCS_ALL","_Z","_X","_Z","N","EUR","2023-S1",101.7392466,"A",false,null,null,"P6M",{"$nulls":4},"S",null,null,3,null,"Total value of card payment, initiated at other electronic channel, sent - SCA: , issuer location: Estonia, POS location: outside EEA","Total value of card payment, initiated at other electronic channel, sent - SCA: , issuer location: Estonia, POS location: outside EEA","EUR",6]
["PCP.H.EE.W0.G1.CP0.1.2229.R.PCS_ALL._Z._X._Z.N.EUR","H","EE","W0","G1","CP0",1,"2229","R","PCS_ALL","_Z","_X","_Z","N","EUR","2023-S2",105.0623271,"P",false,null,null,"P6M",{"$nulls":4},"S",null,null,3,null,"Total value of card payment, initiated at other electronic channel, sent - SCA: , issuer location: Estonia, POS location: outside EEA","Total value of card payment, initiated at other electronic channel, sent - SCA: , issuer location: Estonia, POS location: outside EEA","EUR",6]
["PCP.H.EE.W0.G3.CP0.1.2000.NR.PCS_ALL._Z.206._Z.N.PN","H","EE","W0","G3","CP0",1,"2000","NR","PCS_ALL","_Z","206","_Z","N","PN","2022-S1",0.06902699999999998,"A",false,null,null,"P6M",{"$nulls":4},"S",null,null,3,null,"Total number of card paymentelectronic, sent - SCA: non-sca: unattended terminals, issuer location: Estonia, POS location: other EEA countries","Total number of card paymentelectronic, sent - SCA: non-sca: unattended terminals, issuer location: Estonia, POS location: other EEA countries","PN",6]
["PCP.H.EE.W0.G3.CP0.1.2000.NR.PCS_ALL._Z.206._Z.N.PN","H","EE","W0","G3","CP0",1,"2000","NR","PCS_ALL","_Z","206","_Z","N","PN","2022-S2",0.09258799999999999,"A",false,null,null,"P6M",{"$nulls":4},"S",null,null,3,null,"Total number of card paymentelectronic, sent - SCA: non-sca: unattended terminals, issuer location: Estonia, POS location: other EEA countries","Total number of card paymentelectronic, sent - SCA: non-sca: unattended terminals, issuer location: Estonia, POS location: other EEA countries","PN",6]
["PCP.H.EE.W0.G3.CP0.1.2000.NR.PCS_ALL._Z.206._Z.N.PN","H","EE","W0","G3","CP0",1,"2000","NR","PCS_ALL","_Z","206","_Z","N","PN","2023-S1",0.096182,"A",false,null,null,"P6M",{"$nulls":4},"S",null,null,3,null,"Total number of card paymentelectronic, sent - SCA: non-sca: unattended terminals, issuer location: Estonia, POS location: other EEA countries","Total number of card paymentelectronic, sent - SCA: non-sca: unattended terminals, issuer location: Estonia, POS location: other EEA countries","PN",6]
["PCP.H.EE.W0.G3.CP0.1.2000.NR.PCS_ALL._Z.206._Z.N.PN","H","EE","W0","G3","CP0",1,"2000","NR","PCS_ALL","_Z","206","_Z","N","PN","2023-S2",0.123051,"P",false,null,null,"P6M",{"$nulls":4},"S",null,null,3,null,"Total number of card paymentelectronic, sent - SCA: non-sca: unattended terminals, issuer location: Estonia, POS location: other EEA countries","Total number of card paymentelectronic, sent - SCA: non-sca: unattended terminals, issuer location: Estonia, POS location: other EEA countries","PN",6]
["PCP.H.EE.W0.W2.CP0.2.1000.NR.PCS_ALL._Z._X._Z.N.EUR","H","EE","W0","W2","CP0",2,"1000","NR","PCS_ALL","_Z","_X","_Z","N","EUR","2022-S1",325.60745924,"A",false,null,null,"P6M",{"$nulls":4},"S",null,null,3,null,"Total value of card paymentnon-electronic, received - SCA: , acquirer location: Estonia, POS location: domestic","Total value of card paymentnon-electronic, received - SCA: , acquirer location: Estonia, POS location: domestic","EUR",6]
["PCP.H.EE.W0.W2.CP0.2.1000.NR.PCS_ALL._Z._X._Z.N.EUR","H","EE","W0","W2","CP0",2,"1000","NR","PCS_ALL","_Z","_X","_Z","N","EUR","2022-S2",398.90438098,"A",false,null,null,"P6M",{"$nulls":4},"S",null,null,3,null,"Total value of card paymentnon-electronic, received - SCA: , acquirer location: Estonia, POS location: domestic","Total value of card paymentnon-electronic, received - SCA: , acquirer location: Estonia, POS location: domestic","EUR",6]
["PCP.H.EE.W0.W2.CP0.2.1000.NR.PCS_ALL._Z._X._Z.N.EUR","H","EE","W0","W2","CP0",2,"1000","NR","PCS_ALL","_Z","_X","_Z","N","EUR","2023-S1",392.60389496,"A",false,null,null,"P6M",{"$nulls":4},"S",null,null,3,null,"Total value of card paymentnon-electronic, received - SCA: , acquirer location: Estonia, POS location: domestic","Total value of card paymentnon-electronic, received - SCA: , acquirer location: Estonia, POS location: domestic","EUR",6]
["PCP.H.EE.W0.W2.CP0.2.1000.NR.PCS_ALL._Z._X._Z.N.EUR","H","EE","W0","W2","CP0",2,"1000","NR","PCS_ALL","_Z","_X","_Z","N","EUR","2023-S2",451.41577643,"P",false,null,null,"P6M",{"$nulls":4},"S",null,null,3,null,"Total value of card paymentnon-electronic, received - SCA: , acquirer location: Estonia, POS location: domestic","Total value of card paymentnon-electronic, received - SCA: , acquirer location: Estonia, POS location: domestic","EUR",6]
["PCP.H.EE.W1.W1.CP0.2.2000.R.PCS_ALL.13._X._Z.N.EUR","H","EE","W1","W1","CP0",2,"2000","R","PCS_ALL","13","_X","_Z","N","EUR","2022-S1",5.04503294,"A",false,null,null,"P6M",{"$nulls":4},"S",null,null,3,null,"Value of card payment,with a credit card, received - acquirer location: Estonia, issuer location: Rest of the World, POS location: Rest of the World","Value of card payment,with a credit card, received - acquirer location: Estonia, issuer location: Rest of the World, POS location: Rest of the World","EUR",6]
["PCP.H.EE.W1.W1.CP0.2.2000.R.PCS_ALL.13._X._Z.N.EUR","H","EE","W1","W1","CP0",2,"2000","R","PCS_ALL","13","_X","_Z","N","EUR","2022-S2",19.21957393,"A",false,null,null,"P6M",{"$nulls":4},"S",null,null,3,null,"Value of card payment,with a credit card, received - acquirer location: Estonia, issuer location: Rest of the World, POS location: Rest of the World","Value of card payment,with a credit card, received - acquirer location: Estonia, issuer location: Rest of the World, POS location: Rest of the World","EUR",6]
["PCP.H.EE.W1.W1.CP0.2.2000.R.PCS_ALL.13._X._Z.N.EUR","H","EE","W1","W1","CP0",2,"2000","R","PCS_ALL","13","_X","_Z","N","EUR","2023-S1",15.73928083,"A",false,null,null,"P6M",{"$nulls":4},"S",null,null,3,null,"Value of card payment,with a credit card, received - acquirer location: Estonia, issuer location: Rest of the World, POS location: Rest of the World","Value of card payment,with a credit card, received - acquirer location: Estonia, issuer location: Rest of the World, POS location: Rest of the World","EUR",6]
["PCP.H.EE.W1.W1.CP0.2.2000.R.PCS_ALL.13._X._Z.N.EUR","H","EE","W1","W1","CP0",2,"2000","R","PCS_ALL","13","_X","_Z","N","EUR","2023-S2",12.04022281,"P",false,null,null,"P6M",{"$nulls":4},"S",null,null,3,null,"Value of card payment,with a credit card, received - acquirer location: Estonia, issuer location: Rest of the World, POS location: Rest of the World","Value of card payment,with a credit card, received - acquirer location: Estonia, issuer location: Rest of the World, POS location: Rest of the World","EUR",6]
["PCP.H.EE.W2.W1.CP11.1.2223.NR.PCS_ALL._Z._X._Z.N.EUR","H","EE","W2","W1","CP11",1,"2223","NR","PCS_ALL","_Z","_X","_Z","N","EUR","2022-S1",0.7788653200000001,"A",false,null,null,"P6M",{"$nulls":4},"S",null,null,3,null,"Value of card payments (nfc), initiated at eftpos, sent - SCA: , issuer location: Estonia, acquirer location: domestic, terminal location: Rest of the World","Value of card payments (nfc), initiated at eftpos, sent - SCA: , issuer location: Estonia, acquirer location: domestic, terminal location: Rest of the World","EUR",6]
["PCP.H.EE.W2.W1.CP11.1.2223.NR.PCS_ALL._Z._X._Z.N.EUR","H","EE","W2","W1","CP11",1,"2223","NR","PCS_ALL","_Z","_X","_Z","N","EUR","2022-S2",0.35358284,"A",false,null,null,"P6M",{"$nulls":4},"S",null,null,3,null,"Value of card payments (nfc), initiated at eftpos, sent - SCA: , issuer location: Estonia, acquirer location: domestic, terminal location: Rest of the World","Value of card payments (nfc), initiated at eftpos, sent - SCA: , issuer location: Estonia, acquirer location: domestic, terminal location: Rest of the World","EUR",6]
["PCP.H.EE.W2.W1.CP11.1.2223.NR.PCS_ALL._Z._X._Z.N.EUR","H","EE","W2","W1","CP11",1,"2223","NR","PCS_ALL","_Z","_X","_Z","N","EUR","2023-S1",0.18348513,"A",false,null,null,"P6M",{"$nulls":4},"S",null,null,3,null,"Value of card payments (nfc), initiated at eftpos, sent - SCA: , issuer location: Estonia, acquirer location: domestic, terminal location: Rest of the World","Value of card payments (nfc), initiated at eftpos, sent - SCA: , issuer location: Estonia, acquirer location: domestic, terminal location: Rest of the World","EUR",6]
["PCP.H.EE.W2.W1.CP11.1.2223.NR.PCS_ALL._Z._X._Z.N.EUR","H","EE","W2","W1","CP11",1,"2223","NR","PCS_ALL","_Z","_X","_Z","N","EUR","2023-S2",0.3260989500000001,"P",false,null,null,"P6M",{"$nulls":4},"S",null,null,3,null,"Value of card payments (nfc), initiated at eftpos, sent - SCA: , issuer location: Estonia, acquirer location: domestic, terminal location: Rest of the World","Value of card payments (nfc), initiated at eftpos, sent - SCA: , issuer location: Estonia, acquirer location: domestic, terminal location: Rest of the World","EUR",6]
["PCP.H.EE.W2.W2.CP0.1.2000.R.PCS_ALL._Z.207._Z.N.EUR","H","EE","W2","W2","CP0",1,"2000","R","PCS_ALL","_Z","207","_Z","N","EUR","2022-S1",0,"A",false,null,null,"P6M",{"$nulls":4},"S",null,null,3,null,"Value of card paymentelectronic, sent - SCA: non-sca: secure corporate payment, issuer location: Estonia, acquirer location: domestic, POS location: domestic","Value of card paymentelectronic, sent - SCA: non-sca: secure corporate payment, issuer location: Estonia, acquirer location: domestic, POS location: domestic","EUR",6]
["PCP.H.EE.W2.W2.CP0.1.2000.R.PCS_ALL._Z.207._Z.N.EUR","H","EE","W2","W2","CP0",1,"2000","R","PCS_ALL","_Z","207","_Z","N","EUR","2022-S2",null,"Q",false,null,null,"P6M",{"$nulls":4},"S",null,null,3,null,"Value of card paymentelectronic, sent - SCA: non-sca: secure corporate payment, issuer location: Estonia, acquirer location: domestic, POS location: domestic","Value of card paymentelectronic, sent - SCA: non-sca: secure corporate payment, issuer location: Estonia, acquirer location: domestic, POS location: domestic","EUR",6]
["PCP.H.EE.W2.W2.CP0.1.2000.R.PCS_ALL._Z.207._Z.N.EUR","H","EE","W2","W2","CP0",1,"2000","R","PCS_ALL","_Z","207","_Z","N","EUR","2023-S1",null,"Q",false,null,null,"P6M",{"$nulls":4},"S",null,null,3,null,"Value of card paymentelectronic, sent - SCA: non-sca: secure corporate payment, issuer location: Estonia, acquirer location: domestic, POS location: domestic","Value of card paymentelectronic, sent - SCA: non-sca: secure corporate payment, issuer location: Estonia, acquirer location: domestic, POS location: domestic","EUR",6]
["PCP.H.EE.W2.W2.CP0.1.2000.R.PCS_ALL._Z.207._Z.N.EUR","H","EE","W2","W2","CP0",1,"2000","R","PCS_ALL","_Z","207","_Z","N","EUR","2023-S2",0,"P",false,null,null,"P6M",{"$nulls":4},"S",null,null,3,null,"Value of card paymentelectronic, sent - SCA: non-sca: secure corporate payment, issuer location: Estonia, acquirer location: domestic, POS location: domestic","Value of card paymentelectronic, sent - SCA: non-sca: secure corporate payment, issuer location: Estonia, acquirer location: domestic, POS location: domestic","EUR",6]
["PCP.H.ES.W0.G3.CP0.2.2000.R.PCS_ALL._Z.201._Z.N.EUR","H","ES","W0","G3","CP0",2,"2000","R","PCS_ALL","_Z","201","_Z","N","EUR","2022-S1",5.228612139999999,"A",false,null,null,"P6M",{"$nulls":4},"S",null,null,3,null,"Total value of card paymentelectronic, received - SCA: non-sca: low value, acquirer location: Spain, POS location: other EEA countries","Total value of card paymentelectronic, received - SCA: non-sca: low value, acquirer location: Spain, POS location: other EEA countries","EUR",6]
["PCP.H.ES.W0.G3.CP0.2.2000.R.PCS_ALL._Z.201._Z.N.EUR","H","ES","W0","G3","CP0",2,"2000","R","PCS_ALL","_Z","201","_Z","N","EUR","2022-S2",8.118704830000002,"A",false,null,null,"P6M",{"$nulls":4},"S",null,null,3,null,"Total value of card paymentelectronic, received - SCA: non-sca: low value, acquirer location: Spain, POS location: other EEA countries","Total value of card paymentelectronic, received - SCA: non-sca: low value, acquirer location: Spain, POS location: other EEA countries","EUR",6]
["PCP.H.ES.W0.G3.CP0.2.2000.R.PCS_ALL._Z.201._Z.N.EUR","H","ES","W0","G3","CP0",2,"2000","R","PCS_ALL","_Z","201","_Z","N","EUR","2023-S1",12.4002902,"A",false,null,null,"P6M",{"$nulls":4},"S",null,null,3,null,"Total value of card paymentelectronic, received - SCA: non-sca: low value, acquirer location: Spain, POS location: other EEA countries","Total value of card paymentelectronic, received - SCA: non-sca: low value, acquirer location: Spain, POS location: other EEA countries","EUR",6]
["PCP.H.ES.W0.G3.CP0.2.2000.R.PCS_ALL._Z.201._Z.N.EUR","H","ES","W0","G3","CP0",2,"2000","R","PCS_ALL","_Z","201","_Z","N","EUR","2023-S2",12.17087459,"P",false,null,null,"P6M",{"$nulls":4},"S",null,null,3,null,"Total value of card paymentelectronic, received - SCA: non-sca: low value, acquirer location: Spain, POS location: other EEA countries","Total value of card paymentelectronic, received - SCA: non-sca: low value, acquirer location: Spain, POS location: other EEA countries","EUR",6]
["PCP.H.ES.W2.G3.CW1.1._T._T.PCS_ALL.11._X._Z.N.EUR","H","ES","W2","G3","CW1",1,"_T","_T","PCS_ALL","11","_X","_Z","N","EUR","2022-S1",39.14142442000001,"A",false,null,null,"P6M",{"$nulls":4},"S",null,null,3,null,"Value of cash withdrawal using cards with a debit card, sent - issuer location: Spain, acquirer location: domestic, terminal location: other EEA countries","Value of cash withdrawal using cards with a debit card, sent - issuer location: Spain, acquirer location: domestic, terminal location: other EEA countries","EUR",6]
["PCP.H.ES.W2.G3.CW1.1._T._T.PCS_ALL.11._X._Z.N.EUR","H","ES","W2","G3","CW1",1,"_T","_T","PCS_ALL","11","_X","_Z","N","EUR","2022-S2",51.36953902,"A",false,null,null,"P6M",{"$nulls":4},"S",null,null,3,null,"Value of cash withdrawal using cards with a debit card, sent - issuer location: Spain, acquirer location: domestic, terminal location: other EEA countries","Value of cash withdrawal using cards with a debit card, sent - issuer location: Spain, acquirer location: domestic, terminal location: other EEA countries","EUR",6]
["PCP.H.ES.W2.G3.CW1.1._T._T.PCS_ALL.11._X._Z.N.EUR","H","ES","W2","G3","CW1",1,"_T","_T","PCS_ALL","11","_X","_Z","N","EUR","2023-S1",44.24400653999999,"A",false,null,null,"P6M",{"$nulls":4},"S",null,null,3,null,"Value of cash withdrawal using cards with a debit card, sent - issuer location: Spain, acquirer location: domestic, terminal location: other EEA countries","Value of cash withdrawal using cards with a debit card, sent - issuer location: Spain, acquirer location: domestic, terminal location: other EEA countries","EUR",6]
["PCP.H.ES.W2.G3.CW1.1._T._T.PCS_ALL.11._X._Z.N.EUR","H","ES","W2","G3","CW1",1,"_T","_T","PCS_ALL","11","_X","_Z","N","EUR","2023-S2",54.33484079,"P",false,null,null,"P6M",{"$nulls":4},"S",null,null,3,null,"Value of cash withdrawal using cards with a debit card, sent - issuer location: Spain, acquirer location: domestic, terminal location: other EEA countries","Value of cash withdrawal using cards with a debit card, sent - issuer location: Spain, acquirer location: domestic, terminal location: other EEA countries","EUR",6]
["PCP.H.ES.W2.W1.CP0.1.2000.NR.PCS_ALL.13._X._Z.N.PN","H","ES","W2","W1","CP0",1,"2000","NR","PCS_ALL","13","_X","_Z","N","PN","2022-S1",3.837565,"A",false,null,null,"P6M",{"$nulls":4},"S",null,null,3,null,"Number of card payment with a credit card, sent - issuer location: Spain, acquirer location: domestic, POS location: Rest of the World","Number of card payment with a credit card, sent - issuer location: Spain, acquirer location: domestic, POS location: Rest of the World","PN",6]
["PCP.H.ES.W2.W1.CP0.1.2000.NR.PCS_ALL.13._X._Z.N.PN","H","ES","W2","W1","CP0",1,"2000","NR","PCS_ALL","13","_X","_Z","N","PN","2022-S2",4.906919,"A",false,null,null,"P6M",{"$nulls":4},"S",null,null,3,null,"Number of card payment with a credit card, sent - issuer location: Spain, acquirer location: domestic, POS location: Rest of the World","Number of card payment with a credit card, sent - issuer location: Spain, acquirer location: domestic, POS location: Rest of the World","PN",6]
["PCP.H.ES.W2.W1.CP0.1.2000.NR.PCS_ALL.13._X._Z.N.PN","H","ES","W2","W1","CP0",1,"2000","NR","PCS_ALL","13","_X","_Z","N","PN","2023-S1",4.400218,"A",false,null,null,"P6M",{"$nulls":4},"S",null,null,3,null,"Number of card payment with a credit card, sent - issuer location: Spain, acquirer location: domestic, POS location: Rest of the World","Number of card payment with a credit card, sent - issuer location: Spain, acquirer location: domestic, POS location: Rest of the World","PN",6]
["PCP.H.ES.W2.W1.CP0.1.2000.NR.PCS_ALL.13._X._Z.N.PN","H","ES","W2","W1","CP0",1,"2000","NR","PCS_ALL","13","_X","_Z","N","PN","2023-S2",5.192314999999999,"P",false,null,null,"P6M",{"$nulls":4},"S",null,null,3,null,"Number of card payment with a credit card, sent - issuer location: Spain, acquirer location: domestic, POS location: Rest of the World","Number of card payment with a credit card, sent - issuer location: Spain, acquirer location: domestic, POS location: Rest of the World","PN",6]
["PCP.H.ES.W2.W1.CP0.2.2229.NR.PCS_ALL._Z._X._Z.N.EUR","H","ES","W2","W1","CP0",2,"2229","NR","PCS_ALL","_Z","_X","_Z","N","EUR","2022-S1",3.00567054,"A",false,null,null,"P6M",{"$nulls":4},"S",null,null,3,null,"Value of card payment, initiated at other electronic channel, received - SCA: , acquirer location: Spain, issuer location: domestic, POS location: Rest of the World","Value of card payment, initiated at other electronic channel, received - SCA: , acquirer location: Spain, issuer location: domestic, POS location: Rest of the World","EUR",6]
["PCP.H.ES.W2.W1.CP0.2.2229.NR.PCS_ALL._Z._X._Z.N.EUR","H","ES","W2","W1","CP0",2,"2229","NR","PCS_ALL","_Z","_X","_Z","N","EUR","2022-S2",7.282847370000001,"A",false,null,null,"P6M",{"$nulls":4},"S",null,null,3,null,"Value of card payment, initiated at other electronic channel, received - SCA: , acquirer location: Spain, issuer location: domestic, POS location: Rest of the World","Value of card payment, initiated at other electronic channel, received - SCA: , acquirer location: Spain, issuer location: domestic, POS location: Rest of the World","EUR",6]
["PCP.H.ES.W2.W1.CP0.2.2229.NR.PCS_ALL._Z._X._Z.N.EUR","H","ES","W2","W1","CP0",2,"2229","NR","PCS_ALL","_Z","_X","_Z","N","EUR","2023-S1",4.941987570000001,"A",false,null,null,"P6M",{"$nulls":4},"S",null,null,3,null,"Value of card payment, initiated at other electronic channel, received - SCA: , acquirer location: Spain, issuer location: domestic, POS location: Rest of the World","Value of card payment, initiated at other electronic channel, received - SCA: , acquirer location: Spain, issuer location: domestic, POS location: Rest of the World","EUR",6]
["PCP.H.ES.W2.W1.CP0.2.2229.NR.PCS_ALL._Z._X._Z.N.EUR","H","ES","W2","W1","CP0",2,"2229","NR","PCS_ALL","_Z","_X","_Z","N","EUR","2023-S2",6.49005688,"P",false,null,null,"P6M",{"$nulls":4},"S",null,null,3,null,"Value of card payment, initiated at other electronic channel, received - SCA: , acquirer location: Spain, issuer location: domestic, POS location: Rest of the World","Value of card payment, initiated at other electronic channel, received - SCA: , acquirer location: Spain, issuer location: domestic, POS location: Rest of the World","EUR",6]
["PCP.H.ES.W2.W2.CP0.2.2000.R.PCS_ALL.11._X._Z.N.PN","H","ES","W2","W2","CP0",2,"2000","R","PCS_ALL","11","_X","_Z","N","PN","2022-S1",136.958778,"A",false,null,null,"P6M",{"$nulls":4},"S",null,null,3,null,"Number of card payment,with a debit card, received - acquirer location: Spain, issuer location: domestic, POS location: domestic","Number of card payment,with a debit card, received - acquirer location: Spain, issuer location: domestic, POS location: domestic","PN",6]
["PCP.H.ES.W2.W2.CP0.2.2000.R.PCS_ALL.11._X._Z.N.PN","H","ES","W2","W2","CP0",2,"2000","R","PCS_ALL","11","_X","_Z","N","PN","2022-S2",154.528932,"A",false,null,null,"P6M",{"$nulls":4},"S",null,null,3,null,"Number of card payment,with a debit card, received - acquirer location: Spain, issuer location: domestic, POS location: domestic","Number of card payment,with a debit card, received - acquirer location: Spain, issuer location: domestic, POS location: domestic","PN",6]
["PCP.H.ES.W2.W2.CP0.2.2000.R.PCS_ALL.11._X._Z.N.PN","H","ES","W2","W2","CP0",2,"2000","R","PCS_ALL","11","_X","_Z","N","PN","2023-S1",155.327363,"A",false,null,null,"P6M",{"$nulls":4},"S",null,null,3,null,"Number of card payment,with a debit card, received - acquirer location: Spain, issuer location: domestic, POS location: domestic","Number of card payment,with a debit card, received - acquirer location: Spain, issuer location: domestic, POS location: domestic","PN",6]
["PCP.H.ES.W2.W2.CP0.2.2000.R.PCS_ALL.11._X._Z.N.PN","H","ES","W2","W2","CP0",2,"2000","R","PCS_ALL","11","_X","_Z","N","PN","2023-S2",160.584567,"P",false,null,null,"P6M",{"$nulls":4},"S",null,null,3,null,"Number of card payment,with a debit card, received - acquirer location: Spain, issuer location: domestic, POS location: domestic","Number of card payment,with a debit card, received - acquirer location: Spain, issuer location: domestic, POS location: domestic","PN",6]
["PCP.H.FI.G1.G1.CP0.2.2000.R.PCS_ALL.11._X._Z.N.EUR","H","FI","G1","G1","CP0",2,"2000","R","PCS_ALL","11","_X","_Z","N","EUR","2022-S1",0.12458287,"A",false,null,null,"P6M",{"$nulls":4},"S",null,null,3,null,"Value of card payment,with a debit card, received - acquirer location: Finland, issuer location: outside EEA, POS location: outside EEA","Value of card payment,with a debit card, received - acquirer location: Finland, issuer location: outside EEA, POS location: outside EEA","EUR",6]
["PCP.H.FI.G1.G1.CP0.2.2000.R.PCS_ALL.11._X._Z.N.EUR","H","FI","G1","G1","CP0",2,"2000","R","PCS_ALL","11","_X","_Z","N","EUR","2022-S2",0.13365885,"A",false,null,null,"P6M",{"$nulls":4},"S",null,null,3,null,"Value of card payment,with a debit card, received - acquirer location: Finland, issuer location: outside EEA, POS location: outside EEA","Value of card payment,with a debit card, received - acquirer location: Finland, issuer location: outside EEA, POS location: outside EEA","EUR",6]
["PCP.H.RO.W2.W1.CP0.2.2000.R.PCS_ALL._Z.209._Z.N.PN","H","RO","W2","W1","CP0",2,"2000","R","PCS_ALL","_Z","209","_Z","N","PN","2022-S2",0,"A",false,null,null,"P6M",{"$nulls":4},"S",null,null,3,null,"Number of card paymentelectronic, received - SCA: non-sca: merchant initiated transaction, acquirer location: Romania, issuer location: domestic, POS location: Rest of the World","Number of card paymentelectronic, received - SCA: non-sca: merchant initiated transaction, acquirer location: Romania, issuer location: domestic, POS location: Rest of the World","PN",6]
["PCP.A.NL.FI.W0.CP0.1._T._T.PCS_ALL._Z._X._Z.N.PN","A","NL","FI","W0","CP0",1,"_T","_T","PCS_ALL","_Z","_X","_Z","N","PN","2015",0.588,"A",false,null,null,"P1Y",{"$nulls":4},"S",null,null,3,null,"Number of card paymentall, sent - SCA: , issuer location: Netherlands, acquirer location: Finland, POS location: world","Number of card paymentall, sent - SCA: , issuer location: Netherlands, acquirer location: Finland, POS location: world","PN",6]
["PCP.H.LT.W2.W1.CP0.2.2000.R.PCS_ALL._Z.100._Z.N.PN","H","LT","W2","W1","CP0",2,"2000","R","PCS_ALL","_Z","100","_Z","N","PN","2022-S1",1.230086,"A",false,null,null,"P6M",{"$nulls":4},"S",null,null,3,null,"Number of card paymentelectronic, received - SCA: sca, acquirer location: Lithuania, issuer location: domestic, POS location: Rest of the World","Number of card paymentelectronic, received - SCA: sca, acquirer location: Lithuania, issuer location: domestic, POS location: Rest of the World","PN",6]
["PCP.H.FI.W1.G1.CP0.1.2000.R.PCS_ALL._Z.207._Z.N.EUR","H","FI","W1","G1","CP0",1,"2000","R","PCS_ALL","_Z","207","_Z","N","EUR","2022-S1",0.04140103000000001,"A",false,null,null,"P6M",{"$nulls":4},"S",null,null,3,null,"Value of card paymentelectronic, sent - SCA: non-sca: secure corporate payment, issuer location: Finland, acquirer location: Rest of the World, POS location: outside EEA","Value of card paymentelectronic, sent - SCA: non-sca: secure corporate payment, issuer location: Finland, acquirer location: Rest of the World, POS location: outside EEA","EUR",6]
["PCP.A.FI.IS.W0.CP0.1._T._T.PCS_ALL._Z._X._Z.N.EUR","A","FI","IS","W0","CP0",1,"_T","_T","PCS_ALL","_Z","_X","_Z","N","EUR","2023",36.98530757,"A",false,null,null,"P1Y",{"$nulls":4},"S",null,null,3,null,"Value of card paymentall, sent - SCA: , issuer location: Finland, acquirer location: Iceland, POS location: world","Value of card paymentall, sent - SCA: , issuer location: Finland, acquirer location: Iceland, POS location: world","EUR",6]
["PCP.H.AT.W0.W2.CP11.1.2223.NR.PCS_ALL._Z._X._Z.N.PN","H","AT","W0","W2","CP11",1,"2223","NR","PCS_ALL","_Z","_X","_Z","N","PN","2022-S1",484.519085,"A",false,null,null,"P6M",{"$nulls":4},"S",null,null,3,null,"Total number of card payments (nfc), initiated at eftpos, sent - SCA: , issuer location: Austria, terminal location: domestic","Total number of card payments (nfc), initiated at eftpos, sent - SCA: , issuer location: Austria, terminal location: domestic","PN",6]
["PCP.H.RO.W0.W0.CP0.2.2000.NR.PCS_ALL._Z.202._Z.N.PN","H","RO","W0","W0","CP0",2,"2000","NR","PCS_ALL","_Z","202","_Z","N","PN","2022-S2",120.712291,"A",false,null,null,"P6M",{"$nulls":4},"S",null,null,3,null,"Total number of card paymentelectronic, received - SCA: non-sca: contactless low value, acquirer location: Romania, POS location: world","Total number of card paymentelectronic, received - SCA: non-sca: contactless low value, acquirer location: Romania, POS location: world","PN",6]
["PCP.H.BE.W1.W2.CP0.1.2229.R.PCS_ALL._Z._X._Z.N.PN","H","BE","W1","W2","CP0",1,"2229","R","PCS_ALL","_Z","_X","_Z","N","PN","2022-S2",49.325683,"A",false,null,null,"P6M",{"$nulls":4},"S",null,null,3,null,"Number of card payment, initiated at other electronic channel, sent - SCA: , issuer location: Belgium, acquirer location: Rest of the World, POS location: domestic","Number of card payment, initiated at other electronic channel, sent - SCA: , issuer location: Belgium, acquirer location: Rest of the World, POS location: domestic","PN",6]
["PCP.H.LU.W1.G3.CP0.2.2000.R.PCS_ALL._Z.205._Z.N.EUR","H","LU","W1","G3","CP0",2,"2000","R","PCS_ALL","_Z","205","_Z","N","EUR","2023-S1",24.808636,"A",false,null,null,"P6M",{"$nulls":4},"S",null,null,3,null,"Value of card paymentelectronic, received - SCA: non-sca: recurring transaction, acquirer location: Luxembourg, issuer location: Rest of the World, POS location: other EEA countries","Value of card paymentelectronic, received - SCA: non-sca: recurring transaction, acquirer location: Luxembourg, issuer location: Rest of the World, POS location: other EEA countries","EUR",6]
["PCP.H.CY.W1.W2.CP1.1.2223.NR.PCS_ALL._Z._X._Z.N.EUR","H","CY","W1","W2","CP1",1,"2223","NR","PCS_ALL","_Z","_X","_Z","N","EUR","2022-S1",98.38926747,"A",false,null,null,"P6M",{"$nulls":4},"S",null,null,3,null,"Value of card payments (contactless), initiated at eftpos, sent - SCA: , issuer location: Cyprus, acquirer location: Rest of the World, terminal location: domestic","Value of card payments (contactless), initiated at eftpos, sent - SCA: , issuer location: Cyprus, acquirer location: Rest of the World, terminal location: domestic","EUR",6]
["PCP.H.PT.W0.G1.CP0.2.2000.NR.PCS_ALL._Z.100._Z.N.EUR","H","PT","W0","G1","CP0",2,"2000","NR","PCS_ALL","_Z","100","_Z","N","EUR","2022-S1",0,"A",false,null,null,"P6M",{"$nulls":4},"S",null,null,3,null,"Total value of card paymentelectronic, received - SCA: sca, acquirer location: Portugal, POS location: outside EEA","Total value of card paymentelectronic, received - SCA: sca, acquirer location: Portugal, POS location: outside EEA","EUR",6]
["PCP.H.IT.W0.G3.CP0.1.2000.R.PCS_ALL._Z.200._Z.N.PN","H","IT","W0","G3","CP0",1,"2000","R","PCS_ALL","_Z","200","_Z","N","PN","2023-S2",164.712487,"P",false,null,null,"P6M",{"$nulls":4},"S",null,null,3,null,"Total number of card paymentelectronic, sent - SCA: non-sca, issuer location: Italy, POS location: other EEA countries","Total number of card paymentelectronic, sent - SCA: non-sca, issuer location: Italy, POS location: other EEA countries","PN",6]
["PCP.H.MT.G1.W1.CP0.1.2000.NR.PCS_ALL._Z.100._Z.N.PN","H","MT","G1","W1","CP0",1,"2000","NR","PCS_ALL","_Z","100","_Z","N","PN","2022-S1",0.183806,"A",false,null,null,"P6M",{"$nulls":4},"S",null,null,3,null,"Number of card paymentelectronic, sent - SCA: sca, issuer location: Malta, acquirer location: outside EEA, POS location: Rest of the World","Number of card paymentelectronic, sent - SCA: sca, issuer location: Malta, acquirer location: outside EEA, POS location: Rest of the World","PN",6]
["PCP.H.DE.G3.W1.CP0.2.2000._T.PCS_ALL._Z._X._Z.N.PN","H","DE","G3","W1","CP0",2,"2000","_T","PCS_ALL","_Z","_X","_Z","N","PN","2022-S2",468.152524,"A",false,null,null,"P6M",{"$nulls":4},"S",null,null,3,null,"Number of card paymentelectronic, received - SCA: , acquirer location: Germany, issuer location: other EEA countries, POS location: Rest of the World","Number of card paymentelectronic, received - SCA: , acquirer location: Germany, issuer location: other EEA countries, POS location: Rest of the World","PN",6]
["PCP.H.PT.W0.G3.CP0.2.2000.R.PCS_ALL._Z._X._Z.N.PN","H","PT","W0","G3","CP0",2,"2000","R","PCS_ALL","_Z","_X","_Z","N","PN","2023-S2",0,"P",false,null,null,"P6M",{"$nulls":4},"S",null,null,3,null,"Total number of card paymentelectronic, received - SCA: , acquirer location: Portugal, POS location: other EEA countries","Total number of card paymentelectronic, received - SCA: , acquirer location: Portugal, POS location: other EEA countries","PN",6]
["PCP.H.LV.W0.W1.CP0.2.2000.NR.PCS_ALL._Z.100._Z.N.PN","H","LV","W0","W1","CP0",2,"2000","NR","PCS_ALL","_Z","100","_Z","N","PN","2022-S1",3.976533,"A",false,null,null,"P6M",{"$nulls":4},"S",null,null,3,null,"Total number of card paymentelectronic, received - SCA: sca, acquirer location: Latvia, POS location: Rest of the World","Total number of card paymentelectronic, received - SCA: sca, acquirer location: Latvia, POS location: Rest of the World","PN",6]
["PCP.H.PT.W0.W0.CP0.2.2221.NR.PCS_ALL._Z._X._Z.N.PN","H","PT","W0","W0","CP0",2,"2221","NR","PCS_ALL","_Z","_X","_Z","N","PN","2023-S1",0.347613,"A",false,null,null,"P6M",{"$nulls":4},"S",null,null,3,null,"Total number of card payment, initiated at atm, received - SCA: , acquirer location: Portugal, POS location: world","Total number of card payment, initiated at atm, received - SCA: , acquirer location: Portugal, POS location: world","PN",6]
["PCP.H.FI.G1.G1.CP0.1.1000._T.PCS_ALL._Z._X._Z.N.PN","H","FI","G1","G1","CP0",1,"1000","_T","PCS_ALL","_Z","_X","_Z","N","PN","2023-S1",0.232247,"A",false,null,null,"P6M",{"$nulls":4},"S",null,null,3,null,"Number of card paymentnon-electronic, sent - SCA: , issuer location: Finland, acquirer location: outside EEA, POS location: outside EEA","Number of card paymentnon-electronic, sent - SCA: , issuer location: Finland, acquirer location: outside EEA, POS location: outside EEA","PN",6]
["PCP.A.AT.W0.W0.CP0.1._T._T.PCS_ALL._Z._X._Z.N.PN","A","AT","W0","W0","CP0",1,"_T","_T","PCS_ALL","_Z","_X","_Z","N","PN","2016",649.22,"A",false,null,null,"P1Y",{"$nulls":4},"S",null,null,3,null,"Total number of card paymentall, sent - SCA: , issuer location: Austria, POS location: world","Total number of card paymentall, sent - SCA: , issuer location: Austria, POS location: world","PN",6]
["PCP.H.LV.W1.W1.CP0.2.2000.R.PCS_ALL._Z._X._Z.N.PN","H","LV","W1","W1","CP0",2,"2000","R","PCS_ALL","_Z","_X","_Z","N","PN","2022-S1",10.236603,"A",false,null,null,"P6M",{"$nulls":4},"S",null,null,3,null,"Number of card paymentelectronic, received - SCA: , acquirer location: Latvia, issuer location: Rest of the World, POS location: Rest of the World","Number of card paymentelectronic, received - SCA: , acquirer location: Latvia, issuer location: Rest of the World, POS location: Rest of the World","PN",6]
["PCP.H.PL.W0.W1.CP0.1.2000.NR.PCS_ALL._Z.210._Z.N.XDF","H","PL","W0","W1","CP0",1,"2000","NR","PCS_ALL","_Z","210","_Z","N","XDF","2022-S1",null,"M",false,null,null,"P6M",{"$nulls":4},"S",null,null,3,null,"Total value of card paymentelectronic, sent - SCA: non-sca: others, issuer location: Poland, POS location: Rest of the World","Total value of card paymentelectronic, sent - SCA: non-sca: others, issuer location: Poland, POS location: Rest of the World","XDF",6]
["PCP.H.LT.G1.W2.CP0.1.2000.R.PCS_ALL.12._X._Z.N.PN","H","LT","G1","W2","CP0",1,"2000","R","PCS_ALL","12","_X","_Z","N","PN","2023-S1",null,"M",false,null,null,"P6M",{"$nulls":4},"S",null,null,3,null,"Number of card payment with a delayed debit card, sent - issuer location: Lithuania, acquirer location: outside EEA, POS location: domestic","Number of card payment with a delayed debit card, sent - issuer location: Lithuania, acquirer location: outside EEA, POS location: domestic","PN",6]
["PCP.H.AT.W0.W0.CP0.2.2000.NR.PCS_ALL.13._X._Z.G1.EUR","H","AT","W0","W0","CP0",2,"2000","NR","PCS_ALL","13","_X","_Z","G1","EUR","2022-S2",null,"M",false,null,null,"P6M",{"$nulls":4},"S",null,null,2,null,"Annual growth rate of the total value of card payment,with a credit card, received - acquirer location: Austria, POS location: world","Annual growth rate of the total value of card payment,with a credit card, received - acquirer location: Austria, POS location: world","EUR",0]
["PCP.H.LV.W0.W0.CP0.2.2223.NR.PCS_ALL._Z._X._Z.N.EUR_R_PNT","H","LV","W0","W0","CP0",2,"2223","NR","PCS_ALL","_Z","_X","_Z","N","EUR_R_PNT","2022-S1",17.70891189388655,"A",false,null,null,"P6M",{"$nulls":4},"S",null,null,2,null,"Total value; ratio to number of transactions of card payment, initiated at eftpos, received - SCA: , acquirer location: Latvia, POS location: world","Total value; ratio to number of transactions of card payment, initiated at eftpos, received - SCA: , acquirer location: Latvia, POS location: world","EUR_R_PNT",0]
["PCP.H.SI.G3.G1.CP0.1.2000.R.PCS_ALL._Z.200._Z.N.PN","H","SI","G3","G1","CP0",1,"2000","R","PCS_ALL","_Z","200","_Z","N","PN","2023-S1",0.24338,"A",false,null,null,"P6M",{"$nulls":4},"S",null,null,3,null,"Number of card paymentelectronic, sent - SCA: non-sca, issuer location: Slovenia, acquirer location: other EEA countries, POS location: outside EEA","Number of card paymentelectronic, sent - SCA: non-sca, issuer location: Slovenia, acquirer location: other EEA countries, POS location: outside EEA","PN",6]
["PCP.H.IE.G1.W1.CP0.1.2000.R.PCS_ALL._Z.200._Z.N.PN","H","IE","G1","W1","CP0",1,"2000","R","PCS_ALL","_Z","200","_Z","N","PN","2023-S1",32.432727,"A",false,null,null,"P6M",{"$nulls":4},"S",null,null,3,null,"Number of card paymentelectronic, sent - SCA: non-sca, issuer location: Ireland, acquirer location: outside EEA, POS location: Rest of the World","Number of card paymentelectronic, sent - SCA: non-sca, issuer location: Ireland, acquirer location: outside EEA, POS location: Rest of the World","PN",6]
["PCP.H.BG.G3.W0.CP1.1.2223.NR.PCS_ALL._Z._X._Z.N.PN","H","BG","G3","W0","CP1",1,"2223","NR","PCS_ALL","_Z","_X","_Z","N","PN","2023-S1",9.257527,"A",false,null,null,"P6M",{"$nulls":4},"S",null,null,3,null,"Number of card payments (contactless), initiated at eftpos, sent - SCA: , issuer location: Bulgaria, acquirer location: other EEA countries, terminal location: world","Number of card payments (contactless), initiated at eftpos, sent - SCA: , issuer location: Bulgaria, acquirer location: other EEA countries, terminal location: world","PN",6]
["PCP.H.SI.G3.W0.CP0.1.2000.R.PCS_ALL._Z.207._Z.N.EUR","H","SI","G3","W0","CP0",1,"2000","R","PCS_ALL","_Z","207","_Z","N","EUR","2023-S2",0.000137,"P",false,null,null,"P6M",{"$nulls":4},"S",null,null,3,null,"Value of card paymentelectronic, sent - SCA: non-sca: secure corporate payment, issuer location: Slovenia, acquirer location: other EEA countries, POS location: world","Value of card paymentelectronic, sent - SCA: non-sca: secure corporate payment, issuer location: Slovenia, acquirer location: other EEA countries, POS location: world","EUR",6]
["PCP.H.CZ.W0.W2.CP0.2.2000.R.PCS_ALL._Z.205._Z.N.XDF","H","CZ","W0","W2","CP0",2,"2000","R","PCS_ALL","_Z","205","_Z","N","XDF","2022-S1",646.75205,"A",false,null,null,"P6M",{"$nulls":4},"S",null,null,3,null,"Total value of card paymentelectronic, received - SCA: non-sca: recurring transaction, acquirer location: Czech Republic, POS location: domestic","Total value of card paymentelectronic, received - SCA: non-sca: recurring transaction, acquirer location: Czech Republic, POS location: domestic","XDF",6]
["PCP.H.LV.G1.W2.CP0.2.2000.NR.PCS_ALL.11._X._Z.N.PN","H","LV","G1","W2","CP0",2,"2000","NR","PCS_ALL","11","_X","_Z","N","PN","2022-S1",3.16203,"A",false,null,null,"P6M",{"$nulls":4},"S",null,null,3,null,"Number of card payment,with a debit card, received - acquirer location: Latvia, issuer location: outside EEA, POS location: domestic","Number of card payment,with a debit card, received - acquirer location: Latvia, issuer location: outside EEA, POS location: domestic","PN",6]
["PCP.H.FI.W2.G1.CP0.1.2000.NR.PCS_ALL._Z.205._Z.N.EUR","H","FI","W2","G1","CP0",1,"2000","NR","PCS_ALL","_Z","205","_Z","N","EUR","2023-S2",null,"Q",false,null,null,"P6M",{"$nulls":4},"S",null,null,3,null,"Value of card paymentelectronic, sent - SCA: non-sca: recurring transaction, issuer location: Finland, acquirer location: domestic, POS location: outside EEA","Value of card paymentelectronic, sent - SCA: non-sca: recurring transaction, issuer location: Finland, acquirer location: domestic, POS location: outside EEA","EUR",6]
["PCP.Q.ES._Z.W1.CP0.1.2000._T.PCS_ALL._Z._X._Z.N.PN","Q","ES","_Z","W1","CP0",1,"2000","_T","PCS_ALL","_Z","_X","_Z","N","PN","2023-Q4",331.427934,"A",false,null,null,"P3M",{"$nulls":4},"S",null,null,3,null,"Number of card paymentelectronic, sent - SCA: , issuer location: Spain, acquirer location: Not applicable, POS location: Rest of the World","Number of card paymentelectronic, sent - SCA: , issuer location: Spain, acquirer location: Not applicable, POS location: Rest of the World","PN",6]
["PCP.H.BG.G3.W2.CP0.1._T._T.PCS_ALL._Z._X._Z.N.PN","H","BG","G3","W2","CP0",1,"_T","_T","PCS_ALL","_Z","_X","_Z","N","PN","2023-S1",4.850393999999999,"A",false,null,null,"P6M",{"$nulls":4},"S",null,null,3,null,"Number of card paymentall, sent - SCA: , issuer location: Bulgaria, acquirer location: other EEA countries, POS location: domestic","Number of card paymentall, sent - SCA: , issuer location: Bulgaria, acquirer location: other EEA countries, POS location: domestic","PN",6]
["PCP.H.MT.G3.W2.CP0.1._T._T.PCS_ALL._Z._X._Z.N.PN","H","MT","G3","W2","CP0",1,"_T","_T","PCS_ALL","_Z","_X","_Z","N","PN","2022-S2",1.683455,"A",false,null,null,"P6M",{"$nulls":4},"S",null,null,3,null,"Number of card paymentall, sent - SCA: , issuer location: Malta, acquirer location: other EEA countries, POS location: domestic","Number of card paymentall, sent - SCA: , issuer location: Malta, acquirer location: other EEA countries, POS location: domestic","PN",6]
["PCP.H.FI.W1.G3.CP0.1.2000.NR.PCS_ALL.12._X._Z.N.PN","H","FI","W1","G3","CP0",1,"2000","NR","PCS_ALL","12","_X","_Z","N","PN","2023-S1",0.6598089999999999,"A",false,null,null,"P6M",{"$nulls":4},"S",null,null,3,null,"Number of card payment with a delayed debit card, sent - issuer location: Finland, acquirer location: Rest of the World, POS location: other EEA countries","Number of card payment with a delayed debit card, sent - issuer location: Finland, acquirer location: Rest of the World, POS location: other EEA countries","PN",6]
["PCP.A.MT.DE.W0.CP0.1._T._T.PCS_ALL._Z._X._Z.N.EUR","A","MT","DE","W0","CP0",1,"_T","_T","PCS_ALL","_Z","_X","_Z","N","EUR","2020",9.358,"A",false,null,null,"P1Y",{"$nulls":4},"S",null,null,3,null,"Value of card paymentall, sent - SCA: , issuer location: Malta, acquirer location: Germany, POS location: world","Value of card paymentall, sent - SCA: , issuer location: Malta, acquirer location: Germany, POS location: world","EUR",6]
["PCP.H.BG.G1.W0.CP0.1.2000.NR.PCS_ALL._Z.206._Z.N.XDF","H","BG","G1","W0","CP0",1,"2000","NR","PCS_ALL","_Z","206","_Z","N","XDF","2023-S2",4.0344393,"P",false,null,null,"P6M",{"$nulls":4},"S",null,null,3,null,"Value of card paymentelectronic, sent - SCA: non-sca: unattended terminals, issuer location: Bulgaria, acquirer location: outside EEA, POS location: world","Value of card paymentelectronic, sent - SCA: non-sca: unattended terminals, issuer location: Bulgaria, acquirer location: outside EEA, POS location: world","XDF",6]
["PCP.H.SK.G1.G3.CP0.1.2231.R.PCS_ALL._Z._X._Z.N.EUR","H","SK","G1","G3","CP0",1,"2231","R","PCS_ALL","_Z","_X","_Z","N","EUR","2023-S2",1.90374,"P",false,null,null,"P6M",{"$nulls":4},"S",null,null,3,null,"Value of card payment, initiated via p2p mobile payment solution (electronic), sent - SCA: , issuer location: Slovakia, acquirer location: outside EEA, POS location: other EEA countries","Value of card payment, initiated via p2p mobile payment solution (electronic), sent - SCA: , issuer location: Slovakia, acquirer location: outside EEA, POS location: other EEA countries","EUR",6]
["PCP.H.IE.G1.W0.CP0.2.2000.R.PCS_ALL._Z.208._Z.N.EUR","H","IE","G1","W0","CP0",2,"2000","R","PCS_ALL","_Z","208","_Z","N","EUR","2023-S2",1236.21628543,"P",false,null,null,"P6M",{"$nulls":4},"S",null,null,3,null,"Value of card paymentelectronic, received - SCA: non-sca: transaction risk analysis, acquirer location: Ireland, issuer location: outside EEA, POS location: world","Value of card paymentelectronic, received - SCA: non-sca: transaction risk analysis, acquirer location: Ireland, issuer location: outside EEA, POS location: world","EUR",6]
["PCP.H.B0.W0.W0.CP0.2.2229.NR.PCS_ALL._Z._X._Z.N.EUR_R_B1GQ","H","B0","W0","W0","CP0",2,"2229","NR","PCS_ALL","_Z","_X","_Z","N","EUR_R_B1GQ","2022-S1",1.159793263493718,"A",false,null,"Due to partial reporting, EU aggregates do not include national data for Denmark, Poland and Sweden.","P6M",{"$nulls":4},"S",null,null,2,null,"Total value; ratio to gdp of card payment, initiated at other electronic channel, received - SCA: , acquirer location: EU (changing composition), POS location: world","Total value; ratio to gdp of card payment, initiated at other electronic channel, received - SCA: , acquirer location: EU (changing composition), POS location: world","EUR_R_B1GQ",0]
["PCP.H.ES.W1.G3.CP0.2.2000.NR.PCS_ALL.13._X._Z.N.PN","H","ES","W1","G3","CP0",2,"2000","NR","PCS_ALL","13","_X","_Z","N","PN","2023-S1",99.96322700000002,"A",false,null,null,"P6M",{"$nulls":4},"S",null,null,3,null,"Number of card payment,with a credit card, received - acquirer location: Spain, issuer location: Rest of the World, POS location: other EEA countries","Number of card payment,with a credit card, received - acquirer location: Spain, issuer location: Rest of the World, POS location: other EEA countries","PN",6]
["PCP.Q.DE._Z.G1.CP0.1._T._T.PCS_ALL._Z._X._Z.N.EUR","Q","DE","_Z","G1","CP0",1,"_T","_T","PCS_ALL","_Z","_X","_Z","N","EUR","2023-Q3",5809.934677849998,"A",false,null,null,"P3M",{"$nulls":4},"S",null,null,3,null,"Value of card paymentall, sent - SCA: , issuer location: Germany, acquirer location: Not applicable, POS location: outside EEA","Value of card paymentall, sent - SCA: , issuer location: Germany, acquirer location: Not applicable, POS location: outside EEA","EUR",6]
["PCP.H.LT.W2.G3.CP0.2.2000.R.PCS_ALL._Z.205._Z.N.PN","H","LT","W2","G3","CP0",2,"2000","R","PCS_ALL","_Z","205","_Z","N","PN","2023-S1",0.006015999999999999,"A",false,null,null,"P6M",{"$nulls":4},"S",null,null,3,null,"Number of card paymentelectronic, received - SCA: non-sca: recurring transaction, acquirer location: Lithuania, issuer location: domestic, POS location: other EEA countries","Number of card paymentelectronic, received - SCA: non-sca: recurring transaction, acquirer location: Lithuania, issuer location: domestic, POS location: other EEA countries","PN",6]
["PCP.H.RO.G1.G3.CW1.1._T._T.PCS_ALL.13._X._Z.N.XDF","H","RO","G1","G3","CW1",1,"_T","_T","PCS_ALL","13","_X","_Z","N","XDF","2023-S1",0.023753,"A",false,null,null,"P6M",{"$nulls":4},"S",null,null,3,null,"Value of cash withdrawal using cards with a credit card, sent - issuer location: Romania, acquirer location: outside EEA, terminal location: other EEA countries","Value of cash withdrawal using cards with a credit card, sent - issuer location: Romania, acquirer location: outside EEA, terminal location: other EEA countries","XDF",6]
["PCP.H.ES.W2.G3.CP0.1.2000.R.PCS_ALL._Z.207._Z.N.PN","H","ES","W2","G3","CP0",1,"2000","R","PCS_ALL","_Z","207","_Z","N","PN","2022-S1",1E-06,"A",false,null,null,"P6M",{"$nulls":4},"S",null,null,3,null,"Number of card paymentelectronic, sent - SCA: non-sca: secure corporate payment, issuer location: Spain, acquirer location: domestic, POS location: other EEA countries","Number of card paymentelectronic, sent - SCA: non-sca: secure corporate payment, issuer location: Spain, acquirer location: domestic, POS location: other EEA countries","PN",6]
["PCP.A.NL.W0.W0.CP0.1._T._T.PCS_ALL._Z._X._Z.N.PN_R_TT","A","NL","W0","W0","CP0",1,"_T","_T","PCS_ALL","_Z","_X","_Z","N","PN_R_TT","2004",34.65674759107273,"A",false,null,null,"P1Y",{"$nulls":4},"S",null,null,2,null,"Total number; ratio to total number payment transactions of card paymentall, sent - SCA: , issuer location: Netherlands, POS location: world","Total number; ratio to total number payment transactions of card paymentall, sent - SCA: , issuer location: Netherlands, POS location: world","PN_R_TT",0]
["PCP.H.LU.W1.W1.CP0.2.2000.NR.PCS_ALL._Z.200._Z.N.EUR","H","LU","W1","W1","CP0",2,"2000","NR","PCS_ALL","_Z","200","_Z","N","EUR","2023-S1",557.2077140000001,"A",false,null,null,"P6M",{"$nulls":4},"S",null,null,3,null,"Value of card paymentelectronic, received - SCA: non-sca, acquirer location: Luxembourg, issuer location: Rest of the World, POS location: Rest of the World","Value of card paymentelectronic, received - SCA: non-sca, acquirer location: Luxembourg, issuer location: Rest of the World, POS location: Rest of the World","EUR",6]
["PCP.H.CZ.G3.W0.CP1.1.2223.NR.PCS_ALL._Z._X._Z.N.PN","H","CZ","G3","W0","CP1",1,"2223","NR","PCS_ALL","_Z","_X","_Z","N","PN","2022-S2",175.1555010000001,"A",false,null,null,"P6M",{"$nulls":4},"S",null,null,3,null,"Number of card payments (contactless), initiated at eftpos, sent - SCA: , issuer location: Czech Republic, acquirer location: other EEA countries, terminal location: world","Number of card payments (contactless), initiated at eftpos, sent - SCA: , issuer location: Czech Republic, acquirer location: other EEA countries, terminal location: world","PN",6]
["PCP.H.GR.W0.W0.CP0.2.2000.R.PCS_ALL._Z.200._Z.N.PN","H","GR","W0","W0","CP0",2,"2000","R","PCS_ALL","_Z","200","_Z","N","PN","2023-S1",10.549665,"A",false,null,null,"P6M",{"$nulls":4},"S",null,null,3,null,"Total number of card paymentelectronic, received - SCA: non-sca, acquirer location: Greece, POS location: world","Total number of card paymentelectronic, received - SCA: non-sca, acquirer location: Greece, POS location: world","PN",6]
["PCP.A.NL.FR.W0.CP0.2.2223.NR.PCS_ALL._Z._X._Z.N.PN","A","NL","FR","W0","CP0",2,"2223","NR","PCS_ALL","_Z","_X","_Z","N","PN","2023",331.846263,"A",false,null,null,"P1Y",{"$nulls":4},"S",null,null,3,null,"Number of card payment, initiated at eftpos, received - SCA: , acquirer location: Netherlands, issuer location: France, POS location: world","Number of card payment, initiated at eftpos, received - SCA: , acquirer location: Netherlands, issuer location: France, POS location: world","PN",6]
["PCP.H.IT.W1.W0.CP0.1.2000.R.PCS_ALL._Z.207._Z.N.PN","H","IT","W1","W0","CP0",1,"2000","R","PCS_ALL","_Z","207","_Z","N","PN","2022-S1",0.000619,"A",false,null,null,"P6M",{"$nulls":4},"S",null,null,3,null,"Number of card paymentelectronic, sent - SCA: non-sca: secure corporate payment, issuer location: Italy, acquirer location: Rest of the World, POS location: world","Number of card paymentelectronic, sent - SCA: non-sca: secure corporate payment, issuer location: Italy, acquirer location: Rest of the World, POS location: world","PN",6]
["PCP.H.FR.W1.W2.CP0.2.2000.R.PCS_ALL._Z.208._Z.N.EUR","H","FR","W1","W2","CP0",2,"2000","R","PCS_ALL","_Z","208","_Z","N","EUR","2023-S2",786.31528221,"P",false,null,null,"P6M",{"$nulls":4},"S",null,null,3,null,"Value of card paymentelectronic, received - SCA: non-sca: transaction risk analysis, acquirer location: France, issuer location: Rest of the World, POS location: domestic","Value of card paymentelectronic, received - SCA: non-sca: transaction risk analysis, acquirer location: France, issuer location: Rest of the World, POS location: domestic","EUR",6]
["PCP.H.HU.W2.W1.CP0.1.2231.R.PCS_ALL._Z._X._Z.N.XDF","H","HU","W2","W1","CP0",1,"2231","R","PCS_ALL","_Z","_X","_Z","N","XDF","2023-S1",0,"A",false,null,null,"P6M",{"$nulls":4},"S",null,null,3,null,"Value of card payment, initiated via p2p mobile payment solution (electronic), sent - SCA: , issuer location: Hungary, acquirer location: domestic, POS location: Rest of the World","Value of card payment, initiated via p2p mobile payment solution (electronic), sent - SCA: , issuer location: Hungary, acquirer location: domestic, POS location: Rest of the World","XDF",6]
["PCP.H.DE.W1.W0.CP0.2.2000.R.PCS_ALL._Z.208._Z.N.EUR","H","DE","W1","W0","CP0",2,"2000","R","PCS_ALL","_Z","208","_Z","N","EUR","2023-S2",11.29225082,"P",false,null,null,"P6M",{"$nulls":4},"S",null,null,3,null,"Value of card paymentelectronic, received - SCA: non-sca: transaction risk analysis, acquirer location: Germany, issuer location: Rest of the World, POS location: world","Value of card paymentelectronic, received - SCA: non-sca: transaction risk analysis, acquirer location: Germany, issuer location: Rest of the World, POS location: world","EUR",6]
["PCP.H.PT.W2.W2.CP0.1.2000.NR.PCS_ALL._Z.205._Z.N.EUR","H","PT","W2","W2","CP0",1,"2000","NR","PCS_ALL","_Z","205","_Z","N","EUR","2022-S2",72.18762384,"A",false,null,null,"P6M",{"$nulls":4},"S",null,null,3,null,"Value of card paymentelectronic, sent - SCA: non-sca: recurring transaction, issuer location: Portugal, acquirer location: domestic, POS location: domestic","Value of card paymentelectronic, sent - SCA: non-sca: recurring transaction, issuer location: Portugal, acquirer location: domestic, POS location: domestic","EUR",6]
["PCP.H.AT.G1.W2.CP0.2.2000.R.PCS_ALL.11._X._Z.N.PN","H","AT","G1","W2","CP0",2,"2000","R","PCS_ALL","11","_X","_Z","N","PN","2022-S1",0.181346,"A",false,null,null,"P6M",{"$nulls":4},"S",null,null,3,null,"Number of card payment,with a debit card, received - acquirer location: Austria, issuer location: outside EEA, POS location: domestic","Number of card payment,with a debit card, received - acquirer location: Austria, issuer location: outside EEA, POS location: domestic","PN",6]
["PCP.H.LU.W2.G1.CP0.2.2000.R.PCS_ALL._Z.208._Z.N.PN","H","LU","W2","G1","CP0",2,"2000","R","PCS_ALL","_Z","208","_Z","N","PN","2022-S1",0,"A",false,null,null,"P6M",{"$nulls":4},"S",null,null,3,null,"Number of card paymentelectronic, received - SCA: non-sca: transaction risk analysis, acquirer location: Luxembourg, issuer location: domestic, POS location: outside EEA","Number of card paymentelectronic, received - SCA: non-sca: transaction risk analysis, acquirer location: Luxembourg, issuer location: domestic, POS location: outside EEA","PN",6]
["PCP.H.EE.W0.W1.CP0.1.2000.NR.PCS_ALL.11._X._Z.N.EUR","H","EE","W0","W1","CP0",1,"2000","NR","PCS_ALL","11","_X","_Z","N","EUR","2023-S1",313.24022344,"A",false,null,null,"P6M",{"$nulls":4},"S",null,null,3,null,"Total value of card payment with a debit card, sent - issuer location: Estonia, POS location: Rest of the World","Total value of card payment with a debit card, sent - issuer location: Estonia, POS location: Rest of the World","EUR",6]
["PCP.A.EE.PT.W0.CP0.1._T._T.PCS_ALL._Z._X._Z.N.EUR","A","EE","PT","W0","CP0",1,"_T","_T","PCS_ALL","_Z","_X","_Z","N","EUR","2020",2.888,"A",false,null,null,"P1Y",{"$nulls":4},"S",null,null,3,null,"Value of card paymentall, sent - SCA: , issuer location: Estonia, acquirer location: Portugal, POS location: world","Value of card paymentall, sent - SCA: , issuer location: Estonia, acquirer location: Portugal, POS location: world","EUR",6]
["PCP.H.LU.G3.G3.CP0.1.1000.R.PCS_ALL._Z._X._Z.N.EUR","H","LU","G3","G3","CP0",1,"1000","R","PCS_ALL","_Z","_X","_Z","N","EUR","2022-S2",79.08456300000002,"A",false,null,null,"P6M",{"$nulls":4},"S",null,null,3,null,"Value of card paymentnon-electronic, sent - SCA: , issuer location: Luxembourg, acquirer location: other EEA countries, POS location: other EEA countries","Value of card paymentnon-electronic, sent - SCA: , issuer location: Luxembourg, acquirer location: other EEA countries, POS location: other EEA countries","EUR",6]
["PCP.H.LV.W2.W2.CP0.1.2000.R.PCS_ALL._Z.201._Z.N.EUR","H","LV","W2","W2","CP0",1,"2000","R","PCS_ALL","_Z","201","_Z","N","EUR","2023-S1",null,"Q",false,null,null,"P6M",{"$nulls":4},"S",null,null,3,null,"Value of card paymentelectronic, sent - SCA: non-sca: low value, issuer location: Latvia, acquirer location: domestic, POS location: domestic","Value of card paymentelectronic, sent - SCA: non-sca: low value, issuer location: Latvia, acquirer location: domestic, POS location: domestic","EUR",6]
["PCP.H.HU.W0.W0.CP0.1.2000.NR.PCS_ALL.11._X._Z.G1.PN","H","HU","W0","W0","CP0",1,"2000","NR","PCS_ALL","11","_X","_Z","G1","PN","2023-S1",14.8569310743232,"A",false,null,null,"P6M",{"$nulls":4},"S",null,null,2,null,"Annual growth rate of the total number of card payment with a debit card, sent - issuer location: Hungary, POS location: world","Annual growth rate of the total number of card payment with a debit card, sent - issuer location: Hungary, POS location: world","PN",0]
["PCP.H.BE.G1.W1.CW1.1._T._T.PCS_ALL.13._X._Z.N.EUR","H","BE","G1","W1","CW1",1,"_T","_T","PCS_ALL","13","_X","_Z","N","EUR","2023-S1",13.885676,"A",false,null,null,"P6M",{"$nulls":4},"S",null,null,3,null,"Value of cash withdrawal using cards with a credit card, sent - issuer location: Belgium, acquirer location: outside EEA, terminal location: Rest of the World","Value of cash withdrawal using cards with a credit card, sent - issuer location: Belgium, acquirer location: outside EEA, terminal location: Rest of the World","EUR",6]
["PCP.H.ES.W1.W1.CW1.1._T._T.PCS_ALL._Z._X._Z.N.EUR","H","ES","W1","W1","CW1",1,"_T","_T","PCS_ALL","_Z","_X","_Z","N","EUR","2023-S2",482.6821200200001,"P",false,null,null,"P6M",{"$nulls":4},"S",null,null,3,null,"Value of cash withdrawal using cardsall, sent - SCA: , issuer location: Spain, acquirer location: Rest of the World, terminal location: Rest of the World","Value of cash withdrawal using cardsall, sent - SCA: , issuer location: Spain, acquirer location: Rest of the World, terminal location: Rest of the World","EUR",6]
["PCP.H.AT.G3.G3.CP0.1.2000.R.PCS_ALL._Z.200._Z.N.PN","H","AT","G3","G3","CP0",1,"2000","R","PCS_ALL","_Z","200","_Z","N","PN","2022-S2",60.57954699999999,"A",false,null,null,"P6M",{"$nulls":4},"S",null,null,3,null,"Number of card paymentelectronic, sent - SCA: non-sca, issuer location: Austria, acquirer location: other EEA countries, POS location: other EEA countries","Number of card paymentelectronic, sent - SCA: non-sca, issuer location: Austria, acquirer location: other EEA countries, POS location: other EEA countries","PN",6]
["PCP.H.IT.G3.G1.CP0.1.1000.NR.PCS_ALL._Z._X._Z.N.PN","H","IT","G3","G1","CP0",1,"1000","NR","PCS_ALL","_Z","_X","_Z","N","PN","2022-S2",0.00994,"A",false,null,null,"P6M",{"$nulls":4},"S",null,null,3,null,"Number of card paymentnon-electronic, sent - SCA: , issuer location: Italy, acquirer location: other EEA countries, POS location: outside EEA","Number of card paymentnon-electronic, sent - SCA: , issuer location: Italy, acquirer location: other EEA countries, POS location: outside EEA","PN",6]
["PCP.H.CZ.W2.G3.CP0.2.2000.NR.PCS_ALL.11._X._Z.N.PN","H","CZ","W2","G3","CP0",2,"2000","NR","PCS_ALL","11","_X","_Z","N","PN","2022-S1",0.04224600000000001,"A",false,null,null,"P6M",{"$nulls":4},"S",null,null,3,null,"Number of card payment,with a debit card, received - acquirer location: Czech Republic, issuer location: domestic, POS location: other EEA countries","Number of card payment,with a debit card, received - acquirer location: Czech Republic, issuer location: domestic, POS location: other EEA countries","PN",6]
["PCP.H.RO.G3.W2.CP0.1.1000._T.PCS_ALL._Z._X._Z.N.PN","H","RO","G3","W2","CP0",1,"1000","_T","PCS_ALL","_Z","_X","_Z","N","PN","2022-S1",0.004306,"A",false,null,null,"P6M",{"$nulls":4},"S",null,null,3,null,"Number of card paymentnon-electronic, sent - SCA: , issuer location: Romania, acquirer location: other EEA countries, POS location: domestic","Number of card paymentnon-electronic, sent - SCA: , issuer location: Romania, acquirer location: other EEA countries, POS location: domestic","PN",6]
["PCP.H.SK.G3.W2.CP0.2.2000.NR.PCS_ALL._Z.100._Z.N.PN","H","SK","G3","W2","CP0",2,"2000","NR","PCS_ALL","_Z","100","_Z","N","PN","2022-S2",4.988466,"A",false,null,null,"P6M",{"$nulls":4},"S",null,null,3,null,"Number of card paymentelectronic, received - SCA: sca, acquirer location: Slovakia, issuer location: other EEA countries, POS location: domestic","Number of card paymentelectronic, received - SCA: sca, acquirer location: Slovakia, issuer location: other EEA countries, POS location: domestic","PN",6]
["PCP.H.LV.W2.W0.CP0.2.2000.R.PCS_ALL._Z.201._Z.N.PN","H","LV","W2","W0","CP0",2,"2000","R","PCS_ALL","_Z","201","_Z","N","PN","2023-S2",0.026009,"P",false,null,null,"P6M",{"$nulls":4},"S",null,null,3,null,"Number of card paymentelectronic, received - SCA: non-sca: low value, acquirer location: Latvia, issuer location: domestic, POS location: world","Number of card paymentelectronic, received - SCA: non-sca: low value, acquirer location: Latvia, issuer location: domestic, POS location: world","PN",6]
["PCP.H.FI.W0.G1.CP0.1.2000.NR.PCS_ALL._Z.204._Z.N.EUR","H","FI","W0","G1","CP0",1,"2000","NR","PCS_ALL","_Z","204","_Z","N","EUR","2023-S2",0,"P",false,null,null,"P6M",{"$nulls":4},"S",null,null,3,null,"Total value of card paymentelectronic, sent - SCA: non-sca: trusted beneficiaries, issuer location: Finland, POS location: outside EEA","Total value of card paymentelectronic, sent - SCA: non-sca: trusted beneficiaries, issuer location: Finland, POS location: outside EEA","EUR",6]
["PCP.H.SI.W2.W0.CP0.1.2231.R.PCS_ALL._Z._X._Z.N.EUR","H","SI","W2","W0","CP0",1,"2231","R","PCS_ALL","_Z","_X","_Z","N","EUR","2022-S1",0,"A",false,null,null,"P6M",{"$nulls":4},"S",null,null,3,null,"Value of card payment, initiated via p2p mobile payment solution (electronic), sent - SCA: , issuer location: Slovenia, acquirer location: domestic, POS location: world","Value of card payment, initiated via p2p mobile payment solution (electronic), sent - SCA: , issuer location: Slovenia, acquirer location: domestic, POS location: world","EUR",6]
["PCP.H.BG.W0.W1.CP0.2.2000.NR.PCS_ALL._Z.202._Z.N.XDF","H","BG","W0","W1","CP0",2,"2000","NR","PCS_ALL","_Z","202","_Z","N","XDF","2023-S2",435.1314131099999,"P",false,null,null,"P6M",{"$nulls":4},"S",null,null,3,null,"Total value of card paymentelectronic, received - SCA: non-sca: contactless low value, acquirer location: Bulgaria, POS location: Rest of the World","Total value of card paymentelectronic, received - SCA: non-sca: contactless low value, acquirer location: Bulgaria, POS location: Rest of the World","XDF",6]
["PCP.H.PL.W2.G3.CP0.2.2000.R.PCS_ALL._Z.200._Z.N.PN","H","PL","W2","G3","CP0",2,"2000","R","PCS_ALL","_Z","200","_Z","N","PN","2023-S2",0.141716,"P",false,null,null,"P6M",{"$nulls":4},"S",null,null,3,null,"Number of card paymentelectronic, received - SCA: non-sca, acquirer location: Poland, issuer location: domestic, POS location: other EEA countries","Number of card paymentelectronic, received - SCA: non-sca, acquirer location: Poland, issuer location: domestic, POS location: other EEA countries","PN",6]
["PCP.H.GR.W2.G1.CP0.1.2000.R.PCS_ALL.13._X._Z.N.PN","H","GR","W2","G1","CP0",1,"2000","R","PCS_ALL","13","_X","_Z","N","PN","2023-S2",8.8E-05,"P",false,null,null,"P6M",{"$nulls":4},"S",null,null,3,null,"Number of card payment with a credit card, sent - issuer location: Greece, acquirer location: domestic, POS location: outside EEA","Number of card payment with a credit card, sent - issuer location: Greece, acquirer location: domestic, POS location: outside EEA","PN",6]
["PCP.H.IT.G3.G3.CP0.1.2000.R.PCS_ALL._Z.210._Z.N.EUR","H","IT","G3","G3","CP0",1,"2000","R","PCS_ALL","_Z","210","_Z","N","EUR","2022-S1",722.757726,"A",false,null,null,"P6M",{"$nulls":4},"S",null,null,3,null,"Value of card paymentelectronic, sent - SCA: non-sca: others, issuer location: Italy, acquirer location: other EEA countries, POS location: other EEA countries","Value of card paymentelectronic, sent - SCA: non-sca: others, issuer location: Italy, acquirer location: other EEA countries, POS location: other EEA countries","EUR",6]
["PCP.H.DE.W0.G1.CP0.1.2000.NR.PCS_ALL.12._X._Z.N.PN","H","DE","W0","G1","CP0",1,"2000","NR","PCS_ALL","12","_X","_Z","N","PN","2023-S2",39.538673,"P",false,null,null,"P6M",{"$nulls":4},"S",null,null,3,null,"Total number of card payment with a delayed debit card, sent - issuer location: Germany, POS location: outside EEA","Total number of card payment with a delayed debit card, sent - issuer location: Germany, POS location: outside EEA","PN",6]
["PCP.H.RO.G3.W2.CW1.1._T._T.PCS_ALL._Z._X._Z.N.XDF","H","RO","G3","W2","CW1",1,"_T","_T","PCS_ALL","_Z","_X","_Z","N","XDF","2023-S1",4.771852999999999,"A",false,null,null,"P6M",{"$nulls":4},"S",null,null,3,null,"Value of cash withdrawal using cardsall, sent - SCA: , issuer location: Romania, acquirer location: other EEA countries, terminal location: domestic","Value of cash withdrawal using cardsall, sent - SCA: , issuer location: Romania, acquirer location: other EEA countries, terminal location: domestic","XDF",6]
["PCP.H.HR.W2.G1.CP0.2.2000.NR.PCS_ALL._Z.100._Z.N.PN","H","HR","W2","G1","CP0",2,"2000","NR","PCS_ALL","_Z","100","_Z","N","PN","2023-S1",3E-06,"A",false,null,null,"P6M",{"$nulls":4},"S",null,null,3,null,"Number of card paymentelectronic, received - SCA: sca, acquirer location: Croatia, issuer location: domestic, POS location: outside EEA","Number of card paymentelectronic, received - SCA: sca, acquirer location: Croatia, issuer location: domestic, POS location: outside EEA","PN",6]
["PCP.H.MT.G3.G1.CP0.1.2000.R.PCS_ALL._Z._X._Z.N.PN","H","MT","G3","G1","CP0",1,"2000","R","PCS_ALL","_Z","_X","_Z","N","PN","2023-S2",0.104167,"P",false,null,null,"P6M",{"$nulls":4},"S",null,null,3,null,"Number of card paymentelectronic, sent - SCA: , issuer location: Malta, acquirer location: other EEA countries, POS location: outside EEA","Number of card paymentelectronic, sent - SCA: , issuer location: Malta, acquirer location: other EEA countries, POS location: outside EEA","PN",6]
["PCP.H.EE.W1.W1.CP0.2.2000.NR.PCS_ALL._Z.206._Z.N.EUR","H","EE","W1","W1","CP0",2,"2000","NR","PCS_ALL","_Z","206","_Z","N","EUR","2023-S1",0,"A",false,null,null,"P6M",{"$nulls":4},"S",null,null,3,null,"Value of card paymentelectronic, received - SCA: non-sca: unattended terminals, acquirer location: Estonia, issuer location: Rest of the World, POS location: Rest of the World","Value of card paymentelectronic, received - SCA: non-sca: unattended terminals, acquirer location: Estonia, issuer location: Rest of the World, POS location: Rest of the World","EUR",6]
["PCP.H.SK.W1.G1.CP0.1.2000.NR.PCS_ALL._Z.210._Z.N.EUR","H","SK","W1","G1","CP0",1,"2000","NR","PCS_ALL","_Z","210","_Z","N","EUR","2022-S2",31.571577,"A",false,null,null,"P6M",{"$nulls":4},"S",null,null,3,null,"Value of card paymentelectronic, sent - SCA: non-sca: others, issuer location: Slovakia, acquirer location: Rest of the World, POS location: outside EEA","Value of card paymentelectronic, sent - SCA: non-sca: others, issuer location: Slovakia, acquirer location: Rest of the World, POS location: outside EEA","EUR",6]
["PCP.H.LV.G1.W2.CP0.1.2000.NR.PCS_ALL._Z.210._Z.N.EUR","H","LV","G1","W2","CP0",1,"2000","NR","PCS_ALL","_Z","210","_Z","N","EUR","2022-S1",null,"Q",false,null,null,"P6M",{"$nulls":4},"S",null,null,3,null,"Value of card paymentelectronic, sent - SCA: non-sca: others, issuer location: Latvia, acquirer location: outside EEA, POS location: domestic","Value of card paymentelectronic, sent - SCA: non-sca: others, issuer location: Latvia, acquirer location: outside EEA, POS location: domestic","EUR",6]
["PCP.H.PL.W0.W1.CP0.2.2000.R.PCS_ALL._Z.210._Z.N.PN","H","PL","W0","W1","CP0",2,"2000","R","PCS_ALL","_Z","210","_Z","N","PN","2022-S1",null,"M",false,null,null,"P6M",{"$nulls":4},"S",null,null,3,null,"Total number of card paymentelectronic, received - SCA: non-sca: others, acquirer location: Poland, POS location: Rest of the World","Total number of card paymentelectronic, received - SCA: non-sca: others, acquirer location: Poland, POS location: Rest of the World","PN",6]
["PCP.H.IE.W1.G3.CP0.1.2000.NR.PCS_ALL.12._X._Z.N.PN","H","IE","W1","G3","CP0",1,"2000","NR","PCS_ALL","12","_X","_Z","N","PN","2023-S1",10.155492,"A",false,null,null,"P6M",{"$nulls":4},"S",null,null,3,null,"Number of card payment with a delayed debit card, sent - issuer location: Ireland, acquirer location: Rest of the World, POS location: other EEA countries","Number of card payment with a delayed debit card, sent - issuer location: Ireland, acquirer location: Rest of the World, POS location: other EEA countries","PN",6]
["PCP.H.AT.W0.W1.CP0.2.2000.NR.PCS_ALL._Z._X._Z.N.PN","H","AT","W0","W1","CP0",2,"2000","NR","PCS_ALL","_Z","_X","_Z","N","PN","2022-S2",110.354069,"A",false,null,null,"P6M",{"$nulls":4},"S",null,null,3,null,"Total number of card paymentelectronic, received - SCA: , acquirer location: Austria, POS location: Rest of the World","Total number of card paymentelectronic, received - SCA: , acquirer location: Austria, POS location: Rest of the World","PN",6]
["PCP.H.GR.G3.W1.CP0.2.2000.NR.PCS_ALL.11._X._Z.N.EUR","H","GR","G3","W1","CP0",2,"2000","NR","PCS_ALL","11","_X","_Z","N","EUR","2022-S1",2.885023459999999,"A",false,null,null,"P6M",{"$nulls":4},"S",null,null,3,null,"Value of card payment,with a debit card, received - acquirer location: Greece, issuer location: other EEA countries, POS location: Rest of the World","Value of card payment,with a debit card, received - acquirer location: Greece, issuer location: other EEA countries, POS location: Rest of the World","EUR",6]
["PCP.A.DE.SK.W0.CP0.1._T._T.PCS_ALL._Z._X._Z.N.PN","A","DE","SK","W0","CP0",1,"_T","_T","PCS_ALL","_Z","_X","_Z","N","PN","2017",0.819,"A",false,null,null,"P1Y",{"$nulls":4},"S",null,null,3,null,"Number of card paymentall, sent - SCA: , issuer location: Germany, acquirer location: Slovakia, POS location: world","Number of card paymentall, sent - SCA: , issuer location: Germany, acquirer location: Slovakia, POS location: world","PN",6]
["PCP.H.LT.G1.W0.CP0.2.2000.NR.PCS_ALL._Z.200._Z.N.EUR","H","LT","G1","W0","CP0",2,"2000","NR","PCS_ALL","_Z","200","_Z","N","EUR","2023-S2",212.11444,"P",false,null,null,"P6M",{"$nulls":4},"S",null,null,3,null,"Value of card paymentelectronic, received - SCA: non-sca, acquirer location: Lithuania, issuer location: outside EEA, POS location: world","Value of card paymentelectronic, received - SCA: non-sca, acquirer location: Lithuania, issuer location: outside EEA, POS location: world","EUR",6]
["PCP.H.CZ.G1.G3.CP0.1.2000._T.PCS_ALL._Z._X._Z.N.XDF","H","CZ","G1","G3","CP0",1,"2000","_T","PCS_ALL","_Z","_X","_Z","N","XDF","2023-S2",4347.809345559999,"P",false,null,null,"P6M",{"$nulls":4},"S",null,null,3,null,"Value of card paymentelectronic, sent - SCA: , issuer location: Czech Republic, acquirer location: outside EEA, POS location: other EEA countries","Value of card paymentelectronic, sent - SCA: , issuer location: Czech Republic, acquirer location: outside EEA, POS location: other EEA countries","XDF",6]
["PCP.H.U2.W0.W0.CP0.2.2000.R.PCS_ALL._Z.200._Z.N.PN","H","U2","W0","W0","CP0",2,"2000","R","PCS_ALL","_Z","200","_Z","N","PN","2023-S2",7733.886455,"P",false,null,null,"P6M",{"$nulls":4},"S",null,null,3,null,"Total number of card paymentelectronic, received - SCA: non-sca, acquirer location: euro area (changing composition), POS location: world","Total number of card paymentelectronic, received - SCA: non-sca, acquirer location: euro area (changing composition), POS location: world","PN",6]
["PCP.A.NL.IE.W0.CP0.1._T._T.PCS_ALL._Z._X._Z.N.PN","A","NL","IE","W0","CP0",1,"_T","_T","PCS_ALL","_Z","_X","_Z","N","PN","2011",null,"M",false,null,null,"P1Y",{"$nulls":4},"S",null,null,3,null,"Number of card paymentall, sent - SCA: , issuer location: Netherlands, acquirer location: Ireland, POS location: world","Number of card paymentall, sent - SCA: , issuer location: Netherlands, acquirer location: Ireland, POS location: world","PN",6]
["PCP.H.NL.W2.W2.CP0.1.2000.R.PCS_ALL._Z.207._Z.N.PN","H","NL","W2","W2","CP0",1,"2000","R","PCS_ALL","_Z","207","_Z","N","PN","2023-S1",null,"Q",false,null,null,"P6M",{"$nulls":4},"S",null,null,3,null,"Number of card paymentelectronic, sent - SCA: non-sca: secure corporate payment, issuer location: Netherlands, acquirer location: domestic, POS location: domestic","Number of card paymentelectronic, sent - SCA: non-sca: secure corporate payment, issuer location: Netherlands, acquirer location: domestic, POS location: domestic","PN",6]
["PCP.H.ES.W0.W1.CP0.1.2000.NR.PCS_ALL._Z.202._Z.N.EUR","H","ES","W0","W1","CP0",1,"2000","NR","PCS_ALL","_Z","202","_Z","N","EUR","2023-S2",872.8375527499999,"P",false,null,null,"P6M",{"$nulls":4},"S",null,null,3,null,"Total value of card paymentelectronic, sent - SCA: non-sca: contactless low value, issuer location: Spain, POS location: Rest of the World","Total value of card paymentelectronic, sent - SCA: non-sca: contactless low value, issuer location: Spain, POS location: Rest of the World","EUR",6]
["PCP.A.GR.W0.W0.CP0.1.2223.NR.PCS_ALL._Z._X._Z.N.EUR_R_PNT","A","GR","W0","W0","CP0",1,"2223","NR","PCS_ALL","_Z","_X","_Z","N","EUR_R_PNT","2017",39.32149120824968,"A",false,null,null,"P1Y",{"$nulls":4},"S",null,null,2,null,"Total value; ratio to number of transactions of card payment, initiated at eftpos, sent - SCA: , issuer location: Greece, POS location: world","Total value; ratio to number of transactions of card payment, initiated at eftpos, sent - SCA: , issuer location: Greece, POS location: world","EUR_R_PNT",0]
["PCP.H.CZ.G3.G1.CP0.2.2000.NR.PCS_ALL._Z.206._Z.N.PN","H","CZ","G3","G1","CP0",2,"2000","NR","PCS_ALL","_Z","206","_Z","N","PN","2022-S2",4E-06,"A",false,null,null,"P6M",{"$nulls":4},"S",null,null,3,null,"Number of card paymentelectronic, received - SCA: non-sca: unattended terminals, acquirer location: Czech Republic, issuer location: other EEA countries, POS location: outside EEA","Number of card paymentelectronic, received - SCA: non-sca: unattended terminals, acquirer location: Czech Republic, issuer location: other EEA countries, POS location: outside EEA","PN",6]
["PCP.H.RO.W2.G1.CP0.1.1000.R.PCS_ALL._Z._X._Z.N.XDF","H","RO","W2","G1","CP0",1,"1000","R","PCS_ALL","_Z","_X","_Z","N","XDF","2022-S1",0,"A",false,null,null,"P6M",{"$nulls":4},"S",null,null,3,null,"Value of card paymentnon-electronic, sent - SCA: , issuer location: Romania, acquirer location: domestic, POS location: outside EEA","Value of card paymentnon-electronic, sent - SCA: , issuer location: Romania, acquirer location: domestic, POS location: outside EEA","XDF",6]
["PCP.H.IE.W2.W2.CP0.2.2000.NR.PCS_ALL._Z.210._Z.N.PN","H","IE","W2","W2","CP0",2,"2000","NR","PCS_ALL","_Z","210","_Z","N","PN","2022-S1",null,"Q",false,null,null,"P6M",{"$nulls":4},"S",null,null,3,null,"Number of card paymentelectronic, received - SCA: non-sca: others, acquirer location: Ireland, issuer location: domestic, POS location: domestic","Number of card paymentelectronic, received - SCA: non-sca: others, acquirer location: Ireland, issuer location: domestic, POS location: domestic","PN",6]
["PCP.H.CZ.G3.W0.CP0.2.2000.NR.PCS_ALL._Z.205._Z.N.PN","H","CZ","G3","W0","CP0",2,"2000","NR","PCS_ALL","_Z","205","_Z","N","PN","2023-S1",0,"A",false,null,null,"P6M",{"$nulls":4},"S",null,null,3,null,"Number of card paymentelectronic, received - SCA: non-sca: recurring transaction, acquirer location: Czech Republic, issuer location: other EEA countries, POS location: world","Number of card paymentelectronic, received - SCA: non-sca: recurring transaction, acquirer location: Czech Republic, issuer location: other EEA countries, POS location: world","PN",6]
["PCP.H.EE.W0.W0.CP0.1._T._T.PCS_ALL._Z._X._Z.N.EUR_R_PNT","H","EE","W0","W0","CP0",1,"_T","_T","PCS_ALL","_Z","_X","_Z","N","EUR_R_PNT","2022-S1",21.54880877368021,"A",false,null,null,"P6M",{"$nulls":4},"S",null,null,2,null,"Total value; ratio to number of transactions of card paymentall, sent - SCA: , issuer location: Estonia, POS location: world","Total value; ratio to number of transactions of card paymentall, sent - SCA: , issuer location: Estonia, POS location: world","EUR_R_PNT",0]
["PCP.H.AT.W0.W0.CP0.2.2000.R.PCS_ALL._Z.208._Z.N.PN","H","AT","W0","W0","CP0",2,"2000","R","PCS_ALL","_Z","208","_Z","N","PN","2022-S2",0.426172,"A",false,null,null,"P6M",{"$nulls":4},"S",null,null,3,null,"Total number of card paymentelectronic, received - SCA: non-sca: transaction risk analysis, acquirer location: Austria, POS location: world","Total number of card paymentelectronic, received - SCA: non-sca: transaction risk analysis, acquirer location: Austria, POS location: world","PN",6]
["PCP.H.IT.W1.G3.CP0.1.2000.R.PCS_ALL._Z.207._Z.N.EUR","H","IT","W1","G3","CP0",1,"2000","R","PCS_ALL","_Z","207","_Z","N","EUR","2023-S2",0.4554300000000001,"P",false,null,null,"P6M",{"$nulls":4},"S",null,null,3,null,"Value of card paymentelectronic, sent - SCA: non-sca: secure corporate payment, issuer location: Italy, acquirer location: Rest of the World, POS location: other EEA countries","Value of card paymentelectronic, sent - SCA: non-sca: secure corporate payment, issuer location: Italy, acquirer location: Rest of the World, POS location: other EEA countries","EUR",6]
["PCP.H.AT.W1.G3.CP0.2.2000.R.PCS_ALL._Z.200._Z.N.PN","H","AT","W1","G3","CP0",2,"2000","R","PCS_ALL","_Z","200","_Z","N","PN","2023-S2",5.269828,"P",false,null,null,"P6M",{"$nulls":4},"S",null,null,3,null,"Number of card paymentelectronic, received - SCA: non-sca, acquirer location: Austria, issuer location: Rest of the World, POS location: other EEA countries","Number of card paymentelectronic, received - SCA: non-sca, acquirer location: Austria, issuer location: Rest of the World, POS location: other EEA countries","PN",6]
["PCP.H.ES.G1.W2.CP0.2.2000.NR.PCS_ALL._Z.200._Z.N.EUR","H","ES","G1","W2","CP0",2,"2000","NR","PCS_ALL","_Z","200","_Z","N","EUR","2022-S2",3287.36352239,"A",false,null,null,"P6M",{"$nulls":4},"S",null,null,3,null,"Value of card paymentelectronic, received - SCA: non-sca, acquirer location: Spain, issuer location: outside EEA, POS location: domestic","Value of card paymentelectronic, received - SCA: non-sca, acquirer location: Spain, issuer location: outside EEA, POS location: domestic","EUR",6]
["PCP.H.SK.W1.W2.CP0.2.2000.R.PCS_ALL.11._X._Z.N.EUR","H","SK","W1","W2","CP0",2,"2000","R","PCS_ALL","11","_X","_Z","N","EUR","2022-S2",94.04697600000002,"A",false,null,null,"P6M",{"$nulls":4},"S",null,null,3,null,"Value of card payment,with a debit card, received - acquirer location: Slovakia, issuer location: Rest of the World, POS location: domestic","Value of card payment,with a debit card, received - acquirer location: Slovakia, issuer location: Rest of the World, POS location: domestic","EUR",6]
["PCP.H.MT.W0.W1.CP0.1.2000.R.PCS_ALL._Z.200._Z.N.PN","H","MT","W0","W1","CP0",1,"2000","R","PCS_ALL","_Z","200","_Z","N","PN","2022-S2",5.263954,"A",false,null,null,"P6M",{"$nulls":4},"S",null,null,3,null,"Total number of card paymentelectronic, sent - SCA: non-sca, issuer location: Malta, POS location: Rest of the World","Total number of card paymentelectronic, sent - SCA: non-sca, issuer location: Malta, POS location: Rest of the World","PN",6]
["PCP.H.FI.W1.W0.CP0.1.2000.R.PCS_ALL._Z._X._Z.N.PN","H","FI","W1","W0","CP0",1,"2000","R","PCS_ALL","_Z","_X","_Z","N","PN","2023-S2",120.869183,"P",false,null,null,"P6M",{"$nulls":4},"S",null,null,3,null,"Number of card paymentelectronic, sent - SCA: , issuer location: Finland, acquirer location: Rest of the World, POS location: world","Number of card paymentelectronic, sent - SCA: , issuer location: Finland, acquirer location: Rest of the World, POS location: world","PN",6]
["PCP.H.RO.G1.G3.CP0.1.2000.NR.PCS_ALL._Z.100._Z.N.PN","H","RO","G1","G3","CP0",1,"2000","NR","PCS_ALL","_Z","100","_Z","N","PN","2023-S2",0.09326299999999998,"P",false,null,null,"P6M",{"$nulls":4},"S",null,null,3,null,"Number of card paymentelectronic, sent - SCA: sca, issuer location: Romania, acquirer location: outside EEA, POS location: other EEA countries","Number of card paymentelectronic, sent - SCA: sca, issuer location: Romania, acquirer location: outside EEA, POS location: other EEA countries","PN",6]
["PCP.H.CY.G3.G1.CP0.1.2000.R.PCS_ALL._Z._X._Z.N.PN","H","CY","G3","G1","CP0",1,"2000","R","PCS_ALL","_Z","_X","_Z","N","PN","2023-S1",0.389914,"A",false,null,null,"P6M",{"$nulls":4},"S",null,null,3,null,"Number of card paymentelectronic, sent - SCA: , issuer location: Cyprus, acquirer location: other EEA countries, POS location: outside EEA","Number of card paymentelectronic, sent - SCA: , issuer location: Cyprus, acquirer location: other EEA countries, POS location: outside EEA","PN",6]
["PCP.H.NL.G3.G1.CP0.2.2000.NR.PCS_ALL._Z.202._Z.N.EUR","H","NL","G3","G1","CP0",2,"2000","NR","PCS_ALL","_Z","202","_Z","N","EUR","2023-S2",0.00032753,"P",false,null,null,"P6M",{"$nulls":4},"S",null,null,3,null,"Value of card paymentelectronic, received - SCA: non-sca: contactless low value, acquirer location: Netherlands, issuer location: other EEA countries, POS location: outside EEA","Value of card paymentelectronic, received - SCA: non-sca: contactless low value, acquirer location: Netherlands, issuer location: other EEA countries, POS location: outside EEA","EUR",6]
["PCP.Q.LU._Z.G3.CP0.1.2000.R.PCS_ALL._Z._X._Z.N.EUR","Q","LU","_Z","G3","CP0",1,"2000","R","PCS_ALL","_Z","_X","_Z","N","EUR","2023-Q1",1028.61453,"A",false,null,null,"P3M",{"$nulls":4},"S",null,null,3,null,"Value of card paymentelectronic, sent - SCA: , issuer location: Luxembourg, acquirer location: Not applicable, POS location: other EEA countries","Value of card paymentelectronic, sent - SCA: , issuer location: Luxembourg, acquirer location: Not applicable, POS location: other EEA countries","EUR",6]
["PCP.H.IT.G3.W2.CP0.1.2000.NR.PCS_ALL._Z.100._Z.N.PN","H","IT","G3","W2","CP0",1,"2000","NR","PCS_ALL","_Z","100","_Z","N","PN","2022-S1",19.320501,"A",false,null,null,"P6M",{"$nulls":4},"S",null,null,3,null,"Number of card paymentelectronic, sent - SCA: sca, issuer location: Italy, acquirer location: other EEA countries, POS location: domestic","Number of card paymentelectronic, sent - SCA: sca, issuer location: Italy, acquirer location: other EEA countries, POS location: domestic","PN",6]
["PCP.H.BE.W2.G3.CP0.1.2000.R.PCS_ALL._Z.210._Z.N.EUR","H","BE","W2","G3","CP0",1,"2000","R","PCS_ALL","_Z","210","_Z","N","EUR","2022-S1",31.16338,"A",false,null,null,"P6M",{"$nulls":4},"S",null,null,3,null,"Value of card paymentelectronic, sent - SCA: non-sca: others, issuer location: Belgium, acquirer location: domestic, POS location: other EEA countries","Value of card paymentelectronic, sent - SCA: non-sca: others, issuer location: Belgium, acquirer location: domestic, POS location: other EEA countries","EUR",6]
["PCP.H.SK.G1.W1.CP0.1.2000.NR.PCS_ALL._Z.204._Z.N.PN","H","SK","G1","W1","CP0",1,"2000","NR","PCS_ALL","_Z","204","_Z","N","PN","2023-S2",0,"P",false,null,null,"P6M",{"$nulls":4},"S",null,null,3,null,"Number of card paymentelectronic, sent - SCA: non-sca: trusted beneficiaries, issuer location: Slovakia, acquirer location: outside EEA, POS location: Rest of the World","Number of card paymentelectronic, sent - SCA: non-sca: trusted beneficiaries, issuer location: Slovakia, acquirer location: outside EEA, POS location: Rest of the World","PN",6]
["PCP.H.HU.W0.W0.CP0.2._T.NR.PCS_ALL._Z._X._Z.N.XDF_R_CP0","H","HU","W0","W0","CP0",2,"_T","NR","PCS_ALL","_Z","_X","_Z","N","XDF_R_CP0","2023-S1",79.55277181615422,"A",false,null,null,"P6M",{"$nulls":4},"S",null,null,2,null,"Total value; ratio to total card payments of card paymentall, received - SCA: , acquirer location: Hungary, POS location: world","Total value; ratio to total card payments of card paymentall, received - SCA: , acquirer location: Hungary, POS location: world","XDF_R_CP0",0]
["PCP.H.IT.W0.W1.CW1.1._T._T.PCS_ALL._Z._X._Z.N.PN","H","IT","W0","W1","CW1",1,"_T","_T","PCS_ALL","_Z","_X","_Z","N","PN","2022-S2",4.725503,"A",false,null,null,"P6M",{"$nulls":4},"S",null,null,3,null,"Total number of cash withdrawal using cardsall, sent - SCA: , issuer location: Italy, terminal location: Rest of the World","Total number of cash withdrawal using cardsall, sent - SCA: , issuer location: Italy, terminal location: Rest of the World","PN",6]
["PCP.H.FI.W1.W1.CP0.1.2000.R.PCS_ALL._Z.207._Z.N.EUR","H","FI","W1","W1","CP0",1,"2000","R","PCS_ALL","_Z","207","_Z","N","EUR","2022-S2",0.5801193,"A",false,null,null,"P6M",{"$nulls":4},"S",null,null,3,null,"Value of card paymentelectronic, sent - SCA: non-sca: secure corporate payment, issuer location: Finland, acquirer location: Rest of the World, POS location: Rest of the World","Value of card paymentelectronic, sent - SCA: non-sca: secure corporate payment, issuer location: Finland, acquirer location: Rest of the World, POS location: Rest of the World","EUR",6]
["PCP.A.BG.W0.W0.CP0.1.2223.NR.PCS_ALL._Z._X._Z.N.XDF","A","BG","W0","W0","CP0",1,"2223","NR","PCS_ALL","_Z","_X","_Z","N","XDF","2018",7759.026,"A",false,null,null,"P1Y",{"$nulls":4},"S",null,null,3,null,"Total value of card payment, initiated at eftpos, sent - SCA: , issuer location: Bulgaria, POS location: world","Total value of card payment, initiated at eftpos, sent - SCA: , issuer location: Bulgaria, POS location: world","XDF",6]
["PCP.H.CZ.G3.W1.CP0.1.2000.R.PCS_ALL._Z.200._Z.N.XDF","H","CZ","G3","W1","CP0",1,"2000","R","PCS_ALL","_Z","200","_Z","N","XDF","2022-S2",29342.709089,"A",false,null,null,"P6M",{"$nulls":4},"S",null,null,3,null,"Value of card paymentelectronic, sent - SCA: non-sca, issuer location: Czech Republic, acquirer location: other EEA countries, POS location: Rest of the World","Value of card paymentelectronic, sent - SCA: non-sca, issuer location: Czech Republic, acquirer location: other EEA countries, POS location: Rest of the World","XDF",6]
["PCP.H.PL.W0.W0.CW1.1._T._T.PCS_ALL.11._X._Z.N.PN","H","PL","W0","W0","CW1",1,"_T","_T","PCS_ALL","11","_X","_Z","N","PN","2022-S2",null,"M",false,null,null,"P6M",{"$nulls":4},"S",null,null,3,null,"Total number of cash withdrawal using cards with a debit card, sent - issuer location: Poland, terminal location: world","Total number of cash withdrawal using cards with a debit card, sent - issuer location: Poland, terminal location: world","PN",6]
["PCP.H.GR.W2.W2.CP0.2.2000.NR.PCS_ALL._Z._X._Z.N.EUR","H","GR","W2","W2","CP0",2,"2000","NR","PCS_ALL","_Z","_X","_Z","N","EUR","2022-S2",16724.06004894,"A",false,null,null,"P6M",{"$nulls":4},"S",null,null,3,null,"Value of card paymentelectronic, received - SCA: , acquirer location: Greece, issuer location: domestic, POS location: domestic","Value of card paymentelectronic, received - SCA: , acquirer location: Greece, issuer location: domestic, POS location: domestic","EUR",6]
["PCP.H.CZ.W2.W0.CP0.1.2223.NR.PCS_ALL._Z._X._Z.N.XDF","H","CZ","W2","W0","CP0",1,"2223","NR","PCS_ALL","_Z","_X","_Z","N","XDF","2023-S1",419119.4808147,"A",false,null,null,"P6M",{"$nulls":4},"S",null,null,3,null,"Value of card payment, initiated at eftpos, sent - SCA: , issuer location: Czech Republic, acquirer location: domestic, POS location: world","Value of card payment, initiated at eftpos, sent - SCA: , issuer location: Czech Republic, acquirer location: domestic, POS location: world","XDF",6]
["PCP.H.HR.W1.W2.CP0.1.2000.NR.PCS_ALL._Z._X._Z.N.EUR","H","HR","W1","W2","CP0",1,"2000","NR","PCS_ALL","_Z","_X","_Z","N","EUR","2023-S2",49.99943900000001,"P",false,null,null,"P6M",{"$nulls":4},"S",null,null,3,null,"Value of card paymentelectronic, sent - SCA: , issuer location: Croatia, acquirer location: Rest of the World, POS location: domestic","Value of card paymentelectronic, sent - SCA: , issuer location: Croatia, acquirer location: Rest of the World, POS location: domestic","EUR",6]
["PCP.H.SK.W0.G1.CP0.1.2230.R.PCS_ALL._Z._X._Z.N.PN","H","SK","W0","G1","CP0",1,"2230","R","PCS_ALL","_Z","_X","_Z","N","PN","2022-S1",0.986503,"A",false,null,null,"P6M",{"$nulls":4},"S",null,null,3,null,"Total number of card payment, initiated via mobile payment solution (electronic), sent - SCA: , issuer location: Slovakia, POS location: outside EEA","Total number of card payment, initiated via mobile payment solution (electronic), sent - SCA: , issuer location: Slovakia, POS location: outside EEA","PN",6]
["PCP.H.LV.W1.W2.CP0.1.2000.R.PCS_ALL._Z.100._Z.N.PN","H","LV","W1","W2","CP0",1,"2000","R","PCS_ALL","_Z","100","_Z","N","PN","2023-S2",1.733298,"P",false,null,null,"P6M",{"$nulls":4},"S",null,null,3,null,"Number of card paymentelectronic, sent - SCA: sca, issuer location: Latvia, acquirer location: Rest of the World, POS location: domestic","Number of card paymentelectronic, sent - SCA: sca, issuer location: Latvia, acquirer location: Rest of the World, POS location: domestic","PN",6]
["PCP.H.ES.W0.W0.CP0.1.2000.R.PCS_ALL._Z.201._Z.N.EUR","H","ES","W0","W0","CP0",1,"2000","R","PCS_ALL","_Z","201","_Z","N","EUR","2023-S1",725.88793362,"A",false,null,null,"P6M",{"$nulls":4},"S",null,null,3,null,"Total value of card paymentelectronic, sent - SCA: non-sca: low value, issuer location: Spain, POS location: world","Total value of card paymentelectronic, sent - SCA: non-sca: low value, issuer location: Spain, POS location: world","EUR",6]
["PCP.H.IE.W2.W1.CP0.2.2000.NR.PCS_ALL._Z.210._Z.N.EUR","H","IE","W2","W1","CP0",2,"2000","NR","PCS_ALL","_Z","210","_Z","N","EUR","2022-S2",142.00065079,"A",false,null,null,"P6M",{"$nulls":4},"S",null,null,3,null,"Value of card paymentelectronic, received - SCA: non-sca: others, acquirer location: Ireland, issuer location: domestic, POS location: Rest of the World","Value of card paymentelectronic, received - SCA: non-sca: others, acquirer location: Ireland, issuer location: domestic, POS location: Rest of the World","EUR",6]
["PCP.H.CY.W2.G1.CP0.2.2000.R.PCS_ALL._Z.205._Z.N.PN","H","CY","W2","G1","CP0",2,"2000","R","PCS_ALL","_Z","205","_Z","N","PN","2022-S1",null,"Q",false,null,null,"P6M",{"$nulls":4},"S",null,null,3,null,"Number of card paymentelectronic, received - SCA: non-sca: recurring transaction, acquirer location: Cyprus, issuer location: domestic, POS location: outside EEA","Number of card paymentelectronic, received - SCA: non-sca: recurring transaction, acquirer location: Cyprus, issuer location: domestic, POS location: outside EEA","PN",6]
["PCP.H.PL.W0.W1.CP0.2.2000.NR.PCS_ALL.11._X._Z.N.XDF","H","PL","W0","W1","CP0",2,"2000","NR","PCS_ALL","11","_X","_Z","N","XDF","2022-S1",null,"M",false,null,null,"P6M",{"$nulls":4},"S",null,null,3,null,"Total value of card payment,with a debit card, received - acquirer location: Poland, POS location: Rest of the World","Total value of card payment,with a debit card, received - acquirer location: Poland, POS location: Rest of the World","XDF",6]
["PCP.H.FI.W1.W2.CP0.2.2000._T.PCS_ALL._Z._X._Z.N.EUR","H","FI","W1","W2","CP0",2,"2000","_T","PCS_ALL","_Z","_X","_Z","N","EUR","2023-S2",882.3029193900002,"P",false,null,null,"P6M",{"$nulls":4},"S",null,null,3,null,"Value of card paymentelectronic, received - SCA: , acquirer location: Finland, issuer location: Rest of the World, POS location: domestic","Value of card paymentelectronic, received - SCA: , acquirer location: Finland, issuer location: Rest of the World, POS location: domestic","EUR",6]
["PCP.H.CY.G3.G3.CP0.1.2229.NR.PCS_ALL._Z._X._Z.N.PN","H","CY","G3","G3","CP0",1,"2229","NR","PCS_ALL","_Z","_X","_Z","N","PN","2022-S1",0.001829,"A",false,null,null,"P6M",{"$nulls":4},"S",null,null,3,null,"Number of card payment, initiated at other electronic channel, sent - SCA: , issuer location: Cyprus, acquirer location: other EEA countries, POS location: other EEA countries","Number of card payment, initiated at other electronic channel, sent - SCA: , issuer location: Cyprus, acquirer location: other EEA countries, POS location: other EEA countries","PN",6]
["PCP.H.FI.W0.W1.CP0.1.2000.NR.PCS_ALL.12._X._Z.N.PN","H","FI","W0","W1","CP0",1,"2000","NR","PCS_ALL","12","_X","_Z","N","PN","2023-S2",0.9048440000000002,"P",false,null,null,"P6M",{"$nulls":4},"S",null,null,3,null,"Total number of card payment with a delayed debit card, sent - issuer location: Finland, POS location: Rest of the World","Total number of card payment with a delayed debit card, sent - issuer location: Finland, POS location: Rest of the World","PN",6]
["PCP.Q.RO._Z.W2.CP0.1.2000.R.PCS_ALL._Z._X._Z.N.XDF","Q","RO","_Z","W2","CP0",1,"2000","R","PCS_ALL","_Z","_X","_Z","N","XDF","2022-Q4",10775.382454,"A",false,null,null,"P3M",{"$nulls":4},"S",null,null,3,null,"Value of card paymentelectronic, sent - SCA: , issuer location: Romania, acquirer location: Not applicable, POS location: domestic","Value of card paymentelectronic, sent - SCA: , issuer location: Romania, acquirer location: Not applicable, POS location: domestic","XDF",6]
["PCP.H.IT.W2.G3.CP0.2.2000.R.PCS_ALL._Z.201._Z.N.EUR","H","IT","W2","G3","CP0",2,"2000","R","PCS_ALL","_Z","201","_Z","N","EUR","2023-S1",0,"A",false,null,null,"P6M",{"$nulls":4},"S",null,null,3,null,"Value of card paymentelectronic, received - SCA: non-sca: low value, acquirer location: Italy, issuer location: domestic, POS location: other EEA countries","Value of card paymentelectronic, received - SCA: non-sca: low value, acquirer location: Italy, issuer location: domestic, POS location: other EEA countries","EUR",6]
["PCP.H.PL.W2.G3.CP0.1._T._T.PCS_ALL._Z._X._Z.N.PN","H","PL","W2","G3","CP0",1,"_T","_T","PCS_ALL","_Z","_X","_Z","N","PN","2023-S2",30.701403,"P",false,null,null,"P6M",{"$nulls":4},"S",null,null,3,null,"Number of card paymentall, sent - SCA: , issuer location: Poland, acquirer location: domestic, POS location: other EEA countries","Number of card paymentall, sent - SCA: , issuer location: Poland, acquirer location: domestic, POS location: other EEA countries","PN",6]
["PCP.H.GR.G1.W0.CP0.2.2000.NR.PCS_ALL._Z.206._Z.N.PN","H","GR","G1","W0","CP0",2,"2000","NR","PCS_ALL","_Z","206","_Z","N","PN","2022-S1",0.014566,"A",false,null,null,"P6M",{"$nulls":4},"S",null,null,3,null,"Number of card paymentelectronic, received - SCA: non-sca: unattended terminals, acquirer location: Greece, issuer location: outside EEA, POS location: world","Number of card paymentelectronic, received - SCA: non-sca: unattended terminals, acquirer location: Greece, issuer location: outside EEA, POS location: world","PN",6]
["PCP.A.PL.W0.W0.CP0.1._T._T.PCS_ALL._Z._X._Z.N.EUR_R_TT","A","PL","W0","W0","CP0",1,"_T","_T","PCS_ALL","_Z","_X","_Z","N","EUR_R_TT","2021",0.4821720084700407,"A",false,null,null,"P1Y",{"$nulls":4},"S",null,null,2,null,"Total value; ratio to total value payment transactions of card paymentall, sent - SCA: , issuer location: Poland, POS location: world","Total value; ratio to total value payment transactions of card paymentall, sent - SCA: , issuer location: Poland, POS location: world","EUR_R_TT",0]
["PCP.H.LU.W0.W0.CP0.2.2000.NR.PCS_ALL._Z.205._Z.N.PN","H","LU","W0","W0","CP0",2,"2000","NR","PCS_ALL","_Z","205","_Z","N","PN","2022-S2",0,"A",false,null,null,"P6M",{"$nulls":4},"S",null,null,3,null,"Total number of card paymentelectronic, received - SCA: non-sca: recurring transaction, acquirer location: Luxembourg, POS location: world","Total number of card paymentelectronic, received - SCA: non-sca: recurring transaction, acquirer location: Luxembourg, POS location: world","PN",6]
["PCP.H.NL.G3.G3.CP0.1.1000._T.PCS_ALL._Z._X._Z.N.PN","H","NL","G3","G3","CP0",1,"1000","_T","PCS_ALL","_Z","_X","_Z","N","PN","2023-S1",0.726243,"A",false,null,null,"P6M",{"$nulls":4},"S",null,null,3,null,"Number of card paymentnon-electronic, sent - SCA: , issuer location: Netherlands, acquirer location: other EEA countries, POS location: other EEA countries","Number of card paymentnon-electronic, sent - SCA: , issuer location: Netherlands, acquirer location: other EEA countries, POS location: other EEA countries","PN",6]
["PCP.H.HR.W0.W2.CW1.1._T._T.PCS_ALL.13._X._Z.N.PN","H","HR","W0","W2","CW1",1,"_T","_T","PCS_ALL","13","_X","_Z","N","PN","2023-S2",0.492474,"P",false,null,null,"P6M",{"$nulls":4},"S",null,null,3,null,"Total number of cash withdrawal using cards with a credit card, sent - issuer location: Croatia, terminal location: domestic","Total number of cash withdrawal using cards with a credit card, sent - issuer location: Croatia, terminal location: domestic","PN",6]
["PCP.A.SK.CY.W0.CP0.1._T._T.PCS_ALL._Z._X._Z.N.PN","A","SK","CY","W0","CP0",1,"_T","_T","PCS_ALL","_Z","_X","_Z","N","PN","2014",0.06,"A",false,null,null,"P1Y",{"$nulls":4},"S",null,null,3,null,"Number of card paymentall, sent - SCA: , issuer location: Slovakia, acquirer location: Cyprus, POS location: world","Number of card paymentall, sent - SCA: , issuer location: Slovakia, acquirer location: Cyprus, POS location: world","PN",6]
["PCP.H.LT.G1.G1.CP0.2.1000.R.PCS_ALL._Z._X._Z.N.EUR","H","LT","G1","G1","CP0",2,"1000","R","PCS_ALL","_Z","_X","_Z","N","EUR","2023-S1",null,"Q",false,null,null,"P6M",{"$nulls":4},"S",null,null,3,null,"Value of card paymentnon-electronic, received - SCA: , acquirer location: Lithuania, issuer location: outside EEA, POS location: outside EEA","Value of card paymentnon-electronic, received - SCA: , acquirer location: Lithuania, issuer location: outside EEA, POS location: outside EEA","EUR",6]
["PCP.H.RO.G3.W0.CP0.1.2223.NR.PCS_ALL._Z._X._Z.N.XDF","H","RO","G3","W0","CP0",1,"2223","NR","PCS_ALL","_Z","_X","_Z","N","XDF","2023-S2",8683.893955999998,"P",false,null,null,"P6M",{"$nulls":4},"S",null,null,3,null,"Value of card payment, initiated at eftpos, sent - SCA: , issuer location: Romania, acquirer location: other EEA countries, POS location: world","Value of card payment, initiated at eftpos, sent - SCA: , issuer location: Romania, acquirer location: other EEA countries, POS location: world","XDF",6]
["PCP.H.PL.G1.G3.CP0.2.2229.NR.PCS_ALL._Z._X._Z.N.PN","H","PL","G1","G3","CP0",2,"2229","NR","PCS_ALL","_Z","_X","_Z","N","PN","2022-S2",null,"M",false,null,null,"P6M",{"$nulls":4},"S",null,null,3,null,"Number of card payment, initiated at other electronic channel, received - SCA: , acquirer location: Poland, issuer location: outside EEA, POS location: other EEA countries","Number of card payment, initiated at other electronic channel, received - SCA: , acquirer location: Poland, issuer location: outside EEA, POS location: other EEA countries","PN",6]
["PCP.H.CZ.W2.W2.CP0.1.2000.R.PCS_ALL._Z.100._Z.N.PN","H","CZ","W2","W2","CP0",1,"2000","R","PCS_ALL","_Z","100","_Z","N","PN","2023-S2",39.26266099999999,"P",false,null,null,"P6M",{"$nulls":4},"S",null,null,3,null,"Number of card paymentelectronic, sent - SCA: sca, issuer location: Czech Republic, acquirer location: domestic, POS location: domestic","Number of card paymentelectronic, sent - SCA: sca, issuer location: Czech Republic, acquirer location: domestic, POS location: domestic","PN",6]
["PCP.H.PT.W0.G1.CP0.2.2229.NR.PCS_ALL._Z._X._Z.N.PN","H","PT","W0","G1","CP0",2,"2229","NR","PCS_ALL","_Z","_X","_Z","N","PN","2023-S1",0,"A",false,null,null,"P6M",{"$nulls":4},"S",null,null,3,null,"Total number of card payment, initiated at other electronic channel, received - SCA: , acquirer location: Portugal, POS location: outside EEA","Total number of card payment, initiated at other electronic channel, received - SCA: , acquirer location: Portugal, POS location: outside EEA","PN",6]
["PCP.H.SI.W0.W0.CP0.2.2000.R.PCS_ALL.11._X._Z.N.EUR_R_CP0","H","SI","W0","W0","CP0",2,"2000","R","PCS_ALL","11","_X","_Z","N","EUR_R_CP0","2022-S2",2.239940298715235,"A",false,null,null,"P6M",{"$nulls":4},"S",null,null,2,null,"Total value; ratio to total card payments of card payment,with a debit card, received - acquirer location: Slovenia, POS location: world","Total value; ratio to total card payments of card payment,with a debit card, received - acquirer location: Slovenia, POS location: world","EUR_R_CP0",0]
["PCP.H.LU.W1.G1.CP0.1.2000.NR.PCS_ALL._Z.100._Z.N.PN","H","LU","W1","G1","CP0",1,"2000","NR","PCS_ALL","_Z","100","_Z","N","PN","2023-S2",1.98624,"P",false,null,null,"P6M",{"$nulls":4},"S",null,null,3,null,"Number of card paymentelectronic, sent - SCA: sca, issuer location: Luxembourg, acquirer location: Rest of the World, POS location: outside EEA","Number of card paymentelectronic, sent - SCA: sca, issuer location: Luxembourg, acquirer location: Rest of the World, POS location: outside EEA","PN",6]
["PCP.H.DE.W2.W1.CP0.2.2000.NR.PCS_ALL.13._X._Z.N.PN","H","DE","W2","W1","CP0",2,"2000","NR","PCS_ALL","13","_X","_Z","N","PN","2022-S2",21.171765,"A",false,null,null,"P6M",{"$nulls":4},"S",null,null,3,null,"Number of card payment,with a credit card, received - acquirer location: Germany, issuer location: domestic, POS location: Rest of the World","Number of card payment,with a credit card, received - acquirer location: Germany, issuer location: domestic, POS location: Rest of the World","PN",6]
["PCP.H.SI.G3.W1.CP0.1.2000.R.PCS_ALL.12._X._Z.N.PN","H","SI","G3","W1","CP0",1,"2000","R","PCS_ALL","12","_X","_Z","N","PN","2022-S2",2.981194,"A",false,null,null,"P6M",{"$nulls":4},"S",null,null,3,null,"Number of card payment with a delayed debit card, sent - issuer location: Slovenia, acquirer location: other EEA countries, POS location: Rest of the World","Number of card payment with a delayed debit card, sent - issuer location: Slovenia, acquirer location: other EEA countries, POS location: Rest of the World","PN",6]
["PCP.H.AT.G3.W0.CP0.1.2231.R.PCS_ALL._Z._X._Z.N.PN","H","AT","G3","W0","CP0",1,"2231","R","PCS_ALL","_Z","_X","_Z","N","PN","2023-S1",0.005856999999999999,"A",false,null,null,"P6M",{"$nulls":4},"S",null,null,3,null,"Number of card payment, initiated via p2p mobile payment solution (electronic), sent - SCA: , issuer location: Austria, acquirer location: other EEA countries, POS location: world","Number of card payment, initiated via p2p mobile payment solution (electronic), sent - SCA: , issuer location: Austria, acquirer location: other EEA countries, POS location: world","PN",6]
["PCP.H.LT.W0.W2.CP0.2.2000.R.PCS_ALL.11._X._Z.N.EUR","H","LT","W0","W2","CP0",2,"2000","R","PCS_ALL","11","_X","_Z","N","EUR","2022-S1",328.80003203,"A",false,null,null,"P6M",{"$nulls":4},"S",null,null,3,null,"Total value of card payment,with a debit card, received - acquirer location: Lithuania, POS location: domestic","Total value of card payment,with a debit card, received - acquirer location: Lithuania, POS location: domestic","EUR",6]
["PCP.H.GR.G1.G3.CP0.1.2230.R.PCS_ALL._Z._X._Z.N.PN","H","GR","G1","G3","CP0",1,"2230","R","PCS_ALL","_Z","_X","_Z","N","PN","2022-S2",0.006485000000000001,"A",false,null,null,"P6M",{"$nulls":4},"S",null,null,3,null,"Number of card payment, initiated via mobile payment solution (electronic), sent - SCA: , issuer location: Greece, acquirer location: outside EEA, POS location: other EEA countries","Number of card payment, initiated via mobile payment solution (electronic), sent - SCA: , issuer location: Greece, acquirer location: outside EEA, POS location: other EEA countries","PN",6]
["PCP.A.LT.W2.W0.CP0.2.2223.NR.PCS_ALL._Z._X._Z.N.PN","A","LT","W2","W0","CP0",2,"2223","NR","PCS_ALL","_Z","_X","_Z","N","PN","2023",1055.362741,"A",false,null,null,"P1Y",{"$nulls":4},"S",null,null,3,null,"Number of card payment, initiated at eftpos, received - SCA: , acquirer location: Lithuania, issuer location: domestic, POS location: world","Number of card payment, initiated at eftpos, received - SCA: , acquirer location: Lithuania, issuer location: domestic, POS location: world","PN",6]
["PCP.H.AT.W0.W1.CP0.1.2000.NR.PCS_ALL._Z.210._Z.N.EUR","H","AT","W0","W1","CP0",1,"2000","NR","PCS_ALL","_Z","210","_Z","N","EUR","2023-S1",185.18536393,"A",false,null,null,"P6M",{"$nulls":4},"S",null,null,3,null,"Total value of card paymentelectronic, sent - SCA: non-sca: others, issuer location: Austria, POS location: Rest of the World","Total value of card paymentelectronic, sent - SCA: non-sca: others, issuer location: Austria, POS location: Rest of the World","EUR",6]
["PCP.H.RO.W0.W2.CP0.2.2223.NR.PCS_ALL._Z._X._Z.N.XDF","H","RO","W0","W2","CP0",2,"2223","NR","PCS_ALL","_Z","_X","_Z","N","XDF","2023-S1",65047.36801,"A",false,null,null,"P6M",{"$nulls":4},"S",null,null,3,null,"Total value of card payment, initiated at eftpos, received - SCA: , acquirer location: Romania, POS location: domestic","Total value of card payment, initiated at eftpos, received - SCA: , acquirer location: Romania, POS location: domestic","XDF",6]
["PCP.H.FR.W1.W0.CP0.1._T._T.PCS_ALL._Z._X._Z.N.PN","H","FR","W1","W0","CP0",1,"_T","_T","PCS_ALL","_Z","_X","_Z","N","PN","2023-S1",904.6681939999999,"A",false,null,null,"P6M",{"$nulls":4},"S",null,null,3,null,"Number of card paymentall, sent - SCA: , issuer location: France, acquirer location: Rest of the World, POS location: world","Number of card paymentall, sent - SCA: , issuer location: France, acquirer location: Rest of the World, POS location: world","PN",6]
["PCP.H.AT.G3.G3.CP0.2.2229.NR.PCS_ALL._Z._X._Z.N.EUR","H","AT","G3","G3","CP0",2,"2229","NR","PCS_ALL","_Z","_X","_Z","N","EUR","2022-S1",0.9277980100000001,"A",false,null,null,"P6M",{"$nulls":4},"S",null,null,3,null,"Value of card payment, initiated at other electronic channel, received - SCA: , acquirer location: Austria, issuer location: other EEA countries, POS location: other EEA countries","Value of card payment, initiated at other electronic channel, received - SCA: , acquirer location: Austria, issuer location: other EEA countries, POS location: other EEA countries","EUR",6]
["PCP.H.FR.W2.W1.CP0.1.2000.NR.PCS_ALL._Z.210._Z.N.PN","H","FR","W2","W1","CP0",1,"2000","NR","PCS_ALL","_Z","210","_Z","N","PN","2022-S2",0.7238880000000001,"A",false,null,null,"P6M",{"$nulls":4},"S",null,null,3,null,"Number of card paymentelectronic, sent - SCA: non-sca: others, issuer location: France, acquirer location: domestic, POS location: Rest of the World","Number of card paymentelectronic, sent - SCA: non-sca: others, issuer location: France, acquirer location: domestic, POS location: Rest of the World","PN",6]
["PCP.H.SK.W0.W1.CP0.2.2000.R.PCS_ALL._Z.205._Z.N.EUR","H","SK","W0","W1","CP0",2,"2000","R","PCS_ALL","_Z","205","_Z","N","EUR","2023-S1",1E-06,"A",false,null,null,"P6M",{"$nulls":4},"S",null,null,3,null,"Total value of card paymentelectronic, received - SCA: non-sca: recurring transaction, acquirer location: Slovakia, POS location: Rest of the World","Total value of card paymentelectronic, received - SCA: non-sca: recurring transaction, acquirer location: Slovakia, POS location: Rest of the World","EUR",6]
["PCP.H.IT.W2.G1.CP0.2.2229.NR.PCS_ALL._Z._X._Z.N.EUR","H","IT","W2","G1","CP0",2,"2229","NR","PCS_ALL","_Z","_X","_Z","N","EUR","2022-S2",null,"M",false,null,null,"P6M",{"$nulls":4},"S",null,null,3,null,"Value of card payment, initiated at other electronic channel, received - SCA: , acquirer location: Italy, issuer location: domestic, POS location: outside EEA","Value of card payment, initiated at other electronic channel, received - SCA: , acquirer location: Italy, issuer location: domestic, POS location: outside EEA","EUR",6]
["PCP.H.EE.G1.G1.CP0.2.2000.R.PCS_ALL.13._X._Z.N.EUR","H","EE","G1","G1","CP0",2,"2000","R","PCS_ALL","13","_X","_Z","N","EUR","2023-S1",5.83158859,"A",false,null,null,"P6M",{"$nulls":4},"S",null,null,3,null,"Value of card payment,with a credit card, received - acquirer location: Estonia, issuer location: outside EEA, POS location: outside EEA","Value of card payment,with a credit card, received - acquirer location: Estonia, issuer location: outside EEA, POS location: outside EEA","EUR",6]
["PCP.H.FI.G1.G1.CP0.2.2000.NR.PCS_ALL._Z.200._Z.N.PN","H","FI","G1","G1","CP0",2,"2000","NR","PCS_ALL","_Z","200","_Z","N","PN","2023-S2",0.001593,"P",false,null,null,"P6M",{"$nulls":4},"S",null,null,3,null,"Number of card paymentelectronic, received - SCA: non-sca, acquirer location: Finland, issuer location: outside EEA, POS location: outside EEA","Number of card paymentelectronic, received - SCA: non-sca, acquirer location: Finland, issuer location: outside EEA, POS location: outside EEA","PN",6]
["PCP.H.BG.G3.G1.CP0.1.2000.R.PCS_ALL._Z.204._Z.N.PN","H","BG","G3","G1","CP0",1,"2000","R","PCS_ALL","_Z","204","_Z","N","PN","2023-S1",0,"A",false,null,null,"P6M",{"$nulls":4},"S",null,null,3,null,"Number of card paymentelectronic, sent - SCA: non-sca: trusted beneficiaries, issuer location: Bulgaria, acquirer location: other EEA countries, POS location: outside EEA","Number of card paymentelectronic, sent - SCA: non-sca: trusted beneficiaries, issuer location: Bulgaria, acquirer location: other EEA countries, POS location: outside EEA","PN",6]
["PCP.H.NL.W2.G1.CP0.1._T._T.PCS_ALL._Z._X._Z.N.PN","H","NL","W2","G1","CP0",1,"_T","_T","PCS_ALL","_Z","_X","_Z","N","PN","2023-S2",5.401865000000001,"P",false,null,null,"P6M",{"$nulls":4},"S",null,null,3,null,"Number of card paymentall, sent - SCA: , issuer location: Netherlands, acquirer location: domestic, POS location: outside EEA","Number of card paymentall, sent - SCA: , issuer location: Netherlands, acquirer location: domestic, POS location: outside EEA","PN",6]
["PCP.H.CZ.G1.G3.CP0.2.2000.NR.PCS_ALL._Z._X._Z.N.XDF","H","CZ","G1","G3","CP0",2,"2000","NR","PCS_ALL","_Z","_X","_Z","N","XDF","2022-S2",613.8059539999999,"A",false,null,null,"P6M",{"$nulls":4},"S",null,null,3,null,"Value of card paymentelectronic, received - SCA: , acquirer location: Czech Republic, issuer location: outside EEA, POS location: other EEA countries","Value of card paymentelectronic, received - SCA: , acquirer location: Czech Republic, issuer location: outside EEA, POS location: other EEA countries","XDF",6]
["PCP.H.IT.W1.W2.CP0.1._T._T.PCS_ALL._Z._X._Z.N.EUR","H","IT","W1","W2","CP0",1,"_T","_T","PCS_ALL","_Z","_X","_Z","N","EUR","2022-S2",5847.218956999999,"A",false,null,null,"P6M",{"$nulls":4},"S",null,null,3,null,"Value of card paymentall, sent - SCA: , issuer location: Italy, acquirer location: Rest of the World, POS location: domestic","Value of card paymentall, sent - SCA: , issuer location: Italy, acquirer location: Rest of the World, POS location: domestic","EUR",6]
["PCP.H.CY.W0.G1.CP0.2.2000.NR.PCS_ALL._Z.210._Z.N.EUR","H","CY","W0","G1","CP0",2,"2000","NR","PCS_ALL","_Z","210","_Z","N","EUR","2023-S1",0.250544,"A",false,null,null,"P6M",{"$nulls":4},"S",null,null,3,null,"Total value of card paymentelectronic, received - SCA: non-sca: others, acquirer location: Cyprus, POS location: outside EEA","Total value of card paymentelectronic, received - SCA: non-sca: others, acquirer location: Cyprus, POS location: outside EEA","EUR",6]
["PCP.H.SK.G3.G3.CP0.2.2000.R.PCS_ALL._Z.200._Z.N.PN","H","SK","G3","G3","CP0",2,"2000","R","PCS_ALL","_Z","200","_Z","N","PN","2023-S2",3.036651,"P",false,null,null,"P6M",{"$nulls":4},"S",null,null,3,null,"Number of card paymentelectronic, received - SCA: non-sca, acquirer location: Slovakia, issuer location: other EEA countries, POS location: other EEA countries","Number of card paymentelectronic, received - SCA: non-sca, acquirer location: Slovakia, issuer location: other EEA countries, POS location: other EEA countries","PN",6]
["PCP.H.IE.W1.W1.CP0.2.2000.R.PCS_ALL._Z.201._Z.N.EUR","H","IE","W1","W1","CP0",2,"2000","R","PCS_ALL","_Z","201","_Z","N","EUR","2023-S2",13.69130593,"P",false,null,null,"P6M",{"$nulls":4},"S",null,null,3,null,"Value of card paymentelectronic, received - SCA: non-sca: low value, acquirer location: Ireland, issuer location: Rest of the World, POS location: Rest of the World","Value of card paymentelectronic, received - SCA: non-sca: low value, acquirer location: Ireland, issuer location: Rest of the World, POS location: Rest of the World","EUR",6]
["PCP.H.LT.W1.W0.CP0.1.2000.R.PCS_ALL._Z.205._Z.N.PN","H","LT","W1","W0","CP0",1,"2000","R","PCS_ALL","_Z","205","_Z","N","PN","2022-S1",8.96279,"A",false,null,null,"P6M",{"$nulls":4},"S",null,null,3,null,"Number of card paymentelectronic, sent - SCA: non-sca: recurring transaction, issuer location: Lithuania, acquirer location: Rest of the World, POS location: world","Number of card paymentelectronic, sent - SCA: non-sca: recurring transaction, issuer location: Lithuania, acquirer location: Rest of the World, POS location: world","PN",6]
["PCP.H.DE.G3.W1.CP0.2.2000.R.PCS_ALL._Z.200._Z.N.EUR","H","DE","G3","W1","CP0",2,"2000","R","PCS_ALL","_Z","200","_Z","N","EUR","2023-S1",2245.49735213,"A",false,null,null,"P6M",{"$nulls":4},"S",null,null,3,null,"Value of card paymentelectronic, received - SCA: non-sca, acquirer location: Germany, issuer location: other EEA countries, POS location: Rest of the World","Value of card paymentelectronic, received - SCA: non-sca, acquirer location: Germany, issuer location: other EEA countries, POS location: Rest of the World","EUR",6]
["PCP.H.SK.W2.G3.CP0.2.2223.NR.PCS_ALL._Z._X._Z.N.PN","H","SK","W2","G3","CP0",2,"2223","NR","PCS_ALL","_Z","_X","_Z","N","PN","2022-S2",0.033803,"A",false,null,null,"P6M",{"$nulls":4},"S",null,null,3,null,"Number of card payment, initiated at eftpos, received - SCA: , acquirer location: Slovakia, issuer location: domestic, POS location: other EEA countries","Number of card payment, initiated at eftpos, received - SCA: , acquirer location: Slovakia, issuer location: domestic, POS location: other EEA countries","PN",6]
["PCP.H.BE.W1.G1.CW1.1._T._T.PCS_ALL._Z._X._Z.N.PN","H","BE","W1","G1","CW1",1,"_T","_T","PCS_ALL","_Z","_X","_Z","N","PN","2023-S1",3.654032,"A",false,null,null,"P6M",{"$nulls":4},"S",null,null,3,null,"Number of cash withdrawal using cardsall, sent - SCA: , issuer location: Belgium, acquirer location: Rest of the World, terminal location: outside EEA","Number of cash withdrawal using cardsall, sent - SCA: , issuer location: Belgium, acquirer location: Rest of the World, terminal location: outside EEA","PN",6]
["PCP.H.PL.G3.W1.CP0.1.2000.R.PCS_ALL.12._X._Z.N.XDF","H","PL","G3","W1","CP0",1,"2000","R","PCS_ALL","12","_X","_Z","N","XDF","2023-S1",222.72470555,"A",false,null,null,"P6M",{"$nulls":4},"S",null,null,3,null,"Value of card payment with a delayed debit card, sent - issuer location: Poland, acquirer location: other EEA countries, POS location: Rest of the World","Value of card payment with a delayed debit card, sent - issuer location: Poland, acquirer location: other EEA countries, POS location: Rest of the World","XDF",6]
["PCP.H.ES.W0.G1.CP0.1.2229.R.PCS_ALL._Z._X._Z.N.EUR","H","ES","W0","G1","CP0",1,"2229","R","PCS_ALL","_Z","_X","_Z","N","EUR","2023-S1",2078.91994447,"A",false,null,null,"P6M",{"$nulls":4},"S",null,null,3,null,"Total value of card payment, initiated at other electronic channel, sent - SCA: , issuer location: Spain, POS location: outside EEA","Total value of card payment, initiated at other electronic channel, sent - SCA: , issuer location: Spain, POS location: outside EEA","EUR",6]
["PCP.A.MT.W2.W0.CP0.1._T._T.PCS_ALL._Z._X._Z.N.PN","A","MT","W2","W0","CP0",1,"_T","_T","PCS_ALL","_Z","_X","_Z","N","PN","2019",null,"Q",false,null,null,"P1Y",{"$nulls":4},"S",null,null,3,null,"Number of card paymentall, sent - SCA: , issuer location: Malta, acquirer location: domestic, POS location: world","Number of card paymentall, sent - SCA: , issuer location: Malta, acquirer location: domestic, POS location: world","PN",6]
["PCP.H.LU.W1.W2.CP0.2.2000.R.PCS_ALL._Z.209._Z.N.PN","H","LU","W1","W2","CP0",2,"2000","R","PCS_ALL","_Z","209","_Z","N","PN","2022-S2",5.366206999999999,"A",false,null,null,"P6M",{"$nulls":4},"S",null,null,3,null,"Number of card paymentelectronic, received - SCA: non-sca: merchant initiated transaction, acquirer location: Luxembourg, issuer location: Rest of the World, POS location: domestic","Number of card paymentelectronic, received - SCA: non-sca: merchant initiated transaction, acquirer location: Luxembourg, issuer location: Rest of the World, POS location: domestic","PN",6]
["PCP.H.MT.W1.W1.CP0.2.2000.NR.PCS_ALL.11._X._Z.N.PN","H","MT","W1","W1","CP0",2,"2000","NR","PCS_ALL","11","_X","_Z","N","PN","2023-S1",147.888831,"A",false,null,null,"P6M",{"$nulls":4},"S",null,null,3,null,"Number of card payment,with a debit card, received - acquirer location: Malta, issuer location: Rest of the World, POS location: Rest of the World","Number of card payment,with a debit card, received - acquirer location: Malta, issuer location: Rest of the World, POS location: Rest of the World","PN",6]
["PCP.H.LU.G1.G3.CP0.1.2000.NR.PCS_ALL._Z.205._Z.N.EUR","H","LU","G1","G3","CP0",1,"2000","NR","PCS_ALL","_Z","205","_Z","N","EUR","2023-S1",0.000327,"A",false,null,null,"P6M",{"$nulls":4},"S",null,null,3,null,"Value of card paymentelectronic, sent - SCA: non-sca: recurring transaction, issuer location: Luxembourg, acquirer location: outside EEA, POS location: other EEA countries","Value of card paymentelectronic, sent - SCA: non-sca: recurring transaction, issuer location: Luxembourg, acquirer location: outside EEA, POS location: other EEA countries","EUR",6]
["PCP.H.AT.W0.G1.CP0.2.2000._T.PCS_ALL._Z._X._Z.N.PN","H","AT","W0","G1","CP0",2,"2000","_T","PCS_ALL","_Z","_X","_Z","N","PN","2023-S2",0.54668,"P",false,null,null,"P6M",{"$nulls":4},"S",null,null,3,null,"Total number of card paymentelectronic, received - SCA: , acquirer location: Austria, POS location: outside EEA","Total number of card paymentelectronic, received - SCA: , acquirer location: Austria, POS location: outside EEA","PN",6]
["PCP.H.FI.W0.W2.CP0.2.1000.R.PCS_ALL._Z._X._Z.N.EUR","H","FI","W0","W2","CP0",2,"1000","R","PCS_ALL","_Z","_X","_Z","N","EUR","2022-S1",0.23084937,"A",false,null,null,"P6M",{"$nulls":4},"S",null,null,3,null,"Total value of card paymentnon-electronic, received - SCA: , acquirer location: Finland, POS location: domestic","Total value of card paymentnon-electronic, received - SCA: , acquirer location: Finland, POS location: domestic","EUR",6]
["PCP.H.SK.W0.W0.CP0.1._T._T.PCS_ALL._Z._X._Z.N.EUR","H","SK","W0","W0","CP0",1,"_T","_T","PCS_ALL","_Z","_X","_Z","N","EUR","2022-S2",17602.611007,"A",false,null,null,"P6M",{"$nulls":4},"S",null,null,3,null,"Total value of card paymentall, sent - SCA: , issuer location: Slovakia, POS location: world","Total value of card paymentall, sent - SCA: , issuer location: Slovakia, POS location: world","EUR",6]
["PCP.H.HU.W1.G3.CP0.2.2221.NR.PCS_ALL._Z._X._Z.N.XDF","H","HU","W1","G3","CP0",2,"2221","NR","PCS_ALL","_Z","_X","_Z","N","XDF","2022-S1",0,"A",false,null,null,"P6M",{"$nulls":4},"S",null,null,3,null,"Value of card payment, initiated at atm, received - SCA: , acquirer location: Hungary, issuer location: Rest of the World, POS location: other EEA countries","Value of card payment, initiated at atm, received - SCA: , acquirer location: Hungary, issuer location: Rest of the World, POS location: other EEA countries","XDF",6]
["PCP.H.CY.G1.W0.CP0.1.2000.R.PCS_ALL._Z.208._Z.N.EUR","H","CY","G1","W0","CP0",1,"2000","R","PCS_ALL","_Z","208","_Z","N","EUR","2023-S2",5.449812999999999,"P",false,null,null,"P6M",{"$nulls":4},"S",null,null,3,null,"Value of card paymentelectronic, sent - SCA: non-sca: transaction risk analysis, issuer location: Cyprus, acquirer location: outside EEA, POS location: world","Value of card paymentelectronic, sent - SCA: non-sca: transaction risk analysis, issuer location: Cyprus, acquirer location: outside EEA, POS location: world","EUR",6]
["PCP.H.RO.G1.G1.CP0.1.2000.R.PCS_ALL._Z.204._Z.N.XDF","H","RO","G1","G1","CP0",1,"2000","R","PCS_ALL","_Z","204","_Z","N","XDF","2023-S1",0,"A",false,null,null,"P6M",{"$nulls":4},"S",null,null,3,null,"Value of card paymentelectronic, sent - SCA: non-sca: trusted beneficiaries, issuer location: Romania, acquirer location: outside EEA, POS location: outside EEA","Value of card paymentelectronic, sent - SCA: non-sca: trusted beneficiaries, issuer location: Romania, acquirer location: outside EEA, POS location: outside EEA","XDF",6]
["PCP.A.RO.CY.W0.CP0.1._T._T.PCS_ALL._Z._X._Z.N.PN","A","RO","CY","W0","CP0",1,"_T","_T","PCS_ALL","_Z","_X","_Z","N","PN","2023",17.331064,"A",false,null,null,"P1Y",{"$nulls":4},"S",null,null,3,null,"Number of card paymentall, sent - SCA: , issuer location: Romania, acquirer location: Cyprus, POS location: world","Number of card paymentall, sent - SCA: , issuer location: Romania, acquirer location: Cyprus, POS location: world","PN",6]
["PCP.H.IE.W2.W0.CP0.2.2223.NR.PCS_ALL._Z._X._Z.N.EUR","H","IE","W2","W0","CP0",2,"2223","NR","PCS_ALL","_Z","_X","_Z","N","EUR","2023-S1",15147.57754102,"A",false,null,null,"P6M",{"$nulls":4},"S",null,null,3,null,"Value of card payment, initiated at eftpos, received - SCA: , acquirer location: Ireland, issuer location: domestic, POS location: world","Value of card payment, initiated at eftpos, received - SCA: , acquirer location: Ireland, issuer location: domestic, POS location: world","EUR",6]
["PCP.H.EE.W1.G3.CP0.1.2000.NR.PCS_ALL._Z.205._Z.N.PN","H","EE","W1","G3","CP0",1,"2000","NR","PCS_ALL","_Z","205","_Z","N","PN","2023-S2",0.00017,"P",false,null,null,"P6M",{"$nulls":4},"S",null,null,3,null,"Number of card paymentelectronic, sent - SCA: non-sca: recurring transaction, issuer location: Estonia, acquirer location: Rest of the World, POS location: other EEA countries","Number of card paymentelectronic, sent - SCA: non-sca: recurring transaction, issuer location: Estonia, acquirer location: Rest of the World, POS location: other EEA countries","PN",6]
["PCP.H.IE.W1.W0.CP0.1.2000.NR.PCS_ALL._Z.202._Z.N.EUR","H","IE","W1","W0","CP0",1,"2000","NR","PCS_ALL","_Z","202","_Z","N","EUR","2023-S1",2556.40126166,"A",false,null,null,"P6M",{"$nulls":4},"S",null,null,3,null,"Value of card paymentelectronic, sent - SCA: non-sca: contactless low value, issuer location: Ireland, acquirer location: Rest of the World, POS location: world","Value of card paymentelectronic, sent - SCA: non-sca: contactless low value, issuer location: Ireland, acquirer location: Rest of the World, POS location: world","EUR",6]
["PCP.H.AT.W2.G1.CP0.1.2000.R.PCS_ALL._Z.210._Z.N.EUR","H","AT","W2","G1","CP0",1,"2000","R","PCS_ALL","_Z","210","_Z","N","EUR","2023-S2",0.13512482,"P",false,null,null,"P6M",{"$nulls":4},"S",null,null,3,null,"Value of card paymentelectronic, sent - SCA: non-sca: others, issuer location: Austria, acquirer location: domestic, POS location: outside EEA","Value of card paymentelectronic, sent - SCA: non-sca: others, issuer location: Austria, acquirer location: domestic, POS location: outside EEA","EUR",6]
["PCP.H.MT.W2.G3.CP0.1.2000.R.PCS_ALL._Z._X._Z.N.EUR","H","MT","W2","G3","CP0",1,"2000","R","PCS_ALL","_Z","_X","_Z","N","EUR","2022-S2",7.775958119999999,"A",false,null,null,"P6M",{"$nulls":4},"S",null,null,3,null,"Value of card paymentelectronic, sent - SCA: , issuer location: Malta, acquirer location: domestic, POS location: other EEA countries","Value of card paymentelectronic, sent - SCA: , issuer location: Malta, acquirer location: domestic, POS location: other EEA countries","EUR",6]
["PCP.H.GR.G3.G1.CP0.2.2000.R.PCS_ALL._Z.200._Z.N.EUR","H","GR","G3","G1","CP0",2,"2000","R","PCS_ALL","_Z","200","_Z","N","EUR","2022-S2",1.93303318,"A",false,null,null,"P6M",{"$nulls":4},"S",null,null,3,null,"Value of card paymentelectronic, received - SCA: non-sca, acquirer location: Greece, issuer location: other EEA countries, POS location: outside EEA","Value of card paymentelectronic, received - SCA: non-sca, acquirer location: Greece, issuer location: other EEA countries, POS location: outside EEA","EUR",6]
["PCP.A.NL.GR.W0.CP0.1._T._T.PCS_ALL._Z._X._Z.N.PN","A","NL","GR","W0","CP0",1,"_T","_T","PCS_ALL","_Z","_X","_Z","N","PN","2018",3.597,"A",false,null,null,"P1Y",{"$nulls":4},"S",null,null,3,null,"Number of card paymentall, sent - SCA: , issuer location: Netherlands, acquirer location: Greece, POS location: world","Number of card paymentall, sent - SCA: , issuer location: Netherlands, acquirer location: Greece, POS location: world","PN",6]
["PCP.H.DE.W2.W0.CP0.1.2000.NR.PCS_ALL._Z.205._Z.N.EUR","H","DE","W2","W0","CP0",1,"2000","NR","PCS_ALL","_Z","205","_Z","N","EUR","2023-S1",35.8773571,"A",false,null,null,"P6M",{"$nulls":4},"S",null,null,3,null,"Value of card paymentelectronic, sent - SCA: non-sca: recurring transaction, issuer location: Germany, acquirer location: domestic, POS location: world","Value of card paymentelectronic, sent - SCA: non-sca: recurring transaction, issuer location: Germany, acquirer location: domestic, POS location: world","EUR",6]
["PCP.H.SI.W1.G1.CP0.2.2223.NR.PCS_ALL._Z._X._Z.N.PN","H","SI","W1","G1","CP0",2,"2223","NR","PCS_ALL","_Z","_X","_Z","N","PN","2023-S2",0.000519,"P",false,null,null,"P6M",{"$nulls":4},"S",null,null,3,null,"Number of card payment, initiated at eftpos, received - SCA: , acquirer location: Slovenia, issuer location: Rest of the World, POS location: outside EEA","Number of card payment, initiated at eftpos, received - SCA: , acquirer location: Slovenia, issuer location: Rest of the World, POS location: outside EEA","PN",6]
["PCP.H.IE.W0.W2.CP0.1.2000.NR.PCS_ALL._Z.206._Z.N.PN","H","IE","W0","W2","CP0",1,"2000","NR","PCS_ALL","_Z","206","_Z","N","PN","2022-S1",5.601606,"A",false,null,null,"P6M",{"$nulls":4},"S",null,null,3,null,"Total number of card paymentelectronic, sent - SCA: non-sca: unattended terminals, issuer location: Ireland, POS location: domestic","Total number of card paymentelectronic, sent - SCA: non-sca: unattended terminals, issuer location: Ireland, POS location: domestic","PN",6]
["PCP.H.MT.G3.W2.CW1.1._T._T.PCS_ALL.11._X._Z.N.PN","H","MT","G3","W2","CW1",1,"_T","_T","PCS_ALL","11","_X","_Z","N","PN","2023-S2",0.00369,"P",false,null,null,"P6M",{"$nulls":4},"S",null,null,3,null,"Number of cash withdrawal using cards with a debit card, sent - issuer location: Malta, acquirer location: other EEA countries, terminal location: domestic","Number of cash withdrawal using cards with a debit card, sent - issuer location: Malta, acquirer location: other EEA countries, terminal location: domestic","PN",6]
["PCP.H.FI.G1.W1.CP0.2.2000.R.PCS_ALL.12._X._Z.N.EUR","H","FI","G1","W1","CP0",2,"2000","R","PCS_ALL","12","_X","_Z","N","EUR","2022-S2",0,"A",false,null,null,"P6M",{"$nulls":4},"S",null,null,3,null,"Value of card payment,with a delayed debit card, received - acquirer location: Finland, issuer location: outside EEA, POS location: Rest of the World","Value of card payment,with a delayed debit card, received - acquirer location: Finland, issuer location: outside EEA, POS location: Rest of the World","EUR",6]
["PCP.H.AT.W1.G1.CP0.2.2000.R.PCS_ALL._Z.210._Z.N.EUR","H","AT","W1","G1","CP0",2,"2000","R","PCS_ALL","_Z","210","_Z","N","EUR","2022-S1",33.04223476999999,"A",false,null,null,"P6M",{"$nulls":4},"S",null,null,3,null,"Value of card paymentelectronic, received - SCA: non-sca: others, acquirer location: Austria, issuer location: Rest of the World, POS location: outside EEA","Value of card paymentelectronic, received - SCA: non-sca: others, acquirer location: Austria, issuer location: Rest of the World, POS location: outside EEA","EUR",6]
["PCP.H.MT.W1.W1.CP0.2.1000._T.PCS_ALL._Z._X._Z.N.PN","H","MT","W1","W1","CP0",2,"1000","_T","PCS_ALL","_Z","_X","_Z","N","PN","2022-S2",0.285778,"A",false,null,null,"P6M",{"$nulls":4},"S",null,null,3,null,"Number of card paymentnon-electronic, received - SCA: , acquirer location: Malta, issuer location: Rest of the World, POS location: Rest of the World","Number of card paymentnon-electronic, received - SCA: , acquirer location: Malta, issuer location: Rest of the World, POS location: Rest of the World","PN",6]
["PCP.A.HU.W0.W0.CP0.1.2000.NR.PCS_ALL.13._X._Z.N.XDF_R_CP0","A","HU","W0","W0","CP0",1,"2000","NR","PCS_ALL","13","_X","_Z","N","XDF_R_CP0","2022",null,"M",false,null,null,"P1Y",{"$nulls":4},"S",null,null,2,null,"Total value; ratio to total card payments of card payment with a credit card, sent - issuer location: Hungary, POS location: world","Total value; ratio to total card payments of card payment with a credit card, sent - issuer location: Hungary, POS location: world","XDF_R_CP0",0]
["PCP.H.HU.W1.W1.CP1.1.2223.NR.PCS_ALL._Z._X._Z.N.XDF","H","HU","W1","W1","CP1",1,"2223","NR","PCS_ALL","_Z","_X","_Z","N","XDF","2023-S1",186608.995418,"A",false,null,null,"P6M",{"$nulls":4},"S",null,null,3,null,"Value of card payments (contactless), initiated at eftpos, sent - SCA: , issuer location: Hungary, acquirer location: Rest of the World, terminal location: Rest of the World","Value of card payments (contactless), initiated at eftpos, sent - SCA: , issuer location: Hungary, acquirer location: Rest of the World, terminal location: Rest of the World","XDF",6]
["PCP.H.AT.W2.G1.CP0.2.2000.R.PCS_ALL._Z.209._Z.N.EUR","H","AT","W2","G1","CP0",2,"2000","R","PCS_ALL","_Z","209","_Z","N","EUR","2023-S2",null,"Q",false,null,null,"P6M",{"$nulls":4},"S",null,null,3,null,"Value of card paymentelectronic, received - SCA: non-sca: merchant initiated transaction, acquirer location: Austria, issuer location: domestic, POS location: outside EEA","Value of card paymentelectronic, received - SCA: non-sca: merchant initiated transaction, acquirer location: Austria, issuer location: domestic, POS location: outside EEA","EUR",6]
["PCP.H.LV.W2.W2.CP0.1.2000.R.PCS_ALL.13._X._Z.N.EUR","H","LV","W2","W2","CP0",1,"2000","R","PCS_ALL","13","_X","_Z","N","EUR","2023-S2",19.62756481,"P",false,null,null,"P6M",{"$nulls":4},"S",null,null,3,null,"Value of card payment with a credit card, sent - issuer location: Latvia, acquirer location: domestic, POS location: domestic","Value of card payment with a credit card, sent - issuer location: Latvia, acquirer location: domestic, POS location: domestic","EUR",6]
["PCP.H.SK.G3.W1.CP0.2.1000._T.PCS_ALL._Z._X._Z.N.EUR","H","SK","G3","W1","CP0",2,"1000","_T","PCS_ALL","_Z","_X","_Z","N","EUR","2023-S2",0,"P",false,null,null,"P6M",{"$nulls":4},"S",null,null,3,null,"Value of card paymentnon-electronic, received - SCA: , acquirer location: Slovakia, issuer location: other EEA countries, POS location: Rest of the World","Value of card paymentnon-electronic, received - SCA: , acquirer location: Slovakia, issuer location: other EEA countries, POS location: Rest of the World","EUR",6]
["PCP.H.HU.W0.W0.CP0.1.2229.R.PCS_ALL._Z._X._Z.N.PN","H","HU","W0","W0","CP0",1,"2229","R","PCS_ALL","_Z","_X","_Z","N","PN","2023-S1",136.847757,"A",false,null,null,"P6M",{"$nulls":4},"S",null,null,3,null,"Total number of card payment, initiated at other electronic channel, sent - SCA: , issuer location: Hungary, POS location: world","Total number of card payment, initiated at other electronic channel, sent - SCA: , issuer location: Hungary, POS location: world","PN",6]
["PCP.H.BE.W0.W2.CP0.1.2000.R.PCS_ALL.11._X._Z.N.PN","H","BE","W0","W2","CP0",1,"2000","R","PCS_ALL","11","_X","_Z","N","PN","2022-S2",109.420556,"A",false,null,null,"P6M",{"$nulls":4},"S",null,null,3,null,"Total number of card payment with a debit card, sent - issuer location: Belgium, POS location: domestic","Total number of card payment with a debit card, sent - issuer location: Belgium, POS location: domestic","PN",6]
["PCP.H.LV.W1.G1.CP0.2.2000.NR.PCS_ALL._Z.100._Z.N.PN","H","LV","W1","G1","CP0",2,"2000","NR","PCS_ALL","_Z","100","_Z","N","PN","2022-S2",0,"A",false,null,null,"P6M",{"$nulls":4},"S",null,null,3,null,"Number of card paymentelectronic, received - SCA: sca, acquirer location: Latvia, issuer location: Rest of the World, POS location: outside EEA","Number of card paymentelectronic, received - SCA: sca, acquirer location: Latvia, issuer location: Rest of the World, POS location: outside EEA","PN",6]
["PCP.H.RO.G1.G1.CP0.2.2000.NR.PCS_ALL._Z.206._Z.N.XDF","H","RO","G1","G1","CP0",2,"2000","NR","PCS_ALL","_Z","206","_Z","N","XDF","2022-S2",0,"A",false,null,null,"P6M",{"$nulls":4},"S",null,null,3,null,"Value of card paymentelectronic, received - SCA: non-sca: unattended terminals, acquirer location: Romania, issuer location: outside EEA, POS location: outside EEA","Value of card paymentelectronic, received - SCA: non-sca: unattended terminals, acquirer location: Romania, issuer location: outside EEA, POS location: outside EEA","XDF",6]
["PCP.H.LU.G1.G1.CW1.1._T._T.PCS_ALL._Z._X._Z.N.PN","H","LU","G1","G1","CW1",1,"_T","_T","PCS_ALL","_Z","_X","_Z","N","PN","2022-S1",0.159153,"A",false,null,null,"P6M",{"$nulls":4},"S",null,null,3,null,"Number of cash withdrawal using cardsall, sent - SCA: , issuer location: Luxembourg, acquirer location: outside EEA, terminal location: outside EEA","Number of cash withdrawal using cardsall, sent - SCA: , issuer location: Luxembourg, acquirer location: outside EEA, terminal location: outside EEA","PN",6]
["PCP.H.CZ.G1.W1.CP0.1.2000.NR.PCS_ALL._Z._X._Z.N.PN","H","CZ","G1","W1","CP0",1,"2000","NR","PCS_ALL","_Z","_X","_Z","N","PN","2023-S2",8.611848,"P",false,null,null,"P6M",{"$nulls":4},"S",null,null,3,null,"Number of card paymentelectronic, sent - SCA: , issuer location: Czech Republic, acquirer location: outside EEA, POS location: Rest of the World","Number of card paymentelectronic, sent - SCA: , issuer location: Czech Republic, acquirer location: outside EEA, POS location: Rest of the World","PN",6]
["PCP.H.PL.G3.W0.CP0.1.2000.R.PCS_ALL._Z.207._Z.N.PN","H","PL","G3","W0","CP0",1,"2000","R","PCS_ALL","_Z","207","_Z","N","PN","2023-S2",0.00388,"P",false,null,null,"P6M",{"$nulls":4},"S",null,null,3,null,"Number of card paymentelectronic, sent - SCA: non-sca: secure corporate payment, issuer location: Poland, acquirer location: other EEA countries, POS location: world","Number of card paymentelectronic, sent - SCA: non-sca: secure corporate payment, issuer location: Poland, acquirer location: other EEA countries, POS location: world","PN",6]
["PCP.H.AT.G3.W2.CP0.2.2000.NR.PCS_ALL._Z.210._Z.N.PN","H","AT","G3","W2","CP0",2,"2000","NR","PCS_ALL","_Z","210","_Z","N","PN","2022-S2",0.5785010000000002,"A",false,null,null,"P6M",{"$nulls":4},"S",null,null,3,null,"Number of card paymentelectronic, received - SCA: non-sca: others, acquirer location: Austria, issuer location: other EEA countries, POS location: domestic","Number of card paymentelectronic, received - SCA: non-sca: others, acquirer location: Austria, issuer location: other EEA countries, POS location: domestic","PN",6]
["PCP.H.MT.G1.G3.CP0.1.2000.R.PCS_ALL._Z.207._Z.N.EUR","H","MT","G1","G3","CP0",1,"2000","R","PCS_ALL","_Z","207","_Z","N","EUR","2023-S1",0,"A",false,null,null,"P6M",{"$nulls":4},"S",null,null,3,null,"Value of card paymentelectronic, sent - SCA: non-sca: secure corporate payment, issuer location: Malta, acquirer location: outside EEA, POS location: other EEA countries","Value of card paymentelectronic, sent - SCA: non-sca: secure corporate payment, issuer location: Malta, acquirer location: outside EEA, POS location: other EEA countries","EUR",6]
["PCP.H.HU.W2.W1.CW1.1._T._T.PCS_ALL._Z._X._Z.N.PN","H","HU","W2","W1","CW1",1,"_T","_T","PCS_ALL","_Z","_X","_Z","N","PN","2023-S1",0.002471,"A",false,null,null,"P6M",{"$nulls":4},"S",null,null,3,null,"Number of cash withdrawal using cardsall, sent - SCA: , issuer location: Hungary, acquirer location: domestic, terminal location: Rest of the World","Number of cash withdrawal using cardsall, sent - SCA: , issuer location: Hungary, acquirer location: domestic, terminal location: Rest of the World","PN",6]
["PCP.A.MT.IT.W0.CP0.1._T._T.PCS_ALL._Z._X._Z.N.EUR","A","MT","IT","W0","CP0",1,"_T","_T","PCS_ALL","_Z","_X","_Z","N","EUR","2021",26.694,"A",false,null,null,"P1Y",{"$nulls":4},"S",null,null,3,null,"Value of card paymentall, sent - SCA: , issuer location: Malta, acquirer location: Italy, POS location: world","Value of card paymentall, sent - SCA: , issuer location: Malta, acquirer location: Italy, POS location: world","EUR",6]
["PCP.H.BE.G3.G1.CP0.2.2223.NR.PCS_ALL._Z._X._Z.N.PN","H","BE","G3","G1","CP0",2,"2223","NR","PCS_ALL","_Z","_X","_Z","N","PN","2022-S2",0.050343,"A",false,null,null,"P6M",{"$nulls":4},"S",null,null,3,null,"Number of card payment, initiated at eftpos, received - SCA: , acquirer location: Belgium, issuer location: other EEA countries, POS location: outside EEA","Number of card payment, initiated at eftpos, received - SCA: , acquirer location: Belgium, issuer location: other EEA countries, POS location: outside EEA","PN",6]
["PCP.H.SI.W0.G3.CP0.2.2000.R.PCS_ALL.13._X._Z.N.PN","H","SI","W0","G3","CP0",2,"2000","R","PCS_ALL","13","_X","_Z","N","PN","2023-S2",0,"P",false,null,null,"P6M",{"$nulls":4},"S",null,null,3,null,"Total number of card payment,with a credit card, received - acquirer location: Slovenia, POS location: other EEA countries","Total number of card payment,with a credit card, received - acquirer location: Slovenia, POS location: other EEA countries","PN",6]
["PCP.H.HU.W1.G1.CP0.2.2000.R.PCS_ALL._Z.100._Z.N.PN","H","HU","W1","G1","CP0",2,"2000","R","PCS_ALL","_Z","100","_Z","N","PN","2022-S2",0,"A",false,null,null,"P6M",{"$nulls":4},"S",null,null,3,null,"Number of card paymentelectronic, received - SCA: sca, acquirer location: Hungary, issuer location: Rest of the World, POS location: outside EEA","Number of card paymentelectronic, received - SCA: sca, acquirer location: Hungary, issuer location: Rest of the World, POS location: outside EEA","PN",6]
["PCP.H.NL.W0.G1.CP0.1.1000._T.PCS_ALL._Z._X._Z.N.EUR","H","NL","W0","G1","CP0",1,"1000","_T","PCS_ALL","_Z","_X","_Z","N","EUR","2023-S1",170.79214977,"A",false,null,null,"P6M",{"$nulls":4},"S",null,null,3,null,"Total value of card paymentnon-electronic, sent - SCA: , issuer location: Netherlands, POS location: outside EEA","Total value of card paymentnon-electronic, sent - SCA: , issuer location: Netherlands, POS location: outside EEA","EUR",6]
["PCP.H.EE.W0.W1.CP0.1._T._T.PCS_ALL._Z._X._Z.N.EUR","H","EE","W0","W1","CP0",1,"_T","_T","PCS_ALL","_Z","_X","_Z","N","EUR","2023-S2",1246.40308945,"P",false,null,null,"P6M",{"$nulls":4},"S",null,null,3,null,"Total value of card paymentall, sent - SCA: , issuer location: Estonia, POS location: Rest of the World","Total value of card paymentall, sent - SCA: , issuer location: Estonia, POS location: Rest of the World","EUR",6]
["PCP.H.SI.W1.G3.CP0.2.2000.R.PCS_ALL._Z._X._Z.N.PN","H","SI","W1","G3","CP0",2,"2000","R","PCS_ALL","_Z","_X","_Z","N","PN","2023-S2",0.011353,"P",false,null,null,"P6M",{"$nulls":4},"S",null,null,3,null,"Number of card paymentelectronic, received - SCA: , acquirer location: Slovenia, issuer location: Rest of the World, POS location: other EEA countries","Number of card paymentelectronic, received - SCA: , acquirer location: Slovenia, issuer location: Rest of the World, POS location: other EEA countries","PN",6]
["PCP.H.FR.G3.W2.CP0.1.2000.NR.PCS_ALL._Z.100._Z.N.EUR","H","FR","G3","W2","CP0",1,"2000","NR","PCS_ALL","_Z","100","_Z","N","EUR","2022-S2",5202.22913448,"A",false,null,null,"P6M",{"$nulls":4},"S",null,null,3,null,"Value of card paymentelectronic, sent - SCA: sca, issuer location: France, acquirer location: other EEA countries, POS location: domestic","Value of card paymentelectronic, sent - SCA: sca, issuer location: France, acquirer location: other EEA countries, POS location: domestic","EUR",6]
["PCP.H.EE.W1.W1.CP0.1.2000.R.PCS_ALL._Z.210._Z.N.EUR","H","EE","W1","W1","CP0",1,"2000","R","PCS_ALL","_Z","210","_Z","N","EUR","2023-S1",38.33939769000001,"A",false,null,null,"P6M",{"$nulls":4},"S",null,null,3,null,"Value of card paymentelectronic, sent - SCA: non-sca: others, issuer location: Estonia, acquirer location: Rest of the World, POS location: Rest of the World","Value of card paymentelectronic, sent - SCA: non-sca: others, issuer location: Estonia, acquirer location: Rest of the World, POS location: Rest of the World","EUR",6]
["PCP.H.FR.G3.G3.CP0.1.2231.R.PCS_ALL._Z._X._Z.N.EUR","H","FR","G3","G3","CP0",1,"2231","R","PCS_ALL","_Z","_X","_Z","N","EUR","2022-S2",0.64410325,"A",false,null,null,"P6M",{"$nulls":4},"S",null,null,3,null,"Value of card payment, initiated via p2p mobile payment solution (electronic), sent - SCA: , issuer location: France, acquirer location: other EEA countries, POS location: other EEA countries","Value of card payment, initiated via p2p mobile payment solution (electronic), sent - SCA: , issuer location: France, acquirer location: other EEA countries, POS location: other EEA countries","EUR",6]
["PCP.H.BE.W1.W1.CW1.1._T._T.PCS_ALL._Z._X._Z.N.PN","H","BE","W1","W1","CW1",1,"_T","_T","PCS_ALL","_Z","_X","_Z","N","PN","2022-S1",5.735741000000001,"A",false,null,null,"P6M",{"$nulls":4},"S",null,null,3,null,"Number of cash withdrawal using cardsall, sent - SCA: , issuer location: Belgium, acquirer location: Rest of the World, terminal location: Rest of the World","Number of cash withdrawal using cardsall, sent - SCA: , issuer location: Belgium, acquirer location: Rest of the World, terminal location: Rest of the World","PN",6]
["PCP.H.MT.W2.G3.CP0.1.2000.NR.PCS_ALL._Z.210._Z.N.EUR","H","MT","W2","G3","CP0",1,"2000","NR","PCS_ALL","_Z","210","_Z","N","EUR","2023-S2",0.11889084,"P",false,null,null,"P6M",{"$nulls":4},"S",null,null,3,null,"Value of card paymentelectronic, sent - SCA: non-sca: others, issuer location: Malta, acquirer location: domestic, POS location: other EEA countries","Value of card paymentelectronic, sent - SCA: non-sca: others, issuer location: Malta, acquirer location: domestic, POS location: other EEA countries","EUR",6]
["PCP.Q.LU._Z.W2.CP0.1.2000.NR.PCS_ALL._Z._X._Z.N.PN","Q","LU","_Z","W2","CP0",1,"2000","NR","PCS_ALL","_Z","_X","_Z","N","PN","2022-Q2",31.050678,"A",false,null,null,"P3M",{"$nulls":4},"S",null,null,3,null,"Number of card paymentelectronic, sent - SCA: , issuer location: Luxembourg, acquirer location: Not applicable, POS location: domestic","Number of card paymentelectronic, sent - SCA: , issuer location: Luxembourg, acquirer location: Not applicable, POS location: domestic","PN",6]
["PCP.H.LT.G3.W2.CP0.1.2000.NR.PCS_ALL._Z.202._Z.N.PN","H","LT","G3","W2","CP0",1,"2000","NR","PCS_ALL","_Z","202","_Z","N","PN","2022-S1",13.892483,"A",false,null,null,"P6M",{"$nulls":4},"S",null,null,3,null,"Number of card paymentelectronic, sent - SCA: non-sca: contactless low value, issuer location: Lithuania, acquirer location: other EEA countries, POS location: domestic","Number of card paymentelectronic, sent - SCA: non-sca: contactless low value, issuer location: Lithuania, acquirer location: other EEA countries, POS location: domestic","PN",6]
["PCP.H.CY.G1.W1.CP0.1.2000.R.PCS_ALL._Z.201._Z.N.EUR","H","CY","G1","W1","CP0",1,"2000","R","PCS_ALL","_Z","201","_Z","N","EUR","2023-S2",6.141213,"P",false,null,null,"P6M",{"$nulls":4},"S",null,null,3,null,"Value of card paymentelectronic, sent - SCA: non-sca: low value, issuer location: Cyprus, acquirer location: outside EEA, POS location: Rest of the World","Value of card paymentelectronic, sent - SCA: non-sca: low value, issuer location: Cyprus, acquirer location: outside EEA, POS location: Rest of the World","EUR",6]
["PCP.H.SK.W2.W2.CP0.2.1000.R.PCS_ALL._Z._X._Z.N.PN","H","SK","W2","W2","CP0",2,"1000","R","PCS_ALL","_Z","_X","_Z","N","PN","2022-S2",0.001739,"A",false,null,null,"P6M",{"$nulls":4},"S",null,null,3,null,"Number of card paymentnon-electronic, received - SCA: , acquirer location: Slovakia, issuer location: domestic, POS location: domestic","Number of card paymentnon-electronic, received - SCA: , acquirer location: Slovakia, issuer location: domestic, POS location: domestic","PN",6]
["PCP.H.IT.W1.G3.CP0.1.2000.R.PCS_ALL._Z.204._Z.N.PN","H","IT","W1","G3","CP0",1,"2000","R","PCS_ALL","_Z","204","_Z","N","PN","2023-S2",2.248825,"P",false,null,null,"P6M",{"$nulls":4},"S",null,null,3,null,"Number of card paymentelectronic, sent - SCA: non-sca: trusted beneficiaries, issuer location: Italy, acquirer location: Rest of the World, POS location: other EEA countries","Number of card paymentelectronic, sent - SCA: non-sca: trusted beneficiaries, issuer location: Italy, acquirer location: Rest of the World, POS location: other EEA countries","PN",6]
["PCP.H.LU.W2.G3.CP0.2.2000.R.PCS_ALL._Z.200._Z.N.PN","H","LU","W2","G3","CP0",2,"2000","R","PCS_ALL","_Z","200","_Z","N","PN","2022-S1",1.768841,"A",false,null,null,"P6M",{"$nulls":4},"S",null,null,3,null,"Number of card paymentelectronic, received - SCA: non-sca, acquirer location: Luxembourg, issuer location: domestic, POS location: other EEA countries","Number of card paymentelectronic, received - SCA: non-sca, acquirer location: Luxembourg, issuer location: domestic, POS location: other EEA countries","PN",6]
["PCP.H.FI.G1.W2.CP0.1.2230.R.PCS_ALL._Z._X._Z.N.EUR","H","FI","G1","W2","CP0",1,"2230","R","PCS_ALL","_Z","_X","_Z","N","EUR","2022-S2",0.26504076,"A",false,null,null,"P6M",{"$nulls":4},"S",null,null,3,null,"Value of card payment, initiated via mobile payment solution (electronic), sent - SCA: , issuer location: Finland, acquirer location: outside EEA, POS location: domestic","Value of card payment, initiated via mobile payment solution (electronic), sent - SCA: , issuer location: Finland, acquirer location: outside EEA, POS location: domestic","EUR",6]
["PCP.H.SK.W2.G1.CP0.2.1000.NR.PCS_ALL._Z._X._Z.N.EUR","H","SK","W2","G1","CP0",2,"1000","NR","PCS_ALL","_Z","_X","_Z","N","EUR","2023-S2",0,"P",false,null,null,"P6M",{"$nulls":4},"S",null,null,3,null,"Value of card paymentnon-electronic, received - SCA: , acquirer location: Slovakia, issuer location: domestic, POS location: outside EEA","Value of card paymentnon-electronic, received - SCA: , acquirer location: Slovakia, issuer location: domestic, POS location: outside EEA","EUR",6]
["PCP.H.BE.W1.W2.CP0.1.2000.NR.PCS_ALL._Z.200._Z.N.PN","H","BE","W1","W2","CP0",1,"2000","NR","PCS_ALL","_Z","200","_Z","N","PN","2022-S2",202.606404,"A",false,null,null,"P6M",{"$nulls":4},"S",null,null,3,null,"Number of card paymentelectronic, sent - SCA: non-sca, issuer location: Belgium, acquirer location: Rest of the World, POS location: domestic","Number of card paymentelectronic, sent - SCA: non-sca, issuer location: Belgium, acquirer location: Rest of the World, POS location: domestic","PN",6]
["PCP.H.SI.W0.W0.CP0.2.2000.R.PCS_ALL.11._X._Z.N.PN","H","SI","W0","W0","CP0",2,"2000","R","PCS_ALL","11","_X","_Z","N","PN","2023-S2",2.217106,"P",false,null,null,"P6M",{"$nulls":4},"S",null,null,3,null,"Total number of card payment,with a debit card, received - acquirer location: Slovenia, POS location: world","Total number of card payment,with a debit card, received - acquirer location: Slovenia, POS location: world","PN",6]
["PCP.H.FI.G3.W2.CW1.1._T._T.PCS_ALL._Z._X._Z.N.PN","H","FI","G3","W2","CW1",1,"_T","_T","PCS_ALL","_Z","_X","_Z","N","PN","2022-S1",0.004372,"A",false,null,null,"P6M",{"$nulls":4},"S",null,null,3,null,"Number of cash withdrawal using cardsall, sent - SCA: , issuer location: Finland, acquirer location: other EEA countries, terminal location: domestic","Number of cash withdrawal using cardsall, sent - SCA: , issuer location: Finland, acquirer location: other EEA countries, terminal location: domestic","PN",6]
["PCP.H.BG.G3.G1.CP0.1.2221.NR.PCS_ALL._Z._X._Z.N.PN","H","BG","G3","G1","CP0",1,"2221","NR","PCS_ALL","_Z","_X","_Z","N","PN","2023-S1",0.00011,"A",false,null,null,"P6M",{"$nulls":4},"S",null,null,3,null,"Number of card payment, initiated at atm, sent - SCA: , issuer location: Bulgaria, acquirer location: other EEA countries, POS location: outside EEA","Number of card payment, initiated at atm, sent - SCA: , issuer location: Bulgaria, acquirer location: other EEA countries, POS location: outside EEA","PN",6]
["PCP.H.NL.W0.W2.CP0.1.2000.R.PCS_ALL._Z.208._Z.N.PN","H","NL","W0","W2","CP0",1,"2000","R","PCS_ALL","_Z","208","_Z","N","PN","2023-S1",1.678096,"A",false,null,null,"P6M",{"$nulls":4},"S",null,null,3,null,"Total number of card paymentelectronic, sent - SCA: non-sca: transaction risk analysis, issuer location: Netherlands, POS location: domestic","Total number of card paymentelectronic, sent - SCA: non-sca: transaction risk analysis, issuer location: Netherlands, POS location: domestic","PN",6]
["PCP.A.EE.SE.W0.CP0.2._T._T.PCS_ALL._Z._X._Z.N.EUR","A","EE","SE","W0","CP0",2,"_T","_T","PCS_ALL","_Z","_X","_Z","N","EUR","2023",89.80688352,"A",false,null,null,"P1Y",{"$nulls":4},"S",null,null,3,null,"Value of card paymentall, received - SCA: , acquirer location: Estonia, issuer location: Sweden, POS location: world","Value of card paymentall, received - SCA: , acquirer location: Estonia, issuer location: Sweden, POS location: world","EUR",6]
["PCP.H.IT.W1.W2.CP0.1.2000.R.PCS_ALL._Z.210._Z.N.EUR","H","IT","W1","W2","CP0",1,"2000","R","PCS_ALL","_Z","210","_Z","N","EUR","2023-S1",80.76941199999999,"A",false,null,null,"P6M",{"$nulls":4},"S",null,null,3,null,"Value of card paymentelectronic, sent - SCA: non-sca: others, issuer location: Italy, acquirer location: Rest of the World, POS location: domestic","Value of card paymentelectronic, sent - SCA: non-sca: others, issuer location: Italy, acquirer location: Rest of the World, POS location: domestic","EUR",6]
["PCP.H.DE.G3.G1.CP0.2.2223.NR.PCS_ALL._Z._X._Z.N.EUR","H","DE","G3","G1","CP0",2,"2223","NR","PCS_ALL","_Z","_X","_Z","N","EUR","2022-S2",393.4280948599999,"A",false,null,null,"P6M",{"$nulls":4},"S",null,null,3,null,"Value of card payment, initiated at eftpos, received - SCA: , acquirer location: Germany, issuer location: other EEA countries, POS location: outside EEA","Value of card payment, initiated at eftpos, received - SCA: , acquirer location: Germany, issuer location: other EEA countries, POS location: outside EEA","EUR",6]
["PCP.H.MT.W2.W0.CP0.2.2000.R.PCS_ALL._Z.100._Z.N.EUR","H","MT","W2","W0","CP0",2,"2000","R","PCS_ALL","_Z","100","_Z","N","EUR","2023-S2",104.00757231,"P",false,null,null,"P6M",{"$nulls":4},"S",null,null,3,null,"Value of card paymentelectronic, received - SCA: sca, acquirer location: Malta, issuer location: domestic, POS location: world","Value of card paymentelectronic, received - SCA: sca, acquirer location: Malta, issuer location: domestic, POS location: world","EUR",6]
["PCP.A.DK.ES.W0.CP0.1._T._T.PCS_ALL._Z._X._Z.N.EUR","A","DK","ES","W0","CP0",1,"_T","_T","PCS_ALL","_Z","_X","_Z","N","EUR","2016",null,"M",false,null,null,"P1Y",{"$nulls":4},"S",null,null,3,null,"Value of card paymentall, sent - SCA: , issuer location: Denmark, acquirer location: Spain, POS location: world","Value of card paymentall, sent - SCA: , issuer location: Denmark, acquirer location: Spain, POS location: world","EUR",6]
["PCP.H.LV.G3.G1.CP0.2.2000.R.PCS_ALL._Z.100._Z.N.PN","H","LV","G3","G1","CP0",2,"2000","R","PCS_ALL","_Z","100","_Z","N","PN","2022-S2",0.05159300000000001,"A",false,null,null,"P6M",{"$nulls":4},"S",null,null,3,null,"Number of card paymentelectronic, received - SCA: sca, acquirer location: Latvia, issuer location: other EEA countries, POS location: outside EEA","Number of card paymentelectronic, received - SCA: sca, acquirer location: Latvia, issuer location: other EEA countries, POS location: outside EEA","PN",6]
["PCP.H.EE.W2.W1.CP0.2.2000.NR.PCS_ALL._Z.206._Z.N.EUR","H","EE","W2","W1","CP0",2,"2000","NR","PCS_ALL","_Z","206","_Z","N","EUR","2022-S2",0,"A",false,null,null,"P6M",{"$nulls":4},"S",null,null,3,null,"Value of card paymentelectronic, received - SCA: non-sca: unattended terminals, acquirer location: Estonia, issuer location: domestic, POS location: Rest of the World","Value of card paymentelectronic, received - SCA: non-sca: unattended terminals, acquirer location: Estonia, issuer location: domestic, POS location: Rest of the World","EUR",6]
["PCP.H.SK.G1.W2.CP0.2.2000.R.PCS_ALL.11._X._Z.N.EUR","H","SK","G1","W2","CP0",2,"2000","R","PCS_ALL","11","_X","_Z","N","EUR","2023-S1",9.062593,"A",false,null,null,"P6M",{"$nulls":4},"S",null,null,3,null,"Value of card payment,with a debit card, received - acquirer location: Slovakia, issuer location: outside EEA, POS location: domestic","Value of card payment,with a debit card, received - acquirer location: Slovakia, issuer location: outside EEA, POS location: domestic","EUR",6]
["PCP.H.AT.W0.W2.CP0.2.2000.R.PCS_ALL._Z.210._Z.N.PN","H","AT","W0","W2","CP0",2,"2000","R","PCS_ALL","_Z","210","_Z","N","PN","2023-S1",1.915583,"A",false,null,null,"P6M",{"$nulls":4},"S",null,null,3,null,"Total number of card paymentelectronic, received - SCA: non-sca: others, acquirer location: Austria, POS location: domestic","Total number of card paymentelectronic, received - SCA: non-sca: others, acquirer location: Austria, POS location: domestic","PN",6]
["PCP.H.NL.W0.G1.CP0.2.2000._T.PCS_ALL._Z._X._Z.N.EUR","H","NL","W0","G1","CP0",2,"2000","_T","PCS_ALL","_Z","_X","_Z","N","EUR","2022-S2",78555.31110384,"A",false,null,null,"P6M",{"$nulls":4},"S",null,null,3,null,"Total value of card paymentelectronic, received - SCA: , acquirer location: Netherlands, POS location: outside EEA","Total value of card paymentelectronic, received - SCA: , acquirer location: Netherlands, POS location: outside EEA","EUR",6]
["PCP.H.FR.W0.W1.CP1.1.2223.NR.PCS_ALL._Z._X._Z.N.EUR","H","FR","W0","W1","CP1",1,"2223","NR","PCS_ALL","_Z","_X","_Z","N","EUR","2022-S2",4906.122299330001,"A",false,null,null,"P6M",{"$nulls":4},"S",null,null,3,null,"Total value of card payments (contactless), initiated at eftpos, sent - SCA: , issuer location: France, terminal location: Rest of the World","Total value of card payments (contactless), initiated at eftpos, sent - SCA: , issuer location: France, terminal location: Rest of the World","EUR",6]
["PCP.H.IT.G1.W1.CP0.1.2223.NR.PCS_ALL._Z._X._Z.N.EUR","H","IT","G1","W1","CP0",1,"2223","NR","PCS_ALL","_Z","_X","_Z","N","EUR","2023-S2",1289.744741,"P",false,null,null,"P6M",{"$nulls":4},"S",null,null,3,null,"Value of card payment, initiated at eftpos, sent - SCA: , issuer location: Italy, acquirer location: outside EEA, POS location: Rest of the World","Value of card payment, initiated at eftpos, sent - SCA: , issuer location: Italy, acquirer location: outside EEA, POS location: Rest of the World","EUR",6]
["PCP.H.CZ.W2.W0.CP0.2.2000.R.PCS_ALL.12._X._Z.N.XDF","H","CZ","W2","W0","CP0",2,"2000","R","PCS_ALL","12","_X","_Z","N","XDF","2022-S2",1.7259,"A",false,null,null,"P6M",{"$nulls":4},"S",null,null,3,null,"Value of card payment,with a delayed debit card, received - acquirer location: Czech Republic, issuer location: domestic, POS location: world","Value of card payment,with a delayed debit card, received - acquirer location: Czech Republic, issuer location: domestic, POS location: world","XDF",6]
["PCP.H.SK.G3.G3.CP0.2.1000._T.PCS_ALL._Z._X._Z.N.PN","H","SK","G3","G3","CP0",2,"1000","_T","PCS_ALL","_Z","_X","_Z","N","PN","2022-S2",0.0005600000000000001,"A",false,null,null,"P6M",{"$nulls":4},"S",null,null,3,null,"Number of card paymentnon-electronic, received - SCA: , acquirer location: Slovakia, issuer location: other EEA countries, POS location: other EEA countries","Number of card paymentnon-electronic, received - SCA: , acquirer location: Slovakia, issuer location: other EEA countries, POS location: other EEA countries","PN",6]
["PCP.H.IE.G3.G1.CP0.1.2000.NR.PCS_ALL.11._X._Z.N.EUR","H","IE","G3","G1","CP0",1,"2000","NR","PCS_ALL","11","_X","_Z","N","EUR","2023-S2",47.49509367,"P",false,null,null,"P6M",{"$nulls":4},"S",null,null,3,null,"Value of card payment with a debit card, sent - issuer location: Ireland, acquirer location: other EEA countries, POS location: outside EEA","Value of card payment with a debit card, sent - issuer location: Ireland, acquirer location: other EEA countries, POS location: outside EEA","EUR",6]
["PCP.H.BG.W1.W0.CP0.1.2000._T.PCS_ALL._Z._X._Z.N.PN","H","BG","W1","W0","CP0",1,"2000","_T","PCS_ALL","_Z","_X","_Z","N","PN","2023-S2",92.63617599999999,"P",false,null,null,"P6M",{"$nulls":4},"S",null,null,3,null,"Number of card paymentelectronic, sent - SCA: , issuer location: Bulgaria, acquirer location: Rest of the World, POS location: world","Number of card paymentelectronic, sent - SCA: , issuer location: Bulgaria, acquirer location: Rest of the World, POS location: world","PN",6]
["PCP.H.FI.W2.W0.CP0.2.2000.R.PCS_ALL._Z._X._Z.N.EUR","H","FI","W2","W0","CP0",2,"2000","R","PCS_ALL","_Z","_X","_Z","N","EUR","2023-S1",4859.95201021,"A",false,null,null,"P6M",{"$nulls":4},"S",null,null,3,null,"Value of card paymentelectronic, received - SCA: , acquirer location: Finland, issuer location: domestic, POS location: world","Value of card paymentelectronic, received - SCA: , acquirer location: Finland, issuer location: domestic, POS location: world","EUR",6]
["PCP.H.NL.G1.W2.CP0.2.2000.R.PCS_ALL._Z.209._Z.N.PN","H","NL","G1","W2","CP0",2,"2000","R","PCS_ALL","_Z","209","_Z","N","PN","2022-S1",null,"Q",false,null,null,"P6M",{"$nulls":4},"S",null,null,3,null,"Number of card paymentelectronic, received - SCA: non-sca: merchant initiated transaction, acquirer location: Netherlands, issuer location: outside EEA, POS location: domestic","Number of card paymentelectronic, received - SCA: non-sca: merchant initiated transaction, acquirer location: Netherlands, issuer location: outside EEA, POS location: domestic","PN",6]
["PCP.H.IT.W1.G3.CP0.2.1000.R.PCS_ALL._Z._X._Z.N.EUR","H","IT","W1","G3","CP0",2,"1000","R","PCS_ALL","_Z","_X","_Z","N","EUR","2023-S2",0.109621,"P",false,null,null,"P6M",{"$nulls":4},"S",null,null,3,null,"Value of card paymentnon-electronic, received - SCA: , acquirer location: Italy, issuer location: Rest of the World, POS location: other EEA countries","Value of card paymentnon-electronic, received - SCA: , acquirer location: Italy, issuer location: Rest of the World, POS location: other EEA countries","EUR",6]
["PCP.H.PT.G1.G3.CW1.1._T._T.PCS_ALL.12._X._Z.N.PN","H","PT","G1","G3","CW1",1,"_T","_T","PCS_ALL","12","_X","_Z","N","PN","2022-S1",0,"A",false,null,null,"P6M",{"$nulls":4},"S",null,null,3,null,"Number of cash withdrawal using cards with a delayed debit card, sent - issuer location: Portugal, acquirer location: outside EEA, terminal location: other EEA countries","Number of cash withdrawal using cards with a delayed debit card, sent - issuer location: Portugal, acquirer location: outside EEA, terminal location: other EEA countries","PN",6]
["PCP.H.HU.W0.G3.CP0.1._T._T.PCS_ALL._Z._X._Z.N.XDF","H","HU","W0","G3","CP0",1,"_T","_T","PCS_ALL","_Z","_X","_Z","N","XDF","2022-S1",739195.8370339999,"A",false,null,null,"P6M",{"$nulls":4},"S",null,null,3,null,"Total value of card paymentall, sent - SCA: , issuer location: Hungary, POS location: other EEA countries","Total value of card paymentall, sent - SCA: , issuer location: Hungary, POS location: other EEA countries","XDF",6]
["PCP.H.DK.W2.W0.CP0.2.2221.NR.PCS_ALL._Z._X._Z.N.XDF","H","DK","W2","W0","CP0",2,"2221","NR","PCS_ALL","_Z","_X","_Z","N","XDF","2022-S1",null,"M",false,null,null,"P6M",{"$nulls":4},"S",null,null,3,null,"Value of card payment, initiated at atm, received - SCA: , acquirer location: Denmark, issuer location: domestic, POS location: world","Value of card payment, initiated at atm, received - SCA: , acquirer location: Denmark, issuer location: domestic, POS location: world","XDF",6]
["PCP.H.PT.W1.W0.CP0.2.2000.R.PCS_ALL._Z._X._Z.N.PN","H","PT","W1","W0","CP0",2,"2000","R","PCS_ALL","_Z","_X","_Z","N","PN","2023-S1",0.6808359999999998,"A",false,null,null,"P6M",{"$nulls":4},"S",null,null,3,null,"Number of card paymentelectronic, received - SCA: , acquirer location: Portugal, issuer location: Rest of the World, POS location: world","Number of card paymentelectronic, received - SCA: , acquirer location: Portugal, issuer location: Rest of the World, POS location: world","PN",6]
["PCP.H.SK.W0.W1.CP0.1.2000.R.PCS_ALL.12._X._Z.N.EUR","H","SK","W0","W1","CP0",1,"2000","R","PCS_ALL","12","_X","_Z","N","EUR","2022-S2",1.710883,"A",false,null,null,"P6M",{"$nulls":4},"S",null,null,3,null,"Total value of card payment with a delayed debit card, sent - issuer location: Slovakia, POS location: Rest of the World","Total value of card payment with a delayed debit card, sent - issuer location: Slovakia, POS location: Rest of the World","EUR",6]
["PCP.H.MT.W0.W0.CP0.2.2221.NR.PCS_ALL._Z._X._Z.G1.PN","H","MT","W0","W0","CP0",2,"2221","NR","PCS_ALL","_Z","_X","_Z","G1","PN","2023-S2",null,"M",false,null,null,"P6M",{"$nulls":4},"S",null,null,2,null,"Annual growth rate of the total number of card payment, initiated at atm, received - SCA: , acquirer location: Malta, POS location: world","Annual growth rate of the total number of card payment, initiated at atm, received - SCA: , acquirer location: Malta, POS location: world","PN",0]
["PCP.H.CY.G3.G1.CP0.1.2000.NR.PCS_ALL.13._X._Z.N.PN","H","CY","G3","G1","CP0",1,"2000","NR","PCS_ALL","13","_X","_Z","N","PN","2022-S1",0.01737500000000001,"A",false,null,null,"P6M",{"$nulls":4},"S",null,null,3,null,"Number of card payment with a credit card, sent - issuer location: Cyprus, acquirer location: other EEA countries, POS location: outside EEA","Number of card payment with a credit card, sent - issuer location: Cyprus, acquirer location: other EEA countries, POS location: outside EEA","PN",6]
["PCP.H.SK.G3.W0.CP0.1.2221.NR.PCS_ALL._Z._X._Z.N.EUR","H","SK","G3","W0","CP0",1,"2221","NR","PCS_ALL","_Z","_X","_Z","N","EUR","2023-S2",0,"P",false,null,null,"P6M",{"$nulls":4},"S",null,null,3,null,"Value of card payment, initiated at atm, sent - SCA: , issuer location: Slovakia, acquirer location: other EEA countries, POS location: world","Value of card payment, initiated at atm, sent - SCA: , issuer location: Slovakia, acquirer location: other EEA countries, POS location: world","EUR",6]
["PCP.H.BE.G1.G1.CP0.1.2000.R.PCS_ALL._Z.204._Z.N.PN","H","BE","G1","G1","CP0",1,"2000","R","PCS_ALL","_Z","204","_Z","N","PN","2022-S1",0,"A",false,null,null,"P6M",{"$nulls":4},"S",null,null,3,null,"Number of card paymentelectronic, sent - SCA: non-sca: trusted beneficiaries, issuer location: Belgium, acquirer location: outside EEA, POS location: outside EEA","Number of card paymentelectronic, sent - SCA: non-sca: trusted beneficiaries, issuer location: Belgium, acquirer location: outside EEA, POS location: outside EEA","PN",6]
["PCP.H.MT.W2.W2.CP0.1.2000.NR.PCS_ALL._Z.205._Z.N.PN","H","MT","W2","W2","CP0",1,"2000","NR","PCS_ALL","_Z","205","_Z","N","PN","2023-S2",null,"Q",false,null,null,"P6M",{"$nulls":4},"S",null,null,3,null,"Number of card paymentelectronic, sent - SCA: non-sca: recurring transaction, issuer location: Malta, acquirer location: domestic, POS location: domestic","Number of card paymentelectronic, sent - SCA: non-sca: recurring transaction, issuer location: Malta, acquirer location: domestic, POS location: domestic","PN",6]
["PCP.H.HU.G3.G1.CP0.2._T._T.PCS_ALL._Z._X._Z.N.PN","H","HU","G3","G1","CP0",2,"_T","_T","PCS_ALL","_Z","_X","_Z","N","PN","2022-S1",0,"A",false,null,null,"P6M",{"$nulls":4},"S",null,null,3,null,"Number of card paymentall, received - SCA: , acquirer location: Hungary, issuer location: other EEA countries, POS location: outside EEA","Number of card paymentall, received - SCA: , acquirer location: Hungary, issuer location: other EEA countries, POS location: outside EEA","PN",6]
["PCP.H.AT.W1.G1.CP0.2.2000.R.PCS_ALL._Z.100._Z.N.EUR","H","AT","W1","G1","CP0",2,"2000","R","PCS_ALL","_Z","100","_Z","N","EUR","2023-S2",13.95851127,"P",false,null,null,"P6M",{"$nulls":4},"S",null,null,3,null,"Value of card paymentelectronic, received - SCA: sca, acquirer location: Austria, issuer location: Rest of the World, POS location: outside EEA","Value of card paymentelectronic, received - SCA: sca, acquirer location: Austria, issuer location: Rest of the World, POS location: outside EEA","EUR",6]
["PCP.H.CY.G3.G1.CP0.1.2000.R.PCS_ALL._Z.201._Z.N.PN","H","CY","G3","G1","CP0",1,"2000","R","PCS_ALL","_Z","201","_Z","N","PN","2023-S1",0.07251099999999999,"A",false,null,null,"P6M",{"$nulls":4},"S",null,null,3,null,"Number of card paymentelectronic, sent - SCA: non-sca: low value, issuer location: Cyprus, acquirer location: other EEA countries, POS location: outside EEA","Number of card paymentelectronic, sent - SCA: non-sca: low value, issuer location: Cyprus, acquirer location: other EEA countries, POS location: outside EEA","PN",6]
["PCP.H.SK.W2.W1.CW1.1._T._T.PCS_ALL.11._X._Z.N.PN","H","SK","W2","W1","CW1",1,"_T","_T","PCS_ALL","11","_X","_Z","N","PN","2022-S1",0,"A",false,null,null,"P6M",{"$nulls":4},"S",null,null,3,null,"Number of cash withdrawal using cards with a debit card, sent - issuer location: Slovakia, acquirer location: domestic, terminal location: Rest of the World","Number of cash withdrawal using cards with a debit card, sent - issuer location: Slovakia, acquirer location: domestic, terminal location: Rest of the World","PN",6]
["PCP.H.IE.G1.W2.CP0.1.2000.NR.PCS_ALL._Z.206._Z.N.PN","H","IE","G1","W2","CP0",1,"2000","NR","PCS_ALL","_Z","206","_Z","N","PN","2022-S2",null,"Q",false,null,null,"P6M",{"$nulls":4},"S",null,null,3,null,"Number of card paymentelectronic, sent - SCA: non-sca: unattended terminals, issuer location: Ireland, acquirer location: outside EEA, POS location: domestic","Number of card paymentelectronic, sent - SCA: non-sca: unattended terminals, issuer location: Ireland, acquirer location: outside EEA, POS location: domestic","PN",6]
["PCP.H.CY.W1.W0.CP0.1.2000.NR.PCS_ALL._Z._X._Z.N.PN","H","CY","W1","W0","CP0",1,"2000","NR","PCS_ALL","_Z","_X","_Z","N","PN","2022-S2",14.432571,"A",false,null,null,"P6M",{"$nulls":4},"S",null,null,3,null,"Number of card paymentelectronic, sent - SCA: , issuer location: Cyprus, acquirer location: Rest of the World, POS location: world","Number of card paymentelectronic, sent - SCA: , issuer location: Cyprus, acquirer location: Rest of the World, POS location: world","PN",6]
["PCP.H.DE.W0.W1.CP0.1.2229.R.PCS_ALL._Z._X._Z.N.EUR","H","DE","W0","W1","CP0",1,"2229","R","PCS_ALL","_Z","_X","_Z","N","EUR","2023-S1",25576.50713983999,"A",false,null,null,"P6M",{"$nulls":4},"S",null,null,3,null,"Total value of card payment, initiated at other electronic channel, sent - SCA: , issuer location: Germany, POS location: Rest of the World","Total value of card payment, initiated at other electronic channel, sent - SCA: , issuer location: Germany, POS location: Rest of the World","EUR",6]
["PCP.H.SK.G1.G3.CP0.2.2000.NR.PCS_ALL._Z.210._Z.N.PN","H","SK","G1","G3","CP0",2,"2000","NR","PCS_ALL","_Z","210","_Z","N","PN","2023-S2",0.181737,"P",false,null,null,"P6M",{"$nulls":4},"S",null,null,3,null,"Number of card paymentelectronic, received - SCA: non-sca: others, acquirer location: Slovakia, issuer location: outside EEA, POS location: other EEA countries","Number of card paymentelectronic, received - SCA: non-sca: others, acquirer location: Slovakia, issuer location: outside EEA, POS location: other EEA countries","PN",6]
["PCP.H.LU.W0.W0.CP0.2._T.NR.PCS_ALL._Z._X._Z.N.PN_R_CP0","H","LU","W0","W0","CP0",2,"_T","NR","PCS_ALL","_Z","_X","_Z","N","PN_R_CP0","2022-S1",35.79649153036093,"A",false,null,null,"P6M",{"$nulls":4},"S",null,null,2,null,"Total number; ratio to total card payments of card paymentall, received - SCA: , acquirer location: Luxembourg, POS location: world","Total number; ratio to total card payments of card paymentall, received - SCA: , acquirer location: Luxembourg, POS location: world","PN_R_CP0",0]
["PCP.H.CY.W0.W2.CP0.2.2000.NR.PCS_ALL.11._X._Z.N.EUR","H","CY","W0","W2","CP0",2,"2000","NR","PCS_ALL","11","_X","_Z","N","EUR","2023-S1",3126.121458,"A",false,null,null,"P6M",{"$nulls":4},"S",null,null,3,null,"Total value of card payment,with a debit card, received - acquirer location: Cyprus, POS location: domestic","Total value of card payment,with a debit card, received - acquirer location: Cyprus, POS location: domestic","EUR",6]
["PCP.H.LT.W1.W1.CP0.1.2000.R.PCS_ALL._Z._X._Z.N.PN","H","LT","W1","W1","CP0",1,"2000","R","PCS_ALL","_Z","_X","_Z","N","PN","2023-S1",295.528269,"A",false,null,null,"P6M",{"$nulls":4},"S",null,null,3,null,"Number of card paymentelectronic, sent - SCA: , issuer location: Lithuania, acquirer location: Rest of the World, POS location: Rest of the World","Number of card paymentelectronic, sent - SCA: , issuer location: Lithuania, acquirer location: Rest of the World, POS location: Rest of the World","PN",6]
["PCP.A.U2.W0.W0.CP0.1._T._T.PCS_ALL._Z._X._Z.N.EUR_R_B1GQ","A","U2","W0","W0","CP0",1,"_T","_T","PCS_ALL","_Z","_X","_Z","N","EUR_R_B1GQ","2012",12.2363872174741,"A",false,null,null,"P1Y",{"$nulls":4},"S",null,null,2,null,"Total value; ratio to gdp of card paymentall, sent - SCA: , issuer location: euro area (changing composition), POS location: world","Total value; ratio to gdp of card paymentall, sent - SCA: , issuer location: euro area (changing composition), POS location: world","EUR_R_B1GQ",0]
["PCP.H.MT.W0.W0.CW1.1._T._T.PCS_ALL._Z._X._Z.N.EUR_R_CP0","H","MT","W0","W0","CW1",1,"_T","_T","PCS_ALL","_Z","_X","_Z","N","EUR_R_CP0","2022-S1",31.11445443459339,"A",false,null,null,"P6M",{"$nulls":4},"S",null,null,2,null,"Total value; ratio to total card payments of cash withdrawal using cardsall, sent - SCA: , issuer location: Malta, terminal location: world","Total value; ratio to total card payments of cash withdrawal using cardsall, sent - SCA: , issuer location: Malta, terminal location: world","EUR_R_CP0",0]
["PCP.H.SI.W0.G3.CP0.1.2000.NR.PCS_ALL._Z.205._Z.N.EUR","H","SI","W0","G3","CP0",1,"2000","NR","PCS_ALL","_Z","205","_Z","N","EUR","2022-S2",0.9920150000000002,"A",false,null,null,"P6M",{"$nulls":4},"S",null,null,3,null,"Total value of card paymentelectronic, sent - SCA: non-sca: recurring transaction, issuer location: Slovenia, POS location: other EEA countries","Total value of card paymentelectronic, sent - SCA: non-sca: recurring transaction, issuer location: Slovenia, POS location: other EEA countries","EUR",6]
["PCP.H.HU.W2.W2.CP0.1.2000.R.PCS_ALL._Z.207._Z.N.XDF","H","HU","W2","W2","CP0",1,"2000","R","PCS_ALL","_Z","207","_Z","N","XDF","2023-S1",null,"Q",false,null,null,"P6M",{"$nulls":4},"S",null,null,3,null,"Value of card paymentelectronic, sent - SCA: non-sca: secure corporate payment, issuer location: Hungary, acquirer location: domestic, POS location: domestic","Value of card paymentelectronic, sent - SCA: non-sca: secure corporate payment, issuer location: Hungary, acquirer location: domestic, POS location: domestic","XDF",6]
["PCP.H.AT.W2.W1.CP0.1.2000.R.PCS_ALL._Z.207._Z.N.EUR","H","AT","W2","W1","CP0",1,"2000","R","PCS_ALL","_Z","207","_Z","N","EUR","2023-S2",0.15167781,"P",false,null,null,"P6M",{"$nulls":4},"S",null,null,3,null,"Value of card paymentelectronic, sent - SCA: non-sca: secure corporate payment, issuer location: Austria, acquirer location: domestic, POS location: Rest of the World","Value of card paymentelectronic, sent - SCA: non-sca: secure corporate payment, issuer location: Austria, acquirer location: domestic, POS location: Rest of the World","EUR",6]
["PCP.H.RO.W1.W1.CP0.1.2000.R.PCS_ALL.13._X._Z.N.PN","H","RO","W1","W1","CP0",1,"2000","R","PCS_ALL","13","_X","_Z","N","PN","2022-S1",4.866952000000001,"A",false,null,null,"P6M",{"$nulls":4},"S",null,null,3,null,"Number of card payment with a credit card, sent - issuer location: Romania, acquirer location: Rest of the World, POS location: Rest of the World","Number of card payment with a credit card, sent - issuer location: Romania, acquirer location: Rest of the World, POS location: Rest of the World","PN",6]
["PCP.H.GR.G1.W1.CP0.2.2000.R.PCS_ALL._Z._X._Z.N.PN","H","GR","G1","W1","CP0",2,"2000","R","PCS_ALL","_Z","_X","_Z","N","PN","2022-S2",1.757348,"A",false,null,null,"P6M",{"$nulls":4},"S",null,null,3,null,"Number of card paymentelectronic, received - SCA: , acquirer location: Greece, issuer location: outside EEA, POS location: Rest of the World","Number of card paymentelectronic, received - SCA: , acquirer location: Greece, issuer location: outside EEA, POS location: Rest of the World","PN",6]
["PCP.H.MT.G3.W2.CP0.2.2221.NR.PCS_ALL._Z._X._Z.N.EUR","H","MT","G3","W2","CP0",2,"2221","NR","PCS_ALL","_Z","_X","_Z","N","EUR","2023-S2",0,"P",false,null,null,"P6M",{"$nulls":4},"S",null,null,3,null,"Value of card payment, initiated at atm, received - SCA: , acquirer location: Malta, issuer location: other EEA countries, POS location: domestic","Value of card payment, initiated at atm, received - SCA: , acquirer location: Malta, issuer location: other EEA countries, POS location: domestic","EUR",6]
["PCP.H.DE.G3.G1.CP0.2.2000.NR.PCS_ALL._Z.206._Z.N.EUR","H","DE","G3","G1","CP0",2,"2000","NR","PCS_ALL","_Z","206","_Z","N","EUR","2023-S1",0.0006828100000000002,"A",false,null,null,"P6M",{"$nulls":4},"S",null,null,3,null,"Value of card paymentelectronic, received - SCA: non-sca: unattended terminals, acquirer location: Germany, issuer location: other EEA countries, POS location: outside EEA","Value of card paymentelectronic, received - SCA: non-sca: unattended terminals, acquirer location: Germany, issuer location: other EEA countries, POS location: outside EEA","EUR",6]
["PCP.H.RO.W1.W1.CP1.1.2223.NR.PCS_ALL._Z._X._Z.N.XDF","H","RO","W1","W1","CP1",1,"2223","NR","PCS_ALL","_Z","_X","_Z","N","XDF","2022-S1",3038.388512,"A",false,null,null,"P6M",{"$nulls":4},"S",null,null,3,null,"Value of card payments (contactless), initiated at eftpos, sent - SCA: , issuer location: Romania, acquirer location: Rest of the World, terminal location: Rest of the World","Value of card payments (contactless), initiated at eftpos, sent - SCA: , issuer location: Romania, acquirer location: Rest of the World, terminal location: Rest of the World","XDF",6]
["PCP.A.LV.W0.W0.CP0.2._T._T.PCS_ALL.11._X._Z.N.EUR_R_B1GQ","A","LV","W0","W0","CP0",2,"_T","_T","PCS_ALL","11","_X","_Z","N","EUR_R_B1GQ","2022",null,"M",false,null,null,"P1Y",{"$nulls":4},"S",null,null,3,null,"Euro; ratio to GDP of Card payment with a debit card, received - from: Latvia, acquired: World, terminal located in: World","Euro; ratio to GDP of Card payment with a debit card, received - from: Latvia, acquired: World, terminal located in: World","EUR_R_B1GQ",0]
["PCP.H.LV.G1.G1.CP0.2.2000.NR.PCS_ALL._Z.100._Z.N.PN","H","LV","G1","G1","CP0",2,"2000","NR","PCS_ALL","_Z","100","_Z","N","PN","2023-S2",1E-06,"P",false,null,null,"P6M",{"$nulls":4},"S",null,null,3,null,"Number of card paymentelectronic, received - SCA: sca, acquirer location: Latvia, issuer location: outside EEA, POS location: outside EEA","Number of card paymentelectronic, received - SCA: sca, acquirer location: Latvia, issuer location: outside EEA, POS location: outside EEA","PN",6]
["PCP.H.EE.W0.G3.CP0.1.2000.NR.PCS_ALL.12._X._Z.N.EUR","H","EE","W0","G3","CP0",1,"2000","NR","PCS_ALL","12","_X","_Z","N","EUR","2023-S1",5.650948980000002,"A",false,null,null,"P6M",{"$nulls":4},"S",null,null,3,null,"Total value of card payment with a delayed debit card, sent - issuer location: Estonia, POS location: other EEA countries","Total value of card payment with a delayed debit card, sent - issuer location: Estonia, POS location: other EEA countries","EUR",6]
["PCP.H.LU.W1.W0.CW1.1._T._T.PCS_ALL.12._X._Z.N.PN","H","LU","W1","W0","CW1",1,"_T","_T","PCS_ALL","12","_X","_Z","N","PN","2023-S1",0.152925,"A",false,null,null,"P6M",{"$nulls":4},"S",null,null,3,null,"Number of cash withdrawal using cards with a delayed debit card, sent - issuer location: Luxembourg, acquirer location: Rest of the World, terminal location: world","Number of cash withdrawal using cards with a delayed debit card, sent - issuer location: Luxembourg, acquirer location: Rest of the World, terminal location: world","PN",6]
["PCP.H.LT.W0.W0.CP0.1.2000.R.PCS_ALL._Z.210._Z.N.PN","H","LT","W0","W0","CP0",1,"2000","R","PCS_ALL","_Z","210","_Z","N","PN","2023-S1",55.986697,"A",false,null,null,"P6M",{"$nulls":4},"S",null,null,3,null,"Total number of card paymentelectronic, sent - SCA: non-sca: others, issuer location: Lithuania, POS location: world","Total number of card paymentelectronic, sent - SCA: non-sca: others, issuer location: Lithuania, POS location: world","PN",6]
["PCP.H.SI.G3.W1.CP0.1._T._T.PCS_ALL._Z._X._Z.N.EUR","H","SI","G3","W1","CP0",1,"_T","_T","PCS_ALL","_Z","_X","_Z","N","EUR","2022-S2",1072.16845,"A",false,null,null,"P6M",{"$nulls":4},"S",null,null,3,null,"Value of card paymentall, sent - SCA: , issuer location: Slovenia, acquirer location: other EEA countries, POS location: Rest of the World","Value of card paymentall, sent - SCA: , issuer location: Slovenia, acquirer location: other EEA countries, POS location: Rest of the World","EUR",6]
["PCP.H.IE.G3.W1.CP0.1.2000.R.PCS_ALL._Z.201._Z.N.PN","H","IE","G3","W1","CP0",1,"2000","R","PCS_ALL","_Z","201","_Z","N","PN","2022-S1",0.9420970000000003,"A",false,null,null,"P6M",{"$nulls":4},"S",null,null,3,null,"Number of card paymentelectronic, sent - SCA: non-sca: low value, issuer location: Ireland, acquirer location: other EEA countries, POS location: Rest of the World","Number of card paymentelectronic, sent - SCA: non-sca: low value, issuer location: Ireland, acquirer location: other EEA countries, POS location: Rest of the World","PN",6]
["PCP.H.AT.W2.W1.CP0.1.1000.R.PCS_ALL._Z._X._Z.N.EUR","H","AT","W2","W1","CP0",1,"1000","R","PCS_ALL","_Z","_X","_Z","N","EUR","2022-S1",0.9378664899999999,"A",false,null,null,"P6M",{"$nulls":4},"S",null,null,3,null,"Value of card paymentnon-electronic, sent - SCA: , issuer location: Austria, acquirer location: domestic, POS location: Rest of the World","Value of card paymentnon-electronic, sent - SCA: , issuer location: Austria, acquirer location: domestic, POS location: Rest of the World","EUR",6]
["PCP.H.ES.G3.G1.CP0.2._T._T.PCS_ALL._Z._X._Z.N.PN","H","ES","G3","G1","CP0",2,"_T","_T","PCS_ALL","_Z","_X","_Z","N","PN","2023-S2",0.222489,"P",false,null,null,"P6M",{"$nulls":4},"S",null,null,3,null,"Number of card paymentall, received - SCA: , acquirer location: Spain, issuer location: other EEA countries, POS location: outside EEA","Number of card paymentall, received - SCA: , acquirer location: Spain, issuer location: other EEA countries, POS location: outside EEA","PN",6]
["PCP.H.SK.W0.G3.CP0.1.2000.NR.PCS_ALL.13._X._Z.N.EUR","H","SK","W0","G3","CP0",1,"2000","NR","PCS_ALL","13","_X","_Z","N","EUR","2022-S1",88.88217200000001,"A",false,null,null,"P6M",{"$nulls":4},"S",null,null,3,null,"Total value of card payment with a credit card, sent - issuer location: Slovakia, POS location: other EEA countries","Total value of card payment with a credit card, sent - issuer location: Slovakia, POS location: other EEA countries","EUR",6]
["PCP.H.IE.W2.G1.CP0.1.2000.R.PCS_ALL.13._X._Z.N.EUR","H","IE","W2","G1","CP0",1,"2000","R","PCS_ALL","13","_X","_Z","N","EUR","2022-S1",137.50050518,"A",false,null,null,"P6M",{"$nulls":4},"S",null,null,3,null,"Value of card payment with a credit card, sent - issuer location: Ireland, acquirer location: domestic, POS location: outside EEA","Value of card payment with a credit card, sent - issuer location: Ireland, acquirer location: domestic, POS location: outside EEA","EUR",6]
["PCP.A.LU.W0.W0.CP0.2.2230.R.PCS_ALL.11._X._Z.N.EUR_R_B1GQ","A","LU","W0","W0","CP0",2,"2230","R","PCS_ALL","11","_X","_Z","N","EUR_R_B1GQ","2022",null,"M",false,null,null,"P1Y",{"$nulls":4},"S",null,null,3,null,"Euro; ratio to GDP of Card payment with a debit card, received - from: Luxembourg, acquired: World, terminal located in: World","Euro; ratio to GDP of Card payment with a debit card, received - from: Luxembourg, acquired: World, terminal located in: World","EUR_R_B1GQ",0]
["PCP.H.SI.W2.W1.CP0.2.2000.NR.PCS_ALL.11._X._Z.N.EUR","H","SI","W2","W1","CP0",2,"2000","NR","PCS_ALL","11","_X","_Z","N","EUR","2022-S2",0,"A",false,null,null,"P6M",{"$nulls":4},"S",null,null,3,null,"Value of card payment,with a debit card, received - acquirer location: Slovenia, issuer location: domestic, POS location: Rest of the World","Value of card payment,with a debit card, received - acquirer location: Slovenia, issuer location: domestic, POS location: Rest of the World","EUR",6]
["PCP.H.BE.W0.G1.CW1.1._T._T.PCS_ALL.12._X._Z.N.EUR","H","BE","W0","G1","CW1",1,"_T","_T","PCS_ALL","12","_X","_Z","N","EUR","2023-S2",64.24430100000001,"P",false,null,null,"P6M",{"$nulls":4},"S",null,null,3,null,"Total value of cash withdrawal using cards with a delayed debit card, sent - issuer location: Belgium, terminal location: outside EEA","Total value of cash withdrawal using cards with a delayed debit card, sent - issuer location: Belgium, terminal location: outside EEA","EUR",6]
["PCP.H.NL.G3.W2.CP0.1.2000.NR.PCS_ALL._Z.200._Z.N.EUR","H","NL","G3","W2","CP0",1,"2000","NR","PCS_ALL","_Z","200","_Z","N","EUR","2022-S1",288.68267864,"A",false,null,null,"P6M",{"$nulls":4},"S",null,null,3,null,"Value of card paymentelectronic, sent - SCA: non-sca, issuer location: Netherlands, acquirer location: other EEA countries, POS location: domestic","Value of card paymentelectronic, sent - SCA: non-sca, issuer location: Netherlands, acquirer location: other EEA countries, POS location: domestic","EUR",6]
["PCP.H.ES.G3.G1.CP0.1.2229.NR.PCS_ALL._Z._X._Z.N.EUR","H","ES","G3","G1","CP0",1,"2229","NR","PCS_ALL","_Z","_X","_Z","N","EUR","2022-S2",0,"A",false,null,null,"P6M",{"$nulls":4},"S",null,null,3,null,"Value of card payment, initiated at other electronic channel, sent - SCA: , issuer location: Spain, acquirer location: other EEA countries, POS location: outside EEA","Value of card payment, initiated at other electronic channel, sent - SCA: , issuer location: Spain, acquirer location: other EEA countries, POS location: outside EEA","EUR",6]
["PCP.H.HU.W2.G3.CP0.1.2000.NR.PCS_ALL._Z.206._Z.N.PN","H","HU","W2","G3","CP0",1,"2000","NR","PCS_ALL","_Z","206","_Z","N","PN","2022-S1",0.002832,"A",false,null,null,"P6M",{"$nulls":4},"S",null,null,3,null,"Number of card paymentelectronic, sent - SCA: non-sca: unattended terminals, issuer location: Hungary, acquirer location: domestic, POS location: other EEA countries","Number of card paymentelectronic, sent - SCA: non-sca: unattended terminals, issuer location: Hungary, acquirer location: domestic, POS location: other EEA countries","PN",6]
["PCP.H.BE.W1.G3.CP0.1.2221.NR.PCS_ALL._Z._X._Z.N.EUR","H","BE","W1","G3","CP0",1,"2221","NR","PCS_ALL","_Z","_X","_Z","N","EUR","2023-S2",0,"P",false,null,null,"P6M",{"$nulls":4},"S",null,null,3,null,"Value of card payment, initiated at atm, sent - SCA: , issuer location: Belgium, acquirer location: Rest of the World, POS location: other EEA countries","Value of card payment, initiated at atm, sent - SCA: , issuer location: Belgium, acquirer location: Rest of the World, POS location: other EEA countries","EUR",6]
["PCP.H.PT.W1.W2.CW1.1._T._T.PCS_ALL.12._X._Z.N.EUR","H","PT","W1","W2","CW1",1,"_T","_T","PCS_ALL","12","_X","_Z","N","EUR","2023-S1",0,"A",false,null,null,"P6M",{"$nulls":4},"S",null,null,3,null,"Value of cash withdrawal using cards with a delayed debit card, sent - issuer location: Portugal, acquirer location: Rest of the World, terminal location: domestic","Value of cash withdrawal using cards with a delayed debit card, sent - issuer location: Portugal, acquirer location: Rest of the World, terminal location: domestic","EUR",6]
["PCP.H.HR.G3.W0.CP0.1.2000.NR.PCS_ALL.12._X._Z.N.PN","H","HR","G3","W0","CP0",1,"2000","NR","PCS_ALL","12","_X","_Z","N","PN","2023-S1",1.288758,"A",false,null,null,"P6M",{"$nulls":4},"S",null,null,3,null,"Number of card payment with a delayed debit card, sent - issuer location: Croatia, acquirer location: other EEA countries, POS location: world","Number of card payment with a delayed debit card, sent - issuer location: Croatia, acquirer location: other EEA countries, POS location: world","PN",6]
["PCP.A.HR.W0.W0.CP0.1.2223.NR.PCS_ALL._Z._X._Z.N.EUR","A","HR","W0","W0","CP0",1,"2223","NR","PCS_ALL","_Z","_X","_Z","N","EUR","2018",7440.953452364025,"A",false,null,null,"P1Y",{"$nulls":4},"S",null,null,3,null,"Total value of card payment, initiated at eftpos, sent - SCA: , issuer location: Croatia, POS location: world","Total value of card payment, initiated at eftpos, sent - SCA: , issuer location: Croatia, POS location: world","EUR",6]
["PCP.H.DE.G3.W0.CP0.2.2000.NR.PCS_ALL._Z.206._Z.N.PN","H","DE","G3","W0","CP0",2,"2000","NR","PCS_ALL","_Z","206","_Z","N","PN","2022-S2",1.649444,"A",false,null,null,"P6M",{"$nulls":4},"S",null,null,3,null,"Number of card paymentelectronic, received - SCA: non-sca: unattended terminals, acquirer location: Germany, issuer location: other EEA countries, POS location: world","Number of card paymentelectronic, received - SCA: non-sca: unattended terminals, acquirer location: Germany, issuer location: other EEA countries, POS location: world","PN",6]
["PCP.H.RO.W2.G1.CP0.1.2223.NR.PCS_ALL._Z._X._Z.N.PN","H","RO","W2","G1","CP0",1,"2223","NR","PCS_ALL","_Z","_X","_Z","N","PN","2022-S2",0.312379,"A",false,null,null,"P6M",{"$nulls":4},"S",null,null,3,null,"Number of card payment, initiated at eftpos, sent - SCA: , issuer location: Romania, acquirer location: domestic, POS location: outside EEA","Number of card payment, initiated at eftpos, sent - SCA: , issuer location: Romania, acquirer location: domestic, POS location: outside EEA","PN",6]
["PCP.H.HU.G1.W2.CP0.2.2000.NR.PCS_ALL._Z.200._Z.N.XDF","H","HU","G1","W2","CP0",2,"2000","NR","PCS_ALL","_Z","200","_Z","N","XDF","2022-S1",54790.28261,"A",false,null,null,"P6M",{"$nulls":4},"S",null,null,3,null,"Value of card paymentelectronic, received - SCA: non-sca, acquirer location: Hungary, issuer location: outside EEA, POS location: domestic","Value of card paymentelectronic, received - SCA: non-sca, acquirer location: Hungary, issuer location: outside EEA, POS location: domestic","XDF",6]
["PCP.H.MT.G1.W2.CP0.2.2000.NR.PCS_ALL._Z.202._Z.N.PN","H","MT","G1","W2","CP0",2,"2000","NR","PCS_ALL","_Z","202","_Z","N","PN","2022-S2",null,"Q",false,null,null,"P6M",{"$nulls":4},"S",null,null,3,null,"Number of card paymentelectronic, received - SCA: non-sca: contactless low value, acquirer location: Malta, issuer location: outside EEA, POS location: domestic","Number of card paymentelectronic, received - SCA: non-sca: contactless low value, acquirer location: Malta, issuer location: outside EEA, POS location: domestic","PN",6]
["PCP.H.IE.G3.G1.CP0.2.1000._T.PCS_ALL._Z._X._Z.N.PN","H","IE","G3","G1","CP0",2,"1000","_T","PCS_ALL","_Z","_X","_Z","N","PN","2023-S2",0.050213,"P",false,null,null,"P6M",{"$nulls":4},"S",null,null,3,null,"Number of card paymentnon-electronic, received - SCA: , acquirer location: Ireland, issuer location: other EEA countries, POS location: outside EEA","Number of card paymentnon-electronic, received - SCA: , acquirer location: Ireland, issuer location: other EEA countries, POS location: outside EEA","PN",6]
["PCP.H.AT.G1.W1.CP0.1.1000.R.PCS_ALL._Z._X._Z.N.PN","H","AT","G1","W1","CP0",1,"1000","R","PCS_ALL","_Z","_X","_Z","N","PN","2023-S2",0.279282,"P",false,null,null,"P6M",{"$nulls":4},"S",null,null,3,null,"Number of card paymentnon-electronic, sent - SCA: , issuer location: Austria, acquirer location: outside EEA, POS location: Rest of the World","Number of card paymentnon-electronic, sent - SCA: , issuer location: Austria, acquirer location: outside EEA, POS location: Rest of the World","PN",6]
["PCP.H.LU.W1.G1.CP0.2.2000.R.PCS_ALL._Z.100._Z.N.PN","H","LU","W1","G1","CP0",2,"2000","R","PCS_ALL","_Z","100","_Z","N","PN","2022-S2",2.251478,"A",false,null,null,"P6M",{"$nulls":4},"S",null,null,3,null,"Number of card paymentelectronic, received - SCA: sca, acquirer location: Luxembourg, issuer location: Rest of the World, POS location: outside EEA","Number of card paymentelectronic, received - SCA: sca, acquirer location: Luxembourg, issuer location: Rest of the World, POS location: outside EEA","PN",6]
["PCP.H.CZ.W0.G1.CP0.1.2000.R.PCS_ALL._Z.204._Z.N.XDF","H","CZ","W0","G1","CP0",1,"2000","R","PCS_ALL","_Z","204","_Z","N","XDF","2023-S2",0.20452468,"P",false,null,null,"P6M",{"$nulls":4},"S",null,null,3,null,"Total value of card paymentelectronic, sent - SCA: non-sca: trusted beneficiaries, issuer location: Czech Republic, POS location: outside EEA","Total value of card paymentelectronic, sent - SCA: non-sca: trusted beneficiaries, issuer location: Czech Republic, POS location: outside EEA","XDF",6]
["PCP.H.GR.G1.G1.CP0.1.2000.R.PCS_ALL._Z.204._Z.N.EUR","H","GR","G1","G1","CP0",1,"2000","R","PCS_ALL","_Z","204","_Z","N","EUR","2022-S1",0,"A",false,null,null,"P6M",{"$nulls":4},"S",null,null,3,null,"Value of card paymentelectronic, sent - SCA: non-sca: trusted beneficiaries, issuer location: Greece, acquirer location: outside EEA, POS location: outside EEA","Value of card paymentelectronic, sent - SCA: non-sca: trusted beneficiaries, issuer location: Greece, acquirer location: outside EEA, POS location: outside EEA","EUR",6]
["PCP.A.RO.LU.W0.CP0.2.2223.NR.PCS_ALL._Z._X._Z.N.XDF","A","RO","LU","W0","CP0",2,"2223","NR","PCS_ALL","_Z","_X","_Z","N","XDF","2022",18.920861,"A",false,null,null,"P1Y",{"$nulls":4},"S",null,null,3,null,"Value of card payment, initiated at eftpos, received - SCA: , acquirer location: Romania, issuer location: Luxembourg, POS location: world","Value of card payment, initiated at eftpos, received - SCA: , acquirer location: Romania, issuer location: Luxembourg, POS location: world","XDF",6]
["PCP.H.LU.G1.G3.CP0.2.2000.NR.PCS_ALL._Z._X._Z.N.EUR","H","LU","G1","G3","CP0",2,"2000","NR","PCS_ALL","_Z","_X","_Z","N","EUR","2023-S2",2545.015188,"P",false,null,null,"P6M",{"$nulls":4},"S",null,null,3,null,"Value of card paymentelectronic, received - SCA: , acquirer location: Luxembourg, issuer location: outside EEA, POS location: other EEA countries","Value of card paymentelectronic, received - SCA: , acquirer location: Luxembourg, issuer location: outside EEA, POS location: other EEA countries","EUR",6]
["PCP.H.ES.W2.W1.CP0.1.2000._T.PCS_ALL._Z._X._Z.N.PN","H","ES","W2","W1","CP0",1,"2000","_T","PCS_ALL","_Z","_X","_Z","N","PN","2022-S2",32.135867,"A",false,null,null,"P6M",{"$nulls":4},"S",null,null,3,null,"Number of card paymentelectronic, sent - SCA: , issuer location: Spain, acquirer location: domestic, POS location: Rest of the World","Number of card paymentelectronic, sent - SCA: , issuer location: Spain, acquirer location: domestic, POS location: Rest of the World","PN",6]
["PCP.H.IT.W1.G3.CP0.2.2000.NR.PCS_ALL.13._X._Z.N.EUR","H","IT","W1","G3","CP0",2,"2000","NR","PCS_ALL","13","_X","_Z","N","EUR","2022-S2",0,"A",false,null,null,"P6M",{"$nulls":4},"S",null,null,3,null,"Value of card payment,with a credit card, received - acquirer location: Italy, issuer location: Rest of the World, POS location: other EEA countries","Value of card payment,with a credit card, received - acquirer location: Italy, issuer location: Rest of the World, POS location: other EEA countries","EUR",6]
["PCP.H.EE.G1.W0.CP0.2.2000.R.PCS_ALL._Z.205._Z.N.EUR","H","EE","G1","W0","CP0",2,"2000","R","PCS_ALL","_Z","205","_Z","N","EUR","2022-S2",0.00019032,"A",false,null,null,"P6M",{"$nulls":4},"S",null,null,3,null,"Value of card paymentelectronic, received - SCA: non-sca: recurring transaction, acquirer location: Estonia, issuer location: outside EEA, POS location: world","Value of card paymentelectronic, received - SCA: non-sca: recurring transaction, acquirer location: Estonia, issuer location: outside EEA, POS location: world","EUR",6]
["PCP.H.RO.W1.G1.CP0.1.2000.NR.PCS_ALL._Z.206._Z.N.PN","H","RO","W1","G1","CP0",1,"2000","NR","PCS_ALL","_Z","206","_Z","N","PN","2022-S1",0.120249,"A",false,null,null,"P6M",{"$nulls":4},"S",null,null,3,null,"Number of card paymentelectronic, sent - SCA: non-sca: unattended terminals, issuer location: Romania, acquirer location: Rest of the World, POS location: outside EEA","Number of card paymentelectronic, sent - SCA: non-sca: unattended terminals, issuer location: Romania, acquirer location: Rest of the World, POS location: outside EEA","PN",6]
["PCP.H.SK.W1.G3.CP0.1.1000._T.PCS_ALL._Z._X._Z.N.EUR","H","SK","W1","G3","CP0",1,"1000","_T","PCS_ALL","_Z","_X","_Z","N","EUR","2022-S2",13.638408,"A",false,null,null,"P6M",{"$nulls":4},"S",null,null,3,null,"Value of card paymentnon-electronic, sent - SCA: , issuer location: Slovakia, acquirer location: Rest of the World, POS location: other EEA countries","Value of card paymentnon-electronic, sent - SCA: , issuer location: Slovakia, acquirer location: Rest of the World, POS location: other EEA countries","EUR",6]
["PCP.H.LT.W1.W1.CP0.1.2000.R.PCS_ALL.12._X._Z.N.EUR","H","LT","W1","W1","CP0",1,"2000","R","PCS_ALL","12","_X","_Z","N","EUR","2023-S2",0,"P",false,null,null,"P6M",{"$nulls":4},"S",null,null,3,null,"Value of card payment with a delayed debit card, sent - issuer location: Lithuania, acquirer location: Rest of the World, POS location: Rest of the World","Value of card payment with a delayed debit card, sent - issuer location: Lithuania, acquirer location: Rest of the World, POS location: Rest of the World","EUR",6]
["PCP.H.DE.G1.G1.CP0.2.2000.NR.PCS_ALL.11._X._Z.N.EUR","H","DE","G1","G1","CP0",2,"2000","NR","PCS_ALL","11","_X","_Z","N","EUR","2023-S2",3964.03622417,"P",false,null,null,"P6M",{"$nulls":4},"S",null,null,3,null,"Value of card payment,with a debit card, received - acquirer location: Germany, issuer location: outside EEA, POS location: outside EEA","Value of card payment,with a debit card, received - acquirer location: Germany, issuer location: outside EEA, POS location: outside EEA","EUR",6]
["PCP.H.HR.W0.W2.CP0.2.2000.NR.PCS_ALL.12._X._Z.N.EUR","H","HR","W0","W2","CP0",2,"2000","NR","PCS_ALL","12","_X","_Z","N","EUR","2023-S2",1224.166141,"P",false,null,null,"P6M",{"$nulls":4},"S",null,null,3,null,"Total value of card payment,with a delayed debit card, received - acquirer location: Croatia, POS location: domestic","Total value of card payment,with a delayed debit card, received - acquirer location: Croatia, POS location: domestic","EUR",6]
["PCP.H.BE.W2.G1.CP0.2.2000._T.PCS_ALL._Z._X._Z.N.EUR","H","BE","W2","G1","CP0",2,"2000","_T","PCS_ALL","_Z","_X","_Z","N","EUR","2022-S1",0.313464,"A",false,null,null,"P6M",{"$nulls":4},"S",null,null,3,null,"Value of card paymentelectronic, received - SCA: , acquirer location: Belgium, issuer location: domestic, POS location: outside EEA","Value of card paymentelectronic, received - SCA: , acquirer location: Belgium, issuer location: domestic, POS location: outside EEA","EUR",6]
["PCP.H.LV.W1.G1.CP0.1.2000.NR.PCS_ALL._Z.200._Z.N.PN","H","LV","W1","G1","CP0",1,"2000","NR","PCS_ALL","_Z","200","_Z","N","PN","2023-S2",0.937135,"P",false,null,null,"P6M",{"$nulls":4},"S",null,null,3,null,"Number of card paymentelectronic, sent - SCA: non-sca, issuer location: Latvia, acquirer location: Rest of the World, POS location: outside EEA","Number of card paymentelectronic, sent - SCA: non-sca, issuer location: Latvia, acquirer location: Rest of the World, POS location: outside EEA","PN",6]
["PCP.H.IE.G1.W2.CP0.2.2000.R.PCS_ALL._Z.200._Z.N.PN","H","IE","G1","W2","CP0",2,"2000","R","PCS_ALL","_Z","200","_Z","N","PN","2022-S1",482.341781,"A",false,null,null,"P6M",{"$nulls":4},"S",null,null,3,null,"Number of card paymentelectronic, received - SCA: non-sca, acquirer location: Ireland, issuer location: outside EEA, POS location: domestic","Number of card paymentelectronic, received - SCA: non-sca, acquirer location: Ireland, issuer location: outside EEA, POS location: domestic","PN",6]
["PCP.H.AT.W0.W1.CP0.1.2000.NR.PCS_ALL._Z.205._Z.N.PN","H","AT","W0","W1","CP0",1,"2000","NR","PCS_ALL","_Z","205","_Z","N","PN","2023-S1",0.324339,"A",false,null,null,"P6M",{"$nulls":4},"S",null,null,3,null,"Total number of card paymentelectronic, sent - SCA: non-sca: recurring transaction, issuer location: Austria, POS location: Rest of the World","Total number of card paymentelectronic, sent - SCA: non-sca: recurring transaction, issuer location: Austria, POS location: Rest of the World","PN",6]
["PCP.H.BG.G3.W0.CP0.1.2000.NR.PCS_ALL._Z.205._Z.N.XDF","H","BG","G3","W0","CP0",1,"2000","NR","PCS_ALL","_Z","205","_Z","N","XDF","2023-S2",1.50233965,"P",false,null,null,"P6M",{"$nulls":4},"S",null,null,3,null,"Value of card paymentelectronic, sent - SCA: non-sca: recurring transaction, issuer location: Bulgaria, acquirer location: other EEA countries, POS location: world","Value of card paymentelectronic, sent - SCA: non-sca: recurring transaction, issuer location: Bulgaria, acquirer location: other EEA countries, POS location: world","XDF",6]
["PCP.H.SK.W0.W0.CP0.2.2000.R.PCS_ALL._Z._X._Z.N.EUR","H","SK","W0","W0","CP0",2,"2000","R","PCS_ALL","_Z","_X","_Z","N","EUR","2022-S1",1059.535299,"A",false,null,null,"P6M",{"$nulls":4},"S",null,null,3,null,"Total value of card paymentelectronic, received - SCA: , acquirer location: Slovakia, POS location: world","Total value of card paymentelectronic, received - SCA: , acquirer location: Slovakia, POS location: world","EUR",6]
["PCP.H.LT.G1.W1.CP0.2.2000.R.PCS_ALL._Z.209._Z.N.EUR","H","LT","G1","W1","CP0",2,"2000","R","PCS_ALL","_Z","209","_Z","N","EUR","2023-S2",1.76052,"P",false,null,null,"P6M",{"$nulls":4},"S",null,null,3,null,"Value of card paymentelectronic, received - SCA: non-sca: merchant initiated transaction, acquirer location: Lithuania, issuer location: outside EEA, POS location: Rest of the World","Value of card paymentelectronic, received - SCA: non-sca: merchant initiated transaction, acquirer location: Lithuania, issuer location: outside EEA, POS location: Rest of the World","EUR",6]
["PCP.H.SK.W2.G3.CP0.2.2000.NR.PCS_ALL._Z._X._Z.N.EUR","H","SK","W2","G3","CP0",2,"2000","NR","PCS_ALL","_Z","_X","_Z","N","EUR","2023-S1",2.194097,"A",false,null,null,"P6M",{"$nulls":4},"S",null,null,3,null,"Value of card paymentelectronic, received - SCA: , acquirer location: Slovakia, issuer location: domestic, POS location: other EEA countries","Value of card paymentelectronic, received - SCA: , acquirer location: Slovakia, issuer location: domestic, POS location: other EEA countries","EUR",6]
["PCP.H.FR.G1.G1.CP0.2.2000.R.PCS_ALL._Z.201._Z.N.PN","H","FR","G1","G1","CP0",2,"2000","R","PCS_ALL","_Z","201","_Z","N","PN","2022-S1",0.163227,"A",false,null,null,"P6M",{"$nulls":4},"S",null,null,3,null,"Number of card paymentelectronic, received - SCA: non-sca: low value, acquirer location: France, issuer location: outside EEA, POS location: outside EEA","Number of card paymentelectronic, received - SCA: non-sca: low value, acquirer location: France, issuer location: outside EEA, POS location: outside EEA","PN",6]
["PCP.A.FI.AT.W0.CP0.1._T._T.PCS_ALL._Z._X._Z.N.PN","A","FI","AT","W0","CP0",1,"_T","_T","PCS_ALL","_Z","_X","_Z","N","PN","2016",0.543,"A",false,null,null,"P1Y",{"$nulls":4},"S",null,null,3,null,"Number of card paymentall, sent - SCA: , issuer location: Finland, acquirer location: Austria, POS location: world","Number of card paymentall, sent - SCA: , issuer location: Finland, acquirer location: Austria, POS location: world","PN",6]
["PCP.H.MT.W1.G1.CP0.2.2000.NR.PCS_ALL._Z.210._Z.N.EUR","H","MT","W1","G1","CP0",2,"2000","NR","PCS_ALL","_Z","210","_Z","N","EUR","2022-S1",185.42098937,"A",false,null,null,"P6M",{"$nulls":4},"S",null,null,3,null,"Value of card paymentelectronic, received - SCA: non-sca: others, acquirer location: Malta, issuer location: Rest of the World, POS location: outside EEA","Value of card paymentelectronic, received - SCA: non-sca: others, acquirer location: Malta, issuer location: Rest of the World, POS location: outside EEA","EUR",6]
["PCP.H.GR.W1.G3.CP0.1.2000.R.PCS_ALL._Z._X._Z.N.PN","H","GR","W1","G3","CP0",1,"2000","R","PCS_ALL","_Z","_X","_Z","N","PN","2023-S1",52.280288,"A",false,null,null,"P6M",{"$nulls":4},"S",null,null,3,null,"Number of card paymentelectronic, sent - SCA: , issuer location: Greece, acquirer location: Rest of the World, POS location: other EEA countries","Number of card paymentelectronic, sent - SCA: , issuer location: Greece, acquirer location: Rest of the World, POS location: other EEA countries","PN",6]
["PCP.H.LU.W0.G1.CP0.2.2000.NR.PCS_ALL._Z.200._Z.N.PN","H","LU","W0","G1","CP0",2,"2000","NR","PCS_ALL","_Z","200","_Z","N","PN","2023-S2",6.789635000000001,"P",false,null,null,"P6M",{"$nulls":4},"S",null,null,3,null,"Total number of card paymentelectronic, received - SCA: non-sca, acquirer location: Luxembourg, POS location: outside EEA","Total number of card paymentelectronic, received - SCA: non-sca, acquirer location: Luxembourg, POS location: outside EEA","PN",6]
["PCP.H.DE.G1.W0.CW1.1._T._T.PCS_ALL.11._X._Z.N.EUR","H","DE","G1","W0","CW1",1,"_T","_T","PCS_ALL","11","_X","_Z","N","EUR","2023-S1",1035.2407624,"A",false,null,null,"P6M",{"$nulls":4},"S",null,null,3,null,"Value of cash withdrawal using cards with a debit card, sent - issuer location: Germany, acquirer location: outside EEA, terminal location: world","Value of cash withdrawal using cards with a debit card, sent - issuer location: Germany, acquirer location: outside EEA, terminal location: world","EUR",6]
["PCP.H.PL.G3.W1.CP0.1.2229.NR.PCS_ALL._Z._X._Z.N.PN","H","PL","G3","W1","CP0",1,"2229","NR","PCS_ALL","_Z","_X","_Z","N","PN","2023-S2",0.004288999999999999,"P",false,null,null,"P6M",{"$nulls":4},"S",null,null,3,null,"Number of card payment, initiated at other electronic channel, sent - SCA: , issuer location: Poland, acquirer location: other EEA countries, POS location: Rest of the World","Number of card payment, initiated at other electronic channel, sent - SCA: , issuer location: Poland, acquirer location: other EEA countries, POS location: Rest of the World","PN",6]
["PCP.H.AT.W0.G3.CP0.2.2000.NR.PCS_ALL._Z.100._Z.N.EUR","H","AT","W0","G3","CP0",2,"2000","NR","PCS_ALL","_Z","100","_Z","N","EUR","2023-S1",2529.08711027,"A",false,null,null,"P6M",{"$nulls":4},"S",null,null,3,null,"Total value of card paymentelectronic, received - SCA: sca, acquirer location: Austria, POS location: other EEA countries","Total value of card paymentelectronic, received - SCA: sca, acquirer location: Austria, POS location: other EEA countries","EUR",6]
["PCP.H.LU.W1.G1.CW1.1._T._T.PCS_ALL.11._X._Z.N.EUR","H","LU","W1","G1","CW1",1,"_T","_T","PCS_ALL","11","_X","_Z","N","EUR","2022-S2",27.232284,"A",false,null,null,"P6M",{"$nulls":4},"S",null,null,3,null,"Value of cash withdrawal using cards with a debit card, sent - issuer location: Luxembourg, acquirer location: Rest of the World, terminal location: outside EEA","Value of cash withdrawal using cards with a debit card, sent - issuer location: Luxembourg, acquirer location: Rest of the World, terminal location: outside EEA","EUR",6]
["PCP.H.FI.G1.G3.CP0.1.2000.NR.PCS_ALL._Z.100._Z.N.EUR","H","FI","G1","G3","CP0",1,"2000","NR","PCS_ALL","_Z","100","_Z","N","EUR","2022-S1",2.2600302,"A",false,null,null,"P6M",{"$nulls":4},"S",null,null,3,null,"Value of card paymentelectronic, sent - SCA: sca, issuer location: Finland, acquirer location: outside EEA, POS location: other EEA countries","Value of card paymentelectronic, sent - SCA: sca, issuer location: Finland, acquirer location: outside EEA, POS location: other EEA countries","EUR",6]
["PCP.H.AT.W0.W1.CP0.1.2000.NR.PCS_ALL._Z._X._Z.N.EUR","H","AT","W0","W1","CP0",1,"2000","NR","PCS_ALL","_Z","_X","_Z","N","EUR","2023-S2",3493.09901415,"P",false,null,null,"P6M",{"$nulls":4},"S",null,null,3,null,"Total value of card paymentelectronic, sent - SCA: , issuer location: Austria, POS location: Rest of the World","Total value of card paymentelectronic, sent - SCA: , issuer location: Austria, POS location: Rest of the World","EUR",6]
["PCP.H.LU.W2.G1.CP0.2.2000.R.PCS_ALL._Z.210._Z.N.PN","H","LU","W2","G1","CP0",2,"2000","R","PCS_ALL","_Z","210","_Z","N","PN","2023-S1",0.000369,"A",false,null,null,"P6M",{"$nulls":4},"S",null,null,3,null,"Number of card paymentelectronic, received - SCA: non-sca: others, acquirer location: Luxembourg, issuer location: domestic, POS location: outside EEA","Number of card paymentelectronic, received - SCA: non-sca: others, acquirer location: Luxembourg, issuer location: domestic, POS location: outside EEA","PN",6]
["PCP.H.SI.W2.W2.CP0.2.1000._T.PCS_ALL._Z._X._Z.N.PN","H","SI","W2","W2","CP0",2,"1000","_T","PCS_ALL","_Z","_X","_Z","N","PN","2022-S2",0,"A",false,null,null,"P6M",{"$nulls":4},"S",null,null,3,null,"Number of card paymentnon-electronic, received - SCA: , acquirer location: Slovenia, issuer location: domestic, POS location: domestic","Number of card paymentnon-electronic, received - SCA: , acquirer location: Slovenia, issuer location: domestic, POS location: domestic","PN",6]
["PCP.H.IT.G3.W0.CW1.1._T._T.PCS_ALL.11._X._Z.N.PN","H","IT","G3","W0","CW1",1,"_T","_T","PCS_ALL","11","_X","_Z","N","PN","2022-S2",2.322677999999999,"A",false,null,null,"P6M",{"$nulls":4},"S",null,null,3,null,"Number of cash withdrawal using cards with a debit card, sent - issuer location: Italy, acquirer location: other EEA countries, terminal location: world","Number of cash withdrawal using cards with a debit card, sent - issuer location: Italy, acquirer location: other EEA countries, terminal location: world","PN",6]
["PCP.H.BE.G1.W1.CP1.1.2223.NR.PCS_ALL._Z._X._Z.N.PN","H","BE","G1","W1","CP1",1,"2223","NR","PCS_ALL","_Z","_X","_Z","N","PN","2023-S2",18.86905,"P",false,null,null,"P6M",{"$nulls":4},"S",null,null,3,null,"Number of card payments (contactless), initiated at eftpos, sent - SCA: , issuer location: Belgium, acquirer location: outside EEA, terminal location: Rest of the World","Number of card payments (contactless), initiated at eftpos, sent - SCA: , issuer location: Belgium, acquirer location: outside EEA, terminal location: Rest of the World","PN",6]
["PCP.H.ES.W0.G3.CP0.1.2000.NR.PCS_ALL.13._X._Z.N.EUR","H","ES","W0","G3","CP0",1,"2000","NR","PCS_ALL","13","_X","_Z","N","EUR","2022-S1",1588.50225672,"A",false,null,null,"P6M",{"$nulls":4},"S",null,null,3,null,"Total value of card payment with a credit card, sent - issuer location: Spain, POS location: other EEA countries","Total value of card payment with a credit card, sent - issuer location: Spain, POS location: other EEA countries","EUR",6]
["PCP.H.SK.G1.W1.CP0.1.2000.R.PCS_ALL._Z._X._Z.N.PN","H","SK","G1","W1","CP0",1,"2000","R","PCS_ALL","_Z","_X","_Z","N","PN","2022-S1",3.547596,"A",false,null,null,"P6M",{"$nulls":4},"S",null,null,3,null,"Number of card paymentelectronic, sent - SCA: , issuer location: Slovakia, acquirer location: outside EEA, POS location: Rest of the World","Number of card paymentelectronic, sent - SCA: , issuer location: Slovakia, acquirer location: outside EEA, POS location: Rest of the World","PN",6]
["PCP.H.LT.W2.W2.CP0.1.2000.R.PCS_ALL._Z.200._Z.N.EUR","H","LT","W2","W2","CP0",1,"2000","R","PCS_ALL","_Z","200","_Z","N","EUR","2022-S2",964.633302,"A",false,null,null,"P6M",{"$nulls":4},"S",null,null,3,null,"Value of card paymentelectronic, sent - SCA: non-sca, issuer location: Lithuania, acquirer location: domestic, POS location: domestic","Value of card paymentelectronic, sent - SCA: non-sca, issuer location: Lithuania, acquirer location: domestic, POS location: domestic","EUR",6]
["PCP.H.DE.W0.W0.CP0.2._T._T.PCS_ALL._Z._X._Z.N.EUR_R_PNT","H","DE","W0","W0","CP0",2,"_T","_T","PCS_ALL","_Z","_X","_Z","N","EUR_R_PNT","2023-S1",42.92992996552956,"A",false,null,null,"P6M",{"$nulls":4},"S",null,null,2,null,"Total value; ratio to number of transactions of card paymentall, received - SCA: , acquirer location: Germany, POS location: world","Total value; ratio to number of transactions of card paymentall, received - SCA: , acquirer location: Germany, POS location: world","EUR_R_PNT",0]
["PCP.H.SK.G1.G1.CP0.1.2000.R.PCS_ALL._Z.205._Z.N.PN","H","SK","G1","G1","CP0",1,"2000","R","PCS_ALL","_Z","205","_Z","N","PN","2022-S1",0.270812,"A",false,null,null,"P6M",{"$nulls":4},"S",null,null,3,null,"Number of card paymentelectronic, sent - SCA: non-sca: recurring transaction, issuer location: Slovakia, acquirer location: outside EEA, POS location: outside EEA","Number of card paymentelectronic, sent - SCA: non-sca: recurring transaction, issuer location: Slovakia, acquirer location: outside EEA, POS location: outside EEA","PN",6]
["PCP.H.FI.W0.G3.CP0.1.2000.NR.PCS_ALL._Z.210._Z.N.EUR","H","FI","W0","G3","CP0",1,"2000","NR","PCS_ALL","_Z","210","_Z","N","EUR","2022-S1",65.75455950000001,"A",false,null,null,"P6M",{"$nulls":4},"S",null,null,3,null,"Total value of card paymentelectronic, sent - SCA: non-sca: others, issuer location: Finland, POS location: other EEA countries","Total value of card paymentelectronic, sent - SCA: non-sca: others, issuer location: Finland, POS location: other EEA countries","EUR",6]
["PCP.H.MT.G3.G1.CP0.1.2000.NR.PCS_ALL._Z.206._Z.N.EUR","H","MT","G3","G1","CP0",1,"2000","NR","PCS_ALL","_Z","206","_Z","N","EUR","2023-S2",0,"P",false,null,null,"P6M",{"$nulls":4},"S",null,null,3,null,"Value of card paymentelectronic, sent - SCA: non-sca: unattended terminals, issuer location: Malta, acquirer location: other EEA countries, POS location: outside EEA","Value of card paymentelectronic, sent - SCA: non-sca: unattended terminals, issuer location: Malta, acquirer location: other EEA countries, POS location: outside EEA","EUR",6]
["PCP.H.EE.W2.G1.CP0.1.2000.NR.PCS_ALL._Z.205._Z.N.EUR","H","EE","W2","G1","CP0",1,"2000","NR","PCS_ALL","_Z","205","_Z","N","EUR","2022-S2",null,"Q",false,null,null,"P6M",{"$nulls":4},"S",null,null,3,null,"Value of card paymentelectronic, sent - SCA: non-sca: recurring transaction, issuer location: Estonia, acquirer location: domestic, POS location: outside EEA","Value of card paymentelectronic, sent - SCA: non-sca: recurring transaction, issuer location: Estonia, acquirer location: domestic, POS location: outside EEA","EUR",6]
["PCP.H.HU.W2.W0.CP0.1._T._T.PCS_ALL._Z._X._Z.N.PN","H","HU","W2","W0","CP0",1,"_T","_T","PCS_ALL","_Z","_X","_Z","N","PN","2023-S1",657.0244610000001,"A",false,null,null,"P6M",{"$nulls":4},"S",null,null,3,null,"Number of card paymentall, sent - SCA: , issuer location: Hungary, acquirer location: domestic, POS location: world","Number of card paymentall, sent - SCA: , issuer location: Hungary, acquirer location: domestic, POS location: world","PN",6]
["PCP.H.CY.W0.W2.CP0.2.2000.R.PCS_ALL._Z.210._Z.N.PN","H","CY","W0","W2","CP0",2,"2000","R","PCS_ALL","_Z","210","_Z","N","PN","2023-S1",8.898873000000002,"A",false,null,null,"P6M",{"$nulls":4},"S",null,null,3,null,"Total number of card paymentelectronic, received - SCA: non-sca: others, acquirer location: Cyprus, POS location: domestic","Total number of card paymentelectronic, received - SCA: non-sca: others, acquirer location: Cyprus, POS location: domestic","PN",6]
["PCP.H.SI.W2.G1.CP0.1.2223.NR.PCS_ALL._Z._X._Z.N.PN","H","SI","W2","G1","CP0",1,"2223","NR","PCS_ALL","_Z","_X","_Z","N","PN","2022-S1",0,"A",false,null,null,"P6M",{"$nulls":4},"S",null,null,3,null,"Number of card payment, initiated at eftpos, sent - SCA: , issuer location: Slovenia, acquirer location: domestic, POS location: outside EEA","Number of card payment, initiated at eftpos, sent - SCA: , issuer location: Slovenia, acquirer location: domestic, POS location: outside EEA","PN",6]
["PCP.H.GR.W1.G1.CP0.1.2000.NR.PCS_ALL._Z.210._Z.N.PN","H","GR","W1","G1","CP0",1,"2000","NR","PCS_ALL","_Z","210","_Z","N","PN","2023-S2",1.300205,"P",false,null,null,"P6M",{"$nulls":4},"S",null,null,3,null,"Number of card paymentelectronic, sent - SCA: non-sca: others, issuer location: Greece, acquirer location: Rest of the World, POS location: outside EEA","Number of card paymentelectronic, sent - SCA: non-sca: others, issuer location: Greece, acquirer location: Rest of the World, POS location: outside EEA","PN",6]
["PCP.H.CY.G1.W0.CP0.2.2000.R.PCS_ALL._Z._X._Z.N.PN","H","CY","G1","W0","CP0",2,"2000","R","PCS_ALL","_Z","_X","_Z","N","PN","2023-S1",172.554447,"A",false,null,null,"P6M",{"$nulls":4},"S",null,null,3,null,"Number of card paymentelectronic, received - SCA: , acquirer location: Cyprus, issuer location: outside EEA, POS location: world","Number of card paymentelectronic, received - SCA: , acquirer location: Cyprus, issuer location: outside EEA, POS location: world","PN",6]
["PCP.H.ES.W2.W0.CP0.1.1000._T.PCS_ALL._Z._X._Z.N.EUR","H","ES","W2","W0","CP0",1,"1000","_T","PCS_ALL","_Z","_X","_Z","N","EUR","2022-S2",3604.48814577,"A",false,null,null,"P6M",{"$nulls":4},"S",null,null,3,null,"Value of card paymentnon-electronic, sent - SCA: , issuer location: Spain, acquirer location: domestic, POS location: world","Value of card paymentnon-electronic, sent - SCA: , issuer location: Spain, acquirer location: domestic, POS location: world","EUR",6]
["PCP.H.SI.W2.G1.CP0.2.2000.R.PCS_ALL._Z.209._Z.N.EUR","H","SI","W2","G1","CP0",2,"2000","R","PCS_ALL","_Z","209","_Z","N","EUR","2022-S2",0,"A",false,null,null,"P6M",{"$nulls":4},"S",null,null,3,null,"Value of card paymentelectronic, received - SCA: non-sca: merchant initiated transaction, acquirer location: Slovenia, issuer location: domestic, POS location: outside EEA","Value of card paymentelectronic, received - SCA: non-sca: merchant initiated transaction, acquirer location: Slovenia, issuer location: domestic, POS location: outside EEA","EUR",6]
["PCP.H.IE.W0.W1.CP0.1.1000.R.PCS_ALL._Z._X._Z.N.PN","H","IE","W0","W1","CP0",1,"1000","R","PCS_ALL","_Z","_X","_Z","N","PN","2022-S2",42.80372999999999,"A",false,null,null,"P6M",{"$nulls":4},"S",null,null,3,null,"Total number of card paymentnon-electronic, sent - SCA: , issuer location: Ireland, POS location: Rest of the World","Total number of card paymentnon-electronic, sent - SCA: , issuer location: Ireland, POS location: Rest of the World","PN",6]
["PCP.H.NL.G3.G1.CP0.1.2000.NR.PCS_ALL._Z.205._Z.N.EUR","H","NL","G3","G1","CP0",1,"2000","NR","PCS_ALL","_Z","205","_Z","N","EUR","2022-S1",0.186818,"A",false,null,null,"P6M",{"$nulls":4},"S",null,null,3,null,"Value of card paymentelectronic, sent - SCA: non-sca: recurring transaction, issuer location: Netherlands, acquirer location: other EEA countries, POS location: outside EEA","Value of card paymentelectronic, sent - SCA: non-sca: recurring transaction, issuer location: Netherlands, acquirer location: other EEA countries, POS location: outside EEA","EUR",6]
["PCP.H.FI.W1.W0.CP0.1.2000.R.PCS_ALL._Z.207._Z.N.EUR","H","FI","W1","W0","CP0",1,"2000","R","PCS_ALL","_Z","207","_Z","N","EUR","2022-S1",3.69229308,"A",false,null,null,"P6M",{"$nulls":4},"S",null,null,3,null,"Value of card paymentelectronic, sent - SCA: non-sca: secure corporate payment, issuer location: Finland, acquirer location: Rest of the World, POS location: world","Value of card paymentelectronic, sent - SCA: non-sca: secure corporate payment, issuer location: Finland, acquirer location: Rest of the World, POS location: world","EUR",6]
["PCP.H.BE.W0.W0.CP0.1.2000._T.PCS_ALL._Z._X._Z.N.EUR","H","BE","W0","W0","CP0",1,"2000","_T","PCS_ALL","_Z","_X","_Z","N","EUR","2022-S2",71676.626789,"A",false,null,null,"P6M",{"$nulls":4},"S",null,null,3,null,"Total value of card paymentelectronic, sent - SCA: , issuer location: Belgium, POS location: world","Total value of card paymentelectronic, sent - SCA: , issuer location: Belgium, POS location: world","EUR",6]
["PCP.H.MT.W2.W0.CP0.2.2000.R.PCS_ALL._Z._X._Z.N.PN","H","MT","W2","W0","CP0",2,"2000","R","PCS_ALL","_Z","_X","_Z","N","PN","2023-S1",1.863178,"A",false,null,null,"P6M",{"$nulls":4},"S",null,null,3,null,"Number of card paymentelectronic, received - SCA: , acquirer location: Malta, issuer location: domestic, POS location: world","Number of card paymentelectronic, received - SCA: , acquirer location: Malta, issuer location: domestic, POS location: world","PN",6]
["PCP.A.AT.W1.W0.CP0.1._T._T.PCS_ALL._Z._X._Z.N.EUR","A","AT","W1","W0","CP0",1,"_T","_T","PCS_ALL","_Z","_X","_Z","N","EUR","2015",6977.719,"A",false,null,null,"P1Y",{"$nulls":4},"S",null,null,3,null,"Value of card paymentall, sent - SCA: , issuer location: Austria, acquirer location: Rest of the World, POS location: world","Value of card paymentall, sent - SCA: , issuer location: Austria, acquirer location: Rest of the World, POS location: world","EUR",6]
["PCP.H.IE.W1.G3.CP0.1.2000.R.PCS_ALL.11._X._Z.N.EUR","H","IE","W1","G3","CP0",1,"2000","R","PCS_ALL","11","_X","_Z","N","EUR","2023-S2",2598.615784789999,"P",false,null,null,"P6M",{"$nulls":4},"S",null,null,3,null,"Value of card payment with a debit card, sent - issuer location: Ireland, acquirer location: Rest of the World, POS location: other EEA countries","Value of card payment with a debit card, sent - issuer location: Ireland, acquirer location: Rest of the World, POS location: other EEA countries","EUR",6]
["PCP.H.CZ.G3.G3.CP0.1.2000.NR.PCS_ALL.12._X._Z.N.XDF","H","CZ","G3","G3","CP0",1,"2000","NR","PCS_ALL","12","_X","_Z","N","XDF","2023-S1",41.17623609999998,"A",false,null,null,"P6M",{"$nulls":4},"S",null,null,3,null,"Value of card payment with a delayed debit card, sent - issuer location: Czech Republic, acquirer location: other EEA countries, POS location: other EEA countries","Value of card payment with a delayed debit card, sent - issuer location: Czech Republic, acquirer location: other EEA countries, POS location: other EEA countries","XDF",6]
["PCP.H.RO.W2.W2.CP0.2.2000.NR.PCS_ALL.11._X._Z.N.PN","H","RO","W2","W2","CP0",2,"2000","NR","PCS_ALL","11","_X","_Z","N","PN","2022-S1",448.60206,"A",false,null,null,"P6M",{"$nulls":4},"S",null,null,3,null,"Number of card payment,with a debit card, received - acquirer location: Romania, issuer location: domestic, POS location: domestic","Number of card payment,with a debit card, received - acquirer location: Romania, issuer location: domestic, POS location: domestic","PN",6]
["PCP.A.CZ.HR.W0.CP0.2.2223.NR.PCS_ALL._Z._X._Z.N.XDF","A","CZ","HR","W0","CP0",2,"2223","NR","PCS_ALL","_Z","_X","_Z","N","XDF","2022",136.486836,"A",false,null,null,"P1Y",{"$nulls":4},"S",null,null,3,null,"Value of card payment, initiated at eftpos, received - SCA: , acquirer location: Czech Republic, issuer location: Croatia, POS location: world","Value of card payment, initiated at eftpos, received - SCA: , acquirer location: Czech Republic, issuer location: Croatia, POS location: world","XDF",6]
["PCP.H.IT.W0.W1.CP0.1.2000.R.PCS_ALL.11._X._Z.N.PN","H","IT","W0","W1","CP0",1,"2000","R","PCS_ALL","11","_X","_Z","N","PN","2023-S2",136.270343,"P",false,null,null,"P6M",{"$nulls":4},"S",null,null,3,null,"Total number of card payment with a debit card, sent - issuer location: Italy, POS location: Rest of the World","Total number of card payment with a debit card, sent - issuer location: Italy, POS location: Rest of the World","PN",6]
["PCP.H.ES.G3.G1.CP0.2.1000._T.PCS_ALL._Z._X._Z.N.EUR","H","ES","G3","G1","CP0",2,"1000","_T","PCS_ALL","_Z","_X","_Z","N","EUR","2022-S1",0.92341708,"A",false,null,null,"P6M",{"$nulls":4},"S",null,null,3,null,"Value of card paymentnon-electronic, received - SCA: , acquirer location: Spain, issuer location: other EEA countries, POS location: outside EEA","Value of card paymentnon-electronic, received - SCA: , acquirer location: Spain, issuer location: other EEA countries, POS location: outside EEA","EUR",6]
["PCP.H.NL.W2.W0.CP0.1.2000.R.PCS_ALL._Z.100._Z.N.EUR","H","NL","W2","W0","CP0",1,"2000","R","PCS_ALL","_Z","100","_Z","N","EUR","2022-S2",1688.93413089,"A",false,null,null,"P6M",{"$nulls":4},"S",null,null,3,null,"Value of card paymentelectronic, sent - SCA: sca, issuer location: Netherlands, acquirer location: domestic, POS location: world","Value of card paymentelectronic, sent - SCA: sca, issuer location: Netherlands, acquirer location: domestic, POS location: world","EUR",6]
["PCP.H.HR.W2.W0.CP0.2.2223.NR.PCS_ALL._Z._X._Z.N.EUR","H","HR","W2","W0","CP0",2,"2223","NR","PCS_ALL","_Z","_X","_Z","N","EUR","2023-S2",6922.551271,"P",false,null,null,"P6M",{"$nulls":4},"S",null,null,3,null,"Value of card payment, initiated at eftpos, received - SCA: , acquirer location: Croatia, issuer location: domestic, POS location: world","Value of card payment, initiated at eftpos, received - SCA: , acquirer location: Croatia, issuer location: domestic, POS location: world","EUR",6]
["PCP.H.MT.W2.W2.CP0.1.1000.NR.PCS_ALL._Z._X._Z.N.EUR","H","MT","W2","W2","CP0",1,"1000","NR","PCS_ALL","_Z","_X","_Z","N","EUR","2023-S1",0,"A",false,null,null,"P6M",{"$nulls":4},"S",null,null,3,null,"Value of card paymentnon-electronic, sent - SCA: , issuer location: Malta, acquirer location: domestic, POS location: domestic","Value of card paymentnon-electronic, sent - SCA: , issuer location: Malta, acquirer location: domestic, POS location: domestic","EUR",6]
["PCP.H.EE.G1.G3.CP0.1.2000._T.PCS_ALL._Z._X._Z.N.EUR","H","EE","G1","G3","CP0",1,"2000","_T","PCS_ALL","_Z","_X","_Z","N","EUR","2022-S1",14.93849925,"A",false,null,null,"P6M",{"$nulls":4},"S",null,null,3,null,"Value of card paymentelectronic, sent - SCA: , issuer location: Estonia, acquirer location: outside EEA, POS location: other EEA countries","Value of card paymentelectronic, sent - SCA: , issuer location: Estonia, acquirer location: outside EEA, POS location: other EEA countries","EUR",6]
["PCP.H.AT.G1.W2.CP0.1._T._T.PCS_ALL._Z._X._Z.N.EUR","H","AT","G1","W2","CP0",1,"_T","_T","PCS_ALL","_Z","_X","_Z","N","EUR","2022-S1",1048.33759211,"A",false,null,null,"P6M",{"$nulls":4},"S",null,null,3,null,"Value of card paymentall, sent - SCA: , issuer location: Austria, acquirer location: outside EEA, POS location: domestic","Value of card paymentall, sent - SCA: , issuer location: Austria, acquirer location: outside EEA, POS location: domestic","EUR",6]
["PCP.H.BG.W1.W1.CP0.2.2000.R.PCS_ALL.13._X._Z.N.PN","H","BG","W1","W1","CP0",2,"2000","R","PCS_ALL","13","_X","_Z","N","PN","2023-S2",1.855394,"P",false,null,null,"P6M",{"$nulls":4},"S",null,null,3,null,"Number of card payment,with a credit card, received - acquirer location: Bulgaria, issuer location: Rest of the World, POS location: Rest of the World","Number of card payment,with a credit card, received - acquirer location: Bulgaria, issuer location: Rest of the World, POS location: Rest of the World","PN",6]
["PCP.H.PT.W0.W0.CP0.1.2000.R.PCS_ALL.13._X._Z.N.EUR_R_CP0","H","PT","W0","W0","CP0",1,"2000","R","PCS_ALL","13","_X","_Z","N","EUR_R_CP0","2022-S2",0.7003123136423863,"A",false,null,null,"P6M",{"$nulls":4},"S",null,null,2,null,"Total value; ratio to total card payments of card payment with a credit card, sent - issuer location: Portugal, POS location: world","Total value; ratio to total card payments of card payment with a credit card, sent - issuer location: Portugal, POS location: world","EUR_R_CP0",0]
["PCP.H.IT.G1.G3.CP0.1.2000.NR.PCS_ALL._Z.204._Z.N.PN","H","IT","G1","G3","CP0",1,"2000","NR","PCS_ALL","_Z","204","_Z","N","PN","2022-S2",2.3E-05,"A",false,null,null,"P6M",{"$nulls":4},"S",null,null,3,null,"Number of card paymentelectronic, sent - SCA: non-sca: trusted beneficiaries, issuer location: Italy, acquirer location: outside EEA, POS location: other EEA countries","Number of card paymentelectronic, sent - SCA: non-sca: trusted beneficiaries, issuer location: Italy, acquirer location: outside EEA, POS location: other EEA countries","PN",6]
["PCP.H.BE.W1.G1.CP0.1.2000.R.PCS_ALL.12._X._Z.N.EUR","H","BE","W1","G1","CP0",1,"2000","R","PCS_ALL","12","_X","_Z","N","EUR","2022-S2",2883.196332999999,"A",false,null,null,"P6M",{"$nulls":4},"S",null,null,3,null,"Value of card payment with a delayed debit card, sent - issuer location: Belgium, acquirer location: Rest of the World, POS location: outside EEA","Value of card payment with a delayed debit card, sent - issuer location: Belgium, acquirer location: Rest of the World, POS location: outside EEA","EUR",6]
["PCP.H.NL.W2.G1.CP0.2.2000.NR.PCS_ALL.13._X._Z.N.EUR","H","NL","W2","G1","CP0",2,"2000","NR","PCS_ALL","13","_X","_Z","N","EUR","2022-S1",5314.718231,"A",false,null,null,"P6M",{"$nulls":4},"S",null,null,3,null,"Value of card payment,with a credit card, received - acquirer location: Netherlands, issuer location: domestic, POS location: outside EEA","Value of card payment,with a credit card, received - acquirer location: Netherlands, issuer location: domestic, POS location: outside EEA","EUR",6]
["PCP.H.U2.W0.W0.CP0.1.2000.R.PCS_ALL._Z._X._Z.N.EUR","H","U2","W0","W0","CP0",1,"2000","R","PCS_ALL","_Z","_X","_Z","N","EUR","2022-S2",327321.60538196,"A",false,null,null,"P6M",{"$nulls":4},"S",null,null,3,null,"Total value of card paymentelectronic, sent - SCA: , issuer location: euro area (changing composition), POS location: world","Total value of card paymentelectronic, sent - SCA: , issuer location: euro area (changing composition), POS location: world","EUR",6]
["PCP.H.LT.G3.G1.CW1.1._T._T.PCS_ALL._Z._X._Z.N.EUR","H","LT","G3","G1","CW1",1,"_T","_T","PCS_ALL","_Z","_X","_Z","N","EUR","2023-S2",384.635112,"P",false,null,null,"P6M",{"$nulls":4},"S",null,null,3,null,"Value of cash withdrawal using cardsall, sent - SCA: , issuer location: Lithuania, acquirer location: other EEA countries, terminal location: outside EEA","Value of cash withdrawal using cardsall, sent - SCA: , issuer location: Lithuania, acquirer location: other EEA countries, terminal location: outside EEA","EUR",6]
["PCP.H.EE.W0.W0.CP0.2._T._T.PCS_ALL._Z._X._Z.N.EUR","H","EE","W0","W0","CP0",2,"_T","_T","PCS_ALL","_Z","_X","_Z","N","EUR","2023-S2",4087.32763096,"P",false,null,null,"P6M",{"$nulls":4},"S",null,null,3,null,"Total value of card paymentall, received - SCA: , acquirer location: Estonia, POS location: world","Total value of card paymentall, received - SCA: , acquirer location: Estonia, POS location: world","EUR",6]
["PCP.H.FI.W2.G1.CP0.1.1000._T.PCS_ALL._Z._X._Z.N.PN","H","FI","W2","G1","CP0",1,"1000","_T","PCS_ALL","_Z","_X","_Z","N","PN","2022-S1",0.001824,"A",false,null,null,"P6M",{"$nulls":4},"S",null,null,3,null,"Number of card paymentnon-electronic, sent - SCA: , issuer location: Finland, acquirer location: domestic, POS location: outside EEA","Number of card paymentnon-electronic, sent - SCA: , issuer location: Finland, acquirer location: domestic, POS location: outside EEA","PN",6]
["PCP.H.EE.G1.W2.CP0.1.2000.R.PCS_ALL._Z.207._Z.N.EUR","H","EE","G1","W2","CP0",1,"2000","R","PCS_ALL","_Z","207","_Z","N","EUR","2023-S2",0,"P",false,null,null,"P6M",{"$nulls":4},"S",null,null,3,null,"Value of card paymentelectronic, sent - SCA: non-sca: secure corporate payment, issuer location: Estonia, acquirer location: outside EEA, POS location: domestic","Value of card paymentelectronic, sent - SCA: non-sca: secure corporate payment, issuer location: Estonia, acquirer location: outside EEA, POS location: domestic","EUR",6]
["PCP.H.MT.W0.W0.CP0.2.2000.R.PCS_ALL.11._X._Z.N.PN","H","MT","W0","W0","CP0",2,"2000","R","PCS_ALL","11","_X","_Z","N","PN","2023-S1",102.659525,"A",false,null,null,"P6M",{"$nulls":4},"S",null,null,3,null,"Total number of card payment,with a debit card, received - acquirer location: Malta, POS location: world","Total number of card payment,with a debit card, received - acquirer location: Malta, POS location: world","PN",6]
["PCP.H.ES.W2.G1.CP0.1.2000.NR.PCS_ALL._Z.210._Z.N.EUR","H","ES","W2","G1","CP0",1,"2000","NR","PCS_ALL","_Z","210","_Z","N","EUR","2022-S1",0.42230917,"A",false,null,null,"P6M",{"$nulls":4},"S",null,null,3,null,"Value of card paymentelectronic, sent - SCA: non-sca: others, issuer location: Spain, acquirer location: domestic, POS location: outside EEA","Value of card paymentelectronic, sent - SCA: non-sca: others, issuer location: Spain, acquirer location: domestic, POS location: outside EEA","EUR",6]
["PCP.H.IE.W2.W1.CP0.1.2000.R.PCS_ALL._Z.207._Z.N.EUR","H","IE","W2","W1","CP0",1,"2000","R","PCS_ALL","_Z","207","_Z","N","EUR","2023-S2",1913.00703453,"P",false,null,null,"P6M",{"$nulls":4},"S",null,null,3,null,"Value of card paymentelectronic, sent - SCA: non-sca: secure corporate payment, issuer location: Ireland, acquirer location: domestic, POS location: Rest of the World","Value of card paymentelectronic, sent - SCA: non-sca: secure corporate payment, issuer location: Ireland, acquirer location: domestic, POS location: Rest of the World","EUR",6]
["PCP.H.AT.G1.G3.CP0.1.2000.R.PCS_ALL._Z.201._Z.N.PN","H","AT","G1","G3","CP0",1,"2000","R","PCS_ALL","_Z","201","_Z","N","PN","2023-S2",0.208225,"P",false,null,null,"P6M",{"$nulls":4},"S",null,null,3,null,"Number of card paymentelectronic, sent - SCA: non-sca: low value, issuer location: Austria, acquirer location: outside EEA, POS location: other EEA countries","Number of card paymentelectronic, sent - SCA: non-sca: low value, issuer location: Austria, acquirer location: outside EEA, POS location: other EEA countries","PN",6]
["PCP.H.MT.W2.G3.CP0.2.2000.NR.PCS_ALL.12._X._Z.N.PN","H","MT","W2","G3","CP0",2,"2000","NR","PCS_ALL","12","_X","_Z","N","PN","2022-S2",0,"A",false,null,null,"P6M",{"$nulls":4},"S",null,null,3,null,"Number of card payment,with a delayed debit card, received - acquirer location: Malta, issuer location: domestic, POS location: other EEA countries","Number of card payment,with a delayed debit card, received - acquirer location: Malta, issuer location: domestic, POS location: other EEA countries","PN",6]
["PCP.H.FR.G1.W2.CP0.1.2000.R.PCS_ALL._Z.208._Z.N.PN","H","FR","G1","W2","CP0",1,"2000","R","PCS_ALL","_Z","208","_Z","N","PN","2022-S1",14.803871,"A",false,null,null,"P6M",{"$nulls":4},"S",null,null,3,null,"Number of card paymentelectronic, sent - SCA: non-sca: transaction risk analysis, issuer location: France, acquirer location: outside EEA, POS location: domestic","Number of card paymentelectronic, sent - SCA: non-sca: transaction risk analysis, issuer location: France, acquirer location: outside EEA, POS location: domestic","PN",6]
["PCP.H.FR.W0.W1.CW1.1._T._T.PCS_ALL.11._X._Z.N.EUR","H","FR","W0","W1","CW1",1,"_T","_T","PCS_ALL","11","_X","_Z","N","EUR","2022-S2",2298.47773348,"A",false,null,null,"P6M",{"$nulls":4},"S",null,null,3,null,"Total value of cash withdrawal using cards with a debit card, sent - issuer location: France, terminal location: Rest of the World","Total value of cash withdrawal using cards with a debit card, sent - issuer location: France, terminal location: Rest of the World","EUR",6]
["PCP.H.AT.W0.G3.CP0.2.2000.R.PCS_ALL._Z.208._Z.N.PN","H","AT","W0","G3","CP0",2,"2000","R","PCS_ALL","_Z","208","_Z","N","PN","2023-S2",0.810213,"P",false,null,null,"P6M",{"$nulls":4},"S",null,null,3,null,"Total number of card paymentelectronic, received - SCA: non-sca: transaction risk analysis, acquirer location: Austria, POS location: other EEA countries","Total number of card paymentelectronic, received - SCA: non-sca: transaction risk analysis, acquirer location: Austria, POS location: other EEA countries","PN",6]
["PCP.H.PL.W1.G3.CW1.1._T._T.PCS_ALL.11._X._Z.N.PN","H","PL","W1","G3","CW1",1,"_T","_T","PCS_ALL","11","_X","_Z","N","PN","2023-S1",3.517928,"A",false,null,null,"P6M",{"$nulls":4},"S",null,null,3,null,"Number of cash withdrawal using cards with a debit card, sent - issuer location: Poland, acquirer location: Rest of the World, terminal location: other EEA countries","Number of cash withdrawal using cards with a debit card, sent - issuer location: Poland, acquirer location: Rest of the World, terminal location: other EEA countries","PN",6]
["PCP.H.HR.G3.G1.CP0.2.2223.NR.PCS_ALL._Z._X._Z.N.EUR","H","HR","G3","G1","CP0",2,"2223","NR","PCS_ALL","_Z","_X","_Z","N","EUR","2023-S2",0,"P",false,null,null,"P6M",{"$nulls":4},"S",null,null,3,null,"Value of card payment, initiated at eftpos, received - SCA: , acquirer location: Croatia, issuer location: other EEA countries, POS location: outside EEA","Value of card payment, initiated at eftpos, received - SCA: , acquirer location: Croatia, issuer location: other EEA countries, POS location: outside EEA","EUR",6]
["PCP.H.MT.G3.G3.CP0.1.2000.NR.PCS_ALL._Z.210._Z.N.PN","H","MT","G3","G3","CP0",1,"2000","NR","PCS_ALL","_Z","210","_Z","N","PN","2022-S1",0.6672509999999998,"A",false,null,null,"P6M",{"$nulls":4},"S",null,null,3,null,"Number of card paymentelectronic, sent - SCA: non-sca: others, issuer location: Malta, acquirer location: other EEA countries, POS location: other EEA countries","Number of card paymentelectronic, sent - SCA: non-sca: others, issuer location: Malta, acquirer location: other EEA countries, POS location: other EEA countries","PN",6]
["PCP.H.ES.W0.W0.CP0.2.1000.NR.PCS_ALL._Z._X._Z.N.EUR","H","ES","W0","W0","CP0",2,"1000","NR","PCS_ALL","_Z","_X","_Z","N","EUR","2022-S2",903.61822164,"A",false,null,null,"P6M",{"$nulls":4},"S",null,null,3,null,"Total value of card paymentnon-electronic, received - SCA: , acquirer location: Spain, POS location: world","Total value of card paymentnon-electronic, received - SCA: , acquirer location: Spain, POS location: world","EUR",6]
["PCP.H.SI.W2.G3.CP0.2.2000.R.PCS_ALL._Z.208._Z.N.PN","H","SI","W2","G3","CP0",2,"2000","R","PCS_ALL","_Z","208","_Z","N","PN","2023-S1",0,"A",false,null,null,"P6M",{"$nulls":4},"S",null,null,3,null,"Number of card paymentelectronic, received - SCA: non-sca: transaction risk analysis, acquirer location: Slovenia, issuer location: domestic, POS location: other EEA countries","Number of card paymentelectronic, received - SCA: non-sca: transaction risk analysis, acquirer location: Slovenia, issuer location: domestic, POS location: other EEA countries","PN",6]
["PCP.H.AT.W0.W0.CW1.1._T._T.PCS_ALL.11._X._Z.N.EUR","H","AT","W0","W0","CW1",1,"_T","_T","PCS_ALL","11","_X","_Z","N","EUR","2022-S2",25333.06885161,"A",false,null,null,"P6M",{"$nulls":4},"S",null,null,3,null,"Total value of cash withdrawal using cards with a debit card, sent - issuer location: Austria, terminal location: world","Total value of cash withdrawal using cards with a debit card, sent - issuer location: Austria, terminal location: world","EUR",6]
["PCP.H.PL.W0.W2.CP0.1.2230.R.PCS_ALL._Z._X._Z.N.XDF","H","PL","W0","W2","CP0",1,"2230","R","PCS_ALL","_Z","_X","_Z","N","XDF","2022-S1",null,"M",false,null,null,"P6M",{"$nulls":4},"S",null,null,3,null,"Total value of card payment, initiated via mobile payment solution (electronic), sent - SCA: , issuer location: Poland, POS location: domestic","Total value of card payment, initiated via mobile payment solution (electronic), sent - SCA: , issuer location: Poland, POS location: domestic","XDF",6]
["PCP.H.EE.W1.G3.CW1.1._T._T.PCS_ALL.12._X._Z.N.EUR","H","EE","W1","G3","CW1",1,"_T","_T","PCS_ALL","12","_X","_Z","N","EUR","2023-S2",0.19413086,"P",false,null,null,"P6M",{"$nulls":4},"S",null,null,3,null,"Value of cash withdrawal using cards with a delayed debit card, sent - issuer location: Estonia, acquirer location: Rest of the World, terminal location: other EEA countries","Value of cash withdrawal using cards with a delayed debit card, sent - issuer location: Estonia, acquirer location: Rest of the World, terminal location: other EEA countries","EUR",6]
["PCP.A.GR.LU.W0.CP0.1._T._T.PCS_ALL._Z._X._Z.N.PN","A","GR","LU","W0","CP0",1,"_T","_T","PCS_ALL","_Z","_X","_Z","N","PN","2019",2.437,"A",false,null,null,"P1Y",{"$nulls":4},"S",null,null,3,null,"Number of card paymentall, sent - SCA: , issuer location: Greece, acquirer location: Luxembourg, POS location: world","Number of card paymentall, sent - SCA: , issuer location: Greece, acquirer location: Luxembourg, POS location: world","PN",6]
["PCP.H.IE.W1.W2.CP0.1.2000.NR.PCS_ALL._Z.100._Z.N.PN","H","IE","W1","W2","CP0",1,"2000","NR","PCS_ALL","_Z","100","_Z","N","PN","2023-S1",138.202501,"A",false,null,null,"P6M",{"$nulls":4},"S",null,null,3,null,"Number of card paymentelectronic, sent - SCA: sca, issuer location: Ireland, acquirer location: Rest of the World, POS location: domestic","Number of card paymentelectronic, sent - SCA: sca, issuer location: Ireland, acquirer location: Rest of the World, POS location: domestic","PN",6]
["PCP.H.MT.W0.G3.CP0.2.2000.R.PCS_ALL._Z.200._Z.N.EUR","H","MT","W0","G3","CP0",2,"2000","R","PCS_ALL","_Z","200","_Z","N","EUR","2023-S2",2456.06809996,"P",false,null,null,"P6M",{"$nulls":4},"S",null,null,3,null,"Total value of card paymentelectronic, received - SCA: non-sca, acquirer location: Malta, POS location: other EEA countries","Total value of card paymentelectronic, received - SCA: non-sca, acquirer location: Malta, POS location: other EEA countries","EUR",6]
["PCP.H.FI.W2.G3.CW1.1._T._T.PCS_ALL.12._X._Z.N.PN","H","FI","W2","G3","CW1",1,"_T","_T","PCS_ALL","12","_X","_Z","N","PN","2023-S1",0,"A",false,null,null,"P6M",{"$nulls":4},"S",null,null,3,null,"Number of cash withdrawal using cards with a delayed debit card, sent - issuer location: Finland, acquirer location: domestic, terminal location: other EEA countries","Number of cash withdrawal using cards with a delayed debit card, sent - issuer location: Finland, acquirer location: domestic, terminal location: other EEA countries","PN",6]
["PCP.A.BE.NO.W0.CP0.2.2223.NR.PCS_ALL._Z._X._Z.N.PN","A","BE","NO","W0","CP0",2,"2223","NR","PCS_ALL","_Z","_X","_Z","N","PN","2022",1.282347,"A",false,null,null,"P1Y",{"$nulls":4},"S",null,null,3,null,"Number of card payment, initiated at eftpos, received - SCA: , acquirer location: Belgium, issuer location: Norway, POS location: world","Number of card payment, initiated at eftpos, received - SCA: , acquirer location: Belgium, issuer location: Norway, POS location: world","PN",6]
["PCP.H.HU.W0.W0.CP0.2.2000.R.PCS_ALL.12._X._Z.N.XDF_R_PNT","H","HU","W0","W0","CP0",2,"2000","R","PCS_ALL","12","_X","_Z","N","XDF_R_PNT","2022-S2",23617.1212296648,"A",false,null,null,"P6M",{"$nulls":4},"S",null,null,2,null,"Total value; ratio to number of transactions of card payment,with a delayed debit card, received - acquirer location: Hungary, POS location: world","Total value; ratio to number of transactions of card payment,with a delayed debit card, received - acquirer location: Hungary, POS location: world","XDF_R_PNT",0]
["PCP.H.PL.W1.W1.CP0.1.2000.R.PCS_ALL._Z._X._Z.N.PN","H","PL","W1","W1","CP0",1,"2000","R","PCS_ALL","_Z","_X","_Z","N","PN","2023-S1",180.509366,"A",false,null,null,"P6M",{"$nulls":4},"S",null,null,3,null,"Number of card paymentelectronic, sent - SCA: , issuer location: Poland, acquirer location: Rest of the World, POS location: Rest of the World","Number of card paymentelectronic, sent - SCA: , issuer location: Poland, acquirer location: Rest of the World, POS location: Rest of the World","PN",6]
["PCP.H.HU.W2.W2.CP0.2.2000.NR.PCS_ALL._Z.206._Z.N.XDF","H","HU","W2","W2","CP0",2,"2000","NR","PCS_ALL","_Z","206","_Z","N","XDF","2022-S1",86.218057,"A",false,null,null,"P6M",{"$nulls":4},"S",null,null,3,null,"Value of card paymentelectronic, received - SCA: non-sca: unattended terminals, acquirer location: Hungary, issuer location: domestic, POS location: domestic","Value of card paymentelectronic, received - SCA: non-sca: unattended terminals, acquirer location: Hungary, issuer location: domestic, POS location: domestic","XDF",6]
["PCP.H.CZ.W0.W0.CP0.1.2000.R.PCS_ALL.11._X._Z.N.EUR_R_B1GQ","H","CZ","W0","W0","CP0",1,"2000","R","PCS_ALL","11","_X","_Z","N","EUR_R_B1GQ","2023-S2",5.756456561898405,"P",false,null,null,"P6M",{"$nulls":4},"S",null,null,2,null,"Total value; ratio to gdp of card payment with a debit card, sent - issuer location: Czech Republic, POS location: world","Total value; ratio to gdp of card payment with a debit card, sent - issuer location: Czech Republic, POS location: world","EUR_R_B1GQ",0]
["PCP.H.PT.W1.W1.CP0.2.2000.NR.PCS_ALL.11._X._Z.N.PN","H","PT","W1","W1","CP0",2,"2000","NR","PCS_ALL","11","_X","_Z","N","PN","2022-S2",0,"A",false,null,null,"P6M",{"$nulls":4},"S",null,null,3,null,"Number of card payment,with a debit card, received - acquirer location: Portugal, issuer location: Rest of the World, POS location: Rest of the World","Number of card payment,with a debit card, received - acquirer location: Portugal, issuer location: Rest of the World, POS location: Rest of the World","PN",6]
["PCP.A.PL.DE.W0.CP0.1.2223.NR.PCS_ALL._Z._X._Z.N.EUR","A","PL","DE","W0","CP0",1,"2223","NR","PCS_ALL","_Z","_X","_Z","N","EUR","2023",971.4415002668172,"A",false,null,null,"P1Y",{"$nulls":4},"S",null,null,3,null,"Value of card payment, initiated at eftpos, sent - SCA: , issuer location: Poland, acquirer location: Germany, POS location: world","Value of card payment, initiated at eftpos, sent - SCA: , issuer location: Poland, acquirer location: Germany, POS location: world","EUR",6]
["PCP.H.IT.W1.W0.CP0.1.2000.R.PCS_ALL._Z.205._Z.N.EUR","H","IT","W1","W0","CP0",1,"2000","R","PCS_ALL","_Z","205","_Z","N","EUR","2023-S1",227.929276,"A",false,null,null,"P6M",{"$nulls":4},"S",null,null,3,null,"Value of card paymentelectronic, sent - SCA: non-sca: recurring transaction, issuer location: Italy, acquirer location: Rest of the World, POS location: world","Value of card paymentelectronic, sent - SCA: non-sca: recurring transaction, issuer location: Italy, acquirer location: Rest of the World, POS location: world","EUR",6]
["PCP.H.EE.G1.G1.CP0.2.1000.NR.PCS_ALL._Z._X._Z.N.PN","H","EE","G1","G1","CP0",2,"1000","NR","PCS_ALL","_Z","_X","_Z","N","PN","2023-S2",0,"P",false,null,null,"P6M",{"$nulls":4},"S",null,null,3,null,"Number of card paymentnon-electronic, received - SCA: , acquirer location: Estonia, issuer location: outside EEA, POS location: outside EEA","Number of card paymentnon-electronic, received - SCA: , acquirer location: Estonia, issuer location: outside EEA, POS location: outside EEA","PN",6]
["PCP.H.HU.W0.W0.CP0.1.2000.R.PCS_ALL.12._X._Z.N.XDF_R_CP0","H","HU","W0","W0","CP0",1,"2000","R","PCS_ALL","12","_X","_Z","N","XDF_R_CP0","2022-S1",0.08328953653597351,"A",false,null,null,"P6M",{"$nulls":4},"S",null,null,2,null,"Total value; ratio to total card payments of card payment with a delayed debit card, sent - issuer location: Hungary, POS location: world","Total value; ratio to total card payments of card payment with a delayed debit card, sent - issuer location: Hungary, POS location: world","XDF_R_CP0",0]
["PCP.A.EE.GR.W0.CP0.1._T._T.PCS_ALL._Z._X._Z.N.EUR","A","EE","GR","W0","CP0",1,"_T","_T","PCS_ALL","_Z","_X","_Z","N","EUR","2022",14.71993289,"A",false,null,null,"P1Y",{"$nulls":4},"S",null,null,3,null,"Value of card paymentall, sent - SCA: , issuer location: Estonia, acquirer location: Greece, POS location: world","Value of card paymentall, sent - SCA: , issuer location: Estonia, acquirer location: Greece, POS location: world","EUR",6]
["PCP.H.NL.W2.W2.CP0.2.2229.NR.PCS_ALL._Z._X._Z.N.PN","H","NL","W2","W2","CP0",2,"2229","NR","PCS_ALL","_Z","_X","_Z","N","PN","2023-S2",null,"Q",false,null,null,"P6M",{"$nulls":4},"S",null,null,3,null,"Number of card payment, initiated at other electronic channel, received - SCA: , acquirer location: Netherlands, issuer location: domestic, POS location: domestic","Number of card payment, initiated at other electronic channel, received - SCA: , acquirer location: Netherlands, issuer location: domestic, POS location: domestic","PN",6]
["PCP.H.EE.W0.W0.CP11.1.2223.NR.PCS_ALL._Z._X._Z.N.EUR","H","EE","W0","W0","CP11",1,"2223","NR","PCS_ALL","_Z","_X","_Z","N","EUR","2023-S2",2133.17669991,"P",false,null,null,"P6M",{"$nulls":4},"S",null,null,3,null,"Total value of card payments (nfc), initiated at eftpos, sent - SCA: , issuer location: Estonia, terminal location: world","Total value of card payments (nfc), initiated at eftpos, sent - SCA: , issuer location: Estonia, terminal location: world","EUR",6]
["PCP.A.BE.GR.W0.CP0.1._T._T.PCS_ALL._Z._X._Z.N.EUR","A","BE","GR","W0","CP0",1,"_T","_T","PCS_ALL","_Z","_X","_Z","N","EUR","2019",169.848,"A",false,null,null,"P1Y",{"$nulls":4},"S",null,null,3,null,"Value of card paymentall, sent - SCA: , issuer location: Belgium, acquirer location: Greece, POS location: world","Value of card paymentall, sent - SCA: , issuer location: Belgium, acquirer location: Greece, POS location: world","EUR",6]
["PCP.H.CY.G1.W2.CP0.1.2230.R.PCS_ALL._Z._X._Z.N.PN","H","CY","G1","W2","CP0",1,"2230","R","PCS_ALL","_Z","_X","_Z","N","PN","2023-S2",null,"Q",false,null,null,"P6M",{"$nulls":4},"S",null,null,3,null,"Number of card payment, initiated via mobile payment solution (electronic), sent - SCA: , issuer location: Cyprus, acquirer location: outside EEA, POS location: domestic","Number of card payment, initiated via mobile payment solution (electronic), sent - SCA: , issuer location: Cyprus, acquirer location: outside EEA, POS location: domestic","PN",6]
["PCP.A.CY.W0.W0.CP0.1._T._T.PCS_ALL._Z._X._Z.N.EUR","A","CY","W0","W0","CP0",1,"_T","_T","PCS_ALL","_Z","_X","_Z","N","EUR","2002",1031.442987269881,"A",false,null,null,"P1Y",{"$nulls":4},"S",null,null,3,"unspecified","Total value of card paymentall, sent - SCA: , issuer location: Cyprus, POS location: world","Total value of card paymentall, sent - SCA: , issuer location: Cyprus, POS location: world","EUR",6]
["PCP.H.HR.G3.W2.CW1.1._T._T.PCS_ALL._Z._X._Z.N.EUR","H","HR","G3","W2","CW1",1,"_T","_T","PCS_ALL","_Z","_X","_Z","N","EUR","2023-S2",5E-05,"P",false,null,null,"P6M",{"$nulls":4},"S",null,null,3,null,"Value of cash withdrawal using cardsall, sent - SCA: , issuer location: Croatia, acquirer location: other EEA countries, terminal location: domestic","Value of cash withdrawal using cardsall, sent - SCA: , issuer location: Croatia, acquirer location: other EEA countries, terminal location: domestic","EUR",6]
["PCP.H.LT.G1.G1.CP0.2.2000.NR.PCS_ALL._Z.200._Z.N.PN","H","LT","G1","G1","CP0",2,"2000","NR","PCS_ALL","_Z","200","_Z","N","PN","2023-S1",3.34513,"A",false,null,null,"P6M",{"$nulls":4},"S",null,null,3,null,"Number of card paymentelectronic, received - SCA: non-sca, acquirer location: Lithuania, issuer location: outside EEA, POS location: outside EEA","Number of card paymentelectronic, received - SCA: non-sca, acquirer location: Lithuania, issuer location: outside EEA, POS location: outside EEA","PN",6]
["PCP.H.DE.W2.W1.CP0.1.2000.NR.PCS_ALL.13._X._Z.N.EUR","H","DE","W2","W1","CP0",1,"2000","NR","PCS_ALL","13","_X","_Z","N","EUR","2022-S2",61.02705868,"A",false,null,null,"P6M",{"$nulls":4},"S",null,null,3,null,"Value of card payment with a credit card, sent - issuer location: Germany, acquirer location: domestic, POS location: Rest of the World","Value of card payment with a credit card, sent - issuer location: Germany, acquirer location: domestic, POS location: Rest of the World","EUR",6]
["PCP.A.BG.W0.W0.CP0.1._T._T.PCS_ALL._Z._X._Z.N.PN_R_TT","A","BG","W0","W0","CP0",1,"_T","_T","PCS_ALL","_Z","_X","_Z","N","PN_R_TT","2008",18.18507428473187,"A",false,null,null,"P1Y",{"$nulls":4},"S",null,null,2,null,"Total number; ratio to total number payment transactions of card paymentall, sent - SCA: , issuer location: Bulgaria, POS location: world","Total number; ratio to total number payment transactions of card paymentall, sent - SCA: , issuer location: Bulgaria, POS location: world","PN_R_TT",0]
["PCP.H.LT.W0.G3.CP0.2.2000.R.PCS_ALL._Z.200._Z.N.EUR","H","LT","W0","G3","CP0",2,"2000","R","PCS_ALL","_Z","200","_Z","N","EUR","2023-S1",361.0169205399999,"A",false,null,null,"P6M",{"$nulls":4},"S",null,null,3,null,"Total value of card paymentelectronic, received - SCA: non-sca, acquirer location: Lithuania, POS location: other EEA countries","Total value of card paymentelectronic, received - SCA: non-sca, acquirer location: Lithuania, POS location: other EEA countries","EUR",6]
["PCP.H.EE.G1.G3.CP0.2.2000._T.PCS_ALL._Z._X._Z.N.EUR","H","EE","G1","G3","CP0",2,"2000","_T","PCS_ALL","_Z","_X","_Z","N","EUR","2022-S1",1.88607594,"A",false,null,null,"P6M",{"$nulls":4},"S",null,null,3,null,"Value of card paymentelectronic, received - SCA: , acquirer location: Estonia, issuer location: outside EEA, POS location: other EEA countries","Value of card paymentelectronic, received - SCA: , acquirer location: Estonia, issuer location: outside EEA, POS location: other EEA countries","EUR",6]
["PCP.H.ES.G3.G1.CP0.2.2229.NR.PCS_ALL._Z._X._Z.N.PN","H","ES","G3","G1","CP0",2,"2229","NR","PCS_ALL","_Z","_X","_Z","N","PN","2022-S2",0.000221,"A",false,null,null,"P6M",{"$nulls":4},"S",null,null,3,null,"Number of card payment, initiated at other electronic channel, received - SCA: , acquirer location: Spain, issuer location: other EEA countries, POS location: outside EEA","Number of card payment, initiated at other electronic channel, received - SCA: , acquirer location: Spain, issuer location: other EEA countries, POS location: outside EEA","PN",6]
["PCP.A.HR.GR.W0.CP0.1._T._T.PCS_ALL._Z._X._Z.N.EUR","A","HR","GR","W0","CP0",1,"_T","_T","PCS_ALL","_Z","_X","_Z","N","EUR","2017",10.27815108804311,"A",false,null,null,"P1Y",{"$nulls":4},"S",null,null,3,null,"Value of card paymentall, sent - SCA: , issuer location: Croatia, acquirer location: Greece, POS location: world","Value of card paymentall, sent - SCA: , issuer location: Croatia, acquirer location: Greece, POS location: world","EUR",6]
["PCP.H.PL.G1.W1.CP0.2.2000.R.PCS_ALL._Z.208._Z.N.PN","H","PL","G1","W1","CP0",2,"2000","R","PCS_ALL","_Z","208","_Z","N","PN","2023-S1",0.0913,"A",false,null,null,"P6M",{"$nulls":4},"S",null,null,3,null,"Number of card paymentelectronic, received - SCA: non-sca: transaction risk analysis, acquirer location: Poland, issuer location: outside EEA, POS location: Rest of the World","Number of card paymentelectronic, received - SCA: non-sca: transaction risk analysis, acquirer location: Poland, issuer location: outside EEA, POS location: Rest of the World","PN",6]
["PCP.H.PT.W2.W1.CP0.1.2000.R.PCS_ALL._Z.205._Z.N.EUR","H","PT","W2","W1","CP0",1,"2000","R","PCS_ALL","_Z","205","_Z","N","EUR","2022-S1",0,"A",false,null,null,"P6M",{"$nulls":4},"S",null,null,3,null,"Value of card paymentelectronic, sent - SCA: non-sca: recurring transaction, issuer location: Portugal, acquirer location: domestic, POS location: Rest of the World","Value of card paymentelectronic, sent - SCA: non-sca: recurring transaction, issuer location: Portugal, acquirer location: domestic, POS location: Rest of the World","EUR",6]
["PCP.H.IE.W0.G1.CP0.1.2000.R.PCS_ALL._Z.207._Z.N.EUR","H","IE","W0","G1","CP0",1,"2000","R","PCS_ALL","_Z","207","_Z","N","EUR","2022-S1",1064.10347734,"A",false,null,null,"P6M",{"$nulls":4},"S",null,null,3,null,"Total value of card paymentelectronic, sent - SCA: non-sca: secure corporate payment, issuer location: Ireland, POS location: outside EEA","Total value of card paymentelectronic, sent - SCA: non-sca: secure corporate payment, issuer location: Ireland, POS location: outside EEA","EUR",6]
["PCP.H.CZ.W0.G3.CP0.2.1000._T.PCS_ALL._Z._X._Z.N.PN","H","CZ","W0","G3","CP0",2,"1000","_T","PCS_ALL","_Z","_X","_Z","N","PN","2022-S2",0.011158,"A",false,null,null,"P6M",{"$nulls":4},"S",null,null,3,null,"Total number of card paymentnon-electronic, received - SCA: , acquirer location: Czech Republic, POS location: other EEA countries","Total number of card paymentnon-electronic, received - SCA: , acquirer location: Czech Republic, POS location: other EEA countries","PN",6]
["PCP.H.PT.W2.G1.CP0.1.2000.R.PCS_ALL._Z.210._Z.N.PN","H","PT","W2","G1","CP0",1,"2000","R","PCS_ALL","_Z","210","_Z","N","PN","2022-S1",0.456853,"A",false,null,null,"P6M",{"$nulls":4},"S",null,null,3,null,"Number of card paymentelectronic, sent - SCA: non-sca: others, issuer location: Portugal, acquirer location: domestic, POS location: outside EEA","Number of card paymentelectronic, sent - SCA: non-sca: others, issuer location: Portugal, acquirer location: domestic, POS location: outside EEA","PN",6]
["PCP.H.FR.W2.W1.CW1.1._T._T.PCS_ALL._Z._X._Z.N.EUR","H","FR","W2","W1","CW1",1,"_T","_T","PCS_ALL","_Z","_X","_Z","N","EUR","2022-S1",30.6353993,"A",false,null,null,"P6M",{"$nulls":4},"S",null,null,3,null,"Value of cash withdrawal using cardsall, sent - SCA: , issuer location: France, acquirer location: domestic, terminal location: Rest of the World","Value of cash withdrawal using cardsall, sent - SCA: , issuer location: France, acquirer location: domestic, terminal location: Rest of the World","EUR",6]
["PCP.H.IT.W2.G3.CP0.1.1000._T.PCS_ALL._Z._X._Z.N.EUR","H","IT","W2","G3","CP0",1,"1000","_T","PCS_ALL","_Z","_X","_Z","N","EUR","2022-S2",29.361223,"A",false,null,null,"P6M",{"$nulls":4},"S",null,null,3,null,"Value of card paymentnon-electronic, sent - SCA: , issuer location: Italy, acquirer location: domestic, POS location: other EEA countries","Value of card paymentnon-electronic, sent - SCA: , issuer location: Italy, acquirer location: domestic, POS location: other EEA countries","EUR",6]
["PCP.H.CY.G3.W1.CP0.1.2000.R.PCS_ALL._Z.207._Z.N.EUR","H","CY","G3","W1","CP0",1,"2000","R","PCS_ALL","_Z","207","_Z","N","EUR","2023-S2",0.001695,"P",false,null,null,"P6M",{"$nulls":4},"S",null,null,3,null,"Value of card paymentelectronic, sent - SCA: non-sca: secure corporate payment, issuer location: Cyprus, acquirer location: other EEA countries, POS location: Rest of the World","Value of card paymentelectronic, sent - SCA: non-sca: secure corporate payment, issuer location: Cyprus, acquirer location: other EEA countries, POS location: Rest of the World","EUR",6]
["PCP.H.SI.W2.W2.CP0.2.2000.NR.PCS_ALL._Z.210._Z.N.PN","H","SI","W2","W2","CP0",2,"2000","NR","PCS_ALL","_Z","210","_Z","N","PN","2022-S2",4.780312,"A",false,null,null,"P6M",{"$nulls":4},"S",null,null,3,null,"Number of card paymentelectronic, received - SCA: non-sca: others, acquirer location: Slovenia, issuer location: domestic, POS location: domestic","Number of card paymentelectronic, received - SCA: non-sca: others, acquirer location: Slovenia, issuer location: domestic, POS location: domestic","PN",6]
["PCP.A.HU.PL.W0.CP0.2._T._T.PCS_ALL._Z._X._Z.N.EUR","A","HU","PL","W0","CP0",2,"_T","_T","PCS_ALL","_Z","_X","_Z","N","EUR","2023",111.1326231042995,"A",false,null,null,"P1Y",{"$nulls":4},"S",null,null,3,null,"Value of card paymentall, received - SCA: , acquirer location: Hungary, issuer location: Poland, POS location: world","Value of card paymentall, received - SCA: , acquirer location: Hungary, issuer location: Poland, POS location: world","EUR",6]
["PCP.H.LV.W0.G3.CP0.2.2000.NR.PCS_ALL._Z.100._Z.N.EUR","H","LV","W0","G3","CP0",2,"2000","NR","PCS_ALL","_Z","100","_Z","N","EUR","2022-S2",177.86064796,"A",false,null,null,"P6M",{"$nulls":4},"S",null,null,3,null,"Total value of card paymentelectronic, received - SCA: sca, acquirer location: Latvia, POS location: other EEA countries","Total value of card paymentelectronic, received - SCA: sca, acquirer location: Latvia, POS location: other EEA countries","EUR",6]
["PCP.H.GR.G1.W2.CP0.1.2000.NR.PCS_ALL._Z.100._Z.N.EUR","H","GR","G1","W2","CP0",1,"2000","NR","PCS_ALL","_Z","100","_Z","N","EUR","2022-S2",1.63792013,"A",false,null,null,"P6M",{"$nulls":4},"S",null,null,3,null,"Value of card paymentelectronic, sent - SCA: sca, issuer location: Greece, acquirer location: outside EEA, POS location: domestic","Value of card paymentelectronic, sent - SCA: sca, issuer location: Greece, acquirer location: outside EEA, POS location: domestic","EUR",6]
["PCP.A.HR.PT.W0.CP0.1._T._T.PCS_ALL._Z._X._Z.N.XDF","A","HR","PT","W0","CP0",1,"_T","_T","PCS_ALL","_Z","_X","_Z","N","XDF","2015",22.646,"A",false,null,null,"P1Y",{"$nulls":4},"S",null,null,3,null,"Value of card paymentall, sent - SCA: , issuer location: Croatia, acquirer location: Portugal, POS location: world","Value of card paymentall, sent - SCA: , issuer location: Croatia, acquirer location: Portugal, POS location: world","XDF",6]
["PCP.H.HU.W0.W2.CP0.1.2000.R.PCS_ALL._Z.204._Z.N.PN","H","HU","W0","W2","CP0",1,"2000","R","PCS_ALL","_Z","204","_Z","N","PN","2022-S1",0.000352,"A",false,null,null,"P6M",{"$nulls":4},"S",null,null,3,null,"Total number of card paymentelectronic, sent - SCA: non-sca: trusted beneficiaries, issuer location: Hungary, POS location: domestic","Total number of card paymentelectronic, sent - SCA: non-sca: trusted beneficiaries, issuer location: Hungary, POS location: domestic","PN",6]
["PCP.H.RO.W1.G1.CP0.2.2000.R.PCS_ALL._Z.205._Z.N.XDF","H","RO","W1","G1","CP0",2,"2000","R","PCS_ALL","_Z","205","_Z","N","XDF","2022-S2",0,"A",false,null,null,"P6M",{"$nulls":4},"S",null,null,3,null,"Value of card paymentelectronic, received - SCA: non-sca: recurring transaction, acquirer location: Romania, issuer location: Rest of the World, POS location: outside EEA","Value of card paymentelectronic, received - SCA: non-sca: recurring transaction, acquirer location: Romania, issuer location: Rest of the World, POS location: outside EEA","XDF",6]
["PCP.H.FR.W0.W0.CP0.2.2000.R.PCS_ALL.11._X._Z.N.EUR_R_CP0","H","FR","W0","W0","CP0",2,"2000","R","PCS_ALL","11","_X","_Z","N","EUR_R_CP0","2022-S2",6.677804405510635,"A",false,null,null,"P6M",{"$nulls":4},"S",null,null,2,null,"Total value; ratio to total card payments of card payment,with a debit card, received - acquirer location: France, POS location: world","Total value; ratio to total card payments of card payment,with a debit card, received - acquirer location: France, POS location: world","EUR_R_CP0",0]
["PCP.H.CY.G1.W2.CP0.1.1000.R.PCS_ALL._Z._X._Z.N.EUR","H","CY","G1","W2","CP0",1,"1000","R","PCS_ALL","_Z","_X","_Z","N","EUR","2022-S2",null,"Q",false,null,null,"P6M",{"$nulls":4},"S",null,null,3,null,"Value of card paymentnon-electronic, sent - SCA: , issuer location: Cyprus, acquirer location: outside EEA, POS location: domestic","Value of card paymentnon-electronic, sent - SCA: , issuer location: Cyprus, acquirer location: outside EEA, POS location: domestic","EUR",6]
["PCP.H.DE.G1.G3.CP0.1.2000._T.PCS_ALL._Z._X._Z.N.PN","H","DE","G1","G3","CP0",1,"2000","_T","PCS_ALL","_Z","_X","_Z","N","PN","2023-S1",71.72589499999997,"A",false,null,null,"P6M",{"$nulls":4},"S",null,null,3,null,"Number of card paymentelectronic, sent - SCA: , issuer location: Germany, acquirer location: outside EEA, POS location: other EEA countries","Number of card paymentelectronic, sent - SCA: , issuer location: Germany, acquirer location: outside EEA, POS location: other EEA countries","PN",6]
["PCP.H.RO.W1.G3.CP0.2.1000._T.PCS_ALL._Z._X._Z.N.PN","H","RO","W1","G3","CP0",2,"1000","_T","PCS_ALL","_Z","_X","_Z","N","PN","2023-S1",0,"A",false,null,null,"P6M",{"$nulls":4},"S",null,null,3,null,"Number of card paymentnon-electronic, received - SCA: , acquirer location: Romania, issuer location: Rest of the World, POS location: other EEA countries","Number of card paymentnon-electronic, received - SCA: , acquirer location: Romania, issuer location: Rest of the World, POS location: other EEA countries","PN",6]
["PCP.H.IT.W2.W2.CP0.2.1000.R.PCS_ALL._Z._X._Z.N.PN","H","IT","W2","W2","CP0",2,"1000","R","PCS_ALL","_Z","_X","_Z","N","PN","2022-S2",10.853499,"A",false,null,null,"P6M",{"$nulls":4},"S",null,null,3,null,"Number of card paymentnon-electronic, received - SCA: , acquirer location: Italy, issuer location: domestic, POS location: domestic","Number of card paymentnon-electronic, received - SCA: , acquirer location: Italy, issuer location: domestic, POS location: domestic","PN",6]
["PCP.A.PT.W0.W0.CP0.1.2000.NR.PCS_ALL.13._X._Z.N.EUR_R_B1GQ","A","PT","W0","W0","CP0",1,"2000","NR","PCS_ALL","13","_X","_Z","N","EUR_R_B1GQ","2022",null,"M",false,null,null,"P1Y",{"$nulls":4},"S",null,null,2,null,"Total value; ratio to gdp of card payment with a credit card, sent - issuer location: Portugal, POS location: world","Total value; ratio to gdp of card payment with a credit card, sent - issuer location: Portugal, POS location: world","EUR_R_B1GQ",0]
["PCP.H.ES.W0.W0.CP0.1.2223.NR.PCS_ALL._Z._X._Z.G1.EUR","H","ES","W0","W0","CP0",1,"2223","NR","PCS_ALL","_Z","_X","_Z","G1","EUR","2023-S2",6.666897974508942,"P",false,null,null,"P6M",{"$nulls":4},"S",null,null,2,null,"Annual growth rate of the total value of card payment, initiated at eftpos, sent - SCA: , issuer location: Spain, POS location: world","Annual growth rate of the total value of card payment, initiated at eftpos, sent - SCA: , issuer location: Spain, POS location: world","EUR",0]
["PCP.A.CZ.BE.W0.CP0.1._T._T.PCS_ALL._Z._X._Z.N.EUR","A","CZ","BE","W0","CP0",1,"_T","_T","PCS_ALL","_Z","_X","_Z","N","EUR","2017",22.76745083288955,"A",false,null,null,"P1Y",{"$nulls":4},"S",null,null,3,null,"Value of card paymentall, sent - SCA: , issuer location: Czech Republic, acquirer location: Belgium, POS location: world","Value of card paymentall, sent - SCA: , issuer location: Czech Republic, acquirer location: Belgium, POS location: world","EUR",6]
["PCP.H.IT.G3.W2.CP0.1.2000.R.PCS_ALL._Z.208._Z.N.PN","H","IT","G3","W2","CP0",1,"2000","R","PCS_ALL","_Z","208","_Z","N","PN","2023-S1",7.324795,"A",false,null,null,"P6M",{"$nulls":4},"S",null,null,3,null,"Number of card paymentelectronic, sent - SCA: non-sca: transaction risk analysis, issuer location: Italy, acquirer location: other EEA countries, POS location: domestic","Number of card paymentelectronic, sent - SCA: non-sca: transaction risk analysis, issuer location: Italy, acquirer location: other EEA countries, POS location: domestic","PN",6]
["PCP.H.EE.W2.W2.CP0.2.2000.NR.PCS_ALL.11._X._Z.N.PN","H","EE","W2","W2","CP0",2,"2000","NR","PCS_ALL","11","_X","_Z","N","PN","2022-S1",124.887017,"A",false,null,null,"P6M",{"$nulls":4},"S",null,null,3,null,"Number of card payment,with a debit card, received - acquirer location: Estonia, issuer location: domestic, POS location: domestic","Number of card payment,with a debit card, received - acquirer location: Estonia, issuer location: domestic, POS location: domestic","PN",6]
["PCP.H.FR.W0.W0.CP0.2.1000._T.PCS_ALL._Z._X._Z.N.PN","H","FR","W0","W0","CP0",2,"1000","_T","PCS_ALL","_Z","_X","_Z","N","PN","2022-S2",8699.291851999998,"A",false,null,null,"P6M",{"$nulls":4},"S",null,null,3,null,"Total number of card paymentnon-electronic, received - SCA: , acquirer location: France, POS location: world","Total number of card paymentnon-electronic, received - SCA: , acquirer location: France, POS location: world","PN",6]
["PCP.A.NL.DK.W0.CP0.2.2223.NR.PCS_ALL._Z._X._Z.N.EUR","A","NL","DK","W0","CP0",2,"2223","NR","PCS_ALL","_Z","_X","_Z","N","EUR","2022",2420.44042166,"A",false,null,null,"P1Y",{"$nulls":4},"S",null,null,3,null,"Value of card payment, initiated at eftpos, received - SCA: , acquirer location: Netherlands, issuer location: Denmark, POS location: world","Value of card payment, initiated at eftpos, received - SCA: , acquirer location: Netherlands, issuer location: Denmark, POS location: world","EUR",6]
["PCP.H.SI.W0.G3.CP0.2.2000.NR.PCS_ALL._Z.202._Z.N.EUR","H","SI","W0","G3","CP0",2,"2000","NR","PCS_ALL","_Z","202","_Z","N","EUR","2023-S2",0,"P",false,null,null,"P6M",{"$nulls":4},"S",null,null,3,null,"Total value of card paymentelectronic, received - SCA: non-sca: contactless low value, acquirer location: Slovenia, POS location: other EEA countries","Total value of card paymentelectronic, received - SCA: non-sca: contactless low value, acquirer location: Slovenia, POS location: other EEA countries","EUR",6]
["PCP.H.FR.W0.W0.CP0.2.1000._T.PCS_ALL._Z._X._Z.N.EUR","H","FR","W0","W0","CP0",2,"1000","_T","PCS_ALL","_Z","_X","_Z","N","EUR","2023-S1",347339.57452312,"A",false,null,null,"P6M",{"$nulls":4},"S",null,null,3,null,"Total value of card paymentnon-electronic, received - SCA: , acquirer location: France, POS location: world","Total value of card paymentnon-electronic, received - SCA: , acquirer location: France, POS location: world","EUR",6]
["PCP.H.IT.W2.G3.CP0.2.2000.R.PCS_ALL.11._X._Z.N.EUR","H","IT","W2","G3","CP0",2,"2000","R","PCS_ALL","11","_X","_Z","N","EUR","2022-S2",0.7171090000000001,"A",false,null,null,"P6M",{"$nulls":4},"S",null,null,3,null,"Value of card payment,with a debit card, received - acquirer location: Italy, issuer location: domestic, POS location: other EEA countries","Value of card payment,with a debit card, received - acquirer location: Italy, issuer location: domestic, POS location: other EEA countries","EUR",6]
["PCP.H.BG.W2.W2.CP0.1.2000.NR.PCS_ALL._Z.200._Z.N.XDF","H","BG","W2","W2","CP0",1,"2000","NR","PCS_ALL","_Z","200","_Z","N","XDF","2023-S2",3417.56473383,"P",false,null,null,"P6M",{"$nulls":4},"S",null,null,3,null,"Value of card paymentelectronic, sent - SCA: non-sca, issuer location: Bulgaria, acquirer location: domestic, POS location: domestic","Value of card paymentelectronic, sent - SCA: non-sca, issuer location: Bulgaria, acquirer location: domestic, POS location: domestic","XDF",6]
["PCP.H.NL.W1.W0.CP0.1.2000.NR.PCS_ALL._Z.210._Z.N.PN","H","NL","W1","W0","CP0",1,"2000","NR","PCS_ALL","_Z","210","_Z","N","PN","2023-S1",34.781583,"A",false,null,null,"P6M",{"$nulls":4},"S",null,null,3,null,"Number of card paymentelectronic, sent - SCA: non-sca: others, issuer location: Netherlands, acquirer location: Rest of the World, POS location: world","Number of card paymentelectronic, sent - SCA: non-sca: others, issuer location: Netherlands, acquirer location: Rest of the World, POS location: world","PN",6]
["PCP.A.DK.AT.W0.CP0.1._T._T.PCS_ALL._Z._X._Z.N.XDF","A","DK","AT","W0","CP0",1,"_T","_T","PCS_ALL","_Z","_X","_Z","N","XDF","2017",null,"M",false,null,null,"P1Y",{"$nulls":4},"S",null,null,3,null,"Value of card paymentall, sent - SCA: , issuer location: Denmark, acquirer location: Austria, POS location: world","Value of card paymentall, sent - SCA: , issuer location: Denmark, acquirer location: Austria, POS location: world","XDF",6]
["PCP.H.IT.W1.W0.CP0.2.2223.NR.PCS_ALL._Z._X._Z.N.PN","H","IT","W1","W0","CP0",2,"2223","NR","PCS_ALL","_Z","_X","_Z","N","PN","2023-S2",356.902583,"P",false,null,null,"P6M",{"$nulls":4},"S",null,null,3,null,"Number of card payment, initiated at eftpos, received - SCA: , acquirer location: Italy, issuer location: Rest of the World, POS location: world","Number of card payment, initiated at eftpos, received - SCA: , acquirer location: Italy, issuer location: Rest of the World, POS location: world","PN",6]
["PCP.A.SK.MT.W0.CP0.1._T._T.PCS_ALL._Z._X._Z.N.PN","A","SK","MT","W0","CP0",1,"_T","_T","PCS_ALL","_Z","_X","_Z","N","PN","2021",0.569,"A",false,null,null,"P1Y",{"$nulls":4},"S",null,null,3,null,"Number of card paymentall, sent - SCA: , issuer location: Slovakia, acquirer location: Malta, POS location: world","Number of card paymentall, sent - SCA: , issuer location: Slovakia, acquirer location: Malta, POS location: world","PN",6]
["PCP.H.SK.W2.G3.CP0.2.2000.NR.PCS_ALL._Z.202._Z.N.EUR","H","SK","W2","G3","CP0",2,"2000","NR","PCS_ALL","_Z","202","_Z","N","EUR","2022-S2",0.240013,"A",false,null,null,"P6M",{"$nulls":4},"S",null,null,3,null,"Value of card paymentelectronic, received - SCA: non-sca: contactless low value, acquirer location: Slovakia, issuer location: domestic, POS location: other EEA countries","Value of card paymentelectronic, received - SCA: non-sca: contactless low value, acquirer location: Slovakia, issuer location: domestic, POS location: other EEA countries","EUR",6]
["PCP.H.IE.G1.G3.CP0.2._T._T.PCS_ALL._Z._X._Z.N.EUR","H","IE","G1","G3","CP0",2,"_T","_T","PCS_ALL","_Z","_X","_Z","N","EUR","2023-S1",17228.16028463,"A",false,null,null,"P6M",{"$nulls":4},"S",null,null,3,null,"Value of card paymentall, received - SCA: , acquirer location: Ireland, issuer location: outside EEA, POS location: other EEA countries","Value of card paymentall, received - SCA: , acquirer location: Ireland, issuer location: outside EEA, POS location: other EEA countries","EUR",6]
["PCP.H.PL.W0.G3.CP0.1.2229.R.PCS_ALL._Z._X._Z.N.PN","H","PL","W0","G3","CP0",1,"2229","R","PCS_ALL","_Z","_X","_Z","N","PN","2023-S2",104.808182,"P",false,null,null,"P6M",{"$nulls":4},"S",null,null,3,null,"Total number of card payment, initiated at other electronic channel, sent - SCA: , issuer location: Poland, POS location: other EEA countries","Total number of card payment, initiated at other electronic channel, sent - SCA: , issuer location: Poland, POS location: other EEA countries","PN",6]
["PCP.H.EE.W2.W2.CP0.2.2000.R.PCS_ALL.12._X._Z.N.PN","H","EE","W2","W2","CP0",2,"2000","R","PCS_ALL","12","_X","_Z","N","PN","2023-S1",0.001111,"A",false,null,null,"P6M",{"$nulls":4},"S",null,null,3,null,"Number of card payment,with a delayed debit card, received - acquirer location: Estonia, issuer location: domestic, POS location: domestic","Number of card payment,with a delayed debit card, received - acquirer location: Estonia, issuer location: domestic, POS location: domestic","PN",6]
["PCP.H.SK.W1.W2.CP0.1.1000._T.PCS_ALL._Z._X._Z.N.PN","H","SK","W1","W2","CP0",1,"1000","_T","PCS_ALL","_Z","_X","_Z","N","PN","2023-S2",0.006652999999999999,"P",false,null,null,"P6M",{"$nulls":4},"S",null,null,3,null,"Number of card paymentnon-electronic, sent - SCA: , issuer location: Slovakia, acquirer location: Rest of the World, POS location: domestic","Number of card paymentnon-electronic, sent - SCA: , issuer location: Slovakia, acquirer location: Rest of the World, POS location: domestic","PN",6]
["PCP.H.BE.W2.W0.CP0.1.2000.R.PCS_ALL._Z.207._Z.N.EUR","H","BE","W2","W0","CP0",1,"2000","R","PCS_ALL","_Z","207","_Z","N","EUR","2022-S1",0.148594,"A",false,null,null,"P6M",{"$nulls":4},"S",null,null,3,null,"Value of card paymentelectronic, sent - SCA: non-sca: secure corporate payment, issuer location: Belgium, acquirer location: domestic, POS location: world","Value of card paymentelectronic, sent - SCA: non-sca: secure corporate payment, issuer location: Belgium, acquirer location: domestic, POS location: world","EUR",6]
["PCP.H.PL.W0.W1.CP0.2.2000.NR.PCS_ALL._Z.100._Z.N.XDF","H","PL","W0","W1","CP0",2,"2000","NR","PCS_ALL","_Z","100","_Z","N","XDF","2023-S2",2661.096119919999,"P",false,null,null,"P6M",{"$nulls":4},"S",null,null,3,null,"Total value of card paymentelectronic, received - SCA: sca, acquirer location: Poland, POS location: Rest of the World","Total value of card paymentelectronic, received - SCA: sca, acquirer location: Poland, POS location: Rest of the World","XDF",6]
["PCP.H.HU.G1.W0.CP0.2.2000.NR.PCS_ALL.13._X._Z.N.XDF","H","HU","G1","W0","CP0",2,"2000","NR","PCS_ALL","13","_X","_Z","N","XDF","2023-S1",70055.501688,"A",false,null,null,"P6M",{"$nulls":4},"S",null,null,3,null,"Value of card payment,with a credit card, received - acquirer location: Hungary, issuer location: outside EEA, POS location: world","Value of card payment,with a credit card, received - acquirer location: Hungary, issuer location: outside EEA, POS location: world","XDF",6]
["PCP.H.CY.W1.W0.CP0.1.2000.NR.PCS_ALL._Z.100._Z.N.EUR","H","CY","W1","W0","CP0",1,"2000","NR","PCS_ALL","_Z","100","_Z","N","EUR","2022-S1",342.6494162499999,"A",false,null,null,"P6M",{"$nulls":4},"S",null,null,3,null,"Value of card paymentelectronic, sent - SCA: sca, issuer location: Cyprus, acquirer location: Rest of the World, POS location: world","Value of card paymentelectronic, sent - SCA: sca, issuer location: Cyprus, acquirer location: Rest of the World, POS location: world","EUR",6]
["PCP.H.PT.G1.G1.CP0.2.2221.NR.PCS_ALL._Z._X._Z.N.PN","H","PT","G1","G1","CP0",2,"2221","NR","PCS_ALL","_Z","_X","_Z","N","PN","2023-S1",0,"A",false,null,null,"P6M",{"$nulls":4},"S",null,null,3,null,"Number of card payment, initiated at atm, received - SCA: , acquirer location: Portugal, issuer location: outside EEA, POS location: outside EEA","Number of card payment, initiated at atm, received - SCA: , acquirer location: Portugal, issuer location: outside EEA, POS location: outside EEA","PN",6]
["PCP.A.NL.SK.W0.CP0.1._T._T.PCS_ALL._Z._X._Z.N.PN","A","NL","SK","W0","CP0",1,"_T","_T","PCS_ALL","_Z","_X","_Z","N","PN","2020",0.321,"A",false,null,null,"P1Y",{"$nulls":4},"S",null,null,3,null,"Number of card paymentall, sent - SCA: , issuer location: Netherlands, acquirer location: Slovakia, POS location: world","Number of card paymentall, sent - SCA: , issuer location: Netherlands, acquirer location: Slovakia, POS location: world","PN",6]
["PCP.H.LU.W0.G1.CP0.1.2221.NR.PCS_ALL._Z._X._Z.N.EUR","H","LU","W0","G1","CP0",1,"2221","NR","PCS_ALL","_Z","_X","_Z","N","EUR","2023-S1",0,"A",false,null,null,"P6M",{"$nulls":4},"S",null,null,3,null,"Total value of card payment, initiated at atm, sent - SCA: , issuer location: Luxembourg, POS location: outside EEA","Total value of card payment, initiated at atm, sent - SCA: , issuer location: Luxembourg, POS location: outside EEA","EUR",6]
["PCP.H.FR.W1.W0.CP0.1.2231.R.PCS_ALL._Z._X._Z.N.PN","H","FR","W1","W0","CP0",1,"2231","R","PCS_ALL","_Z","_X","_Z","N","PN","2022-S1",0.095066,"A",false,null,null,"P6M",{"$nulls":4},"S",null,null,3,null,"Number of card payment, initiated via p2p mobile payment solution (electronic), sent - SCA: , issuer location: France, acquirer location: Rest of the World, POS location: world","Number of card payment, initiated via p2p mobile payment solution (electronic), sent - SCA: , issuer location: France, acquirer location: Rest of the World, POS location: world","PN",6]
["PCP.H.HR.W1.W2.CP0.1.2000.R.PCS_ALL._Z.205._Z.N.EUR","H","HR","W1","W2","CP0",1,"2000","R","PCS_ALL","_Z","205","_Z","N","EUR","2023-S2",0.183627,"P",false,null,null,"P6M",{"$nulls":4},"S",null,null,3,null,"Value of card paymentelectronic, sent - SCA: non-sca: recurring transaction, issuer location: Croatia, acquirer location: Rest of the World, POS location: domestic","Value of card paymentelectronic, sent - SCA: non-sca: recurring transaction, issuer location: Croatia, acquirer location: Rest of the World, POS location: domestic","EUR",6]
["PCP.H.EE.G1.W2.CP0.2.2000.R.PCS_ALL._Z.100._Z.N.EUR","H","EE","G1","W2","CP0",2,"2000","R","PCS_ALL","_Z","100","_Z","N","EUR","2023-S1",3.93451985,"A",false,null,null,"P6M",{"$nulls":4},"S",null,null,3,null,"Value of card paymentelectronic, received - SCA: sca, acquirer location: Estonia, issuer location: outside EEA, POS location: domestic","Value of card paymentelectronic, received - SCA: sca, acquirer location: Estonia, issuer location: outside EEA, POS location: domestic","EUR",6]
["PCP.H.RO.G3.W0.CP0.2.2000.NR.PCS_ALL._Z.200._Z.N.PN","H","RO","G3","W0","CP0",2,"2000","NR","PCS_ALL","_Z","200","_Z","N","PN","2022-S2",2.675099,"A",false,null,null,"P6M",{"$nulls":4},"S",null,null,3,null,"Number of card paymentelectronic, received - SCA: non-sca, acquirer location: Romania, issuer location: other EEA countries, POS location: world","Number of card paymentelectronic, received - SCA: non-sca, acquirer location: Romania, issuer location: other EEA countries, POS location: world","PN",6]
["PCP.H.GR.W1.W2.CP0.1.2231.R.PCS_ALL._Z._X._Z.N.EUR","H","GR","W1","W2","CP0",1,"2231","R","PCS_ALL","_Z","_X","_Z","N","EUR","2022-S1",0,"A",false,null,null,"P6M",{"$nulls":4},"S",null,null,3,null,"Value of card payment, initiated via p2p mobile payment solution (electronic), sent - SCA: , issuer location: Greece, acquirer location: Rest of the World, POS location: domestic","Value of card payment, initiated via p2p mobile payment solution (electronic), sent - SCA: , issuer location: Greece, acquirer location: Rest of the World, POS location: domestic","EUR",6]
["PCP.H.BG.W1.G1.CP0.1.1000.R.PCS_ALL._Z._X._Z.N.PN","H","BG","W1","G1","CP0",1,"1000","R","PCS_ALL","_Z","_X","_Z","N","PN","2023-S2",0.00898,"P",false,null,null,"P6M",{"$nulls":4},"S",null,null,3,null,"Number of card paymentnon-electronic, sent - SCA: , issuer location: Bulgaria, acquirer location: Rest of the World, POS location: outside EEA","Number of card paymentnon-electronic, sent - SCA: , issuer location: Bulgaria, acquirer location: Rest of the World, POS location: outside EEA","PN",6]
["PCP.H.ES.W0.G3.CP0.1.2000.NR.PCS_ALL._Z.206._Z.N.EUR","H","ES","W0","G3","CP0",1,"2000","NR","PCS_ALL","_Z","206","_Z","N","EUR","2023-S1",28.52838693,"A",false,null,null,"P6M",{"$nulls":4},"S",null,null,3,null,"Total value of card paymentelectronic, sent - SCA: non-sca: unattended terminals, issuer location: Spain, POS location: other EEA countries","Total value of card paymentelectronic, sent - SCA: non-sca: unattended terminals, issuer location: Spain, POS location: other EEA countries","EUR",6]
["PCP.H.RO.W2.W1.CP0.2._T._T.PCS_ALL._Z._X._Z.N.XDF","H","RO","W2","W1","CP0",2,"_T","_T","PCS_ALL","_Z","_X","_Z","N","XDF","2022-S2",0.119171,"A",false,null,null,"P6M",{"$nulls":4},"S",null,null,3,null,"Value of card paymentall, received - SCA: , acquirer location: Romania, issuer location: domestic, POS location: Rest of the World","Value of card paymentall, received - SCA: , acquirer location: Romania, issuer location: domestic, POS location: Rest of the World","XDF",6]
["PCP.H.NL.W2.W1.CP0.1.2000.NR.PCS_ALL._Z.205._Z.N.EUR","H","NL","W2","W1","CP0",1,"2000","NR","PCS_ALL","_Z","205","_Z","N","EUR","2023-S2",0.00772,"P",false,null,null,"P6M",{"$nulls":4},"S",null,null,3,null,"Value of card paymentelectronic, sent - SCA: non-sca: recurring transaction, issuer location: Netherlands, acquirer location: domestic, POS location: Rest of the World","Value of card paymentelectronic, sent - SCA: non-sca: recurring transaction, issuer location: Netherlands, acquirer location: domestic, POS location: Rest of the World","EUR",6]
["PCP.A.LV.FI.W0.CP0.1._T._T.PCS_ALL._Z._X._Z.N.EUR","A","LV","FI","W0","CP0",1,"_T","_T","PCS_ALL","_Z","_X","_Z","N","EUR","2021",66.262,"A",false,null,null,"P1Y",{"$nulls":4},"S",null,null,3,null,"Value of card paymentall, sent - SCA: , issuer location: Latvia, acquirer location: Finland, POS location: world","Value of card paymentall, sent - SCA: , issuer location: Latvia, acquirer location: Finland, POS location: world","EUR",6]
["PCP.H.EE.W0.W0.CP0.2.2000.R.PCS_ALL._Z.209._Z.N.EUR","H","EE","W0","W0","CP0",2,"2000","R","PCS_ALL","_Z","209","_Z","N","EUR","2023-S1",70.91865449,"A",false,null,null,"P6M",{"$nulls":4},"S",null,null,3,null,"Total value of card paymentelectronic, received - SCA: non-sca: merchant initiated transaction, acquirer location: Estonia, POS location: world","Total value of card paymentelectronic, received - SCA: non-sca: merchant initiated transaction, acquirer location: Estonia, POS location: world","EUR",6]
["PCP.H.AT.W2.G1.CP0.1.2000.NR.PCS_ALL.11._X._Z.N.PN","H","AT","W2","G1","CP0",1,"2000","NR","PCS_ALL","11","_X","_Z","N","PN","2023-S2",0.011186,"P",false,null,null,"P6M",{"$nulls":4},"S",null,null,3,null,"Number of card payment with a debit card, sent - issuer location: Austria, acquirer location: domestic, POS location: outside EEA","Number of card payment with a debit card, sent - issuer location: Austria, acquirer location: domestic, POS location: outside EEA","PN",6]
["PCP.H.NL.W2.G3.CP0.2.2000.R.PCS_ALL.13._X._Z.N.EUR","H","NL","W2","G3","CP0",2,"2000","R","PCS_ALL","13","_X","_Z","N","EUR","2023-S1",1544.86364446,"A",false,null,null,"P6M",{"$nulls":4},"S",null,null,3,null,"Value of card payment,with a credit card, received - acquirer location: Netherlands, issuer location: domestic, POS location: other EEA countries","Value of card payment,with a credit card, received - acquirer location: Netherlands, issuer location: domestic, POS location: other EEA countries","EUR",6]
["PCP.H.ES.G3.W1.CP0.2.2000.NR.PCS_ALL._Z.100._Z.N.PN","H","ES","G3","W1","CP0",2,"2000","NR","PCS_ALL","_Z","100","_Z","N","PN","2022-S2",12.489644,"A",false,null,null,"P6M",{"$nulls":4},"S",null,null,3,null,"Number of card paymentelectronic, received - SCA: sca, acquirer location: Spain, issuer location: other EEA countries, POS location: Rest of the World","Number of card paymentelectronic, received - SCA: sca, acquirer location: Spain, issuer location: other EEA countries, POS location: Rest of the World","PN",6]
["PCP.H.IE.W1.W1.CW1.1._T._T.PCS_ALL.12._X._Z.N.EUR","H","IE","W1","W1","CW1",1,"_T","_T","PCS_ALL","12","_X","_Z","N","EUR","2022-S1",9.881084640000001,"A",false,null,null,"P6M",{"$nulls":4},"S",null,null,3,null,"Value of cash withdrawal using cards with a delayed debit card, sent - issuer location: Ireland, acquirer location: Rest of the World, terminal location: Rest of the World","Value of cash withdrawal using cards with a delayed debit card, sent - issuer location: Ireland, acquirer location: Rest of the World, terminal location: Rest of the World","EUR",6]
["PCP.H.BG.G3.W2.CP0.2.2000.NR.PCS_ALL._Z.100._Z.N.PN","H","BG","G3","W2","CP0",2,"2000","NR","PCS_ALL","_Z","100","_Z","N","PN","2023-S2",3.748137999999999,"P",false,null,null,"P6M",{"$nulls":4},"S",null,null,3,null,"Number of card paymentelectronic, received - SCA: sca, acquirer location: Bulgaria, issuer location: other EEA countries, POS location: domestic","Number of card paymentelectronic, received - SCA: sca, acquirer location: Bulgaria, issuer location: other EEA countries, POS location: domestic","PN",6]
["PCP.H.RO.W0.W0.CP1.1.2223.NR.PCS_ALL._Z._X._Z.N.XDF","H","RO","W0","W0","CP1",1,"2223","NR","PCS_ALL","_Z","_X","_Z","N","XDF","2022-S2",58838.733359,"A",false,null,null,"P6M",{"$nulls":4},"S",null,null,3,null,"Total value of card payments (contactless), initiated at eftpos, sent - SCA: , issuer location: Romania, terminal location: world","Total value of card payments (contactless), initiated at eftpos, sent - SCA: , issuer location: Romania, terminal location: world","XDF",6]
["PCP.H.U2.W0.W0.CP0.1.2223.NR.PCS_ALL._Z._X._Z.N.EUR_R_PNT","H","U2","W0","W0","CP0",1,"2223","NR","PCS_ALL","_Z","_X","_Z","N","EUR_R_PNT","2023-S1",35.22015684905951,"A",false,null,null,"P6M",{"$nulls":4},"S",null,null,2,null,"Total value; ratio to number of transactions of card payment, initiated at eftpos, sent - SCA: , issuer location: euro area (changing composition), POS location: world","Total value; ratio to number of transactions of card payment, initiated at eftpos, sent - SCA: , issuer location: euro area (changing composition), POS location: world","EUR_R_PNT",0]
["PCP.H.IT.G3.G3.CP0.2.2000._T.PCS_ALL._Z._X._Z.N.PN","H","IT","G3","G3","CP0",2,"2000","_T","PCS_ALL","_Z","_X","_Z","N","PN","2023-S1",4.134209,"A",false,null,null,"P6M",{"$nulls":4},"S",null,null,3,null,"Number of card paymentelectronic, received - SCA: , acquirer location: Italy, issuer location: other EEA countries, POS location: other EEA countries","Number of card paymentelectronic, received - SCA: , acquirer location: Italy, issuer location: other EEA countries, POS location: other EEA countries","PN",6]
["PCP.H.ES.W0.W0.CP0.2.2000.NR.PCS_ALL._Z.206._Z.N.PN","H","ES","W0","W0","CP0",2,"2000","NR","PCS_ALL","_Z","206","_Z","N","PN","2023-S2",140.215492,"P",false,null,null,"P6M",{"$nulls":4},"S",null,null,3,null,"Total number of card paymentelectronic, received - SCA: non-sca: unattended terminals, acquirer location: Spain, POS location: world","Total number of card paymentelectronic, received - SCA: non-sca: unattended terminals, acquirer location: Spain, POS location: world","PN",6]
["PCP.H.SK.W2.W0.CP0.2.1000.R.PCS_ALL._Z._X._Z.N.PN","H","SK","W2","W0","CP0",2,"1000","R","PCS_ALL","_Z","_X","_Z","N","PN","2022-S2",0.001739,"A",false,null,null,"P6M",{"$nulls":4},"S",null,null,3,null,"Number of card paymentnon-electronic, received - SCA: , acquirer location: Slovakia, issuer location: domestic, POS location: world","Number of card paymentnon-electronic, received - SCA: , acquirer location: Slovakia, issuer location: domestic, POS location: world","PN",6]
["PCP.H.AT.W2.W2.CP0.1.2000.R.PCS_ALL._Z.207._Z.N.PN","H","AT","W2","W2","CP0",1,"2000","R","PCS_ALL","_Z","207","_Z","N","PN","2023-S1",null,"Q",false,null,null,"P6M",{"$nulls":4},"S",null,null,3,null,"Number of card paymentelectronic, sent - SCA: non-sca: secure corporate payment, issuer location: Austria, acquirer location: domestic, POS location: domestic","Number of card paymentelectronic, sent - SCA: non-sca: secure corporate payment, issuer location: Austria, acquirer location: domestic, POS location: domestic","PN",6]
["PCP.H.NL.G1.W1.CP0.1.2000.NR.PCS_ALL.11._X._Z.N.EUR","H","NL","G1","W1","CP0",1,"2000","NR","PCS_ALL","11","_X","_Z","N","EUR","2022-S2",795.1214476,"A",false,null,null,"P6M",{"$nulls":4},"S",null,null,3,null,"Value of card payment with a debit card, sent - issuer location: Netherlands, acquirer location: outside EEA, POS location: Rest of the World","Value of card payment with a debit card, sent - issuer location: Netherlands, acquirer location: outside EEA, POS location: Rest of the World","EUR",6]
["PCP.A.MT.W0.W0.CP0.1.2223.NR.PCS_ALL._Z._X._Z.N.EUR_R_CP0","A","MT","W0","W0","CP0",1,"2223","NR","PCS_ALL","_Z","_X","_Z","N","EUR_R_CP0","2018",64.30679867595511,"A",false,null,null,"P1Y",{"$nulls":4},"S",null,null,2,null,"Total value; ratio to total card payments of card payment, initiated at eftpos, sent - SCA: , issuer location: Malta, POS location: world","Total value; ratio to total card payments of card payment, initiated at eftpos, sent - SCA: , issuer location: Malta, POS location: world","EUR_R_CP0",0]
["PCP.H.BE.W0.W0.CP0.2.2000.R.PCS_ALL._Z.208._Z.N.EUR","H","BE","W0","W0","CP0",2,"2000","R","PCS_ALL","_Z","208","_Z","N","EUR","2022-S1",0.005841,"A",false,null,null,"P6M",{"$nulls":4},"S",null,null,3,null,"Total value of card paymentelectronic, received - SCA: non-sca: transaction risk analysis, acquirer location: Belgium, POS location: world","Total value of card paymentelectronic, received - SCA: non-sca: transaction risk analysis, acquirer location: Belgium, POS location: world","EUR",6]
["PCP.H.CY.W2.G1.CP0.2.2223.NR.PCS_ALL._Z._X._Z.N.PN","H","CY","W2","G1","CP0",2,"2223","NR","PCS_ALL","_Z","_X","_Z","N","PN","2023-S2",null,"Q",false,null,null,"P6M",{"$nulls":4},"S",null,null,3,null,"Number of card payment, initiated at eftpos, received - SCA: , acquirer location: Cyprus, issuer location: domestic, POS location: outside EEA","Number of card payment, initiated at eftpos, received - SCA: , acquirer location: Cyprus, issuer location: domestic, POS location: outside EEA","PN",6]
["PCP.H.PT.G1.G1.CP0.1.2000.NR.PCS_ALL._Z._X._Z.N.EUR","H","PT","G1","G1","CP0",1,"2000","NR","PCS_ALL","_Z","_X","_Z","N","EUR","2022-S1",195.50800275,"A",false,null,null,"P6M",{"$nulls":4},"S",null,null,3,null,"Value of card paymentelectronic, sent - SCA: , issuer location: Portugal, acquirer location: outside EEA, POS location: outside EEA","Value of card paymentelectronic, sent - SCA: , issuer location: Portugal, acquirer location: outside EEA, POS location: outside EEA","EUR",6]
["PCP.H.IE.G1.W1.CP11.1.2223.NR.PCS_ALL._Z._X._Z.N.PN","H","IE","G1","W1","CP11",1,"2223","NR","PCS_ALL","_Z","_X","_Z","N","PN","2023-S2",13.577854,"P",false,null,null,"P6M",{"$nulls":4},"S",null,null,3,null,"Number of card payments (nfc), initiated at eftpos, sent - SCA: , issuer location: Ireland, acquirer location: outside EEA, terminal location: Rest of the World","Number of card payments (nfc), initiated at eftpos, sent - SCA: , issuer location: Ireland, acquirer location: outside EEA, terminal location: Rest of the World","PN",6]
["PCP.H.BG.W0.W2.CP0.1.2000.R.PCS_ALL._Z.201._Z.N.XDF","H","BG","W0","W2","CP0",1,"2000","R","PCS_ALL","_Z","201","_Z","N","XDF","2023-S2",138.68285024,"P",false,null,null,"P6M",{"$nulls":4},"S",null,null,3,null,"Total value of card paymentelectronic, sent - SCA: non-sca: low value, issuer location: Bulgaria, POS location: domestic","Total value of card paymentelectronic, sent - SCA: non-sca: low value, issuer location: Bulgaria, POS location: domestic","XDF",6]
["PCP.H.FI.G1.G1.CP0.2.2000.NR.PCS_ALL._Z._X._Z.N.EUR","H","FI","G1","G1","CP0",2,"2000","NR","PCS_ALL","_Z","_X","_Z","N","EUR","2023-S1",0.04230971,"A",false,null,null,"P6M",{"$nulls":4},"S",null,null,3,null,"Value of card paymentelectronic, received - SCA: , acquirer location: Finland, issuer location: outside EEA, POS location: outside EEA","Value of card paymentelectronic, received - SCA: , acquirer location: Finland, issuer location: outside EEA, POS location: outside EEA","EUR",6]
["PCP.H.RO.W2.W1.CP0.1.2223.NR.PCS_ALL._Z._X._Z.N.XDF","H","RO","W2","W1","CP0",1,"2223","NR","PCS_ALL","_Z","_X","_Z","N","XDF","2023-S2",487.939925,"P",false,null,null,"P6M",{"$nulls":4},"S",null,null,3,null,"Value of card payment, initiated at eftpos, sent - SCA: , issuer location: Romania, acquirer location: domestic, POS location: Rest of the World","Value of card payment, initiated at eftpos, sent - SCA: , issuer location: Romania, acquirer location: domestic, POS location: Rest of the World","XDF",6]
["PCP.H.IE.W2.W2.CW1.1._T._T.PCS_ALL.12._X._Z.N.EUR","H","IE","W2","W2","CW1",1,"_T","_T","PCS_ALL","12","_X","_Z","N","EUR","2022-S2",11.36562559,"A",false,null,null,"P6M",{"$nulls":4},"S",null,null,3,null,"Value of cash withdrawal using cards with a delayed debit card, sent - issuer location: Ireland, acquirer location: domestic, terminal location: domestic","Value of cash withdrawal using cards with a delayed debit card, sent - issuer location: Ireland, acquirer location: domestic, terminal location: domestic","EUR",6]
["PCP.H.EE.W0.W1.CP0.2.1000._T.PCS_ALL._Z._X._Z.N.PN","H","EE","W0","W1","CP0",2,"1000","_T","PCS_ALL","_Z","_X","_Z","N","PN","2022-S2",1.202013,"A",false,null,null,"P6M",{"$nulls":4},"S",null,null,3,null,"Total number of card paymentnon-electronic, received - SCA: , acquirer location: Estonia, POS location: Rest of the World","Total number of card paymentnon-electronic, received - SCA: , acquirer location: Estonia, POS location: Rest of the World","PN",6]
["PCP.H.FR.W0.G1.CP0.1.2000._T.PCS_ALL._Z._X._Z.N.PN","H","FR","W0","G1","CP0",1,"2000","_T","PCS_ALL","_Z","_X","_Z","N","PN","2023-S1",140.689415,"A",false,null,null,"P6M",{"$nulls":4},"S",null,null,3,null,"Total number of card paymentelectronic, sent - SCA: , issuer location: France, POS location: outside EEA","Total number of card paymentelectronic, sent - SCA: , issuer location: France, POS location: outside EEA","PN",6]
["PCP.H.B0.W0.W0.CP0.1.2000.R.PCS_ALL._Z.204._Z.N.PN","H","B0","W0","W0","CP0",1,"2000","R","PCS_ALL","_Z","204","_Z","N","PN","2023-S1",12.224229,"A",false,null,"Due to partial reporting, EU aggregates do not include national data for Denmark, Poland and Sweden.","P6M",{"$nulls":4},"S",null,null,3,null,"Total number of card paymentelectronic, sent - SCA: non-sca: trusted beneficiaries, issuer location: EU (changing composition), POS location: world","Total number of card paymentelectronic, sent - SCA: non-sca: trusted beneficiaries, issuer location: EU (changing composition), POS location: world","PN",6]
["PCP.H.MT.G1.W1.CP0.2._T._T.PCS_ALL._Z._X._Z.N.PN","H","MT","G1","W1","CP0",2,"_T","_T","PCS_ALL","_Z","_X","_Z","N","PN","2023-S1",104.317681,"A",false,null,null,"P6M",{"$nulls":4},"S",null,null,3,null,"Number of card paymentall, received - SCA: , acquirer location: Malta, issuer location: outside EEA, POS location: Rest of the World","Number of card paymentall, received - SCA: , acquirer location: Malta, issuer location: outside EEA, POS location: Rest of the World","PN",6]
["PCP.H.ES.G1.G3.CP0.1.2000.R.PCS_ALL._Z.210._Z.N.PN","H","ES","G1","G3","CP0",1,"2000","R","PCS_ALL","_Z","210","_Z","N","PN","2022-S1",0.2576869999999999,"A",false,null,null,"P6M",{"$nulls":4},"S",null,null,3,null,"Number of card paymentelectronic, sent - SCA: non-sca: others, issuer location: Spain, acquirer location: outside EEA, POS location: other EEA countries","Number of card paymentelectronic, sent - SCA: non-sca: others, issuer location: Spain, acquirer location: outside EEA, POS location: other EEA countries","PN",6]
["PCP.H.IE.G1.W1.CP0.2.2229.NR.PCS_ALL._Z._X._Z.N.EUR","H","IE","G1","W1","CP0",2,"2229","NR","PCS_ALL","_Z","_X","_Z","N","EUR","2023-S2",0,"P",false,null,null,"P6M",{"$nulls":4},"S",null,null,3,null,"Value of card payment, initiated at other electronic channel, received - SCA: , acquirer location: Ireland, issuer location: outside EEA, POS location: Rest of the World","Value of card payment, initiated at other electronic channel, received - SCA: , acquirer location: Ireland, issuer location: outside EEA, POS location: Rest of the World","EUR",6]
["PCP.H.CZ.W0.G3.CP0.1.2000.NR.PCS_ALL._Z.200._Z.N.XDF","H","CZ","W0","G3","CP0",1,"2000","NR","PCS_ALL","_Z","200","_Z","N","XDF","2023-S1",4865.865826140001,"A",false,null,null,"P6M",{"$nulls":4},"S",null,null,3,null,"Total value of card paymentelectronic, sent - SCA: non-sca, issuer location: Czech Republic, POS location: other EEA countries","Total value of card paymentelectronic, sent - SCA: non-sca, issuer location: Czech Republic, POS location: other EEA countries","XDF",6]
["PCP.H.RO.G1.G1.CP1.1.2223.NR.PCS_ALL._Z._X._Z.N.XDF","H","RO","G1","G1","CP1",1,"2223","NR","PCS_ALL","_Z","_X","_Z","N","XDF","2023-S1",683.605782,"A",false,null,null,"P6M",{"$nulls":4},"S",null,null,3,null,"Value of card payments (contactless), initiated at eftpos, sent - SCA: , issuer location: Romania, acquirer location: outside EEA, terminal location: outside EEA","Value of card payments (contactless), initiated at eftpos, sent - SCA: , issuer location: Romania, acquirer location: outside EEA, terminal location: outside EEA","XDF",6]
["PCP.H.HR.W0.W2.CP0.2.2000.NR.PCS_ALL.11._X._Z.N.EUR","H","HR","W0","W2","CP0",2,"2000","NR","PCS_ALL","11","_X","_Z","N","EUR","2023-S2",6234.297908999999,"P",false,null,null,"P6M",{"$nulls":4},"S",null,null,3,null,"Total value of card payment,with a debit card, received - acquirer location: Croatia, POS location: domestic","Total value of card payment,with a debit card, received - acquirer location: Croatia, POS location: domestic","EUR",6]
["PCP.H.IT.W2.W0.CP0.2.1000.R.PCS_ALL._Z._X._Z.N.EUR","H","IT","W2","W0","CP0",2,"1000","R","PCS_ALL","_Z","_X","_Z","N","EUR","2023-S1",482.745419,"A",false,null,null,"P6M",{"$nulls":4},"S",null,null,3,null,"Value of card paymentnon-electronic, received - SCA: , acquirer location: Italy, issuer location: domestic, POS location: world","Value of card paymentnon-electronic, received - SCA: , acquirer location: Italy, issuer location: domestic, POS location: world","EUR",6]
["PCP.H.ES.W0.W1.CP0.1.2000.NR.PCS_ALL._Z.202._Z.N.PN","H","ES","W0","W1","CP0",1,"2000","NR","PCS_ALL","_Z","202","_Z","N","PN","2022-S1",40.45430200000001,"A",false,null,null,"P6M",{"$nulls":4},"S",null,null,3,null,"Total number of card paymentelectronic, sent - SCA: non-sca: contactless low value, issuer location: Spain, POS location: Rest of the World","Total number of card paymentelectronic, sent - SCA: non-sca: contactless low value, issuer location: Spain, POS location: Rest of the World","PN",6]
["PCP.Q.FI._Z.W0.CP0.1.2000.NR.PCS_ALL._Z._X._Z.N.EUR","Q","FI","_Z","W0","CP0",1,"2000","NR","PCS_ALL","_Z","_X","_Z","N","EUR","2023-Q1",12516.74906696,"A",false,null,null,"P3M",{"$nulls":4},"S",null,null,3,null,"Value of card paymentelectronic, sent - SCA: , issuer location: Finland, acquirer location: Not applicable, POS location: world","Value of card paymentelectronic, sent - SCA: , issuer location: Finland, acquirer location: Not applicable, POS location: world","EUR",6]
["PCP.H.LT.W1.G1.CP0.1.2000.R.PCS_ALL._Z.205._Z.N.EUR","H","LT","W1","G1","CP0",1,"2000","R","PCS_ALL","_Z","205","_Z","N","EUR","2023-S1",165.85081,"A",false,null,null,"P6M",{"$nulls":4},"S",null,null,3,null,"Value of card paymentelectronic, sent - SCA: non-sca: recurring transaction, issuer location: Lithuania, acquirer location: Rest of the World, POS location: outside EEA","Value of card paymentelectronic, sent - SCA: non-sca: recurring transaction, issuer location: Lithuania, acquirer location: Rest of the World, POS location: outside EEA","EUR",6]
["PCP.A.BG.AT.W0.CP0.1._T._T.PCS_ALL._Z._X._Z.N.XDF","A","BG","AT","W0","CP0",1,"_T","_T","PCS_ALL","_Z","_X","_Z","N","XDF","2016",54.65,"A",false,null,null,"P1Y",{"$nulls":4},"S",null,null,3,null,"Value of card paymentall, sent - SCA: , issuer location: Bulgaria, acquirer location: Austria, POS location: world","Value of card paymentall, sent - SCA: , issuer location: Bulgaria, acquirer location: Austria, POS location: world","XDF",6]
["PCP.H.FR.G1.W0.CP0.2.2000.R.PCS_ALL.12._X._Z.N.EUR","H","FR","G1","W0","CP0",2,"2000","R","PCS_ALL","12","_X","_Z","N","EUR","2023-S1",556.19830868,"A",false,null,null,"P6M",{"$nulls":4},"S",null,null,3,null,"Value of card payment,with a delayed debit card, received - acquirer location: France, issuer location: outside EEA, POS location: world","Value of card payment,with a delayed debit card, received - acquirer location: France, issuer location: outside EEA, POS location: world","EUR",6]
["PCP.A.ES.BG.W0.CP0.2.2223.NR.PCS_ALL._Z._X._Z.N.EUR","A","ES","BG","W0","CP0",2,"2223","NR","PCS_ALL","_Z","_X","_Z","N","EUR","2022",52.23206041,"A",false,null,null,"P1Y",{"$nulls":4},"S",null,null,3,null,"Value of card payment, initiated at eftpos, received - SCA: , acquirer location: Spain, issuer location: Bulgaria, POS location: world","Value of card payment, initiated at eftpos, received - SCA: , acquirer location: Spain, issuer location: Bulgaria, POS location: world","EUR",6]
["PCP.H.CZ.G3.G1.CP0.1.2230.R.PCS_ALL._Z._X._Z.N.XDF","H","CZ","G3","G1","CP0",1,"2230","R","PCS_ALL","_Z","_X","_Z","N","XDF","2023-S2",110.3561521,"P",false,null,null,"P6M",{"$nulls":4},"S",null,null,3,null,"Value of card payment, initiated via mobile payment solution (electronic), sent - SCA: , issuer location: Czech Republic, acquirer location: other EEA countries, POS location: outside EEA","Value of card payment, initiated via mobile payment solution (electronic), sent - SCA: , issuer location: Czech Republic, acquirer location: other EEA countries, POS location: outside EEA","XDF",6]
["PCP.H.PT.W2.W1.CP0.1.2000.NR.PCS_ALL._Z.100._Z.N.PN","H","PT","W2","W1","CP0",1,"2000","NR","PCS_ALL","_Z","100","_Z","N","PN","2022-S2",3.085247,"A",false,null,null,"P6M",{"$nulls":4},"S",null,null,3,null,"Number of card paymentelectronic, sent - SCA: sca, issuer location: Portugal, acquirer location: domestic, POS location: Rest of the World","Number of card paymentelectronic, sent - SCA: sca, issuer location: Portugal, acquirer location: domestic, POS location: Rest of the World","PN",6]
["PCP.H.IE.G3.W2.CP0.2.2000.NR.PCS_ALL.12._X._Z.N.EUR","H","IE","G3","W2","CP0",2,"2000","NR","PCS_ALL","12","_X","_Z","N","EUR","2022-S1",0.05033021,"A",false,null,null,"P6M",{"$nulls":4},"S",null,null,3,null,"Value of card payment,with a delayed debit card, received - acquirer location: Ireland, issuer location: other EEA countries, POS location: domestic","Value of card payment,with a delayed debit card, received - acquirer location: Ireland, issuer location: other EEA countries, POS location: domestic","EUR",6]
["PCP.H.DE.W1.W0.CP0.1.2000.NR.PCS_ALL._Z.205._Z.N.EUR","H","DE","W1","W0","CP0",1,"2000","NR","PCS_ALL","_Z","205","_Z","N","EUR","2023-S1",17.9567897,"A",false,null,null,"P6M",{"$nulls":4},"S",null,null,3,null,"Value of card paymentelectronic, sent - SCA: non-sca: recurring transaction, issuer location: Germany, acquirer location: Rest of the World, POS location: world","Value of card paymentelectronic, sent - SCA: non-sca: recurring transaction, issuer location: Germany, acquirer location: Rest of the World, POS location: world","EUR",6]
["PCP.H.PL.W1.W1.CP0.1.2000.NR.PCS_ALL._Z.204._Z.N.XDF","H","PL","W1","W1","CP0",1,"2000","NR","PCS_ALL","_Z","204","_Z","N","XDF","2023-S2",0,"P",false,null,null,"P6M",{"$nulls":4},"S",null,null,3,null,"Value of card paymentelectronic, sent - SCA: non-sca: trusted beneficiaries, issuer location: Poland, acquirer location: Rest of the World, POS location: Rest of the World","Value of card paymentelectronic, sent - SCA: non-sca: trusted beneficiaries, issuer location: Poland, acquirer location: Rest of the World, POS location: Rest of the World","XDF",6]
["PCP.A.HU.W0.W0.CP0.1._T._T.PCS_ALL._Z.100._Z.N.PN_R_CP0","A","HU","W0","W0","CP0",1,"_T","_T","PCS_ALL","_Z","100","_Z","N","PN_R_CP0","2022",null,"M",false,null,null,"P1Y",{"$nulls":4},"S",null,null,3,null,"Pure number; ratio to total card payments of Card payment, All, sent - from: Hungary, acquired: World, terminal located in: World, SCA","Pure number; ratio to total card payments of Card payment, All, sent - from: Hungary, acquired: World, terminal located in: World, SCA","PN_R_CP0",0]
["PCP.H.LU.G3.G1.CP0.1.2000.R.PCS_ALL._Z.209._Z.N.EUR","H","LU","G3","G1","CP0",1,"2000","R","PCS_ALL","_Z","209","_Z","N","EUR","2022-S2",1.887974,"A",false,null,null,"P6M",{"$nulls":4},"S",null,null,3,null,"Value of card paymentelectronic, sent - SCA: non-sca: merchant initiated transaction, issuer location: Luxembourg, acquirer location: other EEA countries, POS location: outside EEA","Value of card paymentelectronic, sent - SCA: non-sca: merchant initiated transaction, issuer location: Luxembourg, acquirer location: other EEA countries, POS location: outside EEA","EUR",6]
["PCP.H.FR.W0.W1.CP0.1.2000.R.PCS_ALL._Z.209._Z.N.PN","H","FR","W0","W1","CP0",1,"2000","R","PCS_ALL","_Z","209","_Z","N","PN","2023-S1",102.910718,"A",false,null,null,"P6M",{"$nulls":4},"S",null,null,3,null,"Total number of card paymentelectronic, sent - SCA: non-sca: merchant initiated transaction, issuer location: France, POS location: Rest of the World","Total number of card paymentelectronic, sent - SCA: non-sca: merchant initiated transaction, issuer location: France, POS location: Rest of the World","PN",6]
["PCP.H.HU.G1.W0.CP1.1.2223.NR.PCS_ALL._Z._X._Z.N.XDF","H","HU","G1","W0","CP1",1,"2223","NR","PCS_ALL","_Z","_X","_Z","N","XDF","2023-S2",392637.628223,"P",false,null,null,"P6M",{"$nulls":4},"S",null,null,3,null,"Value of card payments (contactless), initiated at eftpos, sent - SCA: , issuer location: Hungary, acquirer location: outside EEA, terminal location: world","Value of card payments (contactless), initiated at eftpos, sent - SCA: , issuer location: Hungary, acquirer location: outside EEA, terminal location: world","XDF",6]
["PCP.A.SI.HU.W0.CP0.1._T._T.PCS_ALL._Z._X._Z.N.PN","A","SI","HU","W0","CP0",1,"_T","_T","PCS_ALL","_Z","_X","_Z","N","PN","2016",0.178,"A",false,null,null,"P1Y",{"$nulls":4},"S",null,null,3,null,"Number of card paymentall, sent - SCA: , issuer location: Slovenia, acquirer location: Hungary, POS location: world","Number of card paymentall, sent - SCA: , issuer location: Slovenia, acquirer location: Hungary, POS location: world","PN",6]
["PCP.H.RO.G1.G3.CP0.1.1000.NR.PCS_ALL._Z._X._Z.N.XDF","H","RO","G1","G3","CP0",1,"1000","NR","PCS_ALL","_Z","_X","_Z","N","XDF","2022-S1",0.004419,"A",false,null,null,"P6M",{"$nulls":4},"S",null,null,3,null,"Value of card paymentnon-electronic, sent - SCA: , issuer location: Romania, acquirer location: outside EEA, POS location: other EEA countries","Value of card paymentnon-electronic, sent - SCA: , issuer location: Romania, acquirer location: outside EEA, POS location: other EEA countries","XDF",6]
["PCP.H.AT.G1.G1.CP0.1.1000.NR.PCS_ALL._Z._X._Z.N.EUR","H","AT","G1","G1","CP0",1,"1000","NR","PCS_ALL","_Z","_X","_Z","N","EUR","2022-S2",null,"Q",false,null,null,"P6M",{"$nulls":4},"S",null,null,3,null,"Value of card paymentnon-electronic, sent - SCA: , issuer location: Austria, acquirer location: outside EEA, POS location: outside EEA","Value of card paymentnon-electronic, sent - SCA: , issuer location: Austria, acquirer location: outside EEA, POS location: outside EEA","EUR",6]
["PCP.A.GR.RO.W0.CP0.1._T._T.PCS_ALL._Z._X._Z.N.EUR","A","GR","RO","W0","CP0",1,"_T","_T","PCS_ALL","_Z","_X","_Z","N","EUR","2018",9.72,"A",false,null,null,"P1Y",{"$nulls":4},"S",null,null,3,null,"Value of card paymentall, sent - SCA: , issuer location: Greece, acquirer location: Romania, POS location: world","Value of card paymentall, sent - SCA: , issuer location: Greece, acquirer location: Romania, POS location: world","EUR",6]
["PCP.H.DE.G1.G3.CP0.2.2000.NR.PCS_ALL._Z.200._Z.N.PN","H","DE","G1","G3","CP0",2,"2000","NR","PCS_ALL","_Z","200","_Z","N","PN","2022-S2",68.58978899999998,"A",false,null,null,"P6M",{"$nulls":4},"S",null,null,3,null,"Number of card paymentelectronic, received - SCA: non-sca, acquirer location: Germany, issuer location: outside EEA, POS location: other EEA countries","Number of card paymentelectronic, received - SCA: non-sca, acquirer location: Germany, issuer location: outside EEA, POS location: other EEA countries","PN",6]
["PCP.H.RO.W2.W0.CP0.2.2000.R.PCS_ALL.13._X._Z.N.XDF","H","RO","W2","W0","CP0",2,"2000","R","PCS_ALL","13","_X","_Z","N","XDF","2022-S2",3534.279776,"A",false,null,null,"P6M",{"$nulls":4},"S",null,null,3,null,"Value of card payment,with a credit card, received - acquirer location: Romania, issuer location: domestic, POS location: world","Value of card payment,with a credit card, received - acquirer location: Romania, issuer location: domestic, POS location: world","XDF",6]
["PCP.H.LU.G3.W2.CP0.1.1000.R.PCS_ALL._Z._X._Z.N.EUR","H","LU","G3","W2","CP0",1,"1000","R","PCS_ALL","_Z","_X","_Z","N","EUR","2023-S1",7.171777000000001,"A",false,null,null,"P6M",{"$nulls":4},"S",null,null,3,null,"Value of card paymentnon-electronic, sent - SCA: , issuer location: Luxembourg, acquirer location: other EEA countries, POS location: domestic","Value of card paymentnon-electronic, sent - SCA: , issuer location: Luxembourg, acquirer location: other EEA countries, POS location: domestic","EUR",6]
["PCP.H.MT.W2.G1.CP0.2.2000.R.PCS_ALL._Z.100._Z.N.PN","H","MT","W2","G1","CP0",2,"2000","R","PCS_ALL","_Z","100","_Z","N","PN","2022-S2",0.011948,"A",false,null,null,"P6M",{"$nulls":4},"S",null,null,3,null,"Number of card paymentelectronic, received - SCA: sca, acquirer location: Malta, issuer location: domestic, POS location: outside EEA","Number of card paymentelectronic, received - SCA: sca, acquirer location: Malta, issuer location: domestic, POS location: outside EEA","PN",6]
["PCP.H.EE.W2.W1.CP0.1.2000.NR.PCS_ALL._Z.210._Z.N.PN","H","EE","W2","W1","CP0",1,"2000","NR","PCS_ALL","_Z","210","_Z","N","PN","2022-S1",0.156585,"A",false,null,null,"P6M",{"$nulls":4},"S",null,null,3,null,"Number of card paymentelectronic, sent - SCA: non-sca: others, issuer location: Estonia, acquirer location: domestic, POS location: Rest of the World","Number of card paymentelectronic, sent - SCA: non-sca: others, issuer location: Estonia, acquirer location: domestic, POS location: Rest of the World","PN",6]
["PCP.H.RO.W0.G1.CP0.2.2000.R.PCS_ALL._Z.209._Z.N.PN","H","RO","W0","G1","CP0",2,"2000","R","PCS_ALL","_Z","209","_Z","N","PN","2023-S2",0,"P",false,null,null,"P6M",{"$nulls":4},"S",null,null,3,null,"Total number of card paymentelectronic, received - SCA: non-sca: merchant initiated transaction, acquirer location: Romania, POS location: outside EEA","Total number of card paymentelectronic, received - SCA: non-sca: merchant initiated transaction, acquirer location: Romania, POS location: outside EEA","PN",6]
["PCP.H.NL.G1.W1.CP0.2.2000.NR.PCS_ALL._Z.200._Z.N.EUR","H","NL","G1","W1","CP0",2,"2000","NR","PCS_ALL","_Z","200","_Z","N","EUR","2023-S2",4301.978085039999,"P",false,null,null,"P6M",{"$nulls":4},"S",null,null,3,null,"Value of card paymentelectronic, received - SCA: non-sca, acquirer location: Netherlands, issuer location: outside EEA, POS location: Rest of the World","Value of card paymentelectronic, received - SCA: non-sca, acquirer location: Netherlands, issuer location: outside EEA, POS location: Rest of the World","EUR",6]
["PCP.H.FI.W2.W0.CP0.2.2000.R.PCS_ALL._Z.209._Z.N.PN","H","FI","W2","W0","CP0",2,"2000","R","PCS_ALL","_Z","209","_Z","N","PN","2022-S1",29.74817,"A",false,null,null,"P6M",{"$nulls":4},"S",null,null,3,null,"Number of card paymentelectronic, received - SCA: non-sca: merchant initiated transaction, acquirer location: Finland, issuer location: domestic, POS location: world","Number of card paymentelectronic, received - SCA: non-sca: merchant initiated transaction, acquirer location: Finland, issuer location: domestic, POS location: world","PN",6]
["PCP.H.LT.G3.W2.CP0.2.1000.R.PCS_ALL._Z._X._Z.N.EUR","H","LT","G3","W2","CP0",2,"1000","R","PCS_ALL","_Z","_X","_Z","N","EUR","2022-S1",3.068113000000001,"A",false,null,null,"P6M",{"$nulls":4},"S",null,null,3,null,"Value of card paymentnon-electronic, received - SCA: , acquirer location: Lithuania, issuer location: other EEA countries, POS location: domestic","Value of card paymentnon-electronic, received - SCA: , acquirer location: Lithuania, issuer location: other EEA countries, POS location: domestic","EUR",6]
["PCP.H.CZ.W2.G3.CP0.1.2000.R.PCS_ALL.12._X._Z.N.XDF","H","CZ","W2","G3","CP0",1,"2000","R","PCS_ALL","12","_X","_Z","N","XDF","2022-S2",0.138372,"A",false,null,null,"P6M",{"$nulls":4},"S",null,null,3,null,"Value of card payment with a delayed debit card, sent - issuer location: Czech Republic, acquirer location: domestic, POS location: other EEA countries","Value of card payment with a delayed debit card, sent - issuer location: Czech Republic, acquirer location: domestic, POS location: other EEA countries","XDF",6]
["PCP.Q.AT._Z.G3.CP0.1.2000.R.PCS_ALL._Z._X._Z.N.EUR","Q","AT","_Z","G3","CP0",1,"2000","R","PCS_ALL","_Z","_X","_Z","N","EUR","2022-Q3",2367.29098848,"A",false,null,null,"P3M",{"$nulls":4},"S",null,null,3,null,"Value of card paymentelectronic, sent - SCA: , issuer location: Austria, acquirer location: Not applicable, POS location: other EEA countries","Value of card paymentelectronic, sent - SCA: , issuer location: Austria, acquirer location: Not applicable, POS location: other EEA countries","EUR",6]
["PCP.A.SI.FI.W0.CP0.2.2223.NR.PCS_ALL._Z._X._Z.N.EUR","A","SI","FI","W0","CP0",2,"2223","NR","PCS_ALL","_Z","_X","_Z","N","EUR","2023",3.15488,"A",false,null,null,"P1Y",{"$nulls":4},"S",null,null,3,null,"Value of card payment, initiated at eftpos, received - SCA: , acquirer location: Slovenia, issuer location: Finland, POS location: world","Value of card payment, initiated at eftpos, received - SCA: , acquirer location: Slovenia, issuer location: Finland, POS location: world","EUR",6]
["PCP.H.LV.W0.W2.CW1.1._T._T.PCS_ALL.13._X._Z.N.PN","H","LV","W0","W2","CW1",1,"_T","_T","PCS_ALL","13","_X","_Z","N","PN","2023-S2",0.664379,"P",false,null,null,"P6M",{"$nulls":4},"S",null,null,3,null,"Total number of cash withdrawal using cards with a credit card, sent - issuer location: Latvia, terminal location: domestic","Total number of cash withdrawal using cards with a credit card, sent - issuer location: Latvia, terminal location: domestic","PN",6]
["PCP.H.EE.W2.W1.CP0.1.2000.NR.PCS_ALL._Z.206._Z.N.EUR","H","EE","W2","W1","CP0",1,"2000","NR","PCS_ALL","_Z","206","_Z","N","EUR","2023-S1",0.00204533,"A",false,null,null,"P6M",{"$nulls":4},"S",null,null,3,null,"Value of card paymentelectronic, sent - SCA: non-sca: unattended terminals, issuer location: Estonia, acquirer location: domestic, POS location: Rest of the World","Value of card paymentelectronic, sent - SCA: non-sca: unattended terminals, issuer location: Estonia, acquirer location: domestic, POS location: Rest of the World","EUR",6]
["PCP.A.AT.EE.W0.CP0.2._T._T.PCS_ALL._Z._X._Z.N.PN","A","AT","EE","W0","CP0",2,"_T","_T","PCS_ALL","_Z","_X","_Z","N","PN","2022",0.287969,"A",false,null,null,"P1Y",{"$nulls":4},"S",null,null,3,null,"Number of card paymentall, received - SCA: , acquirer location: Austria, issuer location: Estonia, POS location: world","Number of card paymentall, received - SCA: , acquirer location: Austria, issuer location: Estonia, POS location: world","PN",6]
["PCP.H.CY.W0.W0.CP0.1.2223.NR.PCS_ALL._Z._X._Z.G1.PN","H","CY","W0","W0","CP0",1,"2223","NR","PCS_ALL","_Z","_X","_Z","G1","PN","2023-S1",21.74354997804812,"A",false,null,null,"P6M",{"$nulls":4},"S",null,null,2,null,"Annual growth rate of the total number of card payment, initiated at eftpos, sent - SCA: , issuer location: Cyprus, POS location: world","Annual growth rate of the total number of card payment, initiated at eftpos, sent - SCA: , issuer location: Cyprus, POS location: world","PN",0]
["PCP.H.NL.W1.W0.CP0.2.2000._T.PCS_ALL._Z._X._Z.N.EUR","H","NL","W1","W0","CP0",2,"2000","_T","PCS_ALL","_Z","_X","_Z","N","EUR","2023-S2",147016.89186366,"P",false,null,null,"P6M",{"$nulls":4},"S",null,null,3,null,"Value of card paymentelectronic, received - SCA: , acquirer location: Netherlands, issuer location: Rest of the World, POS location: world","Value of card paymentelectronic, received - SCA: , acquirer location: Netherlands, issuer location: Rest of the World, POS location: world","EUR",6]
["PCP.H.EE.W2.G3.CP0.2.2000.R.PCS_ALL._Z.210._Z.N.EUR","H","EE","W2","G3","CP0",2,"2000","R","PCS_ALL","_Z","210","_Z","N","EUR","2022-S2",0,"A",false,null,null,"P6M",{"$nulls":4},"S",null,null,3,null,"Value of card paymentelectronic, received - SCA: non-sca: others, acquirer location: Estonia, issuer location: domestic, POS location: other EEA countries","Value of card paymentelectronic, received - SCA: non-sca: others, acquirer location: Estonia, issuer location: domestic, POS location: other EEA countries","EUR",6]
["PCP.H.AT.W0.G3.CP0.1.2231.R.PCS_ALL._Z._X._Z.N.EUR","H","AT","W0","G3","CP0",1,"2231","R","PCS_ALL","_Z","_X","_Z","N","EUR","2023-S2",3.25214429,"P",false,null,null,"P6M",{"$nulls":4},"S",null,null,3,null,"Total value of card payment, initiated via p2p mobile payment solution (electronic), sent - SCA: , issuer location: Austria, POS location: other EEA countries","Total value of card payment, initiated via p2p mobile payment solution (electronic), sent - SCA: , issuer location: Austria, POS location: other EEA countries","EUR",6]
["PCP.H.BG.W1.W2.CP0.2.1000.R.PCS_ALL._Z._X._Z.N.XDF","H","BG","W1","W2","CP0",2,"1000","R","PCS_ALL","_Z","_X","_Z","N","XDF","2023-S2",43.37582433999999,"P",false,null,null,"P6M",{"$nulls":4},"S",null,null,3,null,"Value of card paymentnon-electronic, received - SCA: , acquirer location: Bulgaria, issuer location: Rest of the World, POS location: domestic","Value of card paymentnon-electronic, received - SCA: , acquirer location: Bulgaria, issuer location: Rest of the World, POS location: domestic","XDF",6]
["PCP.A.CZ.W0.W0.CP0.1._T._T.PCS_ALL._Z._X._Z.N.EUR_R_PNT","A","CZ","W0","W0","CP0",1,"_T","_T","PCS_ALL","_Z","_X","_Z","N","EUR_R_PNT","2019",24.69809738302042,"A",false,null,null,"P1Y",{"$nulls":4},"S",null,null,2,null,"Total value; ratio to number of transactions of card paymentall, sent - SCA: , issuer location: Czech Republic, POS location: world","Total value; ratio to number of transactions of card paymentall, sent - SCA: , issuer location: Czech Republic, POS location: world","EUR_R_PNT",0]
["PCP.H.IE.G3.W2.CP0.2.2000.R.PCS_ALL._Z._X._Z.N.PN","H","IE","G3","W2","CP0",2,"2000","R","PCS_ALL","_Z","_X","_Z","N","PN","2023-S2",605.776842,"P",false,null,null,"P6M",{"$nulls":4},"S",null,null,3,null,"Number of card paymentelectronic, received - SCA: , acquirer location: Ireland, issuer location: other EEA countries, POS location: domestic","Number of card paymentelectronic, received - SCA: , acquirer location: Ireland, issuer location: other EEA countries, POS location: domestic","PN",6]
["PCP.A.HU.MT.W0.CP0.1._T._T.PCS_ALL._Z._X._Z.N.EUR","A","HU","MT","W0","CP0",1,"_T","_T","PCS_ALL","_Z","_X","_Z","N","EUR","2021",90.98215899817896,"A",false,null,null,"P1Y",{"$nulls":4},"S",null,null,3,null,"Value of card paymentall, sent - SCA: , issuer location: Hungary, acquirer location: Malta, POS location: world","Value of card paymentall, sent - SCA: , issuer location: Hungary, acquirer location: Malta, POS location: world","EUR",6]
["PCP.H.DE.W1.W1.CP0.1.2000.NR.PCS_ALL.12._X._Z.N.EUR","H","DE","W1","W1","CP0",1,"2000","NR","PCS_ALL","12","_X","_Z","N","EUR","2022-S1",5992.01886681,"A",false,null,null,"P6M",{"$nulls":4},"S",null,null,3,null,"Value of card payment with a delayed debit card, sent - issuer location: Germany, acquirer location: Rest of the World, POS location: Rest of the World","Value of card payment with a delayed debit card, sent - issuer location: Germany, acquirer location: Rest of the World, POS location: Rest of the World","EUR",6]
["PCP.H.PT.W2.G1.CP0.2.2000.R.PCS_ALL._Z.205._Z.N.PN","H","PT","W2","G1","CP0",2,"2000","R","PCS_ALL","_Z","205","_Z","N","PN","2023-S2",0,"P",false,null,null,"P6M",{"$nulls":4},"S",null,null,3,null,"Number of card paymentelectronic, received - SCA: non-sca: recurring transaction, acquirer location: Portugal, issuer location: domestic, POS location: outside EEA","Number of card paymentelectronic, received - SCA: non-sca: recurring transaction, acquirer location: Portugal, issuer location: domestic, POS location: outside EEA","PN",6]
["PCP.H.GR.G1.W2.CW1.1._T._T.PCS_ALL.13._X._Z.N.PN","H","GR","G1","W2","CW1",1,"_T","_T","PCS_ALL","13","_X","_Z","N","PN","2023-S2",0.00016,"P",false,null,null,"P6M",{"$nulls":4},"S",null,null,3,null,"Number of cash withdrawal using cards with a credit card, sent - issuer location: Greece, acquirer location: outside EEA, terminal location: domestic","Number of cash withdrawal using cards with a credit card, sent - issuer location: Greece, acquirer location: outside EEA, terminal location: domestic","PN",6]
["PCP.H.CZ.W1.W1.CP0.1.2000.NR.PCS_ALL._Z._X._Z.N.PN","H","CZ","W1","W1","CP0",1,"2000","NR","PCS_ALL","_Z","_X","_Z","N","PN","2022-S1",30.568861,"A",false,null,null,"P6M",{"$nulls":4},"S",null,null,3,null,"Number of card paymentelectronic, sent - SCA: , issuer location: Czech Republic, acquirer location: Rest of the World, POS location: Rest of the World","Number of card paymentelectronic, sent - SCA: , issuer location: Czech Republic, acquirer location: Rest of the World, POS location: Rest of the World","PN",6]
["PCP.H.PL.G1.W0.CP0.1.2000.NR.PCS_ALL._Z.202._Z.N.PN","H","PL","G1","W0","CP0",1,"2000","NR","PCS_ALL","_Z","202","_Z","N","PN","2023-S2",6.140436000000001,"P",false,null,null,"P6M",{"$nulls":4},"S",null,null,3,null,"Number of card paymentelectronic, sent - SCA: non-sca: contactless low value, issuer location: Poland, acquirer location: outside EEA, POS location: world","Number of card paymentelectronic, sent - SCA: non-sca: contactless low value, issuer location: Poland, acquirer location: outside EEA, POS location: world","PN",6]
["PCP.A.IE.CZ.W0.CP0.1._T._T.PCS_ALL._Z._X._Z.N.PN","A","IE","CZ","W0","CP0",1,"_T","_T","PCS_ALL","_Z","_X","_Z","N","PN","2019",1.1264,"A",false,null,null,"P1Y",{"$nulls":4},"S",null,null,3,null,"Number of card paymentall, sent - SCA: , issuer location: Ireland, acquirer location: Czech Republic, POS location: world","Number of card paymentall, sent - SCA: , issuer location: Ireland, acquirer location: Czech Republic, POS location: world","PN",6]
["PCP.H.LT.W1.W0.CP0.1.2000.R.PCS_ALL._Z.204._Z.N.EUR","H","LT","W1","W0","CP0",1,"2000","R","PCS_ALL","_Z","204","_Z","N","EUR","2022-S1",null,"M",false,null,null,"P6M",{"$nulls":4},"S",null,null,3,null,"Value of card paymentelectronic, sent - SCA: non-sca: trusted beneficiaries, issuer location: Lithuania, acquirer location: Rest of the World, POS location: world","Value of card paymentelectronic, sent - SCA: non-sca: trusted beneficiaries, issuer location: Lithuania, acquirer location: Rest of the World, POS location: world","EUR",6]
["PCP.H.ES.G1.W2.CP0.1.2229.NR.PCS_ALL._Z._X._Z.N.PN","H","ES","G1","W2","CP0",1,"2229","NR","PCS_ALL","_Z","_X","_Z","N","PN","2022-S2",0,"A",false,null,null,"P6M",{"$nulls":4},"S",null,null,3,null,"Number of card payment, initiated at other electronic channel, sent - SCA: , issuer location: Spain, acquirer location: outside EEA, POS location: domestic","Number of card payment, initiated at other electronic channel, sent - SCA: , issuer location: Spain, acquirer location: outside EEA, POS location: domestic","PN",6]
["PCP.H.HU.W2.W1.CP0.2.1000._T.PCS_ALL._Z._X._Z.N.PN","H","HU","W2","W1","CP0",2,"1000","_T","PCS_ALL","_Z","_X","_Z","N","PN","2023-S1",0,"A",false,null,null,"P6M",{"$nulls":4},"S",null,null,3,null,"Number of card paymentnon-electronic, received - SCA: , acquirer location: Hungary, issuer location: domestic, POS location: Rest of the World","Number of card paymentnon-electronic, received - SCA: , acquirer location: Hungary, issuer location: domestic, POS location: Rest of the World","PN",6]
["PCP.H.AT.W0.W0.CP0.2.2000.R.PCS_ALL._Z._X._Z.N.PN","H","AT","W0","W0","CP0",2,"2000","R","PCS_ALL","_Z","_X","_Z","N","PN","2022-S1",26.370133,"A",false,null,null,"P6M",{"$nulls":4},"S",null,null,3,null,"Total number of card paymentelectronic, received - SCA: , acquirer location: Austria, POS location: world","Total number of card paymentelectronic, received - SCA: , acquirer location: Austria, POS location: world","PN",6]
["PCP.H.LU.G1.W0.CP0.1.2230.R.PCS_ALL._Z._X._Z.N.PN","H","LU","G1","W0","CP0",1,"2230","R","PCS_ALL","_Z","_X","_Z","N","PN","2023-S2",0.110574,"P",false,null,null,"P6M",{"$nulls":4},"S",null,null,3,null,"Number of card payment, initiated via mobile payment solution (electronic), sent - SCA: , issuer location: Luxembourg, acquirer location: outside EEA, POS location: world","Number of card payment, initiated via mobile payment solution (electronic), sent - SCA: , issuer location: Luxembourg, acquirer location: outside EEA, POS location: world","PN",6]
["PCP.Q.FR._Z.W0.CP0.1.2000._T.PCS_ALL._Z._X._Z.N.EUR","Q","FR","_Z","W0","CP0",1,"2000","_T","PCS_ALL","_Z","_X","_Z","N","EUR","2023-Q4",208903.864036,"A",false,null,null,"P3M",{"$nulls":4},"S",null,null,3,null,"Value of card paymentelectronic, sent - SCA: , issuer location: France, acquirer location: Not applicable, POS location: world","Value of card paymentelectronic, sent - SCA: , issuer location: France, acquirer location: Not applicable, POS location: world","EUR",6]
["PCP.H.IT.G3.W0.CP0.1.2000.NR.PCS_ALL._Z.204._Z.N.EUR","H","IT","G3","W0","CP0",1,"2000","NR","PCS_ALL","_Z","204","_Z","N","EUR","2022-S2",20.153862,"A",false,null,null,"P6M",{"$nulls":4},"S",null,null,3,null,"Value of card paymentelectronic, sent - SCA: non-sca: trusted beneficiaries, issuer location: Italy, acquirer location: other EEA countries, POS location: world","Value of card paymentelectronic, sent - SCA: non-sca: trusted beneficiaries, issuer location: Italy, acquirer location: other EEA countries, POS location: world","EUR",6]
["PCP.H.DE.W0.W0.CP0.1.2000.R.PCS_ALL._Z.207._Z.N.EUR","H","DE","W0","W0","CP0",1,"2000","R","PCS_ALL","_Z","207","_Z","N","EUR","2022-S1",1895.60877831,"A",false,null,null,"P6M",{"$nulls":4},"S",null,null,3,null,"Total value of card paymentelectronic, sent - SCA: non-sca: secure corporate payment, issuer location: Germany, POS location: world","Total value of card paymentelectronic, sent - SCA: non-sca: secure corporate payment, issuer location: Germany, POS location: world","EUR",6]
["PCP.H.PT.W1.W0.CW1.1._T._T.PCS_ALL.13._X._Z.N.EUR","H","PT","W1","W0","CW1",1,"_T","_T","PCS_ALL","13","_X","_Z","N","EUR","2022-S2",0,"A",false,null,null,"P6M",{"$nulls":4},"S",null,null,3,null,"Value of cash withdrawal using cards with a credit card, sent - issuer location: Portugal, acquirer location: Rest of the World, terminal location: world","Value of cash withdrawal using cards with a credit card, sent - issuer location: Portugal, acquirer location: Rest of the World, terminal location: world","EUR",6]
["PCP.H.HR.W0.W2.CP0.1.2000.R.PCS_ALL.12._X._Z.N.EUR","H","HR","W0","W2","CP0",1,"2000","R","PCS_ALL","12","_X","_Z","N","EUR","2023-S2",175.784225,"P",false,null,null,"P6M",{"$nulls":4},"S",null,null,3,null,"Total value of card payment with a delayed debit card, sent - issuer location: Croatia, POS location: domestic","Total value of card payment with a delayed debit card, sent - issuer location: Croatia, POS location: domestic","EUR",6]
["PCP.H.LV.G1.W1.CP0.2.2000.NR.PCS_ALL._Z.202._Z.N.PN","H","LV","G1","W1","CP0",2,"2000","NR","PCS_ALL","_Z","202","_Z","N","PN","2022-S1",0.184645,"A",false,null,null,"P6M",{"$nulls":4},"S",null,null,3,null,"Number of card paymentelectronic, received - SCA: non-sca: contactless low value, acquirer location: Latvia, issuer location: outside EEA, POS location: Rest of the World","Number of card paymentelectronic, received - SCA: non-sca: contactless low value, acquirer location: Latvia, issuer location: outside EEA, POS location: Rest of the World","PN",6]
["PCP.H.EE.W1.W1.CP0.2.1000.NR.PCS_ALL._Z._X._Z.N.PN","H","EE","W1","W1","CP0",2,"1000","NR","PCS_ALL","_Z","_X","_Z","N","PN","2023-S1",1.156888,"A",false,null,null,"P6M",{"$nulls":4},"S",null,null,3,null,"Number of card paymentnon-electronic, received - SCA: , acquirer location: Estonia, issuer location: Rest of the World, POS location: Rest of the World","Number of card paymentnon-electronic, received - SCA: , acquirer location: Estonia, issuer location: Rest of the World, POS location: Rest of the World","PN",6]
["PCP.H.MT.W1.W1.CP0.2.2000.NR.PCS_ALL._Z.205._Z.N.EUR","H","MT","W1","W1","CP0",2,"2000","NR","PCS_ALL","_Z","205","_Z","N","EUR","2022-S2",0,"A",false,null,null,"P6M",{"$nulls":4},"S",null,null,3,null,"Value of card paymentelectronic, received - SCA: non-sca: recurring transaction, acquirer location: Malta, issuer location: Rest of the World, POS location: Rest of the World","Value of card paymentelectronic, received - SCA: non-sca: recurring transaction, acquirer location: Malta, issuer location: Rest of the World, POS location: Rest of the World","EUR",6]
["PCP.H.LT.W1.W1.CP0.1.2223.NR.PCS_ALL._Z._X._Z.N.PN","H","LT","W1","W1","CP0",1,"2223","NR","PCS_ALL","_Z","_X","_Z","N","PN","2023-S2",641.7271769999998,"P",false,null,null,"P6M",{"$nulls":4},"S",null,null,3,null,"Number of card payment, initiated at eftpos, sent - SCA: , issuer location: Lithuania, acquirer location: Rest of the World, POS location: Rest of the World","Number of card payment, initiated at eftpos, sent - SCA: , issuer location: Lithuania, acquirer location: Rest of the World, POS location: Rest of the World","PN",6]
["PCP.H.MT.W1.G3.CP0.1.2000.NR.PCS_ALL._Z.200._Z.N.EUR","H","MT","W1","G3","CP0",1,"2000","NR","PCS_ALL","_Z","200","_Z","N","EUR","2022-S1",58.81193227999999,"A",false,null,null,"P6M",{"$nulls":4},"S",null,null,3,null,"Value of card paymentelectronic, sent - SCA: non-sca, issuer location: Malta, acquirer location: Rest of the World, POS location: other EEA countries","Value of card paymentelectronic, sent - SCA: non-sca, issuer location: Malta, acquirer location: Rest of the World, POS location: other EEA countries","EUR",6]
["PCP.H.ES.W2.W2.CP0.1.1000.NR.PCS_ALL._Z._X._Z.N.EUR","H","ES","W2","W2","CP0",1,"1000","NR","PCS_ALL","_Z","_X","_Z","N","EUR","2022-S2",null,"Q",false,null,null,"P6M",{"$nulls":4},"S",null,null,3,null,"Value of card paymentnon-electronic, sent - SCA: , issuer location: Spain, acquirer location: domestic, POS location: domestic","Value of card paymentnon-electronic, sent - SCA: , issuer location: Spain, acquirer location: domestic, POS location: domestic","EUR",6]
["PCP.A.SE.W0.W0.CP0.1.2223.NR.PCS_ALL._Z._X._Z.G1.PN","A","SE","W0","W0","CP0",1,"2223","NR","PCS_ALL","_Z","_X","_Z","G1","PN","2020",6.849199780158187,"A",false,null,null,"P1Y",{"$nulls":4},"S",null,null,2,null,"Annual growth rate of the total number of card payment, initiated at eftpos, sent - SCA: , issuer location: Sweden, POS location: world","Annual growth rate of the total number of card payment, initiated at eftpos, sent - SCA: , issuer location: Sweden, POS location: world","PN",0]
["PCP.H.IT.W2.G3.CP0.2.2000._T.PCS_ALL._Z._X._Z.N.EUR","H","IT","W2","G3","CP0",2,"2000","_T","PCS_ALL","_Z","_X","_Z","N","EUR","2023-S1",2.917768999999999,"A",false,null,null,"P6M",{"$nulls":4},"S",null,null,3,null,"Value of card paymentelectronic, received - SCA: , acquirer location: Italy, issuer location: domestic, POS location: other EEA countries","Value of card paymentelectronic, received - SCA: , acquirer location: Italy, issuer location: domestic, POS location: other EEA countries","EUR",6]
["PCP.H.PT.W1.G1.CP1.1.2223.NR.PCS_ALL._Z._X._Z.N.EUR","H","PT","W1","G1","CP1",1,"2223","NR","PCS_ALL","_Z","_X","_Z","N","EUR","2022-S1",23.30996425,"A",false,null,null,"P6M",{"$nulls":4},"S",null,null,3,null,"Value of card payments (contactless), initiated at eftpos, sent - SCA: , issuer location: Portugal, acquirer location: Rest of the World, terminal location: outside EEA","Value of card payments (contactless), initiated at eftpos, sent - SCA: , issuer location: Portugal, acquirer location: Rest of the World, terminal location: outside EEA","EUR",6]
["PCP.H.IE.W0.G3.CP0.1.1000.R.PCS_ALL._Z._X._Z.N.PN","H","IE","W0","G3","CP0",1,"1000","R","PCS_ALL","_Z","_X","_Z","N","PN","2023-S1",23.027397,"A",false,null,null,"P6M",{"$nulls":4},"S",null,null,3,null,"Total number of card paymentnon-electronic, sent - SCA: , issuer location: Ireland, POS location: other EEA countries","Total number of card paymentnon-electronic, sent - SCA: , issuer location: Ireland, POS location: other EEA countries","PN",6]
["PCP.A.U2.W0.W0.CP0.1.2223.NR.PCS_ALL._Z._X._Z.N.PN_R_CP0","A","U2","W0","W0","CP0",1,"2223","NR","PCS_ALL","_Z","_X","_Z","N","PN_R_CP0","2023",80.8433200078793,"A",false,null,null,"P1Y",{"$nulls":4},"S",null,null,2,null,"Total number; ratio to total card payments of card payment, initiated at eftpos, sent - SCA: , issuer location: euro area (changing composition), POS location: world","Total number; ratio to total card payments of card payment, initiated at eftpos, sent - SCA: , issuer location: euro area (changing composition), POS location: world","PN_R_CP0",0]
["PCP.H.PL.W2.G1.CP0.2.2000.NR.PCS_ALL.11._X._Z.N.PN","H","PL","W2","G1","CP0",2,"2000","NR","PCS_ALL","11","_X","_Z","N","PN","2023-S1",0,"A",false,null,null,"P6M",{"$nulls":4},"S",null,null,3,null,"Number of card payment,with a debit card, received - acquirer location: Poland, issuer location: domestic, POS location: outside EEA","Number of card payment,with a debit card, received - acquirer location: Poland, issuer location: domestic, POS location: outside EEA","PN",6]
["PCP.H.SK.G3.G1.CP0.1.2000.NR.PCS_ALL._Z.200._Z.N.EUR","H","SK","G3","G1","CP0",1,"2000","NR","PCS_ALL","_Z","200","_Z","N","EUR","2023-S2",1.66439,"P",false,null,null,"P6M",{"$nulls":4},"S",null,null,3,null,"Value of card paymentelectronic, sent - SCA: non-sca, issuer location: Slovakia, acquirer location: other EEA countries, POS location: outside EEA","Value of card paymentelectronic, sent - SCA: non-sca, issuer location: Slovakia, acquirer location: other EEA countries, POS location: outside EEA","EUR",6]
["PCP.H.LU.W0.W0.CP0.2.2000.R.PCS_ALL._Z.201._Z.N.EUR","H","LU","W0","W0","CP0",2,"2000","R","PCS_ALL","_Z","201","_Z","N","EUR","2023-S2",195.656054,"P",false,null,null,"P6M",{"$nulls":4},"S",null,null,3,null,"Total value of card paymentelectronic, received - SCA: non-sca: low value, acquirer location: Luxembourg, POS location: world","Total value of card paymentelectronic, received - SCA: non-sca: low value, acquirer location: Luxembourg, POS location: world","EUR",6]
["PCP.H.CZ.W1.W0.CP0.1.2000.R.PCS_ALL._Z.204._Z.N.XDF","H","CZ","W1","W0","CP0",1,"2000","R","PCS_ALL","_Z","204","_Z","N","XDF","2023-S2",0.29129068,"P",false,null,null,"P6M",{"$nulls":4},"S",null,null,3,null,"Value of card paymentelectronic, sent - SCA: non-sca: trusted beneficiaries, issuer location: Czech Republic, acquirer location: Rest of the World, POS location: world","Value of card paymentelectronic, sent - SCA: non-sca: trusted beneficiaries, issuer location: Czech Republic, acquirer location: Rest of the World, POS location: world","XDF",6]
["PCP.H.RO.W2.G3.CP0.1.2000.NR.PCS_ALL._Z._X._Z.N.XDF","H","RO","W2","G3","CP0",1,"2000","NR","PCS_ALL","_Z","_X","_Z","N","XDF","2022-S2",311.6658229999999,"A",false,null,null,"P6M",{"$nulls":4},"S",null,null,3,null,"Value of card paymentelectronic, sent - SCA: , issuer location: Romania, acquirer location: domestic, POS location: other EEA countries","Value of card paymentelectronic, sent - SCA: , issuer location: Romania, acquirer location: domestic, POS location: other EEA countries","XDF",6]
["PCP.H.BE.G1.W1.CP0.2.2000.R.PCS_ALL._Z.200._Z.N.EUR","H","BE","G1","W1","CP0",2,"2000","R","PCS_ALL","_Z","200","_Z","N","EUR","2022-S1",70.778722,"A",false,null,null,"P6M",{"$nulls":4},"S",null,null,3,null,"Value of card paymentelectronic, received - SCA: non-sca, acquirer location: Belgium, issuer location: outside EEA, POS location: Rest of the World","Value of card paymentelectronic, received - SCA: non-sca, acquirer location: Belgium, issuer location: outside EEA, POS location: Rest of the World","EUR",6]
["PCP.H.RO.W0.G1.CP0.1.2000.NR.PCS_ALL._Z.100._Z.N.PN","H","RO","W0","G1","CP0",1,"2000","NR","PCS_ALL","_Z","100","_Z","N","PN","2023-S2",3.776473,"P",false,null,null,"P6M",{"$nulls":4},"S",null,null,3,null,"Total number of card paymentelectronic, sent - SCA: sca, issuer location: Romania, POS location: outside EEA","Total number of card paymentelectronic, sent - SCA: sca, issuer location: Romania, POS location: outside EEA","PN",6]
["PCP.H.HU.W0.G3.CP0.1.2000.R.PCS_ALL.13._X._Z.N.PN","H","HU","W0","G3","CP0",1,"2000","R","PCS_ALL","13","_X","_Z","N","PN","2023-S1",3.024817,"A",false,null,null,"P6M",{"$nulls":4},"S",null,null,3,null,"Total number of card payment with a credit card, sent - issuer location: Hungary, POS location: other EEA countries","Total number of card payment with a credit card, sent - issuer location: Hungary, POS location: other EEA countries","PN",6]
["PCP.H.IT.G3.W2.CP0.2.2000.R.PCS_ALL._Z.201._Z.N.EUR","H","IT","G3","W2","CP0",2,"2000","R","PCS_ALL","_Z","201","_Z","N","EUR","2023-S2",1.991425,"P",false,null,null,"P6M",{"$nulls":4},"S",null,null,3,null,"Value of card paymentelectronic, received - SCA: non-sca: low value, acquirer location: Italy, issuer location: other EEA countries, POS location: domestic","Value of card paymentelectronic, received - SCA: non-sca: low value, acquirer location: Italy, issuer location: other EEA countries, POS location: domestic","EUR",6]
["PCP.H.BG.G3.G3.CP0.1.2000.NR.PCS_ALL._Z.206._Z.N.XDF","H","BG","G3","G3","CP0",1,"2000","NR","PCS_ALL","_Z","206","_Z","N","XDF","2023-S2",2.47210869,"P",false,null,null,"P6M",{"$nulls":4},"S",null,null,3,null,"Value of card paymentelectronic, sent - SCA: non-sca: unattended terminals, issuer location: Bulgaria, acquirer location: other EEA countries, POS location: other EEA countries","Value of card paymentelectronic, sent - SCA: non-sca: unattended terminals, issuer location: Bulgaria, acquirer location: other EEA countries, POS location: other EEA countries","XDF",6]
["PCP.H.SI.W1.G1.CP0.1.2229.NR.PCS_ALL._Z._X._Z.N.EUR","H","SI","W1","G1","CP0",1,"2229","NR","PCS_ALL","_Z","_X","_Z","N","EUR","2023-S1",0.000107,"A",false,null,null,"P6M",{"$nulls":4},"S",null,null,3,null,"Value of card payment, initiated at other electronic channel, sent - SCA: , issuer location: Slovenia, acquirer location: Rest of the World, POS location: outside EEA","Value of card payment, initiated at other electronic channel, sent - SCA: , issuer location: Slovenia, acquirer location: Rest of the World, POS location: outside EEA","EUR",6]
["PCP.H.HU.W0.W0.CP0.2.2000.NR.PCS_ALL.13._X._Z.G1.XDF","H","HU","W0","W0","CP0",2,"2000","NR","PCS_ALL","13","_X","_Z","G1","XDF","2023-S2",1.911971398955586,"P",false,null,null,"P6M",{"$nulls":4},"S",null,null,2,null,"Annual growth rate of the total value of card payment,with a credit card, received - acquirer location: Hungary, POS location: world","Annual growth rate of the total value of card payment,with a credit card, received - acquirer location: Hungary, POS location: world","XDF",0]
["PCP.H.B0.W0.W0.CP0.2.2000.NR.PCS_ALL._Z._X._Z.N.EUR_R_B1GQ","H","B0","W0","W0","CP0",2,"2000","NR","PCS_ALL","_Z","_X","_Z","N","EUR_R_B1GQ","2022-S1",25.7912219509355,"A",false,null,"Due to partial reporting, EU aggregates do not include national data for Denmark, Poland and Sweden.","P6M",{"$nulls":4},"S",null,null,2,null,"Total value; ratio to gdp of card paymentelectronic, received - SCA: , acquirer location: EU (changing composition), POS location: world","Total value; ratio to gdp of card paymentelectronic, received - SCA: , acquirer location: EU (changing composition), POS location: world","EUR_R_B1GQ",0]
["PCP.H.LT.W0.G3.CP0.2.2000.NR.PCS_ALL._Z._X._Z.N.PN","H","LT","W0","G3","CP0",2,"2000","NR","PCS_ALL","_Z","_X","_Z","N","PN","2022-S1",31.71935700000001,"A",false,null,null,"P6M",{"$nulls":4},"S",null,null,3,null,"Total number of card paymentelectronic, received - SCA: , acquirer location: Lithuania, POS location: other EEA countries","Total number of card paymentelectronic, received - SCA: , acquirer location: Lithuania, POS location: other EEA countries","PN",6]
["PCP.H.SK.W1.G3.CP0.2.2000.R.PCS_ALL._Z.205._Z.N.EUR","H","SK","W1","G3","CP0",2,"2000","R","PCS_ALL","_Z","205","_Z","N","EUR","2023-S1",0,"A",false,null,null,"P6M",{"$nulls":4},"S",null,null,3,null,"Value of card paymentelectronic, received - SCA: non-sca: recurring transaction, acquirer location: Slovakia, issuer location: Rest of the World, POS location: other EEA countries","Value of card paymentelectronic, received - SCA: non-sca: recurring transaction, acquirer location: Slovakia, issuer location: Rest of the World, POS location: other EEA countries","EUR",6]
["PCP.H.LV.G3.W2.CP0.1.1000._T.PCS_ALL._Z._X._Z.N.EUR","H","LV","G3","W2","CP0",1,"1000","_T","PCS_ALL","_Z","_X","_Z","N","EUR","2023-S1",1.6560727,"A",false,null,null,"P6M",{"$nulls":4},"S",null,null,3,null,"Value of card paymentnon-electronic, sent - SCA: , issuer location: Latvia, acquirer location: other EEA countries, POS location: domestic","Value of card paymentnon-electronic, sent - SCA: , issuer location: Latvia, acquirer location: other EEA countries, POS location: domestic","EUR",6]
["PCP.H.PL.G3.W1.CP0.2.2229.NR.PCS_ALL._Z._X._Z.N.PN","H","PL","G3","W1","CP0",2,"2229","NR","PCS_ALL","_Z","_X","_Z","N","PN","2023-S2",0,"P",false,null,null,"P6M",{"$nulls":4},"S",null,null,3,null,"Number of card payment, initiated at other electronic channel, received - SCA: , acquirer location: Poland, issuer location: other EEA countries, POS location: Rest of the World","Number of card payment, initiated at other electronic channel, received - SCA: , acquirer location: Poland, issuer location: other EEA countries, POS location: Rest of the World","PN",6]
["PCP.H.FI.G3.W0.CP0.1.2000.R.PCS_ALL._Z.210._Z.N.PN","H","FI","G3","W0","CP0",1,"2000","R","PCS_ALL","_Z","210","_Z","N","PN","2023-S2",6.286991000000002,"P",false,null,null,"P6M",{"$nulls":4},"S",null,null,3,null,"Number of card paymentelectronic, sent - SCA: non-sca: others, issuer location: Finland, acquirer location: other EEA countries, POS location: world","Number of card paymentelectronic, sent - SCA: non-sca: others, issuer location: Finland, acquirer location: other EEA countries, POS location: world","PN",6]
["PCP.A.LU.W1.W0.CP0.1._T._T.PCS_ALL._Z._X._Z.N.EUR","A","LU","W1","W0","CP0",1,"_T","_T","PCS_ALL","_Z","_X","_Z","N","EUR","2020",6749.86486,"A",false,null,null,"P1Y",{"$nulls":4},"S",null,null,3,null,"Value of card paymentall, sent - SCA: , issuer location: Luxembourg, acquirer location: Rest of the World, POS location: world","Value of card paymentall, sent - SCA: , issuer location: Luxembourg, acquirer location: Rest of the World, POS location: world","EUR",6]
["PCP.H.LV.W0.G3.CP0.2.2000.NR.PCS_ALL.11._X._Z.N.EUR","H","LV","W0","G3","CP0",2,"2000","NR","PCS_ALL","11","_X","_Z","N","EUR","2023-S1",196.9592845,"A",false,null,null,"P6M",{"$nulls":4},"S",null,null,3,null,"Total value of card payment,with a debit card, received - acquirer location: Latvia, POS location: other EEA countries","Total value of card payment,with a debit card, received - acquirer location: Latvia, POS location: other EEA countries","EUR",6]
["PCP.H.PT.W1.G1.CP0.1.2000.NR.PCS_ALL.12._X._Z.N.EUR","H","PT","W1","G1","CP0",1,"2000","NR","PCS_ALL","12","_X","_Z","N","EUR","2023-S2",102.76520361,"P",false,null,null,"P6M",{"$nulls":4},"S",null,null,3,null,"Value of card payment with a delayed debit card, sent - issuer location: Portugal, acquirer location: Rest of the World, POS location: outside EEA","Value of card payment with a delayed debit card, sent - issuer location: Portugal, acquirer location: Rest of the World, POS location: outside EEA","EUR",6]
["PCP.H.HR.G1.W2.CP1.1.2223.NR.PCS_ALL._Z._X._Z.N.EUR","H","HR","G1","W2","CP1",1,"2223","NR","PCS_ALL","_Z","_X","_Z","N","EUR","2023-S1",0.119192,"A",false,null,null,"P6M",{"$nulls":4},"S",null,null,3,null,"Value of card payments (contactless), initiated at eftpos, sent - SCA: , issuer location: Croatia, acquirer location: outside EEA, terminal location: domestic","Value of card payments (contactless), initiated at eftpos, sent - SCA: , issuer location: Croatia, acquirer location: outside EEA, terminal location: domestic","EUR",6]
["PCP.H.BE.G3.W2.CP0.2.2000.NR.PCS_ALL._Z.202._Z.N.PN","H","BE","G3","W2","CP0",2,"2000","NR","PCS_ALL","_Z","202","_Z","N","PN","2022-S2",28.821807,"A",false,null,null,"P6M",{"$nulls":4},"S",null,null,3,null,"Number of card paymentelectronic, received - SCA: non-sca: contactless low value, acquirer location: Belgium, issuer location: other EEA countries, POS location: domestic","Number of card paymentelectronic, received - SCA: non-sca: contactless low value, acquirer location: Belgium, issuer location: other EEA countries, POS location: domestic","PN",6]
["PCP.H.RO.W2.W0.CP0.1.2000.R.PCS_ALL._Z._X._Z.N.XDF","H","RO","W2","W0","CP0",1,"2000","R","PCS_ALL","_Z","_X","_Z","N","XDF","2023-S2",22003.739364,"P",false,null,null,"P6M",{"$nulls":4},"S",null,null,3,null,"Value of card paymentelectronic, sent - SCA: , issuer location: Romania, acquirer location: domestic, POS location: world","Value of card paymentelectronic, sent - SCA: , issuer location: Romania, acquirer location: domestic, POS location: world","XDF",6]
["PCP.Q.PT._Z.W0.CP0.1.2000._T.PCS_ALL._Z._X._Z.N.PN","Q","PT","_Z","W0","CP0",1,"2000","_T","PCS_ALL","_Z","_X","_Z","N","PN","2023-Q4",657.460503,"A",false,null,null,"P3M",{"$nulls":4},"S",null,null,3,null,"Number of card paymentelectronic, sent - SCA: , issuer location: Portugal, acquirer location: Not applicable, POS location: world","Number of card paymentelectronic, sent - SCA: , issuer location: Portugal, acquirer location: Not applicable, POS location: world","PN",6]
["PCP.H.IE.G3.G1.CP0.1.2230.R.PCS_ALL._Z._X._Z.N.EUR","H","IE","G3","G1","CP0",1,"2230","R","PCS_ALL","_Z","_X","_Z","N","EUR","2023-S1",28.27813293000001,"A",false,null,null,"P6M",{"$nulls":4},"S",null,null,3,null,"Value of card payment, initiated via mobile payment solution (electronic), sent - SCA: , issuer location: Ireland, acquirer location: other EEA countries, POS location: outside EEA","Value of card payment, initiated via mobile payment solution (electronic), sent - SCA: , issuer location: Ireland, acquirer location: other EEA countries, POS location: outside EEA","EUR",6]
["PCP.H.ES.G1.W2.CP0.1._T._T.PCS_ALL._Z._X._Z.N.EUR","H","ES","G1","W2","CP0",1,"_T","_T","PCS_ALL","_Z","_X","_Z","N","EUR","2022-S1",120.22273772,"A",false,null,null,"P6M",{"$nulls":4},"S",null,null,3,null,"Value of card paymentall, sent - SCA: , issuer location: Spain, acquirer location: outside EEA, POS location: domestic","Value of card paymentall, sent - SCA: , issuer location: Spain, acquirer location: outside EEA, POS location: domestic","EUR",6]
["PCP.H.LT.G3.W2.CP0.1.2000.NR.PCS_ALL._Z.206._Z.N.PN","H","LT","G3","W2","CP0",1,"2000","NR","PCS_ALL","_Z","206","_Z","N","PN","2022-S2",0.053987,"A",false,null,null,"P6M",{"$nulls":4},"S",null,null,3,null,"Number of card paymentelectronic, sent - SCA: non-sca: unattended terminals, issuer location: Lithuania, acquirer location: other EEA countries, POS location: domestic","Number of card paymentelectronic, sent - SCA: non-sca: unattended terminals, issuer location: Lithuania, acquirer location: other EEA countries, POS location: domestic","PN",6]
["PCP.H.AT.G3.W0.CP0.2.2000.NR.PCS_ALL._Z.202._Z.N.EUR","H","AT","G3","W0","CP0",2,"2000","NR","PCS_ALL","_Z","202","_Z","N","EUR","2022-S1",504.79334672,"A",false,null,null,"P6M",{"$nulls":4},"S",null,null,3,null,"Value of card paymentelectronic, received - SCA: non-sca: contactless low value, acquirer location: Austria, issuer location: other EEA countries, POS location: world","Value of card paymentelectronic, received - SCA: non-sca: contactless low value, acquirer location: Austria, issuer location: other EEA countries, POS location: world","EUR",6]
["PCP.H.MT.G3.W2.CP0.2.1000._T.PCS_ALL._Z._X._Z.N.EUR","H","MT","G3","W2","CP0",2,"1000","_T","PCS_ALL","_Z","_X","_Z","N","EUR","2022-S1",0.4283641,"A",false,null,null,"P6M",{"$nulls":4},"S",null,null,3,null,"Value of card paymentnon-electronic, received - SCA: , acquirer location: Malta, issuer location: other EEA countries, POS location: domestic","Value of card paymentnon-electronic, received - SCA: , acquirer location: Malta, issuer location: other EEA countries, POS location: domestic","EUR",6]
["PCP.H.FI.W0.G3.CW1.1._T._T.PCS_ALL.12._X._Z.N.EUR","H","FI","W0","G3","CW1",1,"_T","_T","PCS_ALL","12","_X","_Z","N","EUR","2023-S2",1.05737642,"P",false,null,null,"P6M",{"$nulls":4},"S",null,null,3,null,"Total value of cash withdrawal using cards with a delayed debit card, sent - issuer location: Finland, terminal location: other EEA countries","Total value of cash withdrawal using cards with a delayed debit card, sent - issuer location: Finland, terminal location: other EEA countries","EUR",6]
["PCP.H.BE.G1.W1.CP0.1.2000.R.PCS_ALL._Z.210._Z.N.EUR","H","BE","G1","W1","CP0",1,"2000","R","PCS_ALL","_Z","210","_Z","N","EUR","2022-S1",352.274578,"A",false,null,null,"P6M",{"$nulls":4},"S",null,null,3,null,"Value of card paymentelectronic, sent - SCA: non-sca: others, issuer location: Belgium, acquirer location: outside EEA, POS location: Rest of the World","Value of card paymentelectronic, sent - SCA: non-sca: others, issuer location: Belgium, acquirer location: outside EEA, POS location: Rest of the World","EUR",6]
["PCP.H.CY.W0.W1.CP0.2.2000.R.PCS_ALL._Z.200._Z.N.EUR","H","CY","W0","W1","CP0",2,"2000","R","PCS_ALL","_Z","200","_Z","N","EUR","2023-S2",9103.673099,"P",false,null,null,"P6M",{"$nulls":4},"S",null,null,3,null,"Total value of card paymentelectronic, received - SCA: non-sca, acquirer location: Cyprus, POS location: Rest of the World","Total value of card paymentelectronic, received - SCA: non-sca, acquirer location: Cyprus, POS location: Rest of the World","EUR",6]
["PCP.H.SI.W2.G1.CP0.1.2221.NR.PCS_ALL._Z._X._Z.N.PN","H","SI","W2","G1","CP0",1,"2221","NR","PCS_ALL","_Z","_X","_Z","N","PN","2022-S2",0,"A",false,null,null,"P6M",{"$nulls":4},"S",null,null,3,null,"Number of card payment, initiated at atm, sent - SCA: , issuer location: Slovenia, acquirer location: domestic, POS location: outside EEA","Number of card payment, initiated at atm, sent - SCA: , issuer location: Slovenia, acquirer location: domestic, POS location: outside EEA","PN",6]
["PCP.H.LT.G3.W0.CP0.1.2000.R.PCS_ALL.13._X._Z.N.PN","H","LT","G3","W0","CP0",1,"2000","R","PCS_ALL","13","_X","_Z","N","PN","2022-S1",2.163415000000001,"A",false,null,null,"P6M",{"$nulls":4},"S",null,null,3,null,"Number of card payment with a credit card, sent - issuer location: Lithuania, acquirer location: other EEA countries, POS location: world","Number of card payment with a credit card, sent - issuer location: Lithuania, acquirer location: other EEA countries, POS location: world","PN",6]
["PCP.A.FR.CY.W0.CP0.1._T._T.PCS_ALL._Z._X._Z.N.PN","A","FR","CY","W0","CP0",1,"_T","_T","PCS_ALL","_Z","_X","_Z","N","PN","2020",13.086,"A",false,null,null,"P1Y",{"$nulls":4},"S",null,null,3,null,"Number of card paymentall, sent - SCA: , issuer location: France, acquirer location: Cyprus, POS location: world","Number of card paymentall, sent - SCA: , issuer location: France, acquirer location: Cyprus, POS location: world","PN",6]
["PCP.H.FI.G1.W2.CP0.1.2230.R.PCS_ALL._Z._X._Z.N.PN","H","FI","G1","W2","CP0",1,"2230","R","PCS_ALL","_Z","_X","_Z","N","PN","2023-S1",0.004659,"A",false,null,null,"P6M",{"$nulls":4},"S",null,null,3,null,"Number of card payment, initiated via mobile payment solution (electronic), sent - SCA: , issuer location: Finland, acquirer location: outside EEA, POS location: domestic","Number of card payment, initiated via mobile payment solution (electronic), sent - SCA: , issuer location: Finland, acquirer location: outside EEA, POS location: domestic","PN",6]
["PCP.A.HR.EE.W0.CP0.1._T._T.PCS_ALL._Z._X._Z.N.PN","A","HR","EE","W0","CP0",1,"_T","_T","PCS_ALL","_Z","_X","_Z","N","PN","2015",0.006,"A",false,null,null,"P1Y",{"$nulls":4},"S",null,null,3,null,"Number of card paymentall, sent - SCA: , issuer location: Croatia, acquirer location: Estonia, POS location: world","Number of card paymentall, sent - SCA: , issuer location: Croatia, acquirer location: Estonia, POS location: world","PN",6]
["PCP.H.IT.W1.G3.CP0.1.2000.R.PCS_ALL._Z.100._Z.N.PN","H","IT","W1","G3","CP0",1,"2000","R","PCS_ALL","_Z","100","_Z","N","PN","2022-S1",33.180069,"A",false,null,null,"P6M",{"$nulls":4},"S",null,null,3,null,"Number of card paymentelectronic, sent - SCA: sca, issuer location: Italy, acquirer location: Rest of the World, POS location: other EEA countries","Number of card paymentelectronic, sent - SCA: sca, issuer location: Italy, acquirer location: Rest of the World, POS location: other EEA countries","PN",6]
["PCP.H.ES.W0.G3.CP0.2.2000.R.PCS_ALL._Z.208._Z.N.PN","H","ES","W0","G3","CP0",2,"2000","R","PCS_ALL","_Z","208","_Z","N","PN","2023-S1",1.523584,"A",false,null,null,"P6M",{"$nulls":4},"S",null,null,3,null,"Total number of card paymentelectronic, received - SCA: non-sca: transaction risk analysis, acquirer location: Spain, POS location: other EEA countries","Total number of card paymentelectronic, received - SCA: non-sca: transaction risk analysis, acquirer location: Spain, POS location: other EEA countries","PN",6]
["PCP.H.FR.W0.W1.CP0.2.2000.R.PCS_ALL._Z.210._Z.N.EUR","H","FR","W0","W1","CP0",2,"2000","R","PCS_ALL","_Z","210","_Z","N","EUR","2023-S2",1031.95884263,"P",false,null,null,"P6M",{"$nulls":4},"S",null,null,3,null,"Total value of card paymentelectronic, received - SCA: non-sca: others, acquirer location: France, POS location: Rest of the World","Total value of card paymentelectronic, received - SCA: non-sca: others, acquirer location: France, POS location: Rest of the World","EUR",6]
["PCP.H.DE.G1.W0.CP0.1.2000.R.PCS_ALL._Z.204._Z.N.EUR","H","DE","G1","W0","CP0",1,"2000","R","PCS_ALL","_Z","204","_Z","N","EUR","2022-S1",9.45911441,"A",false,null,null,"P6M",{"$nulls":4},"S",null,null,3,null,"Value of card paymentelectronic, sent - SCA: non-sca: trusted beneficiaries, issuer location: Germany, acquirer location: outside EEA, POS location: world","Value of card paymentelectronic, sent - SCA: non-sca: trusted beneficiaries, issuer location: Germany, acquirer location: outside EEA, POS location: world","EUR",6]
["PCP.H.SI.G1.W2.CP11.1.2223.NR.PCS_ALL._Z._X._Z.N.PN","H","SI","G1","W2","CP11",1,"2223","NR","PCS_ALL","_Z","_X","_Z","N","PN","2022-S1",0.036397,"A",false,null,null,"P6M",{"$nulls":4},"S",null,null,3,null,"Number of card payments (nfc), initiated at eftpos, sent - SCA: , issuer location: Slovenia, acquirer location: outside EEA, terminal location: domestic","Number of card payments (nfc), initiated at eftpos, sent - SCA: , issuer location: Slovenia, acquirer location: outside EEA, terminal location: domestic","PN",6]
["PCP.H.HU.W1.W0.CP0.2.2000.NR.PCS_ALL.12._X._Z.N.XDF","H","HU","W1","W0","CP0",2,"2000","NR","PCS_ALL","12","_X","_Z","N","XDF","2023-S2",3623.310877,"P",false,null,null,"P6M",{"$nulls":4},"S",null,null,3,null,"Value of card payment,with a delayed debit card, received - acquirer location: Hungary, issuer location: Rest of the World, POS location: world","Value of card payment,with a delayed debit card, received - acquirer location: Hungary, issuer location: Rest of the World, POS location: world","XDF",6]
["PCP.H.MT.W2.G3.CP0.1.2229.NR.PCS_ALL._Z._X._Z.N.PN","H","MT","W2","G3","CP0",1,"2229","NR","PCS_ALL","_Z","_X","_Z","N","PN","2022-S1",0,"A",false,null,null,"P6M",{"$nulls":4},"S",null,null,3,null,"Number of card payment, initiated at other electronic channel, sent - SCA: , issuer location: Malta, acquirer location: domestic, POS location: other EEA countries","Number of card payment, initiated at other electronic channel, sent - SCA: , issuer location: Malta, acquirer location: domestic, POS location: other EEA countries","PN",6]
["PCP.H.EE.G1.G3.CP0.1.2000.R.PCS_ALL._Z.200._Z.N.EUR","H","EE","G1","G3","CP0",1,"2000","R","PCS_ALL","_Z","200","_Z","N","EUR","2023-S2",4.765677579999998,"P",false,null,null,"P6M",{"$nulls":4},"S",null,null,3,null,"Value of card paymentelectronic, sent - SCA: non-sca, issuer location: Estonia, acquirer location: outside EEA, POS location: other EEA countries","Value of card paymentelectronic, sent - SCA: non-sca, issuer location: Estonia, acquirer location: outside EEA, POS location: other EEA countries","EUR",6]
["PCP.H.RO.W1.W1.CP0.1.2000.NR.PCS_ALL._Z.200._Z.N.PN","H","RO","W1","W1","CP0",1,"2000","NR","PCS_ALL","_Z","200","_Z","N","PN","2023-S1",17.505953,"A",false,null,null,"P6M",{"$nulls":4},"S",null,null,3,null,"Number of card paymentelectronic, sent - SCA: non-sca, issuer location: Romania, acquirer location: Rest of the World, POS location: Rest of the World","Number of card paymentelectronic, sent - SCA: non-sca, issuer location: Romania, acquirer location: Rest of the World, POS location: Rest of the World","PN",6]
["PCP.H.LT.W2.G1.CP0.2.2000.R.PCS_ALL.13._X._Z.N.PN","H","LT","W2","G1","CP0",2,"2000","R","PCS_ALL","13","_X","_Z","N","PN","2022-S1",0.06854,"A",false,null,null,"P6M",{"$nulls":4},"S",null,null,3,null,"Number of card payment,with a credit card, received - acquirer location: Lithuania, issuer location: domestic, POS location: outside EEA","Number of card payment,with a credit card, received - acquirer location: Lithuania, issuer location: domestic, POS location: outside EEA","PN",6]
["PCP.H.MT.W2.W0.CW1.1._T._T.PCS_ALL.13._X._Z.N.PN","H","MT","W2","W0","CW1",1,"_T","_T","PCS_ALL","13","_X","_Z","N","PN","2022-S2",0.069738,"A",false,null,null,"P6M",{"$nulls":4},"S",null,null,3,null,"Number of cash withdrawal using cards with a credit card, sent - issuer location: Malta, acquirer location: domestic, terminal location: world","Number of cash withdrawal using cards with a credit card, sent - issuer location: Malta, acquirer location: domestic, terminal location: world","PN",6]
["PCP.H.NL.W0.W0.CP0.1.2221.NR.PCS_ALL._Z._X._Z.G1.EUR","H","NL","W0","W0","CP0",1,"2221","NR","PCS_ALL","_Z","_X","_Z","G1","EUR","2023-S2",-76.60889130865526,"P",false,null,null,"P6M",{"$nulls":4},"S",null,null,2,null,"Annual growth rate of the total value of card payment, initiated at atm, sent - SCA: , issuer location: Netherlands, POS location: world","Annual growth rate of the total value of card payment, initiated at atm, sent - SCA: , issuer location: Netherlands, POS location: world","EUR",0]
["PCP.H.BG.G3.W0.CP0.2.2000.R.PCS_ALL._Z.201._Z.N.PN","H","BG","G3","W0","CP0",2,"2000","R","PCS_ALL","_Z","201","_Z","N","PN","2023-S2",0.4808460000000001,"P",false,null,null,"P6M",{"$nulls":4},"S",null,null,3,null,"Number of card paymentelectronic, received - SCA: non-sca: low value, acquirer location: Bulgaria, issuer location: other EEA countries, POS location: world","Number of card paymentelectronic, received - SCA: non-sca: low value, acquirer location: Bulgaria, issuer location: other EEA countries, POS location: world","PN",6]
["PCP.H.NL.W0.W0.CP0.1.2000.R.PCS_ALL.13._X._Z.N.EUR_R_PNT","H","NL","W0","W0","CP0",1,"2000","R","PCS_ALL","13","_X","_Z","N","EUR_R_PNT","2023-S1",62.8610656093364,"A",false,null,null,"P6M",{"$nulls":4},"S",null,null,2,null,"Total value; ratio to number of transactions of card payment with a credit card, sent - issuer location: Netherlands, POS location: world","Total value; ratio to number of transactions of card payment with a credit card, sent - issuer location: Netherlands, POS location: world","EUR_R_PNT",0]
["PCP.Q.FR._Z.G3.CP0.1.2000.NR.PCS_ALL._Z._X._Z.N.EUR","Q","FR","_Z","G3","CP0",1,"2000","NR","PCS_ALL","_Z","_X","_Z","N","EUR","2023-Q1",4011.739057,"A",false,null,null,"P3M",{"$nulls":4},"S",null,null,3,null,"Value of card paymentelectronic, sent - SCA: , issuer location: France, acquirer location: Not applicable, POS location: other EEA countries","Value of card paymentelectronic, sent - SCA: , issuer location: France, acquirer location: Not applicable, POS location: other EEA countries","EUR",6]
["PCP.H.IE.G1.W1.CP0.1.2231.R.PCS_ALL._Z._X._Z.N.PN","H","IE","G1","W1","CP0",1,"2231","R","PCS_ALL","_Z","_X","_Z","N","PN","2022-S2",0,"A",false,null,null,"P6M",{"$nulls":4},"S",null,null,3,null,"Number of card payment, initiated via p2p mobile payment solution (electronic), sent - SCA: , issuer location: Ireland, acquirer location: outside EEA, POS location: Rest of the World","Number of card payment, initiated via p2p mobile payment solution (electronic), sent - SCA: , issuer location: Ireland, acquirer location: outside EEA, POS location: Rest of the World","PN",6]
["PCP.H.EE.W2.W2.CP0.2.2000.NR.PCS_ALL._Z.206._Z.N.PN","H","EE","W2","W2","CP0",2,"2000","NR","PCS_ALL","_Z","206","_Z","N","PN","2022-S1",null,"Q",false,null,null,"P6M",{"$nulls":4},"S",null,null,3,null,"Number of card paymentelectronic, received - SCA: non-sca: unattended terminals, acquirer location: Estonia, issuer location: domestic, POS location: domestic","Number of card paymentelectronic, received - SCA: non-sca: unattended terminals, acquirer location: Estonia, issuer location: domestic, POS location: domestic","PN",6]
["PCP.H.SK.G3.G1.CP0.2.1000.R.PCS_ALL._Z._X._Z.N.PN","H","SK","G3","G1","CP0",2,"1000","R","PCS_ALL","_Z","_X","_Z","N","PN","2023-S1",0,"A",false,null,null,"P6M",{"$nulls":4},"S",null,null,3,null,"Number of card paymentnon-electronic, received - SCA: , acquirer location: Slovakia, issuer location: other EEA countries, POS location: outside EEA","Number of card paymentnon-electronic, received - SCA: , acquirer location: Slovakia, issuer location: other EEA countries, POS location: outside EEA","PN",6]
["PCP.H.U2.W0.W0.CP0.1.2000.NR.PCS_ALL._Z.204._Z.N.EUR","H","U2","W0","W0","CP0",1,"2000","NR","PCS_ALL","_Z","204","_Z","N","EUR","2023-S2",543.6373519399999,"P",false,null,null,"P6M",{"$nulls":4},"S",null,null,3,null,"Total value of card paymentelectronic, sent - SCA: non-sca: trusted beneficiaries, issuer location: euro area (changing composition), POS location: world","Total value of card paymentelectronic, sent - SCA: non-sca: trusted beneficiaries, issuer location: euro area (changing composition), POS location: world","EUR",6]
["PCP.H.NL.W1.W0.CP0.1.2000.R.PCS_ALL._Z.208._Z.N.EUR","H","NL","W1","W0","CP0",1,"2000","R","PCS_ALL","_Z","208","_Z","N","EUR","2023-S2",132.20553599,"P",false,null,null,"P6M",{"$nulls":4},"S",null,null,3,null,"Value of card paymentelectronic, sent - SCA: non-sca: transaction risk analysis, issuer location: Netherlands, acquirer location: Rest of the World, POS location: world","Value of card paymentelectronic, sent - SCA: non-sca: transaction risk analysis, issuer location: Netherlands, acquirer location: Rest of the World, POS location: world","EUR",6]
["PCP.H.FR.W2.W0.CP0.1.2000.R.PCS_ALL._Z.208._Z.N.EUR","H","FR","W2","W0","CP0",1,"2000","R","PCS_ALL","_Z","208","_Z","N","EUR","2023-S1",9889.70002123,"A",false,null,null,"P6M",{"$nulls":4},"S",null,null,3,null,"Value of card paymentelectronic, sent - SCA: non-sca: transaction risk analysis, issuer location: France, acquirer location: domestic, POS location: world","Value of card paymentelectronic, sent - SCA: non-sca: transaction risk analysis, issuer location: France, acquirer location: domestic, POS location: world","EUR",6]
["PCP.A.NL.G1.W0.CP0.1._T._T.PCS_ALL._Z._X._Z.N.PN","A","NL","G1","W0","CP0",1,"_T","_T","PCS_ALL","_Z","_X","_Z","N","PN","2012",null,"M",false,null,null,"P1Y",{"$nulls":4},"S",null,null,3,null,"Number of card paymentall, sent - SCA: , issuer location: Netherlands, acquirer location: outside EEA, POS location: world","Number of card paymentall, sent - SCA: , issuer location: Netherlands, acquirer location: outside EEA, POS location: world","PN",6]
["PCP.H.CZ.W0.W2.CP0.1._T._T.PCS_ALL._Z._X._Z.N.XDF","H","CZ","W0","W2","CP0",1,"_T","_T","PCS_ALL","_Z","_X","_Z","N","XDF","2023-S1",601773.91624376,"A",false,null,null,"P6M",{"$nulls":4},"S",null,null,3,null,"Total value of card paymentall, sent - SCA: , issuer location: Czech Republic, POS location: domestic","Total value of card paymentall, sent - SCA: , issuer location: Czech Republic, POS location: domestic","XDF",6]
["PCP.H.RO.W0.W1.CP0.1.1000.R.PCS_ALL._Z._X._Z.N.XDF","H","RO","W0","W1","CP0",1,"1000","R","PCS_ALL","_Z","_X","_Z","N","XDF","2023-S1",67.870431,"A",false,null,null,"P6M",{"$nulls":4},"S",null,null,3,null,"Total value of card paymentnon-electronic, sent - SCA: , issuer location: Romania, POS location: Rest of the World","Total value of card paymentnon-electronic, sent - SCA: , issuer location: Romania, POS location: Rest of the World","XDF",6]
["PCP.H.IT.W2.G1.CP0.1.1000._T.PCS_ALL._Z._X._Z.N.PN","H","IT","W2","G1","CP0",1,"1000","_T","PCS_ALL","_Z","_X","_Z","N","PN","2022-S2",0.048384,"A",false,null,null,"P6M",{"$nulls":4},"S",null,null,3,null,"Number of card paymentnon-electronic, sent - SCA: , issuer location: Italy, acquirer location: domestic, POS location: outside EEA","Number of card paymentnon-electronic, sent - SCA: , issuer location: Italy, acquirer location: domestic, POS location: outside EEA","PN",6]
["PCP.H.PT.G1.W1.CP0.2.2000.NR.PCS_ALL.11._X._Z.N.PN","H","PT","G1","W1","CP0",2,"2000","NR","PCS_ALL","11","_X","_Z","N","PN","2023-S1",0,"A",false,null,null,"P6M",{"$nulls":4},"S",null,null,3,null,"Number of card payment,with a debit card, received - acquirer location: Portugal, issuer location: outside EEA, POS location: Rest of the World","Number of card payment,with a debit card, received - acquirer location: Portugal, issuer location: outside EEA, POS location: Rest of the World","PN",6]
["PCP.H.DE.G1.W1.CP0.1.2000.NR.PCS_ALL._Z._X._Z.N.PN","H","DE","G1","W1","CP0",1,"2000","NR","PCS_ALL","_Z","_X","_Z","N","PN","2023-S1",69.61625000000001,"A",false,null,null,"P6M",{"$nulls":4},"S",null,null,3,null,"Number of card paymentelectronic, sent - SCA: , issuer location: Germany, acquirer location: outside EEA, POS location: Rest of the World","Number of card paymentelectronic, sent - SCA: , issuer location: Germany, acquirer location: outside EEA, POS location: Rest of the World","PN",6]
["PCP.A.DK.BG.W0.CP0.1._T._T.PCS_ALL._Z._X._Z.N.PN","A","DK","BG","W0","CP0",1,"_T","_T","PCS_ALL","_Z","_X","_Z","N","PN","2015",null,"M",false,null,null,"P1Y",{"$nulls":4},"S",null,null,3,null,"Number of card paymentall, sent - SCA: , issuer location: Denmark, acquirer location: Bulgaria, POS location: world","Number of card paymentall, sent - SCA: , issuer location: Denmark, acquirer location: Bulgaria, POS location: world","PN",6]
["PCP.H.HU.W1.W1.CP0.1.2000.NR.PCS_ALL.13._X._Z.N.PN","H","HU","W1","W1","CP0",1,"2000","NR","PCS_ALL","13","_X","_Z","N","PN","2023-S1",1.444028,"A",false,null,null,"P6M",{"$nulls":4},"S",null,null,3,null,"Number of card payment with a credit card, sent - issuer location: Hungary, acquirer location: Rest of the World, POS location: Rest of the World","Number of card payment with a credit card, sent - issuer location: Hungary, acquirer location: Rest of the World, POS location: Rest of the World","PN",6]
["PCP.H.MT.W0.W2.CP0.2.2000.R.PCS_ALL._Z._X._Z.N.PN","H","MT","W0","W2","CP0",2,"2000","R","PCS_ALL","_Z","_X","_Z","N","PN","2023-S2",22.132652,"P",false,null,null,"P6M",{"$nulls":4},"S",null,null,3,null,"Total number of card paymentelectronic, received - SCA: , acquirer location: Malta, POS location: domestic","Total number of card paymentelectronic, received - SCA: , acquirer location: Malta, POS location: domestic","PN",6]
["PCP.H.FI.W2.W0.CP0.2.2000.NR.PCS_ALL._Z.200._Z.N.EUR","H","FI","W2","W0","CP0",2,"2000","NR","PCS_ALL","_Z","200","_Z","N","EUR","2022-S2",6529.340259230001,"A",false,null,null,"P6M",{"$nulls":4},"S",null,null,3,null,"Value of card paymentelectronic, received - SCA: non-sca, acquirer location: Finland, issuer location: domestic, POS location: world","Value of card paymentelectronic, received - SCA: non-sca, acquirer location: Finland, issuer location: domestic, POS location: world","EUR",6]
["PCP.Q.FI._Z.G1.CP0.1.2000.NR.PCS_ALL._Z._X._Z.N.PN","Q","FI","_Z","G1","CP0",1,"2000","NR","PCS_ALL","_Z","_X","_Z","N","PN","2023-Q1",2.974888,"A",false,null,null,"P3M",{"$nulls":4},"S",null,null,3,null,"Number of card paymentelectronic, sent - SCA: , issuer location: Finland, acquirer location: Not applicable, POS location: outside EEA","Number of card paymentelectronic, sent - SCA: , issuer location: Finland, acquirer location: Not applicable, POS location: outside EEA","PN",6]
["PCP.H.LU.G3.G1.CP0.2.1000.R.PCS_ALL._Z._X._Z.N.EUR","H","LU","G3","G1","CP0",2,"1000","R","PCS_ALL","_Z","_X","_Z","N","EUR","2023-S1",0,"A",false,null,null,"P6M",{"$nulls":4},"S",null,null,3,null,"Value of card paymentnon-electronic, received - SCA: , acquirer location: Luxembourg, issuer location: other EEA countries, POS location: outside EEA","Value of card paymentnon-electronic, received - SCA: , acquirer location: Luxembourg, issuer location: other EEA countries, POS location: outside EEA","EUR",6]
["PCP.A.HU.HR.W0.CP0.1.2223.NR.PCS_ALL._Z._X._Z.N.PN","A","HU","HR","W0","CP0",1,"2223","NR","PCS_ALL","_Z","_X","_Z","N","PN","2022",1.806412,"A",false,null,null,"P1Y",{"$nulls":4},"S",null,null,3,null,"Number of card payment, initiated at eftpos, sent - SCA: , issuer location: Hungary, acquirer location: Croatia, POS location: world","Number of card payment, initiated at eftpos, sent - SCA: , issuer location: Hungary, acquirer location: Croatia, POS location: world","PN",6]
["PCP.H.FI.W1.G3.CP0.2.2000.R.PCS_ALL._Z.208._Z.N.PN","H","FI","W1","G3","CP0",2,"2000","R","PCS_ALL","_Z","208","_Z","N","PN","2023-S2",0,"P",false,null,null,"P6M",{"$nulls":4},"S",null,null,3,null,"Number of card paymentelectronic, received - SCA: non-sca: transaction risk analysis, acquirer location: Finland, issuer location: Rest of the World, POS location: other EEA countries","Number of card paymentelectronic, received - SCA: non-sca: transaction risk analysis, acquirer location: Finland, issuer location: Rest of the World, POS location: other EEA countries","PN",6]
["PCP.H.AT.W1.G3.CP0.1.2000.R.PCS_ALL._Z.100._Z.N.PN","H","AT","W1","G3","CP0",1,"2000","R","PCS_ALL","_Z","100","_Z","N","PN","2023-S2",25.13362499999999,"P",false,null,null,"P6M",{"$nulls":4},"S",null,null,3,null,"Number of card paymentelectronic, sent - SCA: sca, issuer location: Austria, acquirer location: Rest of the World, POS location: other EEA countries","Number of card paymentelectronic, sent - SCA: sca, issuer location: Austria, acquirer location: Rest of the World, POS location: other EEA countries","PN",6]
["PCP.H.LV.G1.W1.CP0.1.2000.NR.PCS_ALL._Z.210._Z.N.PN","H","LV","G1","W1","CP0",1,"2000","NR","PCS_ALL","_Z","210","_Z","N","PN","2023-S2",0.174848,"P",false,null,null,"P6M",{"$nulls":4},"S",null,null,3,null,"Number of card paymentelectronic, sent - SCA: non-sca: others, issuer location: Latvia, acquirer location: outside EEA, POS location: Rest of the World","Number of card paymentelectronic, sent - SCA: non-sca: others, issuer location: Latvia, acquirer location: outside EEA, POS location: Rest of the World","PN",6]
["PCP.H.RO.W2.G1.CP0.2.2000.NR.PCS_ALL.13._X._Z.N.PN","H","RO","W2","G1","CP0",2,"2000","NR","PCS_ALL","13","_X","_Z","N","PN","2023-S1",0,"A",false,null,null,"P6M",{"$nulls":4},"S",null,null,3,null,"Number of card payment,with a credit card, received - acquirer location: Romania, issuer location: domestic, POS location: outside EEA","Number of card payment,with a credit card, received - acquirer location: Romania, issuer location: domestic, POS location: outside EEA","PN",6]
["PCP.H.HU.W0.W0.CP0.2.2000.NR.PCS_ALL._Z.100._Z.N.PN","H","HU","W0","W0","CP0",2,"2000","NR","PCS_ALL","_Z","100","_Z","N","PN","2022-S2",145.987374,"A",false,null,null,"P6M",{"$nulls":4},"S",null,null,3,null,"Total number of card paymentelectronic, received - SCA: sca, acquirer location: Hungary, POS location: world","Total number of card paymentelectronic, received - SCA: sca, acquirer location: Hungary, POS location: world","PN",6]
["PCP.H.BE.W1.G1.CP0.2.2000.NR.PCS_ALL.12._X._Z.N.PN","H","BE","W1","G1","CP0",2,"2000","NR","PCS_ALL","12","_X","_Z","N","PN","2022-S2",0.00012,"A",false,null,null,"P6M",{"$nulls":4},"S",null,null,3,null,"Number of card payment,with a delayed debit card, received - acquirer location: Belgium, issuer location: Rest of the World, POS location: outside EEA","Number of card payment,with a delayed debit card, received - acquirer location: Belgium, issuer location: Rest of the World, POS location: outside EEA","PN",6]
["PCP.H.NL.W1.W2.CP0.1.2000.R.PCS_ALL._Z.207._Z.N.PN","H","NL","W1","W2","CP0",1,"2000","R","PCS_ALL","_Z","207","_Z","N","PN","2023-S2",0,"P",false,null,null,"P6M",{"$nulls":4},"S",null,null,3,null,"Number of card paymentelectronic, sent - SCA: non-sca: secure corporate payment, issuer location: Netherlands, acquirer location: Rest of the World, POS location: domestic","Number of card paymentelectronic, sent - SCA: non-sca: secure corporate payment, issuer location: Netherlands, acquirer location: Rest of the World, POS location: domestic","PN",6]
["PCP.H.SI.W2.W0.CP0.1.2230.R.PCS_ALL._Z._X._Z.N.EUR","H","SI","W2","W0","CP0",1,"2230","R","PCS_ALL","_Z","_X","_Z","N","EUR","2022-S2",15.664022,"A",false,null,null,"P6M",{"$nulls":4},"S",null,null,3,null,"Value of card payment, initiated via mobile payment solution (electronic), sent - SCA: , issuer location: Slovenia, acquirer location: domestic, POS location: world","Value of card payment, initiated via mobile payment solution (electronic), sent - SCA: , issuer location: Slovenia, acquirer location: domestic, POS location: world","EUR",6]
["PCP.H.GR.G3.W1.CP0.2.1000.NR.PCS_ALL._Z._X._Z.N.EUR","H","GR","G3","W1","CP0",2,"1000","NR","PCS_ALL","_Z","_X","_Z","N","EUR","2023-S2",0,"P",false,null,null,"P6M",{"$nulls":4},"S",null,null,3,null,"Value of card paymentnon-electronic, received - SCA: , acquirer location: Greece, issuer location: other EEA countries, POS location: Rest of the World","Value of card paymentnon-electronic, received - SCA: , acquirer location: Greece, issuer location: other EEA countries, POS location: Rest of the World","EUR",6]
["PCP.H.DE.G1.G3.CP0.1.2000.R.PCS_ALL._Z.210._Z.N.EUR","H","DE","G1","G3","CP0",1,"2000","R","PCS_ALL","_Z","210","_Z","N","EUR","2022-S1",486.53060333,"A",false,null,null,"P6M",{"$nulls":4},"S",null,null,3,null,"Value of card paymentelectronic, sent - SCA: non-sca: others, issuer location: Germany, acquirer location: outside EEA, POS location: other EEA countries","Value of card paymentelectronic, sent - SCA: non-sca: others, issuer location: Germany, acquirer location: outside EEA, POS location: other EEA countries","EUR",6]
["PCP.H.RO.G1.W1.CP0.2.2000._T.PCS_ALL._Z._X._Z.N.XDF","H","RO","G1","W1","CP0",2,"2000","_T","PCS_ALL","_Z","_X","_Z","N","XDF","2022-S2",6.480013,"A",false,null,null,"P6M",{"$nulls":4},"S",null,null,3,null,"Value of card paymentelectronic, received - SCA: , acquirer location: Romania, issuer location: outside EEA, POS location: Rest of the World","Value of card paymentelectronic, received - SCA: , acquirer location: Romania, issuer location: outside EEA, POS location: Rest of the World","XDF",6]
["PCP.H.BE.W1.W0.CP0.1.2000.R.PCS_ALL.13._X._Z.N.EUR","H","BE","W1","W0","CP0",1,"2000","R","PCS_ALL","13","_X","_Z","N","EUR","2022-S2",518.573614,"A",false,null,null,"P6M",{"$nulls":4},"S",null,null,3,null,"Value of card payment with a credit card, sent - issuer location: Belgium, acquirer location: Rest of the World, POS location: world","Value of card payment with a credit card, sent - issuer location: Belgium, acquirer location: Rest of the World, POS location: world","EUR",6]
["PCP.H.LV.W0.W0.CP0.1.2000.R.PCS_ALL.11._X._Z.N.EUR_R_B1GQ","H","LV","W0","W0","CP0",1,"2000","R","PCS_ALL","11","_X","_Z","N","EUR_R_B1GQ","2023-S1",4.040493924104442,"A",false,null,null,"P6M",{"$nulls":4},"S",null,null,2,null,"Total value; ratio to gdp of card payment with a debit card, sent - issuer location: Latvia, POS location: world","Total value; ratio to gdp of card payment with a debit card, sent - issuer location: Latvia, POS location: world","EUR_R_B1GQ",0]
["PCP.H.HU.G3.G1.CP0.1._T._T.PCS_ALL._Z._X._Z.N.XDF","H","HU","G3","G1","CP0",1,"_T","_T","PCS_ALL","_Z","_X","_Z","N","XDF","2022-S2",21212.886914,"A",false,null,null,"P6M",{"$nulls":4},"S",null,null,3,null,"Value of card paymentall, sent - SCA: , issuer location: Hungary, acquirer location: other EEA countries, POS location: outside EEA","Value of card paymentall, sent - SCA: , issuer location: Hungary, acquirer location: other EEA countries, POS location: outside EEA","XDF",6]
["PCP.Q.SK._Z.W1.CP0.1.2000.R.PCS_ALL._Z._X._Z.N.PN","Q","SK","_Z","W1","CP0",1,"2000","R","PCS_ALL","_Z","_X","_Z","N","PN","2024-Q1",25.66422200000001,"P",false,null,null,"P3M",{"$nulls":4},"S",null,null,3,null,"Number of card paymentelectronic, sent - SCA: , issuer location: Slovakia, acquirer location: Not applicable, POS location: Rest of the World","Number of card paymentelectronic, sent - SCA: , issuer location: Slovakia, acquirer location: Not applicable, POS location: Rest of the World","PN",6]
["PCP.H.AT.G3.G1.CP0.1.2000.NR.PCS_ALL._Z.202._Z.N.PN","H","AT","G3","G1","CP0",1,"2000","NR","PCS_ALL","_Z","202","_Z","N","PN","2023-S2",0.3721059999999999,"P",false,null,null,"P6M",{"$nulls":4},"S",null,null,3,null,"Number of card paymentelectronic, sent - SCA: non-sca: contactless low value, issuer location: Austria, acquirer location: other EEA countries, POS location: outside EEA","Number of card paymentelectronic, sent - SCA: non-sca: contactless low value, issuer location: Austria, acquirer location: other EEA countries, POS location: outside EEA","PN",6]
["PCP.H.RO.W0.G1.CP0.2.2000.R.PCS_ALL._Z.208._Z.N.PN","H","RO","W0","G1","CP0",2,"2000","R","PCS_ALL","_Z","208","_Z","N","PN","2022-S1",0,"A",false,null,null,"P6M",{"$nulls":4},"S",null,null,3,null,"Total number of card paymentelectronic, received - SCA: non-sca: transaction risk analysis, acquirer location: Romania, POS location: outside EEA","Total number of card paymentelectronic, received - SCA: non-sca: transaction risk analysis, acquirer location: Romania, POS location: outside EEA","PN",6]
["PCP.H.HU.W1.W1.CP0.2.2223.NR.PCS_ALL._Z._X._Z.N.PN","H","HU","W1","W1","CP0",2,"2223","NR","PCS_ALL","_Z","_X","_Z","N","PN","2023-S2",0,"P",false,null,null,"P6M",{"$nulls":4},"S",null,null,3,null,"Number of card payment, initiated at eftpos, received - SCA: , acquirer location: Hungary, issuer location: Rest of the World, POS location: Rest of the World","Number of card payment, initiated at eftpos, received - SCA: , acquirer location: Hungary, issuer location: Rest of the World, POS location: Rest of the World","PN",6]
["PCP.H.BG.W0.W1.CP0.2.2000.R.PCS_ALL._Z.201._Z.N.PN","H","BG","W0","W1","CP0",2,"2000","R","PCS_ALL","_Z","201","_Z","N","PN","2023-S1",9.439814,"A",false,null,null,"P6M",{"$nulls":4},"S",null,null,3,null,"Total number of card paymentelectronic, received - SCA: non-sca: low value, acquirer location: Bulgaria, POS location: Rest of the World","Total number of card paymentelectronic, received - SCA: non-sca: low value, acquirer location: Bulgaria, POS location: Rest of the World","PN",6]
["PCP.H.GR.W0.W0.CP0.1._T.R.PCS_ALL._Z._X._Z.N.PN_R_CP0","H","GR","W0","W0","CP0",1,"_T","R","PCS_ALL","_Z","_X","_Z","N","PN_R_CP0","2022-S2",17.85546861229675,"A",false,null,null,"P6M",{"$nulls":4},"S",null,null,2,null,"Total number; ratio to total card payments of card paymentall, sent - SCA: , issuer location: Greece, POS location: world","Total number; ratio to total card payments of card paymentall, sent - SCA: , issuer location: Greece, POS location: world","PN_R_CP0",0]
["PCP.H.RO.G3.G3.CP0.2._T._T.PCS_ALL._Z._X._Z.N.PN","H","RO","G3","G3","CP0",2,"_T","_T","PCS_ALL","_Z","_X","_Z","N","PN","2023-S2",0.01036,"P",false,null,null,"P6M",{"$nulls":4},"S",null,null,3,null,"Number of card paymentall, received - SCA: , acquirer location: Romania, issuer location: other EEA countries, POS location: other EEA countries","Number of card paymentall, received - SCA: , acquirer location: Romania, issuer location: other EEA countries, POS location: other EEA countries","PN",6]
["PCP.H.LU.G3.G3.CP0.1.2000.NR.PCS_ALL._Z.100._Z.N.PN","H","LU","G3","G3","CP0",1,"2000","NR","PCS_ALL","_Z","100","_Z","N","PN","2023-S1",27.992659,"A",false,null,null,"P6M",{"$nulls":4},"S",null,null,3,null,"Number of card paymentelectronic, sent - SCA: sca, issuer location: Luxembourg, acquirer location: other EEA countries, POS location: other EEA countries","Number of card paymentelectronic, sent - SCA: sca, issuer location: Luxembourg, acquirer location: other EEA countries, POS location: other EEA countries","PN",6]
["PCP.H.FI.W0.W2.CP11.1.2223.NR.PCS_ALL._Z._X._Z.N.EUR","H","FI","W0","W2","CP11",1,"2223","NR","PCS_ALL","_Z","_X","_Z","N","EUR","2023-S1",10002.77249306,"A",false,null,null,"P6M",{"$nulls":4},"S",null,null,3,null,"Total value of card payments (nfc), initiated at eftpos, sent - SCA: , issuer location: Finland, terminal location: domestic","Total value of card payments (nfc), initiated at eftpos, sent - SCA: , issuer location: Finland, terminal location: domestic","EUR",6]
["PCP.H.FR.W1.W1.CP0.2.2221.NR.PCS_ALL._Z._X._Z.N.PN","H","FR","W1","W1","CP0",2,"2221","NR","PCS_ALL","_Z","_X","_Z","N","PN","2023-S2",0,"P",false,null,null,"P6M",{"$nulls":4},"S",null,null,3,null,"Number of card payment, initiated at atm, received - SCA: , acquirer location: France, issuer location: Rest of the World, POS location: Rest of the World","Number of card payment, initiated at atm, received - SCA: , acquirer location: France, issuer location: Rest of the World, POS location: Rest of the World","PN",6]
["PCP.H.CY.W0.G3.CP0.1.1000.R.PCS_ALL._Z._X._Z.N.PN","H","CY","W0","G3","CP0",1,"1000","R","PCS_ALL","_Z","_X","_Z","N","PN","2022-S1",0.167047,"A",false,null,null,"P6M",{"$nulls":4},"S",null,null,3,null,"Total number of card paymentnon-electronic, sent - SCA: , issuer location: Cyprus, POS location: other EEA countries","Total number of card paymentnon-electronic, sent - SCA: , issuer location: Cyprus, POS location: other EEA countries","PN",6]
["PCP.H.NL.W1.W2.CP0.1.2000.R.PCS_ALL._Z._X._Z.N.PN","H","NL","W1","W2","CP0",1,"2000","R","PCS_ALL","_Z","_X","_Z","N","PN","2022-S2",5.379501,"A",false,null,null,"P6M",{"$nulls":4},"S",null,null,3,null,"Number of card paymentelectronic, sent - SCA: , issuer location: Netherlands, acquirer location: Rest of the World, POS location: domestic","Number of card paymentelectronic, sent - SCA: , issuer location: Netherlands, acquirer location: Rest of the World, POS location: domestic","PN",6]
["PCP.H.EE.W1.G3.CP0.1.2000.R.PCS_ALL._Z.209._Z.N.EUR","H","EE","W1","G3","CP0",1,"2000","R","PCS_ALL","_Z","209","_Z","N","EUR","2023-S1",52.76375605999999,"A",false,null,null,"P6M",{"$nulls":4},"S",null,null,3,null,"Value of card paymentelectronic, sent - SCA: non-sca: merchant initiated transaction, issuer location: Estonia, acquirer location: Rest of the World, POS location: other EEA countries","Value of card paymentelectronic, sent - SCA: non-sca: merchant initiated transaction, issuer location: Estonia, acquirer location: Rest of the World, POS location: other EEA countries","EUR",6]
["PCP.H.IT.G3.W0.CW1.1._T._T.PCS_ALL.13._X._Z.N.EUR","H","IT","G3","W0","CW1",1,"_T","_T","PCS_ALL","13","_X","_Z","N","EUR","2022-S2",1.438867,"A",false,null,null,"P6M",{"$nulls":4},"S",null,null,3,null,"Value of cash withdrawal using cards with a credit card, sent - issuer location: Italy, acquirer location: other EEA countries, terminal location: world","Value of cash withdrawal using cards with a credit card, sent - issuer location: Italy, acquirer location: other EEA countries, terminal location: world","EUR",6]
["PCP.H.BE.G1.W2.CW1.1._T._T.PCS_ALL.13._X._Z.N.PN","H","BE","G1","W2","CW1",1,"_T","_T","PCS_ALL","13","_X","_Z","N","PN","2023-S1",0.000295,"A",false,null,null,"P6M",{"$nulls":4},"S",null,null,3,null,"Number of cash withdrawal using cards with a credit card, sent - issuer location: Belgium, acquirer location: outside EEA, terminal location: domestic","Number of cash withdrawal using cards with a credit card, sent - issuer location: Belgium, acquirer location: outside EEA, terminal location: domestic","PN",6]
["PCP.H.PL.G3.W2.CP0.1._T._T.PCS_ALL._Z._X._Z.N.PN","H","PL","G3","W2","CP0",1,"_T","_T","PCS_ALL","_Z","_X","_Z","N","PN","2023-S2",344.4409260000001,"P",false,null,null,"P6M",{"$nulls":4},"S",null,null,3,null,"Number of card paymentall, sent - SCA: , issuer location: Poland, acquirer location: other EEA countries, POS location: domestic","Number of card paymentall, sent - SCA: , issuer location: Poland, acquirer location: other EEA countries, POS location: domestic","PN",6]
["PCP.H.GR.W2.W0.CP0.2._T._T.PCS_ALL._Z._X._Z.N.EUR","H","GR","W2","W0","CP0",2,"_T","_T","PCS_ALL","_Z","_X","_Z","N","EUR","2022-S2",20167.62806661,"A",false,null,null,"P6M",{"$nulls":4},"S",null,null,3,null,"Value of card paymentall, received - SCA: , acquirer location: Greece, issuer location: domestic, POS location: world","Value of card paymentall, received - SCA: , acquirer location: Greece, issuer location: domestic, POS location: world","EUR",6]
["PCP.H.IE.W1.W1.CP0.1.2000.R.PCS_ALL.12._X._Z.N.EUR","H","IE","W1","W1","CP0",1,"2000","R","PCS_ALL","12","_X","_Z","N","EUR","2022-S1",303.48181666,"A",false,null,null,"P6M",{"$nulls":4},"S",null,null,3,null,"Value of card payment with a delayed debit card, sent - issuer location: Ireland, acquirer location: Rest of the World, POS location: Rest of the World","Value of card payment with a delayed debit card, sent - issuer location: Ireland, acquirer location: Rest of the World, POS location: Rest of the World","EUR",6]
["PCP.H.DE.W1.G3.CP0.2.2000.R.PCS_ALL._Z.205._Z.N.PN","H","DE","W1","G3","CP0",2,"2000","R","PCS_ALL","_Z","205","_Z","N","PN","2023-S1",0.157229,"A",false,null,null,"P6M",{"$nulls":4},"S",null,null,3,null,"Number of card paymentelectronic, received - SCA: non-sca: recurring transaction, acquirer location: Germany, issuer location: Rest of the World, POS location: other EEA countries","Number of card paymentelectronic, received - SCA: non-sca: recurring transaction, acquirer location: Germany, issuer location: Rest of the World, POS location: other EEA countries","PN",6]
["PCP.H.RO.W2.G3.CP0.2.2000.R.PCS_ALL.11._X._Z.N.XDF","H","RO","W2","G3","CP0",2,"2000","R","PCS_ALL","11","_X","_Z","N","XDF","2023-S2",0,"P",false,null,null,"P6M",{"$nulls":4},"S",null,null,3,null,"Value of card payment,with a debit card, received - acquirer location: Romania, issuer location: domestic, POS location: other EEA countries","Value of card payment,with a debit card, received - acquirer location: Romania, issuer location: domestic, POS location: other EEA countries","XDF",6]
["PCP.H.IE.G1.W0.CP0.1.2000.NR.PCS_ALL._Z.202._Z.N.PN","H","IE","G1","W0","CP0",1,"2000","NR","PCS_ALL","_Z","202","_Z","N","PN","2022-S1",11.232076,"A",false,null,null,"P6M",{"$nulls":4},"S",null,null,3,null,"Number of card paymentelectronic, sent - SCA: non-sca: contactless low value, issuer location: Ireland, acquirer location: outside EEA, POS location: world","Number of card paymentelectronic, sent - SCA: non-sca: contactless low value, issuer location: Ireland, acquirer location: outside EEA, POS location: world","PN",6]
["PCP.H.SI.G1.W2.CP0.1.2000.R.PCS_ALL._Z.208._Z.N.EUR","H","SI","G1","W2","CP0",1,"2000","R","PCS_ALL","_Z","208","_Z","N","EUR","2022-S1",4.840027,"A",false,null,null,"P6M",{"$nulls":4},"S",null,null,3,null,"Value of card paymentelectronic, sent - SCA: non-sca: transaction risk analysis, issuer location: Slovenia, acquirer location: outside EEA, POS location: domestic","Value of card paymentelectronic, sent - SCA: non-sca: transaction risk analysis, issuer location: Slovenia, acquirer location: outside EEA, POS location: domestic","EUR",6]
["PCP.H.ES.W2.G3.CW1.1._T._T.PCS_ALL.13._X._Z.N.EUR","H","ES","W2","G3","CW1",1,"_T","_T","PCS_ALL","13","_X","_Z","N","EUR","2023-S2",6.781737839999999,"P",false,null,null,"P6M",{"$nulls":4},"S",null,null,3,null,"Value of cash withdrawal using cards with a credit card, sent - issuer location: Spain, acquirer location: domestic, terminal location: other EEA countries","Value of cash withdrawal using cards with a credit card, sent - issuer location: Spain, acquirer location: domestic, terminal location: other EEA countries","EUR",6]
["PCP.H.BE.G1.W1.CP0.2._T._T.PCS_ALL._Z._X._Z.N.EUR","H","BE","G1","W1","CP0",2,"_T","_T","PCS_ALL","_Z","_X","_Z","N","EUR","2022-S1",468.342962,"A",false,null,null,"P6M",{"$nulls":4},"S",null,null,3,null,"Value of card paymentall, received - SCA: , acquirer location: Belgium, issuer location: outside EEA, POS location: Rest of the World","Value of card paymentall, received - SCA: , acquirer location: Belgium, issuer location: outside EEA, POS location: Rest of the World","EUR",6]
["PCP.H.NL.G3.W1.CP0.1.2000.R.PCS_ALL.13._X._Z.N.EUR","H","NL","G3","W1","CP0",1,"2000","R","PCS_ALL","13","_X","_Z","N","EUR","2022-S2",104.07873376,"A",false,null,null,"P6M",{"$nulls":4},"S",null,null,3,null,"Value of card payment with a credit card, sent - issuer location: Netherlands, acquirer location: other EEA countries, POS location: Rest of the World","Value of card payment with a credit card, sent - issuer location: Netherlands, acquirer location: other EEA countries, POS location: Rest of the World","EUR",6]
["PCP.H.PT.G1.W0.CP0.1.2231.R.PCS_ALL._Z._X._Z.N.EUR","H","PT","G1","W0","CP0",1,"2231","R","PCS_ALL","_Z","_X","_Z","N","EUR","2023-S2",0,"P",false,null,null,"P6M",{"$nulls":4},"S",null,null,3,null,"Value of card payment, initiated via p2p mobile payment solution (electronic), sent - SCA: , issuer location: Portugal, acquirer location: outside EEA, POS location: world","Value of card payment, initiated via p2p mobile payment solution (electronic), sent - SCA: , issuer location: Portugal, acquirer location: outside EEA, POS location: world","EUR",6]
["PCP.H.IE.W1.G1.CP0.1.2000.NR.PCS_ALL._Z.202._Z.N.EUR","H","IE","W1","G1","CP0",1,"2000","NR","PCS_ALL","_Z","202","_Z","N","EUR","2022-S1",108.43930836,"A",false,null,null,"P6M",{"$nulls":4},"S",null,null,3,null,"Value of card paymentelectronic, sent - SCA: non-sca: contactless low value, issuer location: Ireland, acquirer location: Rest of the World, POS location: outside EEA","Value of card paymentelectronic, sent - SCA: non-sca: contactless low value, issuer location: Ireland, acquirer location: Rest of the World, POS location: outside EEA","EUR",6]
["PCP.H.CY.W1.W1.CP0.1.2221.NR.PCS_ALL._Z._X._Z.N.PN","H","CY","W1","W1","CP0",1,"2221","NR","PCS_ALL","_Z","_X","_Z","N","PN","2022-S1",6.7E-05,"A",false,null,null,"P6M",{"$nulls":4},"S",null,null,3,null,"Number of card payment, initiated at atm, sent - SCA: , issuer location: Cyprus, acquirer location: Rest of the World, POS location: Rest of the World","Number of card payment, initiated at atm, sent - SCA: , issuer location: Cyprus, acquirer location: Rest of the World, POS location: Rest of the World","PN",6]
["PCP.H.MT.G3.G3.CP0.2.2000.NR.PCS_ALL._Z.206._Z.N.PN","H","MT","G3","G3","CP0",2,"2000","NR","PCS_ALL","_Z","206","_Z","N","PN","2022-S1",0,"A",false,null,null,"P6M",{"$nulls":4},"S",null,null,3,null,"Number of card paymentelectronic, received - SCA: non-sca: unattended terminals, acquirer location: Malta, issuer location: other EEA countries, POS location: other EEA countries","Number of card paymentelectronic, received - SCA: non-sca: unattended terminals, acquirer location: Malta, issuer location: other EEA countries, POS location: other EEA countries","PN",6]
["PCP.A.IT.RO.W0.CP0.2.2223.NR.PCS_ALL._Z._X._Z.N.EUR","A","IT","RO","W0","CP0",2,"2223","NR","PCS_ALL","_Z","_X","_Z","N","EUR","2023",411.447621,"A",false,null,null,"P1Y",{"$nulls":4},"S",null,null,3,null,"Value of card payment, initiated at eftpos, received - SCA: , acquirer location: Italy, issuer location: Romania, POS location: world","Value of card payment, initiated at eftpos, received - SCA: , acquirer location: Italy, issuer location: Romania, POS location: world","EUR",6]
["PCP.H.IT.G1.G3.CP0.1.2000.R.PCS_ALL._Z.205._Z.N.EUR","H","IT","G1","G3","CP0",1,"2000","R","PCS_ALL","_Z","205","_Z","N","EUR","2022-S1",12.178957,"A",false,null,null,"P6M",{"$nulls":4},"S",null,null,3,null,"Value of card paymentelectronic, sent - SCA: non-sca: recurring transaction, issuer location: Italy, acquirer location: outside EEA, POS location: other EEA countries","Value of card paymentelectronic, sent - SCA: non-sca: recurring transaction, issuer location: Italy, acquirer location: outside EEA, POS location: other EEA countries","EUR",6]
["PCP.H.ES.W2.W0.CP0.2.2000.R.PCS_ALL.13._X._Z.N.EUR","H","ES","W2","W0","CP0",2,"2000","R","PCS_ALL","13","_X","_Z","N","EUR","2023-S2",7204.24424999,"P",false,null,null,"P6M",{"$nulls":4},"S",null,null,3,null,"Value of card payment,with a credit card, received - acquirer location: Spain, issuer location: domestic, POS location: world","Value of card payment,with a credit card, received - acquirer location: Spain, issuer location: domestic, POS location: world","EUR",6]
["PCP.H.SK.W2.G1.CP0.1.2000.R.PCS_ALL._Z._X._Z.N.EUR","H","SK","W2","G1","CP0",1,"2000","R","PCS_ALL","_Z","_X","_Z","N","EUR","2022-S2",0.03952,"A",false,null,null,"P6M",{"$nulls":4},"S",null,null,3,null,"Value of card paymentelectronic, sent - SCA: , issuer location: Slovakia, acquirer location: domestic, POS location: outside EEA","Value of card paymentelectronic, sent - SCA: , issuer location: Slovakia, acquirer location: domestic, POS location: outside EEA","EUR",6]
["PCP.A.DE.SI.W0.CP0.1._T._T.PCS_ALL._Z._X._Z.N.EUR","A","DE","SI","W0","CP0",1,"_T","_T","PCS_ALL","_Z","_X","_Z","N","EUR","2022",179.35770407,"A",false,null,null,"P1Y",{"$nulls":4},"S",null,null,3,null,"Value of card paymentall, sent - SCA: , issuer location: Germany, acquirer location: Slovenia, POS location: world","Value of card paymentall, sent - SCA: , issuer location: Germany, acquirer location: Slovenia, POS location: world","EUR",6]
["PCP.H.LU.W2.G3.CP0.2.2000.R.PCS_ALL.13._X._Z.N.PN","H","LU","W2","G3","CP0",2,"2000","R","PCS_ALL","13","_X","_Z","N","PN","2023-S1",1.908546,"A",false,null,null,"P6M",{"$nulls":4},"S",null,null,3,null,"Number of card payment,with a credit card, received - acquirer location: Luxembourg, issuer location: domestic, POS location: other EEA countries","Number of card payment,with a credit card, received - acquirer location: Luxembourg, issuer location: domestic, POS location: other EEA countries","PN",6]
["PCP.H.GR.W0.W0.CP0.2.2000.NR.PCS_ALL.12._X._Z.N.PN","H","GR","W0","W0","CP0",2,"2000","NR","PCS_ALL","12","_X","_Z","N","PN","2023-S2",1.374205,"P",false,null,null,"P6M",{"$nulls":4},"S",null,null,3,null,"Total number of card payment,with a delayed debit card, received - acquirer location: Greece, POS location: world","Total number of card payment,with a delayed debit card, received - acquirer location: Greece, POS location: world","PN",6]
["PCP.H.IT.G3.G1.CP0.2.1000.R.PCS_ALL._Z._X._Z.N.PN","H","IT","G3","G1","CP0",2,"1000","R","PCS_ALL","_Z","_X","_Z","N","PN","2023-S1",0,"A",false,null,null,"P6M",{"$nulls":4},"S",null,null,3,null,"Number of card paymentnon-electronic, received - SCA: , acquirer location: Italy, issuer location: other EEA countries, POS location: outside EEA","Number of card paymentnon-electronic, received - SCA: , acquirer location: Italy, issuer location: other EEA countries, POS location: outside EEA","PN",6]
["PCP.H.CZ.W1.W1.CP0.1._T._T.PCS_ALL._Z._X._Z.N.PN","H","CZ","W1","W1","CP0",1,"_T","_T","PCS_ALL","_Z","_X","_Z","N","PN","2023-S1",126.133732,"A",false,null,null,"P6M",{"$nulls":4},"S",null,null,3,null,"Number of card paymentall, sent - SCA: , issuer location: Czech Republic, acquirer location: Rest of the World, POS location: Rest of the World","Number of card paymentall, sent - SCA: , issuer location: Czech Republic, acquirer location: Rest of the World, POS location: Rest of the World","PN",6]
["PCP.H.RO.W1.G1.CP0.2.2000.R.PCS_ALL.13._X._Z.N.XDF","H","RO","W1","G1","CP0",2,"2000","R","PCS_ALL","13","_X","_Z","N","XDF","2023-S2",0,"P",false,null,null,"P6M",{"$nulls":4},"S",null,null,3,null,"Value of card payment,with a credit card, received - acquirer location: Romania, issuer location: Rest of the World, POS location: outside EEA","Value of card payment,with a credit card, received - acquirer location: Romania, issuer location: Rest of the World, POS location: outside EEA","XDF",6]
["PCP.H.IT.G1.W0.CP0.2.2000.NR.PCS_ALL._Z._X._Z.N.EUR","H","IT","G1","W0","CP0",2,"2000","NR","PCS_ALL","_Z","_X","_Z","N","EUR","2022-S2",9965.615145,"A",false,null,null,"P6M",{"$nulls":4},"S",null,null,3,null,"Value of card paymentelectronic, received - SCA: , acquirer location: Italy, issuer location: outside EEA, POS location: world","Value of card paymentelectronic, received - SCA: , acquirer location: Italy, issuer location: outside EEA, POS location: world","EUR",6]
["PCP.H.CY.G1.W2.CP0.2.2000.R.PCS_ALL._Z.209._Z.N.EUR","H","CY","G1","W2","CP0",2,"2000","R","PCS_ALL","_Z","209","_Z","N","EUR","2022-S1",null,"Q",false,null,null,"P6M",{"$nulls":4},"S",null,null,3,null,"Value of card paymentelectronic, received - SCA: non-sca: merchant initiated transaction, acquirer location: Cyprus, issuer location: outside EEA, POS location: domestic","Value of card paymentelectronic, received - SCA: non-sca: merchant initiated transaction, acquirer location: Cyprus, issuer location: outside EEA, POS location: domestic","EUR",6]
["PCP.H.DE.G1.G3.CW1.1._T._T.PCS_ALL.11._X._Z.N.EUR","H","DE","G1","G3","CW1",1,"_T","_T","PCS_ALL","11","_X","_Z","N","EUR","2022-S2",0,"A",false,null,null,"P6M",{"$nulls":4},"S",null,null,3,null,"Value of cash withdrawal using cards with a debit card, sent - issuer location: Germany, acquirer location: outside EEA, terminal location: other EEA countries","Value of cash withdrawal using cards with a debit card, sent - issuer location: Germany, acquirer location: outside EEA, terminal location: other EEA countries","EUR",6]
["PCP.H.PL.G1.G1.CP0.2._T._T.PCS_ALL._Z._X._Z.N.XDF","H","PL","G1","G1","CP0",2,"_T","_T","PCS_ALL","_Z","_X","_Z","N","XDF","2023-S1",14.80385592,"A",false,null,null,"P6M",{"$nulls":4},"S",null,null,3,null,"Value of card paymentall, received - SCA: , acquirer location: Poland, issuer location: outside EEA, POS location: outside EEA","Value of card paymentall, received - SCA: , acquirer location: Poland, issuer location: outside EEA, POS location: outside EEA","XDF",6]
["PCP.H.LT.G1.G3.CP0.2.2000.NR.PCS_ALL._Z.100._Z.N.PN","H","LT","G1","G3","CP0",2,"2000","NR","PCS_ALL","_Z","100","_Z","N","PN","2022-S1",0.4367489999999999,"A",false,null,null,"P6M",{"$nulls":4},"S",null,null,3,null,"Number of card paymentelectronic, received - SCA: sca, acquirer location: Lithuania, issuer location: outside EEA, POS location: other EEA countries","Number of card paymentelectronic, received - SCA: sca, acquirer location: Lithuania, issuer location: outside EEA, POS location: other EEA countries","PN",6]
["PCP.H.PL.W2.W2.CP0.1.2000.R.PCS_ALL.11._X._Z.N.XDF","H","PL","W2","W2","CP0",1,"2000","R","PCS_ALL","11","_X","_Z","N","XDF","2022-S1",null,"M",false,null,null,"P6M",{"$nulls":4},"S",null,null,3,null,"Value of card payment with a debit card, sent - issuer location: Poland, acquirer location: domestic, POS location: domestic","Value of card payment with a debit card, sent - issuer location: Poland, acquirer location: domestic, POS location: domestic","XDF",6]
["PCP.H.GR.G3.W2.CP0.2.2000.R.PCS_ALL._Z.200._Z.N.EUR","H","GR","G3","W2","CP0",2,"2000","R","PCS_ALL","_Z","200","_Z","N","EUR","2022-S1",56.84287858999999,"A",false,null,null,"P6M",{"$nulls":4},"S",null,null,3,null,"Value of card paymentelectronic, received - SCA: non-sca, acquirer location: Greece, issuer location: other EEA countries, POS location: domestic","Value of card paymentelectronic, received - SCA: non-sca, acquirer location: Greece, issuer location: other EEA countries, POS location: domestic","EUR",6]
["PCP.A.FR.W0.W0.CP0.1.2223.NR.PCS_ALL._Z._X._Z.G1.PN","A","FR","W0","W0","CP0",1,"2223","NR","PCS_ALL","_Z","_X","_Z","G1","PN","2021",15.50160297651826,"A",false,null,null,"P1Y",{"$nulls":4},"S",null,null,2,null,"Annual growth rate of the total number of card payment, initiated at eftpos, sent - SCA: , issuer location: France, POS location: world","Annual growth rate of the total number of card payment, initiated at eftpos, sent - SCA: , issuer location: France, POS location: world","PN",0]
["PCP.H.NL.G3.G3.CP0.2.2000.NR.PCS_ALL._Z.202._Z.N.EUR","H","NL","G3","G3","CP0",2,"2000","NR","PCS_ALL","_Z","202","_Z","N","EUR","2023-S1",981.4480745999998,"A",false,null,null,"P6M",{"$nulls":4},"S",null,null,3,null,"Value of card paymentelectronic, received - SCA: non-sca: contactless low value, acquirer location: Netherlands, issuer location: other EEA countries, POS location: other EEA countries","Value of card paymentelectronic, received - SCA: non-sca: contactless low value, acquirer location: Netherlands, issuer location: other EEA countries, POS location: other EEA countries","EUR",6]
["PCP.H.PT.G3.G1.CP11.1.2223.NR.PCS_ALL._Z._X._Z.N.EUR","H","PT","G3","G1","CP11",1,"2223","NR","PCS_ALL","_Z","_X","_Z","N","EUR","2022-S2",0,"A",false,null,null,"P6M",{"$nulls":4},"S",null,null,3,null,"Value of card payments (nfc), initiated at eftpos, sent - SCA: , issuer location: Portugal, acquirer location: other EEA countries, terminal location: outside EEA","Value of card payments (nfc), initiated at eftpos, sent - SCA: , issuer location: Portugal, acquirer location: other EEA countries, terminal location: outside EEA","EUR",6]
["PCP.H.FR.W2.W1.CP0.2.2000.R.PCS_ALL._Z.210._Z.N.EUR","H","FR","W2","W1","CP0",2,"2000","R","PCS_ALL","_Z","210","_Z","N","EUR","2023-S2",68.70288631999999,"P",false,null,null,"P6M",{"$nulls":4},"S",null,null,3,null,"Value of card paymentelectronic, received - SCA: non-sca: others, acquirer location: France, issuer location: domestic, POS location: Rest of the World","Value of card paymentelectronic, received - SCA: non-sca: others, acquirer location: France, issuer location: domestic, POS location: Rest of the World","EUR",6]
["PCP.H.BG.G1.W2.CP0.1.2000.R.PCS_ALL.13._X._Z.N.XDF","H","BG","G1","W2","CP0",1,"2000","R","PCS_ALL","13","_X","_Z","N","XDF","2023-S1",23.83357461,"A",false,null,null,"P6M",{"$nulls":4},"S",null,null,3,null,"Value of card payment with a credit card, sent - issuer location: Bulgaria, acquirer location: outside EEA, POS location: domestic","Value of card payment with a credit card, sent - issuer location: Bulgaria, acquirer location: outside EEA, POS location: domestic","XDF",6]
["PCP.H.PT.G3.G1.CP0.1.2000.NR.PCS_ALL._Z.205._Z.N.EUR","H","PT","G3","G1","CP0",1,"2000","NR","PCS_ALL","_Z","205","_Z","N","EUR","2023-S1",0,"A",false,null,null,"P6M",{"$nulls":4},"S",null,null,3,null,"Value of card paymentelectronic, sent - SCA: non-sca: recurring transaction, issuer location: Portugal, acquirer location: other EEA countries, POS location: outside EEA","Value of card paymentelectronic, sent - SCA: non-sca: recurring transaction, issuer location: Portugal, acquirer location: other EEA countries, POS location: outside EEA","EUR",6]
["PCP.A.HU.W0.W0.CP0.1.2000.NR.PCS_ALL.13._X._Z.N.EUR_R_CP0","A","HU","W0","W0","CP0",1,"2000","NR","PCS_ALL","13","_X","_Z","N","EUR_R_CP0","2022",null,"M",false,null,null,"P1Y",{"$nulls":4},"S",null,null,2,null,"Total value; ratio to total card payments of card payment with a credit card, sent - issuer location: Hungary, POS location: world","Total value; ratio to total card payments of card payment with a credit card, sent - issuer location: Hungary, POS location: world","EUR_R_CP0",0]
["PCP.H.LT.W2.G1.CP0.1.2000.NR.PCS_ALL._Z.204._Z.N.PN","H","LT","W2","G1","CP0",1,"2000","NR","PCS_ALL","_Z","204","_Z","N","PN","2023-S2",0,"P",false,null,null,"P6M",{"$nulls":4},"S",null,null,3,null,"Number of card paymentelectronic, sent - SCA: non-sca: trusted beneficiaries, issuer location: Lithuania, acquirer location: domestic, POS location: outside EEA","Number of card paymentelectronic, sent - SCA: non-sca: trusted beneficiaries, issuer location: Lithuania, acquirer location: domestic, POS location: outside EEA","PN",6]
["PCP.H.DK.W0.W2.CP0.1.2000.R.PCS_ALL._Z._X._Z.N.XDF","H","DK","W0","W2","CP0",1,"2000","R","PCS_ALL","_Z","_X","_Z","N","XDF","2022-S2",null,"M",false,null,null,"P6M",{"$nulls":4},"S",null,null,3,null,"Total value of card paymentelectronic, sent - SCA: , issuer location: Denmark, POS location: domestic","Total value of card paymentelectronic, sent - SCA: , issuer location: Denmark, POS location: domestic","XDF",6]
["PCP.A.DE.SE.W0.CP0.1._T._T.PCS_ALL._Z._X._Z.N.EUR","A","DE","SE","W0","CP0",1,"_T","_T","PCS_ALL","_Z","_X","_Z","N","EUR","2018",811.881,"A",false,null,null,"P1Y",{"$nulls":4},"S",null,null,3,null,"Value of card paymentall, sent - SCA: , issuer location: Germany, acquirer location: Sweden, POS location: world","Value of card paymentall, sent - SCA: , issuer location: Germany, acquirer location: Sweden, POS location: world","EUR",6]
["PCP.A.SK.IE.W0.CP0.1._T._T.PCS_ALL._Z._X._Z.N.PN","A","SK","IE","W0","CP0",1,"_T","_T","PCS_ALL","_Z","_X","_Z","N","PN","2020",6.541,"A",false,null,null,"P1Y",{"$nulls":4},"S",null,null,3,null,"Number of card paymentall, sent - SCA: , issuer location: Slovakia, acquirer location: Ireland, POS location: world","Number of card paymentall, sent - SCA: , issuer location: Slovakia, acquirer location: Ireland, POS location: world","PN",6]
["PCP.H.SI.W1.G1.CP0.1.2230.R.PCS_ALL._Z._X._Z.N.EUR","H","SI","W1","G1","CP0",1,"2230","R","PCS_ALL","_Z","_X","_Z","N","EUR","2023-S2",0.240633,"P",false,null,null,"P6M",{"$nulls":4},"S",null,null,3,null,"Value of card payment, initiated via mobile payment solution (electronic), sent - SCA: , issuer location: Slovenia, acquirer location: Rest of the World, POS location: outside EEA","Value of card payment, initiated via mobile payment solution (electronic), sent - SCA: , issuer location: Slovenia, acquirer location: Rest of the World, POS location: outside EEA","EUR",6]
["PCP.H.FR.W2.G3.CP0.1.2229.NR.PCS_ALL._Z._X._Z.N.EUR","H","FR","W2","G3","CP0",1,"2229","NR","PCS_ALL","_Z","_X","_Z","N","EUR","2023-S1",0.05443148999999999,"A",false,null,null,"P6M",{"$nulls":4},"S",null,null,3,null,"Value of card payment, initiated at other electronic channel, sent - SCA: , issuer location: France, acquirer location: domestic, POS location: other EEA countries","Value of card payment, initiated at other electronic channel, sent - SCA: , issuer location: France, acquirer location: domestic, POS location: other EEA countries","EUR",6]
["PCP.A.IE.W0.W0.CP0.2.2000.NR.PCS_ALL.13._X._Z.N.PN_R_CP0","A","IE","W0","W0","CP0",2,"2000","NR","PCS_ALL","13","_X","_Z","N","PN_R_CP0","2022",null,"M",false,null,null,"P1Y",{"$nulls":4},"S",null,null,2,null,"Total number; ratio to total card payments of card payment,with a credit card, received - acquirer location: Ireland, POS location: world","Total number; ratio to total card payments of card payment,with a credit card, received - acquirer location: Ireland, POS location: world","PN_R_CP0",0]
["PCP.H.CZ.W0.W1.CP0.1.2231.R.PCS_ALL._Z._X._Z.N.XDF","H","CZ","W0","W1","CP0",1,"2231","R","PCS_ALL","_Z","_X","_Z","N","XDF","2022-S1",3.332111,"A",false,null,null,"P6M",{"$nulls":4},"S",null,null,3,null,"Total value of card payment, initiated via p2p mobile payment solution (electronic), sent - SCA: , issuer location: Czech Republic, POS location: Rest of the World","Total value of card payment, initiated via p2p mobile payment solution (electronic), sent - SCA: , issuer location: Czech Republic, POS location: Rest of the World","XDF",6]
["PCP.H.PT.W0.W0.CP0.1.2000.NR.PCS_ALL.12._X._Z.N.EUR_R_CP0","H","PT","W0","W0","CP0",1,"2000","NR","PCS_ALL","12","_X","_Z","N","EUR_R_CP0","2022-S1",5.36989485878439,"A",false,null,null,"P6M",{"$nulls":4},"S",null,null,2,null,"Total value; ratio to total card payments of card payment with a delayed debit card, sent - issuer location: Portugal, POS location: world","Total value; ratio to total card payments of card payment with a delayed debit card, sent - issuer location: Portugal, POS location: world","EUR_R_CP0",0]
["PCP.H.FI.W2.W2.CP0.2.1000.NR.PCS_ALL._Z._X._Z.N.EUR","H","FI","W2","W2","CP0",2,"1000","NR","PCS_ALL","_Z","_X","_Z","N","EUR","2022-S2",0,"A",false,null,null,"P6M",{"$nulls":4},"S",null,null,3,null,"Value of card paymentnon-electronic, received - SCA: , acquirer location: Finland, issuer location: domestic, POS location: domestic","Value of card paymentnon-electronic, received - SCA: , acquirer location: Finland, issuer location: domestic, POS location: domestic","EUR",6]
["PCP.H.CY.G3.W0.CP0.1.1000._T.PCS_ALL._Z._X._Z.N.EUR","H","CY","G3","W0","CP0",1,"1000","_T","PCS_ALL","_Z","_X","_Z","N","EUR","2023-S2",33.679374,"P",false,null,null,"P6M",{"$nulls":4},"S",null,null,3,null,"Value of card paymentnon-electronic, sent - SCA: , issuer location: Cyprus, acquirer location: other EEA countries, POS location: world","Value of card paymentnon-electronic, sent - SCA: , issuer location: Cyprus, acquirer location: other EEA countries, POS location: world","EUR",6]
["PCP.H.LT.W1.W0.CP0.2.1000.NR.PCS_ALL._Z._X._Z.N.EUR","H","LT","W1","W0","CP0",2,"1000","NR","PCS_ALL","_Z","_X","_Z","N","EUR","2022-S1",27.7168144,"A",false,null,null,"P6M",{"$nulls":4},"S",null,null,3,null,"Value of card paymentnon-electronic, received - SCA: , acquirer location: Lithuania, issuer location: Rest of the World, POS location: world","Value of card paymentnon-electronic, received - SCA: , acquirer location: Lithuania, issuer location: Rest of the World, POS location: world","EUR",6]
["PCP.Q.IE._Z.G3.CP0.1.2000._T.PCS_ALL._Z._X._Z.N.PN","Q","IE","_Z","G3","CP0",1,"2000","_T","PCS_ALL","_Z","_X","_Z","N","PN","2023-Q1",56.76187500000001,"A",false,null,null,"P3M",{"$nulls":4},"S",null,null,3,null,"Number of card paymentelectronic, sent - SCA: , issuer location: Ireland, acquirer location: Not applicable, POS location: other EEA countries","Number of card paymentelectronic, sent - SCA: , issuer location: Ireland, acquirer location: Not applicable, POS location: other EEA countries","PN",6]
["PCP.H.LT.G3.G3.CW1.1._T._T.PCS_ALL._Z._X._Z.N.EUR","H","LT","G3","G3","CW1",1,"_T","_T","PCS_ALL","_Z","_X","_Z","N","EUR","2023-S1",2051.032414,"A",false,null,null,"P6M",{"$nulls":4},"S",null,null,3,null,"Value of cash withdrawal using cardsall, sent - SCA: , issuer location: Lithuania, acquirer location: other EEA countries, terminal location: other EEA countries","Value of cash withdrawal using cardsall, sent - SCA: , issuer location: Lithuania, acquirer location: other EEA countries, terminal location: other EEA countries","EUR",6]
["PCP.H.CY.W0.W0.CP0.2.2000.R.PCS_ALL.12._X._Z.N.EUR_R_B1GQ","H","CY","W0","W0","CP0",2,"2000","R","PCS_ALL","12","_X","_Z","N","EUR_R_B1GQ","2023-S1",0.04053520605010073,"A",false,null,null,"P6M",{"$nulls":4},"S",null,null,2,null,"Total value; ratio to gdp of card payment,with a delayed debit card, received - acquirer location: Cyprus, POS location: world","Total value; ratio to gdp of card payment,with a delayed debit card, received - acquirer location: Cyprus, POS location: world","EUR_R_B1GQ",0]
["PCP.H.FI.W1.W1.CP0.1.2000.R.PCS_ALL._Z.200._Z.N.PN","H","FI","W1","W1","CP0",1,"2000","R","PCS_ALL","_Z","200","_Z","N","PN","2023-S2",46.69249000000001,"P",false,null,null,"P6M",{"$nulls":4},"S",null,null,3,null,"Number of card paymentelectronic, sent - SCA: non-sca, issuer location: Finland, acquirer location: Rest of the World, POS location: Rest of the World","Number of card paymentelectronic, sent - SCA: non-sca, issuer location: Finland, acquirer location: Rest of the World, POS location: Rest of the World","PN",6]
["PCP.A.MT.IS.W0.CP0.1.2223.NR.PCS_ALL._Z._X._Z.N.EUR","A","MT","IS","W0","CP0",1,"2223","NR","PCS_ALL","_Z","_X","_Z","N","EUR","2022",1.03283338,"A",false,null,null,"P1Y",{"$nulls":4},"S",null,null,3,null,"Value of card payment, initiated at eftpos, sent - SCA: , issuer location: Malta, acquirer location: Iceland, POS location: world","Value of card payment, initiated at eftpos, sent - SCA: , issuer location: Malta, acquirer location: Iceland, POS location: world","EUR",6]
["PCP.H.PT.W1.W0.CP0.2.1000.R.PCS_ALL._Z._X._Z.N.EUR","H","PT","W1","W0","CP0",2,"1000","R","PCS_ALL","_Z","_X","_Z","N","EUR","2022-S1",0,"A",false,null,null,"P6M",{"$nulls":4},"S",null,null,3,null,"Value of card paymentnon-electronic, received - SCA: , acquirer location: Portugal, issuer location: Rest of the World, POS location: world","Value of card paymentnon-electronic, received - SCA: , acquirer location: Portugal, issuer location: Rest of the World, POS location: world","EUR",6]
["PCP.H.HU.G3.W1.CP0.2.2000.R.PCS_ALL.12._X._Z.N.XDF","H","HU","G3","W1","CP0",2,"2000","R","PCS_ALL","12","_X","_Z","N","XDF","2023-S1",0,"A",false,null,null,"P6M",{"$nulls":4},"S",null,null,3,null,"Value of card payment,with a delayed debit card, received - acquirer location: Hungary, issuer location: other EEA countries, POS location: Rest of the World","Value of card payment,with a delayed debit card, received - acquirer location: Hungary, issuer location: other EEA countries, POS location: Rest of the World","XDF",6]
["PCP.H.IT.W1.G1.CP0.1.2223.NR.PCS_ALL._Z._X._Z.N.PN","H","IT","W1","G1","CP0",1,"2223","NR","PCS_ALL","_Z","_X","_Z","N","PN","2022-S2",20.206855,"A",false,null,null,"P6M",{"$nulls":4},"S",null,null,3,null,"Number of card payment, initiated at eftpos, sent - SCA: , issuer location: Italy, acquirer location: Rest of the World, POS location: outside EEA","Number of card payment, initiated at eftpos, sent - SCA: , issuer location: Italy, acquirer location: Rest of the World, POS location: outside EEA","PN",6]
["PCP.H.CY.W0.G1.CP0.1.1000._T.PCS_ALL._Z._X._Z.N.PN","H","CY","W0","G1","CP0",1,"1000","_T","PCS_ALL","_Z","_X","_Z","N","PN","2023-S2",0.108653,"P",false,null,null,"P6M",{"$nulls":4},"S",null,null,3,null,"Total number of card paymentnon-electronic, sent - SCA: , issuer location: Cyprus, POS location: outside EEA","Total number of card paymentnon-electronic, sent - SCA: , issuer location: Cyprus, POS location: outside EEA","PN",6]
["PCP.H.PT.G1.G3.CP0.1.2000.NR.PCS_ALL.13._X._Z.N.PN","H","PT","G1","G3","CP0",1,"2000","NR","PCS_ALL","13","_X","_Z","N","PN","2022-S1",0,"A",false,null,null,"P6M",{"$nulls":4},"S",null,null,3,null,"Number of card payment with a credit card, sent - issuer location: Portugal, acquirer location: outside EEA, POS location: other EEA countries","Number of card payment with a credit card, sent - issuer location: Portugal, acquirer location: outside EEA, POS location: other EEA countries","PN",6]
["PCP.H.FI.W1.G3.CW1.1._T._T.PCS_ALL._Z._X._Z.N.EUR","H","FI","W1","G3","CW1",1,"_T","_T","PCS_ALL","_Z","_X","_Z","N","EUR","2022-S2",121.11498538,"A",false,null,null,"P6M",{"$nulls":4},"S",null,null,3,null,"Value of cash withdrawal using cardsall, sent - SCA: , issuer location: Finland, acquirer location: Rest of the World, terminal location: other EEA countries","Value of cash withdrawal using cardsall, sent - SCA: , issuer location: Finland, acquirer location: Rest of the World, terminal location: other EEA countries","EUR",6]
["PCP.H.LT.W0.W0.CP0.1._T.NR.PCS_ALL._Z._X._Z.G1.EUR","H","LT","W0","W0","CP0",1,"_T","NR","PCS_ALL","_Z","_X","_Z","G1","EUR","2022-S1",null,"M",false,null,null,"P6M",{"$nulls":4},"S",null,null,2,null,"Annual growth rate of the total value of card paymentall, sent - SCA: , issuer location: Lithuania, POS location: world","Annual growth rate of the total value of card paymentall, sent - SCA: , issuer location: Lithuania, POS location: world","EUR",0]
["PCP.H.CZ.G3.W2.CP0.2.2000.R.PCS_ALL.13._X._Z.N.PN","H","CZ","G3","W2","CP0",2,"2000","R","PCS_ALL","13","_X","_Z","N","PN","2022-S1",0.982446,"A",false,null,null,"P6M",{"$nulls":4},"S",null,null,3,null,"Number of card payment,with a credit card, received - acquirer location: Czech Republic, issuer location: other EEA countries, POS location: domestic","Number of card payment,with a credit card, received - acquirer location: Czech Republic, issuer location: other EEA countries, POS location: domestic","PN",6]
["PCP.H.LT.W2.G1.CP0.1._T._T.PCS_ALL._Z._X._Z.N.PN","H","LT","W2","G1","CP0",1,"_T","_T","PCS_ALL","_Z","_X","_Z","N","PN","2022-S2",4.178438,"A",false,null,null,"P6M",{"$nulls":4},"S",null,null,3,null,"Number of card paymentall, sent - SCA: , issuer location: Lithuania, acquirer location: domestic, POS location: outside EEA","Number of card paymentall, sent - SCA: , issuer location: Lithuania, acquirer location: domestic, POS location: outside EEA","PN",6]
["PCP.H.HU.G3.G1.CP0.1.2000.NR.PCS_ALL._Z.200._Z.N.XDF","H","HU","G3","G1","CP0",1,"2000","NR","PCS_ALL","_Z","200","_Z","N","XDF","2023-S2",1757.558345,"P",false,null,null,"P6M",{"$nulls":4},"S",null,null,3,null,"Value of card paymentelectronic, sent - SCA: non-sca, issuer location: Hungary, acquirer location: other EEA countries, POS location: outside EEA","Value of card paymentelectronic, sent - SCA: non-sca, issuer location: Hungary, acquirer location: other EEA countries, POS location: outside EEA","XDF",6]
["PCP.H.LT.G1.W1.CP0.1.2000.R.PCS_ALL.13._X._Z.N.PN","H","LT","G1","W1","CP0",1,"2000","R","PCS_ALL","13","_X","_Z","N","PN","2022-S1",0.268256,"A",false,null,null,"P6M",{"$nulls":4},"S",null,null,3,null,"Number of card payment with a credit card, sent - issuer location: Lithuania, acquirer location: outside EEA, POS location: Rest of the World","Number of card payment with a credit card, sent - issuer location: Lithuania, acquirer location: outside EEA, POS location: Rest of the World","PN",6]
["PCP.H.ES.W0.W1.CP0.1.2000.R.PCS_ALL._Z.208._Z.N.PN","H","ES","W0","W1","CP0",1,"2000","R","PCS_ALL","_Z","208","_Z","N","PN","2023-S2",154.515739,"P",false,null,null,"P6M",{"$nulls":4},"S",null,null,3,null,"Total number of card paymentelectronic, sent - SCA: non-sca: transaction risk analysis, issuer location: Spain, POS location: Rest of the World","Total number of card paymentelectronic, sent - SCA: non-sca: transaction risk analysis, issuer location: Spain, POS location: Rest of the World","PN",6]
["PCP.A.CZ.IE.W0.CP0.1.2223.NR.PCS_ALL._Z._X._Z.N.XDF","A","CZ","IE","W0","CP0",1,"2223","NR","PCS_ALL","_Z","_X","_Z","N","XDF","2023",9051.32838319,"A",false,null,null,"P1Y",{"$nulls":4},"S",null,null,3,null,"Value of card payment, initiated at eftpos, sent - SCA: , issuer location: Czech Republic, acquirer location: Ireland, POS location: world","Value of card payment, initiated at eftpos, sent - SCA: , issuer location: Czech Republic, acquirer location: Ireland, POS location: world","XDF",6]
["PCP.H.LT.G3.W1.CP0.1.2000.R.PCS_ALL._Z.201._Z.N.PN","H","LT","G3","W1","CP0",1,"2000","R","PCS_ALL","_Z","201","_Z","N","PN","2023-S1",219.94443,"A",false,null,null,"P6M",{"$nulls":4},"S",null,null,3,null,"Number of card paymentelectronic, sent - SCA: non-sca: low value, issuer location: Lithuania, acquirer location: other EEA countries, POS location: Rest of the World","Number of card paymentelectronic, sent - SCA: non-sca: low value, issuer location: Lithuania, acquirer location: other EEA countries, POS location: Rest of the World","PN",6]
["PCP.H.PL.G3.G3.CP0.2.2000.NR.PCS_ALL._Z._X._Z.N.PN","H","PL","G3","G3","CP0",2,"2000","NR","PCS_ALL","_Z","_X","_Z","N","PN","2023-S2",51.36999799999998,"P",false,null,null,"P6M",{"$nulls":4},"S",null,null,3,null,"Number of card paymentelectronic, received - SCA: , acquirer location: Poland, issuer location: other EEA countries, POS location: other EEA countries","Number of card paymentelectronic, received - SCA: , acquirer location: Poland, issuer location: other EEA countries, POS location: other EEA countries","PN",6]
["PCP.H.ES.W2.W0.CP0.2.2000.R.PCS_ALL._Z.200._Z.N.EUR","H","ES","W2","W0","CP0",2,"2000","R","PCS_ALL","_Z","200","_Z","N","EUR","2023-S2",4867.922178230001,"P",false,null,null,"P6M",{"$nulls":4},"S",null,null,3,null,"Value of card paymentelectronic, received - SCA: non-sca, acquirer location: Spain, issuer location: domestic, POS location: world","Value of card paymentelectronic, received - SCA: non-sca, acquirer location: Spain, issuer location: domestic, POS location: world","EUR",6]
["PCP.H.BG.G1.W1.CP0.1.2000.NR.PCS_ALL._Z.200._Z.N.PN","H","BG","G1","W1","CP0",1,"2000","NR","PCS_ALL","_Z","200","_Z","N","PN","2023-S2",2.962607,"P",false,null,null,"P6M",{"$nulls":4},"S",null,null,3,null,"Number of card paymentelectronic, sent - SCA: non-sca, issuer location: Bulgaria, acquirer location: outside EEA, POS location: Rest of the World","Number of card paymentelectronic, sent - SCA: non-sca, issuer location: Bulgaria, acquirer location: outside EEA, POS location: Rest of the World","PN",6]
["PCP.H.NL.W2.G3.CP0.1.2223.NR.PCS_ALL._Z._X._Z.N.PN","H","NL","W2","G3","CP0",1,"2223","NR","PCS_ALL","_Z","_X","_Z","N","PN","2022-S1",31.920251,"A",false,null,null,"P6M",{"$nulls":4},"S",null,null,3,null,"Number of card payment, initiated at eftpos, sent - SCA: , issuer location: Netherlands, acquirer location: domestic, POS location: other EEA countries","Number of card payment, initiated at eftpos, sent - SCA: , issuer location: Netherlands, acquirer location: domestic, POS location: other EEA countries","PN",6]
["PCP.H.RO.W2.G1.CP0.2.2000.R.PCS_ALL._Z.210._Z.N.PN","H","RO","W2","G1","CP0",2,"2000","R","PCS_ALL","_Z","210","_Z","N","PN","2023-S2",0,"P",false,null,null,"P6M",{"$nulls":4},"S",null,null,3,null,"Number of card paymentelectronic, received - SCA: non-sca: others, acquirer location: Romania, issuer location: domestic, POS location: outside EEA","Number of card paymentelectronic, received - SCA: non-sca: others, acquirer location: Romania, issuer location: domestic, POS location: outside EEA","PN",6]
["PCP.H.IT.G1.G3.CP0.1._T._T.PCS_ALL._Z._X._Z.N.PN","H","IT","G1","G3","CP0",1,"_T","_T","PCS_ALL","_Z","_X","_Z","N","PN","2023-S2",33.19695600000001,"P",false,null,null,"P6M",{"$nulls":4},"S",null,null,3,null,"Number of card paymentall, sent - SCA: , issuer location: Italy, acquirer location: outside EEA, POS location: other EEA countries","Number of card paymentall, sent - SCA: , issuer location: Italy, acquirer location: outside EEA, POS location: other EEA countries","PN",6]
["PCP.H.BG.W2.W0.CP11.1.2223.NR.PCS_ALL._Z._X._Z.N.XDF","H","BG","W2","W0","CP11",1,"2223","NR","PCS_ALL","_Z","_X","_Z","N","XDF","2023-S2",1246.34526995,"P",false,null,null,"P6M",{"$nulls":4},"S",null,null,3,null,"Value of card payments (nfc), initiated at eftpos, sent - SCA: , issuer location: Bulgaria, acquirer location: domestic, terminal location: world","Value of card payments (nfc), initiated at eftpos, sent - SCA: , issuer location: Bulgaria, acquirer location: domestic, terminal location: world","XDF",6]
["PCP.H.GR.G3.G1.CP0.1.2000._T.PCS_ALL._Z._X._Z.N.EUR","H","GR","G3","G1","CP0",1,"2000","_T","PCS_ALL","_Z","_X","_Z","N","EUR","2022-S1",41.12931243000001,"A",false,null,null,"P6M",{"$nulls":4},"S",null,null,3,null,"Value of card paymentelectronic, sent - SCA: , issuer location: Greece, acquirer location: other EEA countries, POS location: outside EEA","Value of card paymentelectronic, sent - SCA: , issuer location: Greece, acquirer location: other EEA countries, POS location: outside EEA","EUR",6]
["PCP.H.CY.W0.W2.CP0.1.1000.NR.PCS_ALL._Z._X._Z.N.EUR","H","CY","W0","W2","CP0",1,"1000","NR","PCS_ALL","_Z","_X","_Z","N","EUR","2023-S1",30.89322,"A",false,null,null,"P6M",{"$nulls":4},"S",null,null,3,null,"Total value of card paymentnon-electronic, sent - SCA: , issuer location: Cyprus, POS location: domestic","Total value of card paymentnon-electronic, sent - SCA: , issuer location: Cyprus, POS location: domestic","EUR",6]
["PCP.H.NL.G1.W1.CP0.1.2000.NR.PCS_ALL.12._X._Z.N.PN","H","NL","G1","W1","CP0",1,"2000","NR","PCS_ALL","12","_X","_Z","N","PN","2022-S2",11.427902,"A",false,null,null,"P6M",{"$nulls":4},"S",null,null,3,null,"Number of card payment with a delayed debit card, sent - issuer location: Netherlands, acquirer location: outside EEA, POS location: Rest of the World","Number of card payment with a delayed debit card, sent - issuer location: Netherlands, acquirer location: outside EEA, POS location: Rest of the World","PN",6]
["PCP.H.FR.G3.G3.CP0.1.2000.R.PCS_ALL._Z.200._Z.N.PN","H","FR","G3","G3","CP0",1,"2000","R","PCS_ALL","_Z","200","_Z","N","PN","2023-S1",220.510109,"A",false,null,null,"P6M",{"$nulls":4},"S",null,null,3,null,"Number of card paymentelectronic, sent - SCA: non-sca, issuer location: France, acquirer location: other EEA countries, POS location: other EEA countries","Number of card paymentelectronic, sent - SCA: non-sca, issuer location: France, acquirer location: other EEA countries, POS location: other EEA countries","PN",6]
["PCP.A.MT.G3.W0.CP0.1._T._T.PCS_ALL._Z._X._Z.N.PN","A","MT","G3","W0","CP0",1,"_T","_T","PCS_ALL","_Z","_X","_Z","N","PN","2023",56.09555099999999,"A",false,null,null,"P1Y",{"$nulls":4},"S",null,null,3,null,"Number of card paymentall, sent - SCA: , issuer location: Malta, acquirer location: other EEA countries, POS location: world","Number of card paymentall, sent - SCA: , issuer location: Malta, acquirer location: other EEA countries, POS location: world","PN",6]
["PCP.H.BE.W1.W0.CP0.2.1000.R.PCS_ALL._Z._X._Z.N.EUR","H","BE","W1","W0","CP0",2,"1000","R","PCS_ALL","_Z","_X","_Z","N","EUR","2023-S2",287.195542,"P",false,null,null,"P6M",{"$nulls":4},"S",null,null,3,null,"Value of card paymentnon-electronic, received - SCA: , acquirer location: Belgium, issuer location: Rest of the World, POS location: world","Value of card paymentnon-electronic, received - SCA: , acquirer location: Belgium, issuer location: Rest of the World, POS location: world","EUR",6]
["PCP.H.SI.G1.G1.CP0.2.2000.R.PCS_ALL._Z.100._Z.N.EUR","H","SI","G1","G1","CP0",2,"2000","R","PCS_ALL","_Z","100","_Z","N","EUR","2022-S1",0,"A",false,null,null,"P6M",{"$nulls":4},"S",null,null,3,null,"Value of card paymentelectronic, received - SCA: sca, acquirer location: Slovenia, issuer location: outside EEA, POS location: outside EEA","Value of card paymentelectronic, received - SCA: sca, acquirer location: Slovenia, issuer location: outside EEA, POS location: outside EEA","EUR",6]
["PCP.H.GR.W2.W1.CP0.2.2000.R.PCS_ALL.11._X._Z.N.PN","H","GR","W2","W1","CP0",2,"2000","R","PCS_ALL","11","_X","_Z","N","PN","2022-S2",0.002168,"A",false,null,null,"P6M",{"$nulls":4},"S",null,null,3,null,"Number of card payment,with a debit card, received - acquirer location: Greece, issuer location: domestic, POS location: Rest of the World","Number of card payment,with a debit card, received - acquirer location: Greece, issuer location: domestic, POS location: Rest of the World","PN",6]
["PCP.H.LT.W2.G1.CP0.1.2221.NR.PCS_ALL._Z._X._Z.N.PN","H","LT","W2","G1","CP0",1,"2221","NR","PCS_ALL","_Z","_X","_Z","N","PN","2023-S1",0.091803,"A",false,null,null,"P6M",{"$nulls":4},"S",null,null,3,null,"Number of card payment, initiated at atm, sent - SCA: , issuer location: Lithuania, acquirer location: domestic, POS location: outside EEA","Number of card payment, initiated at atm, sent - SCA: , issuer location: Lithuania, acquirer location: domestic, POS location: outside EEA","PN",6]
["PCP.H.HU.W1.G1.CP0.2.2000.R.PCS_ALL.13._X._Z.N.XDF","H","HU","W1","G1","CP0",2,"2000","R","PCS_ALL","13","_X","_Z","N","XDF","2022-S2",0,"A",false,null,null,"P6M",{"$nulls":4},"S",null,null,3,null,"Value of card payment,with a credit card, received - acquirer location: Hungary, issuer location: Rest of the World, POS location: outside EEA","Value of card payment,with a credit card, received - acquirer location: Hungary, issuer location: Rest of the World, POS location: outside EEA","XDF",6]
["PCP.H.SI.W2.G1.CP0.1.2000.NR.PCS_ALL._Z.204._Z.N.PN","H","SI","W2","G1","CP0",1,"2000","NR","PCS_ALL","_Z","204","_Z","N","PN","2022-S2",0,"A",false,null,null,"P6M",{"$nulls":4},"S",null,null,3,null,"Number of card paymentelectronic, sent - SCA: non-sca: trusted beneficiaries, issuer location: Slovenia, acquirer location: domestic, POS location: outside EEA","Number of card paymentelectronic, sent - SCA: non-sca: trusted beneficiaries, issuer location: Slovenia, acquirer location: domestic, POS location: outside EEA","PN",6]
["PCP.H.IT.W2.W2.CP0.1.2230.R.PCS_ALL._Z._X._Z.N.PN","H","IT","W2","W2","CP0",1,"2230","R","PCS_ALL","_Z","_X","_Z","N","PN","2023-S2",44.964533,"P",false,null,null,"P6M",{"$nulls":4},"S",null,null,3,null,"Number of card payment, initiated via mobile payment solution (electronic), sent - SCA: , issuer location: Italy, acquirer location: domestic, POS location: domestic","Number of card payment, initiated via mobile payment solution (electronic), sent - SCA: , issuer location: Italy, acquirer location: domestic, POS location: domestic","PN",6]
["PCP.H.CY.G1.W2.CP0.1.2000.R.PCS_ALL._Z._X._Z.N.PN","H","CY","G1","W2","CP0",1,"2000","R","PCS_ALL","_Z","_X","_Z","N","PN","2022-S1",1.140163,"A",false,null,null,"P6M",{"$nulls":4},"S",null,null,3,null,"Number of card paymentelectronic, sent - SCA: , issuer location: Cyprus, acquirer location: outside EEA, POS location: domestic","Number of card paymentelectronic, sent - SCA: , issuer location: Cyprus, acquirer location: outside EEA, POS location: domestic","PN",6]
["PCP.H.DE.W0.G3.CP0.1.2000.R.PCS_ALL.13._X._Z.N.EUR","H","DE","W0","G3","CP0",1,"2000","R","PCS_ALL","13","_X","_Z","N","EUR","2022-S2",1574.36098159,"A",false,null,null,"P6M",{"$nulls":4},"S",null,null,3,null,"Total value of card payment with a credit card, sent - issuer location: Germany, POS location: other EEA countries","Total value of card payment with a credit card, sent - issuer location: Germany, POS location: other EEA countries","EUR",6]
["PCP.H.AT.G3.W0.CP0.1.2221.NR.PCS_ALL._Z._X._Z.N.EUR","H","AT","G3","W0","CP0",1,"2221","NR","PCS_ALL","_Z","_X","_Z","N","EUR","2022-S1",5.258569710000001,"A",false,null,null,"P6M",{"$nulls":4},"S",null,null,3,null,"Value of card payment, initiated at atm, sent - SCA: , issuer location: Austria, acquirer location: other EEA countries, POS location: world","Value of card payment, initiated at atm, sent - SCA: , issuer location: Austria, acquirer location: other EEA countries, POS location: world","EUR",6]
["PCP.H.LV.W2.W2.CP0.1.2000.NR.PCS_ALL.11._X._Z.N.EUR","H","LV","W2","W2","CP0",1,"2000","NR","PCS_ALL","11","_X","_Z","N","EUR","2023-S2",2051.55571525,"P",false,null,null,"P6M",{"$nulls":4},"S",null,null,3,null,"Value of card payment with a debit card, sent - issuer location: Latvia, acquirer location: domestic, POS location: domestic","Value of card payment with a debit card, sent - issuer location: Latvia, acquirer location: domestic, POS location: domestic","EUR",6]
["PCP.H.ES.W2.W1.CP0.1.2223.NR.PCS_ALL._Z._X._Z.N.PN","H","ES","W2","W1","CP0",1,"2223","NR","PCS_ALL","_Z","_X","_Z","N","PN","2023-S1",7.155904,"A",false,null,null,"P6M",{"$nulls":4},"S",null,null,3,null,"Number of card payment, initiated at eftpos, sent - SCA: , issuer location: Spain, acquirer location: domestic, POS location: Rest of the World","Number of card payment, initiated at eftpos, sent - SCA: , issuer location: Spain, acquirer location: domestic, POS location: Rest of the World","PN",6]
["PCP.H.HU.W1.W0.CP0.2.2000.NR.PCS_ALL.11._X._Z.N.PN","H","HU","W1","W0","CP0",2,"2000","NR","PCS_ALL","11","_X","_Z","N","PN","2023-S2",46.523578,"P",false,null,null,"P6M",{"$nulls":4},"S",null,null,3,null,"Number of card payment,with a debit card, received - acquirer location: Hungary, issuer location: Rest of the World, POS location: world","Number of card payment,with a debit card, received - acquirer location: Hungary, issuer location: Rest of the World, POS location: world","PN",6]
["PCP.H.CY.G1.W2.CP0.1.2221.NR.PCS_ALL._Z._X._Z.N.EUR","H","CY","G1","W2","CP0",1,"2221","NR","PCS_ALL","_Z","_X","_Z","N","EUR","2022-S2",0,"A",false,null,null,"P6M",{"$nulls":4},"S",null,null,3,null,"Value of card payment, initiated at atm, sent - SCA: , issuer location: Cyprus, acquirer location: outside EEA, POS location: domestic","Value of card payment, initiated at atm, sent - SCA: , issuer location: Cyprus, acquirer location: outside EEA, POS location: domestic","EUR",6]
["PCP.H.SI.W0.W0.CP0.2.2000.R.PCS_ALL.13._X._Z.N.PN","H","SI","W0","W0","CP0",2,"2000","R","PCS_ALL","13","_X","_Z","N","PN","2022-S1",0.000184,"A",false,null,null,"P6M",{"$nulls":4},"S",null,null,3,null,"Total number of card payment,with a credit card, received - acquirer location: Slovenia, POS location: world","Total number of card payment,with a credit card, received - acquirer location: Slovenia, POS location: world","PN",6]
["PCP.Q.EE._Z.W0.CP0.1.2000.NR.PCS_ALL._Z._X._Z.N.EUR","Q","EE","_Z","W0","CP0",1,"2000","NR","PCS_ALL","_Z","_X","_Z","N","EUR","2023-Q4",2050.7059795,"A",false,null,null,"P3M",{"$nulls":4},"S",null,null,3,null,"Value of card paymentelectronic, sent - SCA: , issuer location: Estonia, acquirer location: Not applicable, POS location: world","Value of card paymentelectronic, sent - SCA: , issuer location: Estonia, acquirer location: Not applicable, POS location: world","EUR",6]
["PCP.H.LU.W2.G1.CP0.1.2223.NR.PCS_ALL._Z._X._Z.N.PN","H","LU","W2","G1","CP0",1,"2223","NR","PCS_ALL","_Z","_X","_Z","N","PN","2022-S1",0.012454,"A",false,null,null,"P6M",{"$nulls":4},"S",null,null,3,null,"Number of card payment, initiated at eftpos, sent - SCA: , issuer location: Luxembourg, acquirer location: domestic, POS location: outside EEA","Number of card payment, initiated at eftpos, sent - SCA: , issuer location: Luxembourg, acquirer location: domestic, POS location: outside EEA","PN",6]
["PCP.H.EE.G1.G1.CP0.2.1000._T.PCS_ALL._Z._X._Z.N.PN","H","EE","G1","G1","CP0",2,"1000","_T","PCS_ALL","_Z","_X","_Z","N","PN","2022-S1",0,"A",false,null,null,"P6M",{"$nulls":4},"S",null,null,3,null,"Number of card paymentnon-electronic, received - SCA: , acquirer location: Estonia, issuer location: outside EEA, POS location: outside EEA","Number of card paymentnon-electronic, received - SCA: , acquirer location: Estonia, issuer location: outside EEA, POS location: outside EEA","PN",6]
["PCP.H.IE.G1.W0.CP0.1.2000.NR.PCS_ALL._Z.210._Z.N.PN","H","IE","G1","W0","CP0",1,"2000","NR","PCS_ALL","_Z","210","_Z","N","PN","2022-S1",2.151457,"A",false,null,null,"P6M",{"$nulls":4},"S",null,null,3,null,"Number of card paymentelectronic, sent - SCA: non-sca: others, issuer location: Ireland, acquirer location: outside EEA, POS location: world","Number of card paymentelectronic, sent - SCA: non-sca: others, issuer location: Ireland, acquirer location: outside EEA, POS location: world","PN",6]
["PCP.A.NL.BG.W0.CP0.1._T._T.PCS_ALL._Z._X._Z.N.PN","A","NL","BG","W0","CP0",1,"_T","_T","PCS_ALL","_Z","_X","_Z","N","PN","2022",10.634333,"A",false,null,null,"P1Y",{"$nulls":4},"S",null,null,3,null,"Number of card paymentall, sent - SCA: , issuer location: Netherlands, acquirer location: Bulgaria, POS location: world","Number of card paymentall, sent - SCA: , issuer location: Netherlands, acquirer location: Bulgaria, POS location: world","PN",6]
["PCP.H.LU.W0.W0.CP0.1.2229.NR.PCS_ALL._Z._X._Z.N.EUR","H","LU","W0","W0","CP0",1,"2229","NR","PCS_ALL","_Z","_X","_Z","N","EUR","2022-S2",66.07255400000003,"A",false,null,null,"P6M",{"$nulls":4},"S",null,null,3,null,"Total value of card payment, initiated at other electronic channel, sent - SCA: , issuer location: Luxembourg, POS location: world","Total value of card payment, initiated at other electronic channel, sent - SCA: , issuer location: Luxembourg, POS location: world","EUR",6]
["PCP.H.DE.W2.W2.CP0.2.2000.NR.PCS_ALL._Z.202._Z.N.PN","H","DE","W2","W2","CP0",2,"2000","NR","PCS_ALL","_Z","202","_Z","N","PN","2023-S2",null,"Q",false,null,null,"P6M",{"$nulls":4},"S",null,null,3,null,"Number of card paymentelectronic, received - SCA: non-sca: contactless low value, acquirer location: Germany, issuer location: domestic, POS location: domestic","Number of card paymentelectronic, received - SCA: non-sca: contactless low value, acquirer location: Germany, issuer location: domestic, POS location: domestic","PN",6]
["PCP.A.LU.FI.W0.CP0.1._T._T.PCS_ALL._Z._X._Z.N.PN","A","LU","FI","W0","CP0",1,"_T","_T","PCS_ALL","_Z","_X","_Z","N","PN","2014",0.068791,"A",false,null,null,"P1Y",{"$nulls":4},"S",null,null,3,null,"Number of card paymentall, sent - SCA: , issuer location: Luxembourg, acquirer location: Finland, POS location: world","Number of card paymentall, sent - SCA: , issuer location: Luxembourg, acquirer location: Finland, POS location: world","PN",6]
["PCP.H.AT.G1.W2.CP0.2.2000.NR.PCS_ALL._Z.200._Z.N.PN","H","AT","G1","W2","CP0",2,"2000","NR","PCS_ALL","_Z","200","_Z","N","PN","2022-S1",0.9204809999999999,"A",false,null,null,"P6M",{"$nulls":4},"S",null,null,3,null,"Number of card paymentelectronic, received - SCA: non-sca, acquirer location: Austria, issuer location: outside EEA, POS location: domestic","Number of card paymentelectronic, received - SCA: non-sca, acquirer location: Austria, issuer location: outside EEA, POS location: domestic","PN",6]
["PCP.H.PT.W1.W2.CP0.1.2000.R.PCS_ALL._Z.209._Z.N.PN","H","PT","W1","W2","CP0",1,"2000","R","PCS_ALL","_Z","209","_Z","N","PN","2023-S2",0,"P",false,null,null,"P6M",{"$nulls":4},"S",null,null,3,null,"Number of card paymentelectronic, sent - SCA: non-sca: merchant initiated transaction, issuer location: Portugal, acquirer location: Rest of the World, POS location: domestic","Number of card paymentelectronic, sent - SCA: non-sca: merchant initiated transaction, issuer location: Portugal, acquirer location: Rest of the World, POS location: domestic","PN",6]
["PCP.H.DE.W2.W0.CP0.1.2000.R.PCS_ALL._Z.209._Z.N.PN","H","DE","W2","W0","CP0",1,"2000","R","PCS_ALL","_Z","209","_Z","N","PN","2022-S2",17.357813,"A",false,null,null,"P6M",{"$nulls":4},"S",null,null,3,null,"Number of card paymentelectronic, sent - SCA: non-sca: merchant initiated transaction, issuer location: Germany, acquirer location: domestic, POS location: world","Number of card paymentelectronic, sent - SCA: non-sca: merchant initiated transaction, issuer location: Germany, acquirer location: domestic, POS location: world","PN",6]
["PCP.A.MT.NL.W0.CP0.1._T._T.PCS_ALL._Z._X._Z.N.PN","A","MT","NL","W0","CP0",1,"_T","_T","PCS_ALL","_Z","_X","_Z","N","PN","2016",null,"Q",false,null,null,"P1Y",{"$nulls":4},"S",null,null,3,null,"Number of card paymentall, sent - SCA: , issuer location: Malta, acquirer location: Netherlands, POS location: world","Number of card paymentall, sent - SCA: , issuer location: Malta, acquirer location: Netherlands, POS location: world","PN",6]
["PCP.H.CZ.W1.G1.CP0.1.2000.R.PCS_ALL._Z._X._Z.N.XDF","H","CZ","W1","G1","CP0",1,"2000","R","PCS_ALL","_Z","_X","_Z","N","XDF","2023-S2",10246.79401008,"P",false,null,null,"P6M",{"$nulls":4},"S",null,null,3,null,"Value of card paymentelectronic, sent - SCA: , issuer location: Czech Republic, acquirer location: Rest of the World, POS location: outside EEA","Value of card paymentelectronic, sent - SCA: , issuer location: Czech Republic, acquirer location: Rest of the World, POS location: outside EEA","XDF",6]
["PCP.H.PL.W1.W1.CP0.1.2230.R.PCS_ALL._Z._X._Z.N.PN","H","PL","W1","W1","CP0",1,"2230","R","PCS_ALL","_Z","_X","_Z","N","PN","2023-S2",99.909433,"P",false,null,null,"P6M",{"$nulls":4},"S",null,null,3,null,"Number of card payment, initiated via mobile payment solution (electronic), sent - SCA: , issuer location: Poland, acquirer location: Rest of the World, POS location: Rest of the World","Number of card payment, initiated via mobile payment solution (electronic), sent - SCA: , issuer location: Poland, acquirer location: Rest of the World, POS location: Rest of the World","PN",6]
["PCP.H.LT.G3.W1.CP0.1.2000.R.PCS_ALL._Z.209._Z.N.PN","H","LT","G3","W1","CP0",1,"2000","R","PCS_ALL","_Z","209","_Z","N","PN","2022-S2",1.406175,"A",false,null,null,"P6M",{"$nulls":4},"S",null,null,3,null,"Number of card paymentelectronic, sent - SCA: non-sca: merchant initiated transaction, issuer location: Lithuania, acquirer location: other EEA countries, POS location: Rest of the World","Number of card paymentelectronic, sent - SCA: non-sca: merchant initiated transaction, issuer location: Lithuania, acquirer location: other EEA countries, POS location: Rest of the World","PN",6]
["PCP.H.CY.G3.G1.CP0.1.2000.R.PCS_ALL.12._X._Z.N.EUR","H","CY","G3","G1","CP0",1,"2000","R","PCS_ALL","12","_X","_Z","N","EUR","2022-S1",0.040199,"A",false,null,null,"P6M",{"$nulls":4},"S",null,null,3,null,"Value of card payment with a delayed debit card, sent - issuer location: Cyprus, acquirer location: other EEA countries, POS location: outside EEA","Value of card payment with a delayed debit card, sent - issuer location: Cyprus, acquirer location: other EEA countries, POS location: outside EEA","EUR",6]
["PCP.H.CZ.W2.G1.CP0.1.2000.NR.PCS_ALL.13._X._Z.N.PN","H","CZ","W2","G1","CP0",1,"2000","NR","PCS_ALL","13","_X","_Z","N","PN","2022-S2",0.00012,"A",false,null,null,"P6M",{"$nulls":4},"S",null,null,3,null,"Number of card payment with a credit card, sent - issuer location: Czech Republic, acquirer location: domestic, POS location: outside EEA","Number of card payment with a credit card, sent - issuer location: Czech Republic, acquirer location: domestic, POS location: outside EEA","PN",6]
["PCP.H.SK.W1.W1.CP0.1.2229.NR.PCS_ALL._Z._X._Z.N.PN","H","SK","W1","W1","CP0",1,"2229","NR","PCS_ALL","_Z","_X","_Z","N","PN","2023-S1",2.833412,"A",false,null,null,"P6M",{"$nulls":4},"S",null,null,3,null,"Number of card payment, initiated at other electronic channel, sent - SCA: , issuer location: Slovakia, acquirer location: Rest of the World, POS location: Rest of the World","Number of card payment, initiated at other electronic channel, sent - SCA: , issuer location: Slovakia, acquirer location: Rest of the World, POS location: Rest of the World","PN",6]
["PCP.H.IE.G3.W2.CP0.1.2230.R.PCS_ALL._Z._X._Z.N.PN","H","IE","G3","W2","CP0",1,"2230","R","PCS_ALL","_Z","_X","_Z","N","PN","2022-S2",3.419365,"A",false,null,null,"P6M",{"$nulls":4},"S",null,null,3,null,"Number of card payment, initiated via mobile payment solution (electronic), sent - SCA: , issuer location: Ireland, acquirer location: other EEA countries, POS location: domestic","Number of card payment, initiated via mobile payment solution (electronic), sent - SCA: , issuer location: Ireland, acquirer location: other EEA countries, POS location: domestic","PN",6]
["PCP.H.CY.G3.W0.CP0.2.1000.NR.PCS_ALL._Z._X._Z.N.EUR","H","CY","G3","W0","CP0",2,"1000","NR","PCS_ALL","_Z","_X","_Z","N","EUR","2022-S1",54.34080592000001,"A",false,null,null,"P6M",{"$nulls":4},"S",null,null,3,null,"Value of card paymentnon-electronic, received - SCA: , acquirer location: Cyprus, issuer location: other EEA countries, POS location: world","Value of card paymentnon-electronic, received - SCA: , acquirer location: Cyprus, issuer location: other EEA countries, POS location: world","EUR",6]
["PCP.H.FI.G3.W0.CP0.1.2000._T.PCS_ALL._Z._X._Z.N.EUR","H","FI","G3","W0","CP0",1,"2000","_T","PCS_ALL","_Z","_X","_Z","N","EUR","2022-S2",15368.66892804,"A",false,null,null,"P6M",{"$nulls":4},"S",null,null,3,null,"Value of card paymentelectronic, sent - SCA: , issuer location: Finland, acquirer location: other EEA countries, POS location: world","Value of card paymentelectronic, sent - SCA: , issuer location: Finland, acquirer location: other EEA countries, POS location: world","EUR",6]
["PCP.Q.DE._Z.G3.CP0.1.2000.NR.PCS_ALL._Z._X._Z.N.EUR","Q","DE","_Z","G3","CP0",1,"2000","NR","PCS_ALL","_Z","_X","_Z","N","EUR","2024-Q1",7472.83609948,"P",false,null,null,"P3M",{"$nulls":4},"S",null,null,3,null,"Value of card paymentelectronic, sent - SCA: , issuer location: Germany, acquirer location: Not applicable, POS location: other EEA countries","Value of card paymentelectronic, sent - SCA: , issuer location: Germany, acquirer location: Not applicable, POS location: other EEA countries","EUR",6]
["PCP.H.LT.W0.W1.CP1.1.2223.NR.PCS_ALL._Z._X._Z.N.PN","H","LT","W0","W1","CP1",1,"2223","NR","PCS_ALL","_Z","_X","_Z","N","PN","2022-S1",410.472441,"A",false,null,null,"P6M",{"$nulls":4},"S",null,null,3,null,"Total number of card payments (contactless), initiated at eftpos, sent - SCA: , issuer location: Lithuania, terminal location: Rest of the World","Total number of card payments (contactless), initiated at eftpos, sent - SCA: , issuer location: Lithuania, terminal location: Rest of the World","PN",6]
["PCP.H.DE.W2.W2.CP0.1.2223.NR.PCS_ALL._Z._X._Z.N.PN","H","DE","W2","W2","CP0",1,"2223","NR","PCS_ALL","_Z","_X","_Z","N","PN","2023-S1",4301.951403,"A",false,null,null,"P6M",{"$nulls":4},"S",null,null,3,null,"Number of card payment, initiated at eftpos, sent - SCA: , issuer location: Germany, acquirer location: domestic, POS location: domestic","Number of card payment, initiated at eftpos, sent - SCA: , issuer location: Germany, acquirer location: domestic, POS location: domestic","PN",6]
["PCP.H.FI.W2.W0.CP0.2.2000.NR.PCS_ALL._Z.206._Z.N.EUR","H","FI","W2","W0","CP0",2,"2000","NR","PCS_ALL","_Z","206","_Z","N","EUR","2023-S2",0,"P",false,null,null,"P6M",{"$nulls":4},"S",null,null,3,null,"Value of card paymentelectronic, received - SCA: non-sca: unattended terminals, acquirer location: Finland, issuer location: domestic, POS location: world","Value of card paymentelectronic, received - SCA: non-sca: unattended terminals, acquirer location: Finland, issuer location: domestic, POS location: world","EUR",6]
["PCP.H.BE.G3.G3.CP11.1.2223.NR.PCS_ALL._Z._X._Z.N.PN","H","BE","G3","G3","CP11",1,"2223","NR","PCS_ALL","_Z","_X","_Z","N","PN","2023-S1",43.766777,"A",false,null,null,"P6M",{"$nulls":4},"S",null,null,3,null,"Number of card payments (nfc), initiated at eftpos, sent - SCA: , issuer location: Belgium, acquirer location: other EEA countries, terminal location: other EEA countries","Number of card payments (nfc), initiated at eftpos, sent - SCA: , issuer location: Belgium, acquirer location: other EEA countries, terminal location: other EEA countries","PN",6]
["PCP.H.LT.W0.W2.CP0.1.2000.NR.PCS_ALL._Z.202._Z.N.EUR","H","LT","W0","W2","CP0",1,"2000","NR","PCS_ALL","_Z","202","_Z","N","EUR","2022-S2",1891.226474,"A",false,null,null,"P6M",{"$nulls":4},"S",null,null,3,null,"Total value of card paymentelectronic, sent - SCA: non-sca: contactless low value, issuer location: Lithuania, POS location: domestic","Total value of card paymentelectronic, sent - SCA: non-sca: contactless low value, issuer location: Lithuania, POS location: domestic","EUR",6]
["PCP.H.CY.W1.W1.CP0.2.2000.NR.PCS_ALL._Z.205._Z.N.EUR","H","CY","W1","W1","CP0",2,"2000","NR","PCS_ALL","_Z","205","_Z","N","EUR","2022-S2",0,"A",false,null,null,"P6M",{"$nulls":4},"S",null,null,3,null,"Value of card paymentelectronic, received - SCA: non-sca: recurring transaction, acquirer location: Cyprus, issuer location: Rest of the World, POS location: Rest of the World","Value of card paymentelectronic, received - SCA: non-sca: recurring transaction, acquirer location: Cyprus, issuer location: Rest of the World, POS location: Rest of the World","EUR",6]
["PCP.H.FR.W1.W1.CP0.2.1000.R.PCS_ALL._Z._X._Z.N.EUR","H","FR","W1","W1","CP0",2,"1000","R","PCS_ALL","_Z","_X","_Z","N","EUR","2022-S2",6450.50851675,"A",false,null,null,"P6M",{"$nulls":4},"S",null,null,3,null,"Value of card paymentnon-electronic, received - SCA: , acquirer location: France, issuer location: Rest of the World, POS location: Rest of the World","Value of card paymentnon-electronic, received - SCA: , acquirer location: France, issuer location: Rest of the World, POS location: Rest of the World","EUR",6]
["PCP.A.EE.W0.W0.CP0.1._T._T.PCS_ALL._Z._X._Z.N.EUR","A","EE","W0","W0","CP0",1,"_T","_T","PCS_ALL","_Z","_X","_Z","N","EUR","2021",7844.6,"A",false,null,null,"P1Y",{"$nulls":4},"S",null,null,3,null,"Total value of card paymentall, sent - SCA: , issuer location: Estonia, POS location: world","Total value of card paymentall, sent - SCA: , issuer location: Estonia, POS location: world","EUR",6]
["PCP.H.NL.W1.W2.CP0.2.2000.NR.PCS_ALL._Z._X._Z.N.PN","H","NL","W1","W2","CP0",2,"2000","NR","PCS_ALL","_Z","_X","_Z","N","PN","2022-S2",204.8767899999999,"A",false,null,null,"P6M",{"$nulls":4},"S",null,null,3,null,"Number of card paymentelectronic, received - SCA: , acquirer location: Netherlands, issuer location: Rest of the World, POS location: domestic","Number of card paymentelectronic, received - SCA: , acquirer location: Netherlands, issuer location: Rest of the World, POS location: domestic","PN",6]
["PCP.H.HU.G3.G3.CP0.2.1000._T.PCS_ALL._Z._X._Z.N.PN","H","HU","G3","G3","CP0",2,"1000","_T","PCS_ALL","_Z","_X","_Z","N","PN","2022-S1",0,"A",false,null,null,"P6M",{"$nulls":4},"S",null,null,3,null,"Number of card paymentnon-electronic, received - SCA: , acquirer location: Hungary, issuer location: other EEA countries, POS location: other EEA countries","Number of card paymentnon-electronic, received - SCA: , acquirer location: Hungary, issuer location: other EEA countries, POS location: other EEA countries","PN",6]
["PCP.H.SI.W0.W0.CP0.2.2000.R.PCS_ALL.12._X._Z.N.EUR","H","SI","W0","W0","CP0",2,"2000","R","PCS_ALL","12","_X","_Z","N","EUR","2022-S2",70.82951899999999,"A",false,null,null,"P6M",{"$nulls":4},"S",null,null,3,null,"Total value of card payment,with a delayed debit card, received - acquirer location: Slovenia, POS location: world","Total value of card payment,with a delayed debit card, received - acquirer location: Slovenia, POS location: world","EUR",6]
["PCP.H.BE.W0.W0.CW1.1._T._T.PCS_ALL._Z._X._Z.N.EUR","H","BE","W0","W0","CW1",1,"_T","_T","PCS_ALL","_Z","_X","_Z","N","EUR","2023-S2",13382.241927,"P",false,null,null,"P6M",{"$nulls":4},"S",null,null,3,null,"Total value of cash withdrawal using cardsall, sent - SCA: , issuer location: Belgium, terminal location: world","Total value of cash withdrawal using cardsall, sent - SCA: , issuer location: Belgium, terminal location: world","EUR",6]
["PCP.H.PT.G3.W2.CP0.1.2230.R.PCS_ALL._Z._X._Z.N.PN","H","PT","G3","W2","CP0",1,"2230","R","PCS_ALL","_Z","_X","_Z","N","PN","2023-S1",0,"A",false,null,null,"P6M",{"$nulls":4},"S",null,null,3,null,"Number of card payment, initiated via mobile payment solution (electronic), sent - SCA: , issuer location: Portugal, acquirer location: other EEA countries, POS location: domestic","Number of card payment, initiated via mobile payment solution (electronic), sent - SCA: , issuer location: Portugal, acquirer location: other EEA countries, POS location: domestic","PN",6]
["PCP.A.CZ.G1.W0.CP0.1._T._T.PCS_ALL._Z._X._Z.N.PN","A","CZ","G1","W0","CP0",1,"_T","_T","PCS_ALL","_Z","_X","_Z","N","PN","2018",14.667,"A",false,null,null,"P1Y",{"$nulls":4},"S",null,null,3,null,"Number of card paymentall, sent - SCA: , issuer location: Czech Republic, acquirer location: outside EEA, POS location: world","Number of card paymentall, sent - SCA: , issuer location: Czech Republic, acquirer location: outside EEA, POS location: world","PN",6]
["PCP.H.LU.G1.W2.CP0.1.2000.NR.PCS_ALL._Z.200._Z.N.PN","H","LU","G1","W2","CP0",1,"2000","NR","PCS_ALL","_Z","200","_Z","N","PN","2022-S1",0.400705,"A",false,null,null,"P6M",{"$nulls":4},"S",null,null,3,null,"Number of card paymentelectronic, sent - SCA: non-sca, issuer location: Luxembourg, acquirer location: outside EEA, POS location: domestic","Number of card paymentelectronic, sent - SCA: non-sca, issuer location: Luxembourg, acquirer location: outside EEA, POS location: domestic","PN",6]
["PCP.H.CY.W1.W2.CP0.1.2000.R.PCS_ALL._Z.204._Z.N.PN","H","CY","W1","W2","CP0",1,"2000","R","PCS_ALL","_Z","204","_Z","N","PN","2022-S1",0,"A",false,null,null,"P6M",{"$nulls":4},"S",null,null,3,null,"Number of card paymentelectronic, sent - SCA: non-sca: trusted beneficiaries, issuer location: Cyprus, acquirer location: Rest of the World, POS location: domestic","Number of card paymentelectronic, sent - SCA: non-sca: trusted beneficiaries, issuer location: Cyprus, acquirer location: Rest of the World, POS location: domestic","PN",6]
["PCP.H.SI.W1.G1.CP0.1.2230.R.PCS_ALL._Z._X._Z.N.PN","H","SI","W1","G1","CP0",1,"2230","R","PCS_ALL","_Z","_X","_Z","N","PN","2023-S1",0.06655900000000001,"A",false,null,null,"P6M",{"$nulls":4},"S",null,null,3,null,"Number of card payment, initiated via mobile payment solution (electronic), sent - SCA: , issuer location: Slovenia, acquirer location: Rest of the World, POS location: outside EEA","Number of card payment, initiated via mobile payment solution (electronic), sent - SCA: , issuer location: Slovenia, acquirer location: Rest of the World, POS location: outside EEA","PN",6]
["PCP.A.PL.BE.W0.CP0.2.2223.NR.PCS_ALL._Z._X._Z.N.XDF","A","PL","BE","W0","CP0",2,"2223","NR","PCS_ALL","_Z","_X","_Z","N","XDF","2023",408.05776631,"A",false,null,null,"P1Y",{"$nulls":4},"S",null,null,3,null,"Value of card payment, initiated at eftpos, received - SCA: , acquirer location: Poland, issuer location: Belgium, POS location: world","Value of card payment, initiated at eftpos, received - SCA: , acquirer location: Poland, issuer location: Belgium, POS location: world","XDF",6]
["PCP.H.LU.G1.G1.CP0.1.2000.R.PCS_ALL.11._X._Z.N.EUR","H","LU","G1","G1","CP0",1,"2000","R","PCS_ALL","11","_X","_Z","N","EUR","2022-S2",97.981912,"A",false,null,null,"P6M",{"$nulls":4},"S",null,null,3,null,"Value of card payment with a debit card, sent - issuer location: Luxembourg, acquirer location: outside EEA, POS location: outside EEA","Value of card payment with a debit card, sent - issuer location: Luxembourg, acquirer location: outside EEA, POS location: outside EEA","EUR",6]
["PCP.H.ES.W1.G3.CP0.2.2000.R.PCS_ALL.12._X._Z.N.EUR","H","ES","W1","G3","CP0",2,"2000","R","PCS_ALL","12","_X","_Z","N","EUR","2022-S1",0,"A",false,null,null,"P6M",{"$nulls":4},"S",null,null,3,null,"Value of card payment,with a delayed debit card, received - acquirer location: Spain, issuer location: Rest of the World, POS location: other EEA countries","Value of card payment,with a delayed debit card, received - acquirer location: Spain, issuer location: Rest of the World, POS location: other EEA countries","EUR",6]
["PCP.Q.NL._Z.G1.CP0.1.2000.R.PCS_ALL._Z._X._Z.N.PN","Q","NL","_Z","G1","CP0",1,"2000","R","PCS_ALL","_Z","_X","_Z","N","PN","2024-Q1",10.189096,"P",false,null,null,"P3M",{"$nulls":4},"S",null,null,3,null,"Number of card paymentelectronic, sent - SCA: , issuer location: Netherlands, acquirer location: Not applicable, POS location: outside EEA","Number of card paymentelectronic, sent - SCA: , issuer location: Netherlands, acquirer location: Not applicable, POS location: outside EEA","PN",6]
["PCP.H.CY.W0.G3.CP0.1.2000.R.PCS_ALL._Z.205._Z.N.EUR","H","CY","W0","G3","CP0",1,"2000","R","PCS_ALL","_Z","205","_Z","N","EUR","2022-S1",27.664481,"A",false,null,null,"P6M",{"$nulls":4},"S",null,null,3,null,"Total value of card paymentelectronic, sent - SCA: non-sca: recurring transaction, issuer location: Cyprus, POS location: other EEA countries","Total value of card paymentelectronic, sent - SCA: non-sca: recurring transaction, issuer location: Cyprus, POS location: other EEA countries","EUR",6]
["PCP.H.NL.G1.G3.CP0.1.2223.NR.PCS_ALL._Z._X._Z.N.EUR","H","NL","G1","G3","CP0",1,"2223","NR","PCS_ALL","_Z","_X","_Z","N","EUR","2022-S2",74.09442830999998,"A",false,null,null,"P6M",{"$nulls":4},"S",null,null,3,null,"Value of card payment, initiated at eftpos, sent - SCA: , issuer location: Netherlands, acquirer location: outside EEA, POS location: other EEA countries","Value of card payment, initiated at eftpos, sent - SCA: , issuer location: Netherlands, acquirer location: outside EEA, POS location: other EEA countries","EUR",6]
["PCP.H.GR.W1.W0.CP0.1.2000.R.PCS_ALL._Z.205._Z.N.EUR","H","GR","W1","W0","CP0",1,"2000","R","PCS_ALL","_Z","205","_Z","N","EUR","2023-S2",166.52910778,"P",false,null,null,"P6M",{"$nulls":4},"S",null,null,3,null,"Value of card paymentelectronic, sent - SCA: non-sca: recurring transaction, issuer location: Greece, acquirer location: Rest of the World, POS location: world","Value of card paymentelectronic, sent - SCA: non-sca: recurring transaction, issuer location: Greece, acquirer location: Rest of the World, POS location: world","EUR",6]
["PCP.H.RO.G1.W1.CP0.2.2000.NR.PCS_ALL._Z.206._Z.N.XDF","H","RO","G1","W1","CP0",2,"2000","NR","PCS_ALL","_Z","206","_Z","N","XDF","2022-S2",0,"A",false,null,null,"P6M",{"$nulls":4},"S",null,null,3,null,"Value of card paymentelectronic, received - SCA: non-sca: unattended terminals, acquirer location: Romania, issuer location: outside EEA, POS location: Rest of the World","Value of card paymentelectronic, received - SCA: non-sca: unattended terminals, acquirer location: Romania, issuer location: outside EEA, POS location: Rest of the World","XDF",6]
["PCP.H.LV.W2.W1.CP0.1.2231.R.PCS_ALL._Z._X._Z.N.PN","H","LV","W2","W1","CP0",1,"2231","R","PCS_ALL","_Z","_X","_Z","N","PN","2023-S1",0,"A",false,null,null,"P6M",{"$nulls":4},"S",null,null,3,null,"Number of card payment, initiated via p2p mobile payment solution (electronic), sent - SCA: , issuer location: Latvia, acquirer location: domestic, POS location: Rest of the World","Number of card payment, initiated via p2p mobile payment solution (electronic), sent - SCA: , issuer location: Latvia, acquirer location: domestic, POS location: Rest of the World","PN",6]
["PCP.H.NL.W1.W0.CP1.1.2223.NR.PCS_ALL._Z._X._Z.N.PN","H","NL","W1","W0","CP1",1,"2223","NR","PCS_ALL","_Z","_X","_Z","N","PN","2023-S2",218.500522,"P",false,null,null,"P6M",{"$nulls":4},"S",null,null,3,null,"Number of card payments (contactless), initiated at eftpos, sent - SCA: , issuer location: Netherlands, acquirer location: Rest of the World, terminal location: world","Number of card payments (contactless), initiated at eftpos, sent - SCA: , issuer location: Netherlands, acquirer location: Rest of the World, terminal location: world","PN",6]
["PCP.H.FR.W2.W1.CP0.1.2000.NR.PCS_ALL._Z.202._Z.N.PN","H","FR","W2","W1","CP0",1,"2000","NR","PCS_ALL","_Z","202","_Z","N","PN","2023-S2",31.672338,"P",false,null,null,"P6M",{"$nulls":4},"S",null,null,3,null,"Number of card paymentelectronic, sent - SCA: non-sca: contactless low value, issuer location: France, acquirer location: domestic, POS location: Rest of the World","Number of card paymentelectronic, sent - SCA: non-sca: contactless low value, issuer location: France, acquirer location: domestic, POS location: Rest of the World","PN",6]
["PCP.H.AT.G3.G1.CP0.2.2000.NR.PCS_ALL.13._X._Z.N.EUR","H","AT","G3","G1","CP0",2,"2000","NR","PCS_ALL","13","_X","_Z","N","EUR","2023-S1",0.17959586,"A",false,null,null,"P6M",{"$nulls":4},"S",null,null,3,null,"Value of card payment,with a credit card, received - acquirer location: Austria, issuer location: other EEA countries, POS location: outside EEA","Value of card payment,with a credit card, received - acquirer location: Austria, issuer location: other EEA countries, POS location: outside EEA","EUR",6]
["PCP.H.DE.W2.W1.CP0.1.2000.R.PCS_ALL._Z.200._Z.N.PN","H","DE","W2","W1","CP0",1,"2000","R","PCS_ALL","_Z","200","_Z","N","PN","2022-S2",42.966521,"A",false,null,null,"P6M",{"$nulls":4},"S",null,null,3,null,"Number of card paymentelectronic, sent - SCA: non-sca, issuer location: Germany, acquirer location: domestic, POS location: Rest of the World","Number of card paymentelectronic, sent - SCA: non-sca, issuer location: Germany, acquirer location: domestic, POS location: Rest of the World","PN",6]
["PCP.H.SK.G1.W1.CP0.1.2000.R.PCS_ALL._Z.205._Z.N.PN","H","SK","G1","W1","CP0",1,"2000","R","PCS_ALL","_Z","205","_Z","N","PN","2022-S1",0.270812,"A",false,null,null,"P6M",{"$nulls":4},"S",null,null,3,null,"Number of card paymentelectronic, sent - SCA: non-sca: recurring transaction, issuer location: Slovakia, acquirer location: outside EEA, POS location: Rest of the World","Number of card paymentelectronic, sent - SCA: non-sca: recurring transaction, issuer location: Slovakia, acquirer location: outside EEA, POS location: Rest of the World","PN",6]
["PCP.H.HU.W0.W0.CP0.1.2000.NR.PCS_ALL.12._X._Z.G1.PN","H","HU","W0","W0","CP0",1,"2000","NR","PCS_ALL","12","_X","_Z","G1","PN","2023-S2",10.50963823607076,"P",false,null,null,"P6M",{"$nulls":4},"S",null,null,2,null,"Annual growth rate of the total number of card payment with a delayed debit card, sent - issuer location: Hungary, POS location: world","Annual growth rate of the total number of card payment with a delayed debit card, sent - issuer location: Hungary, POS location: world","PN",0]
["PCP.H.DE.W1.W2.CP0.2.2000._T.PCS_ALL._Z._X._Z.N.PN","H","DE","W1","W2","CP0",2,"2000","_T","PCS_ALL","_Z","_X","_Z","N","PN","2023-S2",314.184535,"P",false,null,null,"P6M",{"$nulls":4},"S",null,null,3,null,"Number of card paymentelectronic, received - SCA: , acquirer location: Germany, issuer location: Rest of the World, POS location: domestic","Number of card paymentelectronic, received - SCA: , acquirer location: Germany, issuer location: Rest of the World, POS location: domestic","PN",6]
["PCP.H.SI.G3.G1.CP0.1.2000.NR.PCS_ALL._Z.202._Z.N.PN","H","SI","G3","G1","CP0",1,"2000","NR","PCS_ALL","_Z","202","_Z","N","PN","2022-S1",0.05183400000000001,"A",false,null,null,"P6M",{"$nulls":4},"S",null,null,3,null,"Number of card paymentelectronic, sent - SCA: non-sca: contactless low value, issuer location: Slovenia, acquirer location: other EEA countries, POS location: outside EEA","Number of card paymentelectronic, sent - SCA: non-sca: contactless low value, issuer location: Slovenia, acquirer location: other EEA countries, POS location: outside EEA","PN",6]
["PCP.A.PT.NO.W0.CP0.1._T._T.PCS_ALL._Z._X._Z.N.PN","A","PT","NO","W0","CP0",1,"_T","_T","PCS_ALL","_Z","_X","_Z","N","PN","2023",0.1916,"A",false,null,null,"P1Y",{"$nulls":4},"S",null,null,3,null,"Number of card paymentall, sent - SCA: , issuer location: Portugal, acquirer location: Norway, POS location: world","Number of card paymentall, sent - SCA: , issuer location: Portugal, acquirer location: Norway, POS location: world","PN",6]
["PCP.H.LV.G3.W2.CP0.2.2000.R.PCS_ALL._Z.205._Z.N.EUR","H","LV","G3","W2","CP0",2,"2000","R","PCS_ALL","_Z","205","_Z","N","EUR","2023-S2",3.577476389999999,"P",false,null,null,"P6M",{"$nulls":4},"S",null,null,3,null,"Value of card paymentelectronic, received - SCA: non-sca: recurring transaction, acquirer location: Latvia, issuer location: other EEA countries, POS location: domestic","Value of card paymentelectronic, received - SCA: non-sca: recurring transaction, acquirer location: Latvia, issuer location: other EEA countries, POS location: domestic","EUR",6]
["PCP.H.DE.W1.W0.CP11.1.2223.NR.PCS_ALL._Z._X._Z.N.PN","H","DE","W1","W0","CP11",1,"2223","NR","PCS_ALL","_Z","_X","_Z","N","PN","2022-S1",144.738428,"A",false,null,null,"P6M",{"$nulls":4},"S",null,null,3,null,"Number of card payments (nfc), initiated at eftpos, sent - SCA: , issuer location: Germany, acquirer location: Rest of the World, terminal location: world","Number of card payments (nfc), initiated at eftpos, sent - SCA: , issuer location: Germany, acquirer location: Rest of the World, terminal location: world","PN",6]
["PCP.H.HR.G3.W2.CP0.2.2000.NR.PCS_ALL._Z._X._Z.N.PN","H","HR","G3","W2","CP0",2,"2000","NR","PCS_ALL","_Z","_X","_Z","N","PN","2023-S2",45.986709,"P",false,null,null,"P6M",{"$nulls":4},"S",null,null,3,null,"Number of card paymentelectronic, received - SCA: , acquirer location: Croatia, issuer location: other EEA countries, POS location: domestic","Number of card paymentelectronic, received - SCA: , acquirer location: Croatia, issuer location: other EEA countries, POS location: domestic","PN",6]
["PCP.H.B0.W0.W0.CP0.1._T.R.PCS_ALL._Z._X._Z.N.PN_R_CP0","H","B0","W0","W0","CP0",1,"_T","R","PCS_ALL","_Z","_X","_Z","N","PN_R_CP0","2023-S1",17.07087633267673,"A",false,null,"Due to partial reporting, EU aggregates do not include national data for Denmark, Poland and Sweden.","P6M",{"$nulls":4},"S",null,null,2,null,"Total number; ratio to total card payments of card paymentall, sent - SCA: , issuer location: EU (changing composition), POS location: world","Total number; ratio to total card payments of card paymentall, sent - SCA: , issuer location: EU (changing composition), POS location: world","PN_R_CP0",0]
["PCP.H.PT.W1.W0.CP0.1.1000.R.PCS_ALL._Z._X._Z.N.PN","H","PT","W1","W0","CP0",1,"1000","R","PCS_ALL","_Z","_X","_Z","N","PN","2022-S2",17.98572,"A",false,null,null,"P6M",{"$nulls":4},"S",null,null,3,null,"Number of card paymentnon-electronic, sent - SCA: , issuer location: Portugal, acquirer location: Rest of the World, POS location: world","Number of card paymentnon-electronic, sent - SCA: , issuer location: Portugal, acquirer location: Rest of the World, POS location: world","PN",6]
["PCP.H.GR.W0.W0.CP0.2.2000.NR.PCS_ALL.11._X._Z.N.EUR_R_B1GQ","H","GR","W0","W0","CP0",2,"2000","NR","PCS_ALL","11","_X","_Z","N","EUR_R_B1GQ","2022-S1",13.05771723369029,"A",false,null,null,"P6M",{"$nulls":4},"S",null,null,2,null,"Total value; ratio to gdp of card payment,with a debit card, received - acquirer location: Greece, POS location: world","Total value; ratio to gdp of card payment,with a debit card, received - acquirer location: Greece, POS location: world","EUR_R_B1GQ",0]
["PCP.H.IE.W0.W0.CP0.2.2000.NR.PCS_ALL._Z._X._Z.N.EUR","H","IE","W0","W0","CP0",2,"2000","NR","PCS_ALL","_Z","_X","_Z","N","EUR","2023-S2",46219.8603646,"P",false,null,null,"P6M",{"$nulls":4},"S",null,null,3,null,"Total value of card paymentelectronic, received - SCA: , acquirer location: Ireland, POS location: world","Total value of card paymentelectronic, received - SCA: , acquirer location: Ireland, POS location: world","EUR",6]
["PCP.H.FI.G3.W0.CP0.1.2000.R.PCS_ALL._Z._X._Z.N.PN","H","FI","G3","W0","CP0",1,"2000","R","PCS_ALL","_Z","_X","_Z","N","PN","2023-S1",91.97959399999999,"A",false,null,null,"P6M",{"$nulls":4},"S",null,null,3,null,"Number of card paymentelectronic, sent - SCA: , issuer location: Finland, acquirer location: other EEA countries, POS location: world","Number of card paymentelectronic, sent - SCA: , issuer location: Finland, acquirer location: other EEA countries, POS location: world","PN",6]
["PCP.Q.MT._Z.G1.CP0.1.2000.R.PCS_ALL._Z._X._Z.N.EUR","Q","MT","_Z","G1","CP0",1,"2000","R","PCS_ALL","_Z","_X","_Z","N","EUR","2022-Q1",149.96679811,"A",false,null,null,"P3M",{"$nulls":4},"S",null,null,3,null,"Value of card paymentelectronic, sent - SCA: , issuer location: Malta, acquirer location: Not applicable, POS location: outside EEA","Value of card paymentelectronic, sent - SCA: , issuer location: Malta, acquirer location: Not applicable, POS location: outside EEA","EUR",6]
["PCP.H.IE.W2.G1.CP0.1.2000.R.PCS_ALL._Z.200._Z.N.PN","H","IE","W2","G1","CP0",1,"2000","R","PCS_ALL","_Z","200","_Z","N","PN","2022-S1",11.625753,"A",false,null,null,"P6M",{"$nulls":4},"S",null,null,3,null,"Number of card paymentelectronic, sent - SCA: non-sca, issuer location: Ireland, acquirer location: domestic, POS location: outside EEA","Number of card paymentelectronic, sent - SCA: non-sca, issuer location: Ireland, acquirer location: domestic, POS location: outside EEA","PN",6]
["PCP.H.PL.G3.G1.CP0.1.1000.NR.PCS_ALL._Z._X._Z.N.XDF","H","PL","G3","G1","CP0",1,"1000","NR","PCS_ALL","_Z","_X","_Z","N","XDF","2022-S2",null,"M",false,null,null,"P6M",{"$nulls":4},"S",null,null,3,null,"Value of card paymentnon-electronic, sent - SCA: , issuer location: Poland, acquirer location: other EEA countries, POS location: outside EEA","Value of card paymentnon-electronic, sent - SCA: , issuer location: Poland, acquirer location: other EEA countries, POS location: outside EEA","XDF",6]
["PCP.H.PL.G1.W0.CP0.2.2000.R.PCS_ALL._Z.100._Z.N.XDF","H","PL","G1","W0","CP0",2,"2000","R","PCS_ALL","_Z","100","_Z","N","XDF","2022-S2",null,"M",false,null,null,"P6M",{"$nulls":4},"S",null,null,3,null,"Value of card paymentelectronic, received - SCA: sca, acquirer location: Poland, issuer location: outside EEA, POS location: world","Value of card paymentelectronic, received - SCA: sca, acquirer location: Poland, issuer location: outside EEA, POS location: world","XDF",6]
["PCP.H.BE.W0.W1.CP0.1.2000.NR.PCS_ALL._Z.202._Z.N.EUR","H","BE","W0","W1","CP0",1,"2000","NR","PCS_ALL","_Z","202","_Z","N","EUR","2023-S1",919.38397,"A",false,null,null,"P6M",{"$nulls":4},"S",null,null,3,null,"Total value of card paymentelectronic, sent - SCA: non-sca: contactless low value, issuer location: Belgium, POS location: Rest of the World","Total value of card paymentelectronic, sent - SCA: non-sca: contactless low value, issuer location: Belgium, POS location: Rest of the World","EUR",6]
["PCP.H.NL.G1.W0.CP0.2.2000.R.PCS_ALL.13._X._Z.N.EUR","H","NL","G1","W0","CP0",2,"2000","R","PCS_ALL","13","_X","_Z","N","EUR","2023-S2",21385.02682508,"P",false,null,null,"P6M",{"$nulls":4},"S",null,null,3,null,"Value of card payment,with a credit card, received - acquirer location: Netherlands, issuer location: outside EEA, POS location: world","Value of card payment,with a credit card, received - acquirer location: Netherlands, issuer location: outside EEA, POS location: world","EUR",6]
["PCP.H.RO.G3.G3.CP0.1.2000.NR.PCS_ALL._Z.205._Z.N.XDF","H","RO","G3","G3","CP0",1,"2000","NR","PCS_ALL","_Z","205","_Z","N","XDF","2022-S2",0.01315,"A",false,null,null,"P6M",{"$nulls":4},"S",null,null,3,null,"Value of card paymentelectronic, sent - SCA: non-sca: recurring transaction, issuer location: Romania, acquirer location: other EEA countries, POS location: other EEA countries","Value of card paymentelectronic, sent - SCA: non-sca: recurring transaction, issuer location: Romania, acquirer location: other EEA countries, POS location: other EEA countries","XDF",6]
["PCP.H.LT.G1.G3.CP0.2.2221.NR.PCS_ALL._Z._X._Z.N.EUR","H","LT","G1","G3","CP0",2,"2221","NR","PCS_ALL","_Z","_X","_Z","N","EUR","2022-S1",null,"M",false,null,null,"P6M",{"$nulls":4},"S",null,null,3,null,"Value of card payment, initiated at atm, received - SCA: , acquirer location: Lithuania, issuer location: outside EEA, POS location: other EEA countries","Value of card payment, initiated at atm, received - SCA: , acquirer location: Lithuania, issuer location: outside EEA, POS location: other EEA countries","EUR",6]
["PCP.H.CZ.W0.W2.CP0.2.2000.NR.PCS_ALL._Z.210._Z.N.PN","H","CZ","W0","W2","CP0",2,"2000","NR","PCS_ALL","_Z","210","_Z","N","PN","2023-S2",0.856218,"P",false,null,null,"P6M",{"$nulls":4},"S",null,null,3,null,"Total number of card paymentelectronic, received - SCA: non-sca: others, acquirer location: Czech Republic, POS location: domestic","Total number of card paymentelectronic, received - SCA: non-sca: others, acquirer location: Czech Republic, POS location: domestic","PN",6]
["PCP.H.PT.G3.W2.CP0.2.2000._T.PCS_ALL._Z._X._Z.N.PN","H","PT","G3","W2","CP0",2,"2000","_T","PCS_ALL","_Z","_X","_Z","N","PN","2022-S2",42.639059,"A",false,null,null,"P6M",{"$nulls":4},"S",null,null,3,null,"Number of card paymentelectronic, received - SCA: , acquirer location: Portugal, issuer location: other EEA countries, POS location: domestic","Number of card paymentelectronic, received - SCA: , acquirer location: Portugal, issuer location: other EEA countries, POS location: domestic","PN",6]
["PCP.A.DE.W0.W0.CP0.2.2223.NR.PCS_ALL._Z._X._Z.N.EUR_R_B1GQ","A","DE","W0","W0","CP0",2,"2223","NR","PCS_ALL","_Z","_X","_Z","N","EUR_R_B1GQ","2022",7.958034608460815,"A",false,null,null,"P1Y",{"$nulls":4},"S",null,null,2,null,"Total value; ratio to gdp of card payment, initiated at eftpos, received - SCA: , acquirer location: Germany, POS location: world","Total value; ratio to gdp of card payment, initiated at eftpos, received - SCA: , acquirer location: Germany, POS location: world","EUR_R_B1GQ",0]
["PCP.H.IT.W0.W1.CP0.1.2000.NR.PCS_ALL._Z.204._Z.N.PN","H","IT","W0","W1","CP0",1,"2000","NR","PCS_ALL","_Z","204","_Z","N","PN","2022-S1",0.306885,"A",false,null,null,"P6M",{"$nulls":4},"S",null,null,3,null,"Total number of card paymentelectronic, sent - SCA: non-sca: trusted beneficiaries, issuer location: Italy, POS location: Rest of the World","Total number of card paymentelectronic, sent - SCA: non-sca: trusted beneficiaries, issuer location: Italy, POS location: Rest of the World","PN",6]
["PCP.H.EE.W0.W2.CP0.1.2000.R.PCS_ALL._Z.209._Z.N.EUR","H","EE","W0","W2","CP0",1,"2000","R","PCS_ALL","_Z","209","_Z","N","EUR","2023-S2",18.02305756,"P",false,null,null,"P6M",{"$nulls":4},"S",null,null,3,null,"Total value of card paymentelectronic, sent - SCA: non-sca: merchant initiated transaction, issuer location: Estonia, POS location: domestic","Total value of card paymentelectronic, sent - SCA: non-sca: merchant initiated transaction, issuer location: Estonia, POS location: domestic","EUR",6]
["PCP.Q.PL._Z.W1.CP0.1.2000.R.PCS_ALL._Z._X._Z.N.PN","Q","PL","_Z","W1","CP0",1,"2000","R","PCS_ALL","_Z","_X","_Z","N","PN","2023-Q1",94.50721800000001,"A",false,null,null,"P3M",{"$nulls":4},"S",null,null,3,null,"Number of card paymentelectronic, sent - SCA: , issuer location: Poland, acquirer location: Not applicable, POS location: Rest of the World","Number of card paymentelectronic, sent - SCA: , issuer location: Poland, acquirer location: Not applicable, POS location: Rest of the World","PN",6]
["PCP.A.LT.EE.W0.CP0.1._T._T.PCS_ALL._Z._X._Z.N.PN","A","LT","EE","W0","CP0",1,"_T","_T","PCS_ALL","_Z","_X","_Z","N","PN","2018",null,"Q",false,null,null,"P1Y",{"$nulls":4},"S",null,null,3,null,"Number of card paymentall, sent - SCA: , issuer location: Lithuania, acquirer location: Estonia, POS location: world","Number of card paymentall, sent - SCA: , issuer location: Lithuania, acquirer location: Estonia, POS location: world","PN",6]
["PCP.H.PT.G3.G1.CP0.2.2000._T.PCS_ALL._Z._X._Z.N.EUR","H","PT","G3","G1","CP0",2,"2000","_T","PCS_ALL","_Z","_X","_Z","N","EUR","2022-S2",0,"A",false,null,null,"P6M",{"$nulls":4},"S",null,null,3,null,"Value of card paymentelectronic, received - SCA: , acquirer location: Portugal, issuer location: other EEA countries, POS location: outside EEA","Value of card paymentelectronic, received - SCA: , acquirer location: Portugal, issuer location: other EEA countries, POS location: outside EEA","EUR",6]
["PCP.H.FI.W0.W1.CP0.2.2000.NR.PCS_ALL._Z.202._Z.N.PN","H","FI","W0","W1","CP0",2,"2000","NR","PCS_ALL","_Z","202","_Z","N","PN","2022-S2",8.771515,"A",false,null,null,"P6M",{"$nulls":4},"S",null,null,3,null,"Total number of card paymentelectronic, received - SCA: non-sca: contactless low value, acquirer location: Finland, POS location: Rest of the World","Total number of card paymentelectronic, received - SCA: non-sca: contactless low value, acquirer location: Finland, POS location: Rest of the World","PN",6]
["PCP.H.NL.W0.W1.CP0.1.1000._T.PCS_ALL._Z._X._Z.N.EUR","H","NL","W0","W1","CP0",1,"1000","_T","PCS_ALL","_Z","_X","_Z","N","EUR","2023-S1",431.844971,"A",false,null,null,"P6M",{"$nulls":4},"S",null,null,3,null,"Total value of card paymentnon-electronic, sent - SCA: , issuer location: Netherlands, POS location: Rest of the World","Total value of card paymentnon-electronic, sent - SCA: , issuer location: Netherlands, POS location: Rest of the World","EUR",6]
["PCP.H.CZ.G1.G1.CP0.2.2000.NR.PCS_ALL._Z.205._Z.N.PN","H","CZ","G1","G1","CP0",2,"2000","NR","PCS_ALL","_Z","205","_Z","N","PN","2022-S2",0,"A",false,null,null,"P6M",{"$nulls":4},"S",null,null,3,null,"Number of card paymentelectronic, received - SCA: non-sca: recurring transaction, acquirer location: Czech Republic, issuer location: outside EEA, POS location: outside EEA","Number of card paymentelectronic, received - SCA: non-sca: recurring transaction, acquirer location: Czech Republic, issuer location: outside EEA, POS location: outside EEA","PN",6]
["PCP.H.RO.G3.G3.CP0.2.2000.NR.PCS_ALL.13._X._Z.N.XDF","H","RO","G3","G3","CP0",2,"2000","NR","PCS_ALL","13","_X","_Z","N","XDF","2022-S1",3.071130999999999,"A",false,null,null,"P6M",{"$nulls":4},"S",null,null,3,null,"Value of card payment,with a credit card, received - acquirer location: Romania, issuer location: other EEA countries, POS location: other EEA countries","Value of card payment,with a credit card, received - acquirer location: Romania, issuer location: other EEA countries, POS location: other EEA countries","XDF",6]
["PCP.H.HU.W1.W0.CP0.2.2000.NR.PCS_ALL.11._X._Z.N.XDF","H","HU","W1","W0","CP0",2,"2000","NR","PCS_ALL","11","_X","_Z","N","XDF","2023-S2",462219.3632510001,"P",false,null,null,"P6M",{"$nulls":4},"S",null,null,3,null,"Value of card payment,with a debit card, received - acquirer location: Hungary, issuer location: Rest of the World, POS location: world","Value of card payment,with a debit card, received - acquirer location: Hungary, issuer location: Rest of the World, POS location: world","XDF",6]
["PCP.H.CY.W0.W0.CP0.1.2221.NR.PCS_ALL._Z._X._Z.N.PN_R_CP0","H","CY","W0","W0","CP0",1,"2221","NR","PCS_ALL","_Z","_X","_Z","N","PN_R_CP0","2023-S1",0,"A",false,null,null,"P6M",{"$nulls":4},"S",null,null,2,null,"Total number; ratio to total card payments of card payment, initiated at atm, sent - SCA: , issuer location: Cyprus, POS location: world","Total number; ratio to total card payments of card payment, initiated at atm, sent - SCA: , issuer location: Cyprus, POS location: world","PN_R_CP0",0]
["PCP.H.DE.G1.G3.CP0.1.2000.NR.PCS_ALL.12._X._Z.N.PN","H","DE","G1","G3","CP0",1,"2000","NR","PCS_ALL","12","_X","_Z","N","PN","2023-S2",0.2864210000000001,"P",false,null,null,"P6M",{"$nulls":4},"S",null,null,3,null,"Number of card payment with a delayed debit card, sent - issuer location: Germany, acquirer location: outside EEA, POS location: other EEA countries","Number of card payment with a delayed debit card, sent - issuer location: Germany, acquirer location: outside EEA, POS location: other EEA countries","PN",6]
["PCP.A.BE.AT.W0.CP0.1._T._T.PCS_ALL._Z._X._Z.N.EUR","A","BE","AT","W0","CP0",1,"_T","_T","PCS_ALL","_Z","_X","_Z","N","EUR","2019",258.765,"A",false,null,null,"P1Y",{"$nulls":4},"S",null,null,3,null,"Value of card paymentall, sent - SCA: , issuer location: Belgium, acquirer location: Austria, POS location: world","Value of card paymentall, sent - SCA: , issuer location: Belgium, acquirer location: Austria, POS location: world","EUR",6]
["PCP.H.IE.G1.G3.CP0.2.2000.NR.PCS_ALL._Z.210._Z.N.PN","H","IE","G1","G3","CP0",2,"2000","NR","PCS_ALL","_Z","210","_Z","N","PN","2023-S2",2.940973000000001,"P",false,null,null,"P6M",{"$nulls":4},"S",null,null,3,null,"Number of card paymentelectronic, received - SCA: non-sca: others, acquirer location: Ireland, issuer location: outside EEA, POS location: other EEA countries","Number of card paymentelectronic, received - SCA: non-sca: others, acquirer location: Ireland, issuer location: outside EEA, POS location: other EEA countries","PN",6]
["PCP.H.PT.W0.G1.CP0.2.1000.R.PCS_ALL._Z._X._Z.N.EUR","H","PT","W0","G1","CP0",2,"1000","R","PCS_ALL","_Z","_X","_Z","N","EUR","2022-S2",0,"A",false,null,null,"P6M",{"$nulls":4},"S",null,null,3,null,"Total value of card paymentnon-electronic, received - SCA: , acquirer location: Portugal, POS location: outside EEA","Total value of card paymentnon-electronic, received - SCA: , acquirer location: Portugal, POS location: outside EEA","EUR",6]
["PCP.H.FI.G1.W2.CP0.2.2000.NR.PCS_ALL._Z.202._Z.N.PN","H","FI","G1","W2","CP0",2,"2000","NR","PCS_ALL","_Z","202","_Z","N","PN","2022-S2",2.053513,"A",false,null,null,"P6M",{"$nulls":4},"S",null,null,3,null,"Number of card paymentelectronic, received - SCA: non-sca: contactless low value, acquirer location: Finland, issuer location: outside EEA, POS location: domestic","Number of card paymentelectronic, received - SCA: non-sca: contactless low value, acquirer location: Finland, issuer location: outside EEA, POS location: domestic","PN",6]
["PCP.Q.DE._Z.G3.CP0.1._T._T.PCS_ALL._Z._X._Z.N.EUR","Q","DE","_Z","G3","CP0",1,"_T","_T","PCS_ALL","_Z","_X","_Z","N","EUR","2022-Q3",22889.00916128,"A",false,null,null,"P3M",{"$nulls":4},"S",null,null,3,null,"Value of card paymentall, sent - SCA: , issuer location: Germany, acquirer location: Not applicable, POS location: other EEA countries","Value of card paymentall, sent - SCA: , issuer location: Germany, acquirer location: Not applicable, POS location: other EEA countries","EUR",6]
["PCP.H.LU.W1.G3.CP0.1.1000.R.PCS_ALL._Z._X._Z.N.PN","H","LU","W1","G3","CP0",1,"1000","R","PCS_ALL","_Z","_X","_Z","N","PN","2023-S2",1.879322,"P",false,null,null,"P6M",{"$nulls":4},"S",null,null,3,null,"Number of card paymentnon-electronic, sent - SCA: , issuer location: Luxembourg, acquirer location: Rest of the World, POS location: other EEA countries","Number of card paymentnon-electronic, sent - SCA: , issuer location: Luxembourg, acquirer location: Rest of the World, POS location: other EEA countries","PN",6]
["PCP.H.CZ.G1.W2.CP0.2.2000.NR.PCS_ALL.11._X._Z.N.XDF","H","CZ","G1","W2","CP0",2,"2000","NR","PCS_ALL","11","_X","_Z","N","XDF","2022-S1",5283.429079999999,"A",false,null,null,"P6M",{"$nulls":4},"S",null,null,3,null,"Value of card payment,with a debit card, received - acquirer location: Czech Republic, issuer location: outside EEA, POS location: domestic","Value of card payment,with a debit card, received - acquirer location: Czech Republic, issuer location: outside EEA, POS location: domestic","XDF",6]
["PCP.H.DE.W1.W0.CP0.1.2000._T.PCS_ALL._Z._X._Z.N.EUR","H","DE","W1","W0","CP0",1,"2000","_T","PCS_ALL","_Z","_X","_Z","N","EUR","2023-S2",60688.90953307,"P",false,null,null,"P6M",{"$nulls":4},"S",null,null,3,null,"Value of card paymentelectronic, sent - SCA: , issuer location: Germany, acquirer location: Rest of the World, POS location: world","Value of card paymentelectronic, sent - SCA: , issuer location: Germany, acquirer location: Rest of the World, POS location: world","EUR",6]
["PCP.A.SI.CZ.W0.CP0.1._T._T.PCS_ALL._Z._X._Z.N.PN","A","SI","CZ","W0","CP0",1,"_T","_T","PCS_ALL","_Z","_X","_Z","N","PN","2020",0.3,"A",false,null,null,"P1Y",{"$nulls":4},"S",null,null,3,null,"Number of card paymentall, sent - SCA: , issuer location: Slovenia, acquirer location: Czech Republic, POS location: world","Number of card paymentall, sent - SCA: , issuer location: Slovenia, acquirer location: Czech Republic, POS location: world","PN",6]
["PCP.H.NL.W0.W2.CP0.2.2000.NR.PCS_ALL._Z.202._Z.N.EUR","H","NL","W0","W2","CP0",2,"2000","NR","PCS_ALL","_Z","202","_Z","N","EUR","2023-S2",21280.68353877,"P",false,null,null,"P6M",{"$nulls":4},"S",null,null,3,null,"Total value of card paymentelectronic, received - SCA: non-sca: contactless low value, acquirer location: Netherlands, POS location: domestic","Total value of card paymentelectronic, received - SCA: non-sca: contactless low value, acquirer location: Netherlands, POS location: domestic","EUR",6]
["PCP.H.SI.W1.G1.CP0.1.2000.R.PCS_ALL._Z.209._Z.N.PN","H","SI","W1","G1","CP0",1,"2000","R","PCS_ALL","_Z","209","_Z","N","PN","2022-S2",0.149399,"A",false,null,null,"P6M",{"$nulls":4},"S",null,null,3,null,"Number of card paymentelectronic, sent - SCA: non-sca: merchant initiated transaction, issuer location: Slovenia, acquirer location: Rest of the World, POS location: outside EEA","Number of card paymentelectronic, sent - SCA: non-sca: merchant initiated transaction, issuer location: Slovenia, acquirer location: Rest of the World, POS location: outside EEA","PN",6]
["PCP.H.HU.W0.W1.CP0.1.2000.NR.PCS_ALL._Z.205._Z.N.PN","H","HU","W0","W1","CP0",1,"2000","NR","PCS_ALL","_Z","205","_Z","N","PN","2022-S1",0.08765099999999999,"A",false,null,null,"P6M",{"$nulls":4},"S",null,null,3,null,"Total number of card paymentelectronic, sent - SCA: non-sca: recurring transaction, issuer location: Hungary, POS location: Rest of the World","Total number of card paymentelectronic, sent - SCA: non-sca: recurring transaction, issuer location: Hungary, POS location: Rest of the World","PN",6]
["PCP.H.BE.W0.W1.CP0.1.2000.NR.PCS_ALL._Z.205._Z.N.EUR","H","BE","W0","W1","CP0",1,"2000","NR","PCS_ALL","_Z","205","_Z","N","EUR","2022-S2",2.054236,"A",false,null,null,"P6M",{"$nulls":4},"S",null,null,3,null,"Total value of card paymentelectronic, sent - SCA: non-sca: recurring transaction, issuer location: Belgium, POS location: Rest of the World","Total value of card paymentelectronic, sent - SCA: non-sca: recurring transaction, issuer location: Belgium, POS location: Rest of the World","EUR",6]
["PCP.H.RO.W1.W0.CP0.1.2000.NR.PCS_ALL._Z.100._Z.N.XDF","H","RO","W1","W0","CP0",1,"2000","NR","PCS_ALL","_Z","100","_Z","N","XDF","2022-S1",4442.620201999999,"A",false,null,null,"P6M",{"$nulls":4},"S",null,null,3,null,"Value of card paymentelectronic, sent - SCA: sca, issuer location: Romania, acquirer location: Rest of the World, POS location: world","Value of card paymentelectronic, sent - SCA: sca, issuer location: Romania, acquirer location: Rest of the World, POS location: world","XDF",6]
["PCP.H.HR.W0.G3.CP0.2.2000._T.PCS_ALL._Z._X._Z.N.PN","H","HR","W0","G3","CP0",2,"2000","_T","PCS_ALL","_Z","_X","_Z","N","PN","2023-S1",0.337962,"A",false,null,null,"P6M",{"$nulls":4},"S",null,null,3,null,"Total number of card paymentelectronic, received - SCA: , acquirer location: Croatia, POS location: other EEA countries","Total number of card paymentelectronic, received - SCA: , acquirer location: Croatia, POS location: other EEA countries","PN",6]
["PCP.H.LV.W1.G1.CP0.1.2231.R.PCS_ALL._Z._X._Z.N.EUR","H","LV","W1","G1","CP0",1,"2231","R","PCS_ALL","_Z","_X","_Z","N","EUR","2022-S2",0,"A",false,null,null,"P6M",{"$nulls":4},"S",null,null,3,null,"Value of card payment, initiated via p2p mobile payment solution (electronic), sent - SCA: , issuer location: Latvia, acquirer location: Rest of the World, POS location: outside EEA","Value of card payment, initiated via p2p mobile payment solution (electronic), sent - SCA: , issuer location: Latvia, acquirer location: Rest of the World, POS location: outside EEA","EUR",6]
["PCP.H.HU.W1.G1.CP0.2.2000.R.PCS_ALL._Z._X._Z.N.XDF","H","HU","W1","G1","CP0",2,"2000","R","PCS_ALL","_Z","_X","_Z","N","XDF","2022-S2",0,"A",false,null,null,"P6M",{"$nulls":4},"S",null,null,3,null,"Value of card paymentelectronic, received - SCA: , acquirer location: Hungary, issuer location: Rest of the World, POS location: outside EEA","Value of card paymentelectronic, received - SCA: , acquirer location: Hungary, issuer location: Rest of the World, POS location: outside EEA","XDF",6]
["PCP.H.RO.W0.W1.CP0.1.2000.NR.PCS_ALL._Z.100._Z.N.XDF","H","RO","W0","W1","CP0",1,"2000","NR","PCS_ALL","_Z","100","_Z","N","XDF","2022-S2",5048.906268,"A",false,null,null,"P6M",{"$nulls":4},"S",null,null,3,null,"Total value of card paymentelectronic, sent - SCA: sca, issuer location: Romania, POS location: Rest of the World","Total value of card paymentelectronic, sent - SCA: sca, issuer location: Romania, POS location: Rest of the World","XDF",6]
["PCP.A.SI.W0.W0.CP0.1._T._T.PCS_ALL._Z._X._Z.G1.PN","A","SI","W0","W0","CP0",1,"_T","_T","PCS_ALL","_Z","_X","_Z","G1","PN","2009",2.07481866048087,"A",false,null,null,"P1Y",{"$nulls":4},"S",null,null,2,null,"Annual growth rate of the total number of card paymentall, sent - SCA: , issuer location: Slovenia, POS location: world","Annual growth rate of the total number of card paymentall, sent - SCA: , issuer location: Slovenia, POS location: world","PN",0]
["PCP.H.NL.W2.G3.CP0.1.2000.NR.PCS_ALL._Z.100._Z.N.EUR","H","NL","W2","G3","CP0",1,"2000","NR","PCS_ALL","_Z","100","_Z","N","EUR","2023-S2",320.05667745,"P",false,null,null,"P6M",{"$nulls":4},"S",null,null,3,null,"Value of card paymentelectronic, sent - SCA: sca, issuer location: Netherlands, acquirer location: domestic, POS location: other EEA countries","Value of card paymentelectronic, sent - SCA: sca, issuer location: Netherlands, acquirer location: domestic, POS location: other EEA countries","EUR",6]
["PCP.H.EE.W2.G3.CW1.1._T._T.PCS_ALL.11._X._Z.N.EUR","H","EE","W2","G3","CW1",1,"_T","_T","PCS_ALL","11","_X","_Z","N","EUR","2023-S2",0.03001815,"P",false,null,null,"P6M",{"$nulls":4},"S",null,null,3,null,"Value of cash withdrawal using cards with a debit card, sent - issuer location: Estonia, acquirer location: domestic, terminal location: other EEA countries","Value of cash withdrawal using cards with a debit card, sent - issuer location: Estonia, acquirer location: domestic, terminal location: other EEA countries","EUR",6]
["PCP.Q.NL._Z.G1.CP0.1._T._T.PCS_ALL._Z._X._Z.N.EUR","Q","NL","_Z","G1","CP0",1,"_T","_T","PCS_ALL","_Z","_X","_Z","N","EUR","2023-Q4",-2358.716759770001,"A",false,null,null,"P3M",{"$nulls":4},"S",null,null,3,null,"Value of card paymentall, sent - SCA: , issuer location: Netherlands, acquirer location: Not applicable, POS location: outside EEA","Value of card paymentall, sent - SCA: , issuer location: Netherlands, acquirer location: Not applicable, POS location: outside EEA","EUR",6]
["PCP.H.IT.G3.G3.CW1.1._T._T.PCS_ALL._Z._X._Z.N.EUR","H","IT","G3","G3","CW1",1,"_T","_T","PCS_ALL","_Z","_X","_Z","N","EUR","2022-S1",242.414154,"A",false,null,null,"P6M",{"$nulls":4},"S",null,null,3,null,"Value of cash withdrawal using cardsall, sent - SCA: , issuer location: Italy, acquirer location: other EEA countries, terminal location: other EEA countries","Value of cash withdrawal using cardsall, sent - SCA: , issuer location: Italy, acquirer location: other EEA countries, terminal location: other EEA countries","EUR",6]
["PCP.H.LU.G1.W0.CP0.2.2000.R.PCS_ALL.13._X._Z.N.EUR","H","LU","G1","W0","CP0",2,"2000","R","PCS_ALL","13","_X","_Z","N","EUR","2023-S1",3428.936856,"A",false,null,null,"P6M",{"$nulls":4},"S",null,null,3,null,"Value of card payment,with a credit card, received - acquirer location: Luxembourg, issuer location: outside EEA, POS location: world","Value of card payment,with a credit card, received - acquirer location: Luxembourg, issuer location: outside EEA, POS location: world","EUR",6]
["PCP.H.FR.W2.W2.CP0.2.2000.NR.PCS_ALL._Z.205._Z.N.PN","H","FR","W2","W2","CP0",2,"2000","NR","PCS_ALL","_Z","205","_Z","N","PN","2022-S2",0.086909,"A",false,null,null,"P6M",{"$nulls":4},"S",null,null,3,null,"Number of card paymentelectronic, received - SCA: non-sca: recurring transaction, acquirer location: France, issuer location: domestic, POS location: domestic","Number of card paymentelectronic, received - SCA: non-sca: recurring transaction, acquirer location: France, issuer location: domestic, POS location: domestic","PN",6]
["PCP.A.FI.W0.W0.CP0.1.2223.NR.PCS_ALL._Z._X._Z.G1.EUR","A","FI","W0","W0","CP0",1,"2223","NR","PCS_ALL","_Z","_X","_Z","G1","EUR","2021",6.911711691180656,"A",false,null,null,"P1Y",{"$nulls":4},"S",null,null,2,null,"Annual growth rate of the total value of card payment, initiated at eftpos, sent - SCA: , issuer location: Finland, POS location: world","Annual growth rate of the total value of card payment, initiated at eftpos, sent - SCA: , issuer location: Finland, POS location: world","EUR",0]
["PCP.H.CZ.W0.W2.CP0.1.2000.NR.PCS_ALL._Z.210._Z.N.PN","H","CZ","W0","W2","CP0",1,"2000","NR","PCS_ALL","_Z","210","_Z","N","PN","2023-S2",105.411199,"P",false,null,null,"P6M",{"$nulls":4},"S",null,null,3,null,"Total number of card paymentelectronic, sent - SCA: non-sca: others, issuer location: Czech Republic, POS location: domestic","Total number of card paymentelectronic, sent - SCA: non-sca: others, issuer location: Czech Republic, POS location: domestic","PN",6]
["PCP.H.SI.G3.W2.CW1.1._T._T.PCS_ALL.12._X._Z.N.EUR","H","SI","G3","W2","CW1",1,"_T","_T","PCS_ALL","12","_X","_Z","N","EUR","2022-S1",0,"A",false,null,null,"P6M",{"$nulls":4},"S",null,null,3,null,"Value of cash withdrawal using cards with a delayed debit card, sent - issuer location: Slovenia, acquirer location: other EEA countries, terminal location: domestic","Value of cash withdrawal using cards with a delayed debit card, sent - issuer location: Slovenia, acquirer location: other EEA countries, terminal location: domestic","EUR",6]
["PCP.H.GR.G3.G1.CP0.2.2000.R.PCS_ALL._Z.208._Z.N.EUR","H","GR","G3","G1","CP0",2,"2000","R","PCS_ALL","_Z","208","_Z","N","EUR","2023-S2",0,"P",false,null,null,"P6M",{"$nulls":4},"S",null,null,3,null,"Value of card paymentelectronic, received - SCA: non-sca: transaction risk analysis, acquirer location: Greece, issuer location: other EEA countries, POS location: outside EEA","Value of card paymentelectronic, received - SCA: non-sca: transaction risk analysis, acquirer location: Greece, issuer location: other EEA countries, POS location: outside EEA","EUR",6]
["PCP.H.EE.G1.G1.CP0.2.1000.NR.PCS_ALL._Z._X._Z.N.EUR","H","EE","G1","G1","CP0",2,"1000","NR","PCS_ALL","_Z","_X","_Z","N","EUR","2023-S2",0,"P",false,null,null,"P6M",{"$nulls":4},"S",null,null,3,null,"Value of card paymentnon-electronic, received - SCA: , acquirer location: Estonia, issuer location: outside EEA, POS location: outside EEA","Value of card paymentnon-electronic, received - SCA: , acquirer location: Estonia, issuer location: outside EEA, POS location: outside EEA","EUR",6]
["PCP.H.IE.G3.W1.CP0.2.2000.R.PCS_ALL._Z.208._Z.N.EUR","H","IE","G3","W1","CP0",2,"2000","R","PCS_ALL","_Z","208","_Z","N","EUR","2022-S1",13184.68024326,"A",false,null,null,"P6M",{"$nulls":4},"S",null,null,3,null,"Value of card paymentelectronic, received - SCA: non-sca: transaction risk analysis, acquirer location: Ireland, issuer location: other EEA countries, POS location: Rest of the World","Value of card paymentelectronic, received - SCA: non-sca: transaction risk analysis, acquirer location: Ireland, issuer location: other EEA countries, POS location: Rest of the World","EUR",6]
["PCP.A.PT.W0.W0.CP0.2.2000.R.PCS_ALL.12._X._Z.N.EUR_R_CP0","A","PT","W0","W0","CP0",2,"2000","R","PCS_ALL","12","_X","_Z","N","EUR_R_CP0","2022",null,"M",false,null,null,"P1Y",{"$nulls":4},"S",null,null,2,null,"Total value; ratio to total card payments of card payment,with a delayed debit card, received - acquirer location: Portugal, POS location: world","Total value; ratio to total card payments of card payment,with a delayed debit card, received - acquirer location: Portugal, POS location: world","EUR_R_CP0",0]
["PCP.H.LV.W1.G3.CP0.2.2000.R.PCS_ALL._Z.201._Z.N.EUR","H","LV","W1","G3","CP0",2,"2000","R","PCS_ALL","_Z","201","_Z","N","EUR","2022-S2",1.72631495,"A",false,null,null,"P6M",{"$nulls":4},"S",null,null,3,null,"Value of card paymentelectronic, received - SCA: non-sca: low value, acquirer location: Latvia, issuer location: Rest of the World, POS location: other EEA countries","Value of card paymentelectronic, received - SCA: non-sca: low value, acquirer location: Latvia, issuer location: Rest of the World, POS location: other EEA countries","EUR",6]
["PCP.H.EE.G1.W2.CP0.2.2000.R.PCS_ALL._Z.208._Z.N.PN","H","EE","G1","W2","CP0",2,"2000","R","PCS_ALL","_Z","208","_Z","N","PN","2023-S2",0,"E",false,null,null,"P6M",{"$nulls":4},"S",null,null,3,null,"Number of card paymentelectronic, received - SCA: non-sca: transaction risk analysis, acquirer location: Estonia, issuer location: outside EEA, POS location: domestic","Number of card paymentelectronic, received - SCA: non-sca: transaction risk analysis, acquirer location: Estonia, issuer location: outside EEA, POS location: domestic","PN",6]
["PCP.H.HU.G1.G1.CP0.2.2000.R.PCS_ALL._Z.201._Z.N.XDF","H","HU","G1","G1","CP0",2,"2000","R","PCS_ALL","_Z","201","_Z","N","XDF","2022-S1",0,"A",false,null,null,"P6M",{"$nulls":4},"S",null,null,3,null,"Value of card paymentelectronic, received - SCA: non-sca: low value, acquirer location: Hungary, issuer location: outside EEA, POS location: outside EEA","Value of card paymentelectronic, received - SCA: non-sca: low value, acquirer location: Hungary, issuer location: outside EEA, POS location: outside EEA","XDF",6]
["PCP.H.AT.G1.W1.CP0.1.2000.R.PCS_ALL._Z.201._Z.N.PN","H","AT","G1","W1","CP0",1,"2000","R","PCS_ALL","_Z","201","_Z","N","PN","2023-S2",0.234665,"P",false,null,null,"P6M",{"$nulls":4},"S",null,null,3,null,"Number of card paymentelectronic, sent - SCA: non-sca: low value, issuer location: Austria, acquirer location: outside EEA, POS location: Rest of the World","Number of card paymentelectronic, sent - SCA: non-sca: low value, issuer location: Austria, acquirer location: outside EEA, POS location: Rest of the World","PN",6]
["PCP.H.PL.G3.G1.CP0.1.2229.NR.PCS_ALL._Z._X._Z.N.XDF","H","PL","G3","G1","CP0",1,"2229","NR","PCS_ALL","_Z","_X","_Z","N","XDF","2023-S2",0.00189994,"P",false,null,null,"P6M",{"$nulls":4},"S",null,null,3,null,"Value of card payment, initiated at other electronic channel, sent - SCA: , issuer location: Poland, acquirer location: other EEA countries, POS location: outside EEA","Value of card payment, initiated at other electronic channel, sent - SCA: , issuer location: Poland, acquirer location: other EEA countries, POS location: outside EEA","XDF",6]
["PCP.H.CY.W1.G3.CP0.2.2000.R.PCS_ALL._Z.208._Z.N.EUR","H","CY","W1","G3","CP0",2,"2000","R","PCS_ALL","_Z","208","_Z","N","EUR","2023-S1",1975.10957941,"A",false,null,null,"P6M",{"$nulls":4},"S",null,null,3,null,"Value of card paymentelectronic, received - SCA: non-sca: transaction risk analysis, acquirer location: Cyprus, issuer location: Rest of the World, POS location: other EEA countries","Value of card paymentelectronic, received - SCA: non-sca: transaction risk analysis, acquirer location: Cyprus, issuer location: Rest of the World, POS location: other EEA countries","EUR",6]
["PCP.H.IE.G1.W2.CP0.1.2000.NR.PCS_ALL._Z.202._Z.N.PN","H","IE","G1","W2","CP0",1,"2000","NR","PCS_ALL","_Z","202","_Z","N","PN","2023-S1",null,"Q",false,null,null,"P6M",{"$nulls":4},"S",null,null,3,null,"Number of card paymentelectronic, sent - SCA: non-sca: contactless low value, issuer location: Ireland, acquirer location: outside EEA, POS location: domestic","Number of card paymentelectronic, sent - SCA: non-sca: contactless low value, issuer location: Ireland, acquirer location: outside EEA, POS location: domestic","PN",6]
["PCP.H.CY.G1.W0.CP0.1.2000.NR.PCS_ALL._Z.202._Z.N.EUR","H","CY","G1","W0","CP0",1,"2000","NR","PCS_ALL","_Z","202","_Z","N","EUR","2023-S2",8.432067,"P",false,null,null,"P6M",{"$nulls":4},"S",null,null,3,null,"Value of card paymentelectronic, sent - SCA: non-sca: contactless low value, issuer location: Cyprus, acquirer location: outside EEA, POS location: world","Value of card paymentelectronic, sent - SCA: non-sca: contactless low value, issuer location: Cyprus, acquirer location: outside EEA, POS location: world","EUR",6]
["PCP.H.PT.G1.W0.CP0.2.2000.NR.PCS_ALL._Z.210._Z.N.EUR","H","PT","G1","W0","CP0",2,"2000","NR","PCS_ALL","_Z","210","_Z","N","EUR","2022-S2",914.29011172,"A",false,null,null,"P6M",{"$nulls":4},"S",null,null,3,null,"Value of card paymentelectronic, received - SCA: non-sca: others, acquirer location: Portugal, issuer location: outside EEA, POS location: world","Value of card paymentelectronic, received - SCA: non-sca: others, acquirer location: Portugal, issuer location: outside EEA, POS location: world","EUR",6]
["PCP.H.FR.W0.W2.CP0.2.2000.NR.PCS_ALL._Z._X._Z.N.PN","H","FR","W0","W2","CP0",2,"2000","NR","PCS_ALL","_Z","_X","_Z","N","PN","2023-S2",8044.774197,"P",false,null,null,"P6M",{"$nulls":4},"S",null,null,3,null,"Total number of card paymentelectronic, received - SCA: , acquirer location: France, POS location: domestic","Total number of card paymentelectronic, received - SCA: , acquirer location: France, POS location: domestic","PN",6]
["PCP.H.LV.W2.G1.CP0.1.2000._T.PCS_ALL._Z._X._Z.N.EUR","H","LV","W2","G1","CP0",1,"2000","_T","PCS_ALL","_Z","_X","_Z","N","EUR","2022-S1",2.16850594,"A",false,null,null,"P6M",{"$nulls":4},"S",null,null,3,null,"Value of card paymentelectronic, sent - SCA: , issuer location: Latvia, acquirer location: domestic, POS location: outside EEA","Value of card paymentelectronic, sent - SCA: , issuer location: Latvia, acquirer location: domestic, POS location: outside EEA","EUR",6]
["PCP.H.CZ.W1.G3.CP0.2.1000.NR.PCS_ALL._Z._X._Z.N.XDF","H","CZ","W1","G3","CP0",2,"1000","NR","PCS_ALL","_Z","_X","_Z","N","XDF","2023-S2",23.15413252,"P",false,null,null,"P6M",{"$nulls":4},"S",null,null,3,null,"Value of card paymentnon-electronic, received - SCA: , acquirer location: Czech Republic, issuer location: Rest of the World, POS location: other EEA countries","Value of card paymentnon-electronic, received - SCA: , acquirer location: Czech Republic, issuer location: Rest of the World, POS location: other EEA countries","XDF",6]
["PCP.A.DK.DE.W0.CP0.1._T._T.PCS_ALL._Z._X._Z.N.PN","A","DK","DE","W0","CP0",1,"_T","_T","PCS_ALL","_Z","_X","_Z","N","PN","2014",null,"M",false,null,null,"P1Y",{"$nulls":4},"S",null,null,3,null,"Number of card paymentall, sent - SCA: , issuer location: Denmark, acquirer location: Germany, POS location: world","Number of card paymentall, sent - SCA: , issuer location: Denmark, acquirer location: Germany, POS location: world","PN",6]
["PCP.H.FR.W2.G1.CP0.2.2000.NR.PCS_ALL._Z.200._Z.N.EUR","H","FR","W2","G1","CP0",2,"2000","NR","PCS_ALL","_Z","200","_Z","N","EUR","2023-S1",113.73957815,"A",false,null,null,"P6M",{"$nulls":4},"S",null,null,3,null,"Value of card paymentelectronic, received - SCA: non-sca, acquirer location: France, issuer location: domestic, POS location: outside EEA","Value of card paymentelectronic, received - SCA: non-sca, acquirer location: France, issuer location: domestic, POS location: outside EEA","EUR",6]
["PCP.H.IE.G3.G3.CP0.1.2000.NR.PCS_ALL.11._X._Z.N.PN","H","IE","G3","G3","CP0",1,"2000","NR","PCS_ALL","11","_X","_Z","N","PN","2022-S1",17.855071,"A",false,null,null,"P6M",{"$nulls":4},"S",null,null,3,null,"Number of card payment with a debit card, sent - issuer location: Ireland, acquirer location: other EEA countries, POS location: other EEA countries","Number of card payment with a debit card, sent - issuer location: Ireland, acquirer location: other EEA countries, POS location: other EEA countries","PN",6]
["PCP.H.ES.G3.G1.CP0.2.2000.NR.PCS_ALL.11._X._Z.N.PN","H","ES","G3","G1","CP0",2,"2000","NR","PCS_ALL","11","_X","_Z","N","PN","2023-S2",0.019939,"P",false,null,null,"P6M",{"$nulls":4},"S",null,null,3,null,"Number of card payment,with a debit card, received - acquirer location: Spain, issuer location: other EEA countries, POS location: outside EEA","Number of card payment,with a debit card, received - acquirer location: Spain, issuer location: other EEA countries, POS location: outside EEA","PN",6]
["PCP.Q.CZ._Z.W0.CP0.1.2000.NR.PCS_ALL._Z._X._Z.N.PN","Q","CZ","_Z","W0","CP0",1,"2000","NR","PCS_ALL","_Z","_X","_Z","N","PN","2022-Q3",487.623628,"A",false,null,null,"P3M",{"$nulls":4},"S",null,null,3,null,"Number of card paymentelectronic, sent - SCA: , issuer location: Czech Republic, acquirer location: Not applicable, POS location: world","Number of card paymentelectronic, sent - SCA: , issuer location: Czech Republic, acquirer location: Not applicable, POS location: world","PN",6]
["PCP.H.IT.W1.G1.CP0.1.2000.R.PCS_ALL.12._X._Z.N.PN","H","IT","W1","G1","CP0",1,"2000","R","PCS_ALL","12","_X","_Z","N","PN","2022-S1",13.628303,"A",false,null,null,"P6M",{"$nulls":4},"S",null,null,3,null,"Number of card payment with a delayed debit card, sent - issuer location: Italy, acquirer location: Rest of the World, POS location: outside EEA","Number of card payment with a delayed debit card, sent - issuer location: Italy, acquirer location: Rest of the World, POS location: outside EEA","PN",6]
["PCP.H.PL.W1.G1.CP0.1.1000.R.PCS_ALL._Z._X._Z.N.PN","H","PL","W1","G1","CP0",1,"1000","R","PCS_ALL","_Z","_X","_Z","N","PN","2022-S1",null,"M",false,null,null,"P6M",{"$nulls":4},"S",null,null,3,null,"Number of card paymentnon-electronic, sent - SCA: , issuer location: Poland, acquirer location: Rest of the World, POS location: outside EEA","Number of card paymentnon-electronic, sent - SCA: , issuer location: Poland, acquirer location: Rest of the World, POS location: outside EEA","PN",6]
["PCP.H.FI.G3.W1.CP0.2.2000.R.PCS_ALL._Z.210._Z.N.PN","H","FI","G3","W1","CP0",2,"2000","R","PCS_ALL","_Z","210","_Z","N","PN","2022-S2",0.180549,"A",false,null,null,"P6M",{"$nulls":4},"S",null,null,3,null,"Number of card paymentelectronic, received - SCA: non-sca: others, acquirer location: Finland, issuer location: other EEA countries, POS location: Rest of the World","Number of card paymentelectronic, received - SCA: non-sca: others, acquirer location: Finland, issuer location: other EEA countries, POS location: Rest of the World","PN",6]
["PCP.H.CY.W2.G3.CP0.1.2000.R.PCS_ALL._Z.208._Z.N.EUR","H","CY","W2","G3","CP0",1,"2000","R","PCS_ALL","_Z","208","_Z","N","EUR","2023-S1",8.696169000000001,"A",false,null,null,"P6M",{"$nulls":4},"S",null,null,3,null,"Value of card paymentelectronic, sent - SCA: non-sca: transaction risk analysis, issuer location: Cyprus, acquirer location: domestic, POS location: other EEA countries","Value of card paymentelectronic, sent - SCA: non-sca: transaction risk analysis, issuer location: Cyprus, acquirer location: domestic, POS location: other EEA countries","EUR",6]
["PCP.H.NL.G3.G1.CP0.1.2000.NR.PCS_ALL._Z.200._Z.N.PN","H","NL","G3","G1","CP0",1,"2000","NR","PCS_ALL","_Z","200","_Z","N","PN","2022-S1",1.215544,"A",false,null,null,"P6M",{"$nulls":4},"S",null,null,3,null,"Number of card paymentelectronic, sent - SCA: non-sca, issuer location: Netherlands, acquirer location: other EEA countries, POS location: outside EEA","Number of card paymentelectronic, sent - SCA: non-sca, issuer location: Netherlands, acquirer location: other EEA countries, POS location: outside EEA","PN",6]
["PCP.H.PT.W1.W0.CP0.1.2223.NR.PCS_ALL._Z._X._Z.N.PN","H","PT","W1","W0","CP0",1,"2223","NR","PCS_ALL","_Z","_X","_Z","N","PN","2023-S1",45.16588100000001,"A",false,null,null,"P6M",{"$nulls":4},"S",null,null,3,null,"Number of card payment, initiated at eftpos, sent - SCA: , issuer location: Portugal, acquirer location: Rest of the World, POS location: world","Number of card payment, initiated at eftpos, sent - SCA: , issuer location: Portugal, acquirer location: Rest of the World, POS location: world","PN",6]
["PCP.H.HU.W1.W2.CP0.1.2000.R.PCS_ALL._Z.205._Z.N.PN","H","HU","W1","W2","CP0",1,"2000","R","PCS_ALL","_Z","205","_Z","N","PN","2022-S2",0.960796,"A",false,null,null,"P6M",{"$nulls":4},"S",null,null,3,null,"Number of card paymentelectronic, sent - SCA: non-sca: recurring transaction, issuer location: Hungary, acquirer location: Rest of the World, POS location: domestic","Number of card paymentelectronic, sent - SCA: non-sca: recurring transaction, issuer location: Hungary, acquirer location: Rest of the World, POS location: domestic","PN",6]
["PCP.H.BE.G3.G3.CP0.1.2000.R.PCS_ALL.11._X._Z.N.EUR","H","BE","G3","G3","CP0",1,"2000","R","PCS_ALL","11","_X","_Z","N","EUR","2023-S1",4041.129993,"A",false,null,null,"P6M",{"$nulls":4},"S",null,null,3,null,"Value of card payment with a debit card, sent - issuer location: Belgium, acquirer location: other EEA countries, POS location: other EEA countries","Value of card payment with a debit card, sent - issuer location: Belgium, acquirer location: other EEA countries, POS location: other EEA countries","EUR",6]
["PCP.H.EE.W2.G1.CP0.1.1000._T.PCS_ALL._Z._X._Z.N.PN","H","EE","W2","G1","CP0",1,"1000","_T","PCS_ALL","_Z","_X","_Z","N","PN","2023-S1",2E-06,"A",false,null,null,"P6M",{"$nulls":4},"S",null,null,3,null,"Number of card paymentnon-electronic, sent - SCA: , issuer location: Estonia, acquirer location: domestic, POS location: outside EEA","Number of card paymentnon-electronic, sent - SCA: , issuer location: Estonia, acquirer location: domestic, POS location: outside EEA","PN",6]
["PCP.H.SK.W2.W0.CP0.2.2000.NR.PCS_ALL.13._X._Z.N.PN","H","SK","W2","W0","CP0",2,"2000","NR","PCS_ALL","13","_X","_Z","N","PN","2023-S1",16.656727,"A",false,null,null,"P6M",{"$nulls":4},"S",null,null,3,null,"Number of card payment,with a credit card, received - acquirer location: Slovakia, issuer location: domestic, POS location: world","Number of card payment,with a credit card, received - acquirer location: Slovakia, issuer location: domestic, POS location: world","PN",6]
["PCP.H.FR.G3.G3.CP0.2.2000.R.PCS_ALL._Z._X._Z.N.PN","H","FR","G3","G3","CP0",2,"2000","R","PCS_ALL","_Z","_X","_Z","N","PN","2022-S1",26.20949899999999,"A",false,null,null,"P6M",{"$nulls":4},"S",null,null,3,null,"Number of card paymentelectronic, received - SCA: , acquirer location: France, issuer location: other EEA countries, POS location: other EEA countries","Number of card paymentelectronic, received - SCA: , acquirer location: France, issuer location: other EEA countries, POS location: other EEA countries","PN",6]
["PCP.H.DE.G3.W1.CP0.2.2229.NR.PCS_ALL._Z._X._Z.N.PN","H","DE","G3","W1","CP0",2,"2229","NR","PCS_ALL","_Z","_X","_Z","N","PN","2022-S1",0,"A",false,null,null,"P6M",{"$nulls":4},"S",null,null,3,null,"Number of card payment, initiated at other electronic channel, received - SCA: , acquirer location: Germany, issuer location: other EEA countries, POS location: Rest of the World","Number of card payment, initiated at other electronic channel, received - SCA: , acquirer location: Germany, issuer location: other EEA countries, POS location: Rest of the World","PN",6]
["PCP.H.RO.G1.W0.CP1.1.2223.NR.PCS_ALL._Z._X._Z.N.XDF","H","RO","G1","W0","CP1",1,"2223","NR","PCS_ALL","_Z","_X","_Z","N","XDF","2023-S1",871.4927559999999,"A",false,null,null,"P6M",{"$nulls":4},"S",null,null,3,null,"Value of card payments (contactless), initiated at eftpos, sent - SCA: , issuer location: Romania, acquirer location: outside EEA, terminal location: world","Value of card payments (contactless), initiated at eftpos, sent - SCA: , issuer location: Romania, acquirer location: outside EEA, terminal location: world","XDF",6]
["PCP.H.U2.W0.W0.CP0.2.2000.NR.PCS_ALL._Z._X._Z.N.PN","H","U2","W0","W0","CP0",2,"2000","NR","PCS_ALL","_Z","_X","_Z","N","PN","2023-S2",35022.32762500001,"P",false,null,null,"P6M",{"$nulls":4},"S",null,null,3,null,"Total number of card paymentelectronic, received - SCA: , acquirer location: euro area (changing composition), POS location: world","Total number of card paymentelectronic, received - SCA: , acquirer location: euro area (changing composition), POS location: world","PN",6]
["PCP.H.LU.W0.W0.CP0.1.2000.R.PCS_ALL.13._X._Z.N.PN","H","LU","W0","W0","CP0",1,"2000","R","PCS_ALL","13","_X","_Z","N","PN","2022-S1",16.871539,"A",false,null,null,"P6M",{"$nulls":4},"S",null,null,3,null,"Total number of card payment with a credit card, sent - issuer location: Luxembourg, POS location: world","Total number of card payment with a credit card, sent - issuer location: Luxembourg, POS location: world","PN",6]
["PCP.H.CZ.G3.G3.CP0.1.2000.NR.PCS_ALL._Z.210._Z.N.PN","H","CZ","G3","G3","CP0",1,"2000","NR","PCS_ALL","_Z","210","_Z","N","PN","2023-S1",2.422752,"A",false,null,null,"P6M",{"$nulls":4},"S",null,null,3,null,"Number of card paymentelectronic, sent - SCA: non-sca: others, issuer location: Czech Republic, acquirer location: other EEA countries, POS location: other EEA countries","Number of card paymentelectronic, sent - SCA: non-sca: others, issuer location: Czech Republic, acquirer location: other EEA countries, POS location: other EEA countries","PN",6]
["PCP.H.FI.W1.W0.CP0.2.2000.R.PCS_ALL._Z.205._Z.N.PN","H","FI","W1","W0","CP0",2,"2000","R","PCS_ALL","_Z","205","_Z","N","PN","2022-S1",0.281684,"A",false,null,null,"P6M",{"$nulls":4},"S",null,null,3,null,"Number of card paymentelectronic, received - SCA: non-sca: recurring transaction, acquirer location: Finland, issuer location: Rest of the World, POS location: world","Number of card paymentelectronic, received - SCA: non-sca: recurring transaction, acquirer location: Finland, issuer location: Rest of the World, POS location: world","PN",6]
["PCP.H.CY.G1.G3.CP0.1.1000.R.PCS_ALL._Z._X._Z.N.EUR","H","CY","G1","G3","CP0",1,"1000","R","PCS_ALL","_Z","_X","_Z","N","EUR","2023-S2",1.178269,"P",false,null,null,"P6M",{"$nulls":4},"S",null,null,3,null,"Value of card paymentnon-electronic, sent - SCA: , issuer location: Cyprus, acquirer location: outside EEA, POS location: other EEA countries","Value of card paymentnon-electronic, sent - SCA: , issuer location: Cyprus, acquirer location: outside EEA, POS location: other EEA countries","EUR",6]
["PCP.H.PL.G1.W0.CP0.2._T._T.PCS_ALL._Z._X._Z.N.PN","H","PL","G1","W0","CP0",2,"_T","_T","PCS_ALL","_Z","_X","_Z","N","PN","2022-S2",null,"M",false,null,null,"P6M",{"$nulls":4},"S",null,null,3,null,"Number of card paymentall, received - SCA: , acquirer location: Poland, issuer location: outside EEA, POS location: world","Number of card paymentall, received - SCA: , acquirer location: Poland, issuer location: outside EEA, POS location: world","PN",6]
["PCP.H.HU.G1.W0.CP0.2.2000.NR.PCS_ALL._Z._X._Z.N.PN","H","HU","G1","W0","CP0",2,"2000","NR","PCS_ALL","_Z","_X","_Z","N","PN","2023-S2",21.833517,"P",false,null,null,"P6M",{"$nulls":4},"S",null,null,3,null,"Number of card paymentelectronic, received - SCA: , acquirer location: Hungary, issuer location: outside EEA, POS location: world","Number of card paymentelectronic, received - SCA: , acquirer location: Hungary, issuer location: outside EEA, POS location: world","PN",6]
["PCP.A.IT.NL.W0.CP0.1._T._T.PCS_ALL._Z._X._Z.N.PN","A","IT","NL","W0","CP0",1,"_T","_T","PCS_ALL","_Z","_X","_Z","N","PN","2021",27.43342,"A",false,null,null,"P1Y",{"$nulls":4},"S",null,null,3,null,"Number of card paymentall, sent - SCA: , issuer location: Italy, acquirer location: Netherlands, POS location: world","Number of card paymentall, sent - SCA: , issuer location: Italy, acquirer location: Netherlands, POS location: world","PN",6]
["PCP.H.DE.W0.W2.CP0.1.2000.R.PCS_ALL._Z.200._Z.N.PN","H","DE","W0","W2","CP0",1,"2000","R","PCS_ALL","_Z","200","_Z","N","PN","2023-S2",181.971804,"P",false,null,null,"P6M",{"$nulls":4},"S",null,null,3,null,"Total number of card paymentelectronic, sent - SCA: non-sca, issuer location: Germany, POS location: domestic","Total number of card paymentelectronic, sent - SCA: non-sca, issuer location: Germany, POS location: domestic","PN",6]
["PCP.H.RO.W1.W0.CP0.2.2000.NR.PCS_ALL._Z.100._Z.N.XDF","H","RO","W1","W0","CP0",2,"2000","NR","PCS_ALL","_Z","100","_Z","N","XDF","2023-S1",4663.804615,"A",false,null,null,"P6M",{"$nulls":4},"S",null,null,3,null,"Value of card paymentelectronic, received - SCA: sca, acquirer location: Romania, issuer location: Rest of the World, POS location: world","Value of card paymentelectronic, received - SCA: sca, acquirer location: Romania, issuer location: Rest of the World, POS location: world","XDF",6]
["PCP.H.HR.G1.W2.CP0.2.2000.NR.PCS_ALL._Z._X._Z.N.PN","H","HR","G1","W2","CP0",2,"2000","NR","PCS_ALL","_Z","_X","_Z","N","PN","2023-S2",20.185074,"P",false,null,null,"P6M",{"$nulls":4},"S",null,null,3,null,"Number of card paymentelectronic, received - SCA: , acquirer location: Croatia, issuer location: outside EEA, POS location: domestic","Number of card paymentelectronic, received - SCA: , acquirer location: Croatia, issuer location: outside EEA, POS location: domestic","PN",6]
["PCP.H.SI.W0.W0.CP0.2.2000.R.PCS_ALL.13._X._Z.G1.EUR","H","SI","W0","W0","CP0",2,"2000","R","PCS_ALL","13","_X","_Z","G1","EUR","2023-S1",30.00297500991672,"A",false,null,null,"P6M",{"$nulls":4},"S",null,null,2,null,"Annual growth rate of the total value of card payment,with a credit card, received - acquirer location: Slovenia, POS location: world","Annual growth rate of the total value of card payment,with a credit card, received - acquirer location: Slovenia, POS location: world","EUR",0]
["PCP.H.CZ.W1.G1.CP0.1.2000.NR.PCS_ALL.12._X._Z.N.XDF","H","CZ","W1","G1","CP0",1,"2000","NR","PCS_ALL","12","_X","_Z","N","XDF","2022-S1",6.640764,"A",false,null,null,"P6M",{"$nulls":4},"S",null,null,3,null,"Value of card payment with a delayed debit card, sent - issuer location: Czech Republic, acquirer location: Rest of the World, POS location: outside EEA","Value of card payment with a delayed debit card, sent - issuer location: Czech Republic, acquirer location: Rest of the World, POS location: outside EEA","XDF",6]
["PCP.H.RO.W1.G3.CP0.2.1000.NR.PCS_ALL._Z._X._Z.N.PN","H","RO","W1","G3","CP0",2,"1000","NR","PCS_ALL","_Z","_X","_Z","N","PN","2023-S2",0,"P",false,null,null,"P6M",{"$nulls":4},"S",null,null,3,null,"Number of card paymentnon-electronic, received - SCA: , acquirer location: Romania, issuer location: Rest of the World, POS location: other EEA countries","Number of card paymentnon-electronic, received - SCA: , acquirer location: Romania, issuer location: Rest of the World, POS location: other EEA countries","PN",6]
["PCP.H.LT.W0.G1.CP0.2.2000.R.PCS_ALL._Z.200._Z.N.EUR","H","LT","W0","G1","CP0",2,"2000","R","PCS_ALL","_Z","200","_Z","N","EUR","2023-S2",329.907756,"P",false,null,null,"P6M",{"$nulls":4},"S",null,null,3,null,"Total value of card paymentelectronic, received - SCA: non-sca, acquirer location: Lithuania, POS location: outside EEA","Total value of card paymentelectronic, received - SCA: non-sca, acquirer location: Lithuania, POS location: outside EEA","EUR",6]
["PCP.H.CZ.W1.W1.CP0.2.2000.R.PCS_ALL.12._X._Z.N.XDF","H","CZ","W1","W1","CP0",2,"2000","R","PCS_ALL","12","_X","_Z","N","XDF","2022-S2",0.34479,"A",false,null,null,"P6M",{"$nulls":4},"S",null,null,3,null,"Value of card payment,with a delayed debit card, received - acquirer location: Czech Republic, issuer location: Rest of the World, POS location: Rest of the World","Value of card payment,with a delayed debit card, received - acquirer location: Czech Republic, issuer location: Rest of the World, POS location: Rest of the World","XDF",6]
["PCP.H.FR.W0.G3.CP0.2.2000.NR.PCS_ALL._Z.206._Z.N.PN","H","FR","W0","G3","CP0",2,"2000","NR","PCS_ALL","_Z","206","_Z","N","PN","2022-S1",0.008774,"A",false,null,null,"P6M",{"$nulls":4},"S",null,null,3,null,"Total number of card paymentelectronic, received - SCA: non-sca: unattended terminals, acquirer location: France, POS location: other EEA countries","Total number of card paymentelectronic, received - SCA: non-sca: unattended terminals, acquirer location: France, POS location: other EEA countries","PN",6]
["PCP.A.SK.LU.W0.CP0.1._T._T.PCS_ALL._Z._X._Z.N.PN","A","SK","LU","W0","CP0",1,"_T","_T","PCS_ALL","_Z","_X","_Z","N","PN","2016",1.785,"A",false,null,null,"P1Y",{"$nulls":4},"S",null,null,3,null,"Number of card paymentall, sent - SCA: , issuer location: Slovakia, acquirer location: Luxembourg, POS location: world","Number of card paymentall, sent - SCA: , issuer location: Slovakia, acquirer location: Luxembourg, POS location: world","PN",6]
["PCP.H.LV.G3.G1.CP0.1.2000.R.PCS_ALL._Z.100._Z.N.PN","H","LV","G3","G1","CP0",1,"2000","R","PCS_ALL","_Z","100","_Z","N","PN","2022-S2",0.120046,"A",false,null,null,"P6M",{"$nulls":4},"S",null,null,3,null,"Number of card paymentelectronic, sent - SCA: sca, issuer location: Latvia, acquirer location: other EEA countries, POS location: outside EEA","Number of card paymentelectronic, sent - SCA: sca, issuer location: Latvia, acquirer location: other EEA countries, POS location: outside EEA","PN",6]
["PCP.H.CZ.W2.G1.CP0.1.2000._T.PCS_ALL._Z._X._Z.N.XDF","H","CZ","W2","G1","CP0",1,"2000","_T","PCS_ALL","_Z","_X","_Z","N","XDF","2022-S1",151.915161,"A",false,null,null,"P6M",{"$nulls":4},"S",null,null,3,null,"Value of card paymentelectronic, sent - SCA: , issuer location: Czech Republic, acquirer location: domestic, POS location: outside EEA","Value of card paymentelectronic, sent - SCA: , issuer location: Czech Republic, acquirer location: domestic, POS location: outside EEA","XDF",6]
["PCP.H.IE.G1.W2.CP0.2.1000.R.PCS_ALL._Z._X._Z.N.PN","H","IE","G1","W2","CP0",2,"1000","R","PCS_ALL","_Z","_X","_Z","N","PN","2022-S1",null,"Q",false,null,null,"P6M",{"$nulls":4},"S",null,null,3,null,"Number of card paymentnon-electronic, received - SCA: , acquirer location: Ireland, issuer location: outside EEA, POS location: domestic","Number of card paymentnon-electronic, received - SCA: , acquirer location: Ireland, issuer location: outside EEA, POS location: domestic","PN",6]
["PCP.H.BE.W0.W1.CP0.2.2000.NR.PCS_ALL._Z.205._Z.N.EUR","H","BE","W0","W1","CP0",2,"2000","NR","PCS_ALL","_Z","205","_Z","N","EUR","2022-S2",0,"A",false,null,null,"P6M",{"$nulls":4},"S",null,null,3,null,"Total value of card paymentelectronic, received - SCA: non-sca: recurring transaction, acquirer location: Belgium, POS location: Rest of the World","Total value of card paymentelectronic, received - SCA: non-sca: recurring transaction, acquirer location: Belgium, POS location: Rest of the World","EUR",6]
["PCP.H.SI.W0.W1.CP0.1.2000.R.PCS_ALL._Z.201._Z.N.PN","H","SI","W0","W1","CP0",1,"2000","R","PCS_ALL","_Z","201","_Z","N","PN","2023-S2",1.026145,"P",false,null,null,"P6M",{"$nulls":4},"S",null,null,3,null,"Total number of card paymentelectronic, sent - SCA: non-sca: low value, issuer location: Slovenia, POS location: Rest of the World","Total number of card paymentelectronic, sent - SCA: non-sca: low value, issuer location: Slovenia, POS location: Rest of the World","PN",6]
["PCP.H.IT.G3.G1.CP0.2.2000.R.PCS_ALL.13._X._Z.N.EUR","H","IT","G3","G1","CP0",2,"2000","R","PCS_ALL","13","_X","_Z","N","EUR","2022-S1",0,"A",false,null,null,"P6M",{"$nulls":4},"S",null,null,3,null,"Value of card payment,with a credit card, received - acquirer location: Italy, issuer location: other EEA countries, POS location: outside EEA","Value of card payment,with a credit card, received - acquirer location: Italy, issuer location: other EEA countries, POS location: outside EEA","EUR",6]
["PCP.H.PL.G3.G1.CP0.1.2000._T.PCS_ALL._Z._X._Z.N.XDF","H","PL","G3","G1","CP0",1,"2000","_T","PCS_ALL","_Z","_X","_Z","N","XDF","2022-S2",null,"M",false,null,null,"P6M",{"$nulls":4},"S",null,null,3,null,"Value of card paymentelectronic, sent - SCA: , issuer location: Poland, acquirer location: other EEA countries, POS location: outside EEA","Value of card paymentelectronic, sent - SCA: , issuer location: Poland, acquirer location: other EEA countries, POS location: outside EEA","XDF",6]
["PCP.H.ES.W2.W1.CP0.1.2000.R.PCS_ALL._Z._X._Z.N.PN","H","ES","W2","W1","CP0",1,"2000","R","PCS_ALL","_Z","_X","_Z","N","PN","2022-S2",23.025655,"A",false,null,null,"P6M",{"$nulls":4},"S",null,null,3,null,"Number of card paymentelectronic, sent - SCA: , issuer location: Spain, acquirer location: domestic, POS location: Rest of the World","Number of card paymentelectronic, sent - SCA: , issuer location: Spain, acquirer location: domestic, POS location: Rest of the World","PN",6]
["PCP.A.SI.LU.W0.CP0.1._T._T.PCS_ALL._Z._X._Z.N.EUR","A","SI","LU","W0","CP0",1,"_T","_T","PCS_ALL","_Z","_X","_Z","N","EUR","2020",111.721,"A",false,null,null,"P1Y",{"$nulls":4},"S",null,null,3,null,"Value of card paymentall, sent - SCA: , issuer location: Slovenia, acquirer location: Luxembourg, POS location: world","Value of card paymentall, sent - SCA: , issuer location: Slovenia, acquirer location: Luxembourg, POS location: world","EUR",6]
["PCP.H.BG.W0.W0.CP0.2.2000.NR.PCS_ALL.11._X._Z.N.PN","H","BG","W0","W0","CP0",2,"2000","NR","PCS_ALL","11","_X","_Z","N","PN","2023-S1",176.852022,"A",false,null,null,"P6M",{"$nulls":4},"S",null,null,3,null,"Total number of card payment,with a debit card, received - acquirer location: Bulgaria, POS location: world","Total number of card payment,with a debit card, received - acquirer location: Bulgaria, POS location: world","PN",6]
["PCP.H.MT.W1.G1.CP0.2.2229.NR.PCS_ALL._Z._X._Z.N.EUR","H","MT","W1","G1","CP0",2,"2229","NR","PCS_ALL","_Z","_X","_Z","N","EUR","2023-S2",7.744296,"P",false,null,null,"P6M",{"$nulls":4},"S",null,null,3,null,"Value of card payment, initiated at other electronic channel, received - SCA: , acquirer location: Malta, issuer location: Rest of the World, POS location: outside EEA","Value of card payment, initiated at other electronic channel, received - SCA: , acquirer location: Malta, issuer location: Rest of the World, POS location: outside EEA","EUR",6]
["PCP.H.IT.G1.W0.CP0.1.2221.NR.PCS_ALL._Z._X._Z.N.PN","H","IT","G1","W0","CP0",1,"2221","NR","PCS_ALL","_Z","_X","_Z","N","PN","2023-S1",0.034423,"A",false,null,null,"P6M",{"$nulls":4},"S",null,null,3,null,"Number of card payment, initiated at atm, sent - SCA: , issuer location: Italy, acquirer location: outside EEA, POS location: world","Number of card payment, initiated at atm, sent - SCA: , issuer location: Italy, acquirer location: outside EEA, POS location: world","PN",6]
["PCP.H.CY.W1.W1.CP0.1.2000.R.PCS_ALL._Z.210._Z.N.PN","H","CY","W1","W1","CP0",1,"2000","R","PCS_ALL","_Z","210","_Z","N","PN","2023-S2",4.572621999999999,"P",false,null,null,"P6M",{"$nulls":4},"S",null,null,3,null,"Number of card paymentelectronic, sent - SCA: non-sca: others, issuer location: Cyprus, acquirer location: Rest of the World, POS location: Rest of the World","Number of card paymentelectronic, sent - SCA: non-sca: others, issuer location: Cyprus, acquirer location: Rest of the World, POS location: Rest of the World","PN",6]
["PCP.H.NL.G1.G1.CP0.1.2231.R.PCS_ALL._Z._X._Z.N.EUR","H","NL","G1","G1","CP0",1,"2231","R","PCS_ALL","_Z","_X","_Z","N","EUR","2022-S1",0,"A",false,null,null,"P6M",{"$nulls":4},"S",null,null,3,null,"Value of card payment, initiated via p2p mobile payment solution (electronic), sent - SCA: , issuer location: Netherlands, acquirer location: outside EEA, POS location: outside EEA","Value of card payment, initiated via p2p mobile payment solution (electronic), sent - SCA: , issuer location: Netherlands, acquirer location: outside EEA, POS location: outside EEA","EUR",6]
["PCP.Q.IT._Z.W1.CP0.1.2000.R.PCS_ALL._Z._X._Z.N.PN","Q","IT","_Z","W1","CP0",1,"2000","R","PCS_ALL","_Z","_X","_Z","N","PN","2024-Q1",142.294675,"P",false,null,null,"P3M",{"$nulls":4},"S",null,null,3,null,"Number of card paymentelectronic, sent - SCA: , issuer location: Italy, acquirer location: Not applicable, POS location: Rest of the World","Number of card paymentelectronic, sent - SCA: , issuer location: Italy, acquirer location: Not applicable, POS location: Rest of the World","PN",6]
["PCP.H.ES.W1.W2.CP0.2.2000.NR.PCS_ALL.13._X._Z.N.EUR","H","ES","W1","W2","CP0",2,"2000","NR","PCS_ALL","13","_X","_Z","N","EUR","2022-S1",5854.92452092,"A",false,null,null,"P6M",{"$nulls":4},"S",null,null,3,null,"Value of card payment,with a credit card, received - acquirer location: Spain, issuer location: Rest of the World, POS location: domestic","Value of card payment,with a credit card, received - acquirer location: Spain, issuer location: Rest of the World, POS location: domestic","EUR",6]
["PCP.H.CY.W1.W2.CP0.1.2000.R.PCS_ALL.11._X._Z.N.PN","H","CY","W1","W2","CP0",1,"2000","R","PCS_ALL","11","_X","_Z","N","PN","2023-S2",5.787885,"P",false,null,null,"P6M",{"$nulls":4},"S",null,null,3,null,"Number of card payment with a debit card, sent - issuer location: Cyprus, acquirer location: Rest of the World, POS location: domestic","Number of card payment with a debit card, sent - issuer location: Cyprus, acquirer location: Rest of the World, POS location: domestic","PN",6]
["PCP.H.GR.G1.W1.CP0.2.2000.R.PCS_ALL.11._X._Z.N.PN","H","GR","G1","W1","CP0",2,"2000","R","PCS_ALL","11","_X","_Z","N","PN","2022-S1",1.465809,"A",false,null,null,"P6M",{"$nulls":4},"S",null,null,3,null,"Number of card payment,with a debit card, received - acquirer location: Greece, issuer location: outside EEA, POS location: Rest of the World","Number of card payment,with a debit card, received - acquirer location: Greece, issuer location: outside EEA, POS location: Rest of the World","PN",6]
["PCP.A.LV.PT.W0.CP0.1._T._T.PCS_ALL._Z._X._Z.N.EUR","A","LV","PT","W0","CP0",1,"_T","_T","PCS_ALL","_Z","_X","_Z","N","EUR","2018",6.258,"A",false,null,null,"P1Y",{"$nulls":4},"S",null,null,3,null,"Value of card paymentall, sent - SCA: , issuer location: Latvia, acquirer location: Portugal, POS location: world","Value of card paymentall, sent - SCA: , issuer location: Latvia, acquirer location: Portugal, POS location: world","EUR",6]
["PCP.H.PL.G3.W1.CP0.1.2000.NR.PCS_ALL.12._X._Z.N.XDF","H","PL","G3","W1","CP0",1,"2000","NR","PCS_ALL","12","_X","_Z","N","XDF","2022-S1",null,"M",false,null,null,"P6M",{"$nulls":4},"S",null,null,3,null,"Value of card payment with a delayed debit card, sent - issuer location: Poland, acquirer location: other EEA countries, POS location: Rest of the World","Value of card payment with a delayed debit card, sent - issuer location: Poland, acquirer location: other EEA countries, POS location: Rest of the World","XDF",6]
["PCP.H.FR.G3.G1.CP0.1.2000.NR.PCS_ALL._Z.204._Z.N.EUR","H","FR","G3","G1","CP0",1,"2000","NR","PCS_ALL","_Z","204","_Z","N","EUR","2023-S1",0.000993,"A",false,null,null,"P6M",{"$nulls":4},"S",null,null,3,null,"Value of card paymentelectronic, sent - SCA: non-sca: trusted beneficiaries, issuer location: France, acquirer location: other EEA countries, POS location: outside EEA","Value of card paymentelectronic, sent - SCA: non-sca: trusted beneficiaries, issuer location: France, acquirer location: other EEA countries, POS location: outside EEA","EUR",6]
["PCP.H.HR.W1.W1.CP0.2.2000.NR.PCS_ALL.12._X._Z.N.EUR","H","HR","W1","W1","CP0",2,"2000","NR","PCS_ALL","12","_X","_Z","N","EUR","2023-S2",0.265841,"P",false,null,null,"P6M",{"$nulls":4},"S",null,null,3,null,"Value of card payment,with a delayed debit card, received - acquirer location: Croatia, issuer location: Rest of the World, POS location: Rest of the World","Value of card payment,with a delayed debit card, received - acquirer location: Croatia, issuer location: Rest of the World, POS location: Rest of the World","EUR",6]
["PCP.H.DK.W0.W0.CP0.1._T._T.PCS_ALL.11._X._Z.N.EUR_R_CP0","H","DK","W0","W0","CP0",1,"_T","_T","PCS_ALL","11","_X","_Z","N","EUR_R_CP0","2023-S1",null,"M",false,null,null,"P6M",{"$nulls":4},"S",null,null,2,null,"Total value; ratio to total card payments of card payment with a debit card, sent - issuer location: Denmark, POS location: world","Total value; ratio to total card payments of card payment with a debit card, sent - issuer location: Denmark, POS location: world","EUR_R_CP0",0]
["PCP.H.SI.G1.W1.CP0.1.2000.R.PCS_ALL._Z._X._Z.N.PN","H","SI","G1","W1","CP0",1,"2000","R","PCS_ALL","_Z","_X","_Z","N","PN","2023-S2",3.155513,"P",false,null,null,"P6M",{"$nulls":4},"S",null,null,3,null,"Number of card paymentelectronic, sent - SCA: , issuer location: Slovenia, acquirer location: outside EEA, POS location: Rest of the World","Number of card paymentelectronic, sent - SCA: , issuer location: Slovenia, acquirer location: outside EEA, POS location: Rest of the World","PN",6]
["PCP.H.IE.W2.W1.CW1.1._T._T.PCS_ALL.12._X._Z.N.EUR","H","IE","W2","W1","CW1",1,"_T","_T","PCS_ALL","12","_X","_Z","N","EUR","2023-S1",0.00632,"A",false,null,null,"P6M",{"$nulls":4},"S",null,null,3,null,"Value of cash withdrawal using cards with a delayed debit card, sent - issuer location: Ireland, acquirer location: domestic, terminal location: Rest of the World","Value of cash withdrawal using cards with a delayed debit card, sent - issuer location: Ireland, acquirer location: domestic, terminal location: Rest of the World","EUR",6]
["PCP.H.LT.W1.W1.CP0.1.2000._T.PCS_ALL._Z._X._Z.N.PN","H","LT","W1","W1","CP0",1,"2000","_T","PCS_ALL","_Z","_X","_Z","N","PN","2023-S2",966.90782,"P",false,null,null,"P6M",{"$nulls":4},"S",null,null,3,null,"Number of card paymentelectronic, sent - SCA: , issuer location: Lithuania, acquirer location: Rest of the World, POS location: Rest of the World","Number of card paymentelectronic, sent - SCA: , issuer location: Lithuania, acquirer location: Rest of the World, POS location: Rest of the World","PN",6]
["PCP.H.EE.W1.G3.CP0.1._T._T.PCS_ALL._Z._X._Z.N.PN","H","EE","W1","G3","CP0",1,"_T","_T","PCS_ALL","_Z","_X","_Z","N","PN","2023-S2",26.574269,"P",false,null,null,"P6M",{"$nulls":4},"S",null,null,3,null,"Number of card paymentall, sent - SCA: , issuer location: Estonia, acquirer location: Rest of the World, POS location: other EEA countries","Number of card paymentall, sent - SCA: , issuer location: Estonia, acquirer location: Rest of the World, POS location: other EEA countries","PN",6]
["PCP.A.FI.AT.W0.CP0.1.2223.NR.PCS_ALL._Z._X._Z.N.PN","A","FI","AT","W0","CP0",1,"2223","NR","PCS_ALL","_Z","_X","_Z","N","PN","2023",1.004295,"A",false,null,null,"P1Y",{"$nulls":4},"S",null,null,3,null,"Number of card payment, initiated at eftpos, sent - SCA: , issuer location: Finland, acquirer location: Austria, POS location: world","Number of card payment, initiated at eftpos, sent - SCA: , issuer location: Finland, acquirer location: Austria, POS location: world","PN",6]
["PCP.H.LU.G3.G3.CP0.2.2000.NR.PCS_ALL._Z.200._Z.N.EUR","H","LU","G3","G3","CP0",2,"2000","NR","PCS_ALL","_Z","200","_Z","N","EUR","2022-S1",472.509587,"A",false,null,null,"P6M",{"$nulls":4},"S",null,null,3,null,"Value of card paymentelectronic, received - SCA: non-sca, acquirer location: Luxembourg, issuer location: other EEA countries, POS location: other EEA countries","Value of card paymentelectronic, received - SCA: non-sca, acquirer location: Luxembourg, issuer location: other EEA countries, POS location: other EEA countries","EUR",6]
["PCP.H.SK.W0.W0.CP0.1.1000._T.PCS_ALL._Z._X._Z.N.PN","H","SK","W0","W0","CP0",1,"1000","_T","PCS_ALL","_Z","_X","_Z","N","PN","2023-S1",1.510542,"A",false,null,null,"P6M",{"$nulls":4},"S",null,null,3,null,"Total number of card paymentnon-electronic, sent - SCA: , issuer location: Slovakia, POS location: world","Total number of card paymentnon-electronic, sent - SCA: , issuer location: Slovakia, POS location: world","PN",6]
["PCP.H.HU.W0.W1.CP0.1.2000.R.PCS_ALL._Z.208._Z.N.PN","H","HU","W0","W1","CP0",1,"2000","R","PCS_ALL","_Z","208","_Z","N","PN","2023-S2",16.057806,"P",false,null,null,"P6M",{"$nulls":4},"S",null,null,3,null,"Total number of card paymentelectronic, sent - SCA: non-sca: transaction risk analysis, issuer location: Hungary, POS location: Rest of the World","Total number of card paymentelectronic, sent - SCA: non-sca: transaction risk analysis, issuer location: Hungary, POS location: Rest of the World","PN",6]
["PCP.H.AT.G3.G3.CP0.1.2000.R.PCS_ALL._Z.204._Z.N.EUR","H","AT","G3","G3","CP0",1,"2000","R","PCS_ALL","_Z","204","_Z","N","EUR","2023-S2",6.280751369999999,"P",false,null,null,"P6M",{"$nulls":4},"S",null,null,3,null,"Value of card paymentelectronic, sent - SCA: non-sca: trusted beneficiaries, issuer location: Austria, acquirer location: other EEA countries, POS location: other EEA countries","Value of card paymentelectronic, sent - SCA: non-sca: trusted beneficiaries, issuer location: Austria, acquirer location: other EEA countries, POS location: other EEA countries","EUR",6]
["PCP.H.PT.W1.W0.CW1.1._T._T.PCS_ALL._Z._X._Z.N.PN","H","PT","W1","W0","CW1",1,"_T","_T","PCS_ALL","_Z","_X","_Z","N","PN","2022-S2",2.793698,"A",false,null,null,"P6M",{"$nulls":4},"S",null,null,3,null,"Number of cash withdrawal using cardsall, sent - SCA: , issuer location: Portugal, acquirer location: Rest of the World, terminal location: world","Number of cash withdrawal using cardsall, sent - SCA: , issuer location: Portugal, acquirer location: Rest of the World, terminal location: world","PN",6]
["PCP.H.SI.W0.W1.CP0.1.2223.NR.PCS_ALL._Z._X._Z.N.EUR","H","SI","W0","W1","CP0",1,"2223","NR","PCS_ALL","_Z","_X","_Z","N","EUR","2023-S1",542.751578,"A",false,null,null,"P6M",{"$nulls":4},"S",null,null,3,null,"Total value of card payment, initiated at eftpos, sent - SCA: , issuer location: Slovenia, POS location: Rest of the World","Total value of card payment, initiated at eftpos, sent - SCA: , issuer location: Slovenia, POS location: Rest of the World","EUR",6]
["PCP.H.IT.G3.G1.CP0.2.2000.R.PCS_ALL._Z._X._Z.N.PN","H","IT","G3","G1","CP0",2,"2000","R","PCS_ALL","_Z","_X","_Z","N","PN","2022-S2",0.014789,"A",false,null,null,"P6M",{"$nulls":4},"S",null,null,3,null,"Number of card paymentelectronic, received - SCA: , acquirer location: Italy, issuer location: other EEA countries, POS location: outside EEA","Number of card paymentelectronic, received - SCA: , acquirer location: Italy, issuer location: other EEA countries, POS location: outside EEA","PN",6]
["PCP.H.DK.W2.W0.CP0.1.2000.NR.PCS_ALL._Z.204._Z.N.XDF","H","DK","W2","W0","CP0",1,"2000","NR","PCS_ALL","_Z","204","_Z","N","XDF","2022-S1",null,"M",false,null,null,"P6M",{"$nulls":4},"S",null,null,3,null,"Value of card paymentelectronic, sent - SCA: non-sca: trusted beneficiaries, issuer location: Denmark, acquirer location: domestic, POS location: world","Value of card paymentelectronic, sent - SCA: non-sca: trusted beneficiaries, issuer location: Denmark, acquirer location: domestic, POS location: world","XDF",6]
["PCP.H.SI.G3.W1.CP0.2.2229.NR.PCS_ALL._Z._X._Z.N.PN","H","SI","G3","W1","CP0",2,"2229","NR","PCS_ALL","_Z","_X","_Z","N","PN","2023-S2",0,"P",false,null,null,"P6M",{"$nulls":4},"S",null,null,3,null,"Number of card payment, initiated at other electronic channel, received - SCA: , acquirer location: Slovenia, issuer location: other EEA countries, POS location: Rest of the World","Number of card payment, initiated at other electronic channel, received - SCA: , acquirer location: Slovenia, issuer location: other EEA countries, POS location: Rest of the World","PN",6]
["PCP.Q.BE._Z.G3.CP0.1.2000.NR.PCS_ALL._Z._X._Z.N.PN","Q","BE","_Z","G3","CP0",1,"2000","NR","PCS_ALL","_Z","_X","_Z","N","PN","2023-Q4",91.54274999999998,"A",false,null,null,"P3M",{"$nulls":4},"S",null,null,3,null,"Number of card paymentelectronic, sent - SCA: , issuer location: Belgium, acquirer location: Not applicable, POS location: other EEA countries","Number of card paymentelectronic, sent - SCA: , issuer location: Belgium, acquirer location: Not applicable, POS location: other EEA countries","PN",6]
["PCP.Q.BE._Z.G3.CP0.1.2000.NR.PCS_ALL._Z._X._Z.N.PN","Q","BE","_Z","G3","CP0",1,"2000","NR","PCS_ALL","_Z","_X","_Z","N","PN","2024-Q1",96.32394599999999,"P",false,null,null,"P3M",{"$nulls":4},"S",null,null,3,null,"Number of card paymentelectronic, sent - SCA: , issuer location: Belgium, acquirer location: Not applicable, POS location: other EEA countries","Number of card paymentelectronic, sent - SCA: , issuer location: Belgium, acquirer location: Not applicable, POS location: other EEA countries","PN",6]
["PCP.Q.CZ._Z.W0.CP0.1.2000.NR.PCS_ALL._Z._X._Z.N.XDF","Q","CZ","_Z","W0","CP0",1,"2000","NR","PCS_ALL","_Z","_X","_Z","N","XDF","2022-Q1",215527.00761985,"A",false,null,null,"P3M",{"$nulls":4},"S",null,null,3,null,"Value of card paymentelectronic, sent - SCA: , issuer location: Czech Republic, acquirer location: Not applicable, POS location: world","Value of card paymentelectronic, sent - SCA: , issuer location: Czech Republic, acquirer location: Not applicable, POS location: world","XDF",6]
["PCP.Q.CZ._Z.W0.CP0.1.2000.NR.PCS_ALL._Z._X._Z.N.XDF","Q","CZ","_Z","W0","CP0",1,"2000","NR","PCS_ALL","_Z","_X","_Z","N","XDF","2022-Q2",262112.81439215,"A",false,null,null,"P3M",{"$nulls":4},"S",null,null,3,null,"Value of card paymentelectronic, sent - SCA: , issuer location: Czech Republic, acquirer location: Not applicable, POS location: world","Value of card paymentelectronic, sent - SCA: , issuer location: Czech Republic, acquirer location: Not applicable, POS location: world","XDF",6]
["PCP.Q.CZ._Z.W0.CP0.1.2000.NR.PCS_ALL._Z._X._Z.N.XDF","Q","CZ","_Z","W0","CP0",1,"2000","NR","PCS_ALL","_Z","_X","_Z","N","XDF","2022-Q3",269963.850778,"A",false,null,null,"P3M",{"$nulls":4},"S",null,null,3,null,"Value of card paymentelectronic, sent - SCA: , issuer location: Czech Republic, acquirer location: Not applicable, POS location: world","Value of card paymentelectronic, sent - SCA: , issuer location: Czech Republic, acquirer location: Not applicable, POS location: world","XDF",6]
["PCP.Q.CZ._Z.W0.CP0.1.2000.NR.PCS_ALL._Z._X._Z.N.XDF","Q","CZ","_Z","W0","CP0",1,"2000","NR","PCS_ALL","_Z","_X","_Z","N","XDF","2022-Q4",288275.742467,"A",false,null,null,"P3M",{"$nulls":4},"S",null,null,3,null,"Value of card paymentelectronic, sent - SCA: , issuer location: Czech Republic, acquirer location: Not applicable, POS location: world","Value of card paymentelectronic, sent - SCA: , issuer location: Czech Republic, acquirer location: Not applicable, POS location: world","XDF",6]
["PCP.Q.CZ._Z.W0.CP0.1.2000.NR.PCS_ALL._Z._X._Z.N.XDF","Q","CZ","_Z","W0","CP0",1,"2000","NR","PCS_ALL","_Z","_X","_Z","N","XDF","2023-Q1",248110.53583431,"A",false,null,null,"P3M",{"$nulls":4},"S",null,null,3,null,"Value of card paymentelectronic, sent - SCA: , issuer location: Czech Republic, acquirer location: Not applicable, POS location: world","Value of card paymentelectronic, sent - SCA: , issuer location: Czech Republic, acquirer location: Not applicable, POS location: world","XDF",6]
["PCP.Q.CZ._Z.W0.CP0.1.2000.NR.PCS_ALL._Z._X._Z.N.XDF","Q","CZ","_Z","W0","CP0",1,"2000","NR","PCS_ALL","_Z","_X","_Z","N","XDF","2023-Q2",282804.06168362,"A",false,null,null,"P3M",{"$nulls":4},"S",null,null,3,null,"Value of card paymentelectronic, sent - SCA: , issuer location: Czech Republic, acquirer location: Not applicable, POS location: world","Value of card paymentelectronic, sent - SCA: , issuer location: Czech Republic, acquirer location: Not applicable, POS location: world","XDF",6]
["PCP.Q.CZ._Z.W0.CP0.1.2000.NR.PCS_ALL._Z._X._Z.N.XDF","Q","CZ","_Z","W0","CP0",1,"2000","NR","PCS_ALL","_Z","_X","_Z","N","XDF","2023-Q3",292423.39786846,"A",false,null,null,"P3M",{"$nulls":4},"S",null,null,3,null,"Value of card paymentelectronic, sent - SCA: , issuer location: Czech Republic, acquirer location: Not applicable, POS location: world","Value of card paymentelectronic, sent - SCA: , issuer location: Czech Republic, acquirer location: Not applicable, POS location: world","XDF",6]
["PCP.Q.CZ._Z.W0.CP0.1.2000.NR.PCS_ALL._Z._X._Z.N.XDF","Q","CZ","_Z","W0","CP0",1,"2000","NR","PCS_ALL","_Z","_X","_Z","N","XDF","2023-Q4",305778.60260069,"A",false,null,null,"P3M",{"$nulls":4},"S",null,null,3,null,"Value of card paymentelectronic, sent - SCA: , issuer location: Czech Republic, acquirer location: Not applicable, POS location: world","Value of card paymentelectronic, sent - SCA: , issuer location: Czech Republic, acquirer location: Not applicable, POS location: world","XDF",6]
["PCP.Q.CZ._Z.W0.CP0.1.2000.NR.PCS_ALL._Z._X._Z.N.XDF","Q","CZ","_Z","W0","CP0",1,"2000","NR","PCS_ALL","_Z","_X","_Z","N","XDF","2024-Q1",269901.83486439,"P",false,null,null,"P3M",{"$nulls":4},"S",null,null,3,null,"Value of card paymentelectronic, sent - SCA: , issuer location: Czech Republic, acquirer location: Not applicable, POS location: world","Value of card paymentelectronic, sent - SCA: , issuer location: Czech Republic, acquirer location: Not applicable, POS location: world","XDF",6]
["PCP.Q.HU._Z.W1.CP0.1.2000.R.PCS_ALL._Z._X._Z.N.PN","Q","HU","_Z","W1","CP0",1,"2000","R","PCS_ALL","_Z","_X","_Z","N","PN","2022-Q1",19.905192,"A",false,null,null,"P3M",{"$nulls":4},"S",null,null,3,null,"Number of card paymentelectronic, sent - SCA: , issuer location: Hungary, acquirer location: Not applicable, POS location: Rest of the World","Number of card paymentelectronic, sent - SCA: , issuer location: Hungary, acquirer location: Not applicable, POS location: Rest of the World","PN",6]
["PCP.Q.HU._Z.W1.CP0.1.2000.R.PCS_ALL._Z._X._Z.N.PN","Q","HU","_Z","W1","CP0",1,"2000","R","PCS_ALL","_Z","_X","_Z","N","PN","2022-Q2",21.327787,"A",false,null,null,"P3M",{"$nulls":4},"S",null,null,3,null,"Number of card paymentelectronic, sent - SCA: , issuer location: Hungary, acquirer location: Not applicable, POS location: Rest of the World","Number of card paymentelectronic, sent - SCA: , issuer location: Hungary, acquirer location: Not applicable, POS location: Rest of the World","PN",6]
["PCP.Q.HU._Z.W1.CP0.1.2000.R.PCS_ALL._Z._X._Z.N.PN","Q","HU","_Z","W1","CP0",1,"2000","R","PCS_ALL","_Z","_X","_Z","N","PN","2022-Q3",21.769247,"A",false,null,null,"P3M",{"$nulls":4},"S",null,null,3,null,"Number of card paymentelectronic, sent - SCA: , issuer location: Hungary, acquirer location: Not applicable, POS location: Rest of the World","Number of card paymentelectronic, sent - SCA: , issuer location: Hungary, acquirer location: Not applicable, POS location: Rest of the World","PN",6]
["PCP.Q.HU._Z.W1.CP0.1.2000.R.PCS_ALL._Z._X._Z.N.PN","Q","HU","_Z","W1","CP0",1,"2000","R","PCS_ALL","_Z","_X","_Z","N","PN","2022-Q4",24.386905,"A",false,null,null,"P3M",{"$nulls":4},"S",null,null,3,null,"Number of card paymentelectronic, sent - SCA: , issuer location: Hungary, acquirer location: Not applicable, POS location: Rest of the World","Number of card paymentelectronic, sent - SCA: , issuer location: Hungary, acquirer location: Not applicable, POS location: Rest of the World","PN",6]
["PCP.Q.HU._Z.W1.CP0.1.2000.R.PCS_ALL._Z._X._Z.N.PN","Q","HU","_Z","W1","CP0",1,"2000","R","PCS_ALL","_Z","_X","_Z","N","PN","2023-Q1",25.107793,"A",false,null,null,"P3M",{"$nulls":4},"S",null,null,3,null,"Number of card paymentelectronic, sent - SCA: , issuer location: Hungary, acquirer location: Not applicable, POS location: Rest of the World","Number of card paymentelectronic, sent - SCA: , issuer location: Hungary, acquirer location: Not applicable, POS location: Rest of the World","PN",6]
["PCP.Q.HU._Z.W1.CP0.1.2000.R.PCS_ALL._Z._X._Z.N.PN","Q","HU","_Z","W1","CP0",1,"2000","R","PCS_ALL","_Z","_X","_Z","N","PN","2023-Q2",26.610128,"A",false,null,null,"P3M",{"$nulls":4},"S",null,null,3,null,"Number of card paymentelectronic, sent - SCA: , issuer location: Hungary, acquirer location: Not applicable, POS location: Rest of the World","Number of card paymentelectronic, sent - SCA: , issuer location: Hungary, acquirer location: Not applicable, POS location: Rest of the World","PN",6]
["PCP.Q.HU._Z.W1.CP0.1.2000.R.PCS_ALL._Z._X._Z.N.PN","Q","HU","_Z","W1","CP0",1,"2000","R","PCS_ALL","_Z","_X","_Z","N","PN","2023-Q3",25.156999,"A",false,null,null,"P3M",{"$nulls":4},"S",null,null,3,null,"Number of card paymentelectronic, sent - SCA: , issuer location: Hungary, acquirer location: Not applicable, POS location: Rest of the World","Number of card paymentelectronic, sent - SCA: , issuer location: Hungary, acquirer location: Not applicable, POS location: Rest of the World","PN",6]
["PCP.Q.HU._Z.W1.CP0.1.2000.R.PCS_ALL._Z._X._Z.N.PN","Q","HU","_Z","W1","CP0",1,"2000","R","PCS_ALL","_Z","_X","_Z","N","PN","2023-Q4",28.138027,"A",false,null,null,"P3M",{"$nulls":4},"S",null,null,3,null,"Number of card paymentelectronic, sent - SCA: , issuer location: Hungary, acquirer location: Not applicable, POS location: Rest of the World","Number of card paymentelectronic, sent - SCA: , issuer location: Hungary, acquirer location: Not applicable, POS location: Rest of the World","PN",6]
["PCP.Q.HU._Z.W1.CP0.1.2000.R.PCS_ALL._Z._X._Z.N.PN","Q","HU","_Z","W1","CP0",1,"2000","R","PCS_ALL","_Z","_X","_Z","N","PN","2024-Q1",32.3464,"P",false,null,null,"P3M",{"$nulls":4},"S",null,null,3,null,"Number of card paymentelectronic, sent - SCA: , issuer location: Hungary, acquirer location: Not applicable, POS location: Rest of the World","Number of card paymentelectronic, sent - SCA: , issuer location: Hungary, acquirer location: Not applicable, POS location: Rest of the World","PN",6]
["PCP.A.AT.BE.W0.CP0.2.2223.NR.PCS_ALL._Z._X._Z.N.EUR","A","AT","BE","W0","CP0",2,"2223","NR","PCS_ALL","_Z","_X","_Z","N","EUR","2022",258.68830243,"A",false,null,null,"P1Y",{"$nulls":4},"S",null,null,3,null,"Value of card payment, initiated at eftpos, received - SCA: , acquirer location: Austria, issuer location: Belgium, POS location: world","Value of card payment, initiated at eftpos, received - SCA: , acquirer location: Austria, issuer location: Belgium, POS location: world","EUR",6]
["PCP.A.AT.BE.W0.CP0.2.2223.NR.PCS_ALL._Z._X._Z.N.EUR","A","AT","BE","W0","CP0",2,"2223","NR","PCS_ALL","_Z","_X","_Z","N","EUR","2023",288.51303403,"A",false,null,null,"P1Y",{"$nulls":4},"S",null,null,3,null,"Value of card payment, initiated at eftpos, received - SCA: , acquirer location: Austria, issuer location: Belgium, POS location: world","Value of card payment, initiated at eftpos, received - SCA: , acquirer location: Austria, issuer location: Belgium, POS location: world","EUR",6]
["PCP.A.EE.HR.W0.CP0.1._T._T.PCS_ALL._Z._X._Z.N.EUR","A","EE","HR","W0","CP0",1,"_T","_T","PCS_ALL","_Z","_X","_Z","N","EUR","2014",3.002,"A",false,null,null,"P1Y",{"$nulls":4},"S",null,null,3,null,"Value of card paymentall, sent - SCA: , issuer location: Estonia, acquirer location: Croatia, POS location: world","Value of card paymentall, sent - SCA: , issuer location: Estonia, acquirer location: Croatia, POS location: world","EUR",6]
["PCP.A.EE.HR.W0.CP0.1._T._T.PCS_ALL._Z._X._Z.N.EUR","A","EE","HR","W0","CP0",1,"_T","_T","PCS_ALL","_Z","_X","_Z","N","EUR","2015",2.681,"A",false,null,null,"P1Y",{"$nulls":4},"S",null,null,3,null,"Value of card paymentall, sent - SCA: , issuer location: Estonia, acquirer location: Croatia, POS location: world","Value of card paymentall, sent - SCA: , issuer location: Estonia, acquirer location: Croatia, POS location: world","EUR",6]
["PCP.A.EE.HR.W0.CP0.1._T._T.PCS_ALL._Z._X._Z.N.EUR","A","EE","HR","W0","CP0",1,"_T","_T","PCS_ALL","_Z","_X","_Z","N","EUR","2016",3.654,"A",false,null,null,"P1Y",{"$nulls":4},"S",null,null,3,null,"Value of card paymentall, sent - SCA: , issuer location: Estonia, acquirer location: Croatia, POS location: world","Value of card paymentall, sent - SCA: , issuer location: Estonia, acquirer location: Croatia, POS location: world","EUR",6]
["PCP.A.EE.HR.W0.CP0.1._T._T.PCS_ALL._Z._X._Z.N.EUR","A","EE","HR","W0","CP0",1,"_T","_T","PCS_ALL","_Z","_X","_Z","N","EUR","2017",4.895,"A",false,null,null,"P1Y",{"$nulls":4},"S",null,null,3,null,"Value of card paymentall, sent - SCA: , issuer location: Estonia, acquirer location: Croatia, POS location: world","Value of card paymentall, sent - SCA: , issuer location: Estonia, acquirer location: Croatia, POS location: world","EUR",6]
["PCP.A.EE.HR.W0.CP0.1._T._T.PCS_ALL._Z._X._Z.N.EUR","A","EE","HR","W0","CP0",1,"_T","_T","PCS_ALL","_Z","_X","_Z","N","EUR","2018",4.725,"A",false,null,null,"P1Y",{"$nulls":4},"S",null,null,3,null,"Value of card paymentall, sent - SCA: , issuer location: Estonia, acquirer location: Croatia, POS location: world","Value of card paymentall, sent - SCA: , issuer location: Estonia, acquirer location: Croatia, POS location: world","EUR",6]
["PCP.A.EE.HR.W0.CP0.1._T._T.PCS_ALL._Z._X._Z.N.EUR","A","EE","HR","W0","CP0",1,"_T","_T","PCS_ALL","_Z","_X","_Z","N","EUR","2019",4.675,"A",false,null,null,"P1Y",{"$nulls":4},"S",null,null,3,null,"Value of card paymentall, sent - SCA: , issuer location: Estonia, acquirer location: Croatia, POS location: world","Value of card paymentall, sent - SCA: , issuer location: Estonia, acquirer location: Croatia, POS location: world","EUR",6]
["PCP.A.EE.HR.W0.CP0.1._T._T.PCS_ALL._Z._X._Z.N.EUR","A","EE","HR","W0","CP0",1,"_T","_T","PCS_ALL","_Z","_X","_Z","N","EUR","2020",1.188,"A",false,null,null,"P1Y",{"$nulls":4},"S",null,null,3,null,"Value of card paymentall, sent - SCA: , issuer location: Estonia, acquirer location: Croatia, POS location: world","Value of card paymentall, sent - SCA: , issuer location: Estonia, acquirer location: Croatia, POS location: world","EUR",6]
["PCP.A.EE.HR.W0.CP0.1._T._T.PCS_ALL._Z._X._Z.N.EUR","A","EE","HR","W0","CP0",1,"_T","_T","PCS_ALL","_Z","_X","_Z","N","EUR","2021",3.571,"A",false,null,null,"P1Y",{"$nulls":4},"S",null,null,3,null,"Value of card paymentall, sent - SCA: , issuer location: Estonia, acquirer location: Croatia, POS location: world","Value of card paymentall, sent - SCA: , issuer location: Estonia, acquirer location: Croatia, POS location: world","EUR",6]
["PCP.A.EE.HR.W0.CP0.1._T._T.PCS_ALL._Z._X._Z.N.EUR","A","EE","HR","W0","CP0",1,"_T","_T","PCS_ALL","_Z","_X","_Z","N","EUR","2022",5.81266682,"A",false,null,null,"P1Y",{"$nulls":4},"S",null,null,3,null,"Value of card paymentall, sent - SCA: , issuer location: Estonia, acquirer location: Croatia, POS location: world","Value of card paymentall, sent - SCA: , issuer location: Estonia, acquirer location: Croatia, POS location: world","EUR",6]
["PCP.A.EE.HR.W0.CP0.1._T._T.PCS_ALL._Z._X._Z.N.EUR","A","EE","HR","W0","CP0",1,"_T","_T","PCS_ALL","_Z","_X","_Z","N","EUR","2023",8.66224137,"A",false,null,null,"P1Y",{"$nulls":4},"S",null,null,3,null,"Value of card paymentall, sent - SCA: , issuer location: Estonia, acquirer location: Croatia, POS location: world","Value of card paymentall, sent - SCA: , issuer location: Estonia, acquirer location: Croatia, POS location: world","EUR",6]
["PCP.A.LT.G1.W0.CP0.2.2223.NR.PCS_ALL._Z._X._Z.N.PN","A","LT","G1","W0","CP0",2,"2223","NR","PCS_ALL","_Z","_X","_Z","N","PN","2022",26.7124,"A",false,null,null,"P1Y",{"$nulls":4},"S",null,null,3,null,"Number of card payment, initiated at eftpos, received - SCA: , acquirer location: Lithuania, issuer location: outside EEA, POS location: world","Number of card payment, initiated at eftpos, received - SCA: , acquirer location: Lithuania, issuer location: outside EEA, POS location: world","PN",6]
["PCP.A.LT.G1.W0.CP0.2.2223.NR.PCS_ALL._Z._X._Z.N.PN","A","LT","G1","W0","CP0",2,"2223","NR","PCS_ALL","_Z","_X","_Z","N","PN","2023",32.924754,"A",false,null,null,"P1Y",{"$nulls":4},"S",null,null,3,null,"Number of card payment, initiated at eftpos, received - SCA: , acquirer location: Lithuania, issuer location: outside EEA, POS location: world","Number of card payment, initiated at eftpos, received - SCA: , acquirer location: Lithuania, issuer location: outside EEA, POS location: world","PN",6]
["PCP.A.MT.IT.W0.CP0.1.2223.NR.PCS_ALL._Z._X._Z.N.EUR","A","MT","IT","W0","CP0",1,"2223","NR","PCS_ALL","_Z","_X","_Z","N","EUR","2022",92.17301991,"A",false,null,null,"P1Y",{"$nulls":4},"S",null,null,3,null,"Value of card payment, initiated at eftpos, sent - SCA: , issuer location: Malta, acquirer location: Italy, POS location: world","Value of card payment, initiated at eftpos, sent - SCA: , issuer location: Malta, acquirer location: Italy, POS location: world","EUR",6]
["PCP.A.MT.IT.W0.CP0.1.2223.NR.PCS_ALL._Z._X._Z.N.EUR","A","MT","IT","W0","CP0",1,"2223","NR","PCS_ALL","_Z","_X","_Z","N","EUR","2023",111.42617252,"A",false,null,null,"P1Y",{"$nulls":4},"S",null,null,3,null,"Value of card payment, initiated at eftpos, sent - SCA: , issuer location: Malta, acquirer location: Italy, POS location: world","Value of card payment, initiated at eftpos, sent - SCA: , issuer location: Malta, acquirer location: Italy, POS location: world","EUR",6]
["PCP.H.AT.W0.G1.CW1.1._T._T.PCS_ALL.11._X._Z.N.EUR","H","AT","W0","G1","CW1",1,"_T","_T","PCS_ALL","11","_X","_Z","N","EUR","2022-S1",158.54388587,"A",false,null,null,"P6M",{"$nulls":4},"S",null,null,3,null,"Total value of cash withdrawal using cards with a debit card, sent - issuer location: Austria, terminal location: outside EEA","Total value of cash withdrawal using cards with a debit card, sent - issuer location: Austria, terminal location: outside EEA","EUR",6]
["PCP.H.AT.W0.G1.CW1.1._T._T.PCS_ALL.11._X._Z.N.EUR","H","AT","W0","G1","CW1",1,"_T","_T","PCS_ALL","11","_X","_Z","N","EUR","2022-S2",227.72493612,"A",false,null,null,"P6M",{"$nulls":4},"S",null,null,3,null,"Total value of cash withdrawal using cards with a debit card, sent - issuer location: Austria, terminal location: outside EEA","Total value of cash withdrawal using cards with a debit card, sent - issuer location: Austria, terminal location: outside EEA","EUR",6]
["PCP.H.AT.W0.G1.CW1.1._T._T.PCS_ALL.11._X._Z.N.EUR","H","AT","W0","G1","CW1",1,"_T","_T","PCS_ALL","11","_X","_Z","N","EUR","2023-S1",184.60512331,"A",false,null,null,"P6M",{"$nulls":4},"S",null,null,3,null,"Total value of cash withdrawal using cards with a debit card, sent - issuer location: Austria, terminal location: outside EEA","Total value of cash withdrawal using cards with a debit card, sent - issuer location: Austria, terminal location: outside EEA","EUR",6]
["PCP.H.AT.W0.G1.CW1.1._T._T.PCS_ALL.11._X._Z.N.EUR","H","AT","W0","G1","CW1",1,"_T","_T","PCS_ALL","11","_X","_Z","N","EUR","2023-S2",234.7577,"P",false,null,null,"P6M",{"$nulls":4},"S",null,null,3,null,"Total value of cash withdrawal using cards with a debit card, sent - issuer location: Austria, terminal location: outside EEA","Total value of cash withdrawal using cards with a debit card, sent - issuer location: Austria, terminal location: outside EEA","EUR",6]
["PCP.H.AT.W2.W2.CP0.1.2000.NR.PCS_ALL._Z.202._Z.N.PN","H","AT","W2","W2","CP0",1,"2000","NR","PCS_ALL","_Z","202","_Z","N","PN","2022-S1",171.489865,"A",false,null,null,"P6M",{"$nulls":4},"S",null,null,3,null,"Number of card paymentelectronic, sent - SCA: non-sca: contactless low value, issuer location: Austria, acquirer location: domestic, POS location: domestic","Number of card paymentelectronic, sent - SCA: non-sca: contactless low value, issuer location: Austria, acquirer location: domestic, POS location: domestic","PN",6]
["PCP.H.AT.W2.W2.CP0.1.2000.NR.PCS_ALL._Z.202._Z.N.PN","H","AT","W2","W2","CP0",1,"2000","NR","PCS_ALL","_Z","202","_Z","N","PN","2022-S2",348.346875,"A",false,null,null,"P6M",{"$nulls":4},"S",null,null,3,null,"Number of card paymentelectronic, sent - SCA: non-sca: contactless low value, issuer location: Austria, acquirer location: domestic, POS location: domestic","Number of card paymentelectronic, sent - SCA: non-sca: contactless low value, issuer location: Austria, acquirer location: domestic, POS location: domestic","PN",6]
["PCP.H.AT.W2.W2.CP0.1.2000.NR.PCS_ALL._Z.202._Z.N.PN","H","AT","W2","W2","CP0",1,"2000","NR","PCS_ALL","_Z","202","_Z","N","PN","2023-S1",366.041668,"A",false,null,null,"P6M",{"$nulls":4},"S",null,null,3,null,"Number of card paymentelectronic, sent - SCA: non-sca: contactless low value, issuer location: Austria, acquirer location: domestic, POS location: domestic","Number of card paymentelectronic, sent - SCA: non-sca: contactless low value, issuer location: Austria, acquirer location: domestic, POS location: domestic","PN",6]
["PCP.H.AT.W2.W2.CP0.1.2000.NR.PCS_ALL._Z.202._Z.N.PN","H","AT","W2","W2","CP0",1,"2000","NR","PCS_ALL","_Z","202","_Z","N","PN","2023-S2",389.127349,"P",false,null,null,"P6M",{"$nulls":4},"S",null,null,3,null,"Number of card paymentelectronic, sent - SCA: non-sca: contactless low value, issuer location: Austria, acquirer location: domestic, POS location: domestic","Number of card paymentelectronic, sent - SCA: non-sca: contactless low value, issuer location: Austria, acquirer location: domestic, POS location: domestic","PN",6]
["PCP.H.BE.W0.W2.CP0.2.2000.NR.PCS_ALL._Z._X._Z.N.EUR","H","BE","W0","W2","CP0",2,"2000","NR","PCS_ALL","_Z","_X","_Z","N","EUR","2022-S1",35683.639449,"A",false,null,null,"P6M",{"$nulls":4},"S",null,null,3,null,"Total value of card paymentelectronic, received - SCA: , acquirer location: Belgium, POS location: domestic","Total value of card paymentelectronic, received - SCA: , acquirer location: Belgium, POS location: domestic","EUR",6]
["PCP.H.BE.W0.W2.CP0.2.2000.NR.PCS_ALL._Z._X._Z.N.EUR","H","BE","W0","W2","CP0",2,"2000","NR","PCS_ALL","_Z","_X","_Z","N","EUR","2022-S2",38223.344863,"A",false,null,null,"P6M",{"$nulls":4},"S",null,null,3,null,"Total value of card paymentelectronic, received - SCA: , acquirer location: Belgium, POS location: domestic","Total value of card paymentelectronic, received - SCA: , acquirer location: Belgium, POS location: domestic","EUR",6]
["PCP.H.BE.W0.W2.CP0.2.2000.NR.PCS_ALL._Z._X._Z.N.EUR","H","BE","W0","W2","CP0",2,"2000","NR","PCS_ALL","_Z","_X","_Z","N","EUR","2023-S1",37429.632978,"A",false,null,null,"P6M",{"$nulls":4},"S",null,null,3,null,"Total value of card paymentelectronic, received - SCA: , acquirer location: Belgium, POS location: domestic","Total value of card paymentelectronic, received - SCA: , acquirer location: Belgium, POS location: domestic","EUR",6]
["PCP.H.BE.W0.W2.CP0.2.2000.NR.PCS_ALL._Z._X._Z.N.EUR","H","BE","W0","W2","CP0",2,"2000","NR","PCS_ALL","_Z","_X","_Z","N","EUR","2023-S2",38475.086624,"P",false,null,null,"P6M",{"$nulls":4},"S",null,null,3,null,"Total value of card paymentelectronic, received - SCA: , acquirer location: Belgium, POS location: domestic","Total value of card paymentelectronic, received - SCA: , acquirer location: Belgium, POS location: domestic","EUR",6]
["PCP.H.BE.W1.G1.CP0.2.2000.R.PCS_ALL._Z.209._Z.N.PN","H","BE","W1","G1","CP0",2,"2000","R","PCS_ALL","_Z","209","_Z","N","PN","2022-S1",0.028151,"A",false,null,null,"P6M",{"$nulls":4},"S",null,null,3,null,"Number of card paymentelectronic, received - SCA: non-sca: merchant initiated transaction, acquirer location: Belgium, issuer location: Rest of the World, POS location: outside EEA","Number of card paymentelectronic, received - SCA: non-sca: merchant initiated transaction, acquirer location: Belgium, issuer location: Rest of the World, POS location: outside EEA","PN",6]
["PCP.H.BE.W1.G1.CP0.2.2000.R.PCS_ALL._Z.209._Z.N.PN","H","BE","W1","G1","CP0",2,"2000","R","PCS_ALL","_Z","209","_Z","N","PN","2022-S2",0.068497,"A",false,null,null,"P6M",{"$nulls":4},"S",null,null,3,null,"Number of card paymentelectronic, received - SCA: non-sca: merchant initiated transaction, acquirer location: Belgium, issuer location: Rest of the World, POS location: outside EEA","Number of card paymentelectronic, received - SCA: non-sca: merchant initiated transaction, acquirer location: Belgium, issuer location: Rest of the World, POS location: outside EEA","PN",6]
["PCP.H.BE.W1.G1.CP0.2.2000.R.PCS_ALL._Z.209._Z.N.PN","H","BE","W1","G1","CP0",2,"2000","R","PCS_ALL","_Z","209","_Z","N","PN","2023-S1",0.065574,"A",false,null,null,"P6M",{"$nulls":4},"S",null,null,3,null,"Number of card paymentelectronic, received - SCA: non-sca: merchant initiated transaction, acquirer location: Belgium, issuer location: Rest of the World, POS location: outside EEA","Number of card paymentelectronic, received - SCA: non-sca: merchant initiated transaction, acquirer location: Belgium, issuer location: Rest of the World, POS location: outside EEA","PN",6]
["PCP.H.BE.W1.G1.CP0.2.2000.R.PCS_ALL._Z.209._Z.N.PN","H","BE","W1","G1","CP0",2,"2000","R","PCS_ALL","_Z","209","_Z","N","PN","2023-S2",1.240975,"P",false,null,null,"P6M",{"$nulls":4},"S",null,null,3,null,"Number of card paymentelectronic, received - SCA: non-sca: merchant initiated transaction, acquirer location: Belgium, issuer location: Rest of the World, POS location: outside EEA","Number of card paymentelectronic, received - SCA: non-sca: merchant initiated transaction, acquirer location: Belgium, issuer location: Rest of the World, POS location: outside EEA","PN",6]
["PCP.H.BE.W1.W2.CP0.1.2231.R.PCS_ALL._Z._X._Z.N.PN","H","BE","W1","W2","CP0",1,"2231","R","PCS_ALL","_Z","_X","_Z","N","PN","2022-S1",0.005942,"A",false,null,null,"P6M",{"$nulls":4},"S",null,null,3,null,"Number of card payment, initiated via p2p mobile payment solution (electronic), sent - SCA: , issuer location: Belgium, acquirer location: Rest of the World, POS location: domestic","Number of card payment, initiated via p2p mobile payment solution (electronic), sent - SCA: , issuer location: Belgium, acquirer location: Rest of the World, POS location: domestic","PN",6]
["PCP.H.BE.W1.W2.CP0.1.2231.R.PCS_ALL._Z._X._Z.N.PN","H","BE","W1","W2","CP0",1,"2231","R","PCS_ALL","_Z","_X","_Z","N","PN","2022-S2",0,"A",false,null,null,"P6M",{"$nulls":4},"S",null,null,3,null,"Number of card payment, initiated via p2p mobile payment solution (electronic), sent - SCA: , issuer location: Belgium, acquirer location: Rest of the World, POS location: domestic","Number of card payment, initiated via p2p mobile payment solution (electronic), sent - SCA: , issuer location: Belgium, acquirer location: Rest of the World, POS location: domestic","PN",6]
["PCP.H.BE.W1.W2.CP0.1.2231.R.PCS_ALL._Z._X._Z.N.PN","H","BE","W1","W2","CP0",1,"2231","R","PCS_ALL","_Z","_X","_Z","N","PN","2023-S1",0,"A",false,null,null,"P6M",{"$nulls":4},"S",null,null,3,null,"Number of card payment, initiated via p2p mobile payment solution (electronic), sent - SCA: , issuer location: Belgium, acquirer location: Rest of the World, POS location: domestic","Number of card payment, initiated via p2p mobile payment solution (electronic), sent - SCA: , issuer location: Belgium, acquirer location: Rest of the World, POS location: domestic","PN",6]
["PCP.H.BE.W1.W2.CP0.1.2231.R.PCS_ALL._Z._X._Z.N.PN","H","BE","W1","W2","CP0",1,"2231","R","PCS_ALL","_Z","_X","_Z","N","PN","2023-S2",0,"P",false,null,null,"P6M",{"$nulls":4},"S",null,null,3,null,"Number of card payment, initiated via p2p mobile payment solution (electronic), sent - SCA: , issuer location: Belgium, acquirer location: Rest of the World, POS location: domestic","Number of card payment, initiated via p2p mobile payment solution (electronic), sent - SCA: , issuer location: Belgium, acquirer location: Rest of the World, POS location: domestic","PN",6]
["PCP.H.BG.G1.W1.CP0.2.2000.R.PCS_ALL._Z.205._Z.N.PN","H","BG","G1","W1","CP0",2,"2000","R","PCS_ALL","_Z","205","_Z","N","PN","2023-S1",0.5739139999999999,"A",false,null,null,"P6M",{"$nulls":4},"S",null,null,3,null,"Number of card paymentelectronic, received - SCA: non-sca: recurring transaction, acquirer location: Bulgaria, issuer location: outside EEA, POS location: Rest of the World","Number of card paymentelectronic, received - SCA: non-sca: recurring transaction, acquirer location: Bulgaria, issuer location: outside EEA, POS location: Rest of the World","PN",6]
["PCP.H.BG.G1.W1.CP0.2.2000.R.PCS_ALL._Z.205._Z.N.PN","H","BG","G1","W1","CP0",2,"2000","R","PCS_ALL","_Z","205","_Z","N","PN","2023-S2",0.5037759999999999,"P",false,null,null,"P6M",{"$nulls":4},"S",null,null,3,null,"Number of card paymentelectronic, received - SCA: non-sca: recurring transaction, acquirer location: Bulgaria, issuer location: outside EEA, POS location: Rest of the World","Number of card paymentelectronic, received - SCA: non-sca: recurring transaction, acquirer location: Bulgaria, issuer location: outside EEA, POS location: Rest of the World","PN",6]
["PCP.H.BG.W2.W0.CP0.2.2000.NR.PCS_ALL._Z.206._Z.N.XDF","H","BG","W2","W0","CP0",2,"2000","NR","PCS_ALL","_Z","206","_Z","N","XDF","2023-S1",11.59628522,"A",false,null,null,"P6M",{"$nulls":4},"S",null,null,3,null,"Value of card paymentelectronic, received - SCA: non-sca: unattended terminals, acquirer location: Bulgaria, issuer location: domestic, POS location: world","Value of card paymentelectronic, received - SCA: non-sca: unattended terminals, acquirer location: Bulgaria, issuer location: domestic, POS location: world","XDF",6]
["PCP.H.BG.W2.W0.CP0.2.2000.NR.PCS_ALL._Z.206._Z.N.XDF","H","BG","W2","W0","CP0",2,"2000","NR","PCS_ALL","_Z","206","_Z","N","XDF","2023-S2",15.70751093,"P",false,null,null,"P6M",{"$nulls":4},"S",null,null,3,null,"Value of card paymentelectronic, received - SCA: non-sca: unattended terminals, acquirer location: Bulgaria, issuer location: domestic, POS location: world","Value of card paymentelectronic, received - SCA: non-sca: unattended terminals, acquirer location: Bulgaria, issuer location: domestic, POS location: world","XDF",6]
["PCP.H.CY.G3.W1.CP0.2.2000.R.PCS_ALL._Z.208._Z.N.EUR","H","CY","G3","W1","CP0",2,"2000","R","PCS_ALL","_Z","208","_Z","N","EUR","2022-S1",1203.09990235,"A",false,null,null,"P6M",{"$nulls":4},"S",null,null,3,null,"Value of card paymentelectronic, received - SCA: non-sca: transaction risk analysis, acquirer location: Cyprus, issuer location: other EEA countries, POS location: Rest of the World","Value of card paymentelectronic, received - SCA: non-sca: transaction risk analysis, acquirer location: Cyprus, issuer location: other EEA countries, POS location: Rest of the World","EUR",6]
["PCP.H.CY.G3.W1.CP0.2.2000.R.PCS_ALL._Z.208._Z.N.EUR","H","CY","G3","W1","CP0",2,"2000","R","PCS_ALL","_Z","208","_Z","N","EUR","2022-S2",1978.218848,"A",false,null,null,"P6M",{"$nulls":4},"S",null,null,3,null,"Value of card paymentelectronic, received - SCA: non-sca: transaction risk analysis, acquirer location: Cyprus, issuer location: other EEA countries, POS location: Rest of the World","Value of card paymentelectronic, received - SCA: non-sca: transaction risk analysis, acquirer location: Cyprus, issuer location: other EEA countries, POS location: Rest of the World","EUR",6]
["PCP.H.CY.G3.W1.CP0.2.2000.R.PCS_ALL._Z.208._Z.N.EUR","H","CY","G3","W1","CP0",2,"2000","R","PCS_ALL","_Z","208","_Z","N","EUR","2023-S1",1969.8017202,"A",false,null,null,"P6M",{"$nulls":4},"S",null,null,3,null,"Value of card paymentelectronic, received - SCA: non-sca: transaction risk analysis, acquirer location: Cyprus, issuer location: other EEA countries, POS location: Rest of the World","Value of card paymentelectronic, received - SCA: non-sca: transaction risk analysis, acquirer location: Cyprus, issuer location: other EEA countries, POS location: Rest of the World","EUR",6]
["PCP.H.CY.G3.W1.CP0.2.2000.R.PCS_ALL._Z.208._Z.N.EUR","H","CY","G3","W1","CP0",2,"2000","R","PCS_ALL","_Z","208","_Z","N","EUR","2023-S2",1862.829441,"P",false,null,null,"P6M",{"$nulls":4},"S",null,null,3,null,"Value of card paymentelectronic, received - SCA: non-sca: transaction risk analysis, acquirer location: Cyprus, issuer location: other EEA countries, POS location: Rest of the World","Value of card paymentelectronic, received - SCA: non-sca: transaction risk analysis, acquirer location: Cyprus, issuer location: other EEA countries, POS location: Rest of the World","EUR",6]
["PCP.H.CY.W2.W0.CP0.1.2000.R.PCS_ALL.12._X._Z.N.PN","H","CY","W2","W0","CP0",1,"2000","R","PCS_ALL","12","_X","_Z","N","PN","2022-S1",0.085288,"A",false,null,null,"P6M",{"$nulls":4},"S",null,null,3,null,"Number of card payment with a delayed debit card, sent - issuer location: Cyprus, acquirer location: domestic, POS location: world","Number of card payment with a delayed debit card, sent - issuer location: Cyprus, acquirer location: domestic, POS location: world","PN",6]
["PCP.H.CY.W2.W0.CP0.1.2000.R.PCS_ALL.12._X._Z.N.PN","H","CY","W2","W0","CP0",1,"2000","R","PCS_ALL","12","_X","_Z","N","PN","2022-S2",0.09460500000000001,"A",false,null,null,"P6M",{"$nulls":4},"S",null,null,3,null,"Number of card payment with a delayed debit card, sent - issuer location: Cyprus, acquirer location: domestic, POS location: world","Number of card payment with a delayed debit card, sent - issuer location: Cyprus, acquirer location: domestic, POS location: world","PN",6]
["PCP.H.CY.W2.W0.CP0.1.2000.R.PCS_ALL.12._X._Z.N.PN","H","CY","W2","W0","CP0",1,"2000","R","PCS_ALL","12","_X","_Z","N","PN","2023-S1",0.098871,"A",false,null,null,"P6M",{"$nulls":4},"S",null,null,3,null,"Number of card payment with a delayed debit card, sent - issuer location: Cyprus, acquirer location: domestic, POS location: world","Number of card payment with a delayed debit card, sent - issuer location: Cyprus, acquirer location: domestic, POS location: world","PN",6]
["PCP.H.CY.W2.W0.CP0.1.2000.R.PCS_ALL.12._X._Z.N.PN","H","CY","W2","W0","CP0",1,"2000","R","PCS_ALL","12","_X","_Z","N","PN","2023-S2",0.101252,"P",false,null,null,"P6M",{"$nulls":4},"S",null,null,3,null,"Number of card payment with a delayed debit card, sent - issuer location: Cyprus, acquirer location: domestic, POS location: world","Number of card payment with a delayed debit card, sent - issuer location: Cyprus, acquirer location: domestic, POS location: world","PN",6]
["PCP.H.CZ.W1.W0.CP0.2.2000.NR.PCS_ALL._Z._X._Z.N.XDF","H","CZ","W1","W0","CP0",2,"2000","NR","PCS_ALL","_Z","_X","_Z","N","XDF","2022-S1",47317.04833200001,"A",false,null,null,"P6M",{"$nulls":4},"S",null,null,3,null,"Value of card paymentelectronic, received - SCA: , acquirer location: Czech Republic, issuer location: Rest of the World, POS location: world","Value of card paymentelectronic, received - SCA: , acquirer location: Czech Republic, issuer location: Rest of the World, POS location: world","XDF",6]
["PCP.H.CZ.W1.W0.CP0.2.2000.NR.PCS_ALL._Z._X._Z.N.XDF","H","CZ","W1","W0","CP0",2,"2000","NR","PCS_ALL","_Z","_X","_Z","N","XDF","2022-S2",63677.377464,"A",false,null,null,"P6M",{"$nulls":4},"S",null,null,3,null,"Value of card paymentelectronic, received - SCA: , acquirer location: Czech Republic, issuer location: Rest of the World, POS location: world","Value of card paymentelectronic, received - SCA: , acquirer location: Czech Republic, issuer location: Rest of the World, POS location: world","XDF",6]
["PCP.H.CZ.W1.W0.CP0.2.2000.NR.PCS_ALL._Z._X._Z.N.XDF","H","CZ","W1","W0","CP0",2,"2000","NR","PCS_ALL","_Z","_X","_Z","N","XDF","2023-S1",59463.28184757,"A",false,null,null,"P6M",{"$nulls":4},"S",null,null,3,null,"Value of card paymentelectronic, received - SCA: , acquirer location: Czech Republic, issuer location: Rest of the World, POS location: world","Value of card paymentelectronic, received - SCA: , acquirer location: Czech Republic, issuer location: Rest of the World, POS location: world","XDF",6]
["PCP.H.CZ.W1.W0.CP0.2.2000.NR.PCS_ALL._Z._X._Z.N.XDF","H","CZ","W1","W0","CP0",2,"2000","NR","PCS_ALL","_Z","_X","_Z","N","XDF","2023-S2",76466.96023490997,"P",false,null,null,"P6M",{"$nulls":4},"S",null,null,3,null,"Value of card paymentelectronic, received - SCA: , acquirer location: Czech Republic, issuer location: Rest of the World, POS location: world","Value of card paymentelectronic, received - SCA: , acquirer location: Czech Republic, issuer location: Rest of the World, POS location: world","XDF",6]
["PCP.H.CZ.W1.W0.CP0.2.2000.R.PCS_ALL.12._X._Z.N.XDF","H","CZ","W1","W0","CP0",2,"2000","R","PCS_ALL","12","_X","_Z","N","XDF","2022-S1",21.55941099999999,"A",false,null,null,"P6M",{"$nulls":4},"S",null,null,3,null,"Value of card payment,with a delayed debit card, received - acquirer location: Czech Republic, issuer location: Rest of the World, POS location: world","Value of card payment,with a delayed debit card, received - acquirer location: Czech Republic, issuer location: Rest of the World, POS location: world","XDF",6]
["PCP.H.CZ.W1.W0.CP0.2.2000.R.PCS_ALL.12._X._Z.N.XDF","H","CZ","W1","W0","CP0",2,"2000","R","PCS_ALL","12","_X","_Z","N","XDF","2022-S2",30.855192,"A",false,null,null,"P6M",{"$nulls":4},"S",null,null,3,null,"Value of card payment,with a delayed debit card, received - acquirer location: Czech Republic, issuer location: Rest of the World, POS location: world","Value of card payment,with a delayed debit card, received - acquirer location: Czech Republic, issuer location: Rest of the World, POS location: world","XDF",6]
["PCP.H.CZ.W1.W0.CP0.2.2000.R.PCS_ALL.12._X._Z.N.XDF","H","CZ","W1","W0","CP0",2,"2000","R","PCS_ALL","12","_X","_Z","N","XDF","2023-S1",36.10976072,"A",false,null,null,"P6M",{"$nulls":4},"S",null,null,3,null,"Value of card payment,with a delayed debit card, received - acquirer location: Czech Republic, issuer location: Rest of the World, POS location: world","Value of card payment,with a delayed debit card, received - acquirer location: Czech Republic, issuer location: Rest of the World, POS location: world","XDF",6]
["PCP.H.CZ.W1.W0.CP0.2.2000.R.PCS_ALL.12._X._Z.N.XDF","H","CZ","W1","W0","CP0",2,"2000","R","PCS_ALL","12","_X","_Z","N","XDF","2023-S2",39.53399212999999,"P",false,null,null,"P6M",{"$nulls":4},"S",null,null,3,null,"Value of card payment,with a delayed debit card, received - acquirer location: Czech Republic, issuer location: Rest of the World, POS location: world","Value of card payment,with a delayed debit card, received - acquirer location: Czech Republic, issuer location: Rest of the World, POS location: world","XDF",6]
["PCP.H.DE.W0.W2.CP0.2.2000.NR.PCS_ALL._Z.202._Z.N.EUR","H","DE","W0","W2","CP0",2,"2000","NR","PCS_ALL","_Z","202","_Z","N","EUR","2022-S1",14098.25101405,"A",false,null,null,"P6M",{"$nulls":4},"S",null,null,3,null,"Total value of card paymentelectronic, received - SCA: non-sca: contactless low value, acquirer location: Germany, POS location: domestic","Total value of card paymentelectronic, received - SCA: non-sca: contactless low value, acquirer location: Germany, POS location: domestic","EUR",6]
["PCP.H.DE.W0.W2.CP0.2.2000.NR.PCS_ALL._Z.202._Z.N.EUR","H","DE","W0","W2","CP0",2,"2000","NR","PCS_ALL","_Z","202","_Z","N","EUR","2022-S2",20064.76235489,"A",false,null,null,"P6M",{"$nulls":4},"S",null,null,3,null,"Total value of card paymentelectronic, received - SCA: non-sca: contactless low value, acquirer location: Germany, POS location: domestic","Total value of card paymentelectronic, received - SCA: non-sca: contactless low value, acquirer location: Germany, POS location: domestic","EUR",6]
["PCP.H.DE.W0.W2.CP0.2.2000.NR.PCS_ALL._Z.202._Z.N.EUR","H","DE","W0","W2","CP0",2,"2000","NR","PCS_ALL","_Z","202","_Z","N","EUR","2023-S1",22758.6530793,"A",false,null,null,"P6M",{"$nulls":4},"S",null,null,3,null,"Total value of card paymentelectronic, received - SCA: non-sca: contactless low value, acquirer location: Germany, POS location: domestic","Total value of card paymentelectronic, received - SCA: non-sca: contactless low value, acquirer location: Germany, POS location: domestic","EUR",6]
["PCP.H.DE.W0.W2.CP0.2.2000.NR.PCS_ALL._Z.202._Z.N.EUR","H","DE","W0","W2","CP0",2,"2000","NR","PCS_ALL","_Z","202","_Z","N","EUR","2023-S2",26766.2519467,"P",false,null,null,"P6M",{"$nulls":4},"S",null,null,3,null,"Total value of card paymentelectronic, received - SCA: non-sca: contactless low value, acquirer location: Germany, POS location: domestic","Total value of card paymentelectronic, received - SCA: non-sca: contactless low value, acquirer location: Germany, POS location: domestic","EUR",6]
["PCP.H.DE.W2.G1.CP0.1.2000.R.PCS_ALL._Z.200._Z.N.EUR","H","DE","W2","G1","CP0",1,"2000","R","PCS_ALL","_Z","200","_Z","N","EUR","2022-S1",667.2399202299999,"A",false,null,null,"P6M",{"$nulls":4},"S",null,null,3,null,"Value of card paymentelectronic, sent - SCA: non-sca, issuer location: Germany, acquirer location: domestic, POS location: outside EEA","Value of card paymentelectronic, sent - SCA: non-sca, issuer location: Germany, acquirer location: domestic, POS location: outside EEA","EUR",6]
["PCP.H.DE.W2.G1.CP0.1.2000.R.PCS_ALL._Z.200._Z.N.EUR","H","DE","W2","G1","CP0",1,"2000","R","PCS_ALL","_Z","200","_Z","N","EUR","2022-S2",845.10025252,"A",false,null,null,"P6M",{"$nulls":4},"S",null,null,3,null,"Value of card paymentelectronic, sent - SCA: non-sca, issuer location: Germany, acquirer location: domestic, POS location: outside EEA","Value of card paymentelectronic, sent - SCA: non-sca, issuer location: Germany, acquirer location: domestic, POS location: outside EEA","EUR",6]
["PCP.H.DE.W2.G1.CP0.1.2000.R.PCS_ALL._Z.200._Z.N.EUR","H","DE","W2","G1","CP0",1,"2000","R","PCS_ALL","_Z","200","_Z","N","EUR","2023-S1",861.68578598,"A",false,null,null,"P6M",{"$nulls":4},"S",null,null,3,null,"Value of card paymentelectronic, sent - SCA: non-sca, issuer location: Germany, acquirer location: domestic, POS location: outside EEA","Value of card paymentelectronic, sent - SCA: non-sca, issuer location: Germany, acquirer location: domestic, POS location: outside EEA","EUR",6]
["PCP.H.DE.W2.G1.CP0.1.2000.R.PCS_ALL._Z.200._Z.N.EUR","H","DE","W2","G1","CP0",1,"2000","R","PCS_ALL","_Z","200","_Z","N","EUR","2023-S2",859.6830413299999,"P",false,null,null,"P6M",{"$nulls":4},"S",null,null,3,null,"Value of card paymentelectronic, sent - SCA: non-sca, issuer location: Germany, acquirer location: domestic, POS location: outside EEA","Value of card paymentelectronic, sent - SCA: non-sca, issuer location: Germany, acquirer location: domestic, POS location: outside EEA","EUR",6]
["PCP.H.EE.G1.W0.CP0.2.2000.R.PCS_ALL._Z.208._Z.N.PN","H","EE","G1","W0","CP0",2,"2000","R","PCS_ALL","_Z","208","_Z","N","PN","2022-S1",0,"A",false,null,null,"P6M",{"$nulls":4},"S",null,null,3,null,"Number of card paymentelectronic, received - SCA: non-sca: transaction risk analysis, acquirer location: Estonia, issuer location: outside EEA, POS location: world","Number of card paymentelectronic, received - SCA: non-sca: transaction risk analysis, acquirer location: Estonia, issuer location: outside EEA, POS location: world","PN",6]
["PCP.H.EE.G1.W0.CP0.2.2000.R.PCS_ALL._Z.208._Z.N.PN","H","EE","G1","W0","CP0",2,"2000","R","PCS_ALL","_Z","208","_Z","N","PN","2022-S2",0,"A",false,null,null,"P6M",{"$nulls":4},"S",null,null,3,null,"Number of card paymentelectronic, received - SCA: non-sca: transaction risk analysis, acquirer location: Estonia, issuer location: outside EEA, POS location: world","Number of card paymentelectronic, received - SCA: non-sca: transaction risk analysis, acquirer location: Estonia, issuer location: outside EEA, POS location: world","PN",6]
["PCP.H.EE.G1.W0.CP0.2.2000.R.PCS_ALL._Z.208._Z.N.PN","H","EE","G1","W0","CP0",2,"2000","R","PCS_ALL","_Z","208","_Z","N","PN","2023-S1",0,"A",false,null,null,"P6M",{"$nulls":4},"S",null,null,3,null,"Number of card paymentelectronic, received - SCA: non-sca: transaction risk analysis, acquirer location: Estonia, issuer location: outside EEA, POS location: world","Number of card paymentelectronic, received - SCA: non-sca: transaction risk analysis, acquirer location: Estonia, issuer location: outside EEA, POS location: world","PN",6]
["PCP.H.EE.G1.W0.CP0.2.2000.R.PCS_ALL._Z.208._Z.N.PN","H","EE","G1","W0","CP0",2,"2000","R","PCS_ALL","_Z","208","_Z","N","PN","2023-S2",0,"P",false,null,null,"P6M",{"$nulls":4},"S",null,null,3,null,"Number of card paymentelectronic, received - SCA: non-sca: transaction risk analysis, acquirer location: Estonia, issuer location: outside EEA, POS location: world","Number of card paymentelectronic, received - SCA: non-sca: transaction risk analysis, acquirer location: Estonia, issuer location: outside EEA, POS location: world","PN",6]
["PCP.H.EE.W0.G3.CP0.2.2000.R.PCS_ALL.11._X._Z.N.PN","H","EE","W0","G3","CP0",2,"2000","R","PCS_ALL","11","_X","_Z","N","PN","2022-S1",0.035541,"A",false,null,null,"P6M",{"$nulls":4},"S",null,null,3,null,"Total number of card payment,with a debit card, received - acquirer location: Estonia, POS location: other EEA countries","Total number of card payment,with a debit card, received - acquirer location: Estonia, POS location: other EEA countries","PN",6]
["PCP.H.EE.W0.G3.CP0.2.2000.R.PCS_ALL.11._X._Z.N.PN","H","EE","W0","G3","CP0",2,"2000","R","PCS_ALL","11","_X","_Z","N","PN","2022-S2",0.05645699999999999,"A",false,null,null,"P6M",{"$nulls":4},"S",null,null,3,null,"Total number of card payment,with a debit card, received - acquirer location: Estonia, POS location: other EEA countries","Total number of card payment,with a debit card, received - acquirer location: Estonia, POS location: other EEA countries","PN",6]
["PCP.H.EE.W0.G3.CP0.2.2000.R.PCS_ALL.11._X._Z.N.PN","H","EE","W0","G3","CP0",2,"2000","R","PCS_ALL","11","_X","_Z","N","PN","2023-S1",0.05939700000000002,"A",false,null,null,"P6M",{"$nulls":4},"S",null,null,3,null,"Total number of card payment,with a debit card, received - acquirer location: Estonia, POS location: other EEA countries","Total number of card payment,with a debit card, received - acquirer location: Estonia, POS location: other EEA countries","PN",6]
["PCP.H.EE.W0.G3.CP0.2.2000.R.PCS_ALL.11._X._Z.N.PN","H","EE","W0","G3","CP0",2,"2000","R","PCS_ALL","11","_X","_Z","N","PN","2023-S2",0.069299,"P",false,null,null,"P6M",{"$nulls":4},"S",null,null,3,null,"Total number of card payment,with a debit card, received - acquirer location: Estonia, POS location: other EEA countries","Total number of card payment,with a debit card, received - acquirer location: Estonia, POS location: other EEA countries","PN",6]
["PCP.H.EE.W0.W1.CP0.2.2000.NR.PCS_ALL.12._X._Z.N.EUR","H","EE","W0","W1","CP0",2,"2000","NR","PCS_ALL","12","_X","_Z","N","EUR","2022-S1",0,"A",false,null,null,"P6M",{"$nulls":4},"S",null,null,3,null,"Total value of card payment,with a delayed debit card, received - acquirer location: Estonia, POS location: Rest of the World","Total value of card payment,with a delayed debit card, received - acquirer location: Estonia, POS location: Rest of the World","EUR",6]
["PCP.H.EE.W0.W1.CP0.2.2000.NR.PCS_ALL.12._X._Z.N.EUR","H","EE","W0","W1","CP0",2,"2000","NR","PCS_ALL","12","_X","_Z","N","EUR","2022-S2",0,"A",false,null,null,"P6M",{"$nulls":4},"S",null,null,3,null,"Total value of card payment,with a delayed debit card, received - acquirer location: Estonia, POS location: Rest of the World","Total value of card payment,with a delayed debit card, received - acquirer location: Estonia, POS location: Rest of the World","EUR",6]
["PCP.H.EE.W0.W1.CP0.2.2000.NR.PCS_ALL.12._X._Z.N.EUR","H","EE","W0","W1","CP0",2,"2000","NR","PCS_ALL","12","_X","_Z","N","EUR","2023-S1",0,"A",false,null,null,"P6M",{"$nulls":4},"S",null,null,3,null,"Total value of card payment,with a delayed debit card, received - acquirer location: Estonia, POS location: Rest of the World","Total value of card payment,with a delayed debit card, received - acquirer location: Estonia, POS location: Rest of the World","EUR",6]
["PCP.H.EE.W0.W1.CP0.2.2000.NR.PCS_ALL.12._X._Z.N.EUR","H","EE","W0","W1","CP0",2,"2000","NR","PCS_ALL","12","_X","_Z","N","EUR","2023-S2",1.15E-05,"P",false,null,null,"P6M",{"$nulls":4},"S",null,null,3,null,"Total value of card payment,with a delayed debit card, received - acquirer location: Estonia, POS location: Rest of the World","Total value of card payment,with a delayed debit card, received - acquirer location: Estonia, POS location: Rest of the World","EUR",6]
["PCP.H.EE.W0.W2.CP0.2.2000.R.PCS_ALL._Z.210._Z.N.EUR","H","EE","W0","W2","CP0",2,"2000","R","PCS_ALL","_Z","210","_Z","N","EUR","2022-S1",0.04689319,"A",false,null,null,"P6M",{"$nulls":4},"S",null,null,3,null,"Total value of card paymentelectronic, received - SCA: non-sca: others, acquirer location: Estonia, POS location: domestic","Total value of card paymentelectronic, received - SCA: non-sca: others, acquirer location: Estonia, POS location: domestic","EUR",6]
["PCP.H.EE.W0.W2.CP0.2.2000.R.PCS_ALL._Z.210._Z.N.EUR","H","EE","W0","W2","CP0",2,"2000","R","PCS_ALL","_Z","210","_Z","N","EUR","2022-S2",0.04689319,"A",false,null,null,"P6M",{"$nulls":4},"S",null,null,3,null,"Total value of card paymentelectronic, received - SCA: non-sca: others, acquirer location: Estonia, POS location: domestic","Total value of card paymentelectronic, received - SCA: non-sca: others, acquirer location: Estonia, POS location: domestic","EUR",6]
["PCP.H.EE.W0.W2.CP0.2.2000.R.PCS_ALL._Z.210._Z.N.EUR","H","EE","W0","W2","CP0",2,"2000","R","PCS_ALL","_Z","210","_Z","N","EUR","2023-S1",0.03679013,"A",false,null,null,"P6M",{"$nulls":4},"S",null,null,3,null,"Total value of card paymentelectronic, received - SCA: non-sca: others, acquirer location: Estonia, POS location: domestic","Total value of card paymentelectronic, received - SCA: non-sca: others, acquirer location: Estonia, POS location: domestic","EUR",6]
["PCP.H.EE.W0.W2.CP0.2.2000.R.PCS_ALL._Z.210._Z.N.EUR","H","EE","W0","W2","CP0",2,"2000","R","PCS_ALL","_Z","210","_Z","N","EUR","2023-S2",0.04818324,"P",false,null,null,"P6M",{"$nulls":4},"S",null,null,3,null,"Total value of card paymentelectronic, received - SCA: non-sca: others, acquirer location: Estonia, POS location: domestic","Total value of card paymentelectronic, received - SCA: non-sca: others, acquirer location: Estonia, POS location: domestic","EUR",6]
["PCP.H.EE.W1.W2.CP0.2.2000.R.PCS_ALL._Z.209._Z.N.EUR","H","EE","W1","W2","CP0",2,"2000","R","PCS_ALL","_Z","209","_Z","N","EUR","2022-S1",0.0301179,"A",false,null,null,"P6M",{"$nulls":4},"S",null,null,3,null,"Value of card paymentelectronic, received - SCA: non-sca: merchant initiated transaction, acquirer location: Estonia, issuer location: Rest of the World, POS location: domestic","Value of card paymentelectronic, received - SCA: non-sca: merchant initiated transaction, acquirer location: Estonia, issuer location: Rest of the World, POS location: domestic","EUR",6]
["PCP.H.EE.W1.W2.CP0.2.2000.R.PCS_ALL._Z.209._Z.N.EUR","H","EE","W1","W2","CP0",2,"2000","R","PCS_ALL","_Z","209","_Z","N","EUR","2022-S2",26.49337204,"A",false,null,null,"P6M",{"$nulls":4},"S",null,null,3,null,"Value of card paymentelectronic, received - SCA: non-sca: merchant initiated transaction, acquirer location: Estonia, issuer location: Rest of the World, POS location: domestic","Value of card paymentelectronic, received - SCA: non-sca: merchant initiated transaction, acquirer location: Estonia, issuer location: Rest of the World, POS location: domestic","EUR",6]
["PCP.H.EE.W1.W2.CP0.2.2000.R.PCS_ALL._Z.209._Z.N.EUR","H","EE","W1","W2","CP0",2,"2000","R","PCS_ALL","_Z","209","_Z","N","EUR","2023-S1",27.46730701,"A",false,null,null,"P6M",{"$nulls":4},"S",null,null,3,null,"Value of card paymentelectronic, received - SCA: non-sca: merchant initiated transaction, acquirer location: Estonia, issuer location: Rest of the World, POS location: domestic","Value of card paymentelectronic, received - SCA: non-sca: merchant initiated transaction, acquirer location: Estonia, issuer location: Rest of the World, POS location: domestic","EUR",6]
["PCP.H.EE.W1.W2.CP0.2.2000.R.PCS_ALL._Z.209._Z.N.EUR","H","EE","W1","W2","CP0",2,"2000","R","PCS_ALL","_Z","209","_Z","N","EUR","2023-S2",20.60531889,"P",false,null,null,"P6M",{"$nulls":4},"S",null,null,3,null,"Value of card paymentelectronic, received - SCA: non-sca: merchant initiated transaction, acquirer location: Estonia, issuer location: Rest of the World, POS location: domestic","Value of card paymentelectronic, received - SCA: non-sca: merchant initiated transaction, acquirer location: Estonia, issuer location: Rest of the World, POS location: domestic","EUR",6]
["PCP.H.ES.G3.G1.CP0.1.2000.R.PCS_ALL._Z.210._Z.N.EUR","H","ES","G3","G1","CP0",1,"2000","R","PCS_ALL","_Z","210","_Z","N","EUR","2022-S1",1.06430697,"A",false,null,null,"P6M",{"$nulls":4},"S",null,null,3,null,"Value of card paymentelectronic, sent - SCA: non-sca: others, issuer location: Spain, acquirer location: other EEA countries, POS location: outside EEA","Value of card paymentelectronic, sent - SCA: non-sca: others, issuer location: Spain, acquirer location: other EEA countries, POS location: outside EEA","EUR",6]
["PCP.H.ES.G3.G1.CP0.1.2000.R.PCS_ALL._Z.210._Z.N.EUR","H","ES","G3","G1","CP0",1,"2000","R","PCS_ALL","_Z","210","_Z","N","EUR","2022-S2",0.18133129,"A",false,null,null,"P6M",{"$nulls":4},"S",null,null,3,null,"Value of card paymentelectronic, sent - SCA: non-sca: others, issuer location: Spain, acquirer location: other EEA countries, POS location: outside EEA","Value of card paymentelectronic, sent - SCA: non-sca: others, issuer location: Spain, acquirer location: other EEA countries, POS location: outside EEA","EUR",6]
["PCP.H.ES.G3.G1.CP0.1.2000.R.PCS_ALL._Z.210._Z.N.EUR","H","ES","G3","G1","CP0",1,"2000","R","PCS_ALL","_Z","210","_Z","N","EUR","2023-S1",0.6019872199999999,"A",false,null,null,"P6M",{"$nulls":4},"S",null,null,3,null,"Value of card paymentelectronic, sent - SCA: non-sca: others, issuer location: Spain, acquirer location: other EEA countries, POS location: outside EEA","Value of card paymentelectronic, sent - SCA: non-sca: others, issuer location: Spain, acquirer location: other EEA countries, POS location: outside EEA","EUR",6]
["PCP.H.ES.G3.G1.CP0.1.2000.R.PCS_ALL._Z.210._Z.N.EUR","H","ES","G3","G1","CP0",1,"2000","R","PCS_ALL","_Z","210","_Z","N","EUR","2023-S2",0.33712567,"P",false,null,null,"P6M",{"$nulls":4},"S",null,null,3,null,"Value of card paymentelectronic, sent - SCA: non-sca: others, issuer location: Spain, acquirer location: other EEA countries, POS location: outside EEA","Value of card paymentelectronic, sent - SCA: non-sca: others, issuer location: Spain, acquirer location: other EEA countries, POS location: outside EEA","EUR",6]
["PCP.H.ES.G3.W2.CP0.2.2000.NR.PCS_ALL._Z.202._Z.N.PN","H","ES","G3","W2","CP0",2,"2000","NR","PCS_ALL","_Z","202","_Z","N","PN","2022-S1",77.111247,"A",false,null,null,"P6M",{"$nulls":4},"S",null,null,3,null,"Number of card paymentelectronic, received - SCA: non-sca: contactless low value, acquirer location: Spain, issuer location: other EEA countries, POS location: domestic","Number of card paymentelectronic, received - SCA: non-sca: contactless low value, acquirer location: Spain, issuer location: other EEA countries, POS location: domestic","PN",6]
["PCP.H.ES.G3.W2.CP0.2.2000.NR.PCS_ALL._Z.202._Z.N.PN","H","ES","G3","W2","CP0",2,"2000","NR","PCS_ALL","_Z","202","_Z","N","PN","2022-S2",112.543993,"A",false,null,null,"P6M",{"$nulls":4},"S",null,null,3,null,"Number of card paymentelectronic, received - SCA: non-sca: contactless low value, acquirer location: Spain, issuer location: other EEA countries, POS location: domestic","Number of card paymentelectronic, received - SCA: non-sca: contactless low value, acquirer location: Spain, issuer location: other EEA countries, POS location: domestic","PN",6]
["PCP.H.ES.G3.W2.CP0.2.2000.NR.PCS_ALL._Z.202._Z.N.PN","H","ES","G3","W2","CP0",2,"2000","NR","PCS_ALL","_Z","202","_Z","N","PN","2023-S1",98.81337400000002,"A",false,null,null,"P6M",{"$nulls":4},"S",null,null,3,null,"Number of card paymentelectronic, received - SCA: non-sca: contactless low value, acquirer location: Spain, issuer location: other EEA countries, POS location: domestic","Number of card paymentelectronic, received - SCA: non-sca: contactless low value, acquirer location: Spain, issuer location: other EEA countries, POS location: domestic","PN",6]
["PCP.H.ES.G3.W2.CP0.2.2000.NR.PCS_ALL._Z.202._Z.N.PN","H","ES","G3","W2","CP0",2,"2000","NR","PCS_ALL","_Z","202","_Z","N","PN","2023-S2",130.762906,"P",false,null,null,"P6M",{"$nulls":4},"S",null,null,3,null,"Number of card paymentelectronic, received - SCA: non-sca: contactless low value, acquirer location: Spain, issuer location: other EEA countries, POS location: domestic","Number of card paymentelectronic, received - SCA: non-sca: contactless low value, acquirer location: Spain, issuer location: other EEA countries, POS location: domestic","PN",6]
["PCP.H.FI.W0.W0.CP0.2.2221.NR.PCS_ALL._Z._X._Z.N.PN_R_POP6","H","FI","W0","W0","CP0",2,"2221","NR","PCS_ALL","_Z","_X","_Z","N","PN_R_POP6","2022-S1",null,"M",false,null,null,"P6M",{"$nulls":4},"S",null,null,3,null,"Pure number per million inhabitants of Card payment, , initiated at ATM, received - from: Finland, acquired: World, terminal located in: World, ","Pure number per million inhabitants of Card payment, , initiated at ATM, received - from: Finland, acquired: World, terminal located in: World, ","PN_R_POP6",0]
["PCP.H.FI.W0.W0.CP0.2.2221.NR.PCS_ALL._Z._X._Z.N.PN_R_POP6","H","FI","W0","W0","CP0",2,"2221","NR","PCS_ALL","_Z","_X","_Z","N","PN_R_POP6","2022-S2",null,"M",false,null,null,"P6M",{"$nulls":4},"S",null,null,3,null,"Pure number per million inhabitants of Card payment, , initiated at ATM, received - from: Finland, acquired: World, terminal located in: World, ","Pure number per million inhabitants of Card payment, , initiated at ATM, received - from: Finland, acquired: World, terminal located in: World, ","PN_R_POP6",0]
["PCP.H.FI.W0.W0.CW1.1._T._T.PCS_ALL.11._X._Z.N.PN","H","FI","W0","W0","CW1",1,"_T","_T","PCS_ALL","11","_X","_Z","N","PN","2022-S1",27.223278,"A",false,null,null,"P6M",{"$nulls":4},"S",null,null,3,null,"Total number of cash withdrawal using cards with a debit card, sent - issuer location: Finland, terminal location: world","Total number of cash withdrawal using cards with a debit card, sent - issuer location: Finland, terminal location: world","PN",6]
["PCP.H.FI.W0.W0.CW1.1._T._T.PCS_ALL.11._X._Z.N.PN","H","FI","W0","W0","CW1",1,"_T","_T","PCS_ALL","11","_X","_Z","N","PN","2022-S2",30.853439,"A",false,null,null,"P6M",{"$nulls":4},"S",null,null,3,null,"Total number of cash withdrawal using cards with a debit card, sent - issuer location: Finland, terminal location: world","Total number of cash withdrawal using cards with a debit card, sent - issuer location: Finland, terminal location: world","PN",6]
["PCP.H.FI.W0.W0.CW1.1._T._T.PCS_ALL.11._X._Z.N.PN","H","FI","W0","W0","CW1",1,"_T","_T","PCS_ALL","11","_X","_Z","N","PN","2023-S1",26.515436,"A",false,null,null,"P6M",{"$nulls":4},"S",null,null,3,null,"Total number of cash withdrawal using cards with a debit card, sent - issuer location: Finland, terminal location: world","Total number of cash withdrawal using cards with a debit card, sent - issuer location: Finland, terminal location: world","PN",6]
["PCP.H.FI.W0.W0.CW1.1._T._T.PCS_ALL.11._X._Z.N.PN","H","FI","W0","W0","CW1",1,"_T","_T","PCS_ALL","11","_X","_Z","N","PN","2023-S2",28.67845,"P",false,null,null,"P6M",{"$nulls":4},"S",null,null,3,null,"Total number of cash withdrawal using cards with a debit card, sent - issuer location: Finland, terminal location: world","Total number of cash withdrawal using cards with a debit card, sent - issuer location: Finland, terminal location: world","PN",6]
["PCP.H.FI.W1.W0.CP0.1.2000.NR.PCS_ALL.12._X._Z.N.EUR","H","FI","W1","W0","CP0",1,"2000","NR","PCS_ALL","12","_X","_Z","N","EUR","2022-S1",83.12839441,"A",false,null,null,"P6M",{"$nulls":4},"S",null,null,3,null,"Value of card payment with a delayed debit card, sent - issuer location: Finland, acquirer location: Rest of the World, POS location: world","Value of card payment with a delayed debit card, sent - issuer location: Finland, acquirer location: Rest of the World, POS location: world","EUR",6]
["PCP.H.FI.W1.W0.CP0.1.2000.NR.PCS_ALL.12._X._Z.N.EUR","H","FI","W1","W0","CP0",1,"2000","NR","PCS_ALL","12","_X","_Z","N","EUR","2022-S2",108.78191077,"A",false,null,null,"P6M",{"$nulls":4},"S",null,null,3,null,"Value of card payment with a delayed debit card, sent - issuer location: Finland, acquirer location: Rest of the World, POS location: world","Value of card payment with a delayed debit card, sent - issuer location: Finland, acquirer location: Rest of the World, POS location: world","EUR",6]
["PCP.H.FI.W1.W0.CP0.1.2000.NR.PCS_ALL.12._X._Z.N.EUR","H","FI","W1","W0","CP0",1,"2000","NR","PCS_ALL","12","_X","_Z","N","EUR","2023-S1",205.7732706,"A",false,null,null,"P6M",{"$nulls":4},"S",null,null,3,null,"Value of card payment with a delayed debit card, sent - issuer location: Finland, acquirer location: Rest of the World, POS location: world","Value of card payment with a delayed debit card, sent - issuer location: Finland, acquirer location: Rest of the World, POS location: world","EUR",6]
["PCP.H.FI.W1.W0.CP0.1.2000.NR.PCS_ALL.12._X._Z.N.EUR","H","FI","W1","W0","CP0",1,"2000","NR","PCS_ALL","12","_X","_Z","N","EUR","2023-S2",204.91161256,"P",false,null,null,"P6M",{"$nulls":4},"S",null,null,3,null,"Value of card payment with a delayed debit card, sent - issuer location: Finland, acquirer location: Rest of the World, POS location: world","Value of card payment with a delayed debit card, sent - issuer location: Finland, acquirer location: Rest of the World, POS location: world","EUR",6]
["PCP.H.FI.W2.W1.CP0.1.2000.R.PCS_ALL._Z.209._Z.N.EUR","H","FI","W2","W1","CP0",1,"2000","R","PCS_ALL","_Z","209","_Z","N","EUR","2022-S1",62.93910788,"A",false,null,null,"P6M",{"$nulls":4},"S",null,null,3,null,"Value of card paymentelectronic, sent - SCA: non-sca: merchant initiated transaction, issuer location: Finland, acquirer location: domestic, POS location: Rest of the World","Value of card paymentelectronic, sent - SCA: non-sca: merchant initiated transaction, issuer location: Finland, acquirer location: domestic, POS location: Rest of the World","EUR",6]
["PCP.H.FI.W2.W1.CP0.1.2000.R.PCS_ALL._Z.209._Z.N.EUR","H","FI","W2","W1","CP0",1,"2000","R","PCS_ALL","_Z","209","_Z","N","EUR","2022-S2",65.0698162,"A",false,null,null,"P6M",{"$nulls":4},"S",null,null,3,null,"Value of card paymentelectronic, sent - SCA: non-sca: merchant initiated transaction, issuer location: Finland, acquirer location: domestic, POS location: Rest of the World","Value of card paymentelectronic, sent - SCA: non-sca: merchant initiated transaction, issuer location: Finland, acquirer location: domestic, POS location: Rest of the World","EUR",6]
["PCP.H.FI.W2.W1.CP0.1.2000.R.PCS_ALL._Z.209._Z.N.EUR","H","FI","W2","W1","CP0",1,"2000","R","PCS_ALL","_Z","209","_Z","N","EUR","2023-S1",0.09753685999999998,"A",false,null,null,"P6M",{"$nulls":4},"S",null,null,3,null,"Value of card paymentelectronic, sent - SCA: non-sca: merchant initiated transaction, issuer location: Finland, acquirer location: domestic, POS location: Rest of the World","Value of card paymentelectronic, sent - SCA: non-sca: merchant initiated transaction, issuer location: Finland, acquirer location: domestic, POS location: Rest of the World","EUR",6]
["PCP.H.FI.W2.W1.CP0.1.2000.R.PCS_ALL._Z.209._Z.N.EUR","H","FI","W2","W1","CP0",1,"2000","R","PCS_ALL","_Z","209","_Z","N","EUR","2023-S2",0.07556242,"P",false,null,null,"P6M",{"$nulls":4},"S",null,null,3,null,"Value of card paymentelectronic, sent - SCA: non-sca: merchant initiated transaction, issuer location: Finland, acquirer location: domestic, POS location: Rest of the World","Value of card paymentelectronic, sent - SCA: non-sca: merchant initiated transaction, issuer location: Finland, acquirer location: domestic, POS location: Rest of the World","EUR",6]
["PCP.H.FR.G1.W2.CP0.1.2000.NR.PCS_ALL._Z.204._Z.N.PN","H","FR","G1","W2","CP0",1,"2000","NR","PCS_ALL","_Z","204","_Z","N","PN","2022-S1",1.9E-05,"A",false,null,null,"P6M",{"$nulls":4},"S",null,null,3,null,"Number of card paymentelectronic, sent - SCA: non-sca: trusted beneficiaries, issuer location: France, acquirer location: outside EEA, POS location: domestic","Number of card paymentelectronic, sent - SCA: non-sca: trusted beneficiaries, issuer location: France, acquirer location: outside EEA, POS location: domestic","PN",6]
["PCP.H.FR.G1.W2.CP0.1.2000.NR.PCS_ALL._Z.204._Z.N.PN","H","FR","G1","W2","CP0",1,"2000","NR","PCS_ALL","_Z","204","_Z","N","PN","2022-S2",3E-06,"A",false,null,null,"P6M",{"$nulls":4},"S",null,null,3,null,"Number of card paymentelectronic, sent - SCA: non-sca: trusted beneficiaries, issuer location: France, acquirer location: outside EEA, POS location: domestic","Number of card paymentelectronic, sent - SCA: non-sca: trusted beneficiaries, issuer location: France, acquirer location: outside EEA, POS location: domestic","PN",6]
["PCP.H.FR.G1.W2.CP0.1.2000.NR.PCS_ALL._Z.204._Z.N.PN","H","FR","G1","W2","CP0",1,"2000","NR","PCS_ALL","_Z","204","_Z","N","PN","2023-S1",5E-06,"A",false,null,null,"P6M",{"$nulls":4},"S",null,null,3,null,"Number of card paymentelectronic, sent - SCA: non-sca: trusted beneficiaries, issuer location: France, acquirer location: outside EEA, POS location: domestic","Number of card paymentelectronic, sent - SCA: non-sca: trusted beneficiaries, issuer location: France, acquirer location: outside EEA, POS location: domestic","PN",6]
["PCP.H.FR.G1.W2.CP0.1.2000.NR.PCS_ALL._Z.204._Z.N.PN","H","FR","G1","W2","CP0",1,"2000","NR","PCS_ALL","_Z","204","_Z","N","PN","2023-S2",0,"P",false,null,null,"P6M",{"$nulls":4},"S",null,null,3,null,"Number of card paymentelectronic, sent - SCA: non-sca: trusted beneficiaries, issuer location: France, acquirer location: outside EEA, POS location: domestic","Number of card paymentelectronic, sent - SCA: non-sca: trusted beneficiaries, issuer location: France, acquirer location: outside EEA, POS location: domestic","PN",6]
["PCP.H.FR.G3.G3.CP0.2.2000.R.PCS_ALL._Z.100._Z.N.EUR","H","FR","G3","G3","CP0",2,"2000","R","PCS_ALL","_Z","100","_Z","N","EUR","2022-S1",291.6253151899999,"A",false,null,null,"P6M",{"$nulls":4},"S",null,null,3,null,"Value of card paymentelectronic, received - SCA: sca, acquirer location: France, issuer location: other EEA countries, POS location: other EEA countries","Value of card paymentelectronic, received - SCA: sca, acquirer location: France, issuer location: other EEA countries, POS location: other EEA countries","EUR",6]
["PCP.H.FR.G3.G3.CP0.2.2000.R.PCS_ALL._Z.100._Z.N.EUR","H","FR","G3","G3","CP0",2,"2000","R","PCS_ALL","_Z","100","_Z","N","EUR","2022-S2",379.24442492,"A",false,null,null,"P6M",{"$nulls":4},"S",null,null,3,null,"Value of card paymentelectronic, received - SCA: sca, acquirer location: France, issuer location: other EEA countries, POS location: other EEA countries","Value of card paymentelectronic, received - SCA: sca, acquirer location: France, issuer location: other EEA countries, POS location: other EEA countries","EUR",6]
["PCP.H.FR.G3.G3.CP0.2.2000.R.PCS_ALL._Z.100._Z.N.EUR","H","FR","G3","G3","CP0",2,"2000","R","PCS_ALL","_Z","100","_Z","N","EUR","2023-S1",420.6448068399999,"A",false,null,null,"P6M",{"$nulls":4},"S",null,null,3,null,"Value of card paymentelectronic, received - SCA: sca, acquirer location: France, issuer location: other EEA countries, POS location: other EEA countries","Value of card paymentelectronic, received - SCA: sca, acquirer location: France, issuer location: other EEA countries, POS location: other EEA countries","EUR",6]
["PCP.H.FR.G3.G3.CP0.2.2000.R.PCS_ALL._Z.100._Z.N.EUR","H","FR","G3","G3","CP0",2,"2000","R","PCS_ALL","_Z","100","_Z","N","EUR","2023-S2",522.5321206799999,"P",false,null,null,"P6M",{"$nulls":4},"S",null,null,3,null,"Value of card paymentelectronic, received - SCA: sca, acquirer location: France, issuer location: other EEA countries, POS location: other EEA countries","Value of card paymentelectronic, received - SCA: sca, acquirer location: France, issuer location: other EEA countries, POS location: other EEA countries","EUR",6]
["PCP.H.GR.G3.W2.CP0.2.2000.R.PCS_ALL._Z._X._Z.N.PN","H","GR","G3","W2","CP0",2,"2000","R","PCS_ALL","_Z","_X","_Z","N","PN","2022-S1",1.28073,"A",false,null,null,"P6M",{"$nulls":4},"S",null,null,3,null,"Number of card paymentelectronic, received - SCA: , acquirer location: Greece, issuer location: other EEA countries, POS location: domestic","Number of card paymentelectronic, received - SCA: , acquirer location: Greece, issuer location: other EEA countries, POS location: domestic","PN",6]
["PCP.H.GR.G3.W2.CP0.2.2000.R.PCS_ALL._Z._X._Z.N.PN","H","GR","G3","W2","CP0",2,"2000","R","PCS_ALL","_Z","_X","_Z","N","PN","2022-S2",1.855624,"A",false,null,null,"P6M",{"$nulls":4},"S",null,null,3,null,"Number of card paymentelectronic, received - SCA: , acquirer location: Greece, issuer location: other EEA countries, POS location: domestic","Number of card paymentelectronic, received - SCA: , acquirer location: Greece, issuer location: other EEA countries, POS location: domestic","PN",6]
["PCP.H.GR.G3.W2.CP0.2.2000.R.PCS_ALL._Z._X._Z.N.PN","H","GR","G3","W2","CP0",2,"2000","R","PCS_ALL","_Z","_X","_Z","N","PN","2023-S1",1.326496,"A",false,null,null,"P6M",{"$nulls":4},"S",null,null,3,null,"Number of card paymentelectronic, received - SCA: , acquirer location: Greece, issuer location: other EEA countries, POS location: domestic","Number of card paymentelectronic, received - SCA: , acquirer location: Greece, issuer location: other EEA countries, POS location: domestic","PN",6]
["PCP.H.GR.G3.W2.CP0.2.2000.R.PCS_ALL._Z._X._Z.N.PN","H","GR","G3","W2","CP0",2,"2000","R","PCS_ALL","_Z","_X","_Z","N","PN","2023-S2",2.473117000000001,"P",false,null,null,"P6M",{"$nulls":4},"S",null,null,3,null,"Number of card paymentelectronic, received - SCA: , acquirer location: Greece, issuer location: other EEA countries, POS location: domestic","Number of card paymentelectronic, received - SCA: , acquirer location: Greece, issuer location: other EEA countries, POS location: domestic","PN",6]
["PCP.H.GR.W2.G3.CP0.1.1000._T.PCS_ALL._Z._X._Z.N.EUR","H","GR","W2","G3","CP0",1,"1000","_T","PCS_ALL","_Z","_X","_Z","N","EUR","2022-S1",0.01134712,"A",false,null,null,"P6M",{"$nulls":4},"S",null,null,3,null,"Value of card paymentnon-electronic, sent - SCA: , issuer location: Greece, acquirer location: domestic, POS location: other EEA countries","Value of card paymentnon-electronic, sent - SCA: , issuer location: Greece, acquirer location: domestic, POS location: other EEA countries","EUR",6]
["PCP.H.GR.W2.G3.CP0.1.1000._T.PCS_ALL._Z._X._Z.N.EUR","H","GR","W2","G3","CP0",1,"1000","_T","PCS_ALL","_Z","_X","_Z","N","EUR","2022-S2",0.01080847,"A",false,null,null,"P6M",{"$nulls":4},"S",null,null,3,null,"Value of card paymentnon-electronic, sent - SCA: , issuer location: Greece, acquirer location: domestic, POS location: other EEA countries","Value of card paymentnon-electronic, sent - SCA: , issuer location: Greece, acquirer location: domestic, POS location: other EEA countries","EUR",6]
["PCP.H.GR.W2.G3.CP0.1.1000._T.PCS_ALL._Z._X._Z.N.EUR","H","GR","W2","G3","CP0",1,"1000","_T","PCS_ALL","_Z","_X","_Z","N","EUR","2023-S1",0.0160225,"A",false,null,null,"P6M",{"$nulls":4},"S",null,null,3,null,"Value of card paymentnon-electronic, sent - SCA: , issuer location: Greece, acquirer location: domestic, POS location: other EEA countries","Value of card paymentnon-electronic, sent - SCA: , issuer location: Greece, acquirer location: domestic, POS location: other EEA countries","EUR",6]
["PCP.H.GR.W2.G3.CP0.1.1000._T.PCS_ALL._Z._X._Z.N.EUR","H","GR","W2","G3","CP0",1,"1000","_T","PCS_ALL","_Z","_X","_Z","N","EUR","2023-S2",0.06144717,"P",false,null,null,"P6M",{"$nulls":4},"S",null,null,3,null,"Value of card paymentnon-electronic, sent - SCA: , issuer location: Greece, acquirer location: domestic, POS location: other EEA countries","Value of card paymentnon-electronic, sent - SCA: , issuer location: Greece, acquirer location: domestic, POS location: other EEA countries","EUR",6]
["PCP.H.HR.G1.W0.CP0.1.2000.R.PCS_ALL._Z.207._Z.N.EUR","H","HR","G1","W0","CP0",1,"2000","R","PCS_ALL","_Z","207","_Z","N","EUR","2023-S1",0,"A",false,null,null,"P6M",{"$nulls":4},"S",null,null,3,null,"Value of card paymentelectronic, sent - SCA: non-sca: secure corporate payment, issuer location: Croatia, acquirer location: outside EEA, POS location: world","Value of card paymentelectronic, sent - SCA: non-sca: secure corporate payment, issuer location: Croatia, acquirer location: outside EEA, POS location: world","EUR",6]
["PCP.H.HR.G1.W0.CP0.1.2000.R.PCS_ALL._Z.207._Z.N.EUR","H","HR","G1","W0","CP0",1,"2000","R","PCS_ALL","_Z","207","_Z","N","EUR","2023-S2",0,"P",false,null,null,"P6M",{"$nulls":4},"S",null,null,3,null,"Value of card paymentelectronic, sent - SCA: non-sca: secure corporate payment, issuer location: Croatia, acquirer location: outside EEA, POS location: world","Value of card paymentelectronic, sent - SCA: non-sca: secure corporate payment, issuer location: Croatia, acquirer location: outside EEA, POS location: world","EUR",6]
["PCP.H.HR.G3.W1.CP0.2.2000.R.PCS_ALL.11._X._Z.N.EUR","H","HR","G3","W1","CP0",2,"2000","R","PCS_ALL","11","_X","_Z","N","EUR","2023-S1",14.174797,"A",false,null,null,"P6M",{"$nulls":4},"S",null,null,3,null,"Value of card payment,with a debit card, received - acquirer location: Croatia, issuer location: other EEA countries, POS location: Rest of the World","Value of card payment,with a debit card, received - acquirer location: Croatia, issuer location: other EEA countries, POS location: Rest of the World","EUR",6]
["PCP.H.HR.G3.W1.CP0.2.2000.R.PCS_ALL.11._X._Z.N.EUR","H","HR","G3","W1","CP0",2,"2000","R","PCS_ALL","11","_X","_Z","N","EUR","2023-S2",15.169288,"P",false,null,null,"P6M",{"$nulls":4},"S",null,null,3,null,"Value of card payment,with a debit card, received - acquirer location: Croatia, issuer location: other EEA countries, POS location: Rest of the World","Value of card payment,with a debit card, received - acquirer location: Croatia, issuer location: other EEA countries, POS location: Rest of the World","EUR",6]
["PCP.H.HR.W1.G1.CP0.2.2000.R.PCS_ALL.12._X._Z.N.EUR","H","HR","W1","G1","CP0",2,"2000","R","PCS_ALL","12","_X","_Z","N","EUR","2023-S1",1.299654,"A",false,null,null,"P6M",{"$nulls":4},"S",null,null,3,null,"Value of card payment,with a delayed debit card, received - acquirer location: Croatia, issuer location: Rest of the World, POS location: outside EEA","Value of card payment,with a delayed debit card, received - acquirer location: Croatia, issuer location: Rest of the World, POS location: outside EEA","EUR",6]
["PCP.H.HR.W1.G1.CP0.2.2000.R.PCS_ALL.12._X._Z.N.EUR","H","HR","W1","G1","CP0",2,"2000","R","PCS_ALL","12","_X","_Z","N","EUR","2023-S2",1.031348,"P",false,null,null,"P6M",{"$nulls":4},"S",null,null,3,null,"Value of card payment,with a delayed debit card, received - acquirer location: Croatia, issuer location: Rest of the World, POS location: outside EEA","Value of card payment,with a delayed debit card, received - acquirer location: Croatia, issuer location: Rest of the World, POS location: outside EEA","EUR",6]
["PCP.H.HU.W0.W2.CP0.2.2000.NR.PCS_ALL.12._X._Z.N.PN","H","HU","W0","W2","CP0",2,"2000","NR","PCS_ALL","12","_X","_Z","N","PN","2022-S1",0.020018,"A",false,null,null,"P6M",{"$nulls":4},"S",null,null,3,null,"Total number of card payment,with a delayed debit card, received - acquirer location: Hungary, POS location: domestic","Total number of card payment,with a delayed debit card, received - acquirer location: Hungary, POS location: domestic","PN",6]
["PCP.H.HU.W0.W2.CP0.2.2000.NR.PCS_ALL.12._X._Z.N.PN","H","HU","W0","W2","CP0",2,"2000","NR","PCS_ALL","12","_X","_Z","N","PN","2022-S2",0.158232,"A",false,null,null,"P6M",{"$nulls":4},"S",null,null,3,null,"Total number of card payment,with a delayed debit card, received - acquirer location: Hungary, POS location: domestic","Total number of card payment,with a delayed debit card, received - acquirer location: Hungary, POS location: domestic","PN",6]
["PCP.H.HU.W0.W2.CP0.2.2000.NR.PCS_ALL.12._X._Z.N.PN","H","HU","W0","W2","CP0",2,"2000","NR","PCS_ALL","12","_X","_Z","N","PN","2023-S1",0.229353,"A",false,null,null,"P6M",{"$nulls":4},"S",null,null,3,null,"Total number of card payment,with a delayed debit card, received - acquirer location: Hungary, POS location: domestic","Total number of card payment,with a delayed debit card, received - acquirer location: Hungary, POS location: domestic","PN",6]
["PCP.H.HU.W0.W2.CP0.2.2000.NR.PCS_ALL.12._X._Z.N.PN","H","HU","W0","W2","CP0",2,"2000","NR","PCS_ALL","12","_X","_Z","N","PN","2023-S2",0.261605,"P",false,null,null,"P6M",{"$nulls":4},"S",null,null,3,null,"Total number of card payment,with a delayed debit card, received - acquirer location: Hungary, POS location: domestic","Total number of card payment,with a delayed debit card, received - acquirer location: Hungary, POS location: domestic","PN",6]
["PCP.H.HU.W2.W1.CP0.2.2221.NR.PCS_ALL._Z._X._Z.N.XDF","H","HU","W2","W1","CP0",2,"2221","NR","PCS_ALL","_Z","_X","_Z","N","XDF","2022-S1",0,"A",false,null,null,"P6M",{"$nulls":4},"S",null,null,3,null,"Value of card payment, initiated at atm, received - SCA: , acquirer location: Hungary, issuer location: domestic, POS location: Rest of the World","Value of card payment, initiated at atm, received - SCA: , acquirer location: Hungary, issuer location: domestic, POS location: Rest of the World","XDF",6]
["PCP.H.HU.W2.W1.CP0.2.2221.NR.PCS_ALL._Z._X._Z.N.XDF","H","HU","W2","W1","CP0",2,"2221","NR","PCS_ALL","_Z","_X","_Z","N","XDF","2022-S2",0,"A",false,null,null,"P6M",{"$nulls":4},"S",null,null,3,null,"Value of card payment, initiated at atm, received - SCA: , acquirer location: Hungary, issuer location: domestic, POS location: Rest of the World","Value of card payment, initiated at atm, received - SCA: , acquirer location: Hungary, issuer location: domestic, POS location: Rest of the World","XDF",6]
["PCP.H.HU.W2.W1.CP0.2.2221.NR.PCS_ALL._Z._X._Z.N.XDF","H","HU","W2","W1","CP0",2,"2221","NR","PCS_ALL","_Z","_X","_Z","N","XDF","2023-S1",0,"A",false,null,null,"P6M",{"$nulls":4},"S",null,null,3,null,"Value of card payment, initiated at atm, received - SCA: , acquirer location: Hungary, issuer location: domestic, POS location: Rest of the World","Value of card payment, initiated at atm, received - SCA: , acquirer location: Hungary, issuer location: domestic, POS location: Rest of the World","XDF",6]
["PCP.H.HU.W2.W1.CP0.2.2221.NR.PCS_ALL._Z._X._Z.N.XDF","H","HU","W2","W1","CP0",2,"2221","NR","PCS_ALL","_Z","_X","_Z","N","XDF","2023-S2",0,"P",false,null,null,"P6M",{"$nulls":4},"S",null,null,3,null,"Value of card payment, initiated at atm, received - SCA: , acquirer location: Hungary, issuer location: domestic, POS location: Rest of the World","Value of card payment, initiated at atm, received - SCA: , acquirer location: Hungary, issuer location: domestic, POS location: Rest of the World","XDF",6]
["PCP.H.LT.G1.W0.CP0.2._T._T.PCS_ALL._Z._X._Z.N.EUR","H","LT","G1","W0","CP0",2,"_T","_T","PCS_ALL","_Z","_X","_Z","N","EUR","2022-S1",1637.47420398,"A",false,null,null,"P6M",{"$nulls":4},"S",null,null,3,null,"Value of card paymentall, received - SCA: , acquirer location: Lithuania, issuer location: outside EEA, POS location: world","Value of card paymentall, received - SCA: , acquirer location: Lithuania, issuer location: outside EEA, POS location: world","EUR",6]
["PCP.H.LT.G1.W0.CP0.2._T._T.PCS_ALL._Z._X._Z.N.EUR","H","LT","G1","W0","CP0",2,"_T","_T","PCS_ALL","_Z","_X","_Z","N","EUR","2022-S2",1220.371939,"A",false,null,null,"P6M",{"$nulls":4},"S",null,null,3,null,"Value of card paymentall, received - SCA: , acquirer location: Lithuania, issuer location: outside EEA, POS location: world","Value of card paymentall, received - SCA: , acquirer location: Lithuania, issuer location: outside EEA, POS location: world","EUR",6]
["PCP.H.LT.G1.W0.CP0.2._T._T.PCS_ALL._Z._X._Z.N.EUR","H","LT","G1","W0","CP0",2,"_T","_T","PCS_ALL","_Z","_X","_Z","N","EUR","2023-S1",1458.460455,"A",false,null,null,"P6M",{"$nulls":4},"S",null,null,3,null,"Value of card paymentall, received - SCA: , acquirer location: Lithuania, issuer location: outside EEA, POS location: world","Value of card paymentall, received - SCA: , acquirer location: Lithuania, issuer location: outside EEA, POS location: world","EUR",6]
["PCP.H.LT.G1.W0.CP0.2._T._T.PCS_ALL._Z._X._Z.N.EUR","H","LT","G1","W0","CP0",2,"_T","_T","PCS_ALL","_Z","_X","_Z","N","EUR","2023-S2",1737.394735,"P",false,null,null,"P6M",{"$nulls":4},"S",null,null,3,null,"Value of card paymentall, received - SCA: , acquirer location: Lithuania, issuer location: outside EEA, POS location: world","Value of card paymentall, received - SCA: , acquirer location: Lithuania, issuer location: outside EEA, POS location: world","EUR",6]
["PCP.H.LT.W1.W0.CP0.2.2000.NR.PCS_ALL._Z.206._Z.N.EUR","H","LT","W1","W0","CP0",2,"2000","NR","PCS_ALL","_Z","206","_Z","N","EUR","2022-S1",0.728633,"A",false,null,null,"P6M",{"$nulls":4},"S",null,null,3,null,"Value of card paymentelectronic, received - SCA: non-sca: unattended terminals, acquirer location: Lithuania, issuer location: Rest of the World, POS location: world","Value of card paymentelectronic, received - SCA: non-sca: unattended terminals, acquirer location: Lithuania, issuer location: Rest of the World, POS location: world","EUR",6]
["PCP.H.LT.W1.W0.CP0.2.2000.NR.PCS_ALL._Z.206._Z.N.EUR","H","LT","W1","W0","CP0",2,"2000","NR","PCS_ALL","_Z","206","_Z","N","EUR","2022-S2",1.041005,"A",false,null,null,"P6M",{"$nulls":4},"S",null,null,3,null,"Value of card paymentelectronic, received - SCA: non-sca: unattended terminals, acquirer location: Lithuania, issuer location: Rest of the World, POS location: world","Value of card paymentelectronic, received - SCA: non-sca: unattended terminals, acquirer location: Lithuania, issuer location: Rest of the World, POS location: world","EUR",6]
["PCP.H.LT.W1.W0.CP0.2.2000.NR.PCS_ALL._Z.206._Z.N.EUR","H","LT","W1","W0","CP0",2,"2000","NR","PCS_ALL","_Z","206","_Z","N","EUR","2023-S1",0.952439,"A",false,null,null,"P6M",{"$nulls":4},"S",null,null,3,null,"Value of card paymentelectronic, received - SCA: non-sca: unattended terminals, acquirer location: Lithuania, issuer location: Rest of the World, POS location: world","Value of card paymentelectronic, received - SCA: non-sca: unattended terminals, acquirer location: Lithuania, issuer location: Rest of the World, POS location: world","EUR",6]
["PCP.H.LT.W1.W0.CP0.2.2000.NR.PCS_ALL._Z.206._Z.N.EUR","H","LT","W1","W0","CP0",2,"2000","NR","PCS_ALL","_Z","206","_Z","N","EUR","2023-S2",1.447747,"P",false,null,null,"P6M",{"$nulls":4},"S",null,null,3,null,"Value of card paymentelectronic, received - SCA: non-sca: unattended terminals, acquirer location: Lithuania, issuer location: Rest of the World, POS location: world","Value of card paymentelectronic, received - SCA: non-sca: unattended terminals, acquirer location: Lithuania, issuer location: Rest of the World, POS location: world","EUR",6]
["PCP.H.LU.G3.G3.CW1.1._T._T.PCS_ALL.13._X._Z.N.PN","H","LU","G3","G3","CW1",1,"_T","_T","PCS_ALL","13","_X","_Z","N","PN","2022-S1",2.117402,"A",false,null,null,"P6M",{"$nulls":4},"S",null,null,3,null,"Number of cash withdrawal using cards with a credit card, sent - issuer location: Luxembourg, acquirer location: other EEA countries, terminal location: other EEA countries","Number of cash withdrawal using cards with a credit card, sent - issuer location: Luxembourg, acquirer location: other EEA countries, terminal location: other EEA countries","PN",6]
["PCP.H.LU.G3.G3.CW1.1._T._T.PCS_ALL.13._X._Z.N.PN","H","LU","G3","G3","CW1",1,"_T","_T","PCS_ALL","13","_X","_Z","N","PN","2022-S2",2.224191,"A",false,null,null,"P6M",{"$nulls":4},"S",null,null,3,null,"Number of cash withdrawal using cards with a credit card, sent - issuer location: Luxembourg, acquirer location: other EEA countries, terminal location: other EEA countries","Number of cash withdrawal using cards with a credit card, sent - issuer location: Luxembourg, acquirer location: other EEA countries, terminal location: other EEA countries","PN",6]
["PCP.H.LU.G3.G3.CW1.1._T._T.PCS_ALL.13._X._Z.N.PN","H","LU","G3","G3","CW1",1,"_T","_T","PCS_ALL","13","_X","_Z","N","PN","2023-S1",2.251035,"A",false,null,null,"P6M",{"$nulls":4},"S",null,null,3,null,"Number of cash withdrawal using cards with a credit card, sent - issuer location: Luxembourg, acquirer location: other EEA countries, terminal location: other EEA countries","Number of cash withdrawal using cards with a credit card, sent - issuer location: Luxembourg, acquirer location: other EEA countries, terminal location: other EEA countries","PN",6]
["PCP.H.LU.G3.G3.CW1.1._T._T.PCS_ALL.13._X._Z.N.PN","H","LU","G3","G3","CW1",1,"_T","_T","PCS_ALL","13","_X","_Z","N","PN","2023-S2",2.379906,"P",false,null,null,"P6M",{"$nulls":4},"S",null,null,3,null,"Number of cash withdrawal using cards with a credit card, sent - issuer location: Luxembourg, acquirer location: other EEA countries, terminal location: other EEA countries","Number of cash withdrawal using cards with a credit card, sent - issuer location: Luxembourg, acquirer location: other EEA countries, terminal location: other EEA countries","PN",6]
["PCP.H.LU.W0.G3.CP0.1.2000.R.PCS_ALL._Z.207._Z.N.EUR","H","LU","W0","G3","CP0",1,"2000","R","PCS_ALL","_Z","207","_Z","N","EUR","2022-S1",0.021274,"A",false,null,null,"P6M",{"$nulls":4},"S",null,null,3,null,"Total value of card paymentelectronic, sent - SCA: non-sca: secure corporate payment, issuer location: Luxembourg, POS location: other EEA countries","Total value of card paymentelectronic, sent - SCA: non-sca: secure corporate payment, issuer location: Luxembourg, POS location: other EEA countries","EUR",6]
["PCP.H.LU.W0.G3.CP0.1.2000.R.PCS_ALL._Z.207._Z.N.EUR","H","LU","W0","G3","CP0",1,"2000","R","PCS_ALL","_Z","207","_Z","N","EUR","2022-S2",0.032079,"A",false,null,null,"P6M",{"$nulls":4},"S",null,null,3,null,"Total value of card paymentelectronic, sent - SCA: non-sca: secure corporate payment, issuer location: Luxembourg, POS location: other EEA countries","Total value of card paymentelectronic, sent - SCA: non-sca: secure corporate payment, issuer location: Luxembourg, POS location: other EEA countries","EUR",6]
["PCP.H.LU.W0.G3.CP0.1.2000.R.PCS_ALL._Z.207._Z.N.EUR","H","LU","W0","G3","CP0",1,"2000","R","PCS_ALL","_Z","207","_Z","N","EUR","2023-S1",0.029402,"A",false,null,null,"P6M",{"$nulls":4},"S",null,null,3,null,"Total value of card paymentelectronic, sent - SCA: non-sca: secure corporate payment, issuer location: Luxembourg, POS location: other EEA countries","Total value of card paymentelectronic, sent - SCA: non-sca: secure corporate payment, issuer location: Luxembourg, POS location: other EEA countries","EUR",6]
["PCP.H.LU.W0.G3.CP0.1.2000.R.PCS_ALL._Z.207._Z.N.EUR","H","LU","W0","G3","CP0",1,"2000","R","PCS_ALL","_Z","207","_Z","N","EUR","2023-S2",0.039458,"P",false,null,null,"P6M",{"$nulls":4},"S",null,null,3,null,"Total value of card paymentelectronic, sent - SCA: non-sca: secure corporate payment, issuer location: Luxembourg, POS location: other EEA countries","Total value of card paymentelectronic, sent - SCA: non-sca: secure corporate payment, issuer location: Luxembourg, POS location: other EEA countries","EUR",6]
["PCP.H.LU.W2.G1.CP0.1.2230.R.PCS_ALL._Z._X._Z.N.EUR","H","LU","W2","G1","CP0",1,"2230","R","PCS_ALL","_Z","_X","_Z","N","EUR","2022-S1",0.000487,"A",false,null,null,"P6M",{"$nulls":4},"S",null,null,3,null,"Value of card payment, initiated via mobile payment solution (electronic), sent - SCA: , issuer location: Luxembourg, acquirer location: domestic, POS location: outside EEA","Value of card payment, initiated via mobile payment solution (electronic), sent - SCA: , issuer location: Luxembourg, acquirer location: domestic, POS location: outside EEA","EUR",6]
["PCP.H.LU.W2.G1.CP0.1.2230.R.PCS_ALL._Z._X._Z.N.EUR","H","LU","W2","G1","CP0",1,"2230","R","PCS_ALL","_Z","_X","_Z","N","EUR","2022-S2",0.001394,"A",false,null,null,"P6M",{"$nulls":4},"S",null,null,3,null,"Value of card payment, initiated via mobile payment solution (electronic), sent - SCA: , issuer location: Luxembourg, acquirer location: domestic, POS location: outside EEA","Value of card payment, initiated via mobile payment solution (electronic), sent - SCA: , issuer location: Luxembourg, acquirer location: domestic, POS location: outside EEA","EUR",6]
["PCP.H.LU.W2.G1.CP0.1.2230.R.PCS_ALL._Z._X._Z.N.EUR","H","LU","W2","G1","CP0",1,"2230","R","PCS_ALL","_Z","_X","_Z","N","EUR","2023-S1",0.002119,"A",false,null,null,"P6M",{"$nulls":4},"S",null,null,3,null,"Value of card payment, initiated via mobile payment solution (electronic), sent - SCA: , issuer location: Luxembourg, acquirer location: domestic, POS location: outside EEA","Value of card payment, initiated via mobile payment solution (electronic), sent - SCA: , issuer location: Luxembourg, acquirer location: domestic, POS location: outside EEA","EUR",6]
["PCP.H.LU.W2.G1.CP0.1.2230.R.PCS_ALL._Z._X._Z.N.EUR","H","LU","W2","G1","CP0",1,"2230","R","PCS_ALL","_Z","_X","_Z","N","EUR","2023-S2",0.00051,"P",false,null,null,"P6M",{"$nulls":4},"S",null,null,3,null,"Value of card payment, initiated via mobile payment solution (electronic), sent - SCA: , issuer location: Luxembourg, acquirer location: domestic, POS location: outside EEA","Value of card payment, initiated via mobile payment solution (electronic), sent - SCA: , issuer location: Luxembourg, acquirer location: domestic, POS location: outside EEA","EUR",6]
["PCP.H.LU.W2.G1.CP0.2.2000.NR.PCS_ALL._Z.206._Z.N.PN","H","LU","W2","G1","CP0",2,"2000","NR","PCS_ALL","_Z","206","_Z","N","PN","2022-S1",0,"A",false,null,null,"P6M",{"$nulls":4},"S",null,null,3,null,"Number of card paymentelectronic, received - SCA: non-sca: unattended terminals, acquirer location: Luxembourg, issuer location: domestic, POS location: outside EEA","Number of card paymentelectronic, received - SCA: non-sca: unattended terminals, acquirer location: Luxembourg, issuer location: domestic, POS location: outside EEA","PN",6]
["PCP.H.LU.W2.G1.CP0.2.2000.NR.PCS_ALL._Z.206._Z.N.PN","H","LU","W2","G1","CP0",2,"2000","NR","PCS_ALL","_Z","206","_Z","N","PN","2022-S2",0,"A",false,null,null,"P6M",{"$nulls":4},"S",null,null,3,null,"Number of card paymentelectronic, received - SCA: non-sca: unattended terminals, acquirer location: Luxembourg, issuer location: domestic, POS location: outside EEA","Number of card paymentelectronic, received - SCA: non-sca: unattended terminals, acquirer location: Luxembourg, issuer location: domestic, POS location: outside EEA","PN",6]
["PCP.H.LU.W2.G1.CP0.2.2000.NR.PCS_ALL._Z.206._Z.N.PN","H","LU","W2","G1","CP0",2,"2000","NR","PCS_ALL","_Z","206","_Z","N","PN","2023-S1",1E-06,"A",false,null,null,"P6M",{"$nulls":4},"S",null,null,3,null,"Number of card paymentelectronic, received - SCA: non-sca: unattended terminals, acquirer location: Luxembourg, issuer location: domestic, POS location: outside EEA","Number of card paymentelectronic, received - SCA: non-sca: unattended terminals, acquirer location: Luxembourg, issuer location: domestic, POS location: outside EEA","PN",6]
["PCP.H.LU.W2.G1.CP0.2.2000.NR.PCS_ALL._Z.206._Z.N.PN","H","LU","W2","G1","CP0",2,"2000","NR","PCS_ALL","_Z","206","_Z","N","PN","2023-S2",5E-06,"P",false,null,null,"P6M",{"$nulls":4},"S",null,null,3,null,"Number of card paymentelectronic, received - SCA: non-sca: unattended terminals, acquirer location: Luxembourg, issuer location: domestic, POS location: outside EEA","Number of card paymentelectronic, received - SCA: non-sca: unattended terminals, acquirer location: Luxembourg, issuer location: domestic, POS location: outside EEA","PN",6]
["PCP.H.LV.G1.W1.CP0.1.2000.NR.PCS_ALL._Z.206._Z.N.EUR","H","LV","G1","W1","CP0",1,"2000","NR","PCS_ALL","_Z","206","_Z","N","EUR","2022-S1",0.11961757,"A",false,null,null,"P6M",{"$nulls":4},"S",null,null,3,null,"Value of card paymentelectronic, sent - SCA: non-sca: unattended terminals, issuer location: Latvia, acquirer location: outside EEA, POS location: Rest of the World","Value of card paymentelectronic, sent - SCA: non-sca: unattended terminals, issuer location: Latvia, acquirer location: outside EEA, POS location: Rest of the World","EUR",6]
["PCP.H.LV.G1.W1.CP0.1.2000.NR.PCS_ALL._Z.206._Z.N.EUR","H","LV","G1","W1","CP0",1,"2000","NR","PCS_ALL","_Z","206","_Z","N","EUR","2022-S2",0.1417201,"A",false,null,null,"P6M",{"$nulls":4},"S",null,null,3,null,"Value of card paymentelectronic, sent - SCA: non-sca: unattended terminals, issuer location: Latvia, acquirer location: outside EEA, POS location: Rest of the World","Value of card paymentelectronic, sent - SCA: non-sca: unattended terminals, issuer location: Latvia, acquirer location: outside EEA, POS location: Rest of the World","EUR",6]
["PCP.H.LV.G1.W1.CP0.1.2000.NR.PCS_ALL._Z.206._Z.N.EUR","H","LV","G1","W1","CP0",1,"2000","NR","PCS_ALL","_Z","206","_Z","N","EUR","2023-S1",0.15658335,"A",false,null,null,"P6M",{"$nulls":4},"S",null,null,3,null,"Value of card paymentelectronic, sent - SCA: non-sca: unattended terminals, issuer location: Latvia, acquirer location: outside EEA, POS location: Rest of the World","Value of card paymentelectronic, sent - SCA: non-sca: unattended terminals, issuer location: Latvia, acquirer location: outside EEA, POS location: Rest of the World","EUR",6]
["PCP.H.LV.G1.W1.CP0.1.2000.NR.PCS_ALL._Z.206._Z.N.EUR","H","LV","G1","W1","CP0",1,"2000","NR","PCS_ALL","_Z","206","_Z","N","EUR","2023-S2",0.17135672,"P",false,null,null,"P6M",{"$nulls":4},"S",null,null,3,null,"Value of card paymentelectronic, sent - SCA: non-sca: unattended terminals, issuer location: Latvia, acquirer location: outside EEA, POS location: Rest of the World","Value of card paymentelectronic, sent - SCA: non-sca: unattended terminals, issuer location: Latvia, acquirer location: outside EEA, POS location: Rest of the World","EUR",6]
["PCP.H.LV.W0.W0.CP0.1.2000.R.PCS_ALL.13._X._Z.G1.EUR","H","LV","W0","W0","CP0",1,"2000","R","PCS_ALL","13","_X","_Z","G1","EUR","2023-S1",9.912956134752278,"A",false,null,null,"P6M",{"$nulls":4},"S",null,null,2,null,"Annual growth rate of the total value of card payment with a credit card, sent - issuer location: Latvia, POS location: world","Annual growth rate of the total value of card payment with a credit card, sent - issuer location: Latvia, POS location: world","EUR",0]
["PCP.H.LV.W0.W0.CP0.1.2000.R.PCS_ALL.13._X._Z.G1.EUR","H","LV","W0","W0","CP0",1,"2000","R","PCS_ALL","13","_X","_Z","G1","EUR","2023-S2",9.27380891696042,"P",false,null,null,"P6M",{"$nulls":4},"S",null,null,2,null,"Annual growth rate of the total value of card payment with a credit card, sent - issuer location: Latvia, POS location: world","Annual growth rate of the total value of card payment with a credit card, sent - issuer location: Latvia, POS location: world","EUR",0]
["PCP.H.LV.W0.W0.CP0.2.2000.NR.PCS_ALL.12._X._Z.G1.EUR","H","LV","W0","W0","CP0",2,"2000","NR","PCS_ALL","12","_X","_Z","G1","EUR","2022-S1",null,"M",false,null,null,"P6M",{"$nulls":4},"S",null,null,2,null,"Annual growth rate of the total value of card payment,with a delayed debit card, received - acquirer location: Latvia, POS location: world","Annual growth rate of the total value of card payment,with a delayed debit card, received - acquirer location: Latvia, POS location: world","EUR",0]
["PCP.H.LV.W0.W0.CP0.2.2000.NR.PCS_ALL.12._X._Z.G1.EUR","H","LV","W0","W0","CP0",2,"2000","NR","PCS_ALL","12","_X","_Z","G1","EUR","2022-S2",null,"M",false,null,null,"P6M",{"$nulls":4},"S",null,null,2,null,"Annual growth rate of the total value of card payment,with a delayed debit card, received - acquirer location: Latvia, POS location: world","Annual growth rate of the total value of card payment,with a delayed debit card, received - acquirer location: Latvia, POS location: world","EUR",0]
["PCP.H.LV.W0.W0.CP0.2.2000.NR.PCS_ALL.12._X._Z.G1.EUR","H","LV","W0","W0","CP0",2,"2000","NR","PCS_ALL","12","_X","_Z","G1","EUR","2023-S1",15.24868250355367,"A",false,null,null,"P6M",{"$nulls":4},"S",null,null,2,null,"Annual growth rate of the total value of card payment,with a delayed debit card, received - acquirer location: Latvia, POS location: world","Annual growth rate of the total value of card payment,with a delayed debit card, received - acquirer location: Latvia, POS location: world","EUR",0]
["PCP.H.LV.W0.W0.CP0.2.2000.NR.PCS_ALL.12._X._Z.G1.EUR","H","LV","W0","W0","CP0",2,"2000","NR","PCS_ALL","12","_X","_Z","G1","EUR","2023-S2",-10.38352508762082,"P",false,null,null,"P6M",{"$nulls":4},"S",null,null,2,null,"Annual growth rate of the total value of card payment,with a delayed debit card, received - acquirer location: Latvia, POS location: world","Annual growth rate of the total value of card payment,with a delayed debit card, received - acquirer location: Latvia, POS location: world","EUR",0]
["PCP.H.MT.G3.G3.CP0.2.2000.R.PCS_ALL._Z.210._Z.N.PN","H","MT","G3","G3","CP0",2,"2000","R","PCS_ALL","_Z","210","_Z","N","PN","2022-S1",6.547128999999999,"A",false,null,null,"P6M",{"$nulls":4},"S",null,null,3,null,"Number of card paymentelectronic, received - SCA: non-sca: others, acquirer location: Malta, issuer location: other EEA countries, POS location: other EEA countries","Number of card paymentelectronic, received - SCA: non-sca: others, acquirer location: Malta, issuer location: other EEA countries, POS location: other EEA countries","PN",6]
["PCP.H.MT.G3.G3.CP0.2.2000.R.PCS_ALL._Z.210._Z.N.PN","H","MT","G3","G3","CP0",2,"2000","R","PCS_ALL","_Z","210","_Z","N","PN","2022-S2",8.142672999999998,"A",false,null,null,"P6M",{"$nulls":4},"S",null,null,3,null,"Number of card paymentelectronic, received - SCA: non-sca: others, acquirer location: Malta, issuer location: other EEA countries, POS location: other EEA countries","Number of card paymentelectronic, received - SCA: non-sca: others, acquirer location: Malta, issuer location: other EEA countries, POS location: other EEA countries","PN",6]
["PCP.H.MT.G3.G3.CP0.2.2000.R.PCS_ALL._Z.210._Z.N.PN","H","MT","G3","G3","CP0",2,"2000","R","PCS_ALL","_Z","210","_Z","N","PN","2023-S1",12.067185,"A",false,null,null,"P6M",{"$nulls":4},"S",null,null,3,null,"Number of card paymentelectronic, received - SCA: non-sca: others, acquirer location: Malta, issuer location: other EEA countries, POS location: other EEA countries","Number of card paymentelectronic, received - SCA: non-sca: others, acquirer location: Malta, issuer location: other EEA countries, POS location: other EEA countries","PN",6]
["PCP.H.MT.G3.G3.CP0.2.2000.R.PCS_ALL._Z.210._Z.N.PN","H","MT","G3","G3","CP0",2,"2000","R","PCS_ALL","_Z","210","_Z","N","PN","2023-S2",19.33587499999999,"P",false,null,null,"P6M",{"$nulls":4},"S",null,null,3,null,"Number of card paymentelectronic, received - SCA: non-sca: others, acquirer location: Malta, issuer location: other EEA countries, POS location: other EEA countries","Number of card paymentelectronic, received - SCA: non-sca: others, acquirer location: Malta, issuer location: other EEA countries, POS location: other EEA countries","PN",6]
["PCP.H.MT.W2.G1.CP0.1.2000.R.PCS_ALL.13._X._Z.N.PN","H","MT","W2","G1","CP0",1,"2000","R","PCS_ALL","13","_X","_Z","N","PN","2022-S1",0.001257,"A",false,null,null,"P6M",{"$nulls":4},"S",null,null,3,null,"Number of card payment with a credit card, sent - issuer location: Malta, acquirer location: domestic, POS location: outside EEA","Number of card payment with a credit card, sent - issuer location: Malta, acquirer location: domestic, POS location: outside EEA","PN",6]
["PCP.H.MT.W2.G1.CP0.1.2000.R.PCS_ALL.13._X._Z.N.PN","H","MT","W2","G1","CP0",1,"2000","R","PCS_ALL","13","_X","_Z","N","PN","2022-S2",0.00131,"A",false,null,null,"P6M",{"$nulls":4},"S",null,null,3,null,"Number of card payment with a credit card, sent - issuer location: Malta, acquirer location: domestic, POS location: outside EEA","Number of card payment with a credit card, sent - issuer location: Malta, acquirer location: domestic, POS location: outside EEA","PN",6]
["PCP.H.MT.W2.G1.CP0.1.2000.R.PCS_ALL.13._X._Z.N.PN","H","MT","W2","G1","CP0",1,"2000","R","PCS_ALL","13","_X","_Z","N","PN","2023-S1",0.003638,"A",false,null,null,"P6M",{"$nulls":4},"S",null,null,3,null,"Number of card payment with a credit card, sent - issuer location: Malta, acquirer location: domestic, POS location: outside EEA","Number of card payment with a credit card, sent - issuer location: Malta, acquirer location: domestic, POS location: outside EEA","PN",6]
["PCP.H.MT.W2.G1.CP0.1.2000.R.PCS_ALL.13._X._Z.N.PN","H","MT","W2","G1","CP0",1,"2000","R","PCS_ALL","13","_X","_Z","N","PN","2023-S2",0.005225,"P",false,null,null,"P6M",{"$nulls":4},"S",null,null,3,null,"Number of card payment with a credit card, sent - issuer location: Malta, acquirer location: domestic, POS location: outside EEA","Number of card payment with a credit card, sent - issuer location: Malta, acquirer location: domestic, POS location: outside EEA","PN",6]
["PCP.H.NL.W0.W2.CP0.2.2221.NR.PCS_ALL._Z._X._Z.N.PN","H","NL","W0","W2","CP0",2,"2221","NR","PCS_ALL","_Z","_X","_Z","N","PN","2022-S1",0,"A",false,null,null,"P6M",{"$nulls":4},"S",null,null,3,null,"Total number of card payment, initiated at atm, received - SCA: , acquirer location: Netherlands, POS location: domestic","Total number of card payment, initiated at atm, received - SCA: , acquirer location: Netherlands, POS location: domestic","PN",6]
["PCP.H.NL.W0.W2.CP0.2.2221.NR.PCS_ALL._Z._X._Z.N.PN","H","NL","W0","W2","CP0",2,"2221","NR","PCS_ALL","_Z","_X","_Z","N","PN","2022-S2",0,"A",false,null,null,"P6M",{"$nulls":4},"S",null,null,3,null,"Total number of card payment, initiated at atm, received - SCA: , acquirer location: Netherlands, POS location: domestic","Total number of card payment, initiated at atm, received - SCA: , acquirer location: Netherlands, POS location: domestic","PN",6]
["PCP.H.NL.W0.W2.CP0.2.2221.NR.PCS_ALL._Z._X._Z.N.PN","H","NL","W0","W2","CP0",2,"2221","NR","PCS_ALL","_Z","_X","_Z","N","PN","2023-S1",0,"A",false,null,null,"P6M",{"$nulls":4},"S",null,null,3,null,"Total number of card payment, initiated at atm, received - SCA: , acquirer location: Netherlands, POS location: domestic","Total number of card payment, initiated at atm, received - SCA: , acquirer location: Netherlands, POS location: domestic","PN",6]
["PCP.H.NL.W0.W2.CP0.2.2221.NR.PCS_ALL._Z._X._Z.N.PN","H","NL","W0","W2","CP0",2,"2221","NR","PCS_ALL","_Z","_X","_Z","N","PN","2023-S2",0,"P",false,null,null,"P6M",{"$nulls":4},"S",null,null,3,null,"Total number of card payment, initiated at atm, received - SCA: , acquirer location: Netherlands, POS location: domestic","Total number of card payment, initiated at atm, received - SCA: , acquirer location: Netherlands, POS location: domestic","PN",6]
["PCP.H.PL.W2.G1.CP0.2.2000.NR.PCS_ALL._Z._X._Z.N.XDF","H","PL","W2","G1","CP0",2,"2000","NR","PCS_ALL","_Z","_X","_Z","N","XDF","2022-S1",null,"M",false,null,null,"P6M",{"$nulls":4},"S",null,null,3,null,"Value of card paymentelectronic, received - SCA: , acquirer location: Poland, issuer location: domestic, POS location: outside EEA","Value of card paymentelectronic, received - SCA: , acquirer location: Poland, issuer location: domestic, POS location: outside EEA","XDF",6]
["PCP.H.PL.W2.G1.CP0.2.2000.NR.PCS_ALL._Z._X._Z.N.XDF","H","PL","W2","G1","CP0",2,"2000","NR","PCS_ALL","_Z","_X","_Z","N","XDF","2022-S2",null,"M",false,null,null,"P6M",{"$nulls":4},"S",null,null,3,null,"Value of card paymentelectronic, received - SCA: , acquirer location: Poland, issuer location: domestic, POS location: outside EEA","Value of card paymentelectronic, received - SCA: , acquirer location: Poland, issuer location: domestic, POS location: outside EEA","XDF",6]
["PCP.H.PL.W2.G1.CP0.2.2000.NR.PCS_ALL._Z._X._Z.N.XDF","H","PL","W2","G1","CP0",2,"2000","NR","PCS_ALL","_Z","_X","_Z","N","XDF","2023-S1",0,"A",false,null,null,"P6M",{"$nulls":4},"S",null,null,3,null,"Value of card paymentelectronic, received - SCA: , acquirer location: Poland, issuer location: domestic, POS location: outside EEA","Value of card paymentelectronic, received - SCA: , acquirer location: Poland, issuer location: domestic, POS location: outside EEA","XDF",6]
["PCP.H.PL.W2.G1.CP0.2.2000.NR.PCS_ALL._Z._X._Z.N.XDF","H","PL","W2","G1","CP0",2,"2000","NR","PCS_ALL","_Z","_X","_Z","N","XDF","2023-S2",0,"P",false,null,null,"P6M",{"$nulls":4},"S",null,null,3,null,"Value of card paymentelectronic, received - SCA: , acquirer location: Poland, issuer location: domestic, POS location: outside EEA","Value of card paymentelectronic, received - SCA: , acquirer location: Poland, issuer location: domestic, POS location: outside EEA","XDF",6]
["PCP.H.PT.G3.W2.CP0.2.2000.R.PCS_ALL._Z._X._Z.N.EUR","H","PT","G3","W2","CP0",2,"2000","R","PCS_ALL","_Z","_X","_Z","N","EUR","2022-S1",47.60545773,"A",false,null,null,"P6M",{"$nulls":4},"S",null,null,3,null,"Value of card paymentelectronic, received - SCA: , acquirer location: Portugal, issuer location: other EEA countries, POS location: domestic","Value of card paymentelectronic, received - SCA: , acquirer location: Portugal, issuer location: other EEA countries, POS location: domestic","EUR",6]
["PCP.H.PT.G3.W2.CP0.2.2000.R.PCS_ALL._Z._X._Z.N.EUR","H","PT","G3","W2","CP0",2,"2000","R","PCS_ALL","_Z","_X","_Z","N","EUR","2022-S2",53.21334293000001,"A",false,null,null,"P6M",{"$nulls":4},"S",null,null,3,null,"Value of card paymentelectronic, received - SCA: , acquirer location: Portugal, issuer location: other EEA countries, POS location: domestic","Value of card paymentelectronic, received - SCA: , acquirer location: Portugal, issuer location: other EEA countries, POS location: domestic","EUR",6]
["PCP.H.PT.G3.W2.CP0.2.2000.R.PCS_ALL._Z._X._Z.N.EUR","H","PT","G3","W2","CP0",2,"2000","R","PCS_ALL","_Z","_X","_Z","N","EUR","2023-S1",58.17017391,"A",false,null,null,"P6M",{"$nulls":4},"S",null,null,3,null,"Value of card paymentelectronic, received - SCA: , acquirer location: Portugal, issuer location: other EEA countries, POS location: domestic","Value of card paymentelectronic, received - SCA: , acquirer location: Portugal, issuer location: other EEA countries, POS location: domestic","EUR",6]
["PCP.H.PT.G3.W2.CP0.2.2000.R.PCS_ALL._Z._X._Z.N.EUR","H","PT","G3","W2","CP0",2,"2000","R","PCS_ALL","_Z","_X","_Z","N","EUR","2023-S2",62.44918584000001,"P",false,null,null,"P6M",{"$nulls":4},"S",null,null,3,null,"Value of card paymentelectronic, received - SCA: , acquirer location: Portugal, issuer location: other EEA countries, POS location: domestic","Value of card paymentelectronic, received - SCA: , acquirer location: Portugal, issuer location: other EEA countries, POS location: domestic","EUR",6]
["PCP.H.PT.W0.G1.CP0.1.2223.NR.PCS_ALL._Z._X._Z.N.PN","H","PT","W0","G1","CP0",1,"2223","NR","PCS_ALL","_Z","_X","_Z","N","PN","2022-S1",3.95533,"A",false,null,null,"P6M",{"$nulls":4},"S",null,null,3,null,"Total number of card payment, initiated at eftpos, sent - SCA: , issuer location: Portugal, POS location: outside EEA","Total number of card payment, initiated at eftpos, sent - SCA: , issuer location: Portugal, POS location: outside EEA","PN",6]
["PCP.H.PT.W0.G1.CP0.1.2223.NR.PCS_ALL._Z._X._Z.N.PN","H","PT","W0","G1","CP0",1,"2223","NR","PCS_ALL","_Z","_X","_Z","N","PN","2022-S2",4.637175,"A",false,null,null,"P6M",{"$nulls":4},"S",null,null,3,null,"Total number of card payment, initiated at eftpos, sent - SCA: , issuer location: Portugal, POS location: outside EEA","Total number of card payment, initiated at eftpos, sent - SCA: , issuer location: Portugal, POS location: outside EEA","PN",6]
["PCP.H.PT.W0.G1.CP0.1.2223.NR.PCS_ALL._Z._X._Z.N.PN","H","PT","W0","G1","CP0",1,"2223","NR","PCS_ALL","_Z","_X","_Z","N","PN","2023-S1",4.770546,"A",false,null,null,"P6M",{"$nulls":4},"S",null,null,3,null,"Total number of card payment, initiated at eftpos, sent - SCA: , issuer location: Portugal, POS location: outside EEA","Total number of card payment, initiated at eftpos, sent - SCA: , issuer location: Portugal, POS location: outside EEA","PN",6]
["PCP.H.PT.W0.G1.CP0.1.2223.NR.PCS_ALL._Z._X._Z.N.PN","H","PT","W0","G1","CP0",1,"2223","NR","PCS_ALL","_Z","_X","_Z","N","PN","2023-S2",5.195087999999999,"P",false,null,null,"P6M",{"$nulls":4},"S",null,null,3,null,"Total number of card payment, initiated at eftpos, sent - SCA: , issuer location: Portugal, POS location: outside EEA","Total number of card payment, initiated at eftpos, sent - SCA: , issuer location: Portugal, POS location: outside EEA","PN",6]
["PCP.H.RO.W0.G3.CP11.1.2223.NR.PCS_ALL._Z._X._Z.N.XDF","H","RO","W0","G3","CP11",1,"2223","NR","PCS_ALL","_Z","_X","_Z","N","XDF","2022-S1",1006.743535,"A",false,null,null,"P6M",{"$nulls":4},"S",null,null,3,null,"Total value of card payments (nfc), initiated at eftpos, sent - SCA: , issuer location: Romania, terminal location: other EEA countries","Total value of card payments (nfc), initiated at eftpos, sent - SCA: , issuer location: Romania, terminal location: other EEA countries","XDF",6]
["PCP.H.RO.W0.G3.CP11.1.2223.NR.PCS_ALL._Z._X._Z.N.XDF","H","RO","W0","G3","CP11",1,"2223","NR","PCS_ALL","_Z","_X","_Z","N","XDF","2022-S2",1685.908715,"A",false,null,null,"P6M",{"$nulls":4},"S",null,null,3,null,"Total value of card payments (nfc), initiated at eftpos, sent - SCA: , issuer location: Romania, terminal location: other EEA countries","Total value of card payments (nfc), initiated at eftpos, sent - SCA: , issuer location: Romania, terminal location: other EEA countries","XDF",6]
["PCP.H.RO.W0.G3.CP11.1.2223.NR.PCS_ALL._Z._X._Z.N.XDF","H","RO","W0","G3","CP11",1,"2223","NR","PCS_ALL","_Z","_X","_Z","N","XDF","2023-S1",1723.807528,"A",false,null,null,"P6M",{"$nulls":4},"S",null,null,3,null,"Total value of card payments (nfc), initiated at eftpos, sent - SCA: , issuer location: Romania, terminal location: other EEA countries","Total value of card payments (nfc), initiated at eftpos, sent - SCA: , issuer location: Romania, terminal location: other EEA countries","XDF",6]
["PCP.H.RO.W0.G3.CP11.1.2223.NR.PCS_ALL._Z._X._Z.N.XDF","H","RO","W0","G3","CP11",1,"2223","NR","PCS_ALL","_Z","_X","_Z","N","XDF","2023-S2",2466.790532,"P",false,null,null,"P6M",{"$nulls":4},"S",null,null,3,null,"Total value of card payments (nfc), initiated at eftpos, sent - SCA: , issuer location: Romania, terminal location: other EEA countries","Total value of card payments (nfc), initiated at eftpos, sent - SCA: , issuer location: Romania, terminal location: other EEA countries","XDF",6]
["PCP.H.RO.W0.W0.CP0.1.2000.NR.PCS_ALL.11._X._Z.N.XDF","H","RO","W0","W0","CP0",1,"2000","NR","PCS_ALL","11","_X","_Z","N","XDF","2022-S1",59812.469772,"A",false,null,null,"P6M",{"$nulls":4},"S",null,null,3,null,"Total value of card payment with a debit card, sent - issuer location: Romania, POS location: world","Total value of card payment with a debit card, sent - issuer location: Romania, POS location: world","XDF",6]
["PCP.H.RO.W0.W0.CP0.1.2000.NR.PCS_ALL.11._X._Z.N.XDF","H","RO","W0","W0","CP0",1,"2000","NR","PCS_ALL","11","_X","_Z","N","XDF","2022-S2",71535.63112,"A",false,null,null,"P6M",{"$nulls":4},"S",null,null,3,null,"Total value of card payment with a debit card, sent - issuer location: Romania, POS location: world","Total value of card payment with a debit card, sent - issuer location: Romania, POS location: world","XDF",6]
["PCP.H.RO.W0.W0.CP0.1.2000.NR.PCS_ALL.11._X._Z.N.XDF","H","RO","W0","W0","CP0",1,"2000","NR","PCS_ALL","11","_X","_Z","N","XDF","2023-S1",72260.751749,"A",false,null,null,"P6M",{"$nulls":4},"S",null,null,3,null,"Total value of card payment with a debit card, sent - issuer location: Romania, POS location: world","Total value of card payment with a debit card, sent - issuer location: Romania, POS location: world","XDF",6]
["PCP.H.RO.W0.W0.CP0.1.2000.NR.PCS_ALL.11._X._Z.N.XDF","H","RO","W0","W0","CP0",1,"2000","NR","PCS_ALL","11","_X","_Z","N","XDF","2023-S2",84990.87094600001,"P",false,null,null,"P6M",{"$nulls":4},"S",null,null,3,null,"Total value of card payment with a debit card, sent - issuer location: Romania, POS location: world","Total value of card payment with a debit card, sent - issuer location: Romania, POS location: world","XDF",6]
["PCP.H.SI.G3.W2.CP0.2.2000.R.PCS_ALL._Z.200._Z.N.PN","H","SI","G3","W2","CP0",2,"2000","R","PCS_ALL","_Z","200","_Z","N","PN","2022-S1",0.1954729999999999,"A",false,null,null,"P6M",{"$nulls":4},"S",null,null,3,null,"Number of card paymentelectronic, received - SCA: non-sca, acquirer location: Slovenia, issuer location: other EEA countries, POS location: domestic","Number of card paymentelectronic, received - SCA: non-sca, acquirer location: Slovenia, issuer location: other EEA countries, POS location: domestic","PN",6]
["PCP.H.SI.G3.W2.CP0.2.2000.R.PCS_ALL._Z.200._Z.N.PN","H","SI","G3","W2","CP0",2,"2000","R","PCS_ALL","_Z","200","_Z","N","PN","2022-S2",0.5150830000000001,"A",false,null,null,"P6M",{"$nulls":4},"S",null,null,3,null,"Number of card paymentelectronic, received - SCA: non-sca, acquirer location: Slovenia, issuer location: other EEA countries, POS location: domestic","Number of card paymentelectronic, received - SCA: non-sca, acquirer location: Slovenia, issuer location: other EEA countries, POS location: domestic","PN",6]
["PCP.H.SI.G3.W2.CP0.2.2000.R.PCS_ALL._Z.200._Z.N.PN","H","SI","G3","W2","CP0",2,"2000","R","PCS_ALL","_Z","200","_Z","N","PN","2023-S1",0.347216,"A",false,null,null,"P6M",{"$nulls":4},"S",null,null,3,null,"Number of card paymentelectronic, received - SCA: non-sca, acquirer location: Slovenia, issuer location: other EEA countries, POS location: domestic","Number of card paymentelectronic, received - SCA: non-sca, acquirer location: Slovenia, issuer location: other EEA countries, POS location: domestic","PN",6]
["PCP.H.SI.G3.W2.CP0.2.2000.R.PCS_ALL._Z.200._Z.N.PN","H","SI","G3","W2","CP0",2,"2000","R","PCS_ALL","_Z","200","_Z","N","PN","2023-S2",0.5718539999999998,"P",false,null,null,"P6M",{"$nulls":4},"S",null,null,3,null,"Number of card paymentelectronic, received - SCA: non-sca, acquirer location: Slovenia, issuer location: other EEA countries, POS location: domestic","Number of card paymentelectronic, received - SCA: non-sca, acquirer location: Slovenia, issuer location: other EEA countries, POS location: domestic","PN",6]
["PCP.H.SI.W0.G1.CP0.1._T._T.PCS_ALL._Z._X._Z.N.EUR","H","SI","W0","G1","CP0",1,"_T","_T","PCS_ALL","_Z","_X","_Z","N","EUR","2022-S1",194.966089,"A",false,null,null,"P6M",{"$nulls":4},"S",null,null,3,null,"Total value of card paymentall, sent - SCA: , issuer location: Slovenia, POS location: outside EEA","Total value of card paymentall, sent - SCA: , issuer location: Slovenia, POS location: outside EEA","EUR",6]
["PCP.H.SI.W0.G1.CP0.1._T._T.PCS_ALL._Z._X._Z.N.EUR","H","SI","W0","G1","CP0",1,"_T","_T","PCS_ALL","_Z","_X","_Z","N","EUR","2022-S2",234.802345,"A",false,null,null,"P6M",{"$nulls":4},"S",null,null,3,null,"Total value of card paymentall, sent - SCA: , issuer location: Slovenia, POS location: outside EEA","Total value of card paymentall, sent - SCA: , issuer location: Slovenia, POS location: outside EEA","EUR",6]
["PCP.H.SI.W0.G1.CP0.1._T._T.PCS_ALL._Z._X._Z.N.EUR","H","SI","W0","G1","CP0",1,"_T","_T","PCS_ALL","_Z","_X","_Z","N","EUR","2023-S1",220.462682,"A",false,null,null,"P6M",{"$nulls":4},"S",null,null,3,null,"Total value of card paymentall, sent - SCA: , issuer location: Slovenia, POS location: outside EEA","Total value of card paymentall, sent - SCA: , issuer location: Slovenia, POS location: outside EEA","EUR",6]
["PCP.H.SI.W0.G1.CP0.1._T._T.PCS_ALL._Z._X._Z.N.EUR","H","SI","W0","G1","CP0",1,"_T","_T","PCS_ALL","_Z","_X","_Z","N","EUR","2023-S2",261.405551,"P",false,null,null,"P6M",{"$nulls":4},"S",null,null,3,null,"Total value of card paymentall, sent - SCA: , issuer location: Slovenia, POS location: outside EEA","Total value of card paymentall, sent - SCA: , issuer location: Slovenia, POS location: outside EEA","EUR",6]
["PCP.H.SI.W1.G3.CP0.1.2000.R.PCS_ALL._Z.204._Z.N.EUR","H","SI","W1","G3","CP0",1,"2000","R","PCS_ALL","_Z","204","_Z","N","EUR","2022-S1",0,"A",false,null,null,"P6M",{"$nulls":4},"S",null,null,3,null,"Value of card paymentelectronic, sent - SCA: non-sca: trusted beneficiaries, issuer location: Slovenia, acquirer location: Rest of the World, POS location: other EEA countries","Value of card paymentelectronic, sent - SCA: non-sca: trusted beneficiaries, issuer location: Slovenia, acquirer location: Rest of the World, POS location: other EEA countries","EUR",6]
["PCP.H.SI.W1.G3.CP0.1.2000.R.PCS_ALL._Z.204._Z.N.EUR","H","SI","W1","G3","CP0",1,"2000","R","PCS_ALL","_Z","204","_Z","N","EUR","2022-S2",0,"A",false,null,null,"P6M",{"$nulls":4},"S",null,null,3,null,"Value of card paymentelectronic, sent - SCA: non-sca: trusted beneficiaries, issuer location: Slovenia, acquirer location: Rest of the World, POS location: other EEA countries","Value of card paymentelectronic, sent - SCA: non-sca: trusted beneficiaries, issuer location: Slovenia, acquirer location: Rest of the World, POS location: other EEA countries","EUR",6]
["PCP.H.SI.W1.G3.CP0.1.2000.R.PCS_ALL._Z.204._Z.N.EUR","H","SI","W1","G3","CP0",1,"2000","R","PCS_ALL","_Z","204","_Z","N","EUR","2023-S1",0,"A",false,null,null,"P6M",{"$nulls":4},"S",null,null,3,null,"Value of card paymentelectronic, sent - SCA: non-sca: trusted beneficiaries, issuer location: Slovenia, acquirer location: Rest of the World, POS location: other EEA countries","Value of card paymentelectronic, sent - SCA: non-sca: trusted beneficiaries, issuer location: Slovenia, acquirer location: Rest of the World, POS location: other EEA countries","EUR",6]
["PCP.H.SI.W1.G3.CP0.1.2000.R.PCS_ALL._Z.204._Z.N.EUR","H","SI","W1","G3","CP0",1,"2000","R","PCS_ALL","_Z","204","_Z","N","EUR","2023-S2",0,"P",false,null,null,"P6M",{"$nulls":4},"S",null,null,3,null,"Value of card paymentelectronic, sent - SCA: non-sca: trusted beneficiaries, issuer location: Slovenia, acquirer location: Rest of the World, POS location: other EEA countries","Value of card paymentelectronic, sent - SCA: non-sca: trusted beneficiaries, issuer location: Slovenia, acquirer location: Rest of the World, POS location: other EEA countries","EUR",6]
["PCP.H.SK.G1.W2.CP0.1.2000.R.PCS_ALL.13._X._Z.N.EUR","H","SK","G1","W2","CP0",1,"2000","R","PCS_ALL","13","_X","_Z","N","EUR","2022-S1",0,"A",false,null,null,"P6M",{"$nulls":4},"S",null,null,3,null,"Value of card payment with a credit card, sent - issuer location: Slovakia, acquirer location: outside EEA, POS location: domestic","Value of card payment with a credit card, sent - issuer location: Slovakia, acquirer location: outside EEA, POS location: domestic","EUR",6]
["PCP.H.SK.G1.W2.CP0.1.2000.R.PCS_ALL.13._X._Z.N.EUR","H","SK","G1","W2","CP0",1,"2000","R","PCS_ALL","13","_X","_Z","N","EUR","2022-S2",2.339322,"A",false,null,null,"P6M",{"$nulls":4},"S",null,null,3,null,"Value of card payment with a credit card, sent - issuer location: Slovakia, acquirer location: outside EEA, POS location: domestic","Value of card payment with a credit card, sent - issuer location: Slovakia, acquirer location: outside EEA, POS location: domestic","EUR",6]
["PCP.H.SK.G1.W2.CP0.1.2000.R.PCS_ALL.13._X._Z.N.EUR","H","SK","G1","W2","CP0",1,"2000","R","PCS_ALL","13","_X","_Z","N","EUR","2023-S1",1.563769,"A",false,null,null,"P6M",{"$nulls":4},"S",null,null,3,null,"Value of card payment with a credit card, sent - issuer location: Slovakia, acquirer location: outside EEA, POS location: domestic","Value of card payment with a credit card, sent - issuer location: Slovakia, acquirer location: outside EEA, POS location: domestic","EUR",6]
["PCP.H.SK.G1.W2.CP0.1.2000.R.PCS_ALL.13._X._Z.N.EUR","H","SK","G1","W2","CP0",1,"2000","R","PCS_ALL","13","_X","_Z","N","EUR","2023-S2",1.639213,"P",false,null,null,"P6M",{"$nulls":4},"S",null,null,3,null,"Value of card payment with a credit card, sent - issuer location: Slovakia, acquirer location: outside EEA, POS location: domestic","Value of card payment with a credit card, sent - issuer location: Slovakia, acquirer location: outside EEA, POS location: domestic","EUR",6]
["PCP.H.SK.W1.W1.CP0.2.2000.NR.PCS_ALL.12._X._Z.N.PN","H","SK","W1","W1","CP0",2,"2000","NR","PCS_ALL","12","_X","_Z","N","PN","2022-S1",0.01974,"A",false,null,null,"P6M",{"$nulls":4},"S",null,null,3,null,"Number of card payment,with a delayed debit card, received - acquirer location: Slovakia, issuer location: Rest of the World, POS location: Rest of the World","Number of card payment,with a delayed debit card, received - acquirer location: Slovakia, issuer location: Rest of the World, POS location: Rest of the World","PN",6]
["PCP.H.SK.W1.W1.CP0.2.2000.NR.PCS_ALL.12._X._Z.N.PN","H","SK","W1","W1","CP0",2,"2000","NR","PCS_ALL","12","_X","_Z","N","PN","2022-S2",1E-06,"A",false,null,null,"P6M",{"$nulls":4},"S",null,null,3,null,"Number of card payment,with a delayed debit card, received - acquirer location: Slovakia, issuer location: Rest of the World, POS location: Rest of the World","Number of card payment,with a delayed debit card, received - acquirer location: Slovakia, issuer location: Rest of the World, POS location: Rest of the World","PN",6]
["PCP.H.SK.W1.W1.CP0.2.2000.NR.PCS_ALL.12._X._Z.N.PN","H","SK","W1","W1","CP0",2,"2000","NR","PCS_ALL","12","_X","_Z","N","PN","2023-S1",0,"A",false,null,null,"P6M",{"$nulls":4},"S",null,null,3,null,"Number of card payment,with a delayed debit card, received - acquirer location: Slovakia, issuer location: Rest of the World, POS location: Rest of the World","Number of card payment,with a delayed debit card, received - acquirer location: Slovakia, issuer location: Rest of the World, POS location: Rest of the World","PN",6]
["PCP.H.SK.W1.W1.CP0.2.2000.NR.PCS_ALL.12._X._Z.N.PN","H","SK","W1","W1","CP0",2,"2000","NR","PCS_ALL","12","_X","_Z","N","PN","2023-S2",0,"P",false,null,null,"P6M",{"$nulls":4},"S",null,null,3,null,"Number of card payment,with a delayed debit card, received - acquirer location: Slovakia, issuer location: Rest of the World, POS location: Rest of the World","Number of card payment,with a delayed debit card, received - acquirer location: Slovakia, issuer location: Rest of the World, POS location: Rest of the World","PN",6]
["PCP.H.SK.W2.W1.CP0.2.2221.NR.PCS_ALL._Z._X._Z.N.EUR","H","SK","W2","W1","CP0",2,"2221","NR","PCS_ALL","_Z","_X","_Z","N","EUR","2022-S1",0,"A",false,null,null,"P6M",{"$nulls":4},"S",null,null,3,null,"Value of card payment, initiated at atm, received - SCA: , acquirer location: Slovakia, issuer location: domestic, POS location: Rest of the World","Value of card payment, initiated at atm, received - SCA: , acquirer location: Slovakia, issuer location: domestic, POS location: Rest of the World","EUR",6]
["PCP.H.SK.W2.W1.CP0.2.2221.NR.PCS_ALL._Z._X._Z.N.EUR","H","SK","W2","W1","CP0",2,"2221","NR","PCS_ALL","_Z","_X","_Z","N","EUR","2022-S2",0,"A",false,null,null,"P6M",{"$nulls":4},"S",null,null,3,null,"Value of card payment, initiated at atm, received - SCA: , acquirer location: Slovakia, issuer location: domestic, POS location: Rest of the World","Value of card payment, initiated at atm, received - SCA: , acquirer location: Slovakia, issuer location: domestic, POS location: Rest of the World","EUR",6]
["PCP.H.SK.W2.W1.CP0.2.2221.NR.PCS_ALL._Z._X._Z.N.EUR","H","SK","W2","W1","CP0",2,"2221","NR","PCS_ALL","_Z","_X","_Z","N","EUR","2023-S1",0,"A",false,null,null,"P6M",{"$nulls":4},"S",null,null,3,null,"Value of card payment, initiated at atm, received - SCA: , acquirer location: Slovakia, issuer location: domestic, POS location: Rest of the World","Value of card payment, initiated at atm, received - SCA: , acquirer location: Slovakia, issuer location: domestic, POS location: Rest of the World","EUR",6]
["PCP.H.SK.W2.W1.CP0.2.2221.NR.PCS_ALL._Z._X._Z.N.EUR","H","SK","W2","W1","CP0",2,"2221","NR","PCS_ALL","_Z","_X","_Z","N","EUR","2023-S2",0,"P",false,null,null,"P6M",{"$nulls":4},"S",null,null,3,null,"Value of card payment, initiated at atm, received - SCA: , acquirer location: Slovakia, issuer location: domestic, POS location: Rest of the World","Value of card payment, initiated at atm, received - SCA: , acquirer location: Slovakia, issuer location: domestic, POS location: Rest of the World","EUR",6]
["PCP.H.U2.W0.W0.CP0.1.2000.NR.PCS_ALL._Z.204._Z.N.PN","H","U2","W0","W0","CP0",1,"2000","NR","PCS_ALL","_Z","204","_Z","N","PN","2022-S1",16.937957,"A",false,null,null,"P6M",{"$nulls":4},"S",null,null,3,null,"Total number of card paymentelectronic, sent - SCA: non-sca: trusted beneficiaries, issuer location: euro area (changing composition), POS location: world","Total number of card paymentelectronic, sent - SCA: non-sca: trusted beneficiaries, issuer location: euro area (changing composition), POS location: world","PN",6]
["PCP.H.U2.W0.W0.CP0.1.2000.NR.PCS_ALL._Z.204._Z.N.PN","H","U2","W0","W0","CP0",1,"2000","NR","PCS_ALL","_Z","204","_Z","N","PN","2022-S2",10.205584,"A",false,null,null,"P6M",{"$nulls":4},"S",null,null,3,null,"Total number of card paymentelectronic, sent - SCA: non-sca: trusted beneficiaries, issuer location: euro area (changing composition), POS location: world","Total number of card paymentelectronic, sent - SCA: non-sca: trusted beneficiaries, issuer location: euro area (changing composition), POS location: world","PN",6]
["PCP.H.U2.W0.W0.CP0.1.2000.NR.PCS_ALL._Z.204._Z.N.PN","H","U2","W0","W0","CP0",1,"2000","NR","PCS_ALL","_Z","204","_Z","N","PN","2023-S1",10.873005,"A",false,null,null,"P6M",{"$nulls":4},"S",null,null,3,null,"Total number of card paymentelectronic, sent - SCA: non-sca: trusted beneficiaries, issuer location: euro area (changing composition), POS location: world","Total number of card paymentelectronic, sent - SCA: non-sca: trusted beneficiaries, issuer location: euro area (changing composition), POS location: world","PN",6]
["PCP.H.U2.W0.W0.CP0.1.2000.NR.PCS_ALL._Z.204._Z.N.PN","H","U2","W0","W0","CP0",1,"2000","NR","PCS_ALL","_Z","204","_Z","N","PN","2023-S2",8.676791000000001,"P",false,null,null,"P6M",{"$nulls":4},"S",null,null,3,null,"Total number of card paymentelectronic, sent - SCA: non-sca: trusted beneficiaries, issuer location: euro area (changing composition), POS location: world","Total number of card paymentelectronic, sent - SCA: non-sca: trusted beneficiaries, issuer location: euro area (changing composition), POS location: world","PN",6]